{"text_format":"3","workbook":"xlsx","n_sheets":1,"sheets":["Export"],"read":"whole","date_system":"1900"}

{"sheet":"Export","index":0,"n_rows":41006,"n_cols":80,"rows_kept":1125,"cut":true,"bounds":{"rows_first":500,"rows_last":125,"rows_between":500,"halvings":2}}
["SalesID","AccountAssignCode","AcctShipTo","AcctSoldTo","AspectRatio","BillingType","Brand","BrandCode","BusinessType","BusinessTypeCode","BuyingGroup","CompCode","CorporateKeyAcct","ControllingArea","CustomerShipTo","CustomerSoldTo","CompCodeName","CostPerUnit","CostOfGoodsSold","DatePosted","DistributionChannel","DistributionChannelCode","Distributor","DocNumber","DocType","DocTypeCode","FamilyNeed","FiscalYear","FiscalYearMonth","FreightBilledToCust","Level1","Level2","Level3","MarketSegment","MarketSegmentCode","MaterialEntered","OnlyParentCustomer","ParentCustomer","Plant","PlantCode","PostalCode","ProcurementType","ProdH1","ProdH2","ProdH3","ProductCategory","ProductDescription","ProductGroup","ProductHierarchy","ProfitCenter","RealignedSalesOrg","ReferenceDocNo","RepFirm","SalesChannel","SalesChannelCode","SalesDistrict","SalesDistrictCode","SalesDistrictGroup","SalesOrg","SalesOrgCode","SalesRep","ScreenDiagonal","ScreenSurface","Series2","ShipToRegion","ShipToCountry","SoldToCountry","SoldToRegion","Source","SubSegment","SubSegmentCode","Tier","Margin","UnitPrice","CostPerUnit","Quantity","SalesRevenue","LocalCurrency","LocalCurrencyRate","LocalSalesRevenue"]
[1368321275,"01",null,"142989",null,"Credit Memo","Vaddio","B0004","Distributor - Regional","003","Unassigned","3000","Undefined","3000","ENTER ALTERNATE ADDRESS (US)","BTX TECHNOLOGY INC","Americas LLC",0,0,"12/31/2021","Standard Distribution","01","Unassigned","0060563604","Invoice Correct. Req","RK","AV CONFERENCING (VADDIO)",2021,"2021-12",0,"Vaddio","CONFERENCE","ROOM SYSTEM","AV","001","999-99950-700W","","BTX TECHNOLOGY INC","Vaddio","3002","10532","E","B0004","B0004P0435","B0004P0435G0014100","Unassigned","CSAV SYS CEILINGMIC 2 (W/O SPKR) WHT","Projection Screens","B0004P0435G0014100","US Camera Profit Center","3000","0098188480","Unassigned","AV Integrators","01","NorthEast","U1DXP1","United States","Americas - LLC","3000","Steve Joyce",null,"Undefined",null,"New Mexico","United States","United States","New York","DIRECT","AV CAPTURE & COLLABORATION - CAMERAS","4210","2",{"v":0,"d":"0.00"},null,0,0,-2043.47,"USD",1,-2043.47]
[1368321276,"01",null,"142989",null,"Cancel of Cred Memo","Vaddio","B0004","Distributor - Regional","003","Unassigned","3000","Undefined","3000","ENTER ALTERNATE ADDRESS (US)","BTX TECHNOLOGY INC","Americas LLC",0,0,"12/31/2021","Standard Distribution","01","Unassigned","0060563604","Invoice Correct. Req","RK","AV CONFERENCING (VADDIO)",2021,"2021-12",0,"Vaddio","CONFERENCE","ROOM SYSTEM","AV","001","999-99950-700W","","BTX TECHNOLOGY INC","Vaddio","3002","10532","E","B0004","B0004P0435","B0004P0435G0014100","Unassigned","CSAV SYS CEILINGMIC 2 (W/O SPKR) WHT","Projection Screens","B0004P0435G0014100","US Camera Profit Center","3000","0098188481","Unassigned","AV Integrators","01","NorthEast","U1DXP1","United States","Americas - LLC","3000","Steve Joyce",null,"Undefined",null,"New Mexico","United States","United States","New York","DIRECT","AV CAPTURE & COLLABORATION - CAMERAS","4210","2",{"v":0,"d":"0.00"},null,0,0,-2043.47,"USD",1,-2043.47]
[1368321278,"01","133314","133314",null,"Invoice","Vaddio","B0004","Dealer","001","Unassigned","3000","Undefined","3000","PROJECTUS","PROJECTUS","Americas LLC",670.86,670.86,"01/04/2021","Standard Distribution","01","Unassigned","0002516263","Standard Order","TA","AV CONTENT CAPTURE (VADDIO)",2021,"2021-01",37,"Vaddio","CONFERENCE","CAMERA","AV","001","999-9990-000B","","PROJECTUS","Vaddio","3002","97224","E","B0004","B0004P0435","B0004P0435G0014105","Unassigned","CONFERENCESHOT 10 SYSTEM","Projection Screens","B0004P0435G0014105","US Camera Profit Center","3000","0096590436","Unassigned","AV Integrators","01","West","U1DXP4","United States","Americas - LLC","3000","Abbi Rath",null,"Undefined",null,"Unassigned","United States","United States","Unassigned","DIRECT","AV CAPTURE & COLLABORATION - CAMERAS","4210","4",{"v":0.48815491313602966,"d":"0.49"},1310.67,670.86,1,1310.67,"USD",1,1310.67]
[1368321279,"01",null,"132136",null,"Invoice","Vaddio","B0004","Dealer","001","Unassigned","3000","Undefined","3000","THE CHARIOT GROUPS INC - MURRAY","THE CHARIOT GROUP INC.","Americas LLC",976.43,976.43,"01/27/2021","Standard Distribution","01","Unassigned","0002536436","Standard Order","TA","AV CONFERENCING (VADDIO)",2021,"2021-01",18,"Vaddio","CONFERENCE","ROOM SYSTEM","AV","001","999-99950-700B","","THE CHARIOT GROUP INC.","Vaddio","3002","99503","E","B0004","B0004P0435","B0004P0435G0014100","Unassigned","CSAV SYS CEILINGMIC 2 (W/O SPKR)","Projection Screens","B0004P0435G0014100","US Camera Profit Center","3000","0096714220","Unassigned","AV Integrators","01","West","U1DXP4","United States","Americas - LLC","3000","Dana Sanders Nickel",null,"Undefined",null,"Utah","United States","United States","Alaska","DIRECT","AV CAPTURE & COLLABORATION - CAMERAS","4210","2",{"v":0.4582612072791834,"d":"0.46"},1802.4,976.43,1,1802.4,"USD",1,1802.4]
[1368321280,"01","131858","131858",null,"Invoice","Vaddio","B0004","Dealer","001","Unassigned","3000","Undefined","3000","AUDIO VISUAL BEND","AUDIO VISUAL BEND","Americas LLC",214.68,214.68,"02/10/2021","Standard Distribution","01","Unassigned","0002547311","Standard Order","TA","AV CONFERENCING (VADDIO)",2021,"2021-02",18,"Vaddio","CONFERENCE","AUDIO","AV","001","999-8530-000","","AUDIO VISUAL BEND","Vaddio","3002","97701","E","B0004","B0004P0435","B0004P0435G0014090","Unassigned","EASYUSB MIXER/AMP SYSTEM","Projection Screens","B0004P0435G0014090","US Camera Profit Center","3000","0096777123","Unassigned","AV Integrators","01","West","U1DXP4","United States","Americas - LLC","3000","Abbi Rath",null,"Undefined",null,"Unassigned","United States","United States","Unassigned","DIRECT","AV CAPTURE & COLLABORATION - CAMERAS","4210","3",{"v":0.7133051107757642,"d":"0.71"},748.81,214.68,1,748.81,"USD",1,748.81]
[1368321281,"01","131858","131858",null,"Invoice","Vaddio","B0004","Dealer","001","Unassigned","3000","Undefined","3000","AUDIO VISUAL BEND","AUDIO VISUAL BEND","Americas LLC",1170.36,1170.36,"02/10/2021","Standard Distribution","01","Unassigned","0002547311","Standard Order","TA","AV CONFERENCING (VADDIO)",2021,"2021-02",21,"Vaddio","CONFERENCE","ROOM SYSTEM","AV","001","999-99950-200W","","AUDIO VISUAL BEND","Vaddio","3002","97701","E","B0004","B0004P0435","B0004P0435G0014100","Unassigned","CSAV SYSTEM - CEILINGMIC 2 WHT","Projection Screens","B0004P0435G0014100","US Camera Profit Center","3000","0096777123","Unassigned","AV Integrators","01","West","U1DXP4","United States","Americas - LLC","3000","Abbi Rath",null,"Undefined",null,"Unassigned","United States","United States","Unassigned","DIRECT","AV CAPTURE & COLLABORATION - CAMERAS","4210","3",{"v":0.5279226515325695,"d":"0.53"},2479.17,1170.36,1,2479.17,"USD",1,2479.17]
[1368321282,"01",null,"132136",null,"Invoice","Vaddio","B0004","Dealer","001","Unassigned","3000","Undefined","3000","THE CHARIOT GROUPS INC - MURRAY","THE CHARIOT GROUP INC.","Americas LLC",269.13,1076.5,"03/09/2021","Standard Distribution","01","Unassigned","0002570373","Standard Order","TA","AV CONFERENCING (VADDIO)",2021,"2021-03",7,"Vaddio","CONFERENCE","ROOM SYSTEM","AV","001","999-60210-000","","THE CHARIOT GROUP INC.","Vaddio","3002","99503","E","B0004","B0004P0435","B0004P0435G0014100","Unassigned","EasyIP Decoder","Projection Screens","B0004P0435G0014100","US Camera Profit Center","3000","0096890205","Unassigned","AV Integrators","01","West","U1DXP4","United States","Americas - LLC","3000","Dana Sanders Nickel",null,"Undefined",null,"Utah","United States","United States","Alaska","DIRECT","AV CAPTURE & COLLABORATION - CAMERAS","4210","2",{"v":-1.2455152273675427,"d":"-1.25"},479.4,269.13,4,1917.6,"USD",1,1917.6]
[1368321283,"01",null,"132136",null,"Invoice","Vaddio","B0004","Dealer","001","Unassigned","3000","Undefined","3000","ENTER ALTERNATE ADDRESS (US)","THE CHARIOT GROUP INC.","Americas LLC",159.75,639,"03/30/2021","Standard Distribution","01","Unassigned","0002588413","Standard Order","TA","AV CONFERENCING (VADDIO)",2021,"2021-03",44,"Vaddio","CONFERENCE","AUDIO","AV","001","999-85100-000","","THE CHARIOT GROUP INC.","Vaddio","3002","99503","E","B0004","B0004P0435","B0004P0435G0014090","Unassigned","Ceiling MIC System White","Projection Screens","B0004P0435G0014090","US Camera Profit Center","3000","0096971909","Unassigned","AV Integrators","01","West","U1DXP4","United States","Americas - LLC","3000","Abbi Rath",null,"Undefined",null,"Alaska","United States","United States","Alaska","DIRECT","AV CAPTURE & COLLABORATION - CAMERAS","4210","2",{"v":-0.42656218605585683,"d":"-0.43"},447.93,159.75,4,1791.72,"USD",1,1791.72]
[1368321285,"01",null,"132136",null,"Invoice","Vaddio","B0004","Dealer","001","Unassigned","3000","Undefined","3000","ENTER ALTERNATE ADDRESS (US)","THE CHARIOT GROUP INC.","Americas LLC",131.88,131.88,"03/16/2021","Standard Distribution","01","Unassigned","0002575831","Standard Order","TA","AV CONFERENCING (VADDIO)",2021,"2021-03",8,"Vaddio","CONFERENCE","AUDIO","AV","001","999-8535-000","","THE CHARIOT GROUP INC.","Vaddio","3002","99503","E","B0004","B0004P0435","B0004P0435G0014090","Unassigned","EasyUSB MicPOD I/O N/A","Projection Screens","B0004P0435G0014090","US Camera Profit Center","3000","0096902631","Unassigned","AV Integrators","01","West","U1DXP4","United States","Americas - LLC","3000","Abbi Rath",null,"Undefined",null,"Alaska","United States","United States","Alaska","DIRECT","AV CAPTURE & COLLABORATION - CAMERAS","4210","2",{"v":0.7598689002184997,"d":"0.76"},549.2,131.88,1,549.2,"USD",1,549.2]
[1368321286,"01",null,"132136",null,"Invoice","Vaddio","B0004","Dealer","001","Unassigned","3000","Undefined","3000","ENTER ALTERNATE ADDRESS (US)","THE CHARIOT GROUP INC.","Americas LLC",131.88,131.88,"03/30/2021","Standard Distribution","01","Unassigned","0002588413","Standard Order","TA","AV CONFERENCING (VADDIO)",2021,"2021-03",13,"Vaddio","CONFERENCE","AUDIO","AV","001","999-8535-000","","THE CHARIOT GROUP INC.","Vaddio","3002","99503","E","B0004","B0004P0435","B0004P0435G0014090","Unassigned","EasyUSB MicPOD I/O N/A","Projection Screens","B0004P0435G0014090","US Camera Profit Center","3000","0096971909","Unassigned","AV Integrators","01","West","U1DXP4","United States","Americas - LLC","3000","Abbi Rath",null,"Undefined",null,"Alaska","United States","United States","Alaska","DIRECT","AV CAPTURE & COLLABORATION - CAMERAS","4210","2",{"v":0.7598689002184997,"d":"0.76"},549.2,131.88,1,549.2,"USD",1,549.2]
[1368321287,"01",null,"138804",null,"Invoice","Vaddio","B0004","Dealer","001","Unassigned","3000","Undefined","3000","ENTER ALTERNATE ADDRESS (US)","C&J MARKET ENTERPRISES LLC","Americas LLC",131.89,131.89,"03/09/2021","Standard Distribution","01","Unassigned","0002570866","Standard Order","TA","AV CONFERENCING (VADDIO)",2021,"2021-03",0,"Vaddio","CONFERENCE","AUDIO","AV","001","999-8535-000","","C&J MARKET ENTERPRISES LLC","Vaddio","3002","83713","E","B0004","B0004P0435","B0004P0435G0014090","Unassigned","EasyUSB MicPOD I/O N/A","Projection Screens","B0004P0435G0014090","US Camera Profit Center","3000","0096890922","Unassigned","AV Integrators","01","West","U1DXP4","United States","Americas - LLC","3000","Abbi Rath",null,"Undefined",null,"Texas","United States","United States","Idaho","DIRECT","AV CAPTURE & COLLABORATION - CAMERAS","4210","3",{"v":0.7598506919155135,"d":"0.76"},549.2,131.89,1,549.2,"USD",1,549.2]
[1368321288,"01",null,"134808",null,"Invoice","Vaddio","B0004","Dealer","001","Unassigned","3000","Undefined","3000","ENTER ALTERNATE ADDRESS (US)","ADVANCED CLASSROOM TECHNOLOGIES","Americas LLC",160.58,1926.92,"04/23/2021","Standard Distribution","01","Unassigned","0002608627","Standard Order","TA","AV CONFERENCING (VADDIO)",2021,"2021-04",22,"Vaddio","CONFERENCE","AUDIO","AV","001","999-85100-000","","ADVANCED CLASSROOM TECHNOLOGIES","Vaddio","3002","98223","E","B0004","B0004P0435","B0004P0435G0014090","Unassigned","Ceiling MIC System White","Projection Screens","B0004P0435G0014090","US Camera Profit Center","3000","0097069285","Unassigned","AV Integrators","01","West","U1DXP4","United States","Americas - LLC","3000","Abbi Rath",null,"Undefined",null,"Unassigned","United States","United States","Unassigned","DIRECT","AV CAPTURE & COLLABORATION - CAMERAS","4210","2",{"v":-3.301832875672538,"d":"-3.30"},447.93,160.58,12,5375.16,"USD",1,5375.16]
[1368321289,"01",null,"132136",null,"Invoice","Vaddio","B0004","Dealer","001","Unassigned","3000","Undefined","3000","ENTER ALTERNATE ADDRESS (US)","THE CHARIOT GROUP INC.","Americas LLC",559.37,1118.74,"05/28/2021","Standard Distribution","01","Unassigned","0002640888","Standard Order","TA","AV CONFERENCING (VADDIO)",2021,"2021-05",40,"Vaddio","CONFERENCE","ROOM SYSTEM","AV","001","999-60320-000","","THE CHARIOT GROUP INC.","Vaddio","3002","99503","E","B0004","B0004P0435","B0004P0435G0014100","Unassigned","EasyIP Mixer System Global","Projection Screens","B0004P0435G0014100","US Camera Profit Center","3000","0097227569","Unassigned","AV Integrators","01","West","U1DXP4","United States","Americas - LLC","3000","Dana Sanders Nickel",null,"Undefined",null,"Utah","United States","United States","Alaska","DIRECT","AV CAPTURE & COLLABORATION - CAMERAS","4210","2",{"v":0.12748401185462488,"d":"0.13"},1282.2,559.37,2,2564.4,"USD",1,2564.4]
[1368321290,"01",null,"132136",null,"Invoice","Vaddio","B0004","Dealer","001","Unassigned","3000","Undefined","3000","ENTER ALTERNATE ADDRESS (US)","THE CHARIOT GROUP INC.","Americas LLC",161.99,323.97,"05/11/2021","Standard Distribution","01","Unassigned","0002623618","Standard Order","TA","AV CONFERENCING (VADDIO)",2021,"2021-05",27,"Vaddio","CONFERENCE","AUDIO","AV","001","999-85100-000","","THE CHARIOT GROUP INC.","Vaddio","3002","99503","E","B0004","B0004P0435","B0004P0435G0014090","Unassigned","Ceiling MIC System White","Projection Screens","B0004P0435G0014090","US Camera Profit Center","3000","0097138922","Unassigned","AV Integrators","01","West","U1DXP4","United States","Americas - LLC","3000","Abbi Rath",null,"Undefined",null,"Alaska","United States","United States","Alaska","DIRECT","AV CAPTURE & COLLABORATION - CAMERAS","4210","2",{"v":0.27673966914473236,"d":"0.28"},447.93,161.99,2,895.86,"USD",1,895.86]
[1368321291,"01",null,"132136",null,"Invoice","Vaddio","B0004","Dealer","001","Unassigned","3000","Undefined","3000","THE CHARIOT GROUPS INC - MURRAY","THE CHARIOT GROUP INC.","Americas LLC",789.94,789.94,"06/21/2021","Standard Distribution","01","Unassigned","0002655400","Standard Order","TA","AV CONFERENCING (VADDIO)",2021,"2021-06",18,"Vaddio","CONFERENCE","ROOM SYSTEM","AV","001","999-50707-000","","THE CHARIOT GROUP INC.","Vaddio","3002","99503","E","B0004","B0004P0435","B0004P0435G0014100","Unassigned","HuddleSHOT BLACK","Projection Screens","B0004P0435G0014100","US Camera Profit Center","3000","0097299682","Unassigned","AV Integrators","01","West","U1DXP4","United States","Americas - LLC","3000","Dana Sanders Nickel",null,"Undefined",null,"Utah","United States","United States","Alaska","DIRECT","AV CAPTURE & COLLABORATION - CAMERAS","4210","2",{"v":0.17092779177162043,"d":"0.17"},952.8,789.94,1,952.8,"USD",1,952.8]
[1368321292,"01",null,"132136",null,"Invoice","Vaddio","B0004","Dealer","001","Unassigned","3000","Undefined","3000","THE CHARIOT GROUPS INC - MURRAY","THE CHARIOT GROUP INC.","Americas LLC",155.2,155.2,"06/15/2021","Standard Distribution","01","Unassigned","0002655400","Standard Order","TA","AV CONFERENCING (VADDIO)",2021,"2021-06",18,"Vaddio","CONFERENCE","AUDIO","AV","001","999-85000-000","","THE CHARIOT GROUP INC.","Vaddio","3002","99503","E","B0004","B0004P0435","B0004P0435G0014090","Unassigned","TableMIC Microphone Black","Projection Screens","B0004P0435G0014090","US Camera Profit Center","3000","0097286188","Unassigned","AV Integrators","01","West","U1DXP4","United States","Americas - LLC","3000","Dana Sanders Nickel",null,"Undefined",null,"Utah","United States","United States","Alaska","DIRECT","AV CAPTURE & COLLABORATION - CAMERAS","4210","2",{"v":0.7053910402429764,"d":"0.71"},526.8,155.2,1,526.8,"USD",1,526.8]
[1368321294,"01","133872","133872",null,"Invoice","Vaddio","B0004","Dealer","001","Unassigned","3000","Undefined","3000","ELECTROCOM COMMUNICATIONS CO.","ELECTROCOM COMMUNICATIONS CO.","Americas LLC",557.32,557.32,"07/21/2021","Standard Distribution","01","Unassigned","0002680475","Standard Order","TA","AV CONFERENCING (VADDIO)",2021,"2021-07",34,"Vaddio","CONFERENCE","ROOM SYSTEM","AV","001","999-60320-000","","ELECTROCOM COMMUNICATIONS CO.","Vaddio","3002","98036","E","B0004","B0004P0435","B0004P0435G0014100","Unassigned","EasyIP Mixer System Global","Projection Screens","B0004P0435G0014100","US Camera Profit Center","3000","0097426960","Unassigned","AV Integrators","01","West","U1DXP4","United States","Americas - LLC","3000","Abbi Rath",null,"Undefined",null,"Unassigned","United States","United States","Unassigned","DIRECT","AV CAPTURE & COLLABORATION - CAMERAS","4210","2",{"v":0.6590751989625198,"d":"0.66"},1634.73,557.32,1,1634.73,"USD",1,1634.73]
[1368321296,"01","133872","133872",null,"Invoice","Vaddio","B0004","Dealer","001","Unassigned","3000","Undefined","3000","ELECTROCOM COMMUNICATIONS CO.","ELECTROCOM COMMUNICATIONS CO.","Americas LLC",1121.79,1121.79,"08/03/2021","Standard Distribution","01","Unassigned","0002680475","Standard Order","TA","AV CONFERENCING (VADDIO)",2021,"2021-08",44,"Vaddio","CONFERENCE","ROOM SYSTEM","AV","001","999-30201-000","","ELECTROCOM COMMUNICATIONS CO.","Vaddio","3002","98036","E","B0004","B0004P0435","B0004P0435G0014100","Unassigned","EasyIP 10 Base Kit Black","Projection Screens","B0004P0435G0014100","US Camera Profit Center","3000","0097488734","Unassigned","AV Integrators","01","West","U1DXP4","United States","Americas - LLC","3000","Abbi Rath",null,"Undefined",null,"Unassigned","United States","United States","Unassigned","DIRECT","AV CAPTURE & COLLABORATION - CAMERAS","4210","2",{"v":0.6085937091118439,"d":"0.61"},2866.05,1121.79,1,2866.05,"USD",1,2866.05]
[1368321297,"01","132136","132136",null,"Invoice","Vaddio","B0004","Dealer","001","Unassigned","3000","Undefined","3000","THE CHARIOT GROUP INC.","THE CHARIOT GROUP INC.","Americas LLC",1636.43,1636.43,"08/09/2021","Standard Distribution","01","Unassigned","0002700807","Standard Order","TA","AV CONFERENCING (VADDIO)",2021,"2021-08",148,"Vaddio","CONFERENCE","ROOM SYSTEM","AV","001","999-30231-000","","THE CHARIOT GROUP INC.","Vaddio","3002","99503","E","B0004","B0004P0435","B0004P0435G0014100","Unassigned","EasyIP 20 Mixer Base Kit Black NA","Projection Screens","B0004P0435G0014100","US Camera Profit Center","3000","0097522063","Unassigned","AV Integrators","01","West","U1DXP4","United States","Americas - LLC","3000","Abbi Rath",null,"Undefined",null,"Alaska","United States","United States","Alaska","DIRECT","AV CAPTURE & COLLABORATION - CAMERAS","4210","2",{"v":0.6235383160757051,"d":"0.62"},4346.87,1636.43,1,4346.87,"USD",1,4346.87]
[1368321298,"01",null,"132136",null,"Invoice","Vaddio","B0004","Dealer","001","Unassigned","3000","Undefined","3000","THE CHARIOT GROUPS INC - MURRAY","THE CHARIOT GROUP INC.","Americas LLC",777.94,777.94,"08/20/2021","Standard Distribution","01","Unassigned","0002707916","Standard Order","TA","AV CONFERENCING (VADDIO)",2021,"2021-08",0,"Vaddio","CONFERENCE","ROOM SYSTEM","AV","001","999-50707-000","","THE CHARIOT GROUP INC.","Vaddio","3002","99503","E","B0004","B0004P0435","B0004P0435G0014100","Unassigned","HuddleSHOT BLACK","Projection Screens","B0004P0435G0014100","US Camera Profit Center","3000","0097559519","Unassigned","AV Integrators","01","West","U1DXP4","United States","Americas - LLC","3000","Dana Sanders Nickel",null,"Undefined",null,"Utah","United States","United States","Alaska","DIRECT","AV CAPTURE & COLLABORATION - CAMERAS","4210","2",{"v":0.19965020576131687,"d":"0.20"},972,777.94,1,972,"USD",1,972]
[1368321299,"01",null,"132136",null,"Invoice","Vaddio","B0004","Dealer","001","Unassigned","3000","Undefined","3000","ENTER ALTERNATE ADDRESS (US)","THE CHARIOT GROUP INC.","Americas LLC",160.58,642.33,"08/09/2021","Standard Distribution","01","Unassigned","0002701424","Standard Order","TA","AV CONFERENCING (VADDIO)",2021,"2021-08",55,"Vaddio","CONFERENCE","AUDIO","AV","001","999-85100-000","","THE CHARIOT GROUP INC.","Vaddio","3002","99503","E","B0004","B0004P0435","B0004P0435G0014090","Unassigned","Ceiling MIC System White","Projection Screens","B0004P0435G0014090","US Camera Profit Center","3000","0097522062","Unassigned","AV Integrators","01","West","U1DXP4","United States","Americas - LLC","3000","Abbi Rath",null,"Undefined",null,"Alaska","United States","United States","Alaska","DIRECT","AV CAPTURE & COLLABORATION - CAMERAS","4210","2",{"v":-0.3783018260627,"d":"-0.38"},466.03,160.58,4,1864.12,"USD",1,1864.12]
[1368321300,"01",null,"132136",null,"Invoice","Vaddio","B0004","Dealer","001","Unassigned","3000","Undefined","3000","ENTER ALTERNATE ADDRESS (US)","THE CHARIOT GROUP INC.","Americas LLC",139.01,139.01,"08/24/2021","Standard Distribution","01","Unassigned","0002713648","Standard Order","TA","AV CONFERENCING (VADDIO)",2021,"2021-08",43,"Vaddio","CONFERENCE","AUDIO","AV","001","999-8535-000","","THE CHARIOT GROUP INC.","Vaddio","3002","99503","E","B0004","B0004P0435","B0004P0435G0014090","Unassigned","EasyUSB MicPOD I/O N/A","Projection Screens","B0004P0435G0014090","US Camera Profit Center","3000","0097587449","Unassigned","AV Integrators","01","West","U1DXP4","United States","Americas - LLC","3000","Abbi Rath",null,"Undefined",null,"Alaska","United States","United States","Alaska","DIRECT","AV CAPTURE & COLLABORATION - CAMERAS","4210","2",{"v":0.7567160783352876,"d":"0.76"},571.39,139.01,1,571.39,"USD",1,571.39]
[1368321301,"01","132344","132344",null,"Invoice","Vaddio","B0004","Dealer","001","Unassigned","3000","Undefined","3000","DIMENSIONAL COMMUNICATIONS INC","DIMENSIONAL COMMUNICATIONS INC","Americas LLC",314.92,629.84,"08/13/2021","Standard Distribution","01","Unassigned","0002705809","Standard Order","TA","AV CONFERENCING (VADDIO)",2021,"2021-08",30,"Vaddio","CONFERENCE","AUDIO","AV","001","999-85810-000","","DIMENSIONAL COMMUNICATIONS INC","Vaddio","3002","98274","E","B0004","B0004P0435","B0004P0435G0014090","Unassigned","EasyIP CeilingMIC D White","Projection Screens","B0004P0435G0014090","US Camera Profit Center","3000","0097540440","Unassigned","AV Integrators","01","West","U1DXP4","United States","Americas - LLC","3000","Abbi Rath",null,"Undefined",null,"Unassigned","United States","United States","Unassigned","DIRECT","AV CAPTURE & COLLABORATION - CAMERAS","4210","2",{"v":0.06142520788007022,"d":"0.06"},671.06,314.92,2,1342.12,"USD",1,1342.12]
[1368321302,"01",null,"132136",null,"Invoice","Vaddio","B0004","Dealer","001","Unassigned","3000","Undefined","3000","THE CHARIOT GROUPS INC - MURRAY","THE CHARIOT GROUP INC.","Americas LLC",637.36,637.36,"10/19/2021","Standard Distribution","01","Unassigned","0002759352","Standard Order","TA","AV CONFERENCING (VADDIO)",2021,"2021-10",0,"Vaddio","CONFERENCE","ROOM SYSTEM","AV","001","999-30200-000","","THE CHARIOT GROUP INC.","Vaddio","3002","99503","E","B0004","B0004P0435","B0004P0435G0014100","Unassigned","EasyIP 10 Camera Black","Projection Screens","B0004P0435G0014100","US Camera Profit Center","3000","0097828439","Unassigned","AV Integrators","01","West","U1DXP4","United States","Americas - LLC","3000","Dana Sanders Nickel",null,"Undefined",null,"Utah","United States","United States","Alaska","DIRECT","AV CAPTURE & COLLABORATION - CAMERAS","4210","2",{"v":0.6218345793283493,"d":"0.62"},1685.4,637.36,1,1685.4,"USD",1,1685.4]
[1368321304,"01",null,"138800",null,"Invoice","Vaddio","B0004","Dealer","001","Unassigned","3000","Undefined","3000","ENTER ALTERNATE ADDRESS (US)","COMPUNET INC","Americas LLC",640.55,640.55,"10/07/2021","Standard Distribution","01","Unassigned","0002749650","Standard Order","TA","AV CONFERENCING (VADDIO)",2021,"2021-10",0,"Vaddio","CONFERENCE","ROOM SYSTEM","AV","001","999-30200-000W","","COMPUNET INC","Vaddio","3002","83642","E","B0004","B0004P0435","B0004P0435G0014100","Unassigned","EasyIP 10 Camera White","Projection Screens","B0004P0435G0014100","US Camera Profit Center","3000","0097776255","Unassigned","AV Integrators","01","West","U1DXP4","United States","Americas - LLC","3000","Dana Sanders Nickel",null,"Undefined",null,"Utah","United States","United States","Idaho","DIRECT","AV CAPTURE & COLLABORATION - CAMERAS","4210","2",{"v":0.6958495368062183,"d":"0.70"},2106.03,640.55,1,2106.03,"USD",1,2106.03]
[1368321305,"01",null,"132136",null,"Invoice","Vaddio","B0004","Dealer","001","Unassigned","3000","Undefined","3000","ENTER ALTERNATE ADDRESS (US)","THE CHARIOT GROUP INC.","Americas LLC",145.16,145.16,"10/28/2021","Standard Distribution","01","Unassigned","0002767736","Standard Order","TA","AV CONFERENCING (VADDIO)",2021,"2021-10",0,"Vaddio","CONFERENCE","AUDIO","AV","001","999-8535-000","","THE CHARIOT GROUP INC.","Vaddio","3002","99503","E","B0004","B0004P0435","B0004P0435G0014090","Unassigned","EasyUSB MicPOD I/O N/A","Projection Screens","B0004P0435G0014090","US Camera Profit Center","3000","0097878104","Unassigned","AV Integrators","01","West","U1DXP4","United States","Americas - LLC","3000","Abbi Rath",null,"Undefined",null,"Alaska","United States","United States","Alaska","DIRECT","AV CAPTURE & COLLABORATION - CAMERAS","4210","2",{"v":0.7459528518174977,"d":"0.75"},571.39,145.16,1,571.39,"USD",1,571.39]
[1368321306,"01","132136","132136",null,"Invoice","Vaddio","B0004","Dealer","001","Unassigned","3000","Undefined","3000","THE CHARIOT GROUP INC.","THE CHARIOT GROUP INC.","Americas LLC",869.78,869.78,"11/24/2021","Standard Distribution","01","Unassigned","0002790463","Standard Order","TA","AV CONFERENCING (VADDIO)",2021,"2021-11",57,"Vaddio","CONFERENCE","ROOM SYSTEM","AV","001","999-30230-000","","THE CHARIOT GROUP INC.","Vaddio","3002","99503","E","B0004","B0004P0435","B0004P0435G0014100","Unassigned","EasyIP 20 Camera Black","Projection Screens","B0004P0435G0014100","US Camera Profit Center","3000","0098005135","Unassigned","AV Integrators","01","West","U1DXP4","United States","Americas - LLC","3000","Abbi Rath",null,"Undefined",null,"Alaska","United States","United States","Alaska","DIRECT","AV CAPTURE & COLLABORATION - CAMERAS","4210","2",{"v":0.6570241090229418,"d":"0.66"},2535.98,869.78,1,2535.98,"USD",1,2535.98]
[1368321307,"01",null,"132136",null,"Invoice","Vaddio","B0004","Dealer","001","Unassigned","3000","Undefined","3000","ENTER ALTERNATE ADDRESS (US)","THE CHARIOT GROUP INC.","Americas LLC",868.83,3475.33,"11/10/2021","Standard Distribution","01","Unassigned","0002779611","Standard Order","TA","AV CONFERENCING (VADDIO)",2021,"2021-11",44,"Vaddio","CONFERENCE","ROOM SYSTEM","AV","001","999-30230-000","","THE CHARIOT GROUP INC.","Vaddio","3002","99503","E","B0004","B0004P0435","B0004P0435G0014100","Unassigned","EasyIP 20 Camera Black","Projection Screens","B0004P0435G0014100","US Camera Profit Center","3000","0097931168","Unassigned","AV Integrators","01","West","U1DXP4","United States","Americas - LLC","3000","Abbi Rath",null,"Undefined",null,"Unassigned","United States","United States","Alaska","DIRECT","AV CAPTURE & COLLABORATION - CAMERAS","4210","2",{"v":-0.44253646468923047,"d":"-0.44"},2409.18,868.83,4,9636.72,"USD",1,9636.72]
[1368321308,"01","132136","132136",null,"Invoice","Vaddio","B0004","Dealer","001","Unassigned","3000","Undefined","3000","THE CHARIOT GROUP INC.","THE CHARIOT GROUP INC.","Americas LLC",1672.53,1672.53,"11/24/2021","Standard Distribution","01","Unassigned","0002790463","Standard Order","TA","AV CONFERENCING (VADDIO)",2021,"2021-11",99,"Vaddio","CONFERENCE","ROOM SYSTEM","AV","001","999-30231-000","","THE CHARIOT GROUP INC.","Vaddio","3002","99503","E","B0004","B0004P0435","B0004P0435G0014100","Unassigned","EasyIP 20 Mixer Base Kit Black NA","Projection Screens","B0004P0435G0014100","US Camera Profit Center","3000","0098005135","Unassigned","AV Integrators","01","West","U1DXP4","United States","Americas - LLC","3000","Abbi Rath",null,"Undefined",null,"Alaska","United States","United States","Alaska","DIRECT","AV CAPTURE & COLLABORATION - CAMERAS","4210","2",{"v":0.6152334898444167,"d":"0.62"},4346.87,1672.53,1,4346.87,"USD",1,4346.87]
[1368321309,"01",null,"141690",null,"Invoice","Vaddio","B0004","Dealer","001","Unassigned","3000","Undefined","3000","ENTER ALTERNATE ADDRESS (US)","BRINOCH LLC","Americas LLC",1441.9,2883.8,"11/24/2021","Standard Distribution","01","Unassigned","0002789223","Standard Order","TA","AV CONFERENCING (VADDIO)",2021,"2021-11",37,"Vaddio","CONFERENCE","ROOM SYSTEM","AV","001","999-60321-000W","","BRINOCH LLC","Vaddio","3002","97475","E","B0004","B0004P0435","B0004P0435G0014100","Unassigned","EasyIP 10 Mixer Base Kit Wht N/A","Projection Screens","B0004P0435G0014100","US Camera Profit Center","3000","0098006053","Unassigned","AV Integrators","01","West","U1DXP4","United States","Americas - LLC","3000","Abbi Rath",null,"Undefined",null,"Unassigned","United States","United States","Unassigned","DIRECT","AV CAPTURE & COLLABORATION - CAMERAS","4210","2",{"v":0.24645149152329782,"d":"0.25"},3826.96,1441.9,2,7653.92,"USD",1,7653.92]
[1368321311,"01",null,"132136",null,"Invoice","Vaddio","B0004","Dealer","001","Unassigned","3000","Undefined","3000","ENTER ALTERNATE ADDRESS (US)","THE CHARIOT GROUP INC.","Americas LLC",164.02,656.06,"11/08/2021","Standard Distribution","01","Unassigned","0002775989","Standard Order","TA","AV CONFERENCING (VADDIO)",2021,"2021-11",0,"Vaddio","CONFERENCE","AUDIO","AV","001","999-85100-000","","THE CHARIOT GROUP INC.","Vaddio","3002","99503","E","B0004","B0004P0435","B0004P0435G0014090","Unassigned","Ceiling MIC System White","Projection Screens","B0004P0435G0014090","US Camera Profit Center","3000","0097900209","Unassigned","AV Integrators","01","West","U1DXP4","United States","Americas - LLC","3000","Abbi Rath",null,"Undefined",null,"Alaska","United States","United States","Alaska","DIRECT","AV CAPTURE & COLLABORATION - CAMERAS","4210","2",{"v":-0.407763448705019,"d":"-0.41"},466.03,164.02,4,1864.12,"USD",1,1864.12]
[1368321312,"01",null,"132136",null,"Invoice","Vaddio","B0004","Dealer","001","Unassigned","3000","Undefined","3000","ENTER ALTERNATE ADDRESS (US)","THE CHARIOT GROUP INC.","Americas LLC",163.76,327.51,"11/29/2021","Standard Distribution","01","Unassigned","0002793014","Standard Order","TA","AV CONFERENCING (VADDIO)",2021,"2021-11",78,"Vaddio","CONFERENCE","AUDIO","AV","001","999-85100-000","","THE CHARIOT GROUP INC.","Vaddio","3002","99503","E","B0004","B0004P0435","B0004P0435G0014090","Unassigned","Ceiling MIC System White","Projection Screens","B0004P0435G0014090","US Camera Profit Center","3000","0098019651","Unassigned","AV Integrators","01","West","U1DXP4","United States","Americas - LLC","3000","Abbi Rath",null,"Undefined",null,"Alaska","United States","United States","Alaska","DIRECT","AV CAPTURE & COLLABORATION - CAMERAS","4210","2",{"v":0.2972340836426839,"d":"0.30"},466.03,163.76,2,932.06,"USD",1,932.06]
[1368321313,"01",null,"132136",null,"Invoice","Vaddio","B0004","Dealer","001","Unassigned","3000","Undefined","3000","ENTER ALTERNATE ADDRESS (US)","THE CHARIOT GROUP INC.","Americas LLC",145.44,290.87,"11/15/2021","Standard Distribution","01","Unassigned","0002782772","Standard Order","TA","AV CONFERENCING (VADDIO)",2021,"2021-11",67,"Vaddio","CONFERENCE","AUDIO","AV","001","999-8535-000","","THE CHARIOT GROUP INC.","Vaddio","3002","99503","E","B0004","B0004P0435","B0004P0435G0014090","Unassigned","EasyUSB MicPOD I/O N/A","Projection Screens","B0004P0435G0014090","US Camera Profit Center","3000","0097946000","Unassigned","AV Integrators","01","West","U1DXP4","United States","Americas - LLC","3000","Abbi Rath",null,"Undefined",null,"Alaska","United States","United States","Alaska","DIRECT","AV CAPTURE & COLLABORATION - CAMERAS","4210","2",{"v":0.4909431386618597,"d":"0.49"},571.39,145.44,2,1142.78,"USD",1,1142.78]
[1368321314,"01",null,"132136",null,"Invoice","Vaddio","B0004","Dealer","001","Unassigned","3000","Undefined","3000","ENTER ALTERNATE ADDRESS (US)","THE CHARIOT GROUP INC.","Americas LLC",145.68,145.68,"11/29/2021","Standard Distribution","01","Unassigned","0002793014","Standard Order","TA","AV CONFERENCING (VADDIO)",2021,"2021-11",48,"Vaddio","CONFERENCE","AUDIO","AV","001","999-8535-000","","THE CHARIOT GROUP INC.","Vaddio","3002","99503","E","B0004","B0004P0435","B0004P0435G0014090","Unassigned","EasyUSB MicPOD I/O N/A","Projection Screens","B0004P0435G0014090","US Camera Profit Center","3000","0098019651","Unassigned","AV Integrators","01","West","U1DXP4","United States","Americas - LLC","3000","Abbi Rath",null,"Undefined",null,"Alaska","United States","United States","Alaska","DIRECT","AV CAPTURE & COLLABORATION - CAMERAS","4210","2",{"v":0.7450427903883512,"d":"0.75"},571.39,145.68,1,571.39,"USD",1,571.39]
[1368321315,"01",null,"131886",null,"Invoice","Vaddio","B0004","Dealer","001","PROFESSIONAL SYSTEMS NETWORK INTL","3000","Undefined","3000","ENTER ALTERNATE ADDRESS (US)","AVIDEX INDUSTRIES INC.","Americas LLC",446.4,446.4,"12/22/2021","Standard Distribution","01","Unassigned","0002812218","Standard Order","TA","AV CONTENT CAPTURE (VADDIO)",2021,"2021-12",27,"Vaddio","CONFERENCE","CAMERA","AV","001","999-21050-000","","AVIDEX INDUSTRIES INC.","Vaddio","3002","98052","E","B0004","B0004P0435","B0004P0435G0014105","Unassigned","ConferenceSHOT ePTZ Camera","Projection Screens","B0004P0435G0014105","US Camera Profit Center","3000","0098155078","Unassigned","AV Integrators","01","South","U1DXP2","United States","Americas - LLC","3000","Bradley Carson",null,"Undefined",null,"North Carolina","United States","United States","Unassigned","DIRECT","AV CAPTURE & COLLABORATION - CAMERAS","4210","1",{"v":0.45841674249317566,"d":"0.46"},824.25,446.4,1,824.25,"USD",1,824.25]
[1368321316,"01","133712","133712",null,"Invoice","Vaddio","B0004","Dealer","001","USAV BUYING GROUP","3000","Undefined","3000","TEMPEST TECH  WA","TEMPEST TECH  WA","Americas LLC",869.78,1739.55,"12/02/2021","Standard Distribution","01","Unassigned","0002793054","Standard Order","TA","AV CONFERENCING (VADDIO)",2021,"2021-12",0,"Vaddio","CONFERENCE","ROOM SYSTEM","AV","001","999-30230-000","","TEMPEST TECH  WA","Vaddio","3002","98027","E","B0004","B0004P0435","B0004P0435G0014100","Unassigned","EasyIP 20 Camera Black","Projection Screens","B0004P0435G0014100","US Camera Profit Center","3000","0098034027","Unassigned","AV Integrators","01","West","U1DXP4","United States","Americas - LLC","3000","Abbi Rath",null,"Undefined",null,"Unassigned","United States","United States","Unassigned","DIRECT","AV CAPTURE & COLLABORATION - CAMERAS","4210","2",{"v":0.3140521612946474,"d":"0.31"},2535.98,869.78,2,5071.96,"USD",1,5071.96]
[1368321317,"01","131858","131858",null,"Invoice","Vaddio","B0004","Dealer","001","Unassigned","3000","Undefined","3000","AUDIO VISUAL BEND","AUDIO VISUAL BEND","Americas LLC",215.63,215.63,"12/10/2021","Standard Distribution","01","Unassigned","0002803287","Standard Order","TA","AV CONFERENCING (VADDIO)",2021,"2021-12",13,"Vaddio","CONFERENCE","AUDIO","AV","001","999-8530-000","","AUDIO VISUAL BEND","Vaddio","3002","97701","E","B0004","B0004P0435","B0004P0435G0014090","Unassigned","EASYUSB MIXER/AMP SYSTEM","Projection Screens","B0004P0435G0014090","US Camera Profit Center","3000","0098094778","Unassigned","AV Integrators","01","West","U1DXP4","United States","Americas - LLC","3000","Abbi Rath",null,"Undefined",null,"Unassigned","United States","United States","Unassigned","DIRECT","AV CAPTURE & COLLABORATION - CAMERAS","4210","3",{"v":0.7338656924576972,"d":"0.73"},810.23,215.63,1,810.23,"USD",1,810.23]
[1368321318,"01","131858","131858",null,"Invoice","Vaddio","B0004","Dealer","001","Unassigned","3000","Undefined","3000","AUDIO VISUAL BEND","AUDIO VISUAL BEND","Americas LLC",215.62,215.62,"12/16/2021","Standard Distribution","01","Unassigned","0002807609","Standard Order","TA","AV CONFERENCING (VADDIO)",2021,"2021-12",27,"Vaddio","CONFERENCE","AUDIO","AV","001","999-8530-000","","AUDIO VISUAL BEND","Vaddio","3002","97701","E","B0004","B0004P0435","B0004P0435G0014090","Unassigned","EASYUSB MIXER/AMP SYSTEM","Projection Screens","B0004P0435G0014090","US Camera Profit Center","3000","0098120620","Unassigned","AV Integrators","01","West","U1DXP4","United States","Americas - LLC","3000","Abbi Rath",null,"Undefined",null,"Unassigned","United States","United States","Unassigned","DIRECT","AV CAPTURE & COLLABORATION - CAMERAS","4210","3",{"v":0.7338780346321415,"d":"0.73"},810.23,215.62,1,810.23,"USD",1,810.23]
[1368321319,"01",null,"132136",null,"Invoice","Vaddio","B0004","Dealer","001","Unassigned","3000","Undefined","3000","ENTER ALTERNATE ADDRESS (US)","THE CHARIOT GROUP INC.","Americas LLC",145.68,145.68,"12/14/2021","Standard Distribution","01","Unassigned","0002805182","Standard Order","TA","AV CONFERENCING (VADDIO)",2021,"2021-12",33,"Vaddio","CONFERENCE","AUDIO","AV","001","999-8535-000","","THE CHARIOT GROUP INC.","Vaddio","3002","99503","E","B0004","B0004P0435","B0004P0435G0014090","Unassigned","EasyUSB MicPOD I/O N/A","Projection Screens","B0004P0435G0014090","US Camera Profit Center","3000","0098113954","Unassigned","AV Integrators","01","West","U1DXP4","United States","Americas - LLC","3000","Abbi Rath",null,"Undefined",null,"Alaska","United States","United States","Alaska","DIRECT","AV CAPTURE & COLLABORATION - CAMERAS","4210","2",{"v":0.7548506520824568,"d":"0.75"},594.25,145.68,1,594.25,"USD",1,594.25]
[1368321320,"01","145116","145116",null,"Invoice","Vaddio","B0004","Dealer","001","Unassigned","3000","Undefined","3000","SAMA SOUND INC.","SAMA SOUND INC.","Americas LLC",812.02,4060.1,"04/23/2021","Standard Distribution","01","Unassigned","0002605993","Standard Order","TA","AV CONFERENCING (VADDIO)",2021,"2021-04",79,"Vaddio","CONFERENCE","ROOM SYSTEM","AV","001","999-50707-001","","SAMA SOUND INC.","Vaddio","3002","03147","E","B0004","B0004P0435","B0004P0435G0014100","Unassigned","HuddleSHOT BLACK INT","Projection Screens","B0004P0435G0014100","US Camera Profit Center","3010","0097067989","Unassigned","AV Integrators","01","Commercial","H1DXXX","Asia Pacific","Export","3010","William Ng",null,"Undefined",null,"Unassigned","South Korea","South Korea","Unassigned","DIRECT","AV CAPTURE & COLLABORATION - CAMERAS","4210","2",{"v":-3.390768798191826,"d":"-3.39"},924.69,812.02,5,4623.45,"USD",1,4623.45]
[1368321321,"01","145116","145116",null,"Invoice","Vaddio","B0004","Dealer","001","Unassigned","3000","Undefined","3000","SAMA SOUND INC.","SAMA SOUND INC.","Americas LLC",796.55,796.55,"06/14/2021","Standard Distribution","01","Unassigned","0002639211","Standard Order","TA","AV CONFERENCING (VADDIO)",2021,"2021-06",11,"Vaddio","CONFERENCE","ROOM SYSTEM","AV","001","999-50707-001","","SAMA SOUND INC.","Vaddio","3002","03147","E","B0004","B0004P0435","B0004P0435G0014100","Unassigned","HuddleSHOT BLACK INT","Projection Screens","B0004P0435G0014100","US Camera Profit Center","3010","0097282081","Unassigned","AV Integrators","01","Commercial","H1DXXX","Asia Pacific","Export","3010","William Ng",null,"Undefined",null,"Unassigned","South Korea","South Korea","Unassigned","DIRECT","AV CAPTURE & COLLABORATION - CAMERAS","4210","2",{"v":0.3311304990385343,"d":"0.33"},1190.89,796.55,1,1190.89,"USD",1,1190.89]
[1368321322,"01","145116","145116",null,"Invoice","Vaddio","B0004","Dealer","001","Unassigned","3000","Undefined","3000","SAMA SOUND INC.","SAMA SOUND INC.","Americas LLC",796.46,3982.28,"06/16/2021","Standard Distribution","01","Unassigned","0002650947","Standard Order","TA","AV CONFERENCING (VADDIO)",2021,"2021-06",0,"Vaddio","CONFERENCE","ROOM SYSTEM","AV","001","999-50707-001","","SAMA SOUND INC.","Vaddio","3002","03147","E","B0004","B0004P0435","B0004P0435G0014100","Unassigned","HuddleSHOT BLACK INT","Projection Screens","B0004P0435G0014100","US Camera Profit Center","3010","0097287775","Unassigned","AV Integrators","01","Commercial","H1DXXX","Asia Pacific","Export","3010","William Ng",null,"Undefined",null,"Unassigned","South Korea","South Korea","Unassigned","DIRECT","AV CAPTURE & COLLABORATION - CAMERAS","4210","2",{"v":-3.3066108641815095,"d":"-3.31"},924.69,796.46,5,4623.45,"USD",1,4623.45]
[1368321323,"01","113228","113228",null,"Invoice","Vaddio","B0004","Dealer","001","Unassigned","3000","Undefined","3000","ARCON SYSTEM LIMITED","ARCON SYSTEM LIMITED","Americas LLC",560.06,1120.12,"06/07/2021","Standard Distribution","01","Unassigned","0002642642","Standard Order","TA","AV CONFERENCING (VADDIO)",2021,"2021-06",44,"Vaddio","CONFERENCE","ROOM SYSTEM","AV","001","999-60320-000","","ARCON SYSTEM LIMITED","Vaddio","3002",null,"E","B0004","B0004P0435","B0004P0435G0014100","Unassigned","EasyIP Mixer System Global","Projection Screens","B0004P0435G0014100","US Camera Profit Center","3010","0097246518","Unassigned","AV Integrators","01","Commercial","H1DXXX","Asia Pacific","Export","3010","Ken Lam",null,"Undefined",null,"Unassigned","Hong Kong","Hong Kong","Unassigned","DIRECT","AV CAPTURE & COLLABORATION - CAMERAS","4210","4",{"v":0.1088941925218776,"d":"0.11"},1257,560.06,2,2514,"USD",1,2514]
[1368321324,"01","113228","113228",null,"Invoice","Vaddio","B0004","Dealer","001","Unassigned","3000","Undefined","3000","ARCON SYSTEM LIMITED","ARCON SYSTEM LIMITED","Americas LLC",1407.95,2815.89,"06/07/2021","Standard Distribution","01","Unassigned","0002642642","Standard Order","TA","AV CONFERENCING (VADDIO)",2021,"2021-06",102,"Vaddio","CONFERENCE","ROOM SYSTEM","AV","001","999-60321-001","","ARCON SYSTEM LIMITED","Vaddio","3002",null,"E","B0004","B0004P0435","B0004P0435G0014100","Unassigned","EasyIP 10 Mixer Base Kit Blk Int","Projection Screens","B0004P0435G0014100","US Camera Profit Center","3010","0097246518","Unassigned","AV Integrators","01","Commercial","H1DXXX","Asia Pacific","Export","3010","Ken Lam",null,"Undefined",null,"Unassigned","Hong Kong","Hong Kong","Unassigned","DIRECT","AV CAPTURE & COLLABORATION - CAMERAS","4210","4",{"v":0.04308657414329797,"d":"0.04"},2942.68,1407.95,2,5885.36,"USD",1,5885.36]
[1368321325,"01",null,"133557",null,"Invoice","Vaddio","B0004","Dealer","001","Unassigned","3000","Undefined","3000","SKC WAREHOUSE - LENEXA","SKC COMMUNICATION PRODUCTS LLC","Americas LLC",673.62,673.62,"01/26/2021","Standard Distribution","01","Unassigned","0002529906","Standard Order","TA","AV CONTENT CAPTURE (VADDIO)",2021,"2021-01",18,"Vaddio","CONFERENCE","CAMERA","AV","001","999-9990-000B","","SKC COMMUNICATION PRODUCTS LLC","Vaddio","3002","66227","E","B0004","B0004P0435","B0004P0435G0014105","Unassigned","CONFERENCESHOT 10 SYSTEM","Projection Screens","B0004P0435G0014105","US Camera Profit Center","3000","0096711425","Unassigned","AV Integrators","01","MidWest","U1DXP3","United States","Americas - LLC","3000","Andre White",null,"Undefined",null,"Kansas","United States","United States","Kansas","DIRECT","AV CAPTURE & COLLABORATION - CAMERAS","4210","1",{"v":0.48604911991576827,"d":"0.49"},1310.67,673.62,1,1310.67,"USD",1,1310.67]
[1368321326,"01",null,"132104",null,"Invoice","Vaddio","B0004","System Integrator","011","PROFESSIONAL SYSTEMS NETWORK INTL","3000","Undefined","3000","CONFERENCE TECHNOLOGIES INC","CONFERENCE TECHNOLOGIES INC.","Americas LLC",677.53,677.53,"01/12/2021","Standard Distribution","01","Unassigned","0002522582","Standard Order","TA","AV CONTENT CAPTURE (VADDIO)",2021,"2021-01",21,"Vaddio","CONFERENCE","CAMERA","AV","001","999-9990-000W","","CONFERENCE TECHNOLOGIES INC.","Vaddio","3002","63043","E","B0004","B0004P0435","B0004P0435G0014105","Unassigned","CONFERENCESHOT 10 SYSTEM WHITE","Projection Screens","B0004P0435G0014105","US Camera Profit Center","3000","0096645438","Unassigned","AV Integrators","01","MidWest","U1DXP3","United States","Americas - LLC","3000","Steve Woll",null,"Undefined",null,"Iowa","United States","United States","Unassigned","DIRECT","AV CAPTURE & COLLABORATION - CAMERAS","4210","1",{"v":0.48306591285373135,"d":"0.48"},1310.67,677.53,1,1310.67,"USD",1,1310.67]
[1368321328,"01",null,"133557",null,"Invoice","Vaddio","B0004","Dealer","001","Unassigned","3000","Undefined","3000","ENTER ALTERNATE ADDRESS (US)","SKC COMMUNICATION PRODUCTS LLC","Americas LLC",1194.14,1194.14,"01/25/2021","Standard Distribution","01","Unassigned","0002532577","Standard Order","TA","AV CONFERENCING (VADDIO)",2021,"2021-01",18,"Vaddio","CONFERENCE","ROOM SYSTEM","AV","001","999-99950-200W","","SKC COMMUNICATION PRODUCTS LLC","Vaddio","3002","66227","E","B0004","B0004P0435","B0004P0435G0014100","Unassigned","CSAV SYSTEM - CEILINGMIC 2 WHT","Projection Screens","B0004P0435G0014100","US Camera Profit Center","3000","0096708516","Unassigned","AV Integrators","01","MidWest","U1DXP3","United States","Americas - LLC","3000","Andre White",null,"Undefined",null,"Illinois","United States","United States","Kansas","DIRECT","AV CAPTURE & COLLABORATION - CAMERAS","4210","1",{"v":0.5183307316561592,"d":"0.52"},2479.17,1194.14,1,2479.17,"USD",1,2479.17]
[1368321329,"01",null,"133557",null,"Invoice Repair","Vaddio","B0004","Dealer","001","Unassigned","3000","Undefined","3000","SKC WAREHOUSE - LENEXA","SKC COMMUNICATION PRODUCTS LLC","Americas LLC",0,0,"02/16/2021","Standard Distribution","01","Unassigned","0060471939","Undefined","00","AV CONFERENCING (VADDIO)",2021,"2021-02",0,"Vaddio","CONFERENCE","ROOM SYSTEM","AV","001","999-11208-000","","SKC COMMUNICATION PRODUCTS LLC","Vaddio","3002","66227","E","B0004","B0004P0435","B0004P0435G0014100","Unassigned","EasyIP PoE+ Switch","Projection Screens","B0004P0435G0014100","US Camera Profit Center","3000","0004091626","Unassigned","AV Integrators","01","MidWest","U1DXP3","United States","Americas - LLC","3000","Andre White",null,"Undefined",null,"Kansas","United States","United States","Kansas","DIRECT","AV CAPTURE & COLLABORATION - CAMERAS","4210","1",{"v":0,"d":"0.00"},276.45,0,-1,-276.45,"USD",1,-276.45]
[1368321330,"01",null,"133557",null,"Invoice","Vaddio","B0004","Dealer","001","Unassigned","3000","Undefined","3000","SKC WAREHOUSE - LENEXA","SKC COMMUNICATION PRODUCTS LLC","Americas LLC",768.32,768.32,"02/15/2021","Standard Distribution","01","Unassigned","0002550879","Standard Order","TA","AV CONFERENCING (VADDIO)",2021,"2021-02",29,"Vaddio","CONFERENCE","AUDIO KIT","AV","001","999-86600-000","","SKC COMMUNICATION PRODUCTS LLC","Vaddio","3002","66227","E","B0004","B0004P0435","B0004P0435G0014095","Unassigned","USB AUDIO BUNDLE","Projection Screens","B0004P0435G0014095","US Camera Profit Center","3000","0096785204","Unassigned","AV Integrators","01","MidWest","U1DXP3","United States","Americas - LLC","3000","Andre White",null,"Undefined",null,"Kansas","United States","United States","Kansas","DIRECT","AV CAPTURE & COLLABORATION - CAMERAS","4210","1",{"v":0.5907509894055045,"d":"0.59"},1877.39,768.32,1,1877.39,"USD",1,1877.39]
[1368321331,"01",null,"133557",null,"Invoice","Vaddio","B0004","Dealer","001","Unassigned","3000","Undefined","3000","SKC WAREHOUSE - LENEXA","SKC COMMUNICATION PRODUCTS LLC","Americas LLC",649.71,649.71,"02/15/2021","Standard Distribution","01","Unassigned","0002550879","Standard Order","TA","AV CONTENT CAPTURE (VADDIO)",2021,"2021-02",0,"Vaddio","CONFERENCE","CAMERA","AV","001","999-9990-000B","","SKC COMMUNICATION PRODUCTS LLC","Vaddio","3002","66227","E","B0004","B0004P0435","B0004P0435G0014105","Unassigned","CONFERENCESHOT 10 SYSTEM","Projection Screens","B0004P0435G0014105","US Camera Profit Center","3000","0096785204","Unassigned","AV Integrators","01","MidWest","U1DXP3","United States","Americas - LLC","3000","Andre White",null,"Undefined",null,"Kansas","United States","United States","Kansas","DIRECT","AV CAPTURE & COLLABORATION - CAMERAS","4210","1",{"v":0.5042916981391197,"d":"0.50"},1310.67,649.71,1,1310.67,"USD",1,1310.67]
[1368321332,"01",null,"137809",null,"Invoice","Vaddio","B0004","Dealer","001","Unassigned","3000","Undefined","3000","SOLUTIONZ INC (ROCHESTER)","RTS SOLUTIONZ INC","Americas LLC",786.71,3933.53,"01/04/2021","Standard Distribution","01","Unassigned","0002509117","Standard Order","TA","AV CONFERENCING (VADDIO)",2021,"2021-01",11,"Vaddio","CONFERENCE","ROOM SYSTEM","AV","001","999-50707-000","","RTS SOLUTIONZ INC","Vaddio","3002","30339","E","B0004","B0004P0435","B0004P0435G0014100","Unassigned","HuddleSHOT BLACK","Projection Screens","B0004P0435G0014100","US Camera Profit Center","3000","0096591024","Unassigned","AV Integrators","01","NorthEast","U1DXP1","United States","Americas - LLC","3000","Steve Joyce",null,"Undefined",null,"New York","United States","United States","Georgia","DIRECT","AV CAPTURE & COLLABORATION - CAMERAS","4210","1",{"v":-2.3691040058927824,"d":"-2.37"},1167.53,786.71,5,5837.65,"USD",1,5837.65]
[1368321333,"01","145341","145341",null,"Invoice","Vaddio","B0004","Dealer","001","Unassigned","3000","Undefined","3000","STREAMTECH AV INC","STREAMTECH AV INC","Americas LLC",234.86,5401.76,"01/21/2021","Standard Distribution","01","Unassigned","0002525946","Standard Order","TA","AV CONFERENCING (VADDIO)",2021,"2021-01",51,"Vaddio","CONFERENCE","AUDIO","AV","001","999-85810-000","","STREAMTECH AV INC","Vaddio","3002","10018","E","B0004","B0004P0435","B0004P0435G0014090","Unassigned","EasyIP CeilingMIC D White","Projection Screens","B0004P0435G0014090","US Camera Profit Center","3000","0096697759","Unassigned","AV Integrators","01","NorthEast","U1DXP1","United States","Americas - LLC","3000","Angela Adkins",null,"Undefined",null,"New York","United States","United States","New York","DIRECT","AV CAPTURE & COLLABORATION - CAMERAS","4210","2",{"v":-7.374821705426356,"d":"-7.37"},645,234.86,23,14835,"USD",1,14835]
[1368321334,"01",null,"137809",null,"Invoice","Vaddio","B0004","Dealer","001","Unassigned","3000","Undefined","3000","RTS SOLUTIONZ INC","RTS SOLUTIONZ INC","Americas LLC",1208.65,6043.27,"01/29/2021","Standard Distribution","01","Unassigned","0002536229","Standard Order","TA","AV CONFERENCING (VADDIO)",2021,"2021-01",40,"Vaddio","CONFERENCE","ROOM SYSTEM","AV","001","999-99950-400B","","RTS SOLUTIONZ INC","Vaddio","3002","30339","E","B0004","B0004P0435","B0004P0435G0014100","Unassigned","CSAV-TableMIC 2","Projection Screens","B0004P0435G0014100","US Camera Profit Center","3000","0096719775","Unassigned","AV Integrators","01","NorthEast","U1DXP1","United States","Americas - LLC","3000","Nathan Craine",null,"Undefined",null,"Unassigned","United States","United States","Georgia","DIRECT","AV CAPTURE & COLLABORATION - CAMERAS","4210","1",{"v":-1.6820118406220321,"d":"-1.68"},2253.26,1208.65,5,11266.3,"USD",1,11266.3]
[1368321335,"01",null,"137809",null,"Invoice","Vaddio","B0004","Dealer","001","Unassigned","3000","Undefined","3000","RTS SOLUTIONZ INC","RTS SOLUTIONZ INC","Americas LLC",1246.67,8726.71,"02/10/2021","Standard Distribution","01","Unassigned","0002545346","Standard Order","TA","AV CONFERENCING (VADDIO)",2021,"2021-02",47,"Vaddio","CONFERENCE","ROOM SYSTEM","AV","001","999-99950-400B","","RTS SOLUTIONZ INC","Vaddio","3002","30339","E","B0004","B0004P0435","B0004P0435G0014100","Unassigned","CSAV-TableMIC 2","Projection Screens","B0004P0435G0014100","US Camera Profit Center","3000","0096777954","Unassigned","AV Integrators","01","NorthEast","U1DXP1","United States","Americas - LLC","3000","Nathan Craine",null,"Undefined",null,"Unassigned","United States","United States","Georgia","DIRECT","AV CAPTURE & COLLABORATION - CAMERAS","4210","1",{"v":-2.8729263378393965,"d":"-2.87"},2253.26,1246.67,7,15772.82,"USD",1,15772.82]
[1368321336,"01","145099","145099",null,"Invoice","Vaddio","B0004","Dealer","001","Unassigned","3000","Undefined","3000","NATIONAL TECHNOLOGY GROUP INC.","NATIONAL TECHNOLOGY GROUP INC.","Americas LLC",634.28,3171.38,"04/08/2021","Standard Distribution","01","Unassigned","0002594669","Standard Order","TA","AV CONFERENCING (VADDIO)",2021,"2021-04",29,"Vaddio","CONFERENCE","ROOM SYSTEM","AV","001","999-30200-000W","","NATIONAL TECHNOLOGY GROUP INC.","Vaddio","3002","11741","E","B0004","B0004P0435","B0004P0435G0014100","Unassigned","EasyIP 10 Camera White","Projection Screens","B0004P0435G0014100","US Camera Profit Center","3000","0097014506","Unassigned","AV Integrators","01","NorthEast","U1DXP1","United States","Americas - LLC","3000","Angela Adkins",null,"Undefined",null,"New York","United States","United States","New York","DIRECT","AV CAPTURE & COLLABORATION - CAMERAS","4210","3",{"v":-0.5666938372236632,"d":"-0.57"},2024.25,634.28,5,10121.25,"USD",1,10121.25]
[1368321337,"01","133205","133205",null,"Invoice","Vaddio","B0004","Dealer","001","Unassigned","3000","Undefined","3000","ADVANCE SOUND COMPANY","ADVANCE SOUND COMPANY","Americas LLC",804.16,804.16,"04/28/2021","Standard Distribution","01","Unassigned","0002610856","Standard Order","TA","AV CONFERENCING (VADDIO)",2021,"2021-04",0,"Vaddio","CONFERENCE","ROOM SYSTEM","AV","001","999-50707-000","","ADVANCE SOUND COMPANY","Vaddio","3002","11735-6610","E","B0004","B0004P0435","B0004P0435G0014100","Unassigned","HuddleSHOT BLACK","Projection Screens","B0004P0435G0014100","US Camera Profit Center","3000","0097076970","Unassigned","AV Integrators","01","NorthEast","U1DXP1","United States","Americas - LLC","3000","Angela Adkins",null,"Undefined",null,"New York","United States","United States","New York","DIRECT","AV CAPTURE & COLLABORATION - CAMERAS","4210","2",{"v":0.3112296900293783,"d":"0.31"},1167.53,804.16,1,1167.53,"USD",1,1167.53]
[1368321339,"01",null,"133752",null,"Invoice","Vaddio","B0004","Dealer","001","AZIONE UNLIMITED","3000","Undefined","3000","CUSTOM PACKING LIST SHIP TO (US)","SPECTRA AUDIO DESIGN - NY","Americas LLC",665.41,1330.82,"05/19/2021","Standard Distribution","01","Unassigned","0002628649","Standard Order","TA","AV CONTENT CAPTURE (VADDIO)",2021,"2021-05",18,"Vaddio","CONFERENCE","CAMERA","AV","001","999-9990-000B","SPECTRA AUDIO DESIGN","SPECTRA AUDIO DESIGN","Vaddio","3002","10010","E","B0004","B0004P0435","B0004P0435G0014105","Unassigned","CONFERENCESHOT 10 SYSTEM","Projection Screens","B0004P0435G0014105","US Camera Profit Center","3000","0097180466","Unassigned","AV Integrators","01","NorthEast","U1DXP1","United States","Americas - LLC","3000","Angela Adkins",null,"Undefined",null,"New York","United States","United States","New York","DIRECT","AV CAPTURE & COLLABORATION - CAMERAS","4210","1",{"v":-0.015373816445024113,"d":"-0.02"},1310.67,665.41,2,2621.34,"USD",1,2621.34]
[1368321340,"01",null,"133752",null,"Invoice","Vaddio","B0004","Dealer","001","AZIONE UNLIMITED","3000","Undefined","3000","CUSTOM PACKING LIST SHIP TO (US)","SPECTRA AUDIO DESIGN - NY","Americas LLC",609.06,609.06,"06/11/2021","Standard Distribution","01","Unassigned","0002648864","Standard Order","TA","AV CONTENT CAPTURE (VADDIO)",2021,"2021-06",30,"Vaddio","CONFERENCE","CAMERA","AV","001","999-9990-000W","SPECTRA AUDIO DESIGN","SPECTRA AUDIO DESIGN","Vaddio","3002","10010","E","B0004","B0004P0435","B0004P0435G0014105","Unassigned","CONFERENCESHOT 10 SYSTEM WHITE","Projection Screens","B0004P0435G0014105","US Camera Profit Center","3000","0097280940","Unassigned","AV Integrators","01","NorthEast","U1DXP1","United States","Americas - LLC","3000","Angela Adkins",null,"Undefined",null,"New York","United States","United States","New York","DIRECT","AV CAPTURE & COLLABORATION - CAMERAS","4210","1",{"v":0.5444202589592264,"d":"0.54"},1336.89,609.06,1,1336.89,"USD",1,1336.89]
[1368321341,"01",null,"132294",null,"Invoice","Vaddio","B0004","Dealer","001","Unassigned","3000","Undefined","3000","TRI TECH COMMUNICATIONS","TRITECH COMMUNICATIONS","Americas LLC",848.93,2546.8,"07/19/2021","Standard Distribution","01","Unassigned","0002682179","Standard Order","TA","AV CONFERENCING (VADDIO)",2021,"2021-07",34,"Vaddio","CONFERENCE","ROOM SYSTEM","AV","001","999-30230-000W","","TRITECH COMMUNICATIONS","Vaddio","3002","11530","E","B0004","B0004P0435","B0004P0435G0014100","Unassigned","EasyIP 20 Camera White","Projection Screens","B0004P0435G0014100","US Camera Profit Center","3000","0097420462","Unassigned","AV Integrators","01","NorthEast","U1DXP1","United States","Americas - LLC","3000","Peter Brady",null,"Undefined",null,"Unassigned","United States","United States","New York","DIRECT","AV CAPTURE & COLLABORATION - CAMERAS","4210","1",{"v":-0.0042665951624225595,"d":"-0.00"},2535.98,848.93,3,7607.94,"USD",1,7607.94]
[1368321342,"01","145099","145099",null,"Invoice","Vaddio","B0004","Dealer","001","Unassigned","3000","Undefined","3000","NATIONAL TECHNOLOGY GROUP INC.","NATIONAL TECHNOLOGY GROUP INC.","Americas LLC",859.14,4295.71,"08/10/2021","Standard Distribution","01","Unassigned","0002702763","Standard Order","TA","AV CONFERENCING (VADDIO)",2021,"2021-08",53,"Vaddio","CONFERENCE","ROOM SYSTEM","AV","001","999-30230-000","","NATIONAL TECHNOLOGY GROUP INC.","Vaddio","3002","11741","E","B0004","B0004P0435","B0004P0435G0014100","Unassigned","EasyIP 20 Camera Black","Projection Screens","B0004P0435G0014100","US Camera Profit Center","3000","0097526649","Unassigned","AV Integrators","01","NorthEast","U1DXP1","United States","Americas - LLC","3000","Angela Adkins",null,"Undefined",null,"New York","United States","United States","New York","DIRECT","AV CAPTURE & COLLABORATION - CAMERAS","4210","3",{"v":-0.783058966121253,"d":"-0.78"},2409.18,859.14,5,12045.9,"USD",1,12045.9]
[1368321343,"01",null,"145341",null,"Invoice","Vaddio","B0004","Dealer","001","Unassigned","3000","Undefined","3000","CUSTOM PACKING LIST SHIP TO (US)","STREAMTECH AV INC","Americas LLC",653.31,653.31,"09/01/2021","Standard Distribution","01","Unassigned","0002719597","Standard Order","TA","AV CONFERENCING (VADDIO)",2021,"2021-09",27,"Vaddio","CONFERENCE","ROOM SYSTEM","AV","001","999-9995-000W","","STREAMTECH AV INC","Vaddio","3002","10018","E","B0004","B0004P0435","B0004P0435G0014100","Unassigned","CONFERENCESHOT AV CAMERA WHITE","Projection Screens","B0004P0435G0014100","US Camera Profit Center","3000","0097612577","Unassigned","AV Integrators","01","NorthEast","U1DXP1","United States","Americas - LLC","3000","Angela Adkins",null,"Undefined",null,"New York","United States","United States","New York","DIRECT","AV CAPTURE & COLLABORATION - CAMERAS","4210","2",{"v":0.5815280749176905,"d":"0.58"},1561.18,653.31,1,1561.18,"USD",1,1561.18]
[1368321344,"01",null,"132294",null,"Invoice","Vaddio","B0004","Dealer","001","Unassigned","3000","Undefined","3000","TRI-TECH COMMUNICATIONS","TRITECH COMMUNICATIONS","Americas LLC",833.19,6665.51,"10/18/2021","Standard Distribution","01","Unassigned","0002758960","Standard Order","TA","AV CONFERENCING (VADDIO)",2021,"2021-10",58,"Vaddio","CONFERENCE","ROOM SYSTEM","AV","001","999-30230-000W","","TRITECH COMMUNICATIONS","Vaddio","3002","11530","E","B0004","B0004P0435","B0004P0435G0014100","Unassigned","EasyIP 20 Camera White","Projection Screens","B0004P0435G0014100","US Camera Profit Center","3000","0097820670","Unassigned","AV Integrators","01","NorthEast","U1DXP1","United States","Americas - LLC","3000","Peter Brady",null,"Undefined",null,"Unassigned","United States","United States","New York","DIRECT","AV CAPTURE & COLLABORATION - CAMERAS","4210","1",{"v":-1.7667131555134943,"d":"-1.77"},2409.18,833.19,8,19273.44,"USD",1,19273.44]
[1368321345,"01",null,"132294",null,"Invoice","Vaddio","B0004","Dealer","001","Unassigned","3000","Undefined","3000","TRI-TECH COMMUNICATIONS","TRITECH COMMUNICATIONS","Americas LLC",554.88,1109.75,"10/18/2021","Standard Distribution","01","Unassigned","0002758960","Standard Order","TA","AV CONFERENCING (VADDIO)",2021,"2021-10",9,"Vaddio","CONFERENCE","ROOM SYSTEM","AV","001","999-60320-000","","TRITECH COMMUNICATIONS","Vaddio","3002","11530","E","B0004","B0004P0435","B0004P0435G0014100","Unassigned","EasyIP Mixer System Global","Projection Screens","B0004P0435G0014100","US Camera Profit Center","3000","0097820670","Unassigned","AV Integrators","01","NorthEast","U1DXP1","United States","Americas - LLC","3000","Peter Brady",null,"Undefined",null,"Unassigned","United States","United States","New York","DIRECT","AV CAPTURE & COLLABORATION - CAMERAS","4210","1",{"v":0.28541072382951593,"d":"0.29"},1552.99,554.88,2,3105.98,"USD",1,3105.98]
[1368321346,"01","145099","145099",null,"Invoice","Vaddio","B0004","Dealer","001","Unassigned","3000","Undefined","3000","NATIONAL TECHNOLOGY GROUP INC.","NATIONAL TECHNOLOGY GROUP INC.","Americas LLC",675.2,675.2,"11/03/2021","Standard Distribution","01","Unassigned","0002773186","Standard Order","TA","AV CONTENT CAPTURE (VADDIO)",2021,"2021-11",21,"Vaddio","CONFERENCE","CAMERA","AV","001","999-9990-000W","","NATIONAL TECHNOLOGY GROUP INC.","Vaddio","3002","11741","E","B0004","B0004P0435","B0004P0435G0014105","Unassigned","CONFERENCESHOT 10 SYSTEM WHITE","Projection Screens","B0004P0435G0014105","US Camera Profit Center","3000","0097890689","Unassigned","AV Integrators","01","NorthEast","U1DXP1","United States","Americas - LLC","3000","Angela Adkins",null,"Undefined",null,"New York","United States","United States","New York","DIRECT","AV CAPTURE & COLLABORATION - CAMERAS","4210","3",{"v":0.5048510226381057,"d":"0.50"},1363.63,675.2,1,1363.63,"USD",1,1363.63]
[1368321347,"01",null,"145341",null,"Invoice","Vaddio","B0004","Dealer","001","Unassigned","3000","Undefined","3000","CUSTOM PACKING LIST SHIP TO (US)","STREAMTECH AV INC","Americas LLC",1106.97,3320.91,"12/03/2021","Standard Distribution","01","Unassigned","0002796387","Standard Order","TA","AV CONFERENCING (VADDIO)",2021,"2021-12",252,"Vaddio","CONFERENCE","ROOM SYSTEM","AV","001","999-99950-600W","","STREAMTECH AV INC","Vaddio","3002","10018","E","B0004","B0004P0435","B0004P0435G0014100","Unassigned","CSAV-TableMIC 2 w/o Speaker White","Projection Screens","B0004P0435G0014100","US Camera Profit Center","3000","0098037906","Unassigned","AV Integrators","01","NorthEast","U1DXP1","United States","Americas - LLC","3000","Angela Adkins",null,"Undefined",null,"New York","United States","United States","New York","DIRECT","AV CAPTURE & COLLABORATION - CAMERAS","4210","2",{"v":-0.47587472723798174,"d":"-0.48"},2250.13,1106.97,3,6750.39,"USD",1,6750.39]
[1368321348,"01","133078","133078",null,"Invoice","Vaddio","B0004","Dealer","001","Unassigned","3000","Undefined","3000","AVINEXT","AVINEXT","Americas LLC",786.71,786.71,"01/04/2021","Standard Distribution","01","Unassigned","0002510969","Standard Order","TA","AV CONFERENCING (VADDIO)",2021,"2021-01",18,"Vaddio","CONFERENCE","ROOM SYSTEM","AV","001","999-50707-000","","AVINEXT","Vaddio","3002","77840","E","B0004","B0004P0435","B0004P0435G0014100","Unassigned","HuddleSHOT BLACK","Projection Screens","B0004P0435G0014100","US Camera Profit Center","3000","0096590372","Unassigned","AV Integrators","01","South","U1DXP2","United States","Americas - LLC","3000","David Sweeney",null,"Undefined",null,"Texas","United States","United States","Texas","DIRECT","AV CAPTURE & COLLABORATION - CAMERAS","4210","2",{"v":0.32617577278528165,"d":"0.33"},1167.53,786.71,1,1167.53,"USD",1,1167.53]
[1368321349,"01",null,"151718",null,"Invoice","Vaddio","B0004","Distributor - National","002","Unassigned","3000","Key Account","3000","ENTER ALTERNATE ADDRESS (US)","TECH DATA - VADDIO","Americas LLC",1040.08,4160.33,"10/05/2021","Standard Distribution","01","Unassigned","0002738446","Standard Order","TA","AV CONFERENCING (VADDIO)",2021,"2021-10",55,"Vaddio","CONFERENCE","ROOM SYSTEM","IT/DMR","002","999-99950-700W","","TECH DATA - VADDIO","Vaddio","3002","33758","E","B0004","B0004P0435","B0004P0435G0014100","Unassigned","CSAV SYS CEILINGMIC 2 (W/O SPKR) WHT","Projection Screens","B0004P0435G0014100","US Camera Profit Center","3000","0097771248","Unassigned","IT Distribution","12","US - Channel Sales","U1DXC1","United States","Americas - LLC","3000","Mike Leach",null,"Undefined",null,"Texas","United States","United States","Unassigned","DIRECT","AV CAPTURE & COLLABORATION - CAMERAS","4210","0",{"v":-0.9960035119198976,"d":"-1.00"},2084.33,1040.08,4,8337.32,"USD",1,8337.32]
[1368321350,"01",null,"151718",null,"Invoice","Vaddio","B0004","Distributor - National","002","Unassigned","3000","Key Account","3000","ENTER ALTERNATE ADDRESS (US)","TECH DATA - VADDIO","Americas LLC",478.4,956.8,"11/12/2021","Standard Distribution","01","Unassigned","0002780210","Standard Order","TA","AV CONFERENCING (VADDIO)",2021,"2021-11",17,"Vaddio","CONFERENCE","AUDIO KIT","IT/DMR","002","999-88000-000","","TECH DATA - VADDIO","Vaddio","3002","33758","E","B0004","B0004P0435","B0004P0435G0014095","Unassigned","EasyUSB MicPOD I/O w/Two C-MICs N/A","Projection Screens","B0004P0435G0014095","US Camera Profit Center","3000","0097936314","Unassigned","IT Distribution","12","US - Channel Sales","U1DXC1","United States","Americas - LLC","3000","Mike Leach",null,"Undefined",null,"Texas","United States","United States","Unassigned","DIRECT","AV CAPTURE & COLLABORATION - CAMERAS","4210","0",{"v":0.263399387192634,"d":"0.26"},1298.94,478.4,2,2597.88,"USD",1,2597.88]
[1368321351,"01",null,"151718",null,"Invoice","Vaddio","B0004","Distributor - National","002","Unassigned","3000","Key Account","3000","TECH DATA","TECH DATA - VADDIO","Americas LLC",158.43,633.71,"12/14/2021","Standard Distribution","01","Unassigned","0002805978","Standard Order","TA","AV CONFERENCING (VADDIO)",2021,"2021-12",7,"Vaddio","CONFERENCE","AUDIO","IT/DMR","002","999-85100-000","","TECH DATA - VADDIO","Vaddio","3002","33758","E","B0004","B0004P0435","B0004P0435G0014090","Unassigned","Ceiling MIC System White","Projection Screens","B0004P0435G0014090","US Camera Profit Center","3000","0098116071","Unassigned","IT Distribution","12","US - Channel Sales","U1DXC1","United States","Americas - LLC","3000","Mike Leach",null,"Undefined",null,"Texas","United States","United States","Unassigned","DIRECT","AV CAPTURE & COLLABORATION - CAMERAS","4210","0",{"v":-0.48580338092893505,"d":"-0.49"},426.51,158.43,4,1706.04,"USD",1,1706.04]
[1368321352,"01",null,"151718",null,"Invoice","Vaddio","B0004","Distributor - National","002","Unassigned","3000","Key Account","3000","ENTER ALTERNATE ADDRESS (US)","TECH DATA - VADDIO","Americas LLC",1224.18,1224.18,"12/21/2021","Standard Distribution","01","Unassigned","0002793704","Standard Order","TA","AV CONFERENCING (VADDIO)",2021,"2021-12",27,"Vaddio","CONFERENCE","ROOM SYSTEM","IT/DMR","002","999-99950-200W","","TECH DATA - VADDIO","Vaddio","3002","33758","E","B0004","B0004P0435","B0004P0435G0014100","Unassigned","CSAV SYSTEM - CEILINGMIC 2 WHT","Projection Screens","B0004P0435G0014100","US Camera Profit Center","3000","0098139319","Unassigned","IT Distribution","12","US - Channel Sales","U1DXC1","United States","Americas - LLC","3000","Mike Leach",null,"Undefined",null,"Texas","United States","United States","Unassigned","DIRECT","AV CAPTURE & COLLABORATION - CAMERAS","4210","0",{"v":0.48137415640370607,"d":"0.48"},2360.43,1224.18,1,2360.43,"USD",1,2360.43]
[1368321353,"01",null,"153742",null,"Invoice","Vaddio","B0004","Dealer","001","Unassigned","3000","Undefined","3000","AUDIO VISUAL CONCEPTS - CAGUAS","AUDIO VISUAL CONCEPTS - PUERTO RICO","Americas LLC",155.28,465.85,"01/21/2021","Standard Distribution","01","Unassigned","0002530278","Standard Order","TA","AV CONFERENCING (VADDIO)",2021,"2021-01",91,"Vaddio","CONFERENCE","AUDIO","AV","001","999-85100-000","","AUDIO VISUAL CONCEPTS - USE 153742","Vaddio","3002","00970","E","B0004","B0004P0435","B0004P0435G0014090","Unassigned","Ceiling MIC System White","Projection Screens","B0004P0435G0014090","US Camera Profit Center","3010","0096695510","Unassigned","AV Integrators","01","Latin Am","U1IXX3","Mexico and Latin America","Export","3010","Andres Garrido",null,"Undefined",null,"Undefined","Puerto Rico","Puerto Rico","Undefined","DIRECT","AV CAPTURE & COLLABORATION - CAMERAS","4210","1",{"v":-0.18182048810188234,"d":"-0.18"},394.18,155.28,3,1182.54,"USD",1,1182.54]
[1368321354,"01","140744","140744",null,"Invoice","Vaddio","B0004","Dealer","001","Unassigned","3000","Undefined","3000","GLOBALLACCESS","GLOBALLACCESS","Americas LLC",675.61,9458.55,"01/22/2021","Standard Distribution","01","Unassigned","0002529187","Standard Order","TA","AV CONTENT CAPTURE (VADDIO)",2021,"2021-01",0,"Vaddio","CONFERENCE","CAMERA","AV","001","999-9990-000B","","GLOBALLACCESS","Vaddio","3002","33138","E","B0004","B0004P0435","B0004P0435G0014105","Unassigned","CONFERENCESHOT 10 SYSTEM","Projection Screens","B0004P0435G0014105","US Camera Profit Center","3010","0096698395","Unassigned","AV Integrators","01","Latin Am","U1IXX3","Mexico and Latin America","Export","3010","Andres Garrido",null,"Undefined",null,"Unassigned","United States","United States","Unassigned","DIRECT","AV CAPTURE & COLLABORATION - CAMERAS","4210","3",{"v":-6.596374704852465,"d":"-6.60"},1245.14,675.61,14,17431.96,"USD",1,17431.96]
[1368321355,"01",null,"128255",null,"Invoice","Vaddio","B0004","Dealer","001","Unassigned","3000","Undefined","3000","ONE TIME - BID SHIP TO ONLY","INGENIERIA COSTA S.A.","Americas LLC",246.23,246.23,"02/12/2021","Standard Distribution","01","Unassigned","0002542085","Standard Order","TA","AV CONFERENCING (VADDIO)",2021,"2021-02",13,"Vaddio","CONFERENCE","AUDIO","AV","001","999-85820-000","","INGENIERIA COSTA S.A.","Vaddio","3002","0819","E","B0004","B0004P0435","B0004P0435G0014090","Unassigned","EasyIP CeilingMIC D Black","Projection Screens","B0004P0435G0014090","US Camera Profit Center","3010","0096781705","Unassigned","AV Integrators","01","Latin Am","U1IXX3","Mexico and Latin America","Export","3010","Andres Garrido",null,"Undefined",null,"Unassigned","United States","Panama","Undefined","DIRECT","AV CAPTURE & COLLABORATION - CAMERAS","4210","4",{"v":0.618248062015504,"d":"0.62"},645,246.23,1,645,"USD",1,645]
[1368321356,"01",null,"153742",null,"Invoice","Vaddio","B0004","Dealer","001","Unassigned","3000","Undefined","3000","ACTION CARGO TRANSPORT","AUDIO VISUAL CONCEPTS - PUERTO RICO","Americas LLC",1170.36,25747.87,"02/10/2021","Standard Distribution","01","Unassigned","0002544847","Standard Order","TA","AV CONFERENCING (VADDIO)",2021,"2021-02",869,"Vaddio","CONFERENCE","ROOM SYSTEM","AV","001","999-99950-200W","","AUDIO VISUAL CONCEPTS - USE 153742","Vaddio","3002","00970","E","B0004","B0004P0435","B0004P0435G0014100","Unassigned","CSAV SYSTEM - CEILINGMIC 2 WHT","Projection Screens","B0004P0435G0014100","US Camera Profit Center","3010","0096776252","Unassigned","AV Integrators","01","Latin Am","U1IXX3","Mexico and Latin America","Export","3010","Andres Garrido",null,"Undefined",null,"Unassigned","United States","Puerto Rico","Undefined","DIRECT","AV CAPTURE & COLLABORATION - CAMERAS","4210","1",{"v":-12.113251846193021,"d":"-12.11"},1963.5,1170.36,22,43197,"USD",1,43197]
[1368321357,"01",null,"153742",null,"Invoice","Vaddio","B0004","Dealer","001","Unassigned","3000","Undefined","3000","AUDIO VISUAL CONCEPTS - CAGUAS","AUDIO VISUAL CONCEPTS - PUERTO RICO","Americas LLC",1231.39,1231.39,"02/08/2021","Standard Distribution","01","Unassigned","0002544638","Standard Order","TA","AV CONFERENCING (VADDIO)",2021,"2021-02",111,"Vaddio","CONFERENCE","ROOM SYSTEM","AV","001","999-99950-400B","","AUDIO VISUAL CONCEPTS - USE 153742","Vaddio","3002","00970","E","B0004","B0004P0435","B0004P0435G0014100","Unassigned","CSAV-TableMIC 2","Projection Screens","B0004P0435G0014100","US Camera Profit Center","3010","0096770845","Unassigned","AV Integrators","01","Latin Am","U1IXX3","Mexico and Latin America","Export","3010","Andres Garrido",null,"Undefined",null,"Undefined","Puerto Rico","Puerto Rico","Undefined","DIRECT","AV CAPTURE & COLLABORATION - CAMERAS","4210","1",{"v":0.37898601522036235,"d":"0.38"},1982.87,1231.39,1,1982.87,"USD",1,1982.87]
[1368321359,"01",null,"125635",null,"Invoice","Vaddio","B0004","Dealer","001","Unassigned","3000","Undefined","3000","CAMERA MUNDI INC","CAMERA MUNDI INC","Americas LLC",694.35,694.35,"04/27/2021","Standard Distribution","01","Unassigned","0002563634","Standard Order","TA","AV CONFERENCING (VADDIO)",2021,"2021-04",0,"Vaddio","CONFERENCE","AUDIO KIT","AV","001","999-86600-000","","CAMERA MUNDI INC","Vaddio","3002","00726","E","B0004","B0004P0435","B0004P0435G0014095","Unassigned","USB AUDIO BUNDLE","Projection Screens","B0004P0435G0014095","US Camera Profit Center","3010","0097072866","Unassigned","AV Integrators","01","Latin Am","U1IXX3","Mexico and Latin America","Export","3010","Andres Garrido",null,"Undefined",null,"Undefined","Puerto Rico","Puerto Rico","Undefined","DIRECT","AV CAPTURE & COLLABORATION - CAMERAS","4210","4",{"v":0.6301514336392545,"d":"0.63"},1877.39,694.35,1,1877.39,"USD",1,1877.39]
[1368321360,"01",null,"153742",null,"Invoice","Vaddio","B0004","Dealer","001","Unassigned","3000","Undefined","3000","AUDIO VISUAL CONCEPTS - CAGUAS","AUDIO VISUAL CONCEPTS - PUERTO RICO","Americas LLC",832.58,5828.08,"05/19/2021","Standard Distribution","01","Unassigned","0002631445","Standard Order","TA","AV CONFERENCING (VADDIO)",2021,"2021-05",506,"Vaddio","CONFERENCE","ROOM SYSTEM","AV","001","999-30230-000W","","AUDIO VISUAL CONCEPTS - USE 153742","Vaddio","3002","00970","E","B0004","B0004P0435","B0004P0435G0014100","Unassigned","EasyIP 20 Camera White","Projection Screens","B0004P0435G0014100","US Camera Profit Center","3010","0097178776","Unassigned","AV Integrators","01","Latin Am","U1IXX3","Mexico and Latin America","Export","3010","Andres Garrido",null,"Undefined",null,"Undefined","Puerto Rico","Puerto Rico","Undefined","DIRECT","AV CAPTURE & COLLABORATION - CAMERAS","4210","1",{"v":-1.6637780520133458,"d":"-1.66"},2187.9,832.58,7,15315.3,"USD",1,15315.3]
[1368321361,"01",null,"153742",null,"Invoice","Vaddio","B0004","Dealer","001","Unassigned","3000","Undefined","3000","AUDIO VISUAL CONCEPTS - CAGUAS","AUDIO VISUAL CONCEPTS - PUERTO RICO","Americas LLC",560.14,1680.43,"05/19/2021","Standard Distribution","01","Unassigned","0002631445","Standard Order","TA","AV CONFERENCING (VADDIO)",2021,"2021-05",0,"Vaddio","CONFERENCE","ROOM SYSTEM","AV","001","999-60320-000","","AUDIO VISUAL CONCEPTS - USE 153742","Vaddio","3002","00970","E","B0004","B0004P0435","B0004P0435G0014100","Unassigned","EasyIP Mixer System Global","Projection Screens","B0004P0435G0014100","US Camera Profit Center","3010","0097178773","Unassigned","AV Integrators","01","Latin Am","U1IXX3","Mexico and Latin America","Export","3010","Andres Garrido",null,"Undefined",null,"Undefined","Puerto Rico","Puerto Rico","Undefined","DIRECT","AV CAPTURE & COLLABORATION - CAMERAS","4210","1",{"v":-0.19149011599875232,"d":"-0.19"},1410.36,560.14,3,4231.08,"USD",1,4231.08]
[1368321362,"01",null,"153742",null,"Invoice","Vaddio","B0004","Dealer","001","Unassigned","3000","Undefined","3000","ACTION CARGO TRANSPORT","AUDIO VISUAL CONCEPTS - PUERTO RICO","Americas LLC",667.67,667.67,"06/08/2021","Standard Distribution","01","Unassigned","0002647253","Standard Order","TA","AV CONTENT CAPTURE (VADDIO)",2021,"2021-06",10,"Vaddio","CONFERENCE","CAMERA","AV","001","999-9990-000W","","AUDIO VISUAL CONCEPTS - USE 153742","Vaddio","3002","00970","E","B0004","B0004P0435","B0004P0435G0014105","Unassigned","CONFERENCESHOT 10 SYSTEM WHITE","Projection Screens","B0004P0435G0014105","US Camera Profit Center","3010","0097249055","Unassigned","AV Integrators","01","Latin Am","U1IXX3","Mexico and Latin America","Export","3010","Andres Garrido",null,"Undefined",null,"Unassigned","United States","Puerto Rico","Undefined","DIRECT","AV CAPTURE & COLLABORATION - CAMERAS","4210","1",{"v":0.4324753922785306,"d":"0.43"},1176.46,667.67,1,1176.46,"USD",1,1176.46]
[1368321363,"01",null,"153742",null,"Invoice","Vaddio","B0004","Dealer","001","Unassigned","3000","Undefined","3000","AUDIO VISUAL CONCEPTS - USE 153742","AUDIO VISUAL CONCEPTS - PUERTO RICO","Americas LLC",1181.42,1181.42,"07/16/2021","Standard Distribution","01","Unassigned","0002672216","Standard Order","TA","AV CONFERENCING (VADDIO)",2021,"2021-07",36,"Vaddio","CONFERENCE","ROOM SYSTEM","AV","001","999-99950-200W","","AUDIO VISUAL CONCEPTS - USE 153742","Vaddio","3002","00970","E","B0004","B0004P0435","B0004P0435G0014100","Unassigned","CSAV SYSTEM - CEILINGMIC 2 WHT","Projection Screens","B0004P0435G0014100","US Camera Profit Center","3010","0097415907","Unassigned","AV Integrators","01","Latin Am","U1IXX3","Mexico and Latin America","Export","3010","Andres Garrido",null,"Undefined",null,"Unassigned","United States","Puerto Rico","Undefined","DIRECT","AV CAPTURE & COLLABORATION - CAMERAS","4210","1",{"v":0.49948949979452895,"d":"0.50"},2360.43,1181.42,1,2360.43,"USD",1,2360.43]
[1368321364,"01",null,"153742",null,"Invoice","Vaddio","B0004","Dealer","001","Unassigned","3000","Undefined","3000","AUDIO VISUAL CONCEPTS - CAGUAS","AUDIO VISUAL CONCEPTS - PUERTO RICO","Americas LLC",635.3,1905.89,"08/12/2021","Standard Distribution","01","Unassigned","0002704272","Standard Order","TA","AV CONFERENCING (VADDIO)",2021,"2021-08",396,"Vaddio","CONFERENCE","ROOM SYSTEM","AV","001","999-30200-000W","","AUDIO VISUAL CONCEPTS - USE 153742","Vaddio","3002","00970","E","B0004","B0004P0435","B0004P0435G0014100","Unassigned","EasyIP 10 Camera White","Projection Screens","B0004P0435G0014100","US Camera Profit Center","3010","0097536445","Unassigned","AV Integrators","01","Latin Am","U1IXX3","Mexico and Latin America","Export","3010","Andres Garrido",null,"Undefined",null,"Undefined","Puerto Rico","Puerto Rico","Undefined","DIRECT","AV CAPTURE & COLLABORATION - CAMERAS","4210","1",{"v":-0.028370860784218577,"d":"-0.03"},1853.31,635.3,3,5559.93,"USD",1,5559.93]
[1368321365,"01",null,"125635",null,"Invoice","Vaddio","B0004","Dealer","001","Unassigned","3000","Undefined","3000","CAMERA MUNDI INC","CAMERA MUNDI INC","Americas LLC",707.95,707.95,"08/27/2021","Standard Distribution","01","Unassigned","0002670424","Standard Order","TA","AV CONFERENCING (VADDIO)",2021,"2021-08",429,"Vaddio","CONFERENCE","AUDIO KIT","AV","001","999-86600-000","","CAMERA MUNDI INC","Vaddio","3002","00726","E","B0004","B0004P0435","B0004P0435G0014095","Unassigned","USB AUDIO BUNDLE","Projection Screens","B0004P0435G0014095","US Camera Profit Center","3010","0097599358","Unassigned","AV Integrators","01","Latin Am","U1IXX3","Mexico and Latin America","Export","3010","Andres Garrido",null,"Undefined",null,"Undefined","Puerto Rico","Puerto Rico","Undefined","DIRECT","AV CAPTURE & COLLABORATION - CAMERAS","4210","4",{"v":0.6229073341181108,"d":"0.62"},1877.39,707.95,1,1877.39,"USD",1,1877.39]
[1368321366,"01",null,"125635",null,"Invoice","Vaddio","B0004","Dealer","001","Unassigned","3000","Undefined","3000","CAMERA MUNDI INC","CAMERA MUNDI INC","Americas LLC",707.95,707.95,"08/27/2021","Standard Distribution","01","Unassigned","0002673757","Standard Order","TA","AV CONFERENCING (VADDIO)",2021,"2021-08",429,"Vaddio","CONFERENCE","AUDIO KIT","AV","001","999-86600-000","","CAMERA MUNDI INC","Vaddio","3002","00726","E","B0004","B0004P0435","B0004P0435G0014095","Unassigned","USB AUDIO BUNDLE","Projection Screens","B0004P0435G0014095","US Camera Profit Center","3010","0097599359","Unassigned","AV Integrators","01","Latin Am","U1IXX3","Mexico and Latin America","Export","3010","Andres Garrido",null,"Undefined",null,"Undefined","Puerto Rico","Puerto Rico","Undefined","DIRECT","AV CAPTURE & COLLABORATION - CAMERAS","4210","4",{"v":0.6229073341181108,"d":"0.62"},1877.39,707.95,1,1877.39,"USD",1,1877.39]
[1368321367,"01",null,"139841",null,"EDI Invoice","Vaddio","B0004","Distributor - National","002","Unassigned","3000","Undefined","3000","ENTER ALTERNATE ADDRESS (US)","EXERTIS (VADDIO)","Americas LLC",74.67,74.67,"10/05/2021","Standard Distribution","01","STAMPEDE","0040923361","EDI Order","ZEDI","AV CONTENT CAPTURE (VADDIO)",2021,"2021-10",0,"Vaddio","CAM EXTENSIONS","EXT CABLES","AV","001","440-1005-061","STAMPEDE PRESENTATION","STAMPEDE PRESENTATION","Vaddio","3002","14228","F","B0004","B0004P0415","B0004P0415G0014040","Unassigned","ACTIVE OPTICAL USB 3.0 A/B PLENUM 8M","Projection Screens","B0004P0415G0014040","US Camera Profit Center","3000","0097770359","Unassigned","AV Distribution","08","US - Channel Sales","U1DXC1","United States","Americas - LLC","3000","Patrick Mead",null,"Undefined",null,"Texas","United States","United States","New York","DIRECT","AV CAPTURE & COLLABORATION - CAMERAS","4210","0",{"v":0.5042161875041498,"d":"0.50"},150.61,74.67,1,150.61,"USD",1,150.61]
[1368321368,"01",null,"125635",null,"Invoice","Vaddio","B0004","Dealer","001","Unassigned","3000","Undefined","3000","CAMERA MUNDI INC","CAMERA MUNDI INC","Americas LLC",145.68,291.36,"11/30/2021","Standard Distribution","01","Unassigned","0002781857","Standard Order","TA","AV CONFERENCING (VADDIO)",2021,"2021-11",90,"Vaddio","CONFERENCE","AUDIO","AV","001","999-8535-000","","CAMERA MUNDI INC","Vaddio","3002","00726","E","B0004","B0004P0435","B0004P0435G0014090","Unassigned","EasyUSB MicPOD I/O N/A","Projection Screens","B0004P0435G0014090","US Camera Profit Center","3010","0098023754","Unassigned","AV Integrators","01","Latin Am","U1IXX3","Mexico and Latin America","Export","3010","Andres Garrido",null,"Undefined",null,"Undefined","Puerto Rico","Puerto Rico","Undefined","DIRECT","AV CAPTURE & COLLABORATION - CAMERAS","4210","4",{"v":0.42054810866711745,"d":"0.42"},502.82,145.68,2,1005.64,"USD",1,1005.64]
[1368321369,"01",null,"153742",null,"Invoice","Vaddio","B0004","Dealer","001","Unassigned","3000","Undefined","3000","CUSTOM PACKING LIST SHIP TO (US)","AUDIO VISUAL CONCEPTS - PUERTO RICO","Americas LLC",227.77,1366.6,"11/18/2021","Standard Distribution","01","Unassigned","0002755836","Standard Order","TA","AV CONFERENCING (VADDIO)",2021,"2021-11",73,"Vaddio","CONFERENCE","AUDIO","AV","001","999-85810-000","","AUDIO VISUAL CONCEPTS - PUERTO RICO","Vaddio","3002","00970","E","B0004","B0004P0435","B0004P0435G0014090","Unassigned","EasyIP CeilingMIC D White","Projection Screens","B0004P0435G0014090","US Camera Profit Center","3010","0097955412","Unassigned","AV Integrators","01","Latin Am","U1IXX3","Mexico and Latin America","Export","3010","Andres Garrido",null,"Undefined",null,"Unassigned","United States","Puerto Rico","Undefined","DIRECT","AV CAPTURE & COLLABORATION - CAMERAS","4210","1",{"v":-1.4360071301247772,"d":"-1.44"},561,227.77,6,3366,"USD",1,3366]
[1368321370,"01",null,"125635",null,"Invoice","Vaddio","B0004","Dealer","001","Unassigned","3000","Undefined","3000","CAMERA MUNDI INC","CAMERA MUNDI INC","Americas LLC",800.85,800.85,"11/09/2021","Standard Distribution","01","Unassigned","0002753072","Standard Order","TA","AV CONFERENCING (VADDIO)",2021,"2021-11",292,"Vaddio","CONFERENCE","AUDIO KIT","AV","001","999-88100-000","","CAMERA MUNDI INC","Vaddio","3002","00726","E","B0004","B0004P0435","B0004P0435G0014095","Unassigned","EasyUSB MicPOD I/O w/Four C-MICs N/A","Projection Screens","B0004P0435G0014095","US Camera Profit Center","3010","0097919865","Unassigned","AV Integrators","01","Latin Am","U1IXX3","Mexico and Latin America","Export","3010","Andres Garrido",null,"Undefined",null,"Undefined","Puerto Rico","Puerto Rico","Undefined","DIRECT","AV CAPTURE & COLLABORATION - CAMERAS","4210","4",{"v":0.6219302635181706,"d":"0.62"},2118.26,800.85,1,2118.26,"USD",1,2118.26]
[1368321371,"01","141431","141431",null,"Invoice","Vaddio","B0004","Distributor - National","002","Unassigned","3000","Undefined","3000","AUDIO VIDEO EXPORT LLC","AUDIO VIDEO EXPORT LLC","Americas LLC",478.33,478.33,"12/08/2021","Standard Distribution","01","Unassigned","0002774297","Standard Order","TA","AV CONFERENCING (VADDIO)",2021,"2021-12",27,"Vaddio","CONFERENCE","AUDIO KIT","AV","001","999-88000-000","","AUDIO VIDEO EXPORT LLC","Vaddio","3002","33178","E","B0004","B0004P0435","B0004P0435G0014095","Unassigned","EasyUSB MicPOD I/O w/Two C-MICs N/A","Projection Screens","B0004P0435G0014095","US Camera Profit Center","3010","0098055225","POLARIS CONTROLS INC","AV Integrators","01","Latin Am","U1IXX3","Mexico and Latin America","Export","3010","Andres Garrido",null,"Undefined",null,"Unassigned","United States","United States","Unassigned","DIRECT","AV CAPTURE & COLLABORATION - CAMERAS","4210","4",{"v":0.6317535836913175,"d":"0.63"},1298.94,478.33,1,1298.94,"USD",1,1298.94]
[1368321372,"01","131672","131672",null,"Invoice Repair","Vaddio","B0004","Dealer","001","Unassigned","3000","Undefined","3000","AVI-SPL LLC","AVI-SPL LLC","Americas LLC",0,0,"01/26/2021","Standard Distribution","01","Unassigned","0060443303","Undefined","00","AV CONFERENCING (VADDIO)",2021,"2021-01",0,"Vaddio","CONFERENCE","AUDIO","AV","001","999-85100-000","AVI-SPL","AVI-SPL","Vaddio","3002","33634","E","B0004","B0004P0435","B0004P0435G0014090","Unassigned","Ceiling MIC System White","Projection Screens","B0004P0435G0014090","US Camera Profit Center","3000","0004069866","Unassigned","AV Integrators","01","South","U1DXP2","United States","Americas - LLC","3000","Keri Manasa",null,"Undefined",null,"Unassigned","United States","United States","Unassigned","DIRECT","AV CAPTURE & COLLABORATION - CAMERAS","4210","1",{"v":0,"d":"0.00"},358.16,0,-55,-19698.8,"USD",1,-19698.8]
[1368321373,"01",null,"131672",null,"EDI Invoice","Vaddio","B0004","Dealer","001","Unassigned","3000","Undefined","3000","ENTER ALTERNATE ADDRESS (US)","AVI-SPL LLC","Americas LLC",155.29,310.57,"01/20/2021","Standard Distribution","01","Unassigned","0040728699","EDI Order","ZEDI","AV CONFERENCING (VADDIO)",2021,"2021-01",10,"Vaddio","CONFERENCE","AUDIO","AV","001","999-85100-000","AVI-SPL","AVI-SPL","Vaddio","3002","33634","E","B0004","B0004P0435","B0004P0435G0014090","Unassigned","Ceiling MIC System White","Projection Screens","B0004P0435G0014090","US Camera Profit Center","3000","0096693345","Unassigned","AV Integrators","01","NorthEast","U1DXP1","United States","Americas - LLC","3000","Geoff Gibbs",null,"Undefined",null,"Unassigned","United States","United States","Unassigned","DIRECT","AV CAPTURE & COLLABORATION - CAMERAS","4210","1",{"v":0.3066550577099101,"d":"0.31"},447.93,155.29,2,895.86,"USD",1,895.86]
[1368321375,"01",null,"131672",null,"EDI Invoice","Vaddio","B0004","Dealer","001","Unassigned","3000","Undefined","3000","ENTER ALTERNATE ADDRESS (US)","AVI-SPL LLC","Americas LLC",209.72,629.15,"01/07/2021","Standard Distribution","01","Unassigned","0040710118","EDI Order","ZEDI","AV CONFERENCING (VADDIO)",2021,"2021-01",18,"Vaddio","CONFERENCE","AUDIO","AV","001","999-8530-000","AVI-SPL","AVI-SPL","Vaddio","3002","33634","E","B0004","B0004P0435","B0004P0435G0014090","Unassigned","EASYUSB MIXER/AMP SYSTEM","Projection Screens","B0004P0435G0014090","US Camera Profit Center","3000","0096621169","Unassigned","AV Integrators","01","NorthEast","U1DXP1","United States","Americas - LLC","3000","Geoff Gibbs",null,"Undefined",null,"Unassigned","United States","United States","Unassigned","DIRECT","AV CAPTURE & COLLABORATION - CAMERAS","4210","1",{"v":0.15980021634326458,"d":"0.16"},748.81,209.72,3,2246.43,"USD",1,2246.43]
[1368321376,"01",null,"131672",null,"EDI Invoice","Vaddio","B0004","Dealer","001","Unassigned","3000","Undefined","3000","ENTER ALTERNATE ADDRESS (US)","AVI-SPL LLC","Americas LLC",214.68,214.68,"01/20/2021","Standard Distribution","01","Unassigned","0040728699","EDI Order","ZEDI","AV CONFERENCING (VADDIO)",2021,"2021-01",8,"Vaddio","CONFERENCE","AUDIO","AV","001","999-8530-000","AVI-SPL","AVI-SPL","Vaddio","3002","33634","E","B0004","B0004P0435","B0004P0435G0014090","Unassigned","EASYUSB MIXER/AMP SYSTEM","Projection Screens","B0004P0435G0014090","US Camera Profit Center","3000","0096693345","Unassigned","AV Integrators","01","NorthEast","U1DXP1","United States","Americas - LLC","3000","Geoff Gibbs",null,"Undefined",null,"Unassigned","United States","United States","Unassigned","DIRECT","AV CAPTURE & COLLABORATION - CAMERAS","4210","1",{"v":0.7133051107757642,"d":"0.71"},748.81,214.68,1,748.81,"USD",1,748.81]
[1368321377,"01",null,"131672",null,"EDI Invoice","Vaddio","B0004","Dealer","001","Unassigned","3000","Undefined","3000","ENTER ALTERNATE ADDRESS (US)","AVI-SPL LLC","Americas LLC",976.43,976.43,"01/15/2021","Standard Distribution","01","Unassigned","0040724086","EDI Order","ZEDI","AV CONFERENCING (VADDIO)",2021,"2021-01",18,"Vaddio","CONFERENCE","ROOM SYSTEM","AV","001","999-99950-700B","AVI-SPL","AVI-SPL","Vaddio","3002","33634","E","B0004","B0004P0435","B0004P0435G0014100","Unassigned","CSAV SYS CEILINGMIC 2 (W/O SPKR)","Projection Screens","B0004P0435G0014100","US Camera Profit Center","3000","0096654210","Unassigned","AV Integrators","01","West","U1DXP4","United States","Americas - LLC","3000","Dana Sanders Nickel",null,"Undefined",null,"New Mexico","United States","United States","Unassigned","DIRECT","AV CAPTURE & COLLABORATION - CAMERAS","4210","1",{"v":0.566658974108625,"d":"0.57"},2253.26,976.43,1,2253.26,"USD",1,2253.26]
[1368321378,"01",null,"131672",null,"EDI Invoice","Vaddio","B0004","Dealer","001","Unassigned","3000","Undefined","3000","ENTER ALTERNATE ADDRESS (US)","AVI-SPL LLC","Americas LLC",1043.04,5215.2,"02/15/2021","Standard Distribution","01","Unassigned","0040748434","EDI Order","ZEDI","AV CONFERENCING (VADDIO)",2021,"2021-02",45,"Vaddio","CONFERENCE","ROOM SYSTEM","AV","001","999-30201-000","AVI-SPL","AVI-SPL","Vaddio","3002","33634","E","B0004","B0004P0435","B0004P0435G0014100","Unassigned","EasyIP 10 Base Kit Black","Projection Screens","B0004P0435G0014100","US Camera Profit Center","3000","0096784798","Unassigned","AV Integrators","01","MidWest","U1DXP3","United States","Americas - LLC","3000","Kristin Dacey",null,"Undefined",null,"Unassigned","United States","United States","Unassigned","DIRECT","AV CAPTURE & COLLABORATION - CAMERAS","4210","1",{"v":-0.8931663490334876,"d":"-0.89"},2754.75,1043.04,5,13773.75,"USD",1,13773.75]
[1368321379,"01",null,"131672",null,"EDI Invoice","Vaddio","B0004","Dealer","001","Unassigned","3000","Undefined","3000","ENTER ALTERNATE ADDRESS (US)","AVI-SPL LLC","Americas LLC",752.27,752.27,"02/16/2021","Standard Distribution","01","Unassigned","0040751125","EDI Order","ZEDI","AV CONFERENCING (VADDIO)",2021,"2021-02",18,"Vaddio","CONFERENCE","ROOM SYSTEM","AV","001","999-50707-000","AVI-SPL","AVI-SPL","Vaddio","3002","33634","E","B0004","B0004P0435","B0004P0435G0014100","Unassigned","HuddleSHOT BLACK","Projection Screens","B0004P0435G0014100","US Camera Profit Center","3000","0096786908","Unassigned","AV Integrators","01","NorthEast","U1DXP1","United States","Americas - LLC","3000","Geoff Gibbs",null,"Undefined",null,"Unassigned","United States","United States","Unassigned","DIRECT","AV CAPTURE & COLLABORATION - CAMERAS","4210","1",{"v":0.3556739441384804,"d":"0.36"},1167.53,752.27,1,1167.53,"USD",1,1167.53]
[1368321380,"01",null,"131672",null,"EDI Invoice","Vaddio","B0004","Dealer","001","Unassigned","3000","Undefined","3000","ENTER ALTERNATE ADDRESS (US)","AVI-SPL LLC","Americas LLC",559,559,"02/16/2021","Standard Distribution","01","Unassigned","0040750568","EDI Order","ZEDI","AV CONFERENCING (VADDIO)",2021,"2021-02",4,"Vaddio","CONFERENCE","ROOM SYSTEM","AV","001","999-60320-000","AVI-SPL","AVI-SPL","Vaddio","3002","33634","E","B0004","B0004P0435","B0004P0435G0014100","Unassigned","EasyIP Mixer System Global","Projection Screens","B0004P0435G0014100","US Camera Profit Center","3000","0096786868","Unassigned","AV Integrators","01","MidWest","U1DXP3","United States","Americas - LLC","3000","Kristin Dacey",null,"Undefined",null,"Unassigned","United States","United States","Unassigned","DIRECT","AV CAPTURE & COLLABORATION - CAMERAS","4210","1",{"v":0.6442322991249005,"d":"0.64"},1571.25,559,1,1571.25,"USD",1,1571.25]
[1368321381,"01",null,"131672",null,"EDI Invoice","Vaddio","B0004","Dealer","001","Unassigned","3000","Undefined","3000","ENTER ALTERNATE ADDRESS (US)","AVI-SPL LLC","Americas LLC",214.68,214.68,"02/02/2021","Standard Distribution","01","Unassigned","0040740022","EDI Order","ZEDI","AV CONFERENCING (VADDIO)",2021,"2021-02",8,"Vaddio","CONFERENCE","AUDIO","AV","001","999-8530-000","AVI-SPL","AVI-SPL","Vaddio","3002","33634","E","B0004","B0004P0435","B0004P0435G0014090","Unassigned","EASYUSB MIXER/AMP SYSTEM","Projection Screens","B0004P0435G0014090","US Camera Profit Center","3000","0096743126","Unassigned","AV Integrators","01","South","U1DXP2","United States","Americas - LLC","3000","Angela Tener",null,"Undefined",null,"Georgia","United States","United States","Unassigned","DIRECT","AV CAPTURE & COLLABORATION - CAMERAS","4210","1",{"v":0.7133051107757642,"d":"0.71"},748.81,214.68,1,748.81,"USD",1,748.81]
[1368321382,"01",null,"131672",null,"EDI Invoice","Vaddio","B0004","Dealer","001","Unassigned","3000","Undefined","3000","ENTER ALTERNATE ADDRESS (US)","AVI-SPL LLC","Americas LLC",211.76,211.76,"02/16/2021","Standard Distribution","01","Unassigned","0040750260","EDI Order","ZEDI","AV CONFERENCING (VADDIO)",2021,"2021-02",10,"Vaddio","CONFERENCE","AUDIO","AV","001","999-8530-000","AVI-SPL","AVI-SPL","Vaddio","3002","33634","E","B0004","B0004P0435","B0004P0435G0014090","Unassigned","EASYUSB MIXER/AMP SYSTEM","Projection Screens","B0004P0435G0014090","US Camera Profit Center","3000","0096786867","Unassigned","AV Integrators","01","West","U1DXP4","United States","Americas - LLC","3000","Dana Sanders Nickel",null,"Undefined",null,"Unassigned","United States","United States","Unassigned","DIRECT","AV CAPTURE & COLLABORATION - CAMERAS","4210","1",{"v":0.7172046313484062,"d":"0.72"},748.81,211.76,1,748.81,"USD",1,748.81]
[1368321383,"01",null,"131672",null,"Credit Memo","Vaddio","B0004","Dealer","001","Unassigned","3000","Undefined","3000","ONE TIME - BID SHIP TO ONLY","AVI-SPL LLC","Americas LLC",0,0,"02/02/2021","Standard Distribution","01","Unassigned","0060468760","Credit Memo Request","G2","AV CONFERENCING (VADDIO)",2021,"2021-02",0,"Vaddio","CONFERENCE","ROOM SYSTEM","AV","001","999-9995-000W","AVI-SPL","AVI-SPL","Vaddio","3002","33634","E","B0004","B0004P0435","B0004P0435G0014100","Unassigned","CONFERENCESHOT AV CAMERA WHITE","Projection Screens","B0004P0435G0014100","US Camera Profit Center","3000","0096743079","Unassigned","AV Integrators","01","South","U1DXP2","United States","Americas - LLC","3000","Ken Phillips",null,"Undefined",null,"Texas","United States","United States","Unassigned","DIRECT","AV CAPTURE & COLLABORATION - CAMERAS","4210","1",{"v":0,"d":"0.00"},null,0,0,-10579.5,"USD",1,-10579.5]
[1368321384,"01",null,"131672",null,"EDI Invoice","Vaddio","B0004","Dealer","001","Unassigned","3000","Undefined","3000","ENTER ALTERNATE ADDRESS (US)","AVI-SPL LLC","Americas LLC",635.5,635.5,"03/17/2021","Standard Distribution","01","Unassigned","0040772210","EDI Order","ZEDI","AV CONFERENCING (VADDIO)",2021,"2021-03",15,"Vaddio","CONFERENCE","ROOM SYSTEM","AV","001","999-30200-000W","AVI-SPL","AVI-SPL","Vaddio","3002","33634","E","B0004","B0004P0435","B0004P0435G0014100","Unassigned","EasyIP 10 Camera White","Projection Screens","B0004P0435G0014100","US Camera Profit Center","3000","0096920973","Unassigned","AV Integrators","01","South","U1DXP2","United States","Americas - LLC","3000","Angela Tener",null,"Undefined",null,"Georgia","United States","United States","Unassigned","DIRECT","AV CAPTURE & COLLABORATION - CAMERAS","4210","1",{"v":0.6860565641595653,"d":"0.69"},2024.25,635.5,1,2024.25,"USD",1,2024.25]
[1368321385,"01",null,"131672",null,"EDI Invoice","Vaddio","B0004","Dealer","001","Unassigned","3000","Undefined","3000","ENTER ALTERNATE ADDRESS (US)","AVI-SPL LLC","Americas LLC",632.59,632.59,"04/28/2021","Standard Distribution","01","Unassigned","0040803217","EDI Order","ZEDI","AV CONFERENCING (VADDIO)",2021,"2021-04",0,"Vaddio","CONFERENCE","ROOM SYSTEM","AV","001","999-30200-000W","AVI-SPL","AVI-SPL","Vaddio","3002","33634","E","B0004","B0004P0435","B0004P0435G0014100","Unassigned","EasyIP 10 Camera White","Projection Screens","B0004P0435G0014100","US Camera Profit Center","3000","0097076447","Unassigned","AV Integrators","01","South","U1DXP2","United States","Americas - LLC","3000","David Sweeney",null,"Undefined",null,"Texas","United States","United States","Unassigned","DIRECT","AV CAPTURE & COLLABORATION - CAMERAS","4210","1",{"v":0.6874941336297393,"d":"0.69"},2024.25,632.59,1,2024.25,"USD",1,2024.25]
[1368321386,"01",null,"131672",null,"EDI Invoice","Vaddio","B0004","Dealer","001","Unassigned","3000","Undefined","3000","ENTER ALTERNATE ADDRESS (US)","AVI-SPL LLC","Americas LLC",562.47,1687.42,"04/27/2021","Standard Distribution","01","Unassigned","0040802868","EDI Order","ZEDI","AV CONFERENCING (VADDIO)",2021,"2021-04",0,"Vaddio","CONFERENCE","ROOM SYSTEM","AV","001","999-60320-000","AVI-SPL","AVI-SPL","Vaddio","3002","33634","E","B0004","B0004P0435","B0004P0435G0014100","Unassigned","EasyIP Mixer System Global","Projection Screens","B0004P0435G0014100","US Camera Profit Center","3000","0097073755","Unassigned","AV Integrators","01","MidWest","U1DXP3","United States","Americas - LLC","3000","Kristin Dacey",null,"Undefined",null,"Unassigned","United States","United States","Unassigned","DIRECT","AV CAPTURE & COLLABORATION - CAMERAS","4210","1",{"v":-0.07393476531424037,"d":"-0.07"},1571.25,562.47,3,4713.75,"USD",1,4713.75]
[1368321387,"01",null,"131672",null,"EDI Invoice","Vaddio","B0004","Dealer","001","Unassigned","3000","Undefined","3000","ENTER ALTERNATE ADDRESS (US)","AVI-SPL LLC","Americas LLC",160.98,160.98,"04/30/2021","Standard Distribution","01","Unassigned","0040805183","EDI Order","ZEDI","AV CONFERENCING (VADDIO)",2021,"2021-04",0,"Vaddio","CONFERENCE","AUDIO","AV","001","999-85100-000","AVI-SPL","AVI-SPL","Vaddio","3002","33634","E","B0004","B0004P0435","B0004P0435G0014090","Unassigned","Ceiling MIC System White","Projection Screens","B0004P0435G0014090","US Camera Profit Center","3000","0097088120","Unassigned","AV Integrators","01","MidWest","U1DXP3","United States","Americas - LLC","3000","Brian Mungo",null,"Undefined",null,"Ohio","United States","United States","Unassigned","DIRECT","AV CAPTURE & COLLABORATION - CAMERAS","4210","1",{"v":0.6406134887147545,"d":"0.64"},447.93,160.98,1,447.93,"USD",1,447.93]
[1368321388,"01",null,"131672",null,"Invoice","Vaddio","B0004","Dealer","001","Unassigned","3000","Undefined","3000","ENTER ALTERNATE ADDRESS (US)","AVI-SPL LLC","Americas LLC",457.01,457.01,"04/09/2021","Standard Distribution","01","Unassigned","0002597186","Standard Order","TA","AV CONFERENCING (VADDIO)",2021,"2021-04",35,"Vaddio","CONFERENCE","AUDIO KIT","AV","001","999-88000-000","AVI-SPL","AVI-SPL","Vaddio","3002","33634","E","B0004","B0004P0435","B0004P0435G0014095","Unassigned","EasyUSB MicPOD I/O w/Two C-MICs N/A","Projection Screens","B0004P0435G0014095","US Camera Profit Center","3000","0097015851","Unassigned","AV Integrators","01","South","U1DXP2","United States","Americas - LLC","3000","Angela Tener",null,"Undefined",null,"Georgia","United States","United States","Unassigned","DIRECT","AV CAPTURE & COLLABORATION - CAMERAS","4210","1",{"v":0.6778784140969163,"d":"0.68"},1418.75,457.01,1,1418.75,"USD",1,1418.75]
[1368321389,"01",null,"131672",null,"EDI Invoice","Vaddio","B0004","Dealer","001","Unassigned","3000","Undefined","3000","ENTER ALTERNATE ADDRESS (US)","AVI-SPL LLC","Americas LLC",632.12,632.12,"05/13/2021","Standard Distribution","01","Unassigned","0040813895","EDI Order","ZEDI","AV CONFERENCING (VADDIO)",2021,"2021-05",20,"Vaddio","CONFERENCE","ROOM SYSTEM","AV","001","999-30200-000W","AVI-SPL","AVI-SPL","Vaddio","3002","33634","E","B0004","B0004P0435","B0004P0435G0014100","Unassigned","EasyIP 10 Camera White","Projection Screens","B0004P0435G0014100","US Camera Profit Center","3000","0097149060","Unassigned","AV Integrators","01","South","U1DXP2","United States","Americas - LLC","3000","Angela Tener",null,"Undefined",null,"Georgia","United States","United States","Unassigned","DIRECT","AV CAPTURE & COLLABORATION - CAMERAS","4210","1",{"v":0.687726318389527,"d":"0.69"},2024.25,632.12,1,2024.25,"USD",1,2024.25]
[1368321390,"01",null,"131672",null,"EDI Invoice","Vaddio","B0004","Dealer","001","Unassigned","3000","Undefined","3000","ENTER ALTERNATE ADDRESS (US)","AVI-SPL LLC","Americas LLC",160.99,2897.82,"05/03/2021","Standard Distribution","01","Unassigned","0040807159","EDI Order","ZEDI","AV CONFERENCING (VADDIO)",2021,"2021-05",35,"Vaddio","CONFERENCE","AUDIO","AV","001","999-85100-000","AVI-SPL","AVI-SPL","Vaddio","3002","33634","E","B0004","B0004P0435","B0004P0435G0014090","Unassigned","Ceiling MIC System White","Projection Screens","B0004P0435G0014090","US Camera Profit Center","3000","0097091060","Unassigned","AV Integrators","01","West","U1DXP4","United States","Americas - LLC","3000","Dana Sanders Nickel",null,"Undefined",null,"New Mexico","United States","United States","Unassigned","DIRECT","AV CAPTURE & COLLABORATION - CAMERAS","4210","1",{"v":-5.809907644584402,"d":"-5.81"},425.53,160.99,18,7659.54,"USD",1,7659.54]
[1368321391,"01",null,"133711",null,"Invoice","Vaddio","B0004","Dealer","001","PROFESSIONAL SYSTEMS NETWORK INTL","3000","Undefined","3000","DIVERSIFIED - BIRMINGHAM","ONE DIVERSIFIED (GA)","Americas LLC",324.28,324.28,"01/07/2021","Standard Distribution","01","Unassigned","0002518470","Standard Order","TA","AV CONTENT CAPTURE (VADDIO)",2021,"2021-01",13,"Vaddio","CAM EXTENSIONS","EXT HUBS","AV","001","999-1005-032","","ONE DIVERSIFIED (GA)","Vaddio","3002","30071","X","B0004","B0004P0415","B0004P0415G0014045","Unassigned","USB 3.0 EXTENDER SYSTEM N/A","Projection Screens","B0004P0415G0014045","US Camera Profit Center","3000","0096621665","Unassigned","AV Integrators","01","South","U1DXP2","United States","Americas - LLC","3000","Kalee Luke",null,"Undefined",null,"Unassigned","United States","United States","Georgia","DIRECT","AV CAPTURE & COLLABORATION - CAMERAS","4210","1",{"v":0.7222512483619266,"d":"0.72"},1167.53,324.28,1,1167.53,"USD",1,1167.53]
[1368321392,"01",null,"131672",null,"EDI Invoice","Vaddio","B0004","Dealer","001","Unassigned","3000","Undefined","3000","ENTER ALTERNATE ADDRESS (US)","AVI-SPL LLC","Americas LLC",665.53,1996.6,"05/04/2021","Standard Distribution","01","Unassigned","0040805615","EDI Order","ZEDI","AV CONTENT CAPTURE (VADDIO)",2021,"2021-05",18,"Vaddio","CONFERENCE","CAMERA","AV","001","999-9990-000B","AVI-SPL","AVI-SPL","Vaddio","3002","33634","E","B0004","B0004P0435","B0004P0435G0014105","Unassigned","CONFERENCESHOT 10 SYSTEM","Projection Screens","B0004P0435G0014105","US Camera Profit Center","3000","0097093490","Unassigned","AV Integrators","01","South","U1DXP2","United States","Americas - LLC","3000","Angela Tener",null,"Undefined",null,"Georgia","United States","United States","Unassigned","DIRECT","AV CAPTURE & COLLABORATION - CAMERAS","4210","1",{"v":-0.5233430230340206,"d":"-0.52"},1310.67,665.53,3,3932.01,"USD",1,3932.01]
[1368321393,"01",null,"131672",null,"EDI Invoice","Vaddio","B0004","Dealer","001","Unassigned","3000","Undefined","3000","ENTER ALTERNATE ADDRESS (US)","AVI-SPL LLC","Americas LLC",1594.08,1594.08,"06/04/2021","Standard Distribution","01","Unassigned","0040829387","EDI Order","ZEDI","AV CONFERENCING (VADDIO)",2021,"2021-06",0,"Vaddio","CONFERENCE","ROOM SYSTEM","AV","001","999-30231-000W","AVI-SPL","AVI-SPL","Vaddio","3002","33634","E","B0004","B0004P0435","B0004P0435G0014100","Unassigned","EasyIP 20 Mixer Base Kit White NA","Projection Screens","B0004P0435G0014100","US Camera Profit Center","3000","0097244335","Unassigned","AV Integrators","01","South","U1DXP2","United States","Americas - LLC","3000","David Sweeney",null,"Undefined",null,"Texas","United States","United States","Unassigned","DIRECT","AV CAPTURE & COLLABORATION - CAMERAS","4210","1",{"v":0.6184649850289727,"d":"0.62"},4178.07,1594.08,1,4178.07,"USD",1,4178.07]
[1368321394,"01",null,"131672",null,"EDI Invoice","Vaddio","B0004","Dealer","001","Unassigned","3000","Undefined","3000","ENTER ALTERNATE ADDRESS (US)","AVI-SPL LLC","Americas LLC",1594.81,1594.81,"06/10/2021","Standard Distribution","01","Unassigned","0040831638","EDI Order","ZEDI","AV CONFERENCING (VADDIO)",2021,"2021-06",18,"Vaddio","CONFERENCE","ROOM SYSTEM","AV","001","999-30231-000W","AVI-SPL","AVI-SPL","Vaddio","3002","33634","E","B0004","B0004P0435","B0004P0435G0014100","Unassigned","EasyIP 20 Mixer Base Kit White NA","Projection Screens","B0004P0435G0014100","US Camera Profit Center","3000","0097259368","Unassigned","AV Integrators","01","NorthEast","U1DXP1","United States","Americas - LLC","3000","Bryan Torino",null,"Undefined",null,"New Jersey","United States","United States","Unassigned","DIRECT","AV CAPTURE & COLLABORATION - CAMERAS","4210","1",{"v":0.5982006313662555,"d":"0.60"},3969.17,1594.81,1,3969.17,"USD",1,3969.17]
[1368321395,"01",null,"131672",null,"EDI Invoice","Vaddio","B0004","Dealer","001","Unassigned","3000","Undefined","3000","ENTER ALTERNATE ADDRESS (US)","AVI-SPL LLC","Americas LLC",163.3,326.59,"06/14/2021","Standard Distribution","01","Unassigned","0040834310","EDI Order","ZEDI","AV CONFERENCING (VADDIO)",2021,"2021-06",18,"Vaddio","CONFERENCE","AUDIO","AV","001","999-85100-000","AVI-SPL","AVI-SPL","Vaddio","3002","33634","E","B0004","B0004P0435","B0004P0435G0014090","Unassigned","Ceiling MIC System White","Projection Screens","B0004P0435G0014090","US Camera Profit Center","3000","0097283156","Unassigned","AV Integrators","01","South","U1DXP2","United States","Americas - LLC","3000","Angela Tener",null,"Undefined",null,"Georgia","United States","United States","Unassigned","DIRECT","AV CAPTURE & COLLABORATION - CAMERAS","4210","1",{"v":0.2851889951629495,"d":"0.29"},456.89,163.3,2,913.78,"USD",1,913.78]
[1368321396,"01",null,"131672",null,"EDI Invoice","Vaddio","B0004","Dealer","001","Unassigned","3000","Undefined","3000","ENTER ALTERNATE ADDRESS (US)","AVI-SPL LLC","Americas LLC",163.24,163.24,"06/17/2021","Standard Distribution","01","Unassigned","0040841467","EDI Order","ZEDI","AV CONFERENCING (VADDIO)",2021,"2021-06",7,"Vaddio","CONFERENCE","AUDIO","AV","001","999-85100-000","AVI-SPL","AVI-SPL","Vaddio","3002","33634","E","B0004","B0004P0435","B0004P0435G0014090","Unassigned","Ceiling MIC System White","Projection Screens","B0004P0435G0014090","US Camera Profit Center","3000","0097291604","Unassigned","AV Integrators","01","South","U1DXP2","United States","Americas - LLC","3000","Angela Tener",null,"Undefined",null,"Georgia","United States","United States","Unassigned","DIRECT","AV CAPTURE & COLLABORATION - CAMERAS","4210","1",{"v":0.6427148766661559,"d":"0.64"},456.89,163.24,1,456.89,"USD",1,456.89]
[1368321397,"01",null,"131672",null,"EDI Invoice","Vaddio","B0004","Dealer","001","Unassigned","3000","Undefined","3000","ENTER ALTERNATE ADDRESS (US)","AVI-SPL LLC","Americas LLC",219.88,1759.03,"06/25/2021","Standard Distribution","01","Unassigned","0040808052","EDI Order","ZEDI","AV CONFERENCING (VADDIO)",2021,"2021-06",18,"Vaddio","CONFERENCE","AUDIO","AV","001","999-85300-000","AVI-SPL","AVI-SPL","Vaddio","3002","33634","E","B0004","B0004P0435","B0004P0435G0014090","Unassigned","TableMIC D Microphone Black","Projection Screens","B0004P0435G0014090","US Camera Profit Center","3000","0097315755","Unassigned","AV Integrators","01","South","U1DXP2","United States","Americas - LLC","3000","Angela Tener",null,"Undefined",null,"Georgia","United States","United States","Unassigned","DIRECT","AV CAPTURE & COLLABORATION - CAMERAS","4210","1",{"v":-1.814448,"d":"-1.81"},625,219.88,8,5000,"USD",1,5000]
[1368321398,"01",null,"131672",null,"EDI Invoice","Vaddio","B0004","Dealer","001","Unassigned","3000","Undefined","3000","ENTER ALTERNATE ADDRESS (US)","AVI-SPL LLC","Americas LLC",461.04,461.04,"06/04/2021","Standard Distribution","01","Unassigned","0040829898","EDI Order","ZEDI","AV CONFERENCING (VADDIO)",2021,"2021-06",8,"Vaddio","CONFERENCE","AUDIO KIT","AV","001","999-88000-000","AVI-SPL","AVI-SPL","Vaddio","3002","33634","E","B0004","B0004P0435","B0004P0435G0014095","Unassigned","EasyUSB MicPOD I/O w/Two C-MICs N/A","Projection Screens","B0004P0435G0014095","US Camera Profit Center","3000","0097244388","Unassigned","AV Integrators","01","West","U1DXP4","United States","Americas - LLC","3000","Dana Sanders Nickel",null,"Undefined",null,"New Mexico","United States","United States","Unassigned","DIRECT","AV CAPTURE & COLLABORATION - CAMERAS","4210","1",{"v":0.6646420855852251,"d":"0.66"},1374.77,461.04,1,1374.77,"USD",1,1374.77]
[1368321400,"01",null,"131672",null,"EDI Invoice","Vaddio","B0004","Dealer","001","Unassigned","3000","Undefined","3000","ENTER ALTERNATE ADDRESS (US)","AVI-SPL LLC","Americas LLC",574.8,1149.59,"07/30/2021","Standard Distribution","01","Unassigned","0040865274","EDI Order","ZEDI","AV CONFERENCING (VADDIO)",2021,"2021-07",27,"Vaddio","CONFERENCE","ROOM SYSTEM","AV","001","999-30200-000W","AVI-SPL","AVI-SPL","Vaddio","3002","33634","E","B0004","B0004P0435","B0004P0435G0014100","Unassigned","EasyIP 10 Camera White","Projection Screens","B0004P0435G0014100","US Camera Profit Center","3000","0097482314","Unassigned","AV Integrators","01","South","U1DXP2","United States","Americas - LLC","3000","Angela Tener",null,"Undefined",null,"Georgia","United States","United States","Unassigned","DIRECT","AV CAPTURE & COLLABORATION - CAMERAS","4210","1",{"v":0.4541435782016402,"d":"0.45"},2106.03,574.8,2,4212.06,"USD",1,4212.06]
[1368321401,"01",null,"131672",null,"EDI Invoice","Vaddio","B0004","Dealer","001","Unassigned","3000","Undefined","3000","ENTER ALTERNATE ADDRESS (US)","AVI-SPL LLC","Americas LLC",1060.69,9546.21,"07/30/2021","Standard Distribution","01","Unassigned","0040866527","EDI Order","ZEDI","AV CONFERENCING (VADDIO)",2021,"2021-07",0,"Vaddio","CONFERENCE","ROOM SYSTEM","AV","001","999-30201-000W","AVI-SPL","AVI-SPL","Vaddio","3002","33634","E","B0004","B0004P0435","B0004P0435G0014100","Unassigned","EasyIP 10 Base Kit White","Projection Screens","B0004P0435G0014100","US Camera Profit Center","3000","0097482320","Unassigned","AV Integrators","01","West","U1DXP4","United States","Americas - LLC","3000","Dana Sanders Nickel",null,"Undefined",null,"New Mexico","United States","United States","Unassigned","DIRECT","AV CAPTURE & COLLABORATION - CAMERAS","4210","1",{"v":-2.3307897629141148,"d":"-2.33"},2866.05,1060.69,9,25794.45,"USD",1,25794.45]
[1368321402,"01",null,"131672",null,"EDI Invoice","Vaddio","B0004","Dealer","001","Unassigned","3000","Undefined","3000","ENTER ALTERNATE ADDRESS (US)","AVI-SPL LLC","Americas LLC",1625.95,3251.9,"07/27/2021","Standard Distribution","01","Unassigned","0040865381","EDI Order","ZEDI","AV CONFERENCING (VADDIO)",2021,"2021-07",35,"Vaddio","CONFERENCE","ROOM SYSTEM","AV","001","999-30231-000W","AVI-SPL","AVI-SPL","Vaddio","3002","33634","E","B0004","B0004P0435","B0004P0435G0014100","Unassigned","EasyIP 20 Mixer Base Kit White NA","Projection Screens","B0004P0435G0014100","US Camera Profit Center","3000","0097444922","Unassigned","AV Integrators","01","South","U1DXP2","United States","Americas - LLC","3000","Bradley Carson",null,"Undefined",null,"North Carolina","United States","United States","Unassigned","DIRECT","AV CAPTURE & COLLABORATION - CAMERAS","4210","1",{"v":0.25189849247849594,"d":"0.25"},4346.87,1625.95,2,8693.74,"USD",1,8693.74]
[1368321403,"01",null,"131672",null,"EDI Invoice","Vaddio","B0004","Dealer","001","Unassigned","3000","Undefined","3000","ENTER ALTERNATE ADDRESS (US)","AVI-SPL LLC","Americas LLC",270.38,270.38,"07/13/2021","Standard Distribution","01","Unassigned","0040858721","EDI Order","ZEDI","AV CONFERENCING (VADDIO)",2021,"2021-07",27,"Vaddio","CONFERENCE","ROOM SYSTEM","AV","001","999-60210-000","AVI-SPL","AVI-SPL","Vaddio","3002","33634","E","B0004","B0004P0435","B0004P0435G0014100","Unassigned","EasyIP Decoder","Projection Screens","B0004P0435G0014100","US Camera Profit Center","3000","0097382715","Unassigned","AV Integrators","01","West","U1DXP4","United States","Americas - LLC","3000","Dana Sanders Nickel",null,"Undefined",null,"New Mexico","United States","United States","Unassigned","DIRECT","AV CAPTURE & COLLABORATION - CAMERAS","4210","1",{"v":0.5663234209091201,"d":"0.57"},623.46,270.38,1,623.46,"USD",1,623.46]
[1368321404,"01","131672","131672",null,"Invoice","Vaddio","B0004","Dealer","001","Unassigned","3000","Undefined","3000","AVI-SPL LLC","AVI-SPL LLC","Americas LLC",557.34,5573.42,"07/23/2021","Standard Distribution","01","Unassigned","0002678096","Standard Order","TA","AV CONFERENCING (VADDIO)",2021,"2021-07",0,"Vaddio","CONFERENCE","ROOM SYSTEM","AV","001","999-60320-000","AVI-SPL","AVI-SPL","Vaddio","3002","33634","E","B0004","B0004P0435","B0004P0435G0014100","Unassigned","EasyIP Mixer System Global","Projection Screens","B0004P0435G0014100","US Camera Profit Center","3000","0097431767","Unassigned","AV Integrators","01","West","U1DXP4","United States","Americas - LLC","3000","Stephanie Shomper",null,"Undefined",null,"Arizona","United States","United States","Unassigned","DIRECT","AV CAPTURE & COLLABORATION - CAMERAS","4210","1",{"v":-2.4093825891737475,"d":"-2.41"},1634.73,557.34,10,16347.3,"USD",1,16347.3]
[1368321405,"01",null,"131672",null,"EDI Invoice","Vaddio","B0004","Dealer","001","Unassigned","3000","Undefined","3000","ENTER ALTERNATE ADDRESS (US)","AVI-SPL LLC","Americas LLC",557.39,1672.17,"07/21/2021","Standard Distribution","01","Unassigned","0040865381","EDI Order","ZEDI","AV CONFERENCING (VADDIO)",2021,"2021-07",0,"Vaddio","CONFERENCE","ROOM SYSTEM","AV","001","999-60320-000","AVI-SPL","AVI-SPL","Vaddio","3002","33634","E","B0004","B0004P0435","B0004P0435G0014100","Unassigned","EasyIP Mixer System Global","Projection Screens","B0004P0435G0014100","US Camera Profit Center","3000","0097426126","Unassigned","AV Integrators","01","South","U1DXP2","United States","Americas - LLC","3000","Bradley Carson",null,"Undefined",null,"North Carolina","United States","United States","Unassigned","DIRECT","AV CAPTURE & COLLABORATION - CAMERAS","4210","1",{"v":-0.02290286469325209,"d":"-0.02"},1634.73,557.39,3,4904.19,"USD",1,4904.19]
[1368321406,"01",null,"131672",null,"EDI Invoice","Vaddio","B0004","Dealer","001","Unassigned","3000","Undefined","3000","ENTER ALTERNATE ADDRESS (US)","AVI-SPL LLC","Americas LLC",671.32,1342.64,"07/20/2021","Standard Distribution","01","Unassigned","0040838136","EDI Order","ZEDI","AV CONTENT CAPTURE (VADDIO)",2021,"2021-07",27,"Vaddio","CONFERENCE","CAMERA","AV","001","999-9990-000B","AVI-SPL","AVI-SPL","Vaddio","3002","33634","E","B0004","B0004P0435","B0004P0435G0014105","Unassigned","CONFERENCESHOT 10 SYSTEM","Projection Screens","B0004P0435G0014105","US Camera Profit Center","3000","0097423072","Unassigned","AV Integrators","01","South","U1DXP2","United States","Americas - LLC","3000","Angela Tener",null,"Undefined",null,"Georgia","United States","United States","Unassigned","DIRECT","AV CAPTURE & COLLABORATION - CAMERAS","4210","1",{"v":-0.004301027010449543,"d":"-0.00"},1336.89,671.32,2,2673.78,"USD",1,2673.78]
[1368321407,"01",null,"131672",null,"EDI Invoice","Vaddio","B0004","Dealer","001","Unassigned","3000","Undefined","3000","ENTER ALTERNATE ADDRESS (US)","AVI-SPL LLC","Americas LLC",936.25,936.25,"07/30/2021","Standard Distribution","01","Unassigned","0040872347","EDI Order","ZEDI","AV CONFERENCING (VADDIO)",2021,"2021-07",27,"Vaddio","CONFERENCE","ROOM SYSTEM","AV","001","999-99950-500W","AVI-SPL","AVI-SPL","Vaddio","3002","33634","E","B0004","B0004P0435","B0004P0435G0014100","Unassigned","CSAV-TableMIC 1 w/o Speaker White","Projection Screens","B0004P0435G0014100","US Camera Profit Center","3000","0097482321","Unassigned","AV Integrators","01","South","U1DXP2","United States","Americas - LLC","3000","Keri Manasa",null,"Undefined",null,"Unassigned","United States","United States","Unassigned","DIRECT","AV CAPTURE & COLLABORATION - CAMERAS","4210","1",{"v":0.5041258844964196,"d":"0.50"},1888.08,936.25,1,1888.08,"USD",1,1888.08]
[1368321408,"01",null,"131672",null,"EDI Invoice","Vaddio","B0004","Dealer","001","Unassigned","3000","Undefined","3000","ENTER ALTERNATE ADDRESS (US)","AVI-SPL LLC","Americas LLC",970.21,3880.85,"07/15/2021","Standard Distribution","01","Unassigned","0040847800","EDI Order","ZEDI","AV CONFERENCING (VADDIO)",2021,"2021-07",54,"Vaddio","CONFERENCE","ROOM SYSTEM","AV","001","999-99950-700W","AVI-SPL","AVI-SPL","Vaddio","3002","33634","E","B0004","B0004P0435","B0004P0435G0014100","Unassigned","CSAV SYS CEILINGMIC 2 (W/O SPKR) WHT","Projection Screens","B0004P0435G0014100","US Camera Profit Center","3000","0097413481","Unassigned","AV Integrators","01","West","U1DXP4","United States","Americas - LLC","3000","Dana Sanders Nickel",null,"Undefined",null,"New Mexico","United States","United States","Unassigned","DIRECT","AV CAPTURE & COLLABORATION - CAMERAS","4210","1",{"v":-0.6712529929547137,"d":"-0.67"},2322.12,970.21,4,9288.48,"USD",1,9288.48]
[1368321409,"01",null,"131672",null,"EDI Invoice","Vaddio","B0004","Dealer","001","Unassigned","3000","Undefined","3000","ENTER ALTERNATE ADDRESS (US)","AVI-SPL LLC","Americas LLC",1003.15,1003.15,"07/27/2021","Standard Distribution","01","Unassigned","0040865745","EDI Order","ZEDI","AV CONFERENCING (VADDIO)",2021,"2021-07",14,"Vaddio","CONFERENCE","ROOM SYSTEM","AV","001","999-99950-700W","AVI-SPL","AVI-SPL","Vaddio","3002","33634","E","B0004","B0004P0435","B0004P0435G0014100","Unassigned","CSAV SYS CEILINGMIC 2 (W/O SPKR) WHT","Projection Screens","B0004P0435G0014100","US Camera Profit Center","3000","0097444923","Unassigned","AV Integrators","01","South","U1DXP2","United States","Americas - LLC","3000","Ken Phillips",null,"Undefined",null,"Texas","United States","United States","Unassigned","DIRECT","AV CAPTURE & COLLABORATION - CAMERAS","4210","1",{"v":0.5764726247171277,"d":"0.58"},2368.56,1003.15,1,2368.56,"USD",1,2368.56]
[1368321410,"01",null,"131672",null,"EDI Invoice","Vaddio","B0004","Dealer","001","Unassigned","3000","Undefined","3000","ENTER ALTERNATE ADDRESS (US)","AVI-SPL LLC","Americas LLC",1120.76,1120.76,"08/13/2021","Standard Distribution","01","Unassigned","0040881549","EDI Order","ZEDI","AV CONFERENCING (VADDIO)",2021,"2021-08",27,"Vaddio","CONFERENCE","ROOM SYSTEM","AV","001","999-30201-000W","AVI-SPL","AVI-SPL","Vaddio","3002","33634","E","B0004","B0004P0435","B0004P0435G0014100","Unassigned","EasyIP 10 Base Kit White","Projection Screens","B0004P0435G0014100","US Camera Profit Center","3000","0097540117","Unassigned","AV Integrators","01","South","U1DXP2","United States","Americas - LLC","3000","David Sweeney",null,"Undefined",null,"Texas","United States","United States","Unassigned","DIRECT","AV CAPTURE & COLLABORATION - CAMERAS","4210","1",{"v":0.6089530887458349,"d":"0.61"},2866.05,1120.76,1,2866.05,"USD",1,2866.05]
[1368321411,"01",null,"131672",null,"EDI Invoice","Vaddio","B0004","Dealer","001","Unassigned","3000","Undefined","3000","ENTER ALTERNATE ADDRESS (US)","AVI-SPL LLC","Americas LLC",163.02,326.03,"08/13/2021","Standard Distribution","01","Unassigned","0040883026","EDI Order","ZEDI","AV CONFERENCING (VADDIO)",2021,"2021-08",15,"Vaddio","CONFERENCE","AUDIO","AV","001","999-85100-000","AVI-SPL","AVI-SPL","Vaddio","3002","33634","E","B0004","B0004P0435","B0004P0435G0014090","Unassigned","Ceiling MIC System White","Projection Screens","B0004P0435G0014090","US Camera Profit Center","3000","0097540119","Unassigned","AV Integrators","01","South","U1DXP2","United States","Americas - LLC","3000","Angela Tener",null,"Undefined",null,"Georgia","United States","United States","Unassigned","DIRECT","AV CAPTURE & COLLABORATION - CAMERAS","4210","1",{"v":0.30040984485977296,"d":"0.30"},466.03,163.02,2,932.06,"USD",1,932.06]
[1368321413,"01",null,"131672",null,"EDI Invoice","Vaddio","B0004","Dealer","001","Unassigned","3000","Undefined","3000","ENTER ALTERNATE ADDRESS (US)","AVI-SPL LLC","Americas LLC",982.57,982.57,"08/04/2021","Standard Distribution","01","Unassigned","0040871768","EDI Order","ZEDI","AV CONFERENCING (VADDIO)",2021,"2021-08",0,"Vaddio","CONFERENCE","ROOM SYSTEM","AV","001","999-99950-700W","AVI-SPL","AVI-SPL","Vaddio","3002","33634","E","B0004","B0004P0435","B0004P0435G0014100","Unassigned","CSAV SYS CEILINGMIC 2 (W/O SPKR) WHT","Projection Screens","B0004P0435G0014100","US Camera Profit Center","3000","0097490880","Unassigned","AV Integrators","01","South","U1DXP2","United States","Americas - LLC","3000","Ken Phillips",null,"Undefined",null,"Texas","United States","United States","Unassigned","DIRECT","AV CAPTURE & COLLABORATION - CAMERAS","4210","1",{"v":0.5768651060238058,"d":"0.58"},2322.12,982.57,1,2322.12,"USD",1,2322.12]
[1368321414,"01",null,"131672",null,"EDI Invoice","Vaddio","B0004","Dealer","001","Unassigned","3000","Undefined","3000","ENTER ALTERNATE ADDRESS (US)","AVI-SPL LLC","Americas LLC",859.98,1719.95,"09/30/2021","Standard Distribution","01","Unassigned","0040920284","EDI Order","ZEDI","AV CONFERENCING (VADDIO)",2021,"2021-09",31,"Vaddio","CONFERENCE","ROOM SYSTEM","AV","001","999-30230-000","AVI-SPL","AVI-SPL","Vaddio","3002","33634","E","B0004","B0004P0435","B0004P0435G0014100","Unassigned","EasyIP 20 Camera Black","Projection Screens","B0004P0435G0014100","US Camera Profit Center","3000","0097754967","Unassigned","AV Integrators","01","West","U1DXP4","United States","Americas - LLC","3000","Stephanie Shomper",null,"Undefined",null,"Arizona","United States","United States","Unassigned","DIRECT","AV CAPTURE & COLLABORATION - CAMERAS","4210","1",{"v":0.32178092887167875,"d":"0.32"},2535.98,859.98,2,5071.96,"USD",1,5071.96]
[1368321415,"01",null,"131672",null,"EDI Invoice","Vaddio","B0004","Dealer","001","Unassigned","3000","Undefined","3000","ENTER ALTERNATE ADDRESS (US)","AVI-SPL LLC","Americas LLC",554.1,1108.19,"09/14/2021","Standard Distribution","01","Unassigned","0040908240","EDI Order","ZEDI","AV CONFERENCING (VADDIO)",2021,"2021-09",11,"Vaddio","CONFERENCE","ROOM SYSTEM","AV","001","999-60320-000","AVI-SPL","AVI-SPL","Vaddio","3002","33634","E","B0004","B0004P0435","B0004P0435G0014100","Unassigned","EasyIP Mixer System Global","Projection Screens","B0004P0435G0014100","US Camera Profit Center","3000","0097665624","Unassigned","AV Integrators","01","NorthEast","U1DXP1","United States","Americas - LLC","3000","Bryan Torino",null,"Undefined",null,"New Jersey","United States","United States","Unassigned","DIRECT","AV CAPTURE & COLLABORATION - CAMERAS","4210","1",{"v":0.2721486979081146,"d":"0.27"},1522.55,554.1,2,3045.1,"USD",1,3045.1]
[1368321416,"01",null,"131672",null,"EDI Invoice","Vaddio","B0004","Dealer","001","Unassigned","3000","Undefined","3000","ENTER ALTERNATE ADDRESS (US)","AVI-SPL LLC","Americas LLC",554.97,1109.94,"09/30/2021","Standard Distribution","01","Unassigned","0040920284","EDI Order","ZEDI","AV CONFERENCING (VADDIO)",2021,"2021-09",20,"Vaddio","CONFERENCE","ROOM SYSTEM","AV","001","999-60320-000","AVI-SPL","AVI-SPL","Vaddio","3002","33634","E","B0004","B0004P0435","B0004P0435G0014100","Unassigned","EasyIP Mixer System Global","Projection Screens","B0004P0435G0014100","US Camera Profit Center","3000","0097754967","Unassigned","AV Integrators","01","West","U1DXP4","United States","Americas - LLC","3000","Stephanie Shomper",null,"Undefined",null,"Arizona","United States","United States","Unassigned","DIRECT","AV CAPTURE & COLLABORATION - CAMERAS","4210","1",{"v":0.3210254904479639,"d":"0.32"},1634.73,554.97,2,3269.46,"USD",1,3269.46]
[1368321417,"01",null,"131672",null,"EDI Invoice","Vaddio","B0004","Dealer","001","Unassigned","3000","Undefined","3000","ENTER ALTERNATE ADDRESS (US)","AVI-SPL LLC","Americas LLC",164.84,329.67,"09/02/2021","Standard Distribution","01","Unassigned","0040900315","EDI Order","ZEDI","AV CONFERENCING (VADDIO)",2021,"2021-09",27,"Vaddio","CONFERENCE","AUDIO","AV","001","999-85100-000","AVI-SPL","AVI-SPL","Vaddio","3002","33634","E","B0004","B0004P0435","B0004P0435G0014090","Unassigned","Ceiling MIC System White","Projection Screens","B0004P0435G0014090","US Camera Profit Center","3000","0097613955","Unassigned","AV Integrators","01","South","U1DXP2","United States","Americas - LLC","3000","Angela Tener",null,"Undefined",null,"Georgia","United States","United States","Unassigned","DIRECT","AV CAPTURE & COLLABORATION - CAMERAS","4210","1",{"v":0.29259918889341885,"d":"0.29"},466.03,164.84,2,932.06,"USD",1,932.06]
[1368321418,"01",null,"131672",null,"EDI Invoice","Vaddio","B0004","Dealer","001","Unassigned","3000","Undefined","3000","ENTER ALTERNATE ADDRESS (US)","AVI-SPL LLC","Americas LLC",218.96,218.96,"09/17/2021","Standard Distribution","01","Unassigned","0040910151","EDI Order","ZEDI","AV CONFERENCING (VADDIO)",2021,"2021-09",27,"Vaddio","CONFERENCE","AUDIO","AV","001","999-8530-000","AVI-SPL","AVI-SPL","Vaddio","3002","33634","E","B0004","B0004P0435","B0004P0435G0014090","Unassigned","EASYUSB MIXER/AMP SYSTEM","Projection Screens","B0004P0435G0014090","US Camera Profit Center","3000","0097705388","Unassigned","AV Integrators","01","MidWest","U1DXP3","United States","Americas - LLC","3000","Brian Mungo",null,"Undefined",null,"Ohio","United States","United States","Unassigned","DIRECT","AV CAPTURE & COLLABORATION - CAMERAS","4210","1",{"v":0.7189469495680747,"d":"0.72"},779.07,218.96,1,779.07,"USD",1,779.07]
[1368321419,"01",null,"131672",null,"EDI Invoice","Vaddio","B0004","Dealer","001","Unassigned","3000","Undefined","3000","ENTER ALTERNATE ADDRESS (US)","AVI-SPL LLC","Americas LLC",604.29,604.29,"10/21/2021","Standard Distribution","01","Unassigned","0040935079","EDI Order","ZEDI","AV CONFERENCING (VADDIO)",2021,"2021-10",0,"Vaddio","CONFERENCE","ROOM SYSTEM","AV","001","999-30200-000W","AVI-SPL","AVI-SPL","Vaddio","3002","33634","E","B0004","B0004P0435","B0004P0435G0014100","Unassigned","EasyIP 10 Camera White","Projection Screens","B0004P0435G0014100","US Camera Profit Center","3000","0097833814","Unassigned","AV Integrators","01","South","U1DXP2","United States","Americas - LLC","3000","Angela Tener",null,"Undefined",null,"Georgia","United States","United States","Unassigned","DIRECT","AV CAPTURE & COLLABORATION - CAMERAS","4210","1",{"v":0.7130667654306919,"d":"0.71"},2106.03,604.29,1,2106.03,"USD",1,2106.03]
[1368321420,"01",null,"131672",null,"EDI Invoice","Vaddio","B0004","Dealer","001","Unassigned","3000","Undefined","3000","ENTER ALTERNATE ADDRESS (US)","AVI-SPL LLC","Americas LLC",553.17,553.17,"10/21/2021","Standard Distribution","01","Unassigned","0040935079","EDI Order","ZEDI","AV CONFERENCING (VADDIO)",2021,"2021-10",0,"Vaddio","CONFERENCE","ROOM SYSTEM","AV","001","999-60320-000","AVI-SPL","AVI-SPL","Vaddio","3002","33634","E","B0004","B0004P0435","B0004P0435G0014100","Unassigned","EasyIP Mixer System Global","Projection Screens","B0004P0435G0014100","US Camera Profit Center","3000","0097833814","Unassigned","AV Integrators","01","South","U1DXP2","United States","Americas - LLC","3000","Angela Tener",null,"Undefined",null,"Georgia","United States","United States","Unassigned","DIRECT","AV CAPTURE & COLLABORATION - CAMERAS","4210","1",{"v":0.6616138444880806,"d":"0.66"},1634.73,553.17,1,1634.73,"USD",1,1634.73]
[1368322183,"01",null,"131671",null,"Invoice Repair","Vaddio","B0004","Dealer","001","Unassigned","3000","Undefined","3000","ENTER ALTERNATE ADDRESS (US)","AVI SYSTEMS, INC","Americas LLC",0,0,"10/02/2021","Standard Distribution","01","Unassigned","0065107691","Undefined","00","AV CONTENT CAPTURE (VADDIO)",2021,"2021-10",28,"Vaddio","SERVICE","ADV_REPL","AV","001","ADV_REPL","AVI SYSTEMS, INC","AVI SYSTEMS, INC","Vaddio","3002","66214","U","B0004","B0004P0445","B0004P0445G0014155","Unassigned","Advanced Replacement","Other/Misc","B0004P0445G0014155","US Camera Profit Center","3000","0004319047","Unassigned","AV Integrators","01","MidWest","U1DXP3","United States","Americas - LLC","3000","Steve Woll",null,"Undefined",null,"Unassigned","United States","United States","Kansas","DIRECT","AV CAPTURE & COLLABORATION - CAMERAS","4210","1",{"v":0,"d":"0.00"},546.62,0,1,546.62,"USD",1,546.62]
[1368322184,"01","132017","132017",null,"Invoice","Vaddio","B0004","Dealer","001","Unassigned","3000","Undefined","3000","AVI SOUTHEAST, LLC","AVI SOUTHEAST, LLC","Americas LLC",594.2,4753.61,"05/10/2021","Standard Distribution","01","Unassigned","0002617462","Standard Order","TA","AV CONTENT CAPTURE (VADDIO)",2021,"2021-05",33,"Vaddio","CAM EXTENSIONS","EXT HUBS","AV","001","999-1005-032","","AVI SOUTHEAST, LLC","Vaddio","3002","30092","X","B0004","B0004P0415","B0004P0415G0014045","Unassigned","USB 3.0 EXTENDER SYSTEM N/A","Projection Screens","B0004P0415G0014045","US Camera Profit Center","3000","0097136292","Unassigned","AV Integrators","01","South","U1DXP2","United States","Americas - LLC","3000","Angela Tener",null,"Undefined",null,"Georgia","United States","United States","Georgia","DIRECT","AV CAPTURE & COLLABORATION - CAMERAS","4210","2",{"v":-3.071509939787414,"d":"-3.07"},1167.53,594.2,8,9340.24,"USD",1,9340.24]
[1368322185,"01",null,"131671",null,"Invoice Repair","Vaddio","B0004","Dealer","001","Unassigned","3000","Undefined","3000","ENTER ALTERNATE ADDRESS (US)","AVI SYSTEMS, INC","Americas LLC",0,0,"11/11/2021","Standard Distribution","01","Unassigned","0065107691","Undefined","00","AV CONTENT CAPTURE (VADDIO)",2021,"2021-11",0,"Vaddio","SERVICE","ADV_REPL","AV","001","ADV_REPL","AVI SYSTEMS, INC","AVI SYSTEMS, INC","Vaddio","3002","66214","U","B0004","B0004P0445","B0004P0445G0014155","Unassigned","Advanced Replacement","Other/Misc","B0004P0445G0014155","US Camera Profit Center","3000","0004360790","Unassigned","AV Integrators","01","MidWest","U1DXP3","United States","Americas - LLC","3000","Steve Woll",null,"Undefined",null,"Unassigned","United States","United States","Kansas","DIRECT","AV CAPTURE & COLLABORATION - CAMERAS","4210","1",{"v":0,"d":"0.00"},546.62,0,-1,-546.62,"USD",1,-546.62]
[1368322186,"01","133809","133809",null,"Invoice Repair","Vaddio","B0004","Dealer","001","PROFESSIONAL SYSTEMS NETWORK INTL","3000","Undefined","3000","TIERNEY BROTHERS INC.","TIERNEY BROTHERS INC.","Americas LLC",0,0,"11/04/2021","Standard Distribution","01","Unassigned","0065107278","Undefined","00","AV CONTENT CAPTURE (VADDIO)",2021,"2021-11",0,"Vaddio","SERVICE","ADV_REPL","AV","001","ADV_REPL","TIERNEY BROTHERS INC.","TIERNEY BROTHERS INC.","Vaddio","3002","55108","U","B0004","B0004P0445","B0004P0445G0014155","Unassigned","Advanced Replacement","Other/Misc","B0004P0445G0014155","US Camera Profit Center","3000","0004353029","Unassigned","AV Integrators","01","MidWest","U1DXP3","United States","Americas - LLC","3000","Kristin Dacey",null,"Undefined",null,"Unassigned","United States","United States","Unassigned","DIRECT","AV CAPTURE & COLLABORATION - CAMERAS","4210","1",{"v":0,"d":"0.00"},452.48,0,1,452.48,"USD",1,452.48]
[1368322187,"01",null,"132377",null,"Invoice Repair","Vaddio","B0004","Dealer","001","Unassigned","3000","Undefined","3000","ENTER ALTERNATE ADDRESS (US)","EPA AUDIO VISUAL INC","Americas LLC",0,0,"12/23/2021","Standard Distribution","01","Unassigned","0065108069","Undefined","00","AV CONTENT CAPTURE (VADDIO)",2021,"2021-12",0,"Vaddio","SERVICE","ADV_REPL","AV","001","ADV_REPL","","EPA AUDIO VISUAL INC","Vaddio","3002","55373","U","B0004","B0004P0445","B0004P0445G0014155","Unassigned","Advanced Replacement","Other/Misc","B0004P0445G0014155","US Camera Profit Center","3000","0004396690","Unassigned","AV Integrators","01","MidWest","U1DXP3","United States","Americas - LLC","3000","Kristin Dacey",null,"Undefined",null,"Unassigned","United States","United States","Unassigned","DIRECT","AV CAPTURE & COLLABORATION - CAMERAS","4210","1",{"v":0,"d":"0.00"},1667.98,0,1,1667.98,"USD",1,1667.98]
[1368322188,"01",null,"132377",null,"Invoice Repair","Vaddio","B0004","Dealer","001","Unassigned","3000","Undefined","3000","ENTER ALTERNATE ADDRESS (US)","EPA AUDIO VISUAL INC","Americas LLC",0,0,"12/29/2021","Standard Distribution","01","Unassigned","0065108034","Undefined","00","AV CONTENT CAPTURE (VADDIO)",2021,"2021-12",0,"Vaddio","SERVICE","ADV_REPL","AV","001","ADV_REPL","","EPA AUDIO VISUAL INC","Vaddio","3002","55373","U","B0004","B0004P0445","B0004P0445G0014155","Unassigned","Advanced Replacement","Other/Misc","B0004P0445G0014155","US Camera Profit Center","3000","0004397370","Unassigned","AV Integrators","01","MidWest","U1DXP3","United States","Americas - LLC","3000","Kristin Dacey",null,"Undefined",null,"Unassigned","United States","United States","Unassigned","DIRECT","AV CAPTURE & COLLABORATION - CAMERAS","4210","1",{"v":0,"d":"0.00"},1667.98,0,-1,-1667.98,"USD",1,-1667.98]
[1368322189,"01",null,"139844",null,"EDI Invoice","Vaddio","B0004","Online Reseller","010","Unassigned","3000","Undefined","3000","B&H PHOTO - NJF","B&H PHOTO VIDEO - NY (VADDIO)","Americas LLC",26.88,53.75,"07/13/2021","Standard Distribution","01","Unassigned","0040857045","EDI Order","ZEDI","AV CONTENT CAPTURE (VADDIO)",2021,"2021-07",27,"Vaddio","CAMERA MOUNT","DOME","AV","001","998-9000-210","","B&H PHOTO VIDEO - NY (VADDIO)","Vaddio","3002","10001","E","B0004","B0004P0420","B0004P0420G0014040","Unassigned","12\" Clear Dome Accessory","Projection Screens","B0004P0420G0014040","US Camera Profit Center","3000","0097403006","Unassigned","AV Integrators","01","NorthEast","U1DXP1","United States","Americas - LLC","3000","John Ruggiero",null,"Undefined",null,"New Jersey","United States","United States","New York","DIRECT","AV CAPTURE & COLLABORATION - CAMERAS","4210","0",{"v":0.1977611940298507,"d":"0.20"},67,26.88,2,134,"USD",1,134]
[1368322190,"01",null,"132377",null,"Invoice Repair","Vaddio","B0004","Dealer","001","Unassigned","3000","Undefined","3000","ENTER ALTERNATE ADDRESS (US)","EPA AUDIO VISUAL INC","Americas LLC",0,0,"12/30/2021","Standard Distribution","01","Unassigned","0065108025","Undefined","00","AV CONTENT CAPTURE (VADDIO)",2021,"2021-12",0,"Vaddio","SERVICE","ADV_REPL","AV","001","ADV_REPL","","EPA AUDIO VISUAL INC","Vaddio","3002","55373","U","B0004","B0004P0445","B0004P0445G0014155","Unassigned","Advanced Replacement","Other/Misc","B0004P0445G0014155","US Camera Profit Center","3000","0004399316","Unassigned","AV Integrators","01","MidWest","U1DXP3","United States","Americas - LLC","3000","Kristin Dacey",null,"Undefined",null,"Unassigned","United States","United States","Unassigned","DIRECT","AV CAPTURE & COLLABORATION - CAMERAS","4210","1",{"v":0,"d":"0.00"},421.26,0,1,421.26,"USD",1,421.26]
[1368322191,"01",null,"139844",null,"Credit Memo","Vaddio","B0004","Online Reseller","010","Unassigned","3000","Undefined","3000","B&H PHOTO - NJF","B&H PHOTO VIDEO - NY (VADDIO)","Americas LLC",0,0,"07/09/2021","Standard Distribution","01","Unassigned","0060511343","Invoice Correct. Req","RK","AV CONTENT CAPTURE (VADDIO)",2021,"2021-07",-298,"Vaddio","CAMERA MOUNT","INCEILING","AV","001","999-2225-150","","B&H PHOTO VIDEO - NY (VADDIO)","Vaddio","3002","10001","E","B0004","B0004P0420","B0004P0420G0014045","Unassigned","IN-CEILING HALF-RECESSED ENCL. ROBOS","Projection Screens","B0004P0420G0014045","US Camera Profit Center","3000","0097371224","Unassigned","AV Integrators","01","NorthEast","U1DXP1","United States","Americas - LLC","3000","John Ruggiero",null,"Undefined",null,"New Jersey","United States","United States","New York","DIRECT","AV CAPTURE & COLLABORATION - CAMERAS","4210","0",{"v":0,"d":"0.00"},null,0,0,-573.54,"USD",1,-573.54]
[1368322192,"01","142394","142394",null,"Invoice Repair","Vaddio","B0004","Internal Account","015","Unassigned","3000","Undefined","3000","PINNACLE ARCH. LIGHTING","PINNACLE ARCH. LIGHTING","Americas LLC",0,0,"02/02/2021","Standard Distribution","01","Unassigned","0065106341","Undefined","00","AV CONTENT CAPTURE (VADDIO)",2021,"2021-02",0,"Vaddio","SERVICE","ADV_REPL","AV","001","ADV_REPL","","PINNACLE ARCH. LIGHTING","Vaddio","3002","80239","U","B0004","B0004P0445","B0004P0445G0014155","Unassigned","Advanced Replacement","Other/Misc","B0004P0445G0014155","US Camera Profit Center","3000","0004078459","Unassigned","AV Integrators","01","House Account","U1DXP5","United States","Americas - LLC","3000","House Account Z1",null,"Undefined",null,"Unassigned","United States","United States","Unassigned","DIRECT","AV CAPTURE & COLLABORATION - CAMERAS","4210","4",{"v":0,"d":"0.00"},374.41,0,1,374.41,"USD",1,374.41]
[1368322193,"01",{"$nulls":3},"Invoice Repair","Vaddio","B0004","Undefined","000","Unassigned","3000","Undefined","3000","VADDIO MARKETING","VADDIO MARKETING","Americas LLC",0,0,"07/29/2021","Standard Distribution","01","Unassigned","0065107125","Undefined","00","AV CONTENT CAPTURE (VADDIO)",2021,"2021-07",0,"Vaddio","SERVICE","ADV_REPL","AV","001","ADV_REPL","","VADDIO MARKETING","Vaddio","3002","55305","U","B0004","B0004P0445","B0004P0445G0014155","Unassigned","Advanced Replacement","Other/Misc","B0004P0445G0014155","US Camera Profit Center","3000","0004253764","Unassigned","AV Integrators","01","House Account","U1DXP5","United States","Americas - LLC","3000","House Account Z1",null,"Undefined",null,"Unassigned","United States","United States","Unassigned","DIRECT","AV CAPTURE & COLLABORATION - CAMERAS","4210","0",{"v":0,"d":"0.00"},444.09,0,-1,-444.09,"USD",1,-444.09]
[1368322194,"01",null,"132497",null,"Invoice Repair","Vaddio","B0004","Dealer","001","Unassigned","3000","Undefined","3000","ENTER ALTERNATE ADDRESS (US)","FRONTIER MUSIC CO.","Americas LLC",0,0,"01/19/2021","Standard Distribution","01","Unassigned","0065106315","Undefined","00","AV CONTENT CAPTURE (VADDIO)",2021,"2021-01",0,"Vaddio","SERVICE","ADV_REPL","AV","001","ADV_REPL","","FRONTIER MUSIC CO.","Vaddio","3002","73401","U","B0004","B0004P0445","B0004P0445G0014155","Unassigned","Advanced Replacement","Other/Misc","B0004P0445G0014155","US Camera Profit Center","3000","0004064866","Unassigned","AV Integrators","01","South","U1DXP2","United States","Americas - LLC","3000","Ken Phillips",null,"Undefined",null,"Oklahoma","United States","United States","Oklahoma","DIRECT","AV CAPTURE & COLLABORATION - CAMERAS","4210","3",{"v":0,"d":"0.00"},1111,0,1,1111,"USD",1,1111]
[1368322195,"01",null,"133392",null,"Invoice Repair","Vaddio","B0004","Dealer","001","Unassigned","3000","Undefined","3000","ENTER ALTERNATE ADDRESS (US)","PATHWAY COMMUNICATIONS LTD.","Americas LLC",0,0,"01/15/2021","Standard Distribution","01","Unassigned","0065106023","Undefined","00","AV CONTENT CAPTURE (VADDIO)",2021,"2021-01",0,"Vaddio","SERVICE","ADV_REPL","AV","001","ADV_REPL","","PATHWAY COMMUNICATIONS LTD.","Vaddio","3002","75057","U","B0004","B0004P0445","B0004P0445G0014155","Unassigned","Advanced Replacement","Other/Misc","B0004P0445G0014155","US Camera Profit Center","3000","0004062139","Unassigned","AV Integrators","01","South","U1DXP2","United States","Americas - LLC","3000","Ken Phillips",null,"Undefined",null,"Texas","United States","United States","Texas","DIRECT","AV CAPTURE & COLLABORATION - CAMERAS","4210","2",{"v":0,"d":"0.00"},1606.92,0,-1,-1606.92,"USD",1,-1606.92]
[1368322196,"01","132333","132333",null,"Invoice Repair","Vaddio","B0004","Dealer","001","USAV BUYING GROUP","3000","Undefined","3000","DESIGNS THAT COMPUTE - VISIONALITY","DESIGNS THAT COMPUTE - VISIONALITY","Americas LLC",0,0,"02/19/2021","Standard Distribution","01","Unassigned","0065106202","Undefined","00","AV CONTENT CAPTURE (VADDIO)",2021,"2021-02",0,"Vaddio","SERVICE","ADV_REPL","AV","001","ADV_REPL","","DESIGNS THAT COMPUTE - VISIONALITY","Vaddio","3002","75081","U","B0004","B0004P0445","B0004P0445G0014155","Unassigned","Advanced Replacement","Other/Misc","B0004P0445G0014155","US Camera Profit Center","3000","0004094368","Unassigned","AV Integrators","01","South","U1DXP2","United States","Americas - LLC","3000","Ken Phillips",null,"Undefined",null,"Texas","United States","United States","Texas","DIRECT","AV CAPTURE & COLLABORATION - CAMERAS","4210","2",{"v":0,"d":"0.00"},490.6,0,-2,-981.2,"USD",1,-981.2]
[1368322197,"01","132452","132452",null,"Invoice Repair","Vaddio","B0004","Dealer","001","Unassigned","3000","Undefined","3000","FORD AUDIO VIDEO SYS INC","FORD AUDIO VIDEO SYS INC","Americas LLC",0,0,"03/03/2021","Standard Distribution","01","Unassigned","0065106386","Undefined","00","AV CONTENT CAPTURE (VADDIO)",2021,"2021-03",0,"Vaddio","SERVICE","ADV_REPL","AV","001","ADV_REPL","FORD AUDIO VIDEO SYS INC","FORD AUDIO VIDEO SYS INC","Vaddio","3002","73128","U","B0004","B0004P0445","B0004P0445G0014155","Unassigned","Advanced Replacement","Other/Misc","B0004P0445G0014155","US Camera Profit Center","3000","0004105599","Unassigned","AV Integrators","01","South","U1DXP2","United States","Americas - LLC","3000","Ken Phillips",null,"Undefined",null,"Unassigned","United States","United States","Oklahoma","DIRECT","AV CAPTURE & COLLABORATION - CAMERAS","4210","1",{"v":0,"d":"0.00"},1244,0,-1,-1244,"USD",1,-1244]
[1368322198,"01","115233","115233",null,"Invoice","Vaddio","B0004","Dealer","001","Unassigned","3200","Undefined","3000","MATRIX VIDEO COMMUNICATIONS CORP.","MATRIX VIDEO COMMUNICATIONS CORP.","Canada ULC",14.85,14.85,"08/02/2021","Standard Distribution","01","Unassigned","0002695714","Standard Order","TA","AV CONTENT CAPTURE (VADDIO)",2021,"2021-08",0,"Vaddio","CAMERA MOUNT","WALL","AV","001","535-2000-205B","","MATRIX VIDEO COMMUNICATIONS CORP.","Vaddio","3002","T3K 5Y8","E","B0004","B0004P0420","B0004P0420G0014060","Unassigned","MODEL 70 THIN PROFILE WALL MOUNT BLACK","Projection Screens","B0004P0420G0014060","Canada Camera Profit Center","3200","0097484314","Unassigned","AV Integrators","01","West","C1XXP4","Canada","Canada - ULC","3200","Chris Lavallee",null,"Undefined",null,"Alberta","Canada","Canada","Alberta","DIRECT","AV CAPTURE & COLLABORATION - CAMERAS","4210","1",{"v":0.7503782148260212,"d":"0.75"},59.49,14.85,1,59.49,"CAD",1.24386,74]
[1368322199,"01",null,"133772",null,"Invoice Repair","Vaddio","B0004","Dealer","001","Unassigned","3000","Undefined","3000","ENTER ALTERNATE ADDRESS (US)","SHEPHERD MULTI MEDIA","Americas LLC",0,0,"03/11/2021","Standard Distribution","01","Unassigned","0065106631","Undefined","00","AV CONTENT CAPTURE (VADDIO)",2021,"2021-03",0,"Vaddio","SERVICE","ADV_REPL","AV","001","ADV_REPL","","SHEPHERD MULTI MEDIA","Vaddio","3002","75022","U","B0004","B0004P0445","B0004P0445G0014155","Unassigned","Advanced Replacement","Other/Misc","B0004P0445G0014155","US Camera Profit Center","3000","0004114422","Unassigned","AV Integrators","01","South","U1DXP2","United States","Americas - LLC","3000","Ken Phillips",null,"Undefined",null,"Iowa","United States","United States","Texas","DIRECT","AV CAPTURE & COLLABORATION - CAMERAS","4210","2",{"v":0,"d":"0.00"},1752.75,0,1,1752.75,"USD",1,1752.75]
[1368322200,"01",null,"133772",null,"Invoice Repair","Vaddio","B0004","Dealer","001","Unassigned","3000","Undefined","3000","ENTER ALTERNATE ADDRESS (US)","SHEPHERD MULTI MEDIA","Americas LLC",0,0,"03/23/2021","Standard Distribution","01","Unassigned","0065106631","Undefined","00","AV CONTENT CAPTURE (VADDIO)",2021,"2021-03",0,"Vaddio","SERVICE","ADV_REPL","AV","001","ADV_REPL","","SHEPHERD MULTI MEDIA","Vaddio","3002","75022","U","B0004","B0004P0445","B0004P0445G0014155","Unassigned","Advanced Replacement","Other/Misc","B0004P0445G0014155","US Camera Profit Center","3000","0004125566","Unassigned","AV Integrators","01","South","U1DXP2","United States","Americas - LLC","3000","Ken Phillips",null,"Undefined",null,"Iowa","United States","United States","Texas","DIRECT","AV CAPTURE & COLLABORATION - CAMERAS","4210","2",{"v":0,"d":"0.00"},1752.75,0,-1,-1752.75,"USD",1,-1752.75]
[1368322201,"01",null,"132452",null,"Invoice Repair","Vaddio","B0004","Dealer","001","Unassigned","3000","Undefined","3000","ENTER ALTERNATE ADDRESS (US)","FORD AUDIO VIDEO SYS INC","Americas LLC",0,0,"04/14/2021","Standard Distribution","01","Unassigned","0065106799","Undefined","00","AV CONTENT CAPTURE (VADDIO)",2021,"2021-04",0,"Vaddio","SERVICE","ADV_REPL","AV","001","ADV_REPL","FORD AUDIO VIDEO SYS INC","FORD AUDIO VIDEO SYS INC","Vaddio","3002","73128","U","B0004","B0004P0445","B0004P0445G0014155","Unassigned","Advanced Replacement","Other/Misc","B0004P0445G0014155","US Camera Profit Center","3000","0004148569","Unassigned","AV Integrators","01","South","U1DXP2","United States","Americas - LLC","3000","Ken Phillips",null,"Undefined",null,"Oklahoma","United States","United States","Oklahoma","DIRECT","AV CAPTURE & COLLABORATION - CAMERAS","4210","1",{"v":0,"d":"0.00"},1120.8,0,1,1120.8,"USD",1,1120.8]
[1368322202,"01",null,"133392",null,"Invoice Repair","Vaddio","B0004","Dealer","001","Unassigned","3000","Undefined","3000","ENTER ALTERNATE ADDRESS (US)","PATHWAY COMMUNICATIONS LTD.","Americas LLC",0,0,"04/16/2021","Standard Distribution","01","Unassigned","0065106794","Undefined","00","AV CONTENT CAPTURE (VADDIO)",2021,"2021-04",0,"Vaddio","SERVICE","ADV_REPL","AV","001","ADV_REPL","","PATHWAY COMMUNICATIONS LTD.","Vaddio","3002","75057","U","B0004","B0004P0445","B0004P0445G0014155","Unassigned","Advanced Replacement","Other/Misc","B0004P0445G0014155","US Camera Profit Center","3000","0004151310","Unassigned","AV Integrators","01","South","U1DXP2","United States","Americas - LLC","3000","Ken Phillips",null,"Undefined",null,"Texas","United States","United States","Texas","DIRECT","AV CAPTURE & COLLABORATION - CAMERAS","4210","2",{"v":0,"d":"0.00"},936,0,1,936,"USD",1,936]
[1368322203,"01",null,"132452",null,"Invoice Repair","Vaddio","B0004","Dealer","001","Unassigned","3000","Undefined","3000","ENTER ALTERNATE ADDRESS (US)","FORD AUDIO VIDEO SYS INC","Americas LLC",0,0,"05/27/2021","Standard Distribution","01","Unassigned","0065106975","Undefined","00","AV CONTENT CAPTURE (VADDIO)",2021,"2021-05",0,"Vaddio","SERVICE","ADV_REPL","AV","001","ADV_REPL","FORD AUDIO VIDEO SYS INC","FORD AUDIO VIDEO SYS INC","Vaddio","3002","73128","U","B0004","B0004P0445","B0004P0445G0014155","Unassigned","Advanced Replacement","Other/Misc","B0004P0445G0014155","US Camera Profit Center","3000","0004192130","Unassigned","AV Integrators","01","West","U1DXP4","United States","Americas - LLC","3000","Dana Sanders Nickel",null,"Undefined",null,"Utah","United States","United States","Oklahoma","DIRECT","AV CAPTURE & COLLABORATION - CAMERAS","4210","1",{"v":0,"d":"0.00"},1119.96,0,1,1119.96,"USD",1,1119.96]
[1368322204,"01",null,"132497",null,"Invoice Repair","Vaddio","B0004","Dealer","001","Unassigned","3000","Undefined","3000","1TST - MILESTONE INC. SAVAGE (3000)","FRONTIER MUSIC CO.","Americas LLC",0,0,"07/31/2021","Standard Distribution","01","Unassigned","0065106440","Undefined","00","AV CONTENT CAPTURE (VADDIO)",2021,"2021-07",0,"Vaddio","SERVICE","ADV_REPL","AV","001","ADV_REPL","","FRONTIER MUSIC CO.","Vaddio","3002","73401","U","B0004","B0004P0445","B0004P0445G0014155","Unassigned","Advanced Replacement","Other/Misc","B0004P0445G0014155","US Camera Profit Center","3000","0004256609","Unassigned","AV Integrators","01","South","U1DXP2","United States","Americas - LLC","3000","Ken Phillips",null,"Undefined",null,"Oklahoma","United States","United States","Oklahoma","DIRECT","AV CAPTURE & COLLABORATION - CAMERAS","4210","3",{"v":0,"d":"0.00"},2078.86,0,-1,-2078.86,"USD",1,-2078.86]
[1368322240,"01","133159","133159",null,"Invoice Repair","Vaddio","B0004","Dealer","001","Unassigned","3000","Undefined","3000","WALA PRODUCTIONS - MOYERS GRP","WALA PRODUCTIONS - MOYERS GRP","Americas LLC",0,0,"07/27/2021","Standard Distribution","01","Unassigned","0065107274","Undefined","00","AV CONTENT CAPTURE (VADDIO)",2021,"2021-07",0,"Vaddio","SERVICE","ADV_REPL","AV","001","ADV_REPL","","WALA PRODUCTIONS - MOYERS GRP","Vaddio","3002","79415","U","B0004","B0004P0445","B0004P0445G0014155","Unassigned","Advanced Replacement","Other/Misc","B0004P0445G0014155","US Camera Profit Center","3000","0004251460","Unassigned","AV Integrators","01","South","U1DXP2","United States","Americas - LLC","3000","Ken Phillips",null,"Undefined",null,"Texas","United States","United States","Texas","DIRECT","AV CAPTURE & COLLABORATION - CAMERAS","4210","2",{"v":0,"d":"0.00"},1641.21,0,1,1641.21,"USD",1,1641.21]
[1368322241,"01","151812","151812",null,"Invoice Repair","Vaddio","B0004","Dealer","001","Unassigned","3000","Undefined","3000","AVX LLC DBA AUDIO VIDEO EXCELLENCE","AVX LLC DBA AUDIO VIDEO EXCELLENCE","Americas LLC",0,0,"08/04/2021","Standard Distribution","01","Unassigned","0060515901","Undefined","00","AV CONTENT CAPTURE (VADDIO)",2021,"2021-08",0,"Vaddio","CAMERA MOUNT","WALL","Residential","003","535-2000-236B","","AVX LLC DBA AUDIO VIDEO EXCELLENCE","Vaddio","3002","35209","E","B0004","B0004P0420","B0004P0420G0014060","Unassigned","THIN PROFILE WALL MOUNT EVI-D80/D90 BLK","Projection Screens","B0004P0420G0014060","US Camera Profit Center","3000","0004257292","HIGH TECH INC","Residential AV","02","East - Resi","UXDXH4","United States","Americas - LLC","3000","Brent Armstrong",null,"Undefined",null,"Unassigned","United States","United States","Unassigned","DIRECT","AV CAPTURE & COLLABORATION - CAMERAS","4210","2",{"v":0,"d":"0.00"},112.6,0,-3,-337.8,"USD",1,-337.8]
[1368322242,"01",null,"133392",null,"Invoice Repair","Vaddio","B0004","Dealer","001","Unassigned","3000","Undefined","3000","ENTER ALTERNATE ADDRESS (US)","PATHWAY COMMUNICATIONS LTD.","Americas LLC",0,0,"07/02/2021","Standard Distribution","01","Unassigned","0065106794","Undefined","00","AV CONTENT CAPTURE (VADDIO)",2021,"2021-07",0,"Vaddio","SERVICE","ADV_REPL","AV","001","ADV_REPL","","PATHWAY COMMUNICATIONS LTD.","Vaddio","3002","75057","U","B0004","B0004P0445","B0004P0445G0014155","Unassigned","Advanced Replacement","Other/Misc","B0004P0445G0014155","US Camera Profit Center","3000","0004228524","Unassigned","AV Integrators","01","South","U1DXP2","United States","Americas - LLC","3000","Ken Phillips",null,"Undefined",null,"Texas","United States","United States","Texas","DIRECT","AV CAPTURE & COLLABORATION - CAMERAS","4210","2",{"v":0,"d":"0.00"},936,0,-1,-936,"USD",1,-936]
[1368322243,"01",null,"133392",null,"Invoice Repair","Vaddio","B0004","Dealer","001","Unassigned","3000","Undefined","3000","ENTER ALTERNATE ADDRESS (US)","PATHWAY COMMUNICATIONS LTD.","Americas LLC",0,0,"07/02/2021","Standard Distribution","01","Unassigned","0065106794","Undefined","00","AV CONTENT CAPTURE (VADDIO)",2021,"2021-07",0,"Vaddio","SERVICE","ADV_REPL","AV","001","ADV_REPL","","PATHWAY COMMUNICATIONS LTD.","Vaddio","3002","75057","U","B0004","B0004P0445","B0004P0445G0014155","Unassigned","Advanced Replacement","Other/Misc","B0004P0445G0014155","US Camera Profit Center","3000","0004228525","Unassigned","AV Integrators","01","South","U1DXP2","United States","Americas - LLC","3000","Ken Phillips",null,"Undefined",null,"Texas","United States","United States","Texas","DIRECT","AV CAPTURE & COLLABORATION - CAMERAS","4210","2",{"v":0,"d":"0.00"},794,0,-1,-794,"USD",1,-794]
[1368322244,"01",null,"132555",null,"Invoice Repair","Vaddio","B0004","Dealer","001","Unassigned","3000","Undefined","3000","ENTER ALTERNATE ADDRESS (US)","WALKER ENGINEERING INC","Americas LLC",0,0,"10/30/2021","Standard Distribution","01","Unassigned","0065107699","Undefined","00","AV CONTENT CAPTURE (VADDIO)",2021,"2021-10",0,"Vaddio","SERVICE","ADV_REPL","AV","001","ADV_REPL","","WALKER ENGINEERING INC","Vaddio","3002","75016","U","B0004","B0004P0445","B0004P0445G0014155","Unassigned","Advanced Replacement","Other/Misc","B0004P0445G0014155","US Camera Profit Center","3000","0004347584","Unassigned","AV Integrators","01","South","U1DXP2","United States","Americas - LLC","3000","Ken Phillips",null,"Undefined",null,"Texas","United States","United States","Texas","DIRECT","AV CAPTURE & COLLABORATION - CAMERAS","4210","2",{"v":0,"d":"0.00"},2713,0,-1,-2713,"USD",1,-2713]
[1368322245,"01",null,"131252",null,"Invoice Repair","Vaddio","B0004","Dealer","001","Unassigned","3000","Undefined","3000","ENTER ALTERNATE ADDRESS (US)","BROADCAST WORKS","Americas LLC",0,0,"11/11/2021","Standard Distribution","01","Unassigned","0065107772","Undefined","00","AV CONTENT CAPTURE (VADDIO)",2021,"2021-11",0,"Vaddio","SERVICE","ADV_REPL","AV","001","ADV_REPL","","BROADCAST WORKS","Vaddio","3002","75757","U","B0004","B0004P0445","B0004P0445G0014155","Unassigned","Advanced Replacement","Other/Misc","B0004P0445G0014155","US Camera Profit Center","3000","0004361104","Unassigned","AV Integrators","01","South","U1DXP2","United States","Americas - LLC","3000","Ken Phillips",null,"Undefined",null,"Texas","United States","United States","Texas","DIRECT","AV CAPTURE & COLLABORATION - CAMERAS","4210","2",{"v":0,"d":"0.00"},732,0,-1,-732,"USD",1,-732]
[1368322246,"01","124324","124324",null,"Invoice","Vaddio","B0004","Dealer","001","Unassigned","3000","Undefined","3000","MIDWICH AUSTRALIA PTY LTD","MIDWICH AUSTRALIA PTY LTD","Americas LLC",7.61,60.89,"08/05/2021","Standard Distribution","01","Unassigned","0002698090","Standard Order","TA","AV CONTENT CAPTURE (VADDIO)",2021,"2021-08",0,"Vaddio","CAMERA MOUNT","WALL","AV","001","535-2000-243","","MIDWICH AUSTRALIA PTY LTD","Vaddio","3002","2116","E","B0004","B0004P0420","B0004P0420G0014060","Unassigned","THIN PROFILE WALL MOUNT SONY/PANA CAMS","Projection Screens","B0004P0420G0014060","US Camera Profit Center","3010","0097492521","Unassigned","AV Integrators","01","Commercial","H1DXXX","Asia Pacific","Export","3010","Joseph Mak",null,"Undefined",null,"New South Wales","Australia","Australia","New South Wales","DIRECT","AV CAPTURE & COLLABORATION - CAMERAS","4210","1",{"v":0.28658465143526646,"d":"0.29"},85.35,7.61,8,682.8,"USD",1,682.8]
[1368322247,"01","131895","131895",null,"Invoice Repair","Vaddio","B0004","Dealer","001","Unassigned","3000","Undefined","3000","AUDISEE AV LLC - TX","AUDISEE AV LLC - TX","Americas LLC",0,0,"12/30/2021","Standard Distribution","01","Unassigned","0065107966","Undefined","00","AV CONTENT CAPTURE (VADDIO)",2021,"2021-12",0,"Vaddio","SERVICE","ADV_REPL","AV","001","ADV_REPL","","AUDISEE AV LLC - TX","Vaddio","3002","75074","U","B0004","B0004P0445","B0004P0445G0014155","Unassigned","Advanced Replacement","Other/Misc","B0004P0445G0014155","US Camera Profit Center","3000","0004399309","Unassigned","AV Integrators","01","South","U1DXP2","United States","Americas - LLC","3000","Ken Phillips",null,"Undefined",null,"Texas","United States","United States","Texas","DIRECT","AV CAPTURE & COLLABORATION - CAMERAS","4210","3",{"v":0,"d":"0.00"},1292,0,-1,-1292,"USD",1,-1292]
[1368322248,"01","124324","124324",null,"Invoice","Vaddio","B0004","Dealer","001","Unassigned","3000","Undefined","3000","MIDWICH AUSTRALIA PTY LTD","MIDWICH AUSTRALIA PTY LTD","Americas LLC",7.62,319.83,"08/30/2021","Standard Distribution","01","Unassigned","0002706130","Standard Order","TA","AV CONTENT CAPTURE (VADDIO)",2021,"2021-08",0,"Vaddio","CAMERA MOUNT","WALL","AV","001","535-2000-243","","MIDWICH AUSTRALIA PTY LTD","Vaddio","3002","2116","E","B0004","B0004P0420","B0004P0420G0014060","Unassigned","THIN PROFILE WALL MOUNT SONY/PANA CAMS","Projection Screens","B0004P0420G0014060","US Camera Profit Center","3010","0097602504","Unassigned","AV Integrators","01","Commercial","H1DXXX","Asia Pacific","Export","3010","Joseph Mak",null,"Undefined",null,"New South Wales","Australia","Australia","New South Wales","DIRECT","AV CAPTURE & COLLABORATION - CAMERAS","4210","1",{"v":-2.7472759226713532,"d":"-2.75"},85.35,7.62,42,3584.7,"USD",1,3584.7]
[1368322249,"01",null,"136736",null,"Invoice Repair","Vaddio","B0004","Distributor - Regional","003","Unassigned","5000","Undefined","3000","ONE TIME SHIP TO - PLANT 5020","SCANSOURCE UK LIMITED","Europe BV",0,0,"01/18/2021","Standard Distribution","01","Unassigned","0065106296","Undefined","00","AV CONTENT CAPTURE (VADDIO)",2021,"2021-01",0,"Vaddio","SERVICE","ADV_REPL","AV","001","ADV_REPL","","SCANSOURCE UK LIMITED","Weert","5050","RG41 5TS","U","B0004","B0004P0445","B0004P0445G0014155","Unassigned","Advanced Replacement","Other/Misc","B0004P0445G0014155","Europe Camera Profit Center","5000","0004064059","Unassigned","AV Integrators","01","UK/Ireland","E1DXX4","Europe, the Middle East, and Africa","Europe - BV","5000","Cm Marcus Bond",null,"Undefined",null,"Undefined","United Kingdom","United Kingdom","Berkshire","DIRECT","AV CAPTURE & COLLABORATION - CAMERAS","4210","2",{"v":0,"d":"0.00"},575.13,0,1,575.13,"EUR",0.82325,473.48]
[1368322250,"01","139815","139815",null,"Invoice Repair","Vaddio","B0004","Distributor - National","002","Unassigned","5000","Undefined","3000","VIDENDA DISTRIBUTION LTD.","VIDENDA DISTRIBUTION LTD.","Europe BV",0,0,"01/15/2021","Standard Distribution","01","Unassigned","0065105911","Undefined","00","AV CONTENT CAPTURE (VADDIO)",2021,"2021-01",0,"Vaddio","SERVICE","ADV_REPL","AV","001","ADV_REPL","","VIDENDA DISTRIBUTION LTD.","Weert","5050","D24 HT91","U","B0004","B0004P0445","B0004P0445G0014155","Unassigned","Advanced Replacement","Other/Misc","B0004P0445G0014155","Europe Camera Profit Center","5000","0004063302","Unassigned","AV Distribution","08","UK/Ireland","E1DXX4","Europe, the Middle East, and Africa","Europe - BV","5000","Ciaran Flynn",null,"Undefined",null,"Unassigned","Ireland","Ireland","Unassigned","DIRECT","AV CAPTURE & COLLABORATION - CAMERAS","4210","3",{"v":0,"d":"0.00"},3466.7,0,-1,-3466.7,"EUR",0.82325,-2853.96]
[1368322251,"01",null,"139844",null,"EDI Invoice","Vaddio","B0004","Online Reseller","010","Unassigned","3000","Undefined","3000","B&H PHOTO - NJF","B&H PHOTO VIDEO - NY (VADDIO)","Americas LLC",7.53,15.06,"08/20/2021","Standard Distribution","01","Unassigned","0040888084","EDI Order","ZEDI","AV CONTENT CAPTURE (VADDIO)",2021,"2021-08",0,"Vaddio","CAMERA MOUNT","WALL","AV","001","535-2000-251","","B&H PHOTO VIDEO - NY (VADDIO)","Vaddio","3002","10001","E","B0004","B0004P0420","B0004P0420G0014060","Unassigned","THIN PROFILE WALL MNT PR60/HD EAGLE EYE","Projection Screens","B0004P0420G0014060","US Camera Profit Center","3000","0097577432","Unassigned","AV Integrators","01","NorthEast","U1DXP1","United States","Americas - LLC","3000","John Ruggiero",null,"Undefined",null,"New Jersey","United States","United States","New York","DIRECT","AV CAPTURE & COLLABORATION - CAMERAS","4210","0",{"v":0.8786560309402949,"d":"0.88"},124.11,7.53,2,248.22,"USD",1,248.22]
[1368322252,"01",null,"136736",null,"Invoice Repair","Vaddio","B0004","Distributor - Regional","003","Unassigned","5000","Undefined","3000","IMAGO SCANSOURCE, SOUTHAMPTON","SCANSOURCE UK LIMITED","Europe BV",0,0,"02/18/2021","Standard Distribution","01","Unassigned","0065105701","Undefined","00","AV CONTENT CAPTURE (VADDIO)",2021,"2021-02",0,"Vaddio","SERVICE","ADV_REPL","AV","001","ADV_REPL","","SCANSOURCE UK LIMITED","Weert","5050","RG41 5TS","U","B0004","B0004P0445","B0004P0445G0014155","Unassigned","Advanced Replacement","Other/Misc","B0004P0445G0014155","Europe Camera Profit Center","5000","0004094325","Unassigned","AV Integrators","01","UK/Ireland","E1DXX4","Europe, the Middle East, and Africa","Europe - BV","5000","Cm Marcus Bond",null,"Undefined",null,"Undefined","United Kingdom","United Kingdom","Berkshire","DIRECT","AV CAPTURE & COLLABORATION - CAMERAS","4210","2",{"v":0,"d":"0.00"},3214.51,0,-1,-3214.51,"EUR",0.82325,-2646.35]
[1368322253,"01",null,"136736",null,"Invoice Repair","Vaddio","B0004","Distributor - Regional","003","Unassigned","5000","Undefined","3000","ONE TIME SHIP TO - PLANT 5020","SCANSOURCE UK LIMITED","Europe BV",0,0,"03/09/2021","Standard Distribution","01","Unassigned","0065106008","Undefined","00","AV CONTENT CAPTURE (VADDIO)",2021,"2021-03",0,"Vaddio","SERVICE","ADV_REPL","AV","001","ADV_REPL","","SCANSOURCE UK LIMITED","Weert","5050","RG41 5TS","U","B0004","B0004P0445","B0004P0445G0014155","Unassigned","Advanced Replacement","Other/Misc","B0004P0445G0014155","Europe Camera Profit Center","5000","0004111891","Unassigned","AV Integrators","01","UK/Ireland","E1DXX4","Europe, the Middle East, and Africa","Europe - BV","5000","Cm Marcus Bond",null,"Undefined",null,"Undefined","United Kingdom","United Kingdom","Berkshire","DIRECT","AV CAPTURE & COLLABORATION - CAMERAS","4210","2",{"v":0,"d":"0.00"},567.6,0,-1,-567.6,"EUR",0.82481,-468.16]
[1368322254,"01",null,"136736",null,"Invoice Repair","Vaddio","B0004","Distributor - Regional","003","Unassigned","5000","Undefined","3000","ONE TIME SHIP TO - PLANT 5020","SCANSOURCE UK LIMITED","Europe BV",0,0,"03/09/2021","Standard Distribution","01","Unassigned","0065106009","Undefined","00","AV CONTENT CAPTURE (VADDIO)",2021,"2021-03",0,"Vaddio","SERVICE","ADV_REPL","AV","001","ADV_REPL","","SCANSOURCE UK LIMITED","Weert","5050","RG41 5TS","U","B0004","B0004P0445","B0004P0445G0014155","Unassigned","Advanced Replacement","Other/Misc","B0004P0445G0014155","Europe Camera Profit Center","5000","0004111893","Unassigned","AV Integrators","01","UK/Ireland","E1DXX4","Europe, the Middle East, and Africa","Europe - BV","5000","Cm Marcus Bond",null,"Undefined",null,"Undefined","United Kingdom","United Kingdom","Berkshire","DIRECT","AV CAPTURE & COLLABORATION - CAMERAS","4210","2",{"v":0,"d":"0.00"},567.6,0,-1,-567.6,"EUR",0.82481,-468.16]
[1368322255,"01",null,"136736",null,"Invoice Repair","Vaddio","B0004","Distributor - Regional","003","Unassigned","5000","Undefined","3000","ONE TIME SHIP TO - PLANT 5020","SCANSOURCE UK LIMITED","Europe BV",0,0,"03/09/2021","Standard Distribution","01","Unassigned","0065106079","Undefined","00","AV CONTENT CAPTURE (VADDIO)",2021,"2021-03",0,"Vaddio","SERVICE","ADV_REPL","AV","001","ADV_REPL","","SCANSOURCE UK LIMITED","Weert","5050","RG41 5TS","U","B0004","B0004P0445","B0004P0445G0014155","Unassigned","Advanced Replacement","Other/Misc","B0004P0445G0014155","Europe Camera Profit Center","5000","0004111897","Unassigned","AV Integrators","01","UK/Ireland","E1DXX4","Europe, the Middle East, and Africa","Europe - BV","5000","Cm Marcus Bond",null,"Undefined",null,"Undefined","United Kingdom","United Kingdom","Berkshire","DIRECT","AV CAPTURE & COLLABORATION - CAMERAS","4210","2",{"v":0,"d":"0.00"},567.6,0,-1,-567.6,"EUR",0.82481,-468.16]
[1368322256,"01",null,"107518",null,"Invoice Repair","Vaddio","B0004","Distributor - National","002","Unassigned","5000","Undefined","3000","MIDWICH LTD","MIDWICH LIMITED","Europe BV",0,0,"08/24/2021","Standard Distribution","01","Unassigned","0065106436","Undefined","00","AV CONTENT CAPTURE (VADDIO)",2021,"2021-08",0,"Vaddio","SERVICE","ADV_REPL","AV","001","ADV_REPL","","MIDWICH LIMITED","Weert","5050","IP22 4YT","U","B0004","B0004P0445","B0004P0445G0014155","Unassigned","Advanced Replacement","Other/Misc","B0004P0445G0014155","Europe Camera Profit Center","5000","0004280129","Unassigned","AV Distribution","08","UK/Ireland","E1DXX4","Europe, the Middle East, and Africa","Europe - BV","5000","Cm Marcus Bond",null,"Undefined",null,"Undefined","United Kingdom","United Kingdom","Undefined","DIRECT","AV CAPTURE & COLLABORATION - CAMERAS","4210","1",{"v":0,"d":"0.00"},1162.69,0,-1,-1162.69,"EUR",0.84182,-978.78]
[1368322257,"01",null,"139844",null,"EDI Invoice","Vaddio","B0004","Online Reseller","010","Unassigned","3000","Undefined","3000","B&H PHOTO - NJF","B&H PHOTO VIDEO - NY (VADDIO)","Americas LLC",77.55,155.09,"08/18/2021","Standard Distribution","01","Unassigned","0040886597","EDI Order","ZEDI","AV CONTENT CAPTURE (VADDIO)",2021,"2021-08",27,"Vaddio","CAMERA MOUNT","CEILING","AV","001","535-2000-291","","B&H PHOTO VIDEO - NY (VADDIO)","Vaddio","3002","10001","E","B0004","B0004P0420","B0004P0420G0014055","Unassigned","DROP DN MT FOR SMALL PTZ CAMERAS - LONG","Projection Screens","B0004P0420G0014055","US Camera Profit Center","3000","0097550128","Unassigned","AV Integrators","01","NorthEast","U1DXP1","United States","Americas - LLC","3000","John Ruggiero",null,"Undefined",null,"New Jersey","United States","United States","New York","DIRECT","AV CAPTURE & COLLABORATION - CAMERAS","4210","0",{"v":0.3209719789842381,"d":"0.32"},228.4,77.55,2,456.8,"USD",1,456.8]
[1368322258,"01",null,"107518",null,"Invoice Repair","Vaddio","B0004","Distributor - National","002","Unassigned","5000","Undefined","3000","MIDWICH LTD","MIDWICH LIMITED","Europe BV",0,0,"10/21/2021","Standard Distribution","01","Unassigned","0065107771","Undefined","00","AV CONTENT CAPTURE (VADDIO)",2021,"2021-10",0,"Vaddio","SERVICE","ADV_REPL","AV","001","ADV_REPL","","MIDWICH LIMITED","Weert","5050","IP22 4YT","U","B0004","B0004P0445","B0004P0445G0014155","Unassigned","Advanced Replacement","Other/Misc","B0004P0445G0014155","Europe Camera Profit Center","5000","0004338982","Unassigned","AV Distribution","08","UK/Ireland","E1DXX4","Europe, the Middle East, and Africa","Europe - BV","5000","Cm Marcus Bond",null,"Undefined",null,"Undefined","United Kingdom","United Kingdom","Undefined","DIRECT","AV CAPTURE & COLLABORATION - CAMERAS","4210","1",{"v":0,"d":"0.00"},564.78,0,1,564.78,"EUR",0.86274,487.26]
[1368322259,"01",null,"107518",null,"Invoice Repair","Vaddio","B0004","Distributor - National","002","Unassigned","5000","Undefined","3000","ONE TIME SHIP TO - PLANT 5050","MIDWICH LIMITED","Europe BV",0,0,"10/06/2021","Standard Distribution","01","Unassigned","0065107155","Undefined","00","AV CONTENT CAPTURE (VADDIO)",2021,"2021-10",0,"Vaddio","SERVICE","ADV_REPL","AV","001","ADV_REPL","","MIDWICH LIMITED","Weert","5050","IP22 4YT","U","B0004","B0004P0445","B0004P0445G0014155","Unassigned","Advanced Replacement","Other/Misc","B0004P0445G0014155","Europe Camera Profit Center","5000","0004322582","Unassigned","AV Distribution","08","UK/Ireland","E1DXX4","Europe, the Middle East, and Africa","Europe - BV","5000","Cm Marcus Bond",null,"Undefined",null,"Undefined","United Kingdom","United Kingdom","Undefined","DIRECT","AV CAPTURE & COLLABORATION - CAMERAS","4210","1",{"v":0,"d":"0.00"},627.55,0,-1,-627.55,"EUR",0.86274,-541.41]
[1368322260,"01",null,"107518",null,"Invoice Repair","Vaddio","B0004","Distributor - National","002","Unassigned","5000","Undefined","3000","ONE TIME SHIP TO - PLANT 5050","MIDWICH LIMITED","Europe BV",0,0,"10/14/2021","Standard Distribution","01","Unassigned","0065107690","Undefined","00","AV CONTENT CAPTURE (VADDIO)",2021,"2021-10",0,"Vaddio","SERVICE","ADV_REPL","AV","001","ADV_REPL","","MIDWICH LIMITED","Weert","5050","IP22 4YT","U","B0004","B0004P0445","B0004P0445G0014155","Unassigned","Advanced Replacement","Other/Misc","B0004P0445G0014155","Europe Camera Profit Center","5000","0004331897","Unassigned","AV Distribution","08","UK/Ireland","E1DXX4","Europe, the Middle East, and Africa","Europe - BV","5000","Cm Marcus Bond",null,"Undefined",null,"Undefined","United Kingdom","United Kingdom","Undefined","DIRECT","AV CAPTURE & COLLABORATION - CAMERAS","4210","1",{"v":0,"d":"0.00"},627.54,0,1,627.54,"EUR",0.86274,541.4]
[1368322261,"01",null,"139814",null,"Invoice Repair","Vaddio","B0004","Distributor - National","002","Unassigned","5000","Undefined","3000","CUK AUDIO - TUKANS","TUKANS LTD","Europe BV",0,0,"10/29/2021","Standard Distribution","01","Unassigned","0065107442","Undefined","00","AV CONTENT CAPTURE (VADDIO)",2021,"2021-10",0,"Vaddio","SERVICE","ADV_REPL","AV","001","ADV_REPL","","TUKANS LTD","Weert","5050","YO19 6ET","U","B0004","B0004P0445","B0004P0445G0014155","Unassigned","Advanced Replacement","Other/Misc","B0004P0445G0014155","Europe Camera Profit Center","5000","0004347568","Unassigned","AV Distribution","08","UK/Ireland","E1DXX4","Europe, the Middle East, and Africa","Europe - BV","5000","Cm Marcus Bond",null,"Undefined",null,"Undefined","United Kingdom","United Kingdom","Undefined","DIRECT","AV CAPTURE & COLLABORATION - CAMERAS","4210","2",{"v":0,"d":"0.00"},555.39,0,-1,-555.39,"EUR",0.86274,-479.16]
[1368322296,"01",null,"107518",null,"Invoice Repair","Vaddio","B0004","Distributor - National","002","Unassigned","5000","Undefined","3000","MIDWICH LTD","MIDWICH LIMITED","Europe BV",0,0,"12/30/2021","Standard Distribution","01","Unassigned","0065108031","Undefined","00","AV CONTENT CAPTURE (VADDIO)",2021,"2021-12",0,"Vaddio","SERVICE","ADV_REPL","AV","001","ADV_REPL","","MIDWICH LIMITED","Weert","5050","IP22 4YT","U","B0004","B0004P0445","B0004P0445G0014155","Unassigned","Advanced Replacement","Other/Misc","B0004P0445G0014155","Europe Camera Profit Center","5000","0004399324","Unassigned","AV Distribution","08","UK/Ireland","E1DXX4","Europe, the Middle East, and Africa","Europe - BV","5000","Cm Marcus Bond",null,"Undefined",null,"Undefined","United Kingdom","United Kingdom","Undefined","DIRECT","AV CAPTURE & COLLABORATION - CAMERAS","4210","1",{"v":0,"d":"0.00"},576.23,0,1,576.23,"EUR",0.87982,506.98]
[1368322297,"01",null,"140798",null,"Invoice","Vaddio","B0004","Dealer","001","Unassigned","3000","Undefined","3000","1TST - MILESTONE INC. SAVAGE (3000)","SUMMIT SOLUTIONZ, INC","Americas LLC",597.4,7168.74,"05/25/2021","Standard Distribution","01","Unassigned","0002636505","Standard Order","TA","AV CONTENT CAPTURE (VADDIO)",2021,"2021-05",0,"Vaddio","CAM EXTENSIONS","EXT HUBS","AV","001","999-1005-032","","SUMMIT SOLUTIONZ, INC","Vaddio","3002","30339","X","B0004","B0004P0415","B0004P0415G0014045","Unassigned","USB 3.0 EXTENDER SYSTEM N/A","Projection Screens","B0004P0415G0014045","US Camera Profit Center","3000","0097197686","Unassigned","AV Integrators","01","South","U1DXP2","United States","Americas - LLC","3000","Angela Tener",null,"Undefined",null,"Georgia","United States","United States","Georgia","DIRECT","AV CAPTURE & COLLABORATION - CAMERAS","4210","1",{"v":-5.019649169948525,"d":"-5.02"},1190.89,597.4,12,14290.68,"USD",1,14290.68]
[1368322298,"01",null,"112709",null,"Invoice Repair","Vaddio","B0004","Distributor - National","002","Unassigned","5000","Undefined","3000","KUHNE + NAGEL AG","MOBILEPRO AG","Europe BV",0,0,"08/30/2021","Standard Distribution","01","Unassigned","0065107076","Undefined","00","AV CONTENT CAPTURE (VADDIO)",2021,"2021-08",0,"Vaddio","SERVICE","ADV_REPL","AV","001","ADV_REPL","","MOBILEPRO AG","Weert","5050","8152","U","B0004","B0004P0445","B0004P0445G0014155","Unassigned","Advanced Replacement","Other/Misc","B0004P0445G0014155","Europe Camera Profit Center","5000","0004284372","Unassigned","AV Distribution","08","GAS","E1DXX8","Europe, the Middle East, and Africa","Europe - BV","5000","Cm Thijs Van Der Horst",null,"Undefined",null,"Undefined","Switzerland","Switzerland","Undefined","DIRECT","AV CAPTURE & COLLABORATION - CAMERAS","4210","1",{"v":0,"d":"0.00"},1524.23,0,-1,-1524.23,"EUR",0.84182,-1283.13]
[1368322299,"01",null,"139844",null,"EDI Invoice","Vaddio","B0004","Online Reseller","010","Unassigned","3000","Undefined","3000","B&H PHOTO - NJF","B&H PHOTO VIDEO - NY (VADDIO)","Americas LLC",88.23,176.46,"08/20/2021","Standard Distribution","01","Unassigned","0040888084","EDI Order","ZEDI","AV CONTENT CAPTURE (VADDIO)",2021,"2021-08",0,"Vaddio","CAMERA MOUNT","CEILING","AV","001","535-2000-293","","B&H PHOTO VIDEO - NY (VADDIO)","Vaddio","3002","10001","E","B0004","B0004P0420","B0004P0420G0014055","Unassigned","DROP DN MT FOR LARGE PTZ CAMERAS - LONG","Projection Screens","B0004P0420G0014055","US Camera Profit Center","3000","0097577432","Unassigned","AV Integrators","01","NorthEast","U1DXP1","United States","Americas - LLC","3000","John Ruggiero",null,"Undefined",null,"New Jersey","United States","United States","New York","DIRECT","AV CAPTURE & COLLABORATION - CAMERAS","4210","0",{"v":0.2979231320124135,"d":"0.30"},251.34,88.23,2,502.68,"USD",1,502.68]
[1368322300,"01","139824","139824",null,"Invoice Repair","Vaddio","B0004","Distributor - National","002","Unassigned","5000","Undefined","3000","NOVIA AG","NOVIA AG","Europe BV",0,0,"10/12/2021","Standard Distribution","01","Unassigned","0065107734","Undefined","00","AV CONTENT CAPTURE (VADDIO)",2021,"2021-10",0,"Vaddio","SERVICE","ADV_REPL","AV","001","ADV_REPL","","NOVIA AG","Weert","5050","8153","U","B0004","B0004P0445","B0004P0445G0014155","Unassigned","Advanced Replacement","Other/Misc","B0004P0445G0014155","Europe Camera Profit Center","5000","0004328805","Unassigned","AV Integrators","01","GAS","E1DXX8","Europe, the Middle East, and Africa","Europe - BV","5000","Cm Thijs Van Der Horst",null,"Undefined",null,"Undefined","Switzerland","Switzerland","Undefined","DIRECT","AV CAPTURE & COLLABORATION - CAMERAS","4210","4",{"v":0,"d":"0.00"},1522.36,0,1,1522.36,"EUR",0.86274,1313.4]
[1368322301,"01","139973","139973",null,"Credit Memo","Vaddio","B0004","Distributor - Regional","003","Unassigned","5000","Undefined","3000","HI-TECH MEDIA","HI-TECH MEDIA","Europe BV",0,0,"02/26/2021","Standard Distribution","01","Unassigned","0060477702","Credit Memo Request","G2","AV CONTENT CAPTURE (VADDIO)",2021,"2021-02",0,"Vaddio","SERVICE","REPAIR","AV","001","VRPARTS","","HI-TECH MEDIA","Weert","5050","125242","U","B0004","B0004P0445","B0004P0445G0014165","Unassigned","Repair Parts","Other/Misc","B0004P0445G0014165","Europe Camera Profit Center","5000","0800302746","Unassigned","AV Distribution","08","Russia + CIS","E1DX10","Europe, the Middle East, and Africa","Europe - BV","5000","Cm Karolien De Kogel",null,"Undefined",null,"Undefined","Russian Federation","Russian Federation","Undefined","DIRECT","AV CAPTURE & COLLABORATION - CAMERAS","4210","2",{"v":0,"d":"0.00"},null,0,0,-6.07,"EUR",0.82325,-5]
[1368322302,"01",null,"107394",null,"Invoice Repair","Vaddio","B0004","Distributor - National","002","Unassigned","5000","Undefined","3000","COMM-TEC S.R.L. A SOCIO UNICO","COMM-TEC S.R.L. A SOCIO UNICO","Europe BV",0,0,"01/14/2021","Standard Distribution","01","Unassigned","0065105984","Undefined","00","AV CONTENT CAPTURE (VADDIO)",2021,"2021-01",0,"Vaddio","SERVICE","ADV_REPL","AV","001","ADV_REPL","","COMM-TEC S.R.L. A SOCIO UNICO","Weert","5050","48018","U","B0004","B0004P0445","B0004P0445G0014155","Unassigned","Advanced Replacement","Other/Misc","B0004P0445G0014155","Europe Camera Profit Center","5000","0004062113","Unassigned","AV Distribution","08","South Europe","E1DX12","Europe, the Middle East, and Africa","Europe - BV","5000","Cm Arnaud Monge",null,"Undefined",null,"Unassigned","Italy","Italy","Unassigned","DIRECT","AV CAPTURE & COLLABORATION - CAMERAS","4210","4",{"v":0,"d":"0.00"},1032.97,0,-1,-1032.97,"EUR",0.82325,-850.39]
[1368322303,"01",null,"107394",null,"Invoice Repair","Vaddio","B0004","Distributor - National","002","Unassigned","5000","Undefined","3000","COMM-TEC S.R.L. A SOCIO UNICO","COMM-TEC S.R.L. A SOCIO UNICO","Europe BV",0,0,"01/22/2021","Standard Distribution","01","Unassigned","0065105984","Undefined","00","AV CONTENT CAPTURE (VADDIO)",2021,"2021-01",0,"Vaddio","SERVICE","ADV_REPL","AV","001","ADV_REPL","","COMM-TEC S.R.L. A SOCIO UNICO","Weert","5050","48018","U","B0004","B0004P0445","B0004P0445G0014155","Unassigned","Advanced Replacement","Other/Misc","B0004P0445G0014155","Europe Camera Profit Center","5000","0004068897","Unassigned","AV Distribution","08","South Europe","E1DX12","Europe, the Middle East, and Africa","Europe - BV","5000","Cm Arnaud Monge",null,"Undefined",null,"Unassigned","Italy","Italy","Unassigned","DIRECT","AV CAPTURE & COLLABORATION - CAMERAS","4210","4",{"v":0,"d":"0.00"},1032.97,0,-1,-1032.97,"EUR",0.82325,-850.39]
[1368322304,"01",null,"107346",null,"Invoice Repair","Vaddio","B0004","Distributor - National","002","Unassigned","5000","Undefined","3000","ONE TIME SHIP TO - PLANT 5050","AG MULTIVISION SRL","Europe BV",0,0,"03/09/2021","Standard Distribution","01","Unassigned","0065106598","Undefined","00","AV CONTENT CAPTURE (VADDIO)",2021,"2021-03",0,"Vaddio","SERVICE","ADV_REPL","AV","001","ADV_REPL","","AG MULTIVISION SRL","Weert","5050","20054","U","B0004","B0004P0445","B0004P0445G0014155","Unassigned","Advanced Replacement","Other/Misc","B0004P0445G0014155","Europe Camera Profit Center","5000","0004112105","Unassigned","AV Distribution","08","South Europe","E1DX12","Europe, the Middle East, and Africa","Europe - BV","5000","Cm Arnaud Monge",null,"Undefined",null,"Undefined","Italy","Italy","Undefined","DIRECT","AV CAPTURE & COLLABORATION - CAMERAS","4210","3",{"v":0,"d":"0.00"},2057.27,0,1,2057.27,"EUR",0.82481,1696.86]
[1368322305,"01",null,"145347",null,"Invoice Repair","Vaddio","B0004","Distributor - National","002","Unassigned","5000","Undefined","3000","ONE TIME SHIP TO - PLANT 5050","AVIENTEK TRADING W.L.L.","Europe BV",0,0,"03/30/2021","Standard Distribution","01","Unassigned","0065106238","Undefined","00","AV CONTENT CAPTURE (VADDIO)",2021,"2021-03",0,"Vaddio","SERVICE","ADV_REPL","AV","001","ADV_REPL","","AVIENTEK TRADING W.L.L.","Weert","5050",null,"U","B0004","B0004P0445","B0004P0445G0014155","Unassigned","Advanced Replacement","Other/Misc","B0004P0445G0014155","Europe Camera Profit Center","5000","0004132543","Mike Gopal","AV Distribution","08","Middle East","E1DX13","Europe, the Middle East, and Africa","Europe - BV","5000","Cm Arnaud Monge",null,"Undefined",null,"Undefined","Qatar","Qatar","Undefined","DIRECT","AV CAPTURE & COLLABORATION - CAMERAS","4210","4",{"v":0,"d":"0.00"},924.92,0,-1,-924.92,"EUR",0.82481,-762.88]
[1368322306,"01","141622","141622",null,"Invoice Repair","Vaddio","B0004","System Integrator","011","Unassigned","5000","Undefined","3000","TECHNET EA SOLUTIONS LTD.","TECHNET EA SOLUTIONS LTD.","Europe BV",0,0,"05/10/2021","Standard Distribution","01","Unassigned","0065106732","Undefined","00","AV CONTENT CAPTURE (VADDIO)",2021,"2021-05",0,"Vaddio","SERVICE","ADV_REPL","AV","001","ADV_REPL","","TECHNET EA SOLUTIONS LTD.","Weert","5050","33149 KLA","U","B0004","B0004P0445","B0004P0445G0014155","Unassigned","Advanced Replacement","Other/Misc","B0004P0445G0014155","Europe Camera Profit Center","5000","0004174231","Unassigned","AV Integrators","01","Africa","E1DX14","Europe, the Middle East, and Africa","Europe - BV","5000","Cm Arnaud Monge",null,"Undefined",null,"Undefined","Uganda","Uganda","Undefined","DIRECT","AV CAPTURE & COLLABORATION - CAMERAS","4210","4",{"v":0,"d":"0.00"},3783,0,1,3783,"EUR",0.82754,3130.58]
[1368324420,"01",null,"145767",null,"Invoice","Vaddio","B0004","Distributor - National","002","Unassigned","3200","Undefined","3000","ENTER ALTERNATE ADDRESS (CANADA)","DATAVISUAL - CAD CURRENCY ONLY","Canada ULC",635.4,635.4,"09/24/2021","Standard Distribution","01","Unassigned","0002739257","Standard Order","TA","AV CONFERENCING (VADDIO)",2021,"2021-09",2,"Vaddio","CONFERENCE","ROOM SYSTEM","AV","001","999-60210-000","","DATAVISUAL - CAD CURRENCY ONLY","Vaddio","3002","K1J 0B3","E","B0004","B0004P0435","B0004P0435G0014100","Unassigned","EasyIP Decoder","Projection Screens","B0004P0435G0014100","Canada Camera Profit Center","3200","0097720521","Unassigned","AV Distribution","08","Central","C1XXP3","Canada","Canada - ULC","3200","David Galos",null,"Undefined",null,"New York","United States","Canada","Ontario","DIRECT","AV CAPTURE & COLLABORATION - CAMERAS","4210","1",{"v":-0.055832502492522584,"d":"-0.06"},601.8,635.4,1,601.8,"CAD",1.26007,758.31]
[1368324421,"01",null,"145767",null,"Invoice","Vaddio","B0004","Distributor - National","002","Unassigned","3200","Undefined","3000","ENTER ALTERNATE ADDRESS (CANADA)","DATAVISUAL - CAD CURRENCY ONLY","Canada ULC",1596.23,3192.46,"09/24/2021","Standard Distribution","01","Unassigned","0002739257","Standard Order","TA","AV CONTENT CAPTURE (VADDIO)",2021,"2021-09",10,"Vaddio","CONFERENCE","CAMERA","AV","001","999-9990-000B","","DATAVISUAL - CAD CURRENCY ONLY","Vaddio","3002","K1J 0B3","E","B0004","B0004P0435","B0004P0435G0014105","Unassigned","CONFERENCESHOT 10 SYSTEM","Projection Screens","B0004P0435G0014105","Canada Camera Profit Center","3200","0097720521","Unassigned","AV Distribution","08","Central","C1XXP3","Canada","Canada - ULC","3200","David Galos",null,"Undefined",null,"New York","United States","Canada","Ontario","DIRECT","AV CAPTURE & COLLABORATION - CAMERAS","4210","1",{"v":-1.4250522237836605,"d":"-1.43"},1316.45,1596.23,2,2632.9,"CAD",1.26007,3317.64]
[1368324422,"01",null,"145767",null,"Invoice","Vaddio","B0004","Distributor - National","002","Unassigned","3200","Undefined","3000","CUSTOM PACKING LIST SHIP TO (CAN)","DATAVISUAL - CAD CURRENCY ONLY","Canada ULC",1823.59,1823.59,"10/12/2021","Standard Distribution","01","Unassigned","0002753960","Standard Order","TA","AV CONFERENCING (VADDIO)",2021,"2021-10",0,"Vaddio","CONFERENCE","ROOM SYSTEM","AV","001","999-50707-000","","DATAVISUAL - CAD CURRENCY ONLY","Vaddio","3002","K1J 0B3","E","B0004","B0004P0435","B0004P0435G0014100","Unassigned","HuddleSHOT BLACK","Projection Screens","B0004P0435G0014100","Canada Camera Profit Center","3200","0097783123","Unassigned","AV Distribution","08","Central","C1XXP3","Canada","Canada - ULC","3200","David Galos",null,"Undefined",null,"New York","United States","Canada","Ontario","DIRECT","AV CAPTURE & COLLABORATION - CAMERAS","4210","1",{"v":-0.5719925865264428,"d":"-0.57"},1160.05,1823.59,1,1160.05,"CAD",1.27359,1477.43]
[1368324423,"01",null,"145767",null,"Invoice","Vaddio","B0004","Distributor - National","002","Unassigned","3200","Undefined","3000","CUSTOM PACKING LIST SHIP TO (CAN)","DATAVISUAL - CAD CURRENCY ONLY","Canada ULC",1303.95,1303.95,"10/08/2021","Standard Distribution","01","Unassigned","0002750570","Standard Order","TA","AV CONFERENCING (VADDIO)",2021,"2021-10",0,"Vaddio","CONFERENCE","ROOM SYSTEM","AV","001","999-60320-000","","DATAVISUAL - CAD CURRENCY ONLY","Vaddio","3002","K1J 0B3","E","B0004","B0004P0435","B0004P0435G0014100","Unassigned","EasyIP Mixer System Global","Projection Screens","B0004P0435G0014100","Canada Camera Profit Center","3200","0097777533","Unassigned","AV Distribution","08","Central","C1XXP3","Canada","Canada - ULC","3200","David Galos",null,"Undefined",null,"New York","United States","Canada","Ontario","DIRECT","AV CAPTURE & COLLABORATION - CAMERAS","4210","1",{"v":0.1648894268641805,"d":"0.16"},1561.41,1303.95,1,1561.41,"CAD",1.27359,1988.6]
[1368324424,"01",null,"145767",null,"Invoice","Vaddio","B0004","Distributor - National","002","Unassigned","3200","Undefined","3000","CUSTOM PACKING LIST SHIP TO (CAN)","DATAVISUAL - CAD CURRENCY ONLY","Canada ULC",1664.13,3328.26,"10/11/2021","Standard Distribution","01","Unassigned","0002750570","Standard Order","TA","AV CONFERENCING (VADDIO)",2021,"2021-10",0,"Vaddio","CONFERENCE","AUDIO KIT","AV","001","999-86600-000","","DATAVISUAL - CAD CURRENCY ONLY","Vaddio","3002","K1J 0B3","E","B0004","B0004P0435","B0004P0435G0014095","Unassigned","USB AUDIO BUNDLE","Projection Screens","B0004P0435G0014095","Canada Camera Profit Center","3200","0097780462","Unassigned","AV Distribution","08","Central","C1XXP3","Canada","Canada - ULC","3200","David Galos",null,"Undefined",null,"New York","United States","Canada","Ontario","DIRECT","AV CAPTURE & COLLABORATION - CAMERAS","4210","1",{"v":-0.7839823974142854,"d":"-0.78"},1865.635,1664.13,2,3731.27,"CAD",1.27359,4752.11]
[1368324425,"01",null,"145767",null,"Invoice","Vaddio","B0004","Distributor - National","002","Unassigned","3200","Undefined","3000","ENTER ALTERNATE ADDRESS (CANADA)","DATAVISUAL - CAD CURRENCY ONLY","Canada ULC",1602.79,4808.38,"10/06/2021","Standard Distribution","01","Unassigned","0002731551","Standard Order","TA","AV CONTENT CAPTURE (VADDIO)",2021,"2021-10",29,"Vaddio","CONFERENCE","CAMERA","AV","001","999-9990-000W","","DATAVISUAL - CAD CURRENCY ONLY","Vaddio","3002","K1J 0B3","E","B0004","B0004P0435","B0004P0435G0014105","Unassigned","CONFERENCESHOT 10 SYSTEM WHITE","Projection Screens","B0004P0435G0014105","Canada Camera Profit Center","3200","0097771512","Unassigned","AV Distribution","08","Central","C1XXP3","Canada","Canada - ULC","3200","David Galos",null,"Undefined",null,"New York","United States","Canada","Ontario","DIRECT","AV CAPTURE & COLLABORATION - CAMERAS","4210","1",{"v":-2.6917488946166532,"d":"-2.69"},1302.4667,1602.79,3,3907.4,"CAD",1.27359,4976.43]
[1368324426,"01",null,"145767",null,"Invoice","Vaddio","B0004","Distributor - National","002","Unassigned","3200","Undefined","3000","CUSTOM PACKING LIST SHIP TO (CAN)","DATAVISUAL - CAD CURRENCY ONLY","Canada ULC",3386.87,3386.87,"11/23/2021","Standard Distribution","01","Unassigned","0002788080","Standard Order","TA","AV CONFERENCING (VADDIO)",2021,"2021-11",0,"Vaddio","CONFERENCE","ROOM SYSTEM","AV","001","999-60321-000","","DATAVISUAL - CAD CURRENCY ONLY","Vaddio","3002","K1J 0B3","E","B0004","B0004P0435","B0004P0435G0014100","Unassigned","EasyIP 10 Mixer Base Kit Blk N/A","Projection Screens","B0004P0435G0014100","Canada Camera Profit Center","3200","0097991845","Unassigned","AV Distribution","08","Central","C1XXP3","Canada","Canada - ULC","3200","David Galos",null,"Undefined",null,"New York","United States","Canada","Ontario","DIRECT","AV CAPTURE & COLLABORATION - CAMERAS","4210","1",{"v":0.051713952127495855,"d":"0.05"},3571.57,3386.87,1,3571.57,"CAD",1.23828,4422.6]
[1368324427,"01",null,"145767",null,"Invoice","Vaddio","B0004","Distributor - National","002","Unassigned","3200","Undefined","3000","ENTER ALTERNATE ADDRESS (CANADA)","DATAVISUAL - CAD CURRENCY ONLY","Canada ULC",506.96,506.96,"11/22/2021","Standard Distribution","01","Unassigned","0002784328","Standard Order","TA","AV CONFERENCING (VADDIO)",2021,"2021-11",0,"Vaddio","CONFERENCE","AUDIO","AV","001","999-8530-000","","DATAVISUAL - CAD CURRENCY ONLY","Vaddio","3002","K1J 0B3","E","B0004","B0004P0435","B0004P0435G0014090","Unassigned","EASYUSB MIXER/AMP SYSTEM","Projection Screens","B0004P0435G0014090","Canada Camera Profit Center","3200","0097962931","Unassigned","AV Distribution","08","Central","C1XXP3","Canada","Canada - ULC","3200","David Galos",null,"Undefined",null,"New York","United States","Canada","Ontario","DIRECT","AV CAPTURE & COLLABORATION - CAMERAS","4210","1",{"v":0.33750637063366573,"d":"0.34"},765.23,506.96,1,765.23,"CAD",1.23828,947.57]
[1368324428,"01",null,"131672",null,"EDI Invoice","Vaddio","B0004","Dealer","001","Unassigned","3000","Undefined","3000","ENTER ALTERNATE ADDRESS (US)","AVI-SPL LLC","Americas LLC",74.29,74.29,"06/30/2021","Standard Distribution","01","Unassigned","0040850465","EDI Order","ZEDI","AV CONTENT CAPTURE (VADDIO)",2021,"2021-06",18,"Vaddio","CAM EXTENSIONS","EXT CABLES","AV","001","440-1005-061","AVI-SPL","AVI-SPL","Vaddio","3002","33634","F","B0004","B0004P0415","B0004P0415G0014040","Unassigned","ACTIVE OPTICAL USB 3.0 A/B PLENUM 8M","Projection Screens","B0004P0415G0014040","US Camera Profit Center","3000","0097325355","Unassigned","AV Integrators","01","South","U1DXP2","United States","Americas - LLC","3000","Keri Manasa",null,"Undefined",null,"Unassigned","United States","United States","Unassigned","DIRECT","AV CAPTURE & COLLABORATION - CAMERAS","4210","1",{"v":0.5572441742654508,"d":"0.56"},167.79,74.29,1,167.79,"USD",1,167.79]
[1368324429,"01",null,"145767",null,"Invoice","Vaddio","B0004","Distributor - National","002","Unassigned","3200","Undefined","3000","STRADER-FERRIS INT'L","DATAVISUAL - CAD CURRENCY ONLY","Canada ULC",643.1,1286.2,"12/13/2021","Standard Distribution","01","Unassigned","0002799336","Standard Order","TA","AV CONFERENCING (VADDIO)",2021,"2021-12",5,"Vaddio","CONFERENCE","ROOM SYSTEM","AV","001","999-60210-000","","DATAVISUAL - CAD CURRENCY ONLY","Vaddio","3002","K1J 0B3","E","B0004","B0004P0435","B0004P0435G0014100","Unassigned","EasyIP Decoder","Projection Screens","B0004P0435G0014100","Canada Camera Profit Center","3200","0098101080","Unassigned","AV Distribution","08","Central","C1XXP3","Canada","Canada - ULC","3200","David Galos",null,"Undefined",null,"New York","United States","Canada","Ontario","DIRECT","AV CAPTURE & COLLABORATION - CAMERAS","4210","1",{"v":-1.279506242855497,"d":"-1.28"},564.245,643.1,2,1128.49,"CAD",1.27673,1440.78]
[1368324430,"01",null,"145767",null,"Invoice","Vaddio","B0004","Distributor - National","002","Unassigned","3200","Undefined","3000","STRADER-FERRIS INT'L","DATAVISUAL - CAD CURRENCY ONLY","Canada ULC",1583.85,1583.85,"12/16/2021","Standard Distribution","01","Unassigned","0002803519","Standard Order","TA","AV CONTENT CAPTURE (VADDIO)",2021,"2021-12",0,"Vaddio","CONFERENCE","CAMERA","AV","001","999-9990-000B","","DATAVISUAL - CAD CURRENCY ONLY","Vaddio","3002","K1J 0B3","E","B0004","B0004P0435","B0004P0435G0014105","Unassigned","CONFERENCESHOT 10 SYSTEM","Projection Screens","B0004P0435G0014105","Canada Camera Profit Center","3200","0098119693","Unassigned","AV Distribution","08","Central","C1XXP3","Canada","Canada - ULC","3200","David Galos",null,"Undefined",null,"New York","United States","Canada","Ontario","DIRECT","AV CAPTURE & COLLABORATION - CAMERAS","4210","1",{"v":-0.17214558479618702,"d":"-0.17"},1351.24,1583.85,1,1351.24,"CAD",1.27673,1725.17]
[1368324431,"01",null,"145767",null,"Invoice","Vaddio","B0004","Distributor - National","002","Unassigned","3200","Undefined","3000","STRADER-FERRIS INT'L","DATAVISUAL - CAD CURRENCY ONLY","Canada ULC",2298.3,2298.3,"12/31/2021","Standard Distribution","01","Unassigned","0002812346","Standard Order","TA","AV CONFERENCING (VADDIO)",2021,"2021-12",11,"Vaddio","CONFERENCE","ROOM SYSTEM","AV","001","999-99950-700B","","DATAVISUAL - CAD CURRENCY ONLY","Vaddio","3002","K1J 0B3","E","B0004","B0004P0435","B0004P0435G0014100","Unassigned","CSAV SYS CEILINGMIC 2 (W/O SPKR)","Projection Screens","B0004P0435G0014100","Canada Camera Profit Center","3200","0098188573","Unassigned","AV Distribution","08","Central","C1XXP3","Canada","Canada - ULC","3200","David Galos",null,"Undefined",null,"New York","United States","Canada","Ontario","DIRECT","AV CAPTURE & COLLABORATION - CAMERAS","4210","1",{"v":0.04400815273907066,"d":"0.04"},2404.1,2298.3,1,2404.1,"CAD",1.27067,3054.82]
[1368324432,"01",null,"131672",null,"EDI Invoice","Vaddio","B0004","Dealer","001","Unassigned","3000","Undefined","3000","ENTER ALTERNATE ADDRESS (US)","AVI-SPL LLC","Americas LLC",95.29,95.29,"06/24/2021","Standard Distribution","01","Unassigned","0040846761","EDI Order","ZEDI","AV CONTENT CAPTURE (VADDIO)",2021,"2021-06",18,"Vaddio","CAM EXTENSIONS","EXT CABLES","AV","001","440-1005-065","AVI-SPL","AVI-SPL","Vaddio","3002","33634","F","B0004","B0004P0415","B0004P0415G0014040","Unassigned","ACTIVE OPTICAL USB 3.0 A/B PLENUM 20M","Projection Screens","B0004P0415G0014040","US Camera Profit Center","3000","0097312989","Unassigned","AV Integrators","01","South","U1DXP2","United States","Americas - LLC","3000","Keri Manasa",null,"Undefined",null,"Unassigned","United States","United States","Unassigned","DIRECT","AV CAPTURE & COLLABORATION - CAMERAS","4210","1",{"v":0.7737976546550823,"d":"0.77"},421.26,95.29,1,421.26,"USD",1,421.26]
[1368324433,"01",null,"133557",null,"Invoice","Vaddio","B0004","Dealer","001","Unassigned","3000","Undefined","3000","ENTER ALTERNATE ADDRESS (US)","SKC COMMUNICATION PRODUCTS LLC","Americas LLC",657.57,657.57,"02/19/2021","Standard Distribution","01","Unassigned","0002555859","Standard Order","TA","AV CONTENT CAPTURE (VADDIO)",2021,"2021-02",0,"Vaddio","CONFERENCE","CAMERA","AV","001","999-9990-000B","","SKC COMMUNICATION PRODUCTS LLC","Vaddio","3002","66227","E","B0004","B0004P0435","B0004P0435G0014105","Unassigned","CONFERENCESHOT 10 SYSTEM","Projection Screens","B0004P0435G0014105","US Camera Profit Center","3000","0096824289","Unassigned","AV Integrators","01","NorthEast","U1DXP1","United States","Americas - LLC","3000","Nathan Craine",null,"Undefined",null,"District of Columbia","United States","United States","Kansas","DIRECT","AV CAPTURE & COLLABORATION - CAMERAS","4210","1",{"v":0.4982947652727231,"d":"0.50"},1310.67,657.57,1,1310.67,"USD",1,1310.67]
[1368324434,"01",null,"133557",null,"Invoice","Vaddio","B0004","Dealer","001","Unassigned","3000","Undefined","3000","SKC COMMUNICATION PRODUCTS LLC","SKC COMMUNICATION PRODUCTS LLC","Americas LLC",173.54,173.54,"03/02/2021","Standard Distribution","01","Unassigned","0002564381","Standard Order","TA","AV CONFERENCING (VADDIO)",2021,"2021-03",1,"Vaddio","CONFERENCE","ROOM SYSTEM","AV","001","999-11208-000","","SKC COMMUNICATION PRODUCTS LLC","Vaddio","3002","66227","E","B0004","B0004P0435","B0004P0435G0014100","Unassigned","EasyIP PoE+ Switch","Projection Screens","B0004P0435G0014100","US Camera Profit Center","3000","0096845949","Unassigned","AV Integrators","01","MidWest","U1DXP3","United States","Americas - LLC","3000","Andre White",null,"Undefined",null,"Kansas","United States","United States","Kansas","DIRECT","AV CAPTURE & COLLABORATION - CAMERAS","4210","1",{"v":0.33922248029547275,"d":"0.34"},262.63,173.54,1,262.63,"USD",1,262.63]
[1368324435,"01",null,"132104",null,"Invoice","Vaddio","B0004","System Integrator","011","PROFESSIONAL SYSTEMS NETWORK INTL","3000","Undefined","3000","CONFERENCE TECH - LITTLE ROCK","CONFERENCE TECHNOLOGIES INC.","Americas LLC",269.43,269.43,"03/30/2021","Standard Distribution","01","Unassigned","0002589002","Standard Order","TA","AV CONFERENCING (VADDIO)",2021,"2021-03",0,"Vaddio","CONFERENCE","ROOM SYSTEM","AV","001","999-60210-000","","CONFERENCE TECHNOLOGIES INC.","Vaddio","3002","63043","E","B0004","B0004P0435","B0004P0435G0014100","Unassigned","EasyIP Decoder","Projection Screens","B0004P0435G0014100","US Camera Profit Center","3000","0096971873","Unassigned","AV Integrators","01","South","U1DXP2","United States","Americas - LLC","3000","Ken Phillips",null,"Undefined",null,"Unassigned","United States","United States","Unassigned","DIRECT","AV CAPTURE & COLLABORATION - CAMERAS","4210","1",{"v":0.5503879849812265,"d":"0.55"},599.25,269.43,1,599.25,"USD",1,599.25]
[1368324436,"01","151290","151290",null,"Invoice","Vaddio","B0004","Dealer","001","Unassigned","3000","Undefined","3000","PARTNER TEK INC.","PARTNER TEK INC.","Americas LLC",235.01,940.05,"03/26/2021","Standard Distribution","01","Unassigned","0002586246","Standard Order","TA","AV CONFERENCING (VADDIO)",2021,"2021-03",9,"Vaddio","CONFERENCE","AUDIO","AV","001","999-85810-000","","PARTNER TEK INC.","Vaddio","3002","60031","E","B0004","B0004P0435","B0004P0435G0014090","Unassigned","EasyIP CeilingMIC D White","Projection Screens","B0004P0435G0014090","US Camera Profit Center","3000","0096956589","Unassigned","AV Integrators","01","MidWest","U1DXP3","United States","Americas - LLC","3000","Andre White",null,"Undefined",null,"Illinois","United States","United States","Illinois","DIRECT","AV CAPTURE & COLLABORATION - CAMERAS","4210","4",{"v":-0.45744186046511626,"d":"-0.46"},645,235.01,4,2580,"USD",1,2580]
[1368324437,"01",null,"132070",null,"Invoice","Vaddio","B0004","Dealer","001","Unassigned","3000","Undefined","3000","ENTER ALTERNATE ADDRESS (US)","BRADFIELD'S COMPUTER SUPPLY","Americas LLC",246.23,492.45,"03/15/2021","Standard Distribution","01","Unassigned","0002575473","Standard Order","TA","AV CONFERENCING (VADDIO)",2021,"2021-03",7,"Vaddio","CONFERENCE","AUDIO","AV","001","999-85820-000","","BRADFIELD'S COMPUTER SUPPLY","Vaddio","3002","61602","E","B0004","B0004P0435","B0004P0435G0014090","Unassigned","EasyIP CeilingMIC D Black","Projection Screens","B0004P0435G0014090","US Camera Profit Center","3000","0096900152","Unassigned","AV Integrators","01","MidWest","U1DXP3","United States","Americas - LLC","3000","Andre White",null,"Undefined",null,"Illinois","United States","United States","Illinois","DIRECT","AV CAPTURE & COLLABORATION - CAMERAS","4210","3",{"v":0.23651162790697677,"d":"0.24"},645,246.23,2,1290,"USD",1,1290]
[1368324438,"01",null,"133557",null,"Invoice","Vaddio","B0004","Dealer","001","Unassigned","3000","Undefined","3000","ENTER ALTERNATE ADDRESS (US)","SKC COMMUNICATION PRODUCTS LLC","Americas LLC",295.52,295.52,"03/26/2021","Standard Distribution","01","Unassigned","0002585447","Standard Order","TA","AV CONFERENCING (VADDIO)",2021,"2021-03",0,"Vaddio","CONFERENCE","AUDIO KIT","AV","001","999-88000-000","","SKC COMMUNICATION PRODUCTS LLC","Vaddio","3002","66227","E","B0004","B0004P0435","B0004P0435G0014095","Unassigned","EasyUSB MicPOD I/O w/Two C-MICs N/A","Projection Screens","B0004P0435G0014095","US Camera Profit Center","3000","0096955517","Unassigned","AV Integrators","01","West","U1DXP4","United States","Americas - LLC","3000","Dana Sanders Nickel",null,"Undefined",null,"Unassigned","United States","United States","Kansas","DIRECT","AV CAPTURE & COLLABORATION - CAMERAS","4210","1",{"v":0.7807406088395249,"d":"0.78"},1347.81,295.52,1,1347.81,"USD",1,1347.81]
[1368324439,"01",null,"131672",null,"EDI Invoice","Vaddio","B0004","Dealer","001","Unassigned","3000","Undefined","3000","ENTER ALTERNATE ADDRESS (US)","AVI-SPL LLC","Americas LLC",597.56,2987.8,"06/04/2021","Standard Distribution","01","Unassigned","0040827551","EDI Order","ZEDI","AV CONTENT CAPTURE (VADDIO)",2021,"2021-06",18,"Vaddio","CAM EXTENSIONS","EXT HUBS","AV","001","999-1005-032","AVI-SPL","AVI-SPL","Vaddio","3002","33634","X","B0004","B0004P0415","B0004P0415G0014045","Unassigned","USB 3.0 EXTENDER SYSTEM N/A","Projection Screens","B0004P0415G0014045","US Camera Profit Center","3000","0097244399","Unassigned","AV Integrators","01","MidWest","U1DXP3","United States","Americas - LLC","3000","Andre White",null,"Undefined",null,"Illinois","United States","United States","Unassigned","DIRECT","AV CAPTURE & COLLABORATION - CAMERAS","4210","1",{"v":-1.5088799133421222,"d":"-1.51"},1190.89,597.56,5,5954.45,"USD",1,5954.45]
[1368324440,"01",null,"132070",null,"Invoice","Vaddio","B0004","Dealer","001","Unassigned","3000","Undefined","3000","ENTER ALTERNATE ADDRESS (US)","BRADFIELD'S COMPUTER SUPPLY","Americas LLC",160.55,321.09,"04/16/2021","Standard Distribution","01","Unassigned","0002604003","Standard Order","TA","AV CONFERENCING (VADDIO)",2021,"2021-04",10,"Vaddio","CONFERENCE","AUDIO","AV","001","999-85100-000","","BRADFIELD'S COMPUTER SUPPLY","Vaddio","3002","61602","E","B0004","B0004P0435","B0004P0435G0014090","Unassigned","Ceiling MIC System White","Projection Screens","B0004P0435G0014090","US Camera Profit Center","3000","0097028944","Unassigned","AV Integrators","01","MidWest","U1DXP3","United States","Americas - LLC","3000","Andre White",null,"Undefined",null,"Illinois","United States","United States","Illinois","DIRECT","AV CAPTURE & COLLABORATION - CAMERAS","4210","3",{"v":0.28316924519456177,"d":"0.28"},447.93,160.55,2,895.86,"USD",1,895.86]
[1368324441,"01","133557","133557",null,"Invoice","Vaddio","B0004","Dealer","001","Unassigned","3000","Undefined","3000","SKC COMMUNICATION PRODUCTS LLC","SKC COMMUNICATION PRODUCTS LLC","Americas LLC",235.02,470.03,"04/28/2021","Standard Distribution","01","Unassigned","0002612560","Standard Order","TA","AV CONFERENCING (VADDIO)",2021,"2021-04",6,"Vaddio","CONFERENCE","AUDIO","AV","001","999-85810-000","","SKC COMMUNICATION PRODUCTS LLC","Vaddio","3002","66227","E","B0004","B0004P0435","B0004P0435G0014090","Unassigned","EasyIP CeilingMIC D White","Projection Screens","B0004P0435G0014090","US Camera Profit Center","3000","0097077054","Unassigned","AV Integrators","01","South","U1DXP2","United States","Americas - LLC","3000","Bradley Carson",null,"Undefined",null,"North Carolina","United States","United States","Kansas","DIRECT","AV CAPTURE & COLLABORATION - CAMERAS","4210","1",{"v":0.27127131782945746,"d":"0.27"},645,235.02,2,1290,"USD",1,1290]
[1368324477,"01",null,"133557",null,"Invoice","Vaddio","B0004","Dealer","001","Unassigned","3000","Undefined","3000","SKC WAREHOUSE - LENEXA","SKC COMMUNICATION PRODUCTS LLC","Americas LLC",677.78,677.78,"04/13/2021","Standard Distribution","01","Unassigned","0002600357","Standard Order","TA","AV CONTENT CAPTURE (VADDIO)",2021,"2021-04",18,"Vaddio","CONFERENCE","CAMERA","AV","001","999-9990-000B","","SKC COMMUNICATION PRODUCTS LLC","Vaddio","3002","66227","E","B0004","B0004P0435","B0004P0435G0014105","Unassigned","CONFERENCESHOT 10 SYSTEM","Projection Screens","B0004P0435G0014105","US Camera Profit Center","3000","0097021510","Unassigned","AV Integrators","01","MidWest","U1DXP3","United States","Americas - LLC","3000","Andre White",null,"Undefined",null,"Kansas","United States","United States","Kansas","DIRECT","AV CAPTURE & COLLABORATION - CAMERAS","4210","1",{"v":0.48287517071421493,"d":"0.48"},1310.67,677.78,1,1310.67,"USD",1,1310.67]
[1368324478,"01",null,"131672",null,"EDI Invoice","Vaddio","B0004","Dealer","001","Unassigned","3000","Undefined","3000","ENTER ALTERNATE ADDRESS (US)","AVI-SPL LLC","Americas LLC",597.56,1195.11,"06/08/2021","Standard Distribution","01","Unassigned","0040833270","EDI Order","ZEDI","AV CONTENT CAPTURE (VADDIO)",2021,"2021-06",9,"Vaddio","CAM EXTENSIONS","EXT HUBS","AV","001","999-1005-032","AVI-SPL","AVI-SPL","Vaddio","3002","33634","X","B0004","B0004P0415","B0004P0415G0014045","Unassigned","USB 3.0 EXTENDER SYSTEM N/A","Projection Screens","B0004P0415G0014045","US Camera Profit Center","3000","0097249858","Unassigned","AV Integrators","01","South","U1DXP2","United States","Americas - LLC","3000","Keri Manasa",null,"Undefined",null,"Unassigned","United States","United States","Unassigned","DIRECT","AV CAPTURE & COLLABORATION - CAMERAS","4210","1",{"v":-0.0035435682556741455,"d":"-0.00"},1190.89,597.56,2,2381.78,"USD",1,2381.78]
[1368324479,"01",null,"133557",null,"Invoice","Vaddio","B0004","Dealer","001","Unassigned","3000","Undefined","3000","SKC WAREHOUSE - LENEXA","SKC COMMUNICATION PRODUCTS LLC","Americas LLC",668.31,668.31,"04/08/2021","Standard Distribution","01","Unassigned","0002596767","Standard Order","TA","AV CONTENT CAPTURE (VADDIO)",2021,"2021-04",18,"Vaddio","CONFERENCE","CAMERA","AV","001","999-9990-000W","","SKC COMMUNICATION PRODUCTS LLC","Vaddio","3002","66227","E","B0004","B0004P0435","B0004P0435G0014105","Unassigned","CONFERENCESHOT 10 SYSTEM WHITE","Projection Screens","B0004P0435G0014105","US Camera Profit Center","3000","0097013844","Unassigned","AV Integrators","01","MidWest","U1DXP3","United States","Americas - LLC","3000","Andre White",null,"Undefined",null,"Kansas","United States","United States","Kansas","DIRECT","AV CAPTURE & COLLABORATION - CAMERAS","4210","1",{"v":0.49010048295909736,"d":"0.49"},1310.67,668.31,1,1310.67,"USD",1,1310.67]
[1368324480,"01",null,"132104",null,"Invoice","Vaddio","B0004","System Integrator","011","PROFESSIONAL SYSTEMS NETWORK INTL","3000","Undefined","3000","ENTER ALTERNATE ADDRESS (US)","CONFERENCE TECHNOLOGIES INC.","Americas LLC",1179.67,1179.67,"04/06/2021","Standard Distribution","01","Unassigned","0002593717","Standard Order","TA","AV CONFERENCING (VADDIO)",2021,"2021-04",18,"Vaddio","CONFERENCE","ROOM SYSTEM","AV","001","999-99950-600B","","CONFERENCE TECHNOLOGIES INC.","Vaddio","3002","63043","E","B0004","B0004P0435","B0004P0435G0014100","Unassigned","CSAV-TableMIC 2 w/o Speaker","Projection Screens","B0004P0435G0014100","US Camera Profit Center","3000","0097008482","Unassigned","AV Integrators","01","NorthEast","U1DXP1","United States","Americas - LLC","3000","Geoff Gibbs",null,"Undefined",null,"Unassigned","United States","United States","Unassigned","DIRECT","AV CAPTURE & COLLABORATION - CAMERAS","4210","1",{"v":0.3716436116097348,"d":"0.37"},1877.39,1179.67,1,1877.39,"USD",1,1877.39]
[1368324481,"01",null,"132104",null,"Invoice","Vaddio","B0004","System Integrator","011","PROFESSIONAL SYSTEMS NETWORK INTL","3000","Undefined","3000","CONFERENCE TECH - LITTLE ROCK","CONFERENCE TECHNOLOGIES INC.","Americas LLC",565.71,1131.41,"05/10/2021","Standard Distribution","01","Unassigned","0002623069","Standard Order","TA","AV CONFERENCING (VADDIO)",2021,"2021-05",16,"Vaddio","CONFERENCE","ROOM SYSTEM","AV","001","999-30200-000W","","CONFERENCE TECHNOLOGIES INC.","Vaddio","3002","63043","E","B0004","B0004P0435","B0004P0435G0014100","Unassigned","EasyIP 10 Camera White","Projection Screens","B0004P0435G0014100","US Camera Profit Center","3000","0097136320","Unassigned","AV Integrators","01","South","U1DXP2","United States","Americas - LLC","3000","Ken Phillips",null,"Undefined",null,"Unassigned","United States","United States","Unassigned","DIRECT","AV CAPTURE & COLLABORATION - CAMERAS","4210","1",{"v":0.44107200197604046,"d":"0.44"},2024.25,565.71,2,4048.5,"USD",1,4048.5]
[1368324482,"01",null,"132104",null,"Invoice","Vaddio","B0004","System Integrator","011","PROFESSIONAL SYSTEMS NETWORK INTL","3000","Undefined","3000","CONFERENCE TECH - LITTLE ROCK","CONFERENCE TECHNOLOGIES INC.","Americas LLC",269.83,269.83,"05/10/2021","Standard Distribution","01","Unassigned","0002623069","Standard Order","TA","AV CONFERENCING (VADDIO)",2021,"2021-05",2,"Vaddio","CONFERENCE","ROOM SYSTEM","AV","001","999-60210-000","","CONFERENCE TECHNOLOGIES INC.","Vaddio","3002","63043","E","B0004","B0004P0435","B0004P0435G0014100","Unassigned","EasyIP Decoder","Projection Screens","B0004P0435G0014100","US Camera Profit Center","3000","0097136320","Unassigned","AV Integrators","01","South","U1DXP2","United States","Americas - LLC","3000","Ken Phillips",null,"Undefined",null,"Unassigned","United States","United States","Unassigned","DIRECT","AV CAPTURE & COLLABORATION - CAMERAS","4210","1",{"v":0.5497204839382561,"d":"0.55"},599.25,269.83,1,599.25,"USD",1,599.25]
[1368324483,"01",null,"133557",null,"Invoice","Vaddio","B0004","Dealer","001","Unassigned","3000","Undefined","3000","ENTER ALTERNATE ADDRESS (US)","SKC COMMUNICATION PRODUCTS LLC","Americas LLC",161.71,161.71,"05/28/2021","Standard Distribution","01","Unassigned","0002640484","Standard Order","TA","AV CONFERENCING (VADDIO)",2021,"2021-05",0,"Vaddio","CONFERENCE","AUDIO","AV","001","999-85100-000","","SKC COMMUNICATION PRODUCTS LLC","Vaddio","3002","66227","E","B0004","B0004P0435","B0004P0435G0014090","Unassigned","Ceiling MIC System White","Projection Screens","B0004P0435G0014090","US Camera Profit Center","3000","0097227895","Unassigned","AV Integrators","01","MidWest","U1DXP3","United States","Americas - LLC","3000","Steve Woll",null,"Undefined",null,"Unassigned","United States","United States","Kansas","DIRECT","AV CAPTURE & COLLABORATION - CAMERAS","4210","1",{"v":0.6389837697854575,"d":"0.64"},447.93,161.71,1,447.93,"USD",1,447.93]
[1368324484,"01",null,"133557",null,"Invoice","Vaddio","B0004","Dealer","001","Unassigned","3000","Undefined","3000","SKC COMMUNICATIONS - WEST ALLIS","SKC COMMUNICATION PRODUCTS LLC","Americas LLC",1111.97,1111.97,"06/03/2021","Standard Distribution","01","Unassigned","0002640473","Standard Order","TA","AV CONFERENCING (VADDIO)",2021,"2021-06",0,"Vaddio","CONFERENCE","ROOM SYSTEM","AV","001","999-30201-000","","SKC COMMUNICATION PRODUCTS LLC","Vaddio","3002","66227","E","B0004","B0004P0435","B0004P0435G0014100","Unassigned","EasyIP 10 Base Kit Black","Projection Screens","B0004P0435G0014100","US Camera Profit Center","3000","0097242389","Unassigned","AV Integrators","01","MidWest","U1DXP3","United States","Americas - LLC","3000","Steve Woll",null,"Undefined",null,"Unassigned","United States","United States","Kansas","DIRECT","AV CAPTURE & COLLABORATION - CAMERAS","4210","1",{"v":0.5834319836964665,"d":"0.58"},2669.36,1111.97,1,2669.36,"USD",1,2669.36]
[1368324485,"01",null,"133557",null,"Invoice","Vaddio","B0004","Dealer","001","Unassigned","3000","Undefined","3000","SKC WAREHOUSE - LENEXA","SKC COMMUNICATION PRODUCTS LLC","Americas LLC",1594.91,1594.91,"06/09/2021","Standard Distribution","01","Unassigned","0002648029","Standard Order","TA","AV CONFERENCING (VADDIO)",2021,"2021-06",18,"Vaddio","CONFERENCE","ROOM SYSTEM","AV","001","999-30231-000W","","SKC COMMUNICATION PRODUCTS LLC","Vaddio","3002","66227","E","B0004","B0004P0435","B0004P0435G0014100","Unassigned","EasyIP 20 Mixer Base Kit White NA","Projection Screens","B0004P0435G0014100","US Camera Profit Center","3000","0097253202","Unassigned","AV Integrators","01","MidWest","U1DXP3","United States","Americas - LLC","3000","Andre White",null,"Undefined",null,"Kansas","United States","United States","Kansas","DIRECT","AV CAPTURE & COLLABORATION - CAMERAS","4210","1",{"v":0.6257520578932054,"d":"0.63"},4261.64,1594.91,1,4261.64,"USD",1,4261.64]
[1368324486,"01",null,"133557",null,"Invoice","Vaddio","B0004","Dealer","001","Unassigned","3000","Undefined","3000","ENTER ALTERNATE ADDRESS (US)","SKC COMMUNICATION PRODUCTS LLC","Americas LLC",210.13,420.26,"06/03/2021","Standard Distribution","01","Unassigned","0002643520","Standard Order","TA","AV CONFERENCING (VADDIO)",2021,"2021-06",0,"Vaddio","CONFERENCE","AUDIO","AV","001","999-8530-000","","SKC COMMUNICATION PRODUCTS LLC","Vaddio","3002","66227","E","B0004","B0004P0435","B0004P0435G0014090","Unassigned","EASYUSB MIXER/AMP SYSTEM","Projection Screens","B0004P0435G0014090","US Camera Profit Center","3000","0097242387","Unassigned","AV Integrators","01","South","U1DXP2","United States","Americas - LLC","3000","Ken Phillips",null,"Undefined",null,"Oklahoma","United States","United States","Kansas","DIRECT","AV CAPTURE & COLLABORATION - CAMERAS","4210","1",{"v":0.4497702248000105,"d":"0.45"},763.79,210.13,2,1527.58,"USD",1,1527.58]
[1368324487,"01",null,"132856",null,"Invoice","Vaddio","B0004","Dealer","001","Unassigned","3000","Undefined","3000","ENTER ALTERNATE ADDRESS (US)","KANSAS CITY AUDIO VISUAL","Americas LLC",787.64,787.64,"06/14/2021","Standard Distribution","01","Unassigned","0002643971","Standard Order","TA","AV CONFERENCING (VADDIO)",2021,"2021-06",20,"Vaddio","CONFERENCE","AUDIO KIT","AV","001","999-88100-000","","KANSAS CITY AUDIO VISUAL","Vaddio","3002","64131","E","B0004","B0004P0435","B0004P0435G0014095","Unassigned","EasyUSB MicPOD I/O w/Four C-MICs N/A","Projection Screens","B0004P0435G0014095","US Camera Profit Center","3000","0097283661","Unassigned","AV Integrators","01","MidWest","U1DXP3","United States","Americas - LLC","3000","Andre White",null,"Undefined",null,"Kansas","United States","United States","Unassigned","DIRECT","AV CAPTURE & COLLABORATION - CAMERAS","4210","2",{"v":0.6662415092100971,"d":"0.67"},2359.91,787.64,1,2359.91,"USD",1,2359.91]
[1368324511,"01",null,"131672",null,"EDI Invoice","Vaddio","B0004","Dealer","001","Unassigned","3000","Undefined","3000","ENTER ALTERNATE ADDRESS (US)","AVI-SPL LLC","Americas LLC",597.19,1194.37,"06/14/2021","Standard Distribution","01","Unassigned","0040836556","EDI Order","ZEDI","AV CONTENT CAPTURE (VADDIO)",2021,"2021-06",10,"Vaddio","CAM EXTENSIONS","EXT HUBS","AV","001","999-1005-032","AVI-SPL","AVI-SPL","Vaddio","3002","33634","X","B0004","B0004P0415","B0004P0415G0014045","Unassigned","USB 3.0 EXTENDER SYSTEM N/A","Projection Screens","B0004P0415G0014045","US Camera Profit Center","3000","0097283135","Unassigned","AV Integrators","01","West","U1DXP4","United States","Americas - LLC","3000","Comm So Cal - Shomper/Yates",null,"Undefined",null,"Unassigned","United States","United States","Unassigned","DIRECT","AV CAPTURE & COLLABORATION - CAMERAS","4210","1",{"v":-0.002922184248755011,"d":"-0.00"},1190.89,597.19,2,2381.78,"USD",1,2381.78]
[1368324512,"01",null,"131672",null,"EDI Invoice","Vaddio","B0004","Dealer","001","Unassigned","3000","Undefined","3000","ENTER ALTERNATE ADDRESS (US)","AVI-SPL LLC","Americas LLC",597.19,1194.38,"06/14/2021","Standard Distribution","01","Unassigned","0040836556","EDI Order","ZEDI","AV CONTENT CAPTURE (VADDIO)",2021,"2021-06",10,"Vaddio","CAM EXTENSIONS","EXT HUBS","AV","001","999-1005-032","AVI-SPL","AVI-SPL","Vaddio","3002","33634","X","B0004","B0004P0415","B0004P0415G0014045","Unassigned","USB 3.0 EXTENDER SYSTEM N/A","Projection Screens","B0004P0415G0014045","US Camera Profit Center","3000","0097283135","Unassigned","AV Integrators","01","West","U1DXP4","United States","Americas - LLC","3000","Comm So Cal - Shomper/Yates",null,"Undefined",null,"Unassigned","United States","United States","Unassigned","DIRECT","AV CAPTURE & COLLABORATION - CAMERAS","4210","1",{"v":-0.002930581329929627,"d":"-0.00"},1190.89,597.19,2,2381.78,"USD",1,2381.78]
[1368324513,"01",null,"133557",null,"Invoice","Vaddio","B0004","Dealer","001","Unassigned","3000","Undefined","3000","ENTER ALTERNATE ADDRESS (US)","SKC COMMUNICATION PRODUCTS LLC","Americas LLC",993.24,3972.94,"07/19/2021","Standard Distribution","01","Unassigned","0002674487","Standard Order","TA","AV CONFERENCING (VADDIO)",2021,"2021-07",54,"Vaddio","CONFERENCE","ROOM SYSTEM","AV","001","999-99950-700W","","SKC COMMUNICATION PRODUCTS LLC","Vaddio","3002","66227","E","B0004","B0004P0435","B0004P0435G0014100","Unassigned","CSAV SYS CEILINGMIC 2 (W/O SPKR) WHT","Projection Screens","B0004P0435G0014100","US Camera Profit Center","3000","0097420853","Unassigned","AV Integrators","01","West","U1DXP4","United States","Americas - LLC","3000","Dana Sanders Nickel",null,"Undefined",null,"Unassigned","United States","United States","Kansas","DIRECT","AV CAPTURE & COLLABORATION - CAMERAS","4210","1",{"v":-0.6773651501334144,"d":"-0.68"},2368.56,993.24,4,9474.24,"USD",1,9474.24]
[1368324514,"01",null,"133557",null,"Invoice","Vaddio","B0004","Dealer","001","Unassigned","3000","Undefined","3000","SKC WAREHOUSE - LENEXA","SKC COMMUNICATION PRODUCTS LLC","Americas LLC",843.13,2529.38,"08/11/2021","Standard Distribution","01","Unassigned","0002703295","Standard Order","TA","AV CONFERENCING (VADDIO)",2021,"2021-08",0,"Vaddio","CONFERENCE","ROOM SYSTEM","AV","001","999-30230-000W","","SKC COMMUNICATION PRODUCTS LLC","Vaddio","3002","66227","E","B0004","B0004P0435","B0004P0435G0014100","Unassigned","EasyIP 20 Camera White","Projection Screens","B0004P0435G0014100","US Camera Profit Center","3000","0097535074","Unassigned","AV Integrators","01","MidWest","U1DXP3","United States","Americas - LLC","3000","Andre White",null,"Undefined",null,"Kansas","United States","United States","Kansas","DIRECT","AV CAPTURE & COLLABORATION - CAMERAS","4210","1",{"v":0.002602544184102329,"d":"0.00"},2535.98,843.13,3,7607.94,"USD",1,7607.94]
[1368324515,"01",null,"133557",null,"Invoice","Vaddio","B0004","Dealer","001","Unassigned","3000","Undefined","3000","ONE TIME - BID SHIP TO ONLY","SKC COMMUNICATION PRODUCTS LLC","Americas LLC",1404.32,7021.6,"08/27/2021","Standard Distribution","01","Unassigned","0002710448","Standard Order","TA","AV CONFERENCING (VADDIO)",2021,"2021-08",63,"Vaddio","CONFERENCE","ROOM SYSTEM","AV","001","999-60321-000W","","SKC COMMUNICATION PRODUCTS LLC","Vaddio","3002","66227","E","B0004","B0004P0435","B0004P0435G0014100","Unassigned","EasyIP 10 Mixer Base Kit Wht N/A","Projection Screens","B0004P0435G0014100","US Camera Profit Center","3000","0097600621","Unassigned","AV Integrators","01","MidWest","U1DXP3","United States","Americas - LLC","3000","Andre White",null,"Undefined",null,"Kansas","United States","United States","Kansas","DIRECT","AV CAPTURE & COLLABORATION - CAMERAS","4210","1",{"v":-0.9313402702710136,"d":"-0.93"},3635.61,1404.32,5,18178.05,"USD",1,18178.05]
[1368324516,"01",null,"133557",null,"Invoice","Vaddio","B0004","Dealer","001","Unassigned","3000","Undefined","3000","SKC WAREHOUSE - LENEXA","SKC COMMUNICATION PRODUCTS LLC","Americas LLC",165.12,330.23,"08/05/2021","Standard Distribution","01","Unassigned","0002697823","Standard Order","TA","AV CONFERENCING (VADDIO)",2021,"2021-08",8,"Vaddio","CONFERENCE","AUDIO","AV","001","999-85100-000","","SKC COMMUNICATION PRODUCTS LLC","Vaddio","3002","66227","E","B0004","B0004P0435","B0004P0435G0014090","Unassigned","Ceiling MIC System White","Projection Screens","B0004P0435G0014090","US Camera Profit Center","3000","0097494100","Unassigned","AV Integrators","01","MidWest","U1DXP3","United States","Americas - LLC","3000","Andre White",null,"Undefined",null,"Kansas","United States","United States","Kansas","DIRECT","AV CAPTURE & COLLABORATION - CAMERAS","4210","1",{"v":0.29139754951397967,"d":"0.29"},466.03,165.12,2,932.06,"USD",1,932.06]
[1368324517,"01",null,"133557",null,"Invoice","Vaddio","B0004","Dealer","001","Unassigned","3000","Undefined","3000","SKC WAREHOUSE - LENEXA","SKC COMMUNICATION PRODUCTS LLC","Americas LLC",165.12,330.23,"08/05/2021","Standard Distribution","01","Unassigned","0002698391","Standard Order","TA","AV CONFERENCING (VADDIO)",2021,"2021-08",15,"Vaddio","CONFERENCE","AUDIO","AV","001","999-85100-000","","SKC COMMUNICATION PRODUCTS LLC","Vaddio","3002","66227","E","B0004","B0004P0435","B0004P0435G0014090","Unassigned","Ceiling MIC System White","Projection Screens","B0004P0435G0014090","US Camera Profit Center","3000","0097494105","Unassigned","AV Integrators","01","MidWest","U1DXP3","United States","Americas - LLC","3000","Andre White",null,"Undefined",null,"Kansas","United States","United States","Kansas","DIRECT","AV CAPTURE & COLLABORATION - CAMERAS","4210","1",{"v":0.29139754951397967,"d":"0.29"},466.03,165.12,2,932.06,"USD",1,932.06]
[1368324518,"01",null,"133557",null,"Invoice","Vaddio","B0004","Dealer","001","Unassigned","3000","Undefined","3000","SKC WAREHOUSE - LENEXA","SKC COMMUNICATION PRODUCTS LLC","Americas LLC",214.7,214.7,"08/05/2021","Standard Distribution","01","Unassigned","0002698391","Standard Order","TA","AV CONFERENCING (VADDIO)",2021,"2021-08",12,"Vaddio","CONFERENCE","AUDIO","AV","001","999-8530-000","","SKC COMMUNICATION PRODUCTS LLC","Vaddio","3002","66227","E","B0004","B0004P0435","B0004P0435G0014090","Unassigned","EASYUSB MIXER/AMP SYSTEM","Projection Screens","B0004P0435G0014090","US Camera Profit Center","3000","0097494105","Unassigned","AV Integrators","01","MidWest","U1DXP3","United States","Americas - LLC","3000","Andre White",null,"Undefined",null,"Kansas","United States","United States","Kansas","DIRECT","AV CAPTURE & COLLABORATION - CAMERAS","4210","1",{"v":0.7244150076373113,"d":"0.72"},779.07,214.7,1,779.07,"USD",1,779.07]
[1368324519,"01",null,"133557",null,"Invoice","Vaddio","B0004","Dealer","001","Unassigned","3000","Undefined","3000","ONE TIME - BID SHIP TO ONLY","SKC COMMUNICATION PRODUCTS LLC","Americas LLC",314.92,7558.11,"08/20/2021","Standard Distribution","01","Unassigned","0002710448","Standard Order","TA","AV CONFERENCING (VADDIO)",2021,"2021-08",70,"Vaddio","CONFERENCE","AUDIO","AV","001","999-85810-000","","SKC COMMUNICATION PRODUCTS LLC","Vaddio","3002","66227","E","B0004","B0004P0435","B0004P0435G0014090","Unassigned","EasyIP CeilingMIC D White","Projection Screens","B0004P0435G0014090","US Camera Profit Center","3000","0097559875","Unassigned","AV Integrators","01","MidWest","U1DXP3","United States","Americas - LLC","3000","Andre White",null,"Undefined",null,"Kansas","United States","United States","Kansas","DIRECT","AV CAPTURE & COLLABORATION - CAMERAS","4210","1",{"v":-10.855672852190553,"d":"-10.86"},637.51,314.92,24,15300.24,"USD",1,15300.24]
[1368324520,"01",null,"132856",null,"Invoice","Vaddio","B0004","Dealer","001","Unassigned","3000","Undefined","3000","KANSAS CITY AUDIO VISUAL","KANSAS CITY AUDIO VISUAL","Americas LLC",811.38,811.38,"08/03/2021","Standard Distribution","01","Unassigned","0002696186","Standard Order","TA","AV CONFERENCING (VADDIO)",2021,"2021-08",20,"Vaddio","CONFERENCE","AUDIO KIT","AV","001","999-88100-000","","KANSAS CITY AUDIO VISUAL","Vaddio","3002","64131","E","B0004","B0004P0435","B0004P0435G0014095","Unassigned","EasyUSB MicPOD I/O w/Four C-MICs N/A","Projection Screens","B0004P0435G0014095","US Camera Profit Center","3000","0097488412","Unassigned","AV Integrators","01","MidWest","U1DXP3","United States","Americas - LLC","3000","Andre White",null,"Undefined",null,"Unassigned","United States","United States","Unassigned","DIRECT","AV CAPTURE & COLLABORATION - CAMERAS","4210","2",{"v":0.6629235888679786,"d":"0.66"},2407.11,811.38,1,2407.11,"USD",1,2407.11]
[1368324521,"01",null,"133557",null,"Invoice","Vaddio","B0004","Dealer","001","Unassigned","3000","Undefined","3000","ENTER ALTERNATE ADDRESS (US)","SKC COMMUNICATION PRODUCTS LLC","Americas LLC",776,776,"09/08/2021","Standard Distribution","01","Unassigned","0002725706","Standard Order","TA","AV CONFERENCING (VADDIO)",2021,"2021-09",27,"Vaddio","CONFERENCE","ROOM SYSTEM","AV","001","999-50707-000","","SKC COMMUNICATION PRODUCTS LLC","Vaddio","3002","66227","E","B0004","B0004P0435","B0004P0435G0014100","Unassigned","HuddleSHOT BLACK","Projection Screens","B0004P0435G0014100","US Camera Profit Center","3000","0097654881","Unassigned","AV Integrators","01","West","U1DXP4","United States","Americas - LLC","3000","Dana Sanders Nickel",null,"Undefined",null,"Unassigned","United States","United States","Kansas","DIRECT","AV CAPTURE & COLLABORATION - CAMERAS","4210","1",{"v":0.3611643931473356,"d":"0.36"},1214.71,776,1,1214.71,"USD",1,1214.71]
[1368324544,"01",null,"132839",null,"Invoice","Vaddio","B0004","Dealer","001","Unassigned","3000","Undefined","3000","REX ELECTRIC","REX ELECTRIC","Americas LLC",554.59,2772.95,"09/21/2021","Standard Distribution","01","Unassigned","0002734345","Standard Order","TA","AV CONFERENCING (VADDIO)",2021,"2021-09",0,"Vaddio","CONFERENCE","ROOM SYSTEM","AV","001","999-60320-000","","REX ELECTRIC","Vaddio","3002","60601","E","B0004","B0004P0435","B0004P0435G0014100","Unassigned","EasyIP Mixer System Global","Projection Screens","B0004P0435G0014100","US Camera Profit Center","3000","0097712703","Unassigned","AV Integrators","01","MidWest","U1DXP3","United States","Americas - LLC","3000","Andre White",null,"Undefined",null,"Illinois","United States","United States","Illinois","DIRECT","AV CAPTURE & COLLABORATION - CAMERAS","4210","2",{"v":-0.6962740024346528,"d":"-0.70"},1634.73,554.59,5,8173.65,"USD",1,8173.65]
[1368324545,"01",null,"133557",null,"Invoice","Vaddio","B0004","Dealer","001","Unassigned","3000","Undefined","3000","ENTER ALTERNATE ADDRESS (US)","SKC COMMUNICATION PRODUCTS LLC","Americas LLC",160.61,321.22,"09/07/2021","Standard Distribution","01","Unassigned","0002725393","Standard Order","TA","AV CONFERENCING (VADDIO)",2021,"2021-09",27,"Vaddio","CONFERENCE","AUDIO","AV","001","999-85000-000W","","SKC COMMUNICATION PRODUCTS LLC","Vaddio","3002","66227","E","B0004","B0004P0435","B0004P0435G0014090","Unassigned","TableMIC Microphone White","Projection Screens","B0004P0435G0014090","US Camera Profit Center","3000","0097652200","Unassigned","AV Integrators","01","West","U1DXP4","United States","Americas - LLC","3000","Dana Sanders Nickel",null,"Undefined",null,"Unassigned","United States","United States","Kansas","DIRECT","AV CAPTURE & COLLABORATION - CAMERAS","4210","1",{"v":0.3107310688153122,"d":"0.31"},466.03,160.61,2,932.06,"USD",1,932.06]
[1368324546,"01",null,"133557",null,"Invoice","Vaddio","B0004","Dealer","001","Unassigned","3000","Undefined","3000","ENTER ALTERNATE ADDRESS (US)","SKC COMMUNICATION PRODUCTS LLC","Americas LLC",163.04,326.08,"09/15/2021","Standard Distribution","01","Unassigned","0002731381","Standard Order","TA","AV CONFERENCING (VADDIO)",2021,"2021-09",15,"Vaddio","CONFERENCE","AUDIO","AV","001","999-85100-000","","SKC COMMUNICATION PRODUCTS LLC","Vaddio","3002","66227","E","B0004","B0004P0435","B0004P0435G0014090","Unassigned","Ceiling MIC System White","Projection Screens","B0004P0435G0014090","US Camera Profit Center","3000","0097686405","Unassigned","AV Integrators","01","South","U1DXP2","United States","Americas - LLC","3000","Ken Phillips",null,"Undefined",null,"Oklahoma","United States","United States","Kansas","DIRECT","AV CAPTURE & COLLABORATION - CAMERAS","4210","1",{"v":0.30030255562946595,"d":"0.30"},466.03,163.04,2,932.06,"USD",1,932.06]
[1368324547,"01",null,"133146",null,"Invoice","Vaddio","B0004","Dealer","001","Unassigned","3000","Undefined","3000","ENTER ALTERNATE ADDRESS (US)","PACE SYSTEMS INC","Americas LLC",218.95,218.95,"09/23/2021","Standard Distribution","01","Unassigned","0002738039","Standard Order","TA","AV CONFERENCING (VADDIO)",2021,"2021-09",27,"Vaddio","CONFERENCE","AUDIO","AV","001","999-8530-000","","PACE SYSTEMS INC","Vaddio","3002","60563","E","B0004","B0004P0435","B0004P0435G0014090","Unassigned","EASYUSB MIXER/AMP SYSTEM","Projection Screens","B0004P0435G0014090","US Camera Profit Center","3000","0097718859","Unassigned","AV Integrators","01","MidWest","U1DXP3","United States","Americas - LLC","3000","Andre White",null,"Undefined",null,"Illinois","United States","United States","Illinois","DIRECT","AV CAPTURE & COLLABORATION - CAMERAS","4210","2",{"v":0.7189597853851387,"d":"0.72"},779.07,218.95,1,779.07,"USD",1,779.07]
[1368326948,"01",null,"131672",null,"EDI Invoice","Vaddio","B0004","Dealer","001","Unassigned","3000","Undefined","3000","ENTER ALTERNATE ADDRESS (US)","AVI-SPL LLC","Americas LLC",10.91,10.91,"08/31/2021","Standard Distribution","01","Unassigned","0040898290","EDI Order","ZEDI","AV CONTENT CAPTURE (VADDIO)",2021,"2021-08",0,"Vaddio","Accessories","RACK","AV","001","998-6000-006","AVI-SPL","AVI-SPL","Vaddio","3002","33634","E","B0004","B0004P0440","B0004P0440G0014120","Unassigned","DUAL 1/2 RACK MOUNTING KIT","Other/Misc","B0004P0440G0014120","US Camera Profit Center","3000","0097607448","Unassigned","AV Integrators","01","West","U1DXP4","United States","Americas - LLC","3000","Abbi Rath",null,"Undefined",null,"Unassigned","United States","United States","Unassigned","DIRECT","AV CAPTURE & COLLABORATION - CAMERAS","4210","1",{"v":0.8634372261860057,"d":"0.86"},79.89,10.91,1,79.89,"USD",1,79.89]
[1368326949,"01","124324","124324",null,"Invoice","Vaddio","B0004","Dealer","001","Unassigned","3000","Undefined","3000","MIDWICH AUSTRALIA PTY LTD","MIDWICH AUSTRALIA PTY LTD","Americas LLC",7.61,38.07,"06/15/2021","Standard Distribution","01","Unassigned","0002649777","Standard Order","TA","AV CONTENT CAPTURE (VADDIO)",2021,"2021-06",0,"Vaddio","CAMERA MOUNT","WALL","AV","001","535-2000-243","","MIDWICH AUSTRALIA PTY LTD","Vaddio","3002","2116","E","B0004","B0004P0420","B0004P0420G0014060","Unassigned","THIN PROFILE WALL MOUNT SONY/PANA CAMS","Projection Screens","B0004P0420G0014060","US Camera Profit Center","3010","0097285175","Unassigned","AV Integrators","01","Commercial","H1DXXX","Asia Pacific","Export","3010","Joseph Mak",null,"Undefined",null,"New South Wales","Australia","Australia","New South Wales","DIRECT","AV CAPTURE & COLLABORATION - CAMERAS","4210","1",{"v":0.5450525812619503,"d":"0.55"},83.68,7.61,5,418.4,"USD",1,418.4]
[1368326950,"01",null,"131672",null,"EDI Invoice","Vaddio","B0004","Dealer","001","Unassigned","3000","Undefined","3000","ENTER ALTERNATE ADDRESS (US)","AVI-SPL LLC","Americas LLC",10.91,21.82,"09/01/2021","Standard Distribution","01","Unassigned","0040899257","EDI Order","ZEDI","AV CONTENT CAPTURE (VADDIO)",2021,"2021-09",0,"Vaddio","Accessories","RACK","AV","001","998-6000-006","AVI-SPL","AVI-SPL","Vaddio","3002","33634","E","B0004","B0004P0440","B0004P0440G0014120","Unassigned","DUAL 1/2 RACK MOUNTING KIT","Other/Misc","B0004P0440G0014120","US Camera Profit Center","3000","0097610868","Unassigned","AV Integrators","01","West","U1DXP4","United States","Americas - LLC","3000","Dana Sanders Nickel",null,"Undefined",null,"Unassigned","United States","United States","Unassigned","DIRECT","AV CAPTURE & COLLABORATION - CAMERAS","4210","1",{"v":0.7268744523720115,"d":"0.73"},79.89,10.91,2,159.78,"USD",1,159.78]
[1368326951,"01","124324","124324",null,"Invoice","Vaddio","B0004","Dealer","001","Unassigned","3000","Undefined","3000","MIDWICH AUSTRALIA PTY LTD","MIDWICH AUSTRALIA PTY LTD","Americas LLC",7.01,35.03,"06/17/2021","Standard Distribution","01","Unassigned","0002644002","Standard Order","TA","AV CONTENT CAPTURE (VADDIO)",2021,"2021-06",0,"Vaddio","CAMERA MOUNT","WALL","AV","001","535-2000-244W","","MIDWICH AUSTRALIA PTY LTD","Vaddio","3002","2116","E","B0004","B0004P0420","B0004P0420G0014060","Unassigned","THIN PROFILE MNT KIT WHT CONFERENCESHOT","Projection Screens","B0004P0420G0014060","US Camera Profit Center","3010","0097290683","Unassigned","AV Integrators","01","Commercial","H1DXXX","Asia Pacific","Export","3010","Joseph Mak",null,"Undefined",null,"New South Wales","Australia","Australia","New South Wales","DIRECT","AV CAPTURE & COLLABORATION - CAMERAS","4210","1",{"v":0.26561844863731654,"d":"0.27"},47.7,7.01,5,238.5,"USD",1,238.5]
[1368326952,"01",null,"131672",null,"EDI Invoice","Vaddio","B0004","Dealer","001","Unassigned","3000","Undefined","3000","ENTER ALTERNATE ADDRESS (US)","AVI-SPL LLC","Americas LLC",10.91,10.91,"09/09/2021","Standard Distribution","01","Unassigned","0040903939","EDI Order","ZEDI","AV CONTENT CAPTURE (VADDIO)",2021,"2021-09",1,"Vaddio","Accessories","RACK","AV","001","998-6000-006","AVI-SPL","AVI-SPL","Vaddio","3002","33634","E","B0004","B0004P0440","B0004P0440G0014120","Unassigned","DUAL 1/2 RACK MOUNTING KIT","Other/Misc","B0004P0440G0014120","US Camera Profit Center","3000","0097656829","Unassigned","AV Integrators","01","West","U1DXP4","United States","Americas - LLC","3000","Comm So Cal - Shomper/Yates",null,"Undefined",null,"Unassigned","United States","United States","Unassigned","DIRECT","AV CAPTURE & COLLABORATION - CAMERAS","4210","1",{"v":0.8702580568438578,"d":"0.87"},84.09,10.91,1,84.09,"USD",1,84.09]
[1368326953,"01",null,"131672",null,"EDI Invoice","Vaddio","B0004","Dealer","001","Unassigned","3000","Undefined","3000","ENTER ALTERNATE ADDRESS (US)","AVI-SPL LLC","Americas LLC",10.91,10.91,"09/09/2021","Standard Distribution","01","Unassigned","0040905104","EDI Order","ZEDI","AV CONTENT CAPTURE (VADDIO)",2021,"2021-09",16,"Vaddio","Accessories","RACK","AV","001","998-6000-006","AVI-SPL","AVI-SPL","Vaddio","3002","33634","E","B0004","B0004P0440","B0004P0440G0014120","Unassigned","DUAL 1/2 RACK MOUNTING KIT","Other/Misc","B0004P0440G0014120","US Camera Profit Center","3000","0097656852","Unassigned","AV Integrators","01","South","U1DXP2","United States","Americas - LLC","3000","Kalee Luke",null,"Undefined",null,"Unassigned","United States","United States","Unassigned","DIRECT","AV CAPTURE & COLLABORATION - CAMERAS","4210","1",{"v":0.8702580568438578,"d":"0.87"},84.09,10.91,1,84.09,"USD",1,84.09]
[1368326954,"01",null,"131672",null,"EDI Invoice","Vaddio","B0004","Dealer","001","Unassigned","3000","Undefined","3000","ENTER ALTERNATE ADDRESS (US)","AVI-SPL LLC","Americas LLC",10.92,10.92,"09/14/2021","Standard Distribution","01","Unassigned","0040908240","EDI Order","ZEDI","AV CONTENT CAPTURE (VADDIO)",2021,"2021-09",0,"Vaddio","Accessories","RACK","AV","001","998-6000-006","AVI-SPL","AVI-SPL","Vaddio","3002","33634","E","B0004","B0004P0440","B0004P0440G0014120","Unassigned","DUAL 1/2 RACK MOUNTING KIT","Other/Misc","B0004P0440G0014120","US Camera Profit Center","3000","0097665624","Unassigned","AV Integrators","01","NorthEast","U1DXP1","United States","Americas - LLC","3000","Bryan Torino",null,"Undefined",null,"New Jersey","United States","United States","Unassigned","DIRECT","AV CAPTURE & COLLABORATION - CAMERAS","4210","1",{"v":0.8605720122574055,"d":"0.86"},78.32,10.92,1,78.32,"USD",1,78.32]
[1368326955,"01",null,"131672",null,"EDI Invoice","Vaddio","B0004","Dealer","001","Unassigned","3000","Undefined","3000","ENTER ALTERNATE ADDRESS (US)","AVI-SPL LLC","Americas LLC",10.92,10.92,"09/24/2021","Standard Distribution","01","Unassigned","0040916539","EDI Order","ZEDI","AV CONTENT CAPTURE (VADDIO)",2021,"2021-09",0,"Vaddio","Accessories","RACK","AV","001","998-6000-006","AVI-SPL","AVI-SPL","Vaddio","3002","33634","E","B0004","B0004P0440","B0004P0440G0014120","Unassigned","DUAL 1/2 RACK MOUNTING KIT","Other/Misc","B0004P0440G0014120","US Camera Profit Center","3000","0097721289","Unassigned","AV Integrators","01","NorthEast","U1DXP1","United States","Americas - LLC","3000","Peter Brady",null,"Undefined",null,"Unassigned","United States","United States","Unassigned","DIRECT","AV CAPTURE & COLLABORATION - CAMERAS","4210","1",{"v":0.870139136639315,"d":"0.87"},84.09,10.92,1,84.09,"USD",1,84.09]
[1368326956,"01",null,"131672",null,"Invoice","Vaddio","B0004","Dealer","001","Unassigned","3000","Undefined","3000","ENTER ALTERNATE ADDRESS (US)","AVI-SPL LLC","Americas LLC",14.58,29.16,"10/13/2021","Standard Distribution","01","Unassigned","0002754183","Standard Order","TA","AV CONTENT CAPTURE (VADDIO)",2021,"2021-10",27,"Vaddio","Accessories","Power","AV","001","451-2000-024","AVI-SPL","AVI-SPL","Vaddio","3002","33634","F","B0004","B0004P0440","B0004P0440G0014115","Unassigned","PS 24VDC 2.08A WITH FIG 8 WITH AC CORD","Other/Misc","B0004P0440G0014115","US Camera Profit Center","3000","0097786558","Unassigned","AV Integrators","01","MidWest","U1DXP3","United States","Americas - LLC","3000","Andre White",null,"Undefined",null,"Illinois","United States","United States","Unassigned","DIRECT","AV CAPTURE & COLLABORATION - CAMERAS","4210","1",{"v":0.46700785962346925,"d":"0.47"},54.71,14.58,2,109.42,"USD",1,109.42]
[1368326957,"01",null,"131672",null,"EDI Invoice","Vaddio","B0004","Dealer","001","Unassigned","3000","Undefined","3000","ENTER ALTERNATE ADDRESS (US)","AVI-SPL LLC","Americas LLC",4.96,9.91,"10/04/2021","Standard Distribution","01","Unassigned","0040921464","EDI Order","ZEDI","AV CONTENT CAPTURE (VADDIO)",2021,"2021-10",0,"Vaddio","Accessories","RACK","AV","001","998-6000-004","AVI-SPL","AVI-SPL","Vaddio","3002","33634","E","B0004","B0004P0440","B0004P0440G0014120","Unassigned","SINGLE 1/2 RACK MOUNTING KIT","Other/Misc","B0004P0440G0014120","US Camera Profit Center","3000","0097766375","Unassigned","AV Integrators","01","NorthEast","U1DXP1","United States","Americas - LLC","3000","Nathan Craine",null,"Undefined",null,"Unassigned","United States","United States","Unassigned","DIRECT","AV CAPTURE & COLLABORATION - CAMERAS","4210","1",{"v":0.8313478556841388,"d":"0.83"},58.76,4.96,2,117.52,"USD",1,117.52]
[1368326958,"01",null,"139844",null,"EDI Invoice","Vaddio","B0004","Online Reseller","010","Unassigned","3000","Undefined","3000","B&H PHOTO - NJF","B&H PHOTO VIDEO - NY (VADDIO)","Americas LLC",6.5,12.99,"06/03/2021","Standard Distribution","01","Unassigned","0040831583","EDI Order","ZEDI","AV CONTENT CAPTURE (VADDIO)",2021,"2021-06",0,"Vaddio","CAMERA MOUNT","WALL","AV","001","535-2000-251","","B&H PHOTO VIDEO - NY (VADDIO)","Vaddio","3002","10001","E","B0004","B0004P0420","B0004P0420G0014060","Unassigned","THIN PROFILE WALL MNT PR60/HD EAGLE EYE","Projection Screens","B0004P0420G0014060","US Camera Profit Center","3000","0097242844","Unassigned","AV Integrators","01","NorthEast","U1DXP1","United States","Americas - LLC","3000","John Ruggiero",null,"Undefined",null,"New Jersey","United States","United States","New York","DIRECT","AV CAPTURE & COLLABORATION - CAMERAS","4210","0",{"v":0.8932445759368837,"d":"0.89"},121.68,6.5,2,243.36,"USD",1,243.36]
[1368326959,"01",null,"131672",null,"EDI Invoice","Vaddio","B0004","Dealer","001","Unassigned","3000","Undefined","3000","ENTER ALTERNATE ADDRESS (US)","AVI-SPL LLC","Americas LLC",10.91,10.91,"10/19/2021","Standard Distribution","01","Unassigned","0040933520","EDI Order","ZEDI","AV CONTENT CAPTURE (VADDIO)",2021,"2021-10",0,"Vaddio","Accessories","RACK","AV","001","998-6000-006","AVI-SPL","AVI-SPL","Vaddio","3002","33634","E","B0004","B0004P0440","B0004P0440G0014120","Unassigned","DUAL 1/2 RACK MOUNTING KIT","Other/Misc","B0004P0440G0014120","US Camera Profit Center","3000","0097828071","Unassigned","AV Integrators","01","South","U1DXP2","United States","Americas - LLC","3000","Angela Tener",null,"Undefined",null,"Georgia","United States","United States","Unassigned","DIRECT","AV CAPTURE & COLLABORATION - CAMERAS","4210","1",{"v":0.8702580568438578,"d":"0.87"},84.09,10.91,1,84.09,"USD",1,84.09]
[1368326960,"01",null,"131672",null,"EDI Invoice","Vaddio","B0004","Dealer","001","Unassigned","3000","Undefined","3000","ENTER ALTERNATE ADDRESS (US)","AVI-SPL LLC","Americas LLC",10.91,10.91,"10/19/2021","Standard Distribution","01","Unassigned","0040933520","EDI Order","ZEDI","AV CONTENT CAPTURE (VADDIO)",2021,"2021-10",0,"Vaddio","Accessories","RACK","AV","001","998-6000-006","AVI-SPL","AVI-SPL","Vaddio","3002","33634","E","B0004","B0004P0440","B0004P0440G0014120","Unassigned","DUAL 1/2 RACK MOUNTING KIT","Other/Misc","B0004P0440G0014120","US Camera Profit Center","3000","0097828071","Unassigned","AV Integrators","01","South","U1DXP2","United States","Americas - LLC","3000","Angela Tener",null,"Undefined",null,"Georgia","United States","United States","Unassigned","DIRECT","AV CAPTURE & COLLABORATION - CAMERAS","4210","1",{"v":0.8702580568438578,"d":"0.87"},84.09,10.91,1,84.09,"USD",1,84.09]
[1368326961,"01",null,"140832",null,"Invoice","Vaddio","B0004","Dealer","001","Unassigned","3000","Undefined","3000","VEGA PROJECT INDIA PRIVATE LIMITED","VEGA PROJECT INDIA PVT LTD","Americas LLC",6.83,6.83,"06/18/2021","Standard Distribution","01","Unassigned","0002638599","Standard Order","TA","AV CONTENT CAPTURE (VADDIO)",2021,"2021-06",0,"Vaddio","CAMERA MOUNT","WALL","AV","001","535-2000-251","","VEGA PROJECT INDIA PVT LTD","Vaddio","3002","400051","E","B0004","B0004P0420","B0004P0420G0014060","Unassigned","THIN PROFILE WALL MNT PR60/HD EAGLE EYE","Projection Screens","B0004P0420G0014060","US Camera Profit Center","3010","0097294121","Unassigned","AV Integrators","01","Commercial","H1DXXX","Asia Pacific","Export","3010","Joseph Mak",null,"Undefined",null,"Undefined","India","India","Unassigned","DIRECT","AV CAPTURE & COLLABORATION - CAMERAS","4210","4",{"v":0.9410597169485675,"d":"0.94"},115.88,6.83,1,115.88,"USD",1,115.88]
[1368326962,"01",null,"131672",null,"Invoice","Vaddio","B0004","Dealer","001","Unassigned","3000","Undefined","3000","CUSTOM PACKING LIST SHIP TO (US)","AVI-SPL LLC","Americas LLC",14.58,14.58,"11/23/2021","Standard Distribution","01","Unassigned","0002789650","Standard Order","TA","AV CONTENT CAPTURE (VADDIO)",2021,"2021-11",27,"Vaddio","Accessories","Power","AV","001","451-2000-024","AVI-SPL","AVI-SPL","Vaddio","3002","33634","F","B0004","B0004P0440","B0004P0440G0014115","Unassigned","PS 24VDC 2.08A WITH FIG 8 WITH AC CORD","Other/Misc","B0004P0440G0014115","US Camera Profit Center","3000","0097993976","Unassigned","AV Integrators","01","NorthEast","U1DXP1","United States","Americas - LLC","3000","Nathan Craine",null,"Undefined",null,"District of Columbia","United States","United States","Unassigned","DIRECT","AV CAPTURE & COLLABORATION - CAMERAS","4210","1",{"v":0.7335039298117346,"d":"0.73"},54.71,14.58,1,54.71,"USD",1,54.71]
[1368326963,"01",null,"131672",null,"EDI Invoice","Vaddio","B0004","Dealer","001","Unassigned","3000","Undefined","3000","ENTER ALTERNATE ADDRESS (US)","AVI-SPL LLC","Americas LLC",5.43,10.86,"11/24/2021","Standard Distribution","01","Unassigned","0040967478","EDI Order","ZEDI","AV CONTENT CAPTURE (VADDIO)",2021,"2021-11",0,"Vaddio","Accessories","RACK","AV","001","998-6000-002","AVI-SPL","AVI-SPL","Vaddio","3002","33634","E","B0004","B0004P0440","B0004P0440G0014120","Unassigned","1-RU RACK PANEL FOR 3 INTERFACES","Other/Misc","B0004P0440G0014120","US Camera Profit Center","3000","0098004927","Unassigned","AV Integrators","01","NorthEast","U1DXP1","United States","Americas - LLC","3000","Alexandra  Trop",null,"Undefined",null,"Unassigned","United States","United States","Unassigned","DIRECT","AV CAPTURE & COLLABORATION - CAMERAS","4210","1",{"v":0.8151803948264125,"d":"0.82"},58.76,5.43,2,117.52,"USD",1,117.52]
[1368326964,"01","151812","151812",null,"Invoice","Vaddio","B0004","Dealer","001","Unassigned","3000","Undefined","3000","AVX LLC DBA AUDIO VIDEO EXCELLENCE","AVX LLC DBA AUDIO VIDEO EXCELLENCE","Americas LLC",6.81,6.81,"06/25/2021","Standard Distribution","01","Unassigned","0002661779","Standard Order","TA","AV CONTENT CAPTURE (VADDIO)",2021,"2021-06",4,"Vaddio","CAMERA MOUNT","WALL","Residential","003","535-2000-251","","AVX LLC DBA AUDIO VIDEO EXCELLENCE","Vaddio","3002","35209","E","B0004","B0004P0420","B0004P0420G0014060","Unassigned","THIN PROFILE WALL MNT PR60/HD EAGLE EYE","Projection Screens","B0004P0420G0014060","US Camera Profit Center","3000","0097317513","HIGH TECH INC","Residential AV","02","East - Resi","UXDXH4","United States","Americas - LLC","3000","Brent Armstrong",null,"Undefined",null,"Unassigned","United States","United States","Unassigned","DIRECT","AV CAPTURE & COLLABORATION - CAMERAS","4210","2",{"v":0.9440335305719921,"d":"0.94"},121.68,6.81,1,121.68,"USD",1,121.68]
[1368326965,"01",null,"131672",null,"EDI Invoice","Vaddio","B0004","Dealer","001","Unassigned","3000","Undefined","3000","ENTER ALTERNATE ADDRESS (US)","AVI-SPL LLC","Americas LLC",10.91,10.91,"11/04/2021","Standard Distribution","01","Unassigned","0040946075","EDI Order","ZEDI","AV CONTENT CAPTURE (VADDIO)",2021,"2021-11",27,"Vaddio","Accessories","RACK","AV","001","998-6000-006","AVI-SPL","AVI-SPL","Vaddio","3002","33634","E","B0004","B0004P0440","B0004P0440G0014120","Unassigned","DUAL 1/2 RACK MOUNTING KIT","Other/Misc","B0004P0440G0014120","US Camera Profit Center","3000","0097892363","Unassigned","AV Integrators","01","MidWest","U1DXP3","United States","Americas - LLC","3000","Steve Woll",null,"Undefined",null,"Unassigned","United States","United States","Unassigned","DIRECT","AV CAPTURE & COLLABORATION - CAMERAS","4210","1",{"v":0.8702580568438578,"d":"0.87"},84.09,10.91,1,84.09,"USD",1,84.09]
[1368326966,"01",null,"131672",null,"EDI Invoice","Vaddio","B0004","Dealer","001","Unassigned","3000","Undefined","3000","ENTER ALTERNATE ADDRESS (US)","AVI-SPL LLC","Americas LLC",10.92,76.41,"11/08/2021","Standard Distribution","01","Unassigned","0040948561","EDI Order","ZEDI","AV CONTENT CAPTURE (VADDIO)",2021,"2021-11",0,"Vaddio","Accessories","RACK","AV","001","998-6000-006","AVI-SPL","AVI-SPL","Vaddio","3002","33634","E","B0004","B0004P0440","B0004P0440G0014120","Unassigned","DUAL 1/2 RACK MOUNTING KIT","Other/Misc","B0004P0440G0014120","US Camera Profit Center","3000","0097899975","Unassigned","AV Integrators","01","NorthEast","U1DXP1","United States","Americas - LLC","3000","Geoff Gibbs",null,"Undefined",null,"Unassigned","United States","United States","Unassigned","DIRECT","AV CAPTURE & COLLABORATION - CAMERAS","4210","1",{"v":0.04355989485542622,"d":"0.04"},79.89,10.92,7,559.23,"USD",1,559.23]
[1368326967,"01",null,"131672",null,"EDI Invoice","Vaddio","B0004","Dealer","001","Unassigned","3000","Undefined","3000","ENTER ALTERNATE ADDRESS (US)","AVI-SPL LLC","Americas LLC",10.92,43.66,"11/15/2021","Standard Distribution","01","Unassigned","0040952325","EDI Order","ZEDI","AV CONTENT CAPTURE (VADDIO)",2021,"2021-11",1,"Vaddio","Accessories","RACK","AV","001","998-6000-006","AVI-SPL","AVI-SPL","Vaddio","3002","33634","E","B0004","B0004P0440","B0004P0440G0014120","Unassigned","DUAL 1/2 RACK MOUNTING KIT","Other/Misc","B0004P0440G0014120","US Camera Profit Center","3000","0097945768","Unassigned","AV Integrators","01","MidWest","U1DXP3","United States","Americas - LLC","3000","Kristin Dacey",null,"Undefined",null,"Unassigned","United States","United States","Unassigned","DIRECT","AV CAPTURE & COLLABORATION - CAMERAS","4210","1",{"v":0.4807943869663457,"d":"0.48"},84.09,10.92,4,336.36,"USD",1,336.36]
[1368326968,"01",null,"131672",null,"EDI Invoice","Vaddio","B0004","Dealer","001","Unassigned","3000","Undefined","3000","ENTER ALTERNATE ADDRESS (US)","AVI-SPL LLC","Americas LLC",5.25,5.25,"12/30/2021","Standard Distribution","01","Unassigned","0041011330","EDI Order","ZEDI","AV CONTENT CAPTURE (VADDIO)",2021,"2021-12",0,"Vaddio","Accessories","RACK","AV","001","998-6000-004","AVI-SPL","AVI-SPL","Vaddio","3002","33634","E","B0004","B0004P0440","B0004P0440G0014120","Unassigned","SINGLE 1/2 RACK MOUNTING KIT","Other/Misc","B0004P0440G0014120","US Camera Profit Center","3000","0098186949","Unassigned","AV Integrators","01","South","U1DXP2","United States","Americas - LLC","3000","Kalee Luke",null,"Undefined",null,"Unassigned","United States","United States","Unassigned","DIRECT","AV CAPTURE & COLLABORATION - CAMERAS","4210","1",{"v":0.9141034031413613,"d":"0.91"},61.12,5.25,1,61.12,"USD",1,61.12]
[1368326969,"01",null,"139844",null,"EDI Invoice","Vaddio","B0004","Online Reseller","010","Unassigned","3000","Undefined","3000","B&H PHOTO - NJF","B&H PHOTO VIDEO - NY (VADDIO)","Americas LLC",69.31,346.56,"06/08/2021","Standard Distribution","01","Unassigned","0040831583","EDI Order","ZEDI","AV CONTENT CAPTURE (VADDIO)",2021,"2021-06",22,"Vaddio","CAMERA MOUNT","CEILING","AV","001","535-2000-290","","B&H PHOTO VIDEO - NY (VADDIO)","Vaddio","3002","10001","E","B0004","B0004P0420","B0004P0420G0014055","Unassigned","DROP DN MT FOR SMALL PTZ CAMERAS - SHORT","Projection Screens","B0004P0420G0014055","US Camera Profit Center","3000","0097250923","Unassigned","AV Integrators","01","NorthEast","U1DXP1","United States","Americas - LLC","3000","John Ruggiero",null,"Undefined",null,"New Jersey","United States","United States","New York","DIRECT","AV CAPTURE & COLLABORATION - CAMERAS","4210","0",{"v":-0.8222736355032074,"d":"-0.82"},190.18,69.31,5,950.9,"USD",1,950.9]
[1368326970,"01",null,"133828",null,"Credit Memo","Vaddio","B0004","Dealer","001","Unassigned","3000","Undefined","3000","ENTER ALTERNATE ADDRESS (US)","VSGI - VA","Americas LLC",0,0,"03/04/2021","Standard Distribution","01","Unassigned","0060478268","Invoice Correct. Req","RK","AV CONTENT CAPTURE (VADDIO)",2021,"2021-03",23,"Vaddio","Accessories","RACK","AV","001","998-6000-004","","VSGI - VA","Vaddio","3002","22102","E","B0004","B0004P0440","B0004P0440G0014120","Unassigned","SINGLE 1/2 RACK MOUNTING KIT","Other/Misc","B0004P0440G0014120","US Camera Profit Center","3000","0096889176","Unassigned","AV Integrators","01","NorthEast","U1DXP1","United States","Americas - LLC","3000","Nathan Craine",null,"Undefined",null,"Georgia","United States","United States","Unassigned","DIRECT","AV CAPTURE & COLLABORATION - CAMERAS","4210","1",{"v":0,"d":"0.00"},null,0,0,56.48,"USD",1,56.48]
[1368326971,"01",null,"133711",null,"Invoice","Vaddio","B0004","Dealer","001","PROFESSIONAL SYSTEMS NETWORK INTL","3000","Undefined","3000","ONE DIVERSIFIED - STERLING","ONE DIVERSIFIED (GA)","Americas LLC",95.3,95.3,"05/20/2021","Standard Distribution","01","Unassigned","0002632904","Standard Order","TA","AV CONTENT CAPTURE (VADDIO)",2021,"2021-05",18,"Vaddio","CAM EXTENSIONS","EXT CABLES","AV","001","440-1005-065","","ONE DIVERSIFIED (GA)","Vaddio","3002","30071","F","B0004","B0004P0415","B0004P0415G0014040","Unassigned","ACTIVE OPTICAL USB 3.0 A/B PLENUM 20M","Projection Screens","B0004P0415G0014040","US Camera Profit Center","3000","0097185075","Unassigned","AV Integrators","01","NorthEast","U1DXP1","United States","Americas - LLC","3000","Geoff Gibbs",null,"Undefined",null,"Unassigned","United States","United States","Georgia","DIRECT","AV CAPTURE & COLLABORATION - CAMERAS","4210","1",{"v":0.7737739163461995,"d":"0.77"},421.26,95.3,1,421.26,"USD",1,421.26]
[1368326972,"01",null,"134861",null,"Invoice","Vaddio","B0004","Dealer","001","Unassigned","3000","Undefined","3000","ENTER ALTERNATE ADDRESS (US)","PRAGMATICS INC.","Americas LLC",14.58,14.58,"04/14/2021","Standard Distribution","01","Unassigned","0002600656","Standard Order","TA","AV CONTENT CAPTURE (VADDIO)",2021,"2021-04",18,"Vaddio","Accessories","Power","AV","001","451-2000-024","","PRAGMATICS INC.","Vaddio","3002","20190","F","B0004","B0004P0440","B0004P0440G0014115","Unassigned","PS 24VDC 2.08A WITH FIG 8 WITH AC CORD","Other/Misc","B0004P0440G0014115","US Camera Profit Center","3000","0097024459","Unassigned","AV Integrators","01","NorthEast","U1DXP1","United States","Americas - LLC","3000","Nathan Craine",null,"Undefined",null,"Arizona","United States","United States","Unassigned","DIRECT","AV CAPTURE & COLLABORATION - CAMERAS","4210","1",{"v":0.7227082540890073,"d":"0.72"},52.58,14.58,1,52.58,"USD",1,52.58]
[1368326973,"01","134243","134243",null,"Invoice","Vaddio","B0004","Dealer","001","Unassigned","3000","Undefined","3000","RTZ AUDIO VISUAL","RTZ AUDIO VISUAL","Americas LLC",9.41,37.65,"04/01/2021","Standard Distribution","01","Unassigned","0002591172","Standard Order","TA","AV CONFERENCING (VADDIO)",2021,"2021-04",1,"Vaddio","Accessories","RAW","AV","001","802-3280","","RTZ AUDIO VISUAL","Vaddio","3002","21075","F","B0004","B0004P0440","B0004P0440G0014125","Unassigned","EasyMIC Adapter HuddleSHOT","Other/Misc","B0004P0440G0014125","US Camera Profit Center","3000","0096995341","Unassigned","AV Integrators","01","NorthEast","U1DXP1","United States","Americas - LLC","3000","Nathan Craine",null,"Undefined",null,"Unassigned","United States","United States","Unassigned","DIRECT","AV CAPTURE & COLLABORATION - CAMERAS","4210","2",{"v":-0.333215297450425,"d":"-0.33"},28.24,9.41,4,112.96,"USD",1,112.96]
[1368326974,"01","139905","139905",null,"Invoice","Vaddio","B0004","Dealer","001","Unassigned","3000","Undefined","3000","CYVIZ LLC","CYVIZ LLC","Americas LLC",4.65,4.65,"04/06/2021","Standard Distribution","01","Unassigned","0002593694","Standard Order","TA","AV CONTENT CAPTURE (VADDIO)",2021,"2021-04",0,"Vaddio","Accessories","RACK","AV","001","998-6000-004","","CYVIZ LLC","Vaddio","3002","22203","E","B0004","B0004P0440","B0004P0440G0014120","Unassigned","SINGLE 1/2 RACK MOUNTING KIT","Other/Misc","B0004P0440G0014120","US Camera Profit Center","3000","0097009268","Unassigned","AV Integrators","01","NorthEast","U1DXP1","United States","Americas - LLC","3000","Nathan Craine",null,"Undefined",null,"Unassigned","United States","United States","Unassigned","DIRECT","AV CAPTURE & COLLABORATION - CAMERAS","4210","3",{"v":0.9176699716713881,"d":"0.92"},56.48,4.65,1,56.48,"USD",1,56.48]
[1368326975,"01",null,"139905",null,"Invoice","Vaddio","B0004","Dealer","001","Unassigned","3000","Undefined","3000","ENTER ALTERNATE ADDRESS (US)","CYVIZ LLC","Americas LLC",4.65,4.65,"04/06/2021","Standard Distribution","01","Unassigned","0002593731","Standard Order","TA","AV CONTENT CAPTURE (VADDIO)",2021,"2021-04",0,"Vaddio","Accessories","RACK","AV","001","998-6000-004","","CYVIZ LLC","Vaddio","3002","22203","E","B0004","B0004P0440","B0004P0440G0014120","Unassigned","SINGLE 1/2 RACK MOUNTING KIT","Other/Misc","B0004P0440G0014120","US Camera Profit Center","3000","0097009277","Unassigned","AV Integrators","01","NorthEast","U1DXP1","United States","Americas - LLC","3000","Nathan Craine",null,"Undefined",null,"Unassigned","United States","United States","Unassigned","DIRECT","AV CAPTURE & COLLABORATION - CAMERAS","4210","3",{"v":0.9176699716713881,"d":"0.92"},56.48,4.65,1,56.48,"USD",1,56.48]
[1368326976,"01",null,"139844",null,"EDI Invoice","Vaddio","B0004","Online Reseller","010","Unassigned","3000","Undefined","3000","B&H PHOTO - NJF","B&H PHOTO VIDEO - NY (VADDIO)","Americas LLC",70.42,704.18,"06/16/2021","Standard Distribution","01","Unassigned","0040839939","EDI Order","ZEDI","AV CONTENT CAPTURE (VADDIO)",2021,"2021-06",44,"Vaddio","CAMERA MOUNT","CEILING","AV","001","535-2000-290","","B&H PHOTO VIDEO - NY (VADDIO)","Vaddio","3002","10001","E","B0004","B0004P0420","B0004P0420G0014055","Unassigned","DROP DN MT FOR SMALL PTZ CAMERAS - SHORT","Projection Screens","B0004P0420G0014055","US Camera Profit Center","3000","0097289524","Unassigned","AV Integrators","01","NorthEast","U1DXP1","United States","Americas - LLC","3000","John Ruggiero",null,"Undefined",null,"New Jersey","United States","United States","New York","DIRECT","AV CAPTURE & COLLABORATION - CAMERAS","4210","0",{"v":-2.702702702702702,"d":"-2.70"},190.18,70.42,10,1901.8,"USD",1,1901.8]
[1368326977,"01",null,"139905",null,"Invoice","Vaddio","B0004","Dealer","001","Unassigned","3000","Undefined","3000","ENTER ALTERNATE ADDRESS (US)","CYVIZ LLC","Americas LLC",10.25,10.25,"04/30/2021","Standard Distribution","01","Unassigned","0002615685","Standard Order","TA","AV CONTENT CAPTURE (VADDIO)",2021,"2021-04",0,"Vaddio","Accessories","RACK","AV","001","998-6000-006","","CYVIZ LLC","Vaddio","3002","22203","E","B0004","B0004P0440","B0004P0440G0014120","Unassigned","DUAL 1/2 RACK MOUNTING KIT","Other/Misc","B0004P0440G0014120","US Camera Profit Center","3000","0097088961","Unassigned","AV Integrators","01","NorthEast","U1DXP1","United States","Americas - LLC","3000","Nathan Craine",null,"Undefined",null,"Unassigned","United States","United States","Unassigned","DIRECT","AV CAPTURE & COLLABORATION - CAMERAS","4210","3",{"v":0.8731749566938877,"d":"0.87"},80.82,10.25,1,80.82,"USD",1,80.82]
[1368326978,"01",null,"132633",null,"Invoice","Vaddio","B0004","Dealer","001","Unassigned","3000","Undefined","3000","ENTER ALTERNATE ADDRESS (US)","WASHINGTON PROF. SYSTEMS","Americas LLC",66.5,66.5,"05/19/2021","Standard Distribution","01","Unassigned","0002632321","Standard Order","TA","AV CONTENT CAPTURE (VADDIO)",2021,"2021-05",18,"Vaddio","Accessories","Power","AV","001","451-0400-055","","WASHINGTON PROF. SYSTEMS","Vaddio","3002","20902","F","B0004","B0004P0440","B0004P0440G0014115","Unassigned","PS POE+ MIDSPAN 10G POWER INJECTOR","Other/Misc","B0004P0440G0014115","US Camera Profit Center","3000","0097180073","Unassigned","AV Integrators","01","NorthEast","U1DXP1","United States","Americas - LLC","3000","Nathan Craine",null,"Undefined",null,"Unassigned","United States","United States","Unassigned","DIRECT","AV CAPTURE & COLLABORATION - CAMERAS","4210","1",{"v":0.48501510106094636,"d":"0.49"},129.13,66.5,1,129.13,"USD",1,129.13]
[1368326979,"01","134716","134716",null,"Invoice","Vaddio","B0004","Dealer","001","Unassigned","3000","Undefined","3000","FUTRON INC","FUTRON INC","Americas LLC",4.6,4.6,"05/17/2021","Standard Distribution","01","Unassigned","0002629282","Standard Order","TA","AV CONTENT CAPTURE (VADDIO)",2021,"2021-05",0,"Vaddio","Accessories","RACK","AV","001","998-6000-004","","FUTRON INC","Vaddio","3002","22193","E","B0004","B0004P0440","B0004P0440G0014120","Unassigned","SINGLE 1/2 RACK MOUNTING KIT","Other/Misc","B0004P0440G0014120","US Camera Profit Center","3000","0097174638","Unassigned","AV Integrators","01","NorthEast","U1DXP1","United States","Americas - LLC","3000","Nathan Craine",null,"Undefined",null,"Unassigned","United States","United States","Unassigned","DIRECT","AV CAPTURE & COLLABORATION - CAMERAS","4210","2",{"v":0.9185552407932012,"d":"0.92"},56.48,4.6,1,56.48,"USD",1,56.48]
[1368326980,"01",null,"124324",null,"Invoice","Vaddio","B0004","Dealer","001","Unassigned","3000","Undefined","3000","ENTER ALTERNATE ADDRESS (US)","MIDWICH AUSTRALIA PTY LTD","Americas LLC",70.61,141.22,"06/30/2021","Standard Distribution","01","Unassigned","0002665955","Standard Order","TA","AV CONTENT CAPTURE (VADDIO)",2021,"2021-06",0,"Vaddio","CAMERA MOUNT","CEILING","AV","001","535-2000-291","","MIDWICH AUSTRALIA PTY LTD","Vaddio","3002","2116","E","B0004","B0004P0420","B0004P0420G0014055","Unassigned","DROP DN MT FOR SMALL PTZ CAMERAS - LONG","Projection Screens","B0004P0420G0014055","US Camera Profit Center","3010","0097324484","Unassigned","AV Integrators","01","Commercial","H1DXXX","Asia Pacific","Export","3010","Joseph Mak",null,"Undefined",null,"Auckland","New Zealand","Australia","New South Wales","DIRECT","AV CAPTURE & COLLABORATION - CAMERAS","4210","1",{"v":0.28332910428825175,"d":"0.28"},197.05,70.61,2,394.1,"USD",1,394.1]
[1368326981,"01",null,"133828",null,"Invoice","Vaddio","B0004","Dealer","001","Unassigned","3000","Undefined","3000","DEA ATLANTA FIELD DIVISION","VSGI - VA","Americas LLC",10.21,10.21,"05/11/2021","Standard Distribution","01","Unassigned","0002623766","Standard Order","TA","AV CONTENT CAPTURE (VADDIO)",2021,"2021-05",0,"Vaddio","Accessories","RACK","AV","001","998-6000-006","","VSGI - VA","Vaddio","3002","22102","E","B0004","B0004P0440","B0004P0440G0014120","Unassigned","DUAL 1/2 RACK MOUNTING KIT","Other/Misc","B0004P0440G0014120","US Camera Profit Center","3000","0097139502","Unassigned","AV Integrators","01","NorthEast","U1DXP1","United States","Americas - LLC","3000","Nathan Craine",null,"Undefined",null,"Georgia","United States","United States","Unassigned","DIRECT","AV CAPTURE & COLLABORATION - CAMERAS","4210","1",{"v":0.867022662151602,"d":"0.87"},76.78,10.21,1,76.78,"USD",1,76.78]
[1368326982,"01",null,"132633",null,"Invoice","Vaddio","B0004","Dealer","001","Unassigned","3000","Undefined","3000","ENTER ALTERNATE ADDRESS (US)","WASHINGTON PROF. SYSTEMS","Americas LLC",14.58,72.91,"07/12/2021","Standard Distribution","01","Unassigned","0002675148","Standard Order","TA","AV CONTENT CAPTURE (VADDIO)",2021,"2021-07",27,"Vaddio","Accessories","Power","AV","001","451-2000-024","","WASHINGTON PROF. SYSTEMS","Vaddio","3002","20902","F","B0004","B0004P0440","B0004P0440G0014115","Unassigned","PS 24VDC 2.08A WITH FIG 8 WITH AC CORD","Other/Misc","B0004P0440G0014115","US Camera Profit Center","3000","0097375493","Unassigned","AV Integrators","01","NorthEast","U1DXP1","United States","Americas - LLC","3000","Nathan Craine",null,"Undefined",null,"Unassigned","United States","United States","Unassigned","DIRECT","AV CAPTURE & COLLABORATION - CAMERAS","4210","1",{"v":-0.475910931174089,"d":"-0.48"},49.4,14.58,5,247,"USD",1,247]
[1368326983,"01",null,"133828",null,"Invoice","Vaddio","B0004","Dealer","001","Unassigned","3000","Undefined","3000","ENTER ALTERNATE ADDRESS (US)","VSGI - VA","Americas LLC",4.6,4.6,"07/06/2021","Standard Distribution","01","Unassigned","0002666878","Standard Order","TA","AV CONTENT CAPTURE (VADDIO)",2021,"2021-07",0,"Vaddio","Accessories","RACK","AV","001","998-6000-004","","VSGI - VA","Vaddio","3002","22102","E","B0004","B0004P0440","B0004P0440G0014120","Unassigned","SINGLE 1/2 RACK MOUNTING KIT","Other/Misc","B0004P0440G0014120","US Camera Profit Center","3000","0097357364","Unassigned","AV Integrators","01","NorthEast","U1DXP1","United States","Americas - LLC","3000","Nathan Craine",null,"Undefined",null,"Texas","United States","United States","Unassigned","DIRECT","AV CAPTURE & COLLABORATION - CAMERAS","4210","1",{"v":0.9201527512584621,"d":"0.92"},57.61,4.6,1,57.61,"USD",1,57.61]
[1368326984,"01",null,"134716",null,"Invoice","Vaddio","B0004","Dealer","001","Unassigned","3000","Undefined","3000","ENTER ALTERNATE ADDRESS (US)","FUTRON INC","Americas LLC",10.69,106.91,"07/28/2021","Standard Distribution","01","Unassigned","0002690694","Standard Order","TA","AV CONTENT CAPTURE (VADDIO)",2021,"2021-07",0,"Vaddio","Accessories","RACK","AV","001","998-6000-006","","FUTRON INC","Vaddio","3002","22193","E","B0004","B0004P0440","B0004P0440G0014120","Unassigned","DUAL 1/2 RACK MOUNTING KIT","Other/Misc","B0004P0440G0014120","US Camera Profit Center","3000","0097471613","Unassigned","AV Integrators","01","NorthEast","U1DXP1","United States","Americas - LLC","3000","Nathan Craine",null,"Undefined",null,"Hawaii","United States","United States","Unassigned","DIRECT","AV CAPTURE & COLLABORATION - CAMERAS","4210","2",{"v":-0.3924199010158895,"d":"-0.39"},76.78,10.69,10,767.8,"USD",1,767.8]
[1368326985,"01",null,"133828",null,"Invoice","Vaddio","B0004","Dealer","001","Unassigned","3000","Undefined","3000","1TST - MILESTONE INC. SAVAGE (3000)","VSGI - VA","Americas LLC",213.11,213.11,"07/12/2021","Standard Distribution","01","Unassigned","0002676001","Standard Order","TA","AV CONTENT CAPTURE (VADDIO)",2021,"2021-07",5,"Vaddio","Accessories","CABLES & CONNECTORS","AV","001","999-1005-052","","VSGI - VA","Vaddio","3002","22102","E","B0004","B0004P0440","B0004P0440G0014105","Unassigned","EXTREME USB 2.0 EXTENDER NA","Other/Misc","B0004P0440G0014105","US Camera Profit Center","3000","0097375954","Unassigned","AV Integrators","01","NorthEast","U1DXP1","United States","Americas - LLC","3000","Nathan Craine",null,"Undefined",null,"Georgia","United States","United States","Unassigned","DIRECT","AV CAPTURE & COLLABORATION - CAMERAS","4210","1",{"v":0.4735424901185771,"d":"0.47"},404.8,213.11,1,404.8,"USD",1,404.8]
[1368326986,"01",null,"134716",null,"Invoice","Vaddio","B0004","Dealer","001","Unassigned","3000","Undefined","3000","FUTRON INCORPORATED","FUTRON INC","Americas LLC",4.76,4.76,"08/16/2021","Standard Distribution","01","Unassigned","0002706456","Standard Order","TA","AV CONTENT CAPTURE (VADDIO)",2021,"2021-08",27,"Vaddio","Accessories","RACK","AV","001","998-6000-004","","FUTRON INC","Vaddio","3002","22193","E","B0004","B0004P0440","B0004P0440G0014120","Unassigned","SINGLE 1/2 RACK MOUNTING KIT","Other/Misc","B0004P0440G0014120","US Camera Profit Center","3000","0097544324","Unassigned","AV Integrators","01","NorthEast","U1DXP1","United States","Americas - LLC","3000","Nathan Craine",null,"Undefined",null,"Unassigned","United States","United States","Unassigned","DIRECT","AV CAPTURE & COLLABORATION - CAMERAS","4210","2",{"v":0.9189925119128659,"d":"0.92"},58.76,4.76,1,58.76,"USD",1,58.76]
[1368326987,"01",null,"132284",null,"Invoice","Vaddio","B0004","Dealer","001","Unassigned","3000","Undefined","3000","ONE TIME - BID SHIP TO ONLY","DESIGN & INTEGRATION INC","Americas LLC",10.91,21.82,"08/11/2021","Standard Distribution","01","Unassigned","0002704330","Standard Order","TA","AV CONTENT CAPTURE (VADDIO)",2021,"2021-08",13,"Vaddio","Accessories","RACK","AV","001","998-6000-006","","DESIGN & INTEGRATION INC","Vaddio","3002","21211","E","B0004","B0004P0440","B0004P0440G0014120","Unassigned","DUAL 1/2 RACK MOUNTING KIT","Other/Misc","B0004P0440G0014120","US Camera Profit Center","3000","0097534765","Unassigned","AV Integrators","01","NorthEast","U1DXP1","United States","Americas - LLC","3000","Nathan Craine",null,"Undefined",null,"Unassigned","United States","United States","Unassigned","DIRECT","AV CAPTURE & COLLABORATION - CAMERAS","4210","2",{"v":0.7268744523720115,"d":"0.73"},79.89,10.91,2,159.78,"USD",1,159.78]
[1368326988,"01","132954","132954",null,"Invoice","Vaddio","B0004","Dealer","001","Unassigned","3000","Undefined","3000","SYSTEM SOURCE","SYSTEM SOURCE","Americas LLC",14.58,14.58,"09/22/2021","Standard Distribution","01","Unassigned","0002737971","Standard Order","TA","AV CONTENT CAPTURE (VADDIO)",2021,"2021-09",27,"Vaddio","Accessories","Power","AV","001","451-2000-024","","SYSTEM SOURCE","Vaddio","3002","21031","F","B0004","B0004P0440","B0004P0440G0014115","Unassigned","PS 24VDC 2.08A WITH FIG 8 WITH AC CORD","Other/Misc","B0004P0440G0014115","US Camera Profit Center","3000","0097715759","Unassigned","AV Integrators","01","NorthEast","U1DXP1","United States","Americas - LLC","3000","Nathan Craine",null,"Undefined",null,"Unassigned","United States","United States","Unassigned","DIRECT","AV CAPTURE & COLLABORATION - CAMERAS","4210","2",{"v":0.7335039298117346,"d":"0.73"},54.71,14.58,1,54.71,"USD",1,54.71]
[1368326989,"01","132954","132954",null,"Credit Memo","Vaddio","B0004","Dealer","001","Unassigned","3000","Undefined","3000","SYSTEM SOURCE","SYSTEM SOURCE","Americas LLC",0,0,"09/23/2021","Standard Distribution","01","Unassigned","0060534762","Invoice Correct. Req","RK","AV CONTENT CAPTURE (VADDIO)",2021,"2021-09",39,"Vaddio","Accessories","Power","AV","001","451-2000-024","","SYSTEM SOURCE","Vaddio","3002","21031","F","B0004","B0004P0440","B0004P0440G0014115","Unassigned","PS 24VDC 2.08A WITH FIG 8 WITH AC CORD","Other/Misc","B0004P0440G0014115","US Camera Profit Center","3000","0097724311","Unassigned","AV Integrators","01","NorthEast","U1DXP1","United States","Americas - LLC","3000","Nathan Craine",null,"Undefined",null,"Unassigned","United States","United States","Unassigned","DIRECT","AV CAPTURE & COLLABORATION - CAMERAS","4210","2",{"v":0,"d":"0.00"},null,0,0,54.71,"USD",1,54.71]
[1368326990,"01",null,"133828",null,"Invoice","Vaddio","B0004","Dealer","001","Unassigned","3000","Undefined","3000","1TST - MILESTONE INC. SAVAGE (3000)","VSGI - VA","Americas LLC",4.95,9.89,"09/28/2021","Standard Distribution","01","Unassigned","0002741026","Standard Order","TA","AV CONTENT CAPTURE (VADDIO)",2021,"2021-09",0,"Vaddio","Accessories","RACK","AV","001","998-6000-004","","VSGI - VA","Vaddio","3002","22102","E","B0004","B0004P0440","B0004P0440G0014120","Unassigned","SINGLE 1/2 RACK MOUNTING KIT","Other/Misc","B0004P0440G0014120","US Camera Profit Center","3000","0097749500","Unassigned","AV Integrators","01","NorthEast","U1DXP1","United States","Americas - LLC","3000","Nathan Craine",null,"Undefined",null,"Unassigned","United States","United States","Unassigned","DIRECT","AV CAPTURE & COLLABORATION - CAMERAS","4210","1",{"v":0.8316882232811436,"d":"0.83"},58.76,4.95,2,117.52,"USD",1,117.52]
[1368326991,"01",null,"134716",null,"Invoice","Vaddio","B0004","Dealer","001","Unassigned","3000","Undefined","3000","FUTRON INCORPORATED","FUTRON INC","Americas LLC",4.74,9.47,"09/16/2021","Standard Distribution","01","Unassigned","0002732097","Standard Order","TA","AV CONTENT CAPTURE (VADDIO)",2021,"2021-09",0,"Vaddio","Accessories","RACK","AV","001","998-6000-004","","FUTRON INC","Vaddio","3002","22193","E","B0004","B0004P0440","B0004P0440G0014120","Unassigned","SINGLE 1/2 RACK MOUNTING KIT","Other/Misc","B0004P0440G0014120","US Camera Profit Center","3000","0097697422","Unassigned","AV Integrators","01","NorthEast","U1DXP1","United States","Americas - LLC","3000","Nathan Craine",null,"Undefined",null,"Unassigned","United States","United States","Unassigned","DIRECT","AV CAPTURE & COLLABORATION - CAMERAS","4210","2",{"v":0.8388359428182437,"d":"0.84"},58.76,4.74,2,117.52,"USD",1,117.52]
[1368326992,"01","134899","134899",null,"Invoice","Vaddio","B0004","Dealer","001","Unassigned","3000","Undefined","3000","ARMBRUSTER AV","ARMBRUSTER AV","Americas LLC",16.38,32.76,"10/11/2021","Standard Distribution","01","Unassigned","0002753067","Standard Order","TA","AV CONTENT CAPTURE (VADDIO)",2021,"2021-10",27,"Vaddio","Accessories","Power","AV","001","451-5000-012","","ARMBRUSTER AV","Vaddio","3002","21220","F","B0004","B0004P0440","B0004P0440G0014115","Unassigned","POWER SUPPLY 12V 5A 60W","Other/Misc","B0004P0440G0014115","US Camera Profit Center","3000","0097782039","Unassigned","AV Integrators","01","NorthEast","U1DXP1","United States","Americas - LLC","3000","Nathan Craine",null,"Undefined",null,"Unassigned","United States","United States","Unassigned","DIRECT","AV CAPTURE & COLLABORATION - CAMERAS","4210","3",{"v":0.36140350877192984,"d":"0.36"},51.3,16.38,2,102.6,"USD",1,102.6]
[1368326993,"01",null,"131962",null,"Invoice","Vaddio","B0004","Dealer","001","Unassigned","3000","Undefined","3000","ENTER ALTERNATE ADDRESS (US)","ADVANCED COMPUTER CONCEPTS","Americas LLC",4.96,4.96,"10/15/2021","Standard Distribution","01","Unassigned","0002757032","Standard Order","TA","AV CONTENT CAPTURE (VADDIO)",2021,"2021-10",0,"Vaddio","Accessories","RACK","AV","001","998-6000-004","","ADVANCED COMPUTER CONCEPTS","Vaddio","3002","22102","E","B0004","B0004P0440","B0004P0440G0014120","Unassigned","SINGLE 1/2 RACK MOUNTING KIT","Other/Misc","B0004P0440G0014120","US Camera Profit Center","3000","0097815540","Unassigned","AV Integrators","01","NorthEast","U1DXP1","United States","Americas - LLC","3000","Nathan Craine",null,"Undefined",null,"Unassigned","United States","United States","Unassigned","DIRECT","AV CAPTURE & COLLABORATION - CAMERAS","4210","2",{"v":0.9111429595127194,"d":"0.91"},55.82,4.96,1,55.82,"USD",1,55.82]
[1368326994,"01","150988","150988",null,"Invoice","Vaddio","B0004","Distributor - Regional","003","Unassigned","3000","Undefined","3000","INDUSTRY TECH SALES INC.","INDUSTRY TECH SALES INC.","Americas LLC",61.38,61.38,"06/03/2021","Standard Distribution","01","Unassigned","0002641227","Standard Order","TA","AV CONFERENCING (VADDIO)",2021,"2021-06",18,"Vaddio","CAMERA MOUNT","WALL","Residential","003","535-2100-207","","INDUSTRY TECH SALES INC.","Vaddio","3002","55120","E","B0004","B0004P0420","B0004P0420G0014060","Unassigned","Adjustable Mount HuddleSHOT BLACK","Projection Screens","B0004P0420G0014060","US Camera Profit Center","3000","0097243519","NETWORK SALES AND MARKETING","Residential AV","02","East - Resi","UXDXH4","United States","Americas - LLC","3000","Mark Ley",null,"Undefined",null,"Unassigned","United States","United States","Unassigned","DIRECT","AV CAPTURE & COLLABORATION - CAMERAS","4210","3",{"v":0.5221114917471192,"d":"0.52"},128.44,61.38,1,128.44,"USD",1,128.44]
[1368326995,"01",null,"134716",null,"Invoice","Vaddio","B0004","Dealer","001","Unassigned","3000","Undefined","3000","FUTRON INCORPORATED","FUTRON INC","Americas LLC",4.96,4.96,"10/13/2021","Standard Distribution","01","Unassigned","0002721569","Standard Order","TA","AV CONTENT CAPTURE (VADDIO)",2021,"2021-10",0,"Vaddio","Accessories","RACK","AV","001","998-6000-004","","FUTRON INC","Vaddio","3002","22193","E","B0004","B0004P0440","B0004P0440G0014120","Unassigned","SINGLE 1/2 RACK MOUNTING KIT","Other/Misc","B0004P0440G0014120","US Camera Profit Center","3000","0097787630","Unassigned","AV Integrators","01","NorthEast","U1DXP1","United States","Americas - LLC","3000","Nathan Craine",null,"Undefined",null,"Unassigned","United States","United States","Unassigned","DIRECT","AV CAPTURE & COLLABORATION - CAMERAS","4210","2",{"v":0.9155888359428183,"d":"0.92"},58.76,4.96,1,58.76,"USD",1,58.76]
[1368326996,"01",null,"131962",null,"Invoice","Vaddio","B0004","Dealer","001","Unassigned","3000","Undefined","3000","ENTER ALTERNATE ADDRESS (US)","ADVANCED COMPUTER CONCEPTS","Americas LLC",213.51,427.02,"10/15/2021","Standard Distribution","01","Unassigned","0002757032","Standard Order","TA","AV CONTENT CAPTURE (VADDIO)",2021,"2021-10",3,"Vaddio","Accessories","CABLES & CONNECTORS","AV","001","999-1005-052","","ADVANCED COMPUTER CONCEPTS","Vaddio","3002","22102","E","B0004","B0004P0440","B0004P0440G0014105","Unassigned","EXTREME USB 2.0 EXTENDER NA","Other/Misc","B0004P0440G0014105","US Camera Profit Center","3000","0097815540","Unassigned","AV Integrators","01","NorthEast","U1DXP1","United States","Americas - LLC","3000","Nathan Craine",null,"Undefined",null,"Unassigned","United States","United States","Unassigned","DIRECT","AV CAPTURE & COLLABORATION - CAMERAS","4210","2",{"v":-0.034222189929521196,"d":"-0.03"},412.89,213.51,2,825.78,"USD",1,825.78]
[1368326997,"01",null,"134716",null,"Invoice","Vaddio","B0004","Dealer","001","Unassigned","3000","Undefined","3000","FUTRON INCORPORATED","FUTRON INC","Americas LLC",5.2,5.2,"11/17/2021","Standard Distribution","01","Unassigned","0002784582","Standard Order","TA","AV CONTENT CAPTURE (VADDIO)",2021,"2021-11",0,"Vaddio","Accessories","RACK","AV","001","998-6000-004","","FUTRON INC","Vaddio","3002","22193","E","B0004","B0004P0440","B0004P0440G0014120","Unassigned","SINGLE 1/2 RACK MOUNTING KIT","Other/Misc","B0004P0440G0014120","US Camera Profit Center","3000","0097954098","Unassigned","AV Integrators","01","NorthEast","U1DXP1","United States","Americas - LLC","3000","Nathan Craine",null,"Undefined",null,"Unassigned","United States","United States","Unassigned","DIRECT","AV CAPTURE & COLLABORATION - CAMERAS","4210","2",{"v":0.911504424778761,"d":"0.91"},58.76,5.2,1,58.76,"USD",1,58.76]
[1368326998,"01",null,"139844",null,"EDI Invoice","Vaddio","B0004","Online Reseller","010","Unassigned","3000","Undefined","3000","B&H PHOTO - NJF","B&H PHOTO VIDEO - NY (VADDIO)","Americas LLC",53.91,53.91,"06/04/2021","Standard Distribution","01","Unassigned","0040832764","EDI Order","ZEDI","AV CONTENT CAPTURE (VADDIO)",2021,"2021-06",5,"Vaddio","CAMERA MOUNT","INWALL","AV","001","999-2225-016","","B&H PHOTO VIDEO - NY (VADDIO)","Vaddio","3002","10001","E","B0004","B0004P0420","B0004P0420G0014050","Unassigned","IN-WALL ENCLOSURE FOR LARGE PTZS","Projection Screens","B0004P0420G0014050","US Camera Profit Center","3000","0097245412","Unassigned","AV Integrators","01","NorthEast","U1DXP1","United States","Americas - LLC","3000","John Ruggiero",null,"Undefined",null,"New Jersey","United States","United States","New York","DIRECT","AV CAPTURE & COLLABORATION - CAMERAS","4210","0",{"v":0.7956406368460955,"d":"0.80"},263.8,53.91,1,263.8,"USD",1,263.8]
[1368326999,"01",null,"139905",null,"Invoice","Vaddio","B0004","Dealer","001","Unassigned","3000","Undefined","3000","ENTER ALTERNATE ADDRESS (US)","CYVIZ LLC","Americas LLC",4.96,4.96,"11/03/2021","Standard Distribution","01","Unassigned","0002772314","Standard Order","TA","AV CONTENT CAPTURE (VADDIO)",2021,"2021-11",10,"Vaddio","Accessories","RACK","AV","001","998-6000-004","","CYVIZ LLC","Vaddio","3002","22203","E","B0004","B0004P0440","B0004P0440G0014120","Unassigned","SINGLE 1/2 RACK MOUNTING KIT","Other/Misc","B0004P0440G0014120","US Camera Profit Center","3000","0097890420","Unassigned","AV Integrators","01","NorthEast","U1DXP1","United States","Americas - LLC","3000","Nathan Craine",null,"Undefined",null,"Unassigned","United States","United States","Unassigned","DIRECT","AV CAPTURE & COLLABORATION - CAMERAS","4210","3",{"v":0.9155888359428183,"d":"0.92"},58.76,4.96,1,58.76,"USD",1,58.76]
[1368327000,"01",null,"139905",null,"Invoice","Vaddio","B0004","Dealer","001","Unassigned","3000","Undefined","3000","ONE TIME - BID SHIP TO ONLY","CYVIZ LLC","Americas LLC",4.95,4.95,"11/09/2021","Standard Distribution","01","Unassigned","0002778784","Standard Order","TA","AV CONTENT CAPTURE (VADDIO)",2021,"2021-11",6,"Vaddio","Accessories","RACK","AV","001","998-6000-004","","CYVIZ LLC","Vaddio","3002","22203","E","B0004","B0004P0440","B0004P0440G0014120","Unassigned","SINGLE 1/2 RACK MOUNTING KIT","Other/Misc","B0004P0440G0014120","US Camera Profit Center","3000","0097928083","Unassigned","AV Integrators","01","NorthEast","U1DXP1","United States","Americas - LLC","3000","Nathan Craine",null,"Undefined",null,"Unassigned","United States","United States","Unassigned","DIRECT","AV CAPTURE & COLLABORATION - CAMERAS","4210","3",{"v":0.9157590197413206,"d":"0.92"},58.76,4.95,1,58.76,"USD",1,58.76]
[1368327001,"01",null,"134716",null,"Invoice","Vaddio","B0004","Dealer","001","Unassigned","3000","Undefined","3000","FUTRON INCORPORATED","FUTRON INC","Americas LLC",5.21,5.21,"12/16/2021","Standard Distribution","01","Unassigned","0002807753","Standard Order","TA","AV CONTENT CAPTURE (VADDIO)",2021,"2021-12",27,"Vaddio","Accessories","RACK","AV","001","998-6000-004","","FUTRON INC","Vaddio","3002","22193","E","B0004","B0004P0440","B0004P0440G0014120","Unassigned","SINGLE 1/2 RACK MOUNTING KIT","Other/Misc","B0004P0440G0014120","US Camera Profit Center","3000","0098121282","Unassigned","AV Integrators","01","NorthEast","U1DXP1","United States","Americas - LLC","3000","Nathan Craine",null,"Undefined",null,"Unassigned","United States","United States","Unassigned","DIRECT","AV CAPTURE & COLLABORATION - CAMERAS","4210","2",{"v":0.9147578534031413,"d":"0.91"},61.12,5.21,1,61.12,"USD",1,61.12]
[1368327002,"01",null,"134716",null,"Invoice","Vaddio","B0004","Dealer","001","Unassigned","3000","Undefined","3000","FUTRON INCORPORATED","FUTRON INC","Americas LLC",5.21,5.21,"12/16/2021","Standard Distribution","01","Unassigned","0002807772","Standard Order","TA","AV CONTENT CAPTURE (VADDIO)",2021,"2021-12",27,"Vaddio","Accessories","RACK","AV","001","998-6000-004","","FUTRON INC","Vaddio","3002","22193","E","B0004","B0004P0440","B0004P0440G0014120","Unassigned","SINGLE 1/2 RACK MOUNTING KIT","Other/Misc","B0004P0440G0014120","US Camera Profit Center","3000","0098121283","Unassigned","AV Integrators","01","NorthEast","U1DXP1","United States","Americas - LLC","3000","Nathan Craine",null,"Undefined",null,"Unassigned","United States","United States","Unassigned","DIRECT","AV CAPTURE & COLLABORATION - CAMERAS","4210","2",{"v":0.9147578534031413,"d":"0.91"},61.12,5.21,1,61.12,"USD",1,61.12]
[1368327003,"01",null,"134716",null,"Invoice","Vaddio","B0004","Dealer","001","Unassigned","3000","Undefined","3000","FUTRON INCORPORATED","FUTRON INC","Americas LLC",5.25,5.25,"12/20/2021","Standard Distribution","01","Unassigned","0002809653","Standard Order","TA","AV CONTENT CAPTURE (VADDIO)",2021,"2021-12",0,"Vaddio","Accessories","RACK","AV","001","998-6000-004","","FUTRON INC","Vaddio","3002","22193","E","B0004","B0004P0440","B0004P0440G0014120","Unassigned","SINGLE 1/2 RACK MOUNTING KIT","Other/Misc","B0004P0440G0014120","US Camera Profit Center","3000","0098127854","Unassigned","AV Integrators","01","NorthEast","U1DXP1","United States","Americas - LLC","3000","Nathan Craine",null,"Undefined",null,"Unassigned","United States","United States","Unassigned","DIRECT","AV CAPTURE & COLLABORATION - CAMERAS","4210","2",{"v":0.9141034031413613,"d":"0.91"},61.12,5.25,1,61.12,"USD",1,61.12]
[1368327004,"01","143579","143579",null,"Invoice","Vaddio","B0004","Dealer","001","Unassigned","3000","Undefined","3000","AVIT SYSTEMS INC.","AVIT SYSTEMS INC.","Americas LLC",5.21,5.21,"12/10/2021","Standard Distribution","01","Unassigned","0002794783","Standard Order","TA","AV CONTENT CAPTURE (VADDIO)",2021,"2021-12",0,"Vaddio","Accessories","RACK","AV","001","998-6000-004","","AVIT SYSTEMS INC.","Vaddio","3002","22079","E","B0004","B0004P0440","B0004P0440G0014120","Unassigned","SINGLE 1/2 RACK MOUNTING KIT","Other/Misc","B0004P0440G0014120","US Camera Profit Center","3000","0098096062","Unassigned","AV Integrators","01","NorthEast","U1DXP1","United States","Americas - LLC","3000","Nathan Craine",null,"Undefined",null,"Unassigned","United States","United States","Unassigned","DIRECT","AV CAPTURE & COLLABORATION - CAMERAS","4210","3",{"v":0.906664278036546,"d":"0.91"},55.82,5.21,1,55.82,"USD",1,55.82]
[1368327005,"01","143579","143579",null,"Invoice","Vaddio","B0004","Dealer","001","Unassigned","3000","Undefined","3000","AVIT SYSTEMS INC.","AVIT SYSTEMS INC.","Americas LLC",5.21,5.21,"12/10/2021","Standard Distribution","01","Unassigned","0002794931","Standard Order","TA","AV CONTENT CAPTURE (VADDIO)",2021,"2021-12",27,"Vaddio","Accessories","RACK","AV","001","998-6000-004","","AVIT SYSTEMS INC.","Vaddio","3002","22079","E","B0004","B0004P0440","B0004P0440G0014120","Unassigned","SINGLE 1/2 RACK MOUNTING KIT","Other/Misc","B0004P0440G0014120","US Camera Profit Center","3000","0098096064","Unassigned","AV Integrators","01","NorthEast","U1DXP1","United States","Americas - LLC","3000","Nathan Craine",null,"Undefined",null,"Unassigned","United States","United States","Unassigned","DIRECT","AV CAPTURE & COLLABORATION - CAMERAS","4210","3",{"v":0.906664278036546,"d":"0.91"},55.82,5.21,1,55.82,"USD",1,55.82]
[1368327006,"01","133875","133875",null,"Invoice","Vaddio","B0004","Dealer","001","Unassigned","3000","Undefined","3000","FUSION SYSTEMS LLC","FUSION SYSTEMS LLC","Americas LLC",45.69,45.69,"06/16/2021","Standard Distribution","01","Unassigned","0002657375","Standard Order","TA","AV CONTENT CAPTURE (VADDIO)",2021,"2021-06",18,"Vaddio","CAMERA MOUNT","INWALL","Residential","003","999-2225-022","","FUSION SYSTEMS LLC","Vaddio","3002","29601","E","B0004","B0004P0420","B0004P0420G0014050","Unassigned","IN-WALL ENCLOSURE FOR CONFERENCESHOT 10","Projection Screens","B0004P0420G0014050","US Camera Profit Center","3000","0097289228","HIGH TECH INC","Residential AV","02","East - Resi","UXDXH4","United States","Americas - LLC","3000","Hill Jones",null,"Undefined",null,"Unassigned","United States","United States","Unassigned","DIRECT","AV CAPTURE & COLLABORATION - CAMERAS","4210","3",{"v":0.7571360229628449,"d":"0.76"},188.13,45.69,1,188.13,"USD",1,188.13]
[1368327007,"01",null,"134716",null,"Invoice","Vaddio","B0004","Dealer","001","Unassigned","3000","Undefined","3000","FUTRON INCORPORATED","FUTRON INC","Americas LLC",10.95,43.78,"12/16/2021","Standard Distribution","01","Unassigned","0002807787","Standard Order","TA","AV CONTENT CAPTURE (VADDIO)",2021,"2021-12",4,"Vaddio","Accessories","RACK","AV","001","998-6000-006","","FUTRON INC","Vaddio","3002","22193","E","B0004","B0004P0440","B0004P0440G0014120","Unassigned","DUAL 1/2 RACK MOUNTING KIT","Other/Misc","B0004P0440G0014120","US Camera Profit Center","3000","0098121288","Unassigned","AV Integrators","01","NorthEast","U1DXP1","United States","Americas - LLC","3000","Nathan Craine",null,"Undefined",null,"Unassigned","United States","United States","Unassigned","DIRECT","AV CAPTURE & COLLABORATION - CAMERAS","4210","2",{"v":0.4994283100846101,"d":"0.50"},87.46,10.95,4,349.84,"USD",1,349.84]
[1368327008,"02",null,"103335",null,"EDI Invoice","Vaddio","B0004","Distributor - National","002","Unassigned","3000","Undefined","3000","ENTER ALTERNATE ADDRESS (US)","ADI","Americas LLC",15.66,15.66,"02/16/2021","Standard Distribution","01","Unassigned","0040751167","EDI Order","ZEDI","AV CONTENT CAPTURE (VADDIO)",2021,"2021-02",0,"Vaddio","Accessories","Power","Residential","003","451-2750-018","","ADI","Vaddio","3002","79926","F","B0004","B0004P0440","B0004P0440G0014115","Unassigned","POWER SUPPLY 18VDC 2.75A","Other/Misc","B0004P0440G0014115","US Camera Profit Center","3000","0096786272","Unassigned","Residential AV","02","Resi Other","UXDXH5","United States","Americas - LLC","3000","Keith Ebert",null,"Undefined",null,"Texas","United States","United States","Texas","DIRECT","AV CAPTURE & COLLABORATION - CAMERAS","4210","1",{"v":0.6615517614004756,"d":"0.66"},46.27,15.66,1,46.27,"USD",1,46.27]
[1368327009,"02",null,"103335",null,"EDI Invoice","Vaddio","B0004","Distributor - National","002","Unassigned","3000","Undefined","3000","ENTER ALTERNATE ADDRESS (US)","ADI","Americas LLC",10.22,10.22,"03/24/2021","Standard Distribution","01","Unassigned","0040777412","EDI Order","ZEDI","AV CONTENT CAPTURE (VADDIO)",2021,"2021-03",0,"Vaddio","Accessories","RACK","Residential","003","998-6000-006","","ADI","Vaddio","3002","79926","E","B0004","B0004P0440","B0004P0440G0014120","Unassigned","DUAL 1/2 RACK MOUNTING KIT","Other/Misc","B0004P0440G0014120","US Camera Profit Center","3000","0096949548","Unassigned","Residential AV","02","Resi Other","UXDXH5","United States","Americas - LLC","3000","Keith Ebert",null,"Undefined",null,"Unassigned","United States","United States","Texas","DIRECT","AV CAPTURE & COLLABORATION - CAMERAS","4210","1",{"v":0.8562992125984252,"d":"0.86"},71.12,10.22,1,71.12,"USD",1,71.12]
[1368327010,"01",null,"115196",null,"Invoice","Vaddio","B0004","Dealer","001","Unassigned","3200","Undefined","3000","ENTER ALTERNATE ADDRESS (CANADA)","CBCI TELECOM","Canada ULC",233.48,1167.39,"06/29/2021","Standard Distribution","01","Unassigned","0002666947","Standard Order","TA","AV CONTENT CAPTURE (VADDIO)",2021,"2021-06",0,"Vaddio","CAMERA MOUNT","CEILING","AV","001","999-82000-000","","CBCI TELECOM","Vaddio","3002","H8T 2P3","E","B0004","B0004P0420","B0004P0420G0014055","Unassigned","Suspended Ceiling Mount WHT","Projection Screens","B0004P0420G0014055","Canada Camera Profit Center","3200","0097321235","Unassigned","AV Integrators","01","Central","C1XXP3","Canada","Canada - ULC","3200","Erik Nyman",null,"Undefined",null,"Ontario","Canada","Canada","Quebec","DIRECT","AV CAPTURE & COLLABORATION - CAMERAS","4210","1",{"v":-1.6671616897804387,"d":"-1.67"},437.69,233.48,5,2188.45,"CAD",1.2074,2642.33]
[1368327011,"02","103335","103335",null,"Credit Memo","Vaddio","B0004","Distributor - National","002","Unassigned","3000","Undefined","3000","ADI","ADI","Americas LLC",0,0,"11/02/2021","Standard Distribution","01","Unassigned","0060545540","Credit Memo Request","G2","AV CONTENT CAPTURE (VADDIO)",2021,"2021-11",0,"Vaddio","Accessories","RAW","Residential","003","MISC","","ADI","Vaddio","3002","79926","F","B0004","B0004P0440","B0004P0440G0014125","Unassigned","NON INVENTORY ITEMS","Other/Misc","B0004P0440G0014125","US Camera Profit Center","3000","0097885709","Unassigned","Residential AV","02","Resi Other","UXDXH5","United States","Americas - LLC","3000","Keith Ebert",null,"Undefined",null,"Texas","United States","United States","Texas","DIRECT","AV CAPTURE & COLLABORATION - CAMERAS","4210","1",{"v":0,"d":"0.00"},null,0,0,-152.35,"USD",1,-152.35]
[1368327012,"02","103335","103335",null,"Credit Memo","Vaddio","B0004","Distributor - National","002","Unassigned","3000","Undefined","3000","ADI","ADI","Americas LLC",0,0,"12/28/2021","Standard Distribution","01","Unassigned","0060563252","Credit Memo Request","G2","AV CONTENT CAPTURE (VADDIO)",2021,"2021-12",0,"Vaddio","Accessories","RAW","Residential","003","MISC","","ADI","Vaddio","3002","79926","F","B0004","B0004P0440","B0004P0440G0014125","Unassigned","NON INVENTORY ITEMS","Other/Misc","B0004P0440G0014125","US Camera Profit Center","3000","0098180254","Unassigned","Residential AV","02","Resi Other","UXDXH5","United States","Americas - LLC","3000","Keith Ebert",null,"Undefined",null,"Texas","United States","United States","Texas","DIRECT","AV CAPTURE & COLLABORATION - CAMERAS","4210","1",{"v":0,"d":"0.00"},null,0,0,-595.55,"USD",1,-595.55]
[1368327013,"01",null,"139844",null,"EDI Invoice","Vaddio","B0004","Online Reseller","010","Unassigned","3000","Undefined","3000","B&H PHOTO - NJF","B&H PHOTO VIDEO - NY (VADDIO)","Americas LLC",194.86,194.86,"06/08/2021","Standard Distribution","01","Unassigned","0040832764","EDI Order","ZEDI","AV CONTENT CAPTURE (VADDIO)",2021,"2021-06",18,"Vaddio","CAMERA MOUNT","CEILING","AV","001","999-82000-000","","B&H PHOTO VIDEO - NY (VADDIO)","Vaddio","3002","10001","E","B0004","B0004P0420","B0004P0420G0014055","Unassigned","Suspended Ceiling Mount WHT","Projection Screens","B0004P0420G0014055","US Camera Profit Center","3000","0097250922","Unassigned","AV Integrators","01","NorthEast","U1DXP1","United States","Americas - LLC","3000","John Ruggiero",null,"Undefined",null,"New Jersey","United States","United States","New York","DIRECT","AV CAPTURE & COLLABORATION - CAMERAS","4210","0",{"v":0.4849197747878723,"d":"0.48"},378.31,194.86,1,378.31,"USD",1,378.31]
[1368327014,"01","112149","112149",null,"Invoice Repair","Vaddio","B0004","Distributor - National","002","Unassigned","3000","Undefined","3000","EDUSERVE INTERNATIONAL LIMITED","EDUSERVE INTERNATIONAL LIMITED","Americas LLC",0,0,"01/21/2021","Standard Distribution","01","Unassigned","0065106304","Undefined","00","AV CONTENT CAPTURE (VADDIO)",2021,"2021-01",0,"Vaddio","SERVICE","ADV_REPL","AV","001","ADV_REPL","","EDUSERVE INTERNATIONAL LIMITED","Vaddio","3002","999077","U","B0004","B0004P0445","B0004P0445G0014155","Unassigned","Advanced Replacement","Other/Misc","B0004P0445G0014155","US Camera Profit Center","3010","0004067756","Unassigned","AV Distribution","08","Commercial","H1DXXX","Asia Pacific","Export","3010","Ken Lam",null,"Undefined",null,"Kowloon","Hong Kong","Hong Kong","Kowloon","DIRECT","AV CAPTURE & COLLABORATION - CAMERAS","4210","1",{"v":0,"d":"0.00"},1481.75,0,1,1481.75,"USD",1,1481.75]
[1368327015,"01","115196","115196",null,"Invoice","Vaddio","B0004","Dealer","001","Unassigned","3200","Undefined","3000","CBCI TELECOM","CBCI TELECOM","Canada ULC",66.43,265.72,"07/16/2021","Standard Distribution","01","Unassigned","0002678714","Standard Order","TA","AV CONTENT CAPTURE (VADDIO)",2021,"2021-07",113,"Vaddio","CAMERA MOUNT","CEILING","AV","001","535-2000-206","","CBCI TELECOM","Vaddio","3002","H8T 2P3","E","B0004","B0004P0420","B0004P0420G0014055","Unassigned","SUSPENDED CEILING PTZ CAMERA MOUNT","Projection Screens","B0004P0420G0014055","Canada Camera Profit Center","3200","0097416021","Unassigned","AV Integrators","01","Quebec","C1XXP2","Canada","Canada - ULC","3200","Carlo Coppola",null,"Undefined",null,"Quebec","Canada","Canada","Quebec","DIRECT","AV CAPTURE & COLLABORATION - CAMERAS","4210","1",{"v":-2.111657591193864,"d":"-2.11"},85.395,66.43,4,341.58,"CAD",1.2378,422.81]
[1368327016,"01","132520","132520",null,"Invoice Repair","Vaddio","B0004","Dealer","001","Unassigned","3000","Undefined","3000","PENTEGRA SYSTEMS LLC","PENTEGRA SYSTEMS LLC","Americas LLC",0,0,"01/20/2021","Standard Distribution","01","Unassigned","0065106309","Undefined","00","AV CONTENT CAPTURE (VADDIO)",2021,"2021-01",0,"Vaddio","SERVICE","ADV_REPL","AV","001","ADV_REPL","","PENTEGRA SYSTEMS LLC","Vaddio","3002","60101","U","B0004","B0004P0445","B0004P0445G0014155","Unassigned","Advanced Replacement","Other/Misc","B0004P0445G0014155","US Camera Profit Center","3000","0004066366","Unassigned","AV Integrators","01","MidWest","U1DXP3","United States","Americas - LLC","3000","Andre White",null,"Undefined",null,"Illinois","United States","United States","Illinois","DIRECT","AV CAPTURE & COLLABORATION - CAMERAS","4210","2",{"v":0,"d":"0.00"},2056.78,0,1,2056.78,"USD",1,2056.78]
[1368327017,"01",null,"140798",null,"Invoice Repair","Vaddio","B0004","Dealer","001","Unassigned","3000","Undefined","3000","UNIFIED AV SYSTEMS - CHARLOTTE","SUMMIT SOLUTIONZ, INC","Americas LLC",0,0,"01/27/2021","Standard Distribution","01","Unassigned","0065106329","Undefined","00","AV CONTENT CAPTURE (VADDIO)",2021,"2021-01",0,"Vaddio","SERVICE","ADV_REPL","AV","001","ADV_REPL","","UNIFIED TECHNOLOGY - USE 140798","Vaddio","3002","30060","U","B0004","B0004P0445","B0004P0445G0014155","Unassigned","Advanced Replacement","Other/Misc","B0004P0445G0014155","US Camera Profit Center","3000","0004073178","Unassigned","AV Integrators","01","South","U1DXP2","United States","Americas - LLC","3000","Bradley Carson",null,"Undefined",null,"North Carolina","United States","United States","Georgia","DIRECT","AV CAPTURE & COLLABORATION - CAMERAS","4210","1",{"v":0,"d":"0.00"},1298,0,1,1298,"USD",1,1298]
[1368327018,"01",null,"133682",null,"Invoice Repair","Vaddio","B0004","Dealer","001","USAV BUYING GROUP","3000","Undefined","3000","ENTER ALTERNATE ADDRESS (US)","TPI","Americas LLC",0,0,"02/08/2021","Standard Distribution","01","Unassigned","0065106378","Undefined","00","AV CONTENT CAPTURE (VADDIO)",2021,"2021-02",0,"Vaddio","SERVICE","ADV_REPL","AV","001","ADV_REPL","","TPI","Vaddio","3002","85233","U","B0004","B0004P0445","B0004P0445G0014155","Unassigned","Advanced Replacement","Other/Misc","B0004P0445G0014155","US Camera Profit Center","3000","0004083403","Unassigned","AV Integrators","01","West","U1DXP4","United States","Americas - LLC","3000","Stephanie Shomper",null,"Undefined",null,"Unassigned","United States","United States","Arizona","DIRECT","AV CAPTURE & COLLABORATION - CAMERAS","4210","2",{"v":0,"d":"0.00"},1645.76,0,1,1645.76,"USD",1,1645.76]
[1368327019,"01",null,"131671",null,"Invoice Repair","Vaddio","B0004","Dealer","001","Unassigned","3000","Undefined","3000","ENTER ALTERNATE ADDRESS (US)","AVI SYSTEMS, INC","Americas LLC",0,0,"03/08/2021","Standard Distribution","01","Unassigned","0065106589","Undefined","00","AV CONTENT CAPTURE (VADDIO)",2021,"2021-03",0,"Vaddio","SERVICE","ADV_REPL","AV","001","ADV_REPL","AVI SYSTEMS, INC","AVI SYSTEMS, INC","Vaddio","3002","66214","U","B0004","B0004P0445","B0004P0445G0014155","Unassigned","Advanced Replacement","Other/Misc","B0004P0445G0014155","US Camera Profit Center","3000","0004110841","Unassigned","AV Integrators","01","MidWest","U1DXP3","United States","Americas - LLC","3000","Steve Woll",null,"Undefined",null,"Unassigned","United States","United States","Kansas","DIRECT","AV CAPTURE & COLLABORATION - CAMERAS","4210","1",{"v":0,"d":"0.00"},1079.48,0,3,3238.44,"USD",1,3238.44]
[1368327020,"01",null,"133682",null,"Invoice Repair","Vaddio","B0004","Dealer","001","USAV BUYING GROUP","3000","Undefined","3000","ENTER ALTERNATE ADDRESS (US)","TPI","Americas LLC",0,0,"03/29/2021","Standard Distribution","01","Unassigned","0065106378","Undefined","00","AV CONTENT CAPTURE (VADDIO)",2021,"2021-03",0,"Vaddio","SERVICE","ADV_REPL","AV","001","ADV_REPL","","TPI","Vaddio","3002","85233","U","B0004","B0004P0445","B0004P0445G0014155","Unassigned","Advanced Replacement","Other/Misc","B0004P0445G0014155","US Camera Profit Center","3000","0004131427","Unassigned","AV Integrators","01","West","U1DXP4","United States","Americas - LLC","3000","Stephanie Shomper",null,"Undefined",null,"Unassigned","United States","United States","Arizona","DIRECT","AV CAPTURE & COLLABORATION - CAMERAS","4210","2",{"v":0,"d":"0.00"},1645.76,0,-1,-1645.76,"USD",1,-1645.76]
[1368327021,"01",null,"139844",null,"EDI Invoice","Vaddio","B0004","Online Reseller","010","Unassigned","3000","Undefined","3000","B&H PHOTO - NJF","B&H PHOTO VIDEO - NY (VADDIO)","Americas LLC",28.09,28.09,"07/09/2021","Standard Distribution","01","Unassigned","0040856666","EDI Order","ZEDI","AV CONTENT CAPTURE (VADDIO)",2021,"2021-07",27,"Vaddio","CAMERA MOUNT","CEILING","AV","001","535-2000-206","","B&H PHOTO VIDEO - NY (VADDIO)","Vaddio","3002","10001","E","B0004","B0004P0420","B0004P0420G0014055","Unassigned","SUSPENDED CEILING PTZ CAMERA MOUNT","Projection Screens","B0004P0420G0014055","US Camera Profit Center","3000","0097372963","Unassigned","AV Integrators","01","NorthEast","U1DXP1","United States","Americas - LLC","3000","John Ruggiero",null,"Undefined",null,"New Jersey","United States","United States","New York","DIRECT","AV CAPTURE & COLLABORATION - CAMERAS","4210","0",{"v":0.636045607670381,"d":"0.64"},77.18,28.09,1,77.18,"USD",1,77.18]
[1368327022,"01",null,"139844",null,"EDI Invoice","Vaddio","B0004","Online Reseller","010","Unassigned","3000","Undefined","3000","B&H PHOTO - NJF","B&H PHOTO VIDEO - NY (VADDIO)","Americas LLC",28.09,561.82,"07/12/2021","Standard Distribution","01","Unassigned","0040857045","EDI Order","ZEDI","AV CONTENT CAPTURE (VADDIO)",2021,"2021-07",27,"Vaddio","CAMERA MOUNT","CEILING","AV","001","535-2000-206","","B&H PHOTO VIDEO - NY (VADDIO)","Vaddio","3002","10001","E","B0004","B0004P0420","B0004P0420G0014055","Unassigned","SUSPENDED CEILING PTZ CAMERA MOUNT","Projection Screens","B0004P0420G0014055","US Camera Profit Center","3000","0097380053","Unassigned","AV Integrators","01","NorthEast","U1DXP1","United States","Americas - LLC","3000","John Ruggiero",null,"Undefined",null,"New Jersey","United States","United States","New York","DIRECT","AV CAPTURE & COLLABORATION - CAMERAS","4210","0",{"v":-6.279346981083182,"d":"-6.28"},77.18,28.09,20,1543.6,"USD",1,1543.6]
[1368327023,"01","144642","144642",null,"Invoice Repair","Vaddio","B0004","Dealer","001","Unassigned","3000","Undefined","3000","HIBINO INTERSOUND CORPORATION","HIBINO INTERSOUND CORPORATION","Americas LLC",0,0,"06/26/2021","Standard Distribution","01","Unassigned","0065106618","Undefined","00","AV CONTENT CAPTURE (VADDIO)",2021,"2021-06",0,"Vaddio","SERVICE","ADV_REPL","AV","001","ADV_REPL","","HIBINO INTERSOUND CORPORATION","Vaddio","3002","105-0022","U","B0004","B0004P0445","B0004P0445G0014155","Unassigned","Advanced Replacement","Other/Misc","B0004P0445G0014155","US Camera Profit Center","3010","0004222440","Unassigned","AV Integrators","01","Commercial","H1DXXX","Asia Pacific","Export","3010","Joseph Mak",null,"Undefined",null,"Unassigned","Japan","Japan","Unassigned","DIRECT","AV CAPTURE & COLLABORATION - CAMERAS","4210","2",{"v":0,"d":"0.00"},1324.24,0,-1,-1324.24,"USD",1,-1324.24]
[1368327024,"01",null,"140798",null,"Invoice","Vaddio","B0004","Dealer","001","Unassigned","3000","Undefined","3000","ENTER ALTERNATE ADDRESS (US)","SUMMIT SOLUTIONZ, INC","Americas LLC",95.3,95.3,"05/21/2021","Standard Distribution","01","Unassigned","0002633856","Standard Order","TA","AV CONTENT CAPTURE (VADDIO)",2021,"2021-05",20,"Vaddio","CAM EXTENSIONS","EXT CABLES","AV","001","440-1005-065","","SUMMIT SOLUTIONZ, INC","Vaddio","3002","30339","F","B0004","B0004P0415","B0004P0415G0014040","Unassigned","ACTIVE OPTICAL USB 3.0 A/B PLENUM 20M","Projection Screens","B0004P0415G0014040","US Camera Profit Center","3000","0097191728","Unassigned","AV Integrators","01","South","U1DXP2","United States","Americas - LLC","3000","Angela Tener",null,"Undefined",null,"Georgia","United States","United States","Georgia","DIRECT","AV CAPTURE & COLLABORATION - CAMERAS","4210","1",{"v":0.7737739163461995,"d":"0.77"},421.26,95.3,1,421.26,"USD",1,421.26]
[1368327025,"01","124324","124324",null,"Invoice Repair","Vaddio","B0004","Dealer","001","Unassigned","3000","Undefined","3000","MIDWICH AUSTRALIA PTY LTD","MIDWICH AUSTRALIA PTY LTD","Americas LLC",0,0,"08/31/2021","Standard Distribution","01","Unassigned","0065107448","Undefined","00","AV CONTENT CAPTURE (VADDIO)",2021,"2021-08",0,"Vaddio","SERVICE","ADV_REPL","AV","001","ADV_REPL","","MIDWICH AUSTRALIA PTY LTD","Vaddio","3002","2116","U","B0004","B0004P0445","B0004P0445G0014155","Unassigned","Advanced Replacement","Other/Misc","B0004P0445G0014155","US Camera Profit Center","3010","0004287010","Unassigned","AV Integrators","01","Commercial","H1DXXX","Asia Pacific","Export","3010","Joseph Mak",null,"Undefined",null,"New South Wales","Australia","Australia","New South Wales","DIRECT","AV CAPTURE & COLLABORATION - CAMERAS","4210","1",{"v":0,"d":"0.00"},4444.49,0,1,4444.49,"USD",1,4444.49]
[1368327026,"01","126352","126352",null,"Invoice Repair","Vaddio","B0004","Distributor - National","002","Unassigned","3000","Undefined","3000","GREEN SOURCES PVT. LTD.","GREEN SOURCES PVT. LTD.","Americas LLC",0,0,"08/25/2021","Standard Distribution","01","Unassigned","0065106979","Undefined","00","AV CONTENT CAPTURE (VADDIO)",2021,"2021-08",0,"Vaddio","SERVICE","ADV_REPL","AV","001","ADV_REPL","","GREEN SOURCES PVT. LTD.","Vaddio","3002","400063","U","B0004","B0004P0445","B0004P0445G0014155","Unassigned","Advanced Replacement","Other/Misc","B0004P0445G0014155","US Camera Profit Center","3010","0004281200","Unassigned","AV Distribution","08","Undefined","0000000","Undefined","Export","3010","Cm Arnaud Monge",null,"Undefined",null,"Unassigned","India","India","Unassigned","DIRECT","AV CAPTURE & COLLABORATION - CAMERAS","4210","1",{"v":0,"d":"0.00"},352.63,0,-1,-352.63,"USD",1,-352.63]
[1368327027,"01",null,"130142",null,"Invoice Repair","Vaddio","B0004","Dealer","001","Unassigned","3000","Undefined","3000","ENTER ALTERNATE ADDRESS (US)","ADVANCED LIGHT AND SOUND","Americas LLC",0,0,"08/23/2021","Standard Distribution","01","Unassigned","0065107460","Undefined","00","AV CONTENT CAPTURE (VADDIO)",2021,"2021-08",0,"Vaddio","SERVICE","ADV_REPL","Residential","003","ADV_REPL","","ADVANCED LIGHT AND SOUND","Vaddio","3002","54016","U","B0004","B0004P0445","B0004P0445G0014155","Unassigned","Advanced Replacement","Other/Misc","B0004P0445G0014155","US Camera Profit Center","3000","0004278669","ORION ADVANCED MARKETING","Residential AV","02","East - Resi","UXDXH4","United States","Americas - LLC","3000","Ryan St. John",null,"Undefined",null,"Unassigned","United States","United States","Unassigned","DIRECT","AV CAPTURE & COLLABORATION - CAMERAS","4210","3",{"v":0,"d":"0.00"},592.11,0,1,592.11,"USD",1,592.11]
[1368327028,"01",null,"145315",null,"Invoice Repair","Vaddio","B0004","Dealer","001","Unassigned","3000","Undefined","3000","ENTER ALTERNATE ADDRESS (US)","COLLABORATIVE AV","Americas LLC",0,0,"08/23/2021","Standard Distribution","01","Unassigned","0065107139","Undefined","00","AV CONTENT CAPTURE (VADDIO)",2021,"2021-08",0,"Vaddio","SERVICE","ADV_REPL","AV","001","ADV_REPL","","COLLABORATIVE AV","Vaddio","3002","23238","U","B0004","B0004P0445","B0004P0445G0014155","Unassigned","Advanced Replacement","Other/Misc","B0004P0445G0014155","US Camera Profit Center","3000","0004278638","Unassigned","AV Integrators","01","NorthEast","U1DXP1","United States","Americas - LLC","3000","Geoff Gibbs",null,"Undefined",null,"North Carolina","United States","United States","Unassigned","DIRECT","AV CAPTURE & COLLABORATION - CAMERAS","4210","3",{"v":0,"d":"0.00"},1298,0,-1,-1298,"USD",1,-1298]
[1368327029,"01",null,"145315",null,"Invoice Repair","Vaddio","B0004","Dealer","001","Unassigned","3000","Undefined","3000","ENTER ALTERNATE ADDRESS (US)","COLLABORATIVE AV","Americas LLC",0,0,"08/23/2021","Standard Distribution","01","Unassigned","0065107139","Undefined","00","AV CONTENT CAPTURE (VADDIO)",2021,"2021-08",0,"Vaddio","SERVICE","ADV_REPL","AV","001","ADV_REPL","","COLLABORATIVE AV","Vaddio","3002","23238","U","B0004","B0004P0445","B0004P0445G0014155","Unassigned","Advanced Replacement","Other/Misc","B0004P0445G0014155","US Camera Profit Center","3000","0004278639","Unassigned","AV Integrators","01","NorthEast","U1DXP1","United States","Americas - LLC","3000","Geoff Gibbs",null,"Undefined",null,"North Carolina","United States","United States","Unassigned","DIRECT","AV CAPTURE & COLLABORATION - CAMERAS","4210","3",{"v":0,"d":"0.00"},2713,0,-1,-2713,"USD",1,-2713]
[1368327030,"01",null,"133453",null,"Invoice Repair","Vaddio","B0004","Dealer","001","Unassigned","3000","Undefined","3000","ENTER ALTERNATE ADDRESS (US)","REFERENCE AUDIO VIDEO","Americas LLC",0,0,"09/14/2021","Standard Distribution","01","Unassigned","0065107596","Undefined","00","AV CONTENT CAPTURE (VADDIO)",2021,"2021-09",0,"Vaddio","SERVICE","ADV_REPL","Residential","003","ADV_REPL","","REFERENCE AUDIO VIDEO","Vaddio","3002","52807","U","B0004","B0004P0445","B0004P0445G0014155","Unassigned","Advanced Replacement","Other/Misc","B0004P0445G0014155","US Camera Profit Center","3000","0004299537","SYNAPSE SALES & MARKETING LLC","Residential AV","02","East - Resi","UXDXH4","United States","Americas - LLC","3000","Mark Ley",null,"Undefined",null,"Iowa","United States","United States","Iowa","DIRECT","AV CAPTURE & COLLABORATION - CAMERAS","4210","2",{"v":0,"d":"0.00"},732,0,1,732,"USD",1,732]
[1368327031,"01",null,"133453",null,"Invoice Repair","Vaddio","B0004","Dealer","001","Unassigned","3000","Undefined","3000","ENTER ALTERNATE ADDRESS (US)","REFERENCE AUDIO VIDEO","Americas LLC",0,0,"09/14/2021","Standard Distribution","01","Unassigned","0065107596","Undefined","00","AV CONTENT CAPTURE (VADDIO)",2021,"2021-09",0,"Vaddio","SERVICE","ADV_REPL","Residential","003","ADV_REPL","","REFERENCE AUDIO VIDEO","Vaddio","3002","52807","U","B0004","B0004P0445","B0004P0445G0014155","Unassigned","Advanced Replacement","Other/Misc","B0004P0445G0014155","US Camera Profit Center","3000","0004299538","SYNAPSE SALES & MARKETING LLC","Residential AV","02","East - Resi","UXDXH4","United States","Americas - LLC","3000","Mark Ley",null,"Undefined",null,"Iowa","United States","United States","Iowa","DIRECT","AV CAPTURE & COLLABORATION - CAMERAS","4210","2",{"v":0,"d":"0.00"},732,0,1,732,"USD",1,732]
[1368327032,"01","124324","124324",null,"Invoice Repair","Vaddio","B0004","Dealer","001","Unassigned","3000","Undefined","3000","MIDWICH AUSTRALIA PTY LTD","MIDWICH AUSTRALIA PTY LTD","Americas LLC",0,0,"12/08/2021","Standard Distribution","01","Unassigned","0065107448","Undefined","00","AV CONTENT CAPTURE (VADDIO)",2021,"2021-12",0,"Vaddio","SERVICE","ADV_REPL","AV","001","ADV_REPL","","MIDWICH AUSTRALIA PTY LTD","Vaddio","3002","2116","U","B0004","B0004P0445","B0004P0445G0014155","Unassigned","Advanced Replacement","Other/Misc","B0004P0445G0014155","US Camera Profit Center","3010","0004382600","Unassigned","AV Integrators","01","Commercial","H1DXXX","Asia Pacific","Export","3010","Joseph Mak",null,"Undefined",null,"New South Wales","Australia","Australia","New South Wales","DIRECT","AV CAPTURE & COLLABORATION - CAMERAS","4210","1",{"v":0,"d":"0.00"},4444.49,0,-1,-4444.49,"USD",1,-4444.49]
[1368327033,"01",null,"153742",null,"Invoice Repair","Vaddio","B0004","Dealer","001","Unassigned","3000","Undefined","3000","ENTER ALTERNATE ADDRESS (US)","AUDIO VISUAL CONCEPTS - PUERTO RICO","Americas LLC",0,0,"12/17/2021","Standard Distribution","01","Unassigned","0065107606","Undefined","00","AV CONTENT CAPTURE (VADDIO)",2021,"2021-12",0,"Vaddio","SERVICE","ADV_REPL","AV","001","ADV_REPL","","AUDIO VISUAL CONCEPTS - PUERTO RICO","Vaddio","3002","00970","U","B0004","B0004P0445","B0004P0445G0014155","Unassigned","Advanced Replacement","Other/Misc","B0004P0445G0014155","US Camera Profit Center","3010","0004391950","Unassigned","AV Integrators","01","Latin Am","U1IXX3","Mexico and Latin America","Export","3010","Andres Garrido",null,"Undefined",null,"Unassigned","United States","Puerto Rico","Undefined","DIRECT","AV CAPTURE & COLLABORATION - CAMERAS","4210","1",{"v":0,"d":"0.00"},1136.96,0,1,1136.96,"USD",1,1136.96]
[1368327034,"01","130024","130024",null,"Invoice Repair","Vaddio","B0004","Dealer","001","Unassigned","3000","Undefined","3000","EMI AUDIO","EMI AUDIO","Americas LLC",0,0,"01/04/2021","Standard Distribution","01","Unassigned","0065106234","Undefined","00","AV CONTENT CAPTURE (VADDIO)",2021,"2021-01",0,"Vaddio","SERVICE","ADV_REPL","AV","001","ADV_REPL","","EMI AUDIO","Vaddio","3002","55422","U","B0004","B0004P0445","B0004P0445G0014155","Unassigned","Advanced Replacement","Other/Misc","B0004P0445G0014155","US Camera Profit Center","3000","0004050739","Unassigned","AV Integrators","01","MidWest","U1DXP3","United States","Americas - LLC","3000","Kristin Dacey",null,"Undefined",null,"Unassigned","United States","United States","Unassigned","DIRECT","AV CAPTURE & COLLABORATION - CAMERAS","4210","2",{"v":0,"d":"0.00"},1298,0,1,1298,"USD",1,1298]
[1368327035,"01",null,"131671",null,"Invoice Repair","Vaddio","B0004","Dealer","001","Unassigned","3000","Undefined","3000","ENTER ALTERNATE ADDRESS (US)","AVI SYSTEMS, INC","Americas LLC",0,0,"01/20/2021","Standard Distribution","01","Unassigned","0065106323","Undefined","00","AV CONTENT CAPTURE (VADDIO)",2021,"2021-01",0,"Vaddio","SERVICE","ADV_REPL","AV","001","ADV_REPL","AVI SYSTEMS, INC","AVI SYSTEMS, INC","Vaddio","3002","66214","U","B0004","B0004P0445","B0004P0445G0014155","Unassigned","Advanced Replacement","Other/Misc","B0004P0445G0014155","US Camera Profit Center","3000","0004066364","Unassigned","AV Integrators","01","MidWest","U1DXP3","United States","Americas - LLC","3000","Kristin Dacey",null,"Undefined",null,"Unassigned","United States","United States","Kansas","DIRECT","AV CAPTURE & COLLABORATION - CAMERAS","4210","1",{"v":0,"d":"0.00"},1074,0,1,1074,"USD",1,1074]
[1368327036,"01","131686","131686",null,"Invoice Repair","Vaddio","B0004","Dealer","001","PROFESSIONAL SYSTEMS NETWORK INTL","3000","Undefined","3000","ALPHA VIDEO AND AUDIO","ALPHA VIDEO AND AUDIO","Americas LLC",0,0,"01/07/2021","Standard Distribution","01","Unassigned","0065106262","Undefined","00","AV CONTENT CAPTURE (VADDIO)",2021,"2021-01",0,"Vaddio","SERVICE","ADV_REPL","AV","001","ADV_REPL","","ALPHA VIDEO AND AUDIO","Vaddio","3002","55344","U","B0004","B0004P0445","B0004P0445G0014155","Unassigned","Advanced Replacement","Other/Misc","B0004P0445G0014155","US Camera Profit Center","3000","0004054800","Unassigned","AV Integrators","01","MidWest","U1DXP3","United States","Americas - LLC","3000","Kristin Dacey",null,"Undefined",null,"North Dakota","United States","United States","Unassigned","DIRECT","AV CAPTURE & COLLABORATION - CAMERAS","4210","2",{"v":0,"d":"0.00"},1571.25,0,2,3142.5,"USD",1,3142.5]
[1368327037,"01",null,"131686",null,"Invoice Repair","Vaddio","B0004","Dealer","001","PROFESSIONAL SYSTEMS NETWORK INTL","3000","Undefined","3000","ENTER ALTERNATE ADDRESS (US)","ALPHA VIDEO AND AUDIO","Americas LLC",0,0,"01/04/2021","Standard Distribution","01","Unassigned","0065106232","Undefined","00","AV CONTENT CAPTURE (VADDIO)",2021,"2021-01",0,"Vaddio","SERVICE","ADV_REPL","AV","001","ADV_REPL","","ALPHA VIDEO AND AUDIO","Vaddio","3002","55344","U","B0004","B0004P0445","B0004P0445G0014155","Unassigned","Advanced Replacement","Other/Misc","B0004P0445G0014155","US Camera Profit Center","3000","0004050740","Unassigned","AV Integrators","01","MidWest","U1DXP3","United States","Americas - LLC","3000","Kristin Dacey",null,"Undefined",null,"North Dakota","United States","United States","Unassigned","DIRECT","AV CAPTURE & COLLABORATION - CAMERAS","4210","2",{"v":0,"d":"0.00"},714.86,0,1,714.86,"USD",1,714.86]
[1368327038,"01","132377","132377",null,"Invoice Repair","Vaddio","B0004","Dealer","001","Unassigned","3000","Undefined","3000","EPA AUDIO VISUAL INC","EPA AUDIO VISUAL INC","Americas LLC",0,0,"01/04/2021","Standard Distribution","01","Unassigned","0065106224","Undefined","00","AV CONTENT CAPTURE (VADDIO)",2021,"2021-01",0,"Vaddio","SERVICE","ADV_REPL","AV","001","ADV_REPL","","EPA AUDIO VISUAL INC","Vaddio","3002","55373","U","B0004","B0004P0445","B0004P0445G0014155","Unassigned","Advanced Replacement","Other/Misc","B0004P0445G0014155","US Camera Profit Center","3000","0004050737","Unassigned","AV Integrators","01","MidWest","U1DXP3","United States","Americas - LLC","3000","Kristin Dacey",null,"Undefined",null,"Unassigned","United States","United States","Unassigned","DIRECT","AV CAPTURE & COLLABORATION - CAMERAS","4210","1",{"v":0,"d":"0.00"},1086.98,0,1,1086.98,"USD",1,1086.98]
[1368327039,"01",null,"132377",null,"Invoice Repair","Vaddio","B0004","Dealer","001","Unassigned","3000","Undefined","3000","ENTER ALTERNATE ADDRESS (US)","EPA AUDIO VISUAL INC","Americas LLC",0,0,"01/13/2021","Standard Distribution","01","Unassigned","0065106294","Undefined","00","AV CONTENT CAPTURE (VADDIO)",2021,"2021-01",0,"Vaddio","SERVICE","ADV_REPL","AV","001","ADV_REPL","","EPA AUDIO VISUAL INC","Vaddio","3002","55373","U","B0004","B0004P0445","B0004P0445G0014155","Unassigned","Advanced Replacement","Other/Misc","B0004P0445G0014155","US Camera Profit Center","3000","0004060549","Unassigned","AV Integrators","01","MidWest","U1DXP3","United States","Americas - LLC","3000","Kristin Dacey",null,"Undefined",null,"Unassigned","United States","United States","Unassigned","DIRECT","AV CAPTURE & COLLABORATION - CAMERAS","4210","1",{"v":0,"d":"0.00"},2220,0,1,2220,"USD",1,2220]
[1368327040,"01","151812","151812",null,"Invoice","Vaddio","B0004","Dealer","001","Unassigned","3000","Undefined","3000","AVX LLC DBA AUDIO VIDEO EXCELLENCE","AVX LLC DBA AUDIO VIDEO EXCELLENCE","Americas LLC",6.98,13.96,"07/13/2021","Standard Distribution","01","Unassigned","0002669192","Standard Order","TA","AV CONTENT CAPTURE (VADDIO)",2021,"2021-07",24,"Vaddio","CAMERA MOUNT","WALL","Residential","003","535-2000-240","","AVX LLC DBA AUDIO VIDEO EXCELLENCE","Vaddio","3002","35209","E","B0004","B0004P0420","B0004P0420G0014060","Unassigned","THIN PROFILE WALL MOUNT ROBOSHOT BLACK","Projection Screens","B0004P0420G0014060","US Camera Profit Center","3000","0097404602","HIGH TECH INC","Residential AV","02","East - Resi","UXDXH4","United States","Americas - LLC","3000","Brent Armstrong",null,"Undefined",null,"Unassigned","United States","United States","Unassigned","DIRECT","AV CAPTURE & COLLABORATION - CAMERAS","4210","2",{"v":0.8531917131138921,"d":"0.85"},95.09,6.98,2,190.18,"USD",1,190.18]
[1368327041,"01","133809","133809",null,"Invoice Repair","Vaddio","B0004","Dealer","001","PROFESSIONAL SYSTEMS NETWORK INTL","3000","Undefined","3000","TIERNEY BROTHERS INC.","TIERNEY BROTHERS INC.","Americas LLC",0,0,"01/19/2021","Standard Distribution","01","Unassigned","0065105923","Undefined","00","AV CONTENT CAPTURE (VADDIO)",2021,"2021-01",0,"Vaddio","SERVICE","ADV_REPL","AV","001","ADV_REPL","TIERNEY BROTHERS INC.","TIERNEY BROTHERS INC.","Vaddio","3002","55108","U","B0004","B0004P0445","B0004P0445G0014155","Unassigned","Advanced Replacement","Other/Misc","B0004P0445G0014155","US Camera Profit Center","3000","0004064835","Unassigned","AV Integrators","01","MidWest","U1DXP3","United States","Americas - LLC","3000","Kristin Dacey",null,"Undefined",null,"Unassigned","United States","United States","Unassigned","DIRECT","AV CAPTURE & COLLABORATION - CAMERAS","4210","1",{"v":0,"d":"0.00"},1167.53,0,-1,-1167.53,"USD",1,-1167.53]
[1368327042,"01",null,"133838",null,"Invoice Repair","Vaddio","B0004","Dealer","001","USAV BUYING GROUP","3000","Undefined","3000","VIDEO SERVICES - MINNESOTA","VIDEO SERVICES - MINNESOTA","Americas LLC",0,0,"01/28/2021","Standard Distribution","01","Unassigned","0065106384","Undefined","00","AV CONTENT CAPTURE (VADDIO)",2021,"2021-01",0,"Vaddio","SERVICE","ADV_REPL","AV","001","ADV_REPL","","VIDEO SERVICES - MINNESOTA","Vaddio","3002","56001","U","B0004","B0004P0445","B0004P0445G0014155","Unassigned","Advanced Replacement","Other/Misc","B0004P0445G0014155","US Camera Profit Center","3000","0004071699","Unassigned","AV Integrators","01","MidWest","U1DXP3","United States","Americas - LLC","3000","Kristin Dacey",null,"Undefined",null,"Unassigned","United States","United States","Unassigned","DIRECT","AV CAPTURE & COLLABORATION - CAMERAS","4210","2",{"v":0,"d":"0.00"},1186.96,0,1,1186.96,"USD",1,1186.96]
[1368327043,"01","151263","151263",null,"Invoice","Vaddio","B0004","Dealer","001","Unassigned","3000","Undefined","3000","7220 CONSULTING, LLC","7220 CONSULTING, LLC","Americas LLC",7.03,7.03,"07/12/2021","Standard Distribution","01","Unassigned","0002676479","Standard Order","TA","AV CONTENT CAPTURE (VADDIO)",2021,"2021-07",0,"Vaddio","CAMERA MOUNT","WALL","Residential","003","535-2000-240W","","7220 CONSULTING, LLC","Vaddio","3002","82070","E","B0004","B0004P0420","B0004P0420G0014060","Unassigned","THIN PROFILE WALL MOUNT ROBOSHOT WHITE","Projection Screens","B0004P0420G0014060","US Camera Profit Center","3000","0097380862","MOMENTUM GROUP","Residential AV","02","West - Resi","UXDXH2","United States","Americas - LLC","3000","Josh Thurman",null,"Undefined",null,"Wyoming","United States","United States","Wyoming","DIRECT","AV CAPTURE & COLLABORATION - CAMERAS","4210","4",{"v":0.9275183008557584,"d":"0.93"},96.99,7.03,1,96.99,"USD",1,96.99]
[1368327044,"01","130024","130024",null,"Invoice Repair","Vaddio","B0004","Dealer","001","Unassigned","3000","Undefined","3000","EMI AUDIO","EMI AUDIO","Americas LLC",0,0,"02/22/2021","Standard Distribution","01","Unassigned","0065106500","Undefined","00","AV CONTENT CAPTURE (VADDIO)",2021,"2021-02",17,"Vaddio","SERVICE","ADV_REPL","AV","001","ADV_REPL","","EMI AUDIO","Vaddio","3002","55422","U","B0004","B0004P0445","B0004P0445G0014155","Unassigned","Advanced Replacement","Other/Misc","B0004P0445G0014155","US Camera Profit Center","3000","0004091694","Unassigned","AV Integrators","01","MidWest","U1DXP3","United States","Americas - LLC","3000","Kristin Dacey",null,"Undefined",null,"Unassigned","United States","United States","Unassigned","DIRECT","AV CAPTURE & COLLABORATION - CAMERAS","4210","2",{"v":0,"d":"0.00"},2066.06,0,1,2066.06,"USD",1,2066.06]
[1368327045,"01",null,"131671",null,"Invoice Repair","Vaddio","B0004","Dealer","001","Unassigned","3000","Undefined","3000","ENTER ALTERNATE ADDRESS (US)","AVI SYSTEMS, INC","Americas LLC",0,0,"02/25/2021","Standard Distribution","01","Unassigned","0065106539","Undefined","00","AV CONTENT CAPTURE (VADDIO)",2021,"2021-02",0,"Vaddio","SERVICE","ADV_REPL","AV","001","ADV_REPL","AVI SYSTEMS, INC","AVI SYSTEMS, INC","Vaddio","3002","66214","U","B0004","B0004P0445","B0004P0445G0014155","Unassigned","Advanced Replacement","Other/Misc","B0004P0445G0014155","US Camera Profit Center","3000","0004100553","Unassigned","AV Integrators","01","West","U1DXP4","United States","Americas - LLC","3000","Comm So Cal - Shomper/Yates",null,"Undefined",null,"Unassigned","United States","United States","Kansas","DIRECT","AV CAPTURE & COLLABORATION - CAMERAS","4210","1",{"v":0,"d":"0.00"},424,0,1,424,"USD",1,424]
[1368327046,"01","140638","140638",null,"Invoice Repair","Vaddio","B0004","Dealer","001","Unassigned","3000","Undefined","3000","MUSKA ELECTRIC CO.","MUSKA ELECTRIC CO.","Americas LLC",0,0,"02/17/2021","Standard Distribution","01","Unassigned","0065106483","Undefined","00","AV CONTENT CAPTURE (VADDIO)",2021,"2021-02",0,"Vaddio","SERVICE","ADV_REPL","AV","001","ADV_REPL","","MUSKA ELECTRIC CO.","Vaddio","3002","55113","U","B0004","B0004P0445","B0004P0445G0014155","Unassigned","Advanced Replacement","Other/Misc","B0004P0445G0014155","US Camera Profit Center","3000","0004089970","Unassigned","AV Integrators","01","MidWest","U1DXP3","United States","Americas - LLC","3000","Kristin Dacey",null,"Undefined",null,"Unassigned","United States","United States","Unassigned","DIRECT","AV CAPTURE & COLLABORATION - CAMERAS","4210","3",{"v":0,"d":"0.00"},1044,0,1,1044,"USD",1,1044]
[1368327047,"01",null,"133711",null,"Invoice","Vaddio","B0004","Dealer","001","PROFESSIONAL SYSTEMS NETWORK INTL","3000","Undefined","3000","DIVERSIFIED - NASHVILLE","ONE DIVERSIFIED (GA)","Americas LLC",102.4,102.4,"05/25/2021","Standard Distribution","01","Unassigned","0002636065","Standard Order","TA","AV CONTENT CAPTURE (VADDIO)",2021,"2021-05",0,"Vaddio","CAM EXTENSIONS","EXT CABLES","AV","001","440-1005-067","","ONE DIVERSIFIED (GA)","Vaddio","3002","30071","F","B0004","B0004P0415","B0004P0415G0014040","Unassigned","ACTIVE OPTICAL USB 3.0 A/B PLENUM 30M","Projection Screens","B0004P0415G0014040","US Camera Profit Center","3000","0097197183","Unassigned","AV Integrators","01","South","U1DXP2","United States","Americas - LLC","3000","Kalee Luke",null,"Undefined",null,"Unassigned","United States","United States","Georgia","DIRECT","AV CAPTURE & COLLABORATION - CAMERAS","4210","1",{"v":0.8207282913165266,"d":"0.82"},571.2,102.4,1,571.2,"USD",1,571.2]
[1368327048,"01",null,"131671",null,"Invoice Repair","Vaddio","B0004","Dealer","001","Unassigned","3000","Undefined","3000","ENTER ALTERNATE ADDRESS (US)","AVI SYSTEMS, INC","Americas LLC",0,0,"03/29/2021","Standard Distribution","01","Unassigned","0065106539","Undefined","00","AV CONTENT CAPTURE (VADDIO)",2021,"2021-03",0,"Vaddio","SERVICE","ADV_REPL","AV","001","ADV_REPL","AVI SYSTEMS, INC","AVI SYSTEMS, INC","Vaddio","3002","66214","U","B0004","B0004P0445","B0004P0445G0014155","Unassigned","Advanced Replacement","Other/Misc","B0004P0445G0014155","US Camera Profit Center","3000","0004131435","Unassigned","AV Integrators","01","West","U1DXP4","United States","Americas - LLC","3000","Comm So Cal - Shomper/Yates",null,"Undefined",null,"Unassigned","United States","United States","Kansas","DIRECT","AV CAPTURE & COLLABORATION - CAMERAS","4210","1",{"v":0,"d":"0.00"},1552.68,0,-1,-1552.68,"USD",1,-1552.68]
[1368327049,"01",null,"132377",null,"Invoice Repair","Vaddio","B0004","Dealer","001","Unassigned","3000","Undefined","3000","ENTER ALTERNATE ADDRESS (US)","EPA AUDIO VISUAL INC","Americas LLC",0,0,"03/11/2021","Standard Distribution","01","Unassigned","0065106311","Undefined","00","AV CONTENT CAPTURE (VADDIO)",2021,"2021-03",0,"Vaddio","SERVICE","ADV_REPL","AV","001","ADV_REPL","","EPA AUDIO VISUAL INC","Vaddio","3002","55373","U","B0004","B0004P0445","B0004P0445G0014155","Unassigned","Advanced Replacement","Other/Misc","B0004P0445G0014155","US Camera Profit Center","3000","0004113374","Unassigned","AV Integrators","01","MidWest","U1DXP3","United States","Americas - LLC","3000","Kristin Dacey",null,"Undefined",null,"Unassigned","United States","United States","Unassigned","DIRECT","AV CAPTURE & COLLABORATION - CAMERAS","4210","1",{"v":0,"d":"0.00"},1046.74,0,-1,-1046.74,"USD",1,-1046.74]
[1368327050,"01",null,"132377",null,"Invoice Repair","Vaddio","B0004","Dealer","001","Unassigned","3000","Undefined","3000","ENTER ALTERNATE ADDRESS (US)","EPA AUDIO VISUAL INC","Americas LLC",0,0,"03/12/2021","Standard Distribution","01","Unassigned","0065106640","Undefined","00","AV CONTENT CAPTURE (VADDIO)",2021,"2021-03",0,"Vaddio","SERVICE","ADV_REPL","AV","001","ADV_REPL","","EPA AUDIO VISUAL INC","Vaddio","3002","55373","U","B0004","B0004P0445","B0004P0445G0014155","Unassigned","Advanced Replacement","Other/Misc","B0004P0445G0014155","US Camera Profit Center","3000","0004115728","Unassigned","AV Integrators","01","MidWest","U1DXP3","United States","Americas - LLC","3000","Kristin Dacey",null,"Undefined",null,"Unassigned","United States","United States","Unassigned","DIRECT","AV CAPTURE & COLLABORATION - CAMERAS","4210","1",{"v":0,"d":"0.00"},1200,0,1,1200,"USD",1,1200]
[1368327051,"01","133838","133838",null,"Invoice Repair","Vaddio","B0004","Dealer","001","USAV BUYING GROUP","3000","Undefined","3000","VIDEO SERVICES - MINNESOTA","VIDEO SERVICES - MINNESOTA","Americas LLC",0,0,"03/11/2021","Standard Distribution","01","Unassigned","0065106579","Undefined","00","AV CONTENT CAPTURE (VADDIO)",2021,"2021-03",0,"Vaddio","SERVICE","ADV_REPL","AV","001","ADV_REPL","","VIDEO SERVICES - MINNESOTA","Vaddio","3002","56001","U","B0004","B0004P0445","B0004P0445G0014155","Unassigned","Advanced Replacement","Other/Misc","B0004P0445G0014155","US Camera Profit Center","3000","0004114412","Unassigned","AV Integrators","01","MidWest","U1DXP3","United States","Americas - LLC","3000","Kristin Dacey",null,"Undefined",null,"Unassigned","United States","United States","Unassigned","DIRECT","AV CAPTURE & COLLABORATION - CAMERAS","4210","2",{"v":0,"d":"0.00"},1079.48,0,1,1079.48,"USD",1,1079.48]
[1368327052,"01",null,"132377",null,"Invoice Repair","Vaddio","B0004","Dealer","001","Unassigned","3000","Undefined","3000","ENTER ALTERNATE ADDRESS (US)","EPA AUDIO VISUAL INC","Americas LLC",0,0,"04/06/2021","Standard Distribution","01","Unassigned","0065106761","Undefined","00","AV CONTENT CAPTURE (VADDIO)",2021,"2021-04",20,"Vaddio","SERVICE","ADV_REPL","AV","001","ADV_REPL","","EPA AUDIO VISUAL INC","Vaddio","3002","55373","U","B0004","B0004P0445","B0004P0445G0014155","Unassigned","Advanced Replacement","Other/Misc","B0004P0445G0014155","US Camera Profit Center","3000","0004138254","Unassigned","AV Integrators","01","MidWest","U1DXP3","United States","Americas - LLC","3000","Kristin Dacey",null,"Undefined",null,"Unassigned","United States","United States","Unassigned","DIRECT","AV CAPTURE & COLLABORATION - CAMERAS","4210","1",{"v":0,"d":"0.00"},1079.5,0,1,1079.5,"USD",1,1079.5]
[1368327053,"01",null,"131671",null,"Invoice Repair","Vaddio","B0004","Dealer","001","Unassigned","3000","Undefined","3000","ENTER ALTERNATE ADDRESS (US)","AVI SYSTEMS, INC","Americas LLC",0,0,"05/27/2021","Standard Distribution","01","Unassigned","0065107000","Undefined","00","AV CONTENT CAPTURE (VADDIO)",2021,"2021-05",0,"Vaddio","SERVICE","ADV_REPL","AV","001","ADV_REPL","AVI SYSTEMS, INC","AVI SYSTEMS, INC","Vaddio","3002","66214","U","B0004","B0004P0445","B0004P0445G0014155","Unassigned","Advanced Replacement","Other/Misc","B0004P0445G0014155","US Camera Profit Center","3000","0004192132","Unassigned","AV Integrators","01","MidWest","U1DXP3","United States","Americas - LLC","3000","Steve Woll",null,"Undefined",null,"Unassigned","United States","United States","Kansas","DIRECT","AV CAPTURE & COLLABORATION - CAMERAS","4210","1",{"v":0,"d":"0.00"},1033.86,0,1,1033.86,"USD",1,1033.86]
[1368327054,"01",null,"132377",null,"Invoice Repair","Vaddio","B0004","Dealer","001","Unassigned","3000","Undefined","3000","ENTER ALTERNATE ADDRESS (US)","EPA AUDIO VISUAL INC","Americas LLC",0,0,"05/18/2021","Standard Distribution","01","Unassigned","0065106041","Undefined","00","AV CONTENT CAPTURE (VADDIO)",2021,"2021-05",0,"Vaddio","SERVICE","ADV_REPL","AV","001","ADV_REPL","","EPA AUDIO VISUAL INC","Vaddio","3002","55373","U","B0004","B0004P0445","B0004P0445G0014155","Unassigned","Advanced Replacement","Other/Misc","B0004P0445G0014155","US Camera Profit Center","3000","0004182257","Unassigned","AV Integrators","01","MidWest","U1DXP3","United States","Americas - LLC","3000","Kristin Dacey",null,"Undefined",null,"Unassigned","United States","United States","Unassigned","DIRECT","AV CAPTURE & COLLABORATION - CAMERAS","4210","1",{"v":0,"d":"0.00"},298,0,-1,-298,"USD",1,-298]
[1368327055,"01",null,"139844",null,"EDI Invoice","Vaddio","B0004","Online Reseller","010","Unassigned","3000","Undefined","3000","B&H PHOTO - NJF","B&H PHOTO VIDEO - NY (VADDIO)","Americas LLC",7.82,7.82,"07/20/2021","Standard Distribution","01","Unassigned","0040864845","EDI Order","ZEDI","AV CONTENT CAPTURE (VADDIO)",2021,"2021-07",27,"Vaddio","CAMERA MOUNT","WALL","AV","001","535-2000-244","","B&H PHOTO VIDEO - NY (VADDIO)","Vaddio","3002","10001","E","B0004","B0004P0420","B0004P0420G0014060","Unassigned","THIN PROFILE MNT KIT BLK CONFERENCESHOT","Projection Screens","B0004P0420G0014060","US Camera Profit Center","3000","0097424316","Unassigned","AV Integrators","01","NorthEast","U1DXP1","United States","Americas - LLC","3000","John Ruggiero",null,"Undefined",null,"New Jersey","United States","United States","New York","DIRECT","AV CAPTURE & COLLABORATION - CAMERAS","4210","0",{"v":0.8585383502170767,"d":"0.86"},55.28,7.82,1,55.28,"USD",1,55.28]
[1368327056,"01","133809","133809",null,"Invoice Repair","Vaddio","B0004","Dealer","001","PROFESSIONAL SYSTEMS NETWORK INTL","3000","Undefined","3000","TIERNEY BROTHERS INC.","TIERNEY BROTHERS INC.","Americas LLC",0,0,"05/27/2021","Standard Distribution","01","Unassigned","0065107004","Undefined","00","AV CONTENT CAPTURE (VADDIO)",2021,"2021-05",0,"Vaddio","SERVICE","ADV_REPL","AV","001","ADV_REPL","TIERNEY BROTHERS INC.","TIERNEY BROTHERS INC.","Vaddio","3002","55108","U","B0004","B0004P0445","B0004P0445G0014155","Unassigned","Advanced Replacement","Other/Misc","B0004P0445G0014155","US Camera Profit Center","3000","0004192135","Unassigned","AV Integrators","01","MidWest","U1DXP3","United States","Americas - LLC","3000","Kristin Dacey",null,"Undefined",null,"Unassigned","United States","United States","Unassigned","DIRECT","AV CAPTURE & COLLABORATION - CAMERAS","4210","1",{"v":0,"d":"0.00"},1643.26,0,1,1643.26,"USD",1,1643.26]
[1368327057,"01",null,"131671",null,"Invoice Repair","Vaddio","B0004","Dealer","001","Unassigned","3000","Undefined","3000","ENTER ALTERNATE ADDRESS (US)","AVI SYSTEMS, INC","Americas LLC",0,0,"06/28/2021","Standard Distribution","01","Unassigned","0065107146","Undefined","00","AV CONTENT CAPTURE (VADDIO)",2021,"2021-06",0,"Vaddio","SERVICE","ADV_REPL","AV","001","ADV_REPL","AVI SYSTEMS, INC","AVI SYSTEMS, INC","Vaddio","3002","66214","U","B0004","B0004P0445","B0004P0445G0014155","Unassigned","Advanced Replacement","Other/Misc","B0004P0445G0014155","US Camera Profit Center","3000","0004223039","Unassigned","AV Integrators","01","MidWest","U1DXP3","United States","Americas - LLC","3000","Steve Woll",null,"Undefined",null,"Unassigned","United States","United States","Kansas","DIRECT","AV CAPTURE & COLLABORATION - CAMERAS","4210","1",{"v":0,"d":"0.00"},1286.33,0,1,1286.33,"USD",1,1286.33]
[1368327058,"01",null,"131671",null,"Invoice Repair","Vaddio","B0004","Dealer","001","Unassigned","3000","Undefined","3000","ENTER ALTERNATE ADDRESS (US)","AVI SYSTEMS, INC","Americas LLC",0,0,"07/29/2021","Standard Distribution","01","Unassigned","0065107028","Undefined","00","AV CONTENT CAPTURE (VADDIO)",2021,"2021-07",0,"Vaddio","SERVICE","ADV_REPL","AV","001","ADV_REPL","AVI SYSTEMS, INC","AVI SYSTEMS, INC","Vaddio","3002","66214","U","B0004","B0004P0445","B0004P0445G0014155","Unassigned","Advanced Replacement","Other/Misc","B0004P0445G0014155","US Camera Profit Center","3000","0004253760","Unassigned","AV Integrators","01","MidWest","U1DXP3","United States","Americas - LLC","3000","Steve Woll",null,"Undefined",null,"Unassigned","United States","United States","Kansas","DIRECT","AV CAPTURE & COLLABORATION - CAMERAS","4210","1",{"v":0,"d":"0.00"},1530.57,0,-1,-1530.57,"USD",1,-1530.57]
[1368327059,"01","132320","132320",null,"Invoice Repair","Vaddio","B0004","Dealer","001","Unassigned","3000","Undefined","3000","DC TECH AV LLC","DC TECH AV LLC","Americas LLC",0,0,"07/19/2021","Standard Distribution","01","Unassigned","0065107212","Undefined","00","AV CONTENT CAPTURE (VADDIO)",2021,"2021-07",0,"Vaddio","SERVICE","ADV_REPL","AV","001","ADV_REPL","","DC TECH AV LLC","Vaddio","3002","55441","U","B0004","B0004P0445","B0004P0445G0014155","Unassigned","Advanced Replacement","Other/Misc","B0004P0445G0014155","US Camera Profit Center","3000","0004243222","Unassigned","AV Integrators","01","MidWest","U1DXP3","United States","Americas - LLC","3000","Kristin Dacey",null,"Undefined",null,"Unassigned","United States","United States","Unassigned","DIRECT","AV CAPTURE & COLLABORATION - CAMERAS","4210","4",{"v":0,"d":"0.00"},524.36,0,1,524.36,"USD",1,524.36]
[1368327060,"01",null,"139844",null,"Credit Memo","Vaddio","B0004","Online Reseller","010","Unassigned","3000","Undefined","3000","B&H PHOTO - NJF","B&H PHOTO VIDEO - NY (VADDIO)","Americas LLC",0,0,"07/09/2021","Standard Distribution","01","Unassigned","0060511343","Invoice Correct. Req","RK","AV CONTENT CAPTURE (VADDIO)",2021,"2021-07",-241,"Vaddio","CAMERA MOUNT","WALL","AV","001","535-2000-251","","B&H PHOTO VIDEO - NY (VADDIO)","Vaddio","3002","10001","E","B0004","B0004P0420","B0004P0420G0014060","Unassigned","THIN PROFILE WALL MNT PR60/HD EAGLE EYE","Projection Screens","B0004P0420G0014060","US Camera Profit Center","3000","0097371224","Unassigned","AV Integrators","01","NorthEast","U1DXP1","United States","Americas - LLC","3000","John Ruggiero",null,"Undefined",null,"New Jersey","United States","United States","New York","DIRECT","AV CAPTURE & COLLABORATION - CAMERAS","4210","0",{"v":0,"d":"0.00"},null,0,0,-463.52,"USD",1,-463.52]
[1368327061,"01",null,"130024",null,"Invoice Repair","Vaddio","B0004","Dealer","001","Unassigned","3000","Undefined","3000","ENTER ALTERNATE ADDRESS (US)","EMI AUDIO","Americas LLC",0,0,"08/11/2021","Standard Distribution","01","Unassigned","0065107401","Undefined","00","AV CONTENT CAPTURE (VADDIO)",2021,"2021-08",0,"Vaddio","SERVICE","ADV_REPL","AV","001","ADV_REPL","","EMI AUDIO","Vaddio","3002","55422","U","B0004","B0004P0445","B0004P0445G0014155","Unassigned","Advanced Replacement","Other/Misc","B0004P0445G0014155","US Camera Profit Center","3000","0004267641","Unassigned","AV Integrators","01","MidWest","U1DXP3","United States","Americas - LLC","3000","Kristin Dacey",null,"Undefined",null,"Unassigned","United States","United States","Unassigned","DIRECT","AV CAPTURE & COLLABORATION - CAMERAS","4210","2",{"v":0,"d":"0.00"},1677.69,0,1,1677.69,"USD",1,1677.69]
[1368327062,"01",null,"139844",null,"EDI Invoice","Vaddio","B0004","Online Reseller","010","Unassigned","3000","Undefined","3000","B&H PHOTO - NJF","B&H PHOTO VIDEO - NY (VADDIO)","Americas LLC",7.51,30.03,"07/22/2021","Standard Distribution","01","Unassigned","0040866574","EDI Order","ZEDI","AV CONTENT CAPTURE (VADDIO)",2021,"2021-07",3,"Vaddio","CAMERA MOUNT","WALL","AV","001","535-2000-251","","B&H PHOTO VIDEO - NY (VADDIO)","Vaddio","3002","10001","E","B0004","B0004P0420","B0004P0420G0014060","Unassigned","THIN PROFILE WALL MNT PR60/HD EAGLE EYE","Projection Screens","B0004P0420G0014060","US Camera Profit Center","3000","0097430067","Unassigned","AV Integrators","01","NorthEast","U1DXP1","United States","Americas - LLC","3000","John Ruggiero",null,"Undefined",null,"New Jersey","United States","United States","New York","DIRECT","AV CAPTURE & COLLABORATION - CAMERAS","4210","0",{"v":0.7580372250423012,"d":"0.76"},124.11,7.51,4,496.44,"USD",1,496.44]
[1368327063,"01",null,"131671",null,"Invoice Repair","Vaddio","B0004","Dealer","001","Unassigned","3000","Undefined","3000","ENTER ALTERNATE ADDRESS (US)","AVI SYSTEMS, INC","Americas LLC",0,0,"08/03/2021","Standard Distribution","01","Unassigned","0065107332","Undefined","00","AV CONTENT CAPTURE (VADDIO)",2021,"2021-08",0,"Vaddio","SERVICE","ADV_REPL","AV","001","ADV_REPL","AVI SYSTEMS, INC","AVI SYSTEMS, INC","Vaddio","3002","66214","U","B0004","B0004P0445","B0004P0445G0014155","Unassigned","Advanced Replacement","Other/Misc","B0004P0445G0014155","US Camera Profit Center","3000","0004258913","Unassigned","AV Integrators","01","MidWest","U1DXP3","United States","Americas - LLC","3000","Steve Woll",null,"Undefined",null,"Iowa","United States","United States","Kansas","DIRECT","AV CAPTURE & COLLABORATION - CAMERAS","4210","1",{"v":0,"d":"0.00"},1471.26,0,1,1471.26,"USD",1,1471.26]
[1368327064,"01",null,"131671",null,"Invoice Repair","Vaddio","B0004","Dealer","001","Unassigned","3000","Undefined","3000","ENTER ALTERNATE ADDRESS (US)","AVI SYSTEMS, INC","Americas LLC",0,0,"08/14/2021","Standard Distribution","01","Unassigned","0065107146","Undefined","00","AV CONTENT CAPTURE (VADDIO)",2021,"2021-08",0,"Vaddio","SERVICE","ADV_REPL","AV","001","ADV_REPL","AVI SYSTEMS, INC","AVI SYSTEMS, INC","Vaddio","3002","66214","U","B0004","B0004P0445","B0004P0445G0014155","Unassigned","Advanced Replacement","Other/Misc","B0004P0445G0014155","US Camera Profit Center","3000","0004268740","Unassigned","AV Integrators","01","MidWest","U1DXP3","United States","Americas - LLC","3000","Steve Woll",null,"Undefined",null,"Unassigned","United States","United States","Kansas","DIRECT","AV CAPTURE & COLLABORATION - CAMERAS","4210","1",{"v":0,"d":"0.00"},1286.33,0,-1,-1286.33,"USD",1,-1286.33]
[1368327065,"01",null,"132160",null,"Invoice Repair","Vaddio","B0004","Dealer","001","INDEAL INC  LEGACY","3000","Undefined","3000","ENTER ALTERNATE ADDRESS (US)","ISPACE ENVIRONMENTS","Americas LLC",0,0,"08/05/2021","Standard Distribution","01","Unassigned","0065107375","Undefined","00","AV CONTENT CAPTURE (VADDIO)",2021,"2021-08",0,"Vaddio","SERVICE","ADV_REPL","AV","001","ADV_REPL","","ISPACE ENVIRONMENTS","Vaddio","3002","55405","U","B0004","B0004P0445","B0004P0445G0014155","Unassigned","Advanced Replacement","Other/Misc","B0004P0445G0014155","US Camera Profit Center","3000","0004260233","OFFICE PRODUCTS MARKETING INC","Workstation","05","MidWest","U1DXP3","United States","Americas - LLC","3000","Kristin Dacey",null,"Undefined",null,"Unassigned","United States","United States","Unassigned","DIRECT","AV CAPTURE & COLLABORATION - CAMERAS","4210","2",{"v":0,"d":"0.00"},592.29,0,1,592.29,"USD",1,592.29]
[1368327066,"01",null,"139844",null,"EDI Invoice","Vaddio","B0004","Online Reseller","010","Unassigned","3000","Undefined","3000","B&H PHOTO - NJF","B&H PHOTO VIDEO - NY (VADDIO)","Americas LLC",71.24,712.38,"07/07/2021","Standard Distribution","01","Unassigned","0040850206","EDI Order","ZEDI","AV CONTENT CAPTURE (VADDIO)",2021,"2021-07",66,"Vaddio","CAMERA MOUNT","CEILING","AV","001","535-2000-290","","B&H PHOTO VIDEO - NY (VADDIO)","Vaddio","3002","10001","E","B0004","B0004P0420","B0004P0420G0014055","Unassigned","DROP DN MT FOR SMALL PTZ CAMERAS - SHORT","Projection Screens","B0004P0420G0014055","US Camera Profit Center","3000","0097360325","Unassigned","AV Integrators","01","NorthEast","U1DXP1","United States","Americas - LLC","3000","John Ruggiero",null,"Undefined",null,"New Jersey","United States","United States","New York","DIRECT","AV CAPTURE & COLLABORATION - CAMERAS","4210","0",{"v":-2.7458197497108,"d":"-2.75"},190.18,71.24,10,1901.8,"USD",1,1901.8]
[1368327067,"01",null,"139844",null,"EDI Invoice","Vaddio","B0004","Online Reseller","010","Unassigned","3000","Undefined","3000","B&H PHOTO - NJF","B&H PHOTO VIDEO - NY (VADDIO)","Americas LLC",72.13,721.31,"07/27/2021","Standard Distribution","01","Unassigned","0040866574","EDI Order","ZEDI","AV CONTENT CAPTURE (VADDIO)",2021,"2021-07",67,"Vaddio","CAMERA MOUNT","CEILING","AV","001","535-2000-290","","B&H PHOTO VIDEO - NY (VADDIO)","Vaddio","3002","10001","E","B0004","B0004P0420","B0004P0420G0014055","Unassigned","DROP DN MT FOR SMALL PTZ CAMERAS - SHORT","Projection Screens","B0004P0420G0014055","US Camera Profit Center","3000","0097450364","Unassigned","AV Integrators","01","NorthEast","U1DXP1","United States","Americas - LLC","3000","John Ruggiero",null,"Undefined",null,"New Jersey","United States","United States","New York","DIRECT","AV CAPTURE & COLLABORATION - CAMERAS","4210","0",{"v":-2.7184761315599544,"d":"-2.72"},193.98,72.13,10,1939.8,"USD",1,1939.8]
[1368327068,"01",null,"139844",null,"EDI Invoice","Vaddio","B0004","Online Reseller","010","Unassigned","3000","Undefined","3000","B&H PHOTO - NJF","B&H PHOTO VIDEO - NY (VADDIO)","Americas LLC",86.06,258.17,"07/08/2021","Standard Distribution","01","Unassigned","0040851687","EDI Order","ZEDI","AV CONTENT CAPTURE (VADDIO)",2021,"2021-07",0,"Vaddio","CAMERA MOUNT","CEILING","AV","001","535-2000-293","","B&H PHOTO VIDEO - NY (VADDIO)","Vaddio","3002","10001","E","B0004","B0004P0420","B0004P0420G0014055","Unassigned","DROP DN MT FOR LARGE PTZ CAMERAS - LONG","Projection Screens","B0004P0420G0014055","US Camera Profit Center","3000","0097365358","Unassigned","AV Integrators","01","NorthEast","U1DXP1","United States","Americas - LLC","3000","John Ruggiero",null,"Undefined",null,"New Jersey","United States","United States","New York","DIRECT","AV CAPTURE & COLLABORATION - CAMERAS","4210","0",{"v":-0.0477253358224099,"d":"-0.05"},246.41,86.06,3,739.23,"USD",1,739.23]
[1368327069,"01",null,"132377",null,"Invoice Repair","Vaddio","B0004","Dealer","001","Unassigned","3000","Undefined","3000","ENTER ALTERNATE ADDRESS (US)","EPA AUDIO VISUAL INC","Americas LLC",0,0,"09/16/2021","Standard Distribution","01","Unassigned","0065107178","Undefined","00","AV CONTENT CAPTURE (VADDIO)",2021,"2021-09",0,"Vaddio","SERVICE","ADV_REPL","AV","001","ADV_REPL","","EPA AUDIO VISUAL INC","Vaddio","3002","55373","U","B0004","B0004P0445","B0004P0445G0014155","Unassigned","Advanced Replacement","Other/Misc","B0004P0445G0014155","US Camera Profit Center","3000","0004301964","Unassigned","AV Integrators","01","MidWest","U1DXP3","United States","Americas - LLC","3000","Kristin Dacey",null,"Undefined",null,"Unassigned","United States","United States","Unassigned","DIRECT","AV CAPTURE & COLLABORATION - CAMERAS","4210","1",{"v":0,"d":"0.00"},1471.26,0,-1,-1471.26,"USD",1,-1471.26]
[1368327070,"01",null,"132377",null,"Invoice Repair","Vaddio","B0004","Dealer","001","Unassigned","3000","Undefined","3000","ENTER ALTERNATE ADDRESS (US)","EPA AUDIO VISUAL INC","Americas LLC",0,0,"09/25/2021","Standard Distribution","01","Unassigned","0065107320","Undefined","00","AV CONTENT CAPTURE (VADDIO)",2021,"2021-09",0,"Vaddio","SERVICE","ADV_REPL","AV","001","ADV_REPL","","EPA AUDIO VISUAL INC","Vaddio","3002","55373","U","B0004","B0004P0445","B0004P0445G0014155","Unassigned","Advanced Replacement","Other/Misc","B0004P0445G0014155","US Camera Profit Center","3000","0004311740","Unassigned","AV Integrators","01","MidWest","U1DXP3","United States","Americas - LLC","3000","Kristin Dacey",null,"Undefined",null,"Unassigned","United States","United States","Unassigned","DIRECT","AV CAPTURE & COLLABORATION - CAMERAS","4210","1",{"v":0,"d":"0.00"},592.11,0,-1,-592.11,"USD",1,-592.11]
[1368327071,"01",null,"132377",null,"Invoice Repair","Vaddio","B0004","Dealer","001","Unassigned","3000","Undefined","3000","ENTER ALTERNATE ADDRESS (US)","EPA AUDIO VISUAL INC","Americas LLC",0,0,"09/27/2021","Standard Distribution","01","Unassigned","0065107532","Undefined","00","AV CONTENT CAPTURE (VADDIO)",2021,"2021-09",0,"Vaddio","SERVICE","ADV_REPL","AV","001","ADV_REPL","","EPA AUDIO VISUAL INC","Vaddio","3002","55373","U","B0004","B0004P0445","B0004P0445G0014155","Unassigned","Advanced Replacement","Other/Misc","B0004P0445G0014155","US Camera Profit Center","3000","0004309557","Unassigned","AV Integrators","01","MidWest","U1DXP3","United States","Americas - LLC","3000","Kristin Dacey",null,"Undefined",null,"Unassigned","United States","United States","Unassigned","DIRECT","AV CAPTURE & COLLABORATION - CAMERAS","4210","1",{"v":0,"d":"0.00"},1667.98,0,-1,-1667.98,"USD",1,-1667.98]
[1368327072,"01",null,"132377",null,"Invoice Repair","Vaddio","B0004","Dealer","001","Unassigned","3000","Undefined","3000","ENTER ALTERNATE ADDRESS (US)","EPA AUDIO VISUAL INC","Americas LLC",0,0,"09/27/2021","Standard Distribution","01","Unassigned","0065107346","Undefined","00","AV CONTENT CAPTURE (VADDIO)",2021,"2021-09",0,"Vaddio","SERVICE","ADV_REPL","AV","001","ADV_REPL","","EPA AUDIO VISUAL INC","Vaddio","3002","55373","U","B0004","B0004P0445","B0004P0445G0014155","Unassigned","Advanced Replacement","Other/Misc","B0004P0445G0014155","US Camera Profit Center","3000","0004309561","Unassigned","AV Integrators","01","MidWest","U1DXP3","United States","Americas - LLC","3000","Kristin Dacey",null,"Undefined",null,"Unassigned","United States","United States","Unassigned","DIRECT","AV CAPTURE & COLLABORATION - CAMERAS","4210","1",{"v":0,"d":"0.00"},2237.63,0,-1,-2237.63,"USD",1,-2237.63]
[1368327073,"01","133809","133809",null,"Invoice Repair","Vaddio","B0004","Dealer","001","PROFESSIONAL SYSTEMS NETWORK INTL","3000","Undefined","3000","TIERNEY BROTHERS INC.","TIERNEY BROTHERS INC.","Americas LLC",0,0,"09/16/2021","Standard Distribution","01","Unassigned","0065107280","Undefined","00","AV CONTENT CAPTURE (VADDIO)",2021,"2021-09",0,"Vaddio","SERVICE","ADV_REPL","AV","001","ADV_REPL","TIERNEY BROTHERS INC.","TIERNEY BROTHERS INC.","Vaddio","3002","55108","U","B0004","B0004P0445","B0004P0445G0014155","Unassigned","Advanced Replacement","Other/Misc","B0004P0445G0014155","US Camera Profit Center","3000","0004301983","Unassigned","AV Integrators","01","MidWest","U1DXP3","United States","Americas - LLC","3000","Kristin Dacey",null,"Undefined",null,"Unassigned","United States","United States","Unassigned","DIRECT","AV CAPTURE & COLLABORATION - CAMERAS","4210","1",{"v":0,"d":"0.00"},2396.56,0,-1,-2396.56,"USD",1,-2396.56]
[1368327074,"01","133809","133809",null,"Invoice Repair","Vaddio","B0004","Dealer","001","PROFESSIONAL SYSTEMS NETWORK INTL","3000","Undefined","3000","TIERNEY BROTHERS INC.","TIERNEY BROTHERS INC.","Americas LLC",0,0,"09/28/2021","Standard Distribution","01","Unassigned","0065107633","Undefined","00","AV CONTENT CAPTURE (VADDIO)",2021,"2021-09",0,"Vaddio","SERVICE","ADV_REPL","AV","001","ADV_REPL","TIERNEY BROTHERS INC.","TIERNEY BROTHERS INC.","Vaddio","3002","55108","U","B0004","B0004P0445","B0004P0445G0014155","Unassigned","Advanced Replacement","Other/Misc","B0004P0445G0014155","US Camera Profit Center","3000","0004313832","Unassigned","AV Integrators","01","MidWest","U1DXP3","United States","Americas - LLC","3000","Kristin Dacey",null,"Undefined",null,"Unassigned","United States","United States","Unassigned","DIRECT","AV CAPTURE & COLLABORATION - CAMERAS","4210","1",{"v":0,"d":"0.00"},1731.81,0,1,1731.81,"USD",1,1731.81]
[1368327075,"01",null,"131671",null,"Invoice Repair","Vaddio","B0004","Dealer","001","Unassigned","3000","Undefined","3000","ENTER ALTERNATE ADDRESS (US)","AVI SYSTEMS, INC","Americas LLC",0,0,"10/02/2021","Standard Distribution","01","Unassigned","0065107593","Undefined","00","AV CONTENT CAPTURE (VADDIO)",2021,"2021-10",0,"Vaddio","SERVICE","ADV_REPL","AV","001","ADV_REPL","AVI SYSTEMS, INC","AVI SYSTEMS, INC","Vaddio","3002","66214","U","B0004","B0004P0445","B0004P0445G0014155","Unassigned","Advanced Replacement","Other/Misc","B0004P0445G0014155","US Camera Profit Center","3000","0004319042","Unassigned","AV Integrators","01","MidWest","U1DXP3","United States","Americas - LLC","3000","Steve Woll",null,"Undefined",null,"Unassigned","United States","United States","Kansas","DIRECT","AV CAPTURE & COLLABORATION - CAMERAS","4210","1",{"v":0,"d":"0.00"},1731.81,0,-1,-1731.81,"USD",1,-1731.81]
[1368327076,"01",null,"139844",null,"EDI Invoice","Vaddio","B0004","Online Reseller","010","Unassigned","3000","Undefined","3000","B&H PHOTO - NJF","B&H PHOTO VIDEO - NY (VADDIO)","Americas LLC",84.38,168.75,"07/08/2021","Standard Distribution","01","Unassigned","0040851687","EDI Order","ZEDI","AV CONTENT CAPTURE (VADDIO)",2021,"2021-07",0,"Vaddio","CAMERA MOUNT","CEILING","AV","001","535-2000-296","","B&H PHOTO VIDEO - NY (VADDIO)","Vaddio","3002","10001","E","B0004","B0004P0420","B0004P0420G0014055","Unassigned","OFF-SET DROP DN MT FOR HD SERIES CAMERAS","Projection Screens","B0004P0420G0014055","US Camera Profit Center","3000","0097365358","Unassigned","AV Integrators","01","NorthEast","U1DXP1","United States","Americas - LLC","3000","John Ruggiero",null,"Undefined",null,"New Jersey","United States","United States","New York","DIRECT","AV CAPTURE & COLLABORATION - CAMERAS","4210","0",{"v":0.31516578060955314,"d":"0.32"},246.41,84.38,2,492.82,"USD",1,492.82]
[1368327077,"01",null,"141701",null,"Credit for Returns","Vaddio","B0004","Distributor - National","002","Unassigned","5000","Undefined","3000","ANIXTER LTD.","ANIXTER LIMITED","Europe BV",0,0,"07/08/2021","Standard Distribution","01","Unassigned","0060510498","RMA - Return Auth.","RE","AV CONTENT CAPTURE (VADDIO)",2021,"2021-07",0,"Vaddio","CAMERA MOUNT","CEILING","AV","001","535-2000-296","","ANIXTER LIMITED","Weert","5050","RG12 1YQ","X","B0004","B0004P0420","B0004P0420G0014055","Unassigned","OFF-SET DROP DN MT FOR HD SERIES CAMERAS","Projection Screens","B0004P0420G0014055","Europe Camera Profit Center","5000","0800330470","Unassigned","AV Distribution","08","UK/Ireland","E1DXX4","Europe, the Middle East, and Africa","Europe - BV","5000","Cm Marcus Bond",null,"Undefined",null,"Undefined","United Kingdom","United Kingdom","Berkshire","DIRECT","AV CAPTURE & COLLABORATION - CAMERAS","4210","2",{"v":0,"d":"0.00"},null,0,0,-478.03,"EUR",0.84161,-402.31]
[1368327078,"01",null,"131671",null,"Invoice Repair","Vaddio","B0004","Dealer","001","Unassigned","3000","Undefined","3000","ENTER ALTERNATE ADDRESS (US)","AVI SYSTEMS, INC","Americas LLC",0,0,"11/17/2021","Standard Distribution","01","Unassigned","0065107519","Undefined","00","AV CONTENT CAPTURE (VADDIO)",2021,"2021-11",0,"Vaddio","SERVICE","ADV_REPL","AV","001","ADV_REPL","AVI SYSTEMS, INC","AVI SYSTEMS, INC","Vaddio","3002","66214","U","B0004","B0004P0445","B0004P0445G0014155","Unassigned","Advanced Replacement","Other/Misc","B0004P0445G0014155","US Camera Profit Center","3000","0004364695","Unassigned","AV Integrators","01","MidWest","U1DXP3","United States","Americas - LLC","3000","Steve Woll",null,"Undefined",null,"Unassigned","United States","United States","Kansas","DIRECT","AV CAPTURE & COLLABORATION - CAMERAS","4210","1",{"v":0,"d":"0.00"},1731.81,0,-1,-1731.81,"USD",1,-1731.81]
[1368327079,"01",null,"131671",null,"Invoice Repair","Vaddio","B0004","Dealer","001","Unassigned","3000","Undefined","3000","ENTER ALTERNATE ADDRESS (US)","AVI SYSTEMS, INC","Americas LLC",0,0,"11/29/2021","Standard Distribution","01","Unassigned","0065107614","Undefined","00","AV CONTENT CAPTURE (VADDIO)",2021,"2021-11",0,"Vaddio","SERVICE","ADV_REPL","AV","001","ADV_REPL","AVI SYSTEMS, INC","AVI SYSTEMS, INC","Vaddio","3002","66214","U","B0004","B0004P0445","B0004P0445G0014155","Unassigned","Advanced Replacement","Other/Misc","B0004P0445G0014155","US Camera Profit Center","3000","0004372932","Unassigned","AV Integrators","01","MidWest","U1DXP3","United States","Americas - LLC","3000","Andre White",null,"Undefined",null,"Illinois","United States","United States","Kansas","DIRECT","AV CAPTURE & COLLABORATION - CAMERAS","4210","1",{"v":0,"d":"0.00"},2282.38,0,-1,-2282.38,"USD",1,-2282.38]
[1368327080,"01","132377","132377",null,"Invoice Repair","Vaddio","B0004","Dealer","001","Unassigned","3000","Undefined","3000","EPA AUDIO VISUAL INC","EPA AUDIO VISUAL INC","Americas LLC",0,0,"11/29/2021","Standard Distribution","01","Unassigned","0065107949","Undefined","00","AV CONTENT CAPTURE (VADDIO)",2021,"2021-11",0,"Vaddio","SERVICE","ADV_REPL","AV","001","ADV_REPL","","EPA AUDIO VISUAL INC","Vaddio","3002","55373","U","B0004","B0004P0445","B0004P0445G0014155","Unassigned","Advanced Replacement","Other/Misc","B0004P0445G0014155","US Camera Profit Center","3000","0004372955","Unassigned","AV Integrators","01","MidWest","U1DXP3","United States","Americas - LLC","3000","Kristin Dacey",null,"Undefined",null,"Unassigned","United States","United States","Unassigned","DIRECT","AV CAPTURE & COLLABORATION - CAMERAS","4210","1",{"v":0,"d":"0.00"},732,0,1,732,"USD",1,732]
[1368327081,"01","132377","132377",null,"Invoice Repair","Vaddio","B0004","Dealer","001","Unassigned","3000","Undefined","3000","EPA AUDIO VISUAL INC","EPA AUDIO VISUAL INC","Americas LLC",0,0,"12/15/2021","Standard Distribution","01","Unassigned","0065107949","Undefined","00","AV CONTENT CAPTURE (VADDIO)",2021,"2021-12",0,"Vaddio","SERVICE","ADV_REPL","AV","001","ADV_REPL","","EPA AUDIO VISUAL INC","Vaddio","3002","55373","U","B0004","B0004P0445","B0004P0445G0014155","Unassigned","Advanced Replacement","Other/Misc","B0004P0445G0014155","US Camera Profit Center","3000","0004389934","Unassigned","AV Integrators","01","MidWest","U1DXP3","United States","Americas - LLC","3000","Kristin Dacey",null,"Undefined",null,"Unassigned","United States","United States","Unassigned","DIRECT","AV CAPTURE & COLLABORATION - CAMERAS","4210","1",{"v":0,"d":"0.00"},732,0,-1,-732,"USD",1,-732]
[1368327082,"01",{"$nulls":3},"Invoice Repair","Vaddio","B0004","Undefined","000","Unassigned","3000","Undefined","3000","VADDIO MARKETING","VADDIO MARKETING","Americas LLC",0,0,"06/18/2021","Standard Distribution","01","Unassigned","0065107125","Undefined","00","AV CONTENT CAPTURE (VADDIO)",2021,"2021-06",0,"Vaddio","SERVICE","ADV_REPL","AV","001","ADV_REPL","","VADDIO MARKETING","Vaddio","3002","55305","U","B0004","B0004P0445","B0004P0445G0014155","Unassigned","Advanced Replacement","Other/Misc","B0004P0445G0014155","US Camera Profit Center","3000","0004214432","Unassigned","AV Integrators","01","House Account","U1DXP5","United States","Americas - LLC","3000","House Account Z1",null,"Undefined",null,"Unassigned","United States","United States","Unassigned","DIRECT","AV CAPTURE & COLLABORATION - CAMERAS","4210","0",{"v":0,"d":"0.00"},444.09,0,1,444.09,"USD",1,444.09]
[1368327083,"01","132019","132019",null,"Invoice Repair","Vaddio","B0004","Dealer","001","Unassigned","3000","Undefined","3000","COMMERCIAL AUDIO SYSTEMS","COMMERCIAL AUDIO SYSTEMS","Americas LLC",0,0,"01/28/2021","Standard Distribution","01","Unassigned","0065106094","Undefined","00","AV CONTENT CAPTURE (VADDIO)",2021,"2021-01",0,"Vaddio","SERVICE","ADV_REPL","AV","001","ADV_REPL","","COMMERCIAL AUDIO SYSTEMS","Vaddio","3002","72764","U","B0004","B0004P0445","B0004P0445G0014155","Unassigned","Advanced Replacement","Other/Misc","B0004P0445G0014155","US Camera Profit Center","3000","0004071676","Unassigned","AV Integrators","01","South","U1DXP2","United States","Americas - LLC","3000","Ken Phillips",null,"Undefined",null,"Unassigned","United States","United States","Unassigned","DIRECT","AV CAPTURE & COLLABORATION - CAMERAS","4210","2",{"v":0,"d":"0.00"},3516,0,-1,-3516,"USD",1,-3516]
[1368327084,"01","132333","132333",null,"Invoice Repair","Vaddio","B0004","Dealer","001","USAV BUYING GROUP","3000","Undefined","3000","DESIGNS THAT COMPUTE - VISIONALITY","DESIGNS THAT COMPUTE - VISIONALITY","Americas LLC",0,0,"01/28/2021","Standard Distribution","01","Unassigned","0065106186","Undefined","00","AV CONTENT CAPTURE (VADDIO)",2021,"2021-01",0,"Vaddio","SERVICE","ADV_REPL","AV","001","ADV_REPL","","DESIGNS THAT COMPUTE - VISIONALITY","Vaddio","3002","75081","U","B0004","B0004P0445","B0004P0445G0014155","Unassigned","Advanced Replacement","Other/Misc","B0004P0445G0014155","US Camera Profit Center","3000","0004071679","Unassigned","AV Integrators","01","South","U1DXP2","United States","Americas - LLC","3000","Ken Phillips",null,"Undefined",null,"Texas","United States","United States","Texas","DIRECT","AV CAPTURE & COLLABORATION - CAMERAS","4210","2",{"v":0,"d":"0.00"},1167.53,0,-1,-1167.53,"USD",1,-1167.53]
[1368327085,"01",null,"144642",null,"Invoice","Vaddio","B0004","Dealer","001","Unassigned","3000","Undefined","3000","TAKASE CO. LTD","HIBINO INTERSOUND CORPORATION","Americas LLC",208.96,3134.41,"07/20/2021","Standard Distribution","01","Unassigned","0002679959","Standard Order","TA","AV CONTENT CAPTURE (VADDIO)",2021,"2021-07",0,"Vaddio","CAMERA MOUNT","INCEILING","AV","001","999-2225-150","","HIBINO INTERSOUND CORPORATION","Vaddio","3002","105-0022","E","B0004","B0004P0420","B0004P0420G0014045","Unassigned","IN-CEILING HALF-RECESSED ENCL. ROBOS","Projection Screens","B0004P0420G0014045","US Camera Profit Center","3010","0097422227","Unassigned","AV Integrators","01","Commercial","H1DXXX","Asia Pacific","Export","3010","Joseph Mak",null,"Undefined",null,"Undefined","Japan","Japan","Unassigned","DIRECT","AV CAPTURE & COLLABORATION - CAMERAS","4210","2",{"v":-4.798557025252058,"d":"-4.80"},540.55,208.96,15,8108.25,"USD",1,8108.25]
[1368327086,"01","133720","133420",null,"Invoice Repair","Vaddio","B0004","Dealer","001","PROFESSIONAL SYSTEMS NETWORK INTL","3000","Undefined","3000","TAURUS TECHNOLOGIES INC","SPINITAR PRESENTATION PRODUCTS","Americas LLC",0,0,"01/22/2021","Standard Distribution","01","Unassigned","0065106217","Undefined","00","AV CONTENT CAPTURE (VADDIO)",2021,"2021-01",0,"Vaddio","SERVICE","ADV_REPL","AV","001","ADV_REPL","","SPINITAR PRESENTATION PRODUCTS","Vaddio","3002","90638","U","B0004","B0004P0445","B0004P0445G0014155","Unassigned","Advanced Replacement","Other/Misc","B0004P0445G0014155","US Camera Profit Center","3000","0004068883","Unassigned","AV Integrators","01","West","U1DXP4","United States","Americas - LLC","3000","Ken Phillips",null,"Undefined",null,"Texas","United States","United States","Unassigned","DIRECT","AV CAPTURE & COLLABORATION - CAMERAS","4210","1",{"v":0,"d":"0.00"},1696,0,-1,-1696,"USD",1,-1696]
[1368327087,"01",null,"132497",null,"Invoice Repair","Vaddio","B0004","Dealer","001","Unassigned","3000","Undefined","3000","1TST - MILESTONE INC. SAVAGE (3000)","FRONTIER MUSIC CO.","Americas LLC",0,0,"02/08/2021","Standard Distribution","01","Unassigned","0065106440","Undefined","00","AV CONTENT CAPTURE (VADDIO)",2021,"2021-02",0,"Vaddio","SERVICE","ADV_REPL","AV","001","ADV_REPL","","FRONTIER MUSIC CO.","Vaddio","3002","73401","U","B0004","B0004P0445","B0004P0445G0014155","Unassigned","Advanced Replacement","Other/Misc","B0004P0445G0014155","US Camera Profit Center","3000","0004083100","Unassigned","AV Integrators","01","South","U1DXP2","United States","Americas - LLC","3000","Ken Phillips",null,"Undefined",null,"Oklahoma","United States","United States","Oklahoma","DIRECT","AV CAPTURE & COLLABORATION - CAMERAS","4210","3",{"v":0,"d":"0.00"},2078.86,0,1,2078.86,"USD",1,2078.86]
[1368327088,"01","151052","151052",null,"Invoice","Vaddio","B0004","Dealer","001","Unassigned","3000","Undefined","3000","AUTOMATION SPECIALISTS INC.","AUTOMATION SPECIALISTS INC.","Americas LLC",145.2,145.2,"07/27/2021","Standard Distribution","01","Unassigned","0002670486","Standard Order","TA","AV CONTENT CAPTURE (VADDIO)",2021,"2021-07",3,"Vaddio","CAMERA MOUNT","INCEILING","Residential","003","999-2225-200","","AUTOMATION SPECIALISTS INC.","Vaddio","3002","85714","E","B0004","B0004P0420","B0004P0420G0014045","Unassigned","IN CEILING HALF-RECESSED ROBOSHOT UHD","Projection Screens","B0004P0420G0014045","US Camera Profit Center","3000","0097451630","PACIFIC COAST REP GROUP LLC","Residential AV","02","West - Resi","UXDXH2","United States","Americas - LLC","3000","Ross Leblanc",null,"Undefined",null,"Arizona","United States","United States","Arizona","DIRECT","AV CAPTURE & COLLABORATION - CAMERAS","4210","4",{"v":0.7470383275261324,"d":"0.75"},574,145.2,1,574,"USD",1,574]
[1368327089,"01",null,"132497",null,"Invoice Repair","Vaddio","B0004","Dealer","001","Unassigned","3000","Undefined","3000","ENTER ALTERNATE ADDRESS (US)","FRONTIER MUSIC CO.","Americas LLC",0,0,"03/04/2021","Standard Distribution","01","Unassigned","0065106315","Undefined","00","AV CONTENT CAPTURE (VADDIO)",2021,"2021-03",0,"Vaddio","SERVICE","ADV_REPL","AV","001","ADV_REPL","","FRONTIER MUSIC CO.","Vaddio","3002","73401","U","B0004","B0004P0445","B0004P0445G0014155","Unassigned","Advanced Replacement","Other/Misc","B0004P0445G0014155","US Camera Profit Center","3000","0004108051","Unassigned","AV Integrators","01","South","U1DXP2","United States","Americas - LLC","3000","Ken Phillips",null,"Undefined",null,"Oklahoma","United States","United States","Oklahoma","DIRECT","AV CAPTURE & COLLABORATION - CAMERAS","4210","3",{"v":0,"d":"0.00"},1111,0,-1,-1111,"USD",1,-1111]
[1368327090,"01",null,"133392",null,"Invoice Repair","Vaddio","B0004","Dealer","001","Unassigned","3000","Undefined","3000","ENTER ALTERNATE ADDRESS (US)","PATHWAY COMMUNICATIONS LTD.","Americas LLC",0,0,"03/08/2021","Standard Distribution","01","Unassigned","0065105999","Undefined","00","AV CONTENT CAPTURE (VADDIO)",2021,"2021-03",0,"Vaddio","SERVICE","ADV_REPL","AV","001","ADV_REPL","","PATHWAY COMMUNICATIONS LTD.","Vaddio","3002","75057","U","B0004","B0004P0445","B0004P0445G0014155","Unassigned","Advanced Replacement","Other/Misc","B0004P0445G0014155","US Camera Profit Center","3000","0004110811","Unassigned","AV Integrators","01","South","U1DXP2","United States","Americas - LLC","3000","Ken Phillips",null,"Undefined",null,"Texas","United States","United States","Texas","DIRECT","AV CAPTURE & COLLABORATION - CAMERAS","4210","2",{"v":0,"d":"0.00"},1298,0,-1,-1298,"USD",1,-1298]
[1368327091,"01","132017","132017",null,"Invoice","Vaddio","B0004","Dealer","001","Unassigned","3000","Undefined","3000","AVI SOUTHEAST, LLC","AVI SOUTHEAST, LLC","Americas LLC",594.35,594.35,"05/20/2021","Standard Distribution","01","Unassigned","0002632364","Standard Order","TA","AV CONTENT CAPTURE (VADDIO)",2021,"2021-05",0,"Vaddio","CAM EXTENSIONS","EXT HUBS","AV","001","999-1005-032","","AVI SOUTHEAST, LLC","Vaddio","3002","30092","X","B0004","B0004P0415","B0004P0415G0014045","Unassigned","USB 3.0 EXTENDER SYSTEM N/A","Projection Screens","B0004P0415G0014045","US Camera Profit Center","3000","0097184610","Unassigned","AV Integrators","01","South","U1DXP2","United States","Americas - LLC","3000","Angela Tener",null,"Undefined",null,"Georgia","United States","United States","Georgia","DIRECT","AV CAPTURE & COLLABORATION - CAMERAS","4210","2",{"v":0.500919480388617,"d":"0.50"},1190.89,594.35,1,1190.89,"USD",1,1190.89]
[1368330247,"01",null,"133809",null,"Invoice","Vaddio","B0004","Dealer","001","PROFESSIONAL SYSTEMS NETWORK INTL","3000","Undefined","3000","TIERNEY BROTHERS INC. - WAREHOUSE","TIERNEY BROTHERS INC.","Americas LLC",823.17,1646.33,"11/04/2021","Standard Distribution","01","Unassigned","0002772941","Standard Order","TA","AV CONFERENCING (VADDIO)",2021,"2021-11",0,"Vaddio","CONFERENCE","ROOM SYSTEM","AV","001","999-30230-000W","TIERNEY BROTHERS INC.","TIERNEY BROTHERS INC.","Vaddio","3002","55108","E","B0004","B0004P0435","B0004P0435G0014100","Unassigned","EasyIP 20 Camera White","Projection Screens","B0004P0435G0014100","US Camera Profit Center","3000","0097893002","Unassigned","AV Integrators","01","MidWest","U1DXP3","United States","Americas - LLC","3000","Kristin Dacey",null,"Undefined",null,"Unassigned","United States","United States","Unassigned","DIRECT","AV CAPTURE & COLLABORATION - CAMERAS","4210","1",{"v":0.350811126270712,"d":"0.35"},2535.98,823.17,2,5071.96,"USD",1,5071.96]
[1368330270,"01",null,"153742",null,"Invoice","Vaddio","B0004","Dealer","001","Unassigned","3000","Undefined","3000","AUDIO VISUAL CONCEPTS - CAGUAS","AUDIO VISUAL CONCEPTS - PUERTO RICO","Americas LLC",258.04,258.04,"04/21/2021","Standard Distribution","01","Unassigned","0002606471","Standard Order","TA","AV CONTENT CAPTURE (VADDIO)",2021,"2021-04",15,"Vaddio","CAM EXTENSIONS","EXT CABLES","AV","001","440-1005-023","","AUDIO VISUAL CONCEPTS - USE 153742","Vaddio","3002","00970","F","B0004","B0004P0415","B0004P0415G0014040","Unassigned","CABLE ACTIVE 3.0 TYPE-A TO B M/M 20M","Projection Screens","B0004P0415G0014040","US Camera Profit Center","3010","0097062468","Unassigned","AV Integrators","01","Latin Am","U1IXX3","Mexico and Latin America","Export","3010","Andres Garrido",null,"Undefined",null,"Undefined","Puerto Rico","Puerto Rico","Undefined","DIRECT","AV CAPTURE & COLLABORATION - CAMERAS","4210","1",{"v":0.26194153652537033,"d":"0.26"},349.62,258.04,1,349.62,"USD",1,349.62]
[1368330271,"01","131671","131671",null,"Invoice","Vaddio","B0004","Dealer","001","Unassigned","3000","Undefined","3000","AVI SYSTEMS, INC","AVI SYSTEMS, INC","Americas LLC",1600.71,1600.71,"11/18/2021","Standard Distribution","01","Unassigned","0002785926","Standard Order","TA","AV CONFERENCING (VADDIO)",2021,"2021-11",31,"Vaddio","CONFERENCE","ROOM SYSTEM","AV","001","999-30231-000W","AVI SYSTEMS, INC","AVI SYSTEMS, INC","Vaddio","3002","66214","E","B0004","B0004P0435","B0004P0435G0014100","Unassigned","EasyIP 20 Mixer Base Kit White NA","Projection Screens","B0004P0435G0014100","US Camera Profit Center","3000","0097956554","Unassigned","AV Integrators","01","MidWest","U1DXP3","United States","Americas - LLC","3000","Andre White",null,"Undefined",null,"Kansas","United States","United States","Kansas","DIRECT","AV CAPTURE & COLLABORATION - CAMERAS","4210","1",{"v":0.5967141744999584,"d":"0.60"},3969.17,1600.71,1,3969.17,"USD",1,3969.17]
[1368330272,"01","132377","132377",null,"Invoice","Vaddio","B0004","Dealer","001","Unassigned","3000","Undefined","3000","EPA AUDIO VISUAL INC","EPA AUDIO VISUAL INC","Americas LLC",1629.68,1629.68,"11/29/2021","Standard Distribution","01","Unassigned","0002791416","Standard Order","TA","AV CONFERENCING (VADDIO)",2021,"2021-11",27,"Vaddio","CONFERENCE","ROOM SYSTEM","AV","001","999-30231-000W","","EPA AUDIO VISUAL INC","Vaddio","3002","55373","E","B0004","B0004P0435","B0004P0435G0014100","Unassigned","EasyIP 20 Mixer Base Kit White NA","Projection Screens","B0004P0435G0014100","US Camera Profit Center","3000","0098019690","Unassigned","AV Integrators","01","MidWest","U1DXP3","United States","Americas - LLC","3000","Kristin Dacey",null,"Undefined",null,"Unassigned","United States","United States","Unassigned","DIRECT","AV CAPTURE & COLLABORATION - CAMERAS","4210","1",{"v":0.6250911575455442,"d":"0.63"},4346.87,1629.68,1,4346.87,"USD",1,4346.87]
[1368330273,"01","132377","132377",null,"Invoice","Vaddio","B0004","Dealer","001","Unassigned","3000","Undefined","3000","EPA AUDIO VISUAL INC","EPA AUDIO VISUAL INC","Americas LLC",1441.22,1441.22,"11/19/2021","Standard Distribution","01","Unassigned","0002787125","Standard Order","TA","AV CONFERENCING (VADDIO)",2021,"2021-11",0,"Vaddio","CONFERENCE","ROOM SYSTEM","AV","001","999-60321-000","","EPA AUDIO VISUAL INC","Vaddio","3002","55373","E","B0004","B0004P0435","B0004P0435G0014100","Unassigned","EasyIP 10 Mixer Base Kit Blk N/A","Projection Screens","B0004P0435G0014100","US Camera Profit Center","3000","0097960431","Unassigned","AV Integrators","01","MidWest","U1DXP3","United States","Americas - LLC","3000","Kristin Dacey",null,"Undefined",null,"Unassigned","United States","United States","Unassigned","DIRECT","AV CAPTURE & COLLABORATION - CAMERAS","4210","1",{"v":0.6234034324894956,"d":"0.62"},3826.96,1441.22,1,3826.96,"USD",1,3826.96]
[1368330274,"01",null,"133809",null,"Invoice","Vaddio","B0004","Dealer","001","PROFESSIONAL SYSTEMS NETWORK INTL","3000","Undefined","3000","TIERNEY BROTHERS INC. - WAREHOUSE","TIERNEY BROTHERS INC.","Americas LLC",1410.4,1410.4,"11/05/2021","Standard Distribution","01","Unassigned","0002772941","Standard Order","TA","AV CONFERENCING (VADDIO)",2021,"2021-11",0,"Vaddio","CONFERENCE","ROOM SYSTEM","AV","001","999-60321-000W","TIERNEY BROTHERS INC.","TIERNEY BROTHERS INC.","Vaddio","3002","55108","E","B0004","B0004P0435","B0004P0435G0014100","Unassigned","EasyIP 10 Mixer Base Kit Wht N/A","Projection Screens","B0004P0435G0014100","US Camera Profit Center","3000","0097895504","Unassigned","AV Integrators","01","MidWest","U1DXP3","United States","Americas - LLC","3000","Kristin Dacey",null,"Undefined",null,"Unassigned","United States","United States","Unassigned","DIRECT","AV CAPTURE & COLLABORATION - CAMERAS","4210","1",{"v":0.6314568221251333,"d":"0.63"},3826.96,1410.4,1,3826.96,"USD",1,3826.96]
[1368330275,"01","132651","132651",null,"Invoice","Vaddio","B0004","Dealer","001","Unassigned","3000","Undefined","3000","Z SYSTEMS INC.","Z SYSTEMS INC.","Americas LLC",222.34,889.36,"11/10/2021","Standard Distribution","01","Unassigned","0002778925","Standard Order","TA","AV CONFERENCING (VADDIO)",2021,"2021-11",27,"Vaddio","CONFERENCE","AUDIO","AV","001","999-85810-000","","Z SYSTEMS INC.","Vaddio","3002","55426","E","B0004","B0004P0435","B0004P0435G0014090","Unassigned","EasyIP CeilingMIC D White","Projection Screens","B0004P0435G0014090","US Camera Profit Center","3000","0097931316","Unassigned","AV Integrators","01","MidWest","U1DXP3","United States","Americas - LLC","3000","Kristin Dacey",null,"Undefined",null,"Unassigned","United States","United States","Unassigned","DIRECT","AV CAPTURE & COLLABORATION - CAMERAS","4210","4",{"v":-0.32530623193157115,"d":"-0.33"},671.06,222.34,4,2684.24,"USD",1,2684.24]
[1368330276,"01",null,"132377",null,"Invoice","Vaddio","B0004","Dealer","001","Unassigned","3000","Undefined","3000","1TST - MILESTONE INC. SAVAGE (3000)","EPA AUDIO VISUAL INC","Americas LLC",1023.73,2047.45,"11/01/2021","Standard Distribution","01","Unassigned","0002769435","Standard Order","TA","AV CONFERENCING (VADDIO)",2021,"2021-11",30,"Vaddio","CONFERENCE","ROOM SYSTEM","AV","001","999-99950-700W","","EPA AUDIO VISUAL INC","Vaddio","3002","55373","E","B0004","B0004P0435","B0004P0435G0014100","Unassigned","CSAV SYS CEILINGMIC 2 (W/O SPKR) WHT","Projection Screens","B0004P0435G0014100","US Camera Profit Center","3000","0097884250","Unassigned","AV Integrators","01","MidWest","U1DXP3","United States","Americas - LLC","3000","Kristin Dacey",null,"Undefined",null,"Unassigned","United States","United States","Unassigned","DIRECT","AV CAPTURE & COLLABORATION - CAMERAS","4210","1",{"v":0.09007479567847199,"d":"0.09"},2250.13,1023.73,2,4500.26,"USD",1,4500.26]
[1368330277,"01",null,"131658",null,"Invoice","Vaddio","B0004","Dealer","001","Unassigned","3000","Undefined","3000","1TST - MILESTONE INC. SAVAGE (3000)","ARCHKEY TECHNOLOGIES","Americas LLC",638.69,2554.76,"12/31/2021","Standard Distribution","01","Unassigned","0002818030","Standard Order","TA","AV CONFERENCING (VADDIO)",2021,"2021-12",0,"Vaddio","CONFERENCE","ROOM SYSTEM","AV","001","999-30200-000W","","ARCHKEY TECHNOLOGIES","Vaddio","3002","55432","E","B0004","B0004P0435","B0004P0435G0014100","Unassigned","EasyIP 10 Camera White","Projection Screens","B0004P0435G0014100","US Camera Profit Center","3000","0098189258","Unassigned","AV Integrators","01","MidWest","U1DXP3","United States","Americas - LLC","3000","Kristin Dacey",null,"Undefined",null,"Unassigned","United States","United States","Unassigned","DIRECT","AV CAPTURE & COLLABORATION - CAMERAS","4210","2",{"v":-0.213069139565913,"d":"-0.21"},2106.03,638.69,4,8424.12,"USD",1,8424.12]
[1368330278,"01",null,"132377",null,"Invoice","Vaddio","B0004","Dealer","001","Unassigned","3000","Undefined","3000","ENTER ALTERNATE ADDRESS (US)","EPA AUDIO VISUAL INC","Americas LLC",639.46,639.46,"12/15/2021","Standard Distribution","01","Unassigned","0002805829","Standard Order","TA","AV CONFERENCING (VADDIO)",2021,"2021-12",9,"Vaddio","CONFERENCE","ROOM SYSTEM","AV","001","999-30200-000W","","EPA AUDIO VISUAL INC","Vaddio","3002","55373","E","B0004","B0004P0435","B0004P0435G0014100","Unassigned","EasyIP 10 Camera White","Projection Screens","B0004P0435G0014100","US Camera Profit Center","3000","0098117508","Unassigned","AV Integrators","01","MidWest","U1DXP3","United States","Americas - LLC","3000","Kristin Dacey",null,"Undefined",null,"Unassigned","United States","United States","Unassigned","DIRECT","AV CAPTURE & COLLABORATION - CAMERAS","4210","1",{"v":0.7080464598133572,"d":"0.71"},2190.28,639.46,1,2190.28,"USD",1,2190.28]
[1368330279,"01","132377","132377",null,"Invoice","Vaddio","B0004","Dealer","001","Unassigned","3000","Undefined","3000","EPA AUDIO VISUAL INC","EPA AUDIO VISUAL INC","Americas LLC",826.6,1653.2,"12/15/2021","Standard Distribution","01","Unassigned","0002804884","Standard Order","TA","AV CONFERENCING (VADDIO)",2021,"2021-12",0,"Vaddio","CONFERENCE","ROOM SYSTEM","AV","001","999-50707-000","","EPA AUDIO VISUAL INC","Vaddio","3002","55373","E","B0004","B0004P0435","B0004P0435G0014100","Unassigned","HuddleSHOT BLACK","Projection Screens","B0004P0435G0014100","US Camera Profit Center","3000","0098117510","Unassigned","AV Integrators","01","MidWest","U1DXP3","United States","Americas - LLC","3000","Kristin Dacey",null,"Undefined",null,"Unassigned","United States","United States","Unassigned","DIRECT","AV CAPTURE & COLLABORATION - CAMERAS","4210","1",{"v":-0.4326195654999696,"d":"-0.43"},1153.97,826.6,2,2307.94,"USD",1,2307.94]
[1368330280,"01",null,"132377",null,"Invoice","Vaddio","B0004","Dealer","001","Unassigned","3000","Undefined","3000","1TST - MILESTONE INC. SAVAGE (3000)","EPA AUDIO VISUAL INC","Americas LLC",799.33,3996.67,"12/10/2021","Standard Distribution","01","Unassigned","0002802655","Standard Order","TA","AV CONFERENCING (VADDIO)",2021,"2021-12",52,"Vaddio","CONFERENCE","ROOM SYSTEM","AV","001","999-50707-000","","EPA AUDIO VISUAL INC","Vaddio","3002","55373","E","B0004","B0004P0435","B0004P0435G0014100","Unassigned","HuddleSHOT BLACK","Projection Screens","B0004P0435G0014100","US Camera Profit Center","3000","0098094993","Unassigned","AV Integrators","01","MidWest","U1DXP3","United States","Americas - LLC","3000","Kristin Dacey",null,"Undefined",null,"Unassigned","United States","United States","Unassigned","DIRECT","AV CAPTURE & COLLABORATION - CAMERAS","4210","1",{"v":-2.463408927441788,"d":"-2.46"},1153.97,799.33,5,5769.85,"USD",1,5769.85]
[1368330303,"01","132377","132377",null,"Invoice","Vaddio","B0004","Dealer","001","Unassigned","3000","Undefined","3000","EPA AUDIO VISUAL INC","EPA AUDIO VISUAL INC","Americas LLC",1474.31,1474.31,"12/20/2021","Standard Distribution","01","Unassigned","0002804884","Standard Order","TA","AV CONFERENCING (VADDIO)",2021,"2021-12",27,"Vaddio","CONFERENCE","ROOM SYSTEM","AV","001","999-60321-000","","EPA AUDIO VISUAL INC","Vaddio","3002","55373","E","B0004","B0004P0435","B0004P0435G0014100","Unassigned","EasyIP 10 Mixer Base Kit Blk N/A","Projection Screens","B0004P0435G0014100","US Camera Profit Center","3000","0098127436","Unassigned","AV Integrators","01","MidWest","U1DXP3","United States","Americas - LLC","3000","Kristin Dacey",null,"Undefined",null,"Unassigned","United States","United States","Unassigned","DIRECT","AV CAPTURE & COLLABORATION - CAMERAS","4210","1",{"v":0.5944807061263447,"d":"0.59"},3635.61,1474.31,1,3635.61,"USD",1,3635.61]
[1368330304,"01",null,"132160",null,"Invoice","Vaddio","B0004","Dealer","001","INDEAL INC  LEGACY","3000","Undefined","3000","ISPACE WAREHOUSE","ISPACE ENVIRONMENTS","Americas LLC",1475.34,1475.34,"12/21/2021","Standard Distribution","01","Unassigned","0002809968","Standard Order","TA","AV CONFERENCING (VADDIO)",2021,"2021-12",0,"Vaddio","CONFERENCE","ROOM SYSTEM","AV","001","999-60321-000W","","ISPACE ENVIRONMENTS","Vaddio","3002","55405","E","B0004","B0004P0435","B0004P0435G0014100","Unassigned","EasyIP 10 Mixer Base Kit Wht N/A","Projection Screens","B0004P0435G0014100","US Camera Profit Center","3000","0098132971","OFFICE PRODUCTS MARKETING INC","Workstation","05","MidWest","U1DXP3","United States","Americas - LLC","3000","Kristin Dacey",null,"Undefined",null,"Unassigned","United States","United States","Unassigned","DIRECT","AV CAPTURE & COLLABORATION - CAMERAS","4210","2",{"v":0.6098057677252819,"d":"0.61"},3781.04,1475.34,1,3781.04,"USD",1,3781.04]
[1368330305,"01","132377","132377",null,"Invoice","Vaddio","B0004","Dealer","001","Unassigned","3000","Undefined","3000","EPA AUDIO VISUAL INC","EPA AUDIO VISUAL INC","Americas LLC",1474.97,1474.97,"12/29/2021","Standard Distribution","01","Unassigned","0002814020","Standard Order","TA","AV CONFERENCING (VADDIO)",2021,"2021-12",0,"Vaddio","CONFERENCE","ROOM SYSTEM","AV","001","999-60321-000W","","EPA AUDIO VISUAL INC","Vaddio","3002","55373","E","B0004","B0004P0435","B0004P0435G0014100","Unassigned","EasyIP 10 Mixer Base Kit Wht N/A","Projection Screens","B0004P0435G0014100","US Camera Profit Center","3000","0098184523","Unassigned","AV Integrators","01","MidWest","U1DXP3","United States","Americas - LLC","3000","Kristin Dacey",null,"Undefined",null,"Unassigned","United States","United States","Unassigned","DIRECT","AV CAPTURE & COLLABORATION - CAMERAS","4210","1",{"v":0.5942991685026722,"d":"0.59"},3635.61,1474.97,1,3635.61,"USD",1,3635.61]
[1368330306,"01","132377","132377",null,"Invoice","Vaddio","B0004","Dealer","001","Unassigned","3000","Undefined","3000","EPA AUDIO VISUAL INC","EPA AUDIO VISUAL INC","Americas LLC",158.43,316.86,"12/15/2021","Standard Distribution","01","Unassigned","0002804884","Standard Order","TA","AV CONFERENCING (VADDIO)",2021,"2021-12",0,"Vaddio","CONFERENCE","AUDIO","AV","001","999-85100-000","","EPA AUDIO VISUAL INC","Vaddio","3002","55373","E","B0004","B0004P0435","B0004P0435G0014090","Unassigned","Ceiling MIC System White","Projection Screens","B0004P0435G0014090","US Camera Profit Center","3000","0098117510","Unassigned","AV Integrators","01","MidWest","U1DXP3","United States","Americas - LLC","3000","Kristin Dacey",null,"Undefined",null,"Unassigned","United States","United States","Unassigned","DIRECT","AV CAPTURE & COLLABORATION - CAMERAS","4210","1",{"v":0.28430420346486573,"d":"0.28"},442.73,158.43,2,885.46,"USD",1,885.46]
[1368330307,"01",null,"132377",null,"Invoice","Vaddio","B0004","Dealer","001","Unassigned","3000","Undefined","3000","1TST - MILESTONE INC. SAVAGE (3000)","EPA AUDIO VISUAL INC","Americas LLC",162.7,813.48,"12/09/2021","Standard Distribution","01","Unassigned","0002802655","Standard Order","TA","AV CONFERENCING (VADDIO)",2021,"2021-12",0,"Vaddio","CONFERENCE","AUDIO","AV","001","999-85100-000","","EPA AUDIO VISUAL INC","Vaddio","3002","55373","E","B0004","B0004P0435","B0004P0435G0014090","Unassigned","Ceiling MIC System White","Projection Screens","B0004P0435G0014090","US Camera Profit Center","3000","0098091980","Unassigned","AV Integrators","01","MidWest","U1DXP3","United States","Americas - LLC","3000","Kristin Dacey",null,"Undefined",null,"Unassigned","United States","United States","Unassigned","DIRECT","AV CAPTURE & COLLABORATION - CAMERAS","4210","1",{"v":-0.8374178393151581,"d":"-0.84"},442.73,162.7,5,2213.65,"USD",1,2213.65]
[1368330308,"01",null,"131671",null,"Invoice","Vaddio","B0004","Dealer","001","Unassigned","3000","Undefined","3000","AVI - BROOKFIELD","AVI SYSTEMS, INC","Americas LLC",661.77,1323.54,"12/28/2021","Standard Distribution","01","Unassigned","0002814565","Standard Order","TA","AV CONTENT CAPTURE (VADDIO)",2021,"2021-12",27,"Vaddio","CONFERENCE","CAMERA","AV","001","999-9990-000W","AVI SYSTEMS, INC","AVI SYSTEMS, INC","Vaddio","3002","66214","E","B0004","B0004P0435","B0004P0435G0014105","Unassigned","CONFERENCESHOT 10 SYSTEM WHITE","Projection Screens","B0004P0435G0014105","US Camera Profit Center","3000","0098181648","Unassigned","AV Integrators","01","MidWest","U1DXP3","United States","Americas - LLC","3000","Steve Woll",null,"Undefined",null,"Unassigned","United States","United States","Kansas","DIRECT","AV CAPTURE & COLLABORATION - CAMERAS","4210","1",{"v":0.06673341888899864,"d":"0.07"},1418.18,661.77,2,2836.36,"USD",1,2836.36]
[1368330309,"01",null,"153742",null,"Invoice","Vaddio","B0004","Dealer","001","Unassigned","3000","Undefined","3000","ACTION CARGO TRANSPORT","AUDIO VISUAL CONCEPTS - PUERTO RICO","Americas LLC",284.41,11945.25,"08/19/2021","Standard Distribution","01","Unassigned","0002709120","Standard Order","TA","AV CONTENT CAPTURE (VADDIO)",2021,"2021-08",248,"Vaddio","CAM EXTENSIONS","EXT CABLES","AV","001","440-1005-023","","AUDIO VISUAL CONCEPTS - USE 153742","Vaddio","3002","00970","F","B0004","B0004P0415","B0004P0415G0014040","Unassigned","CABLE ACTIVE 3.0 TYPE-A TO B M/M 20M","Projection Screens","B0004P0415G0014040","US Camera Profit Center","3010","0097551154","Unassigned","AV Integrators","01","Latin Am","U1IXX3","Mexico and Latin America","Export","3010","Andres Garrido",null,"Undefined",null,"Unassigned","United States","Puerto Rico","Undefined","DIRECT","AV CAPTURE & COLLABORATION - CAMERAS","4210","1",{"v":-33.56880335696715,"d":"-33.57"},345.55,284.41,42,14513.1,"USD",1,14513.1]
[1368330310,"01",null,"133220",null,"Invoice","Vaddio","B0004","Dealer","001","Unassigned","3000","Undefined","3000","ENTER ALTERNATE ADDRESS (US)","NATIVE AUDIO VISUAL","Americas LLC",373.98,747.96,"01/08/2021","Standard Distribution","01","Unassigned","0002510334","Standard Order","TA","AV CONFERENCING (VADDIO)",2021,"2021-01",12,"Vaddio","CONFERENCE","AUDIO","AV","001","999-8520-000","","NATIVE AUDIO VISUAL","Vaddio","3002","74008","E","B0004","B0004P0435","B0004P0435G0014090","Unassigned","EASYUSB - PRO MIC I/O SYSTEM","Projection Screens","B0004P0435G0014090","US Camera Profit Center","3000","0096634281","Unassigned","AV Integrators","01","South","U1DXP2","United States","Americas - LLC","3000","Ken Phillips",null,"Undefined",null,"Oklahoma","United States","United States","Oklahoma","DIRECT","AV CAPTURE & COLLABORATION - CAMERAS","4210","3",{"v":-0.2510202716264134,"d":"-0.25"},597.88,373.98,2,1195.76,"USD",1,1195.76]
[1368330311,"01",null,"145798",null,"Invoice","Vaddio","B0004","Dealer","001","Unassigned","3000","Undefined","3000","ENTER ALTERNATE ADDRESS (US)","CEC FACILITIES GROUP LLC","Americas LLC",1004.53,1004.53,"03/26/2021","Standard Distribution","01","Unassigned","0002585919","Standard Order","TA","AV CONFERENCING (VADDIO)",2021,"2021-03",18,"Vaddio","CONFERENCE","ROOM SYSTEM","AV","001","999-99950-700W","","CEC FACILITIES GROUP LLC","Vaddio","3002","75061","E","B0004","B0004P0435","B0004P0435G0014100","Unassigned","CSAV SYS CEILINGMIC 2 (W/O SPKR) WHT","Projection Screens","B0004P0435G0014100","US Camera Profit Center","3000","0096956224","Unassigned","AV Integrators","01","South","U1DXP2","United States","Americas - LLC","3000","Ken Phillips",null,"Undefined",null,"Texas","United States","United States","Texas","DIRECT","AV CAPTURE & COLLABORATION - CAMERAS","4210","2",{"v":0.5541881540523509,"d":"0.55"},2253.26,1004.53,1,2253.26,"USD",1,2253.26]
[1368330312,"01",null,"132452",null,"Invoice","Vaddio","B0004","Dealer","001","Unassigned","3000","Undefined","3000","FORD AUDIO VIDEO SYS - IRVING","FORD AUDIO VIDEO SYS INC","Americas LLC",668.31,668.31,"04/13/2021","Standard Distribution","01","Unassigned","0002598555","Standard Order","TA","AV CONTENT CAPTURE (VADDIO)",2021,"2021-04",12,"Vaddio","CONFERENCE","CAMERA","AV","001","999-9990-000W","FORD AUDIO VIDEO SYS INC","FORD AUDIO VIDEO SYS INC","Vaddio","3002","73128","E","B0004","B0004P0435","B0004P0435G0014105","Unassigned","CONFERENCESHOT 10 SYSTEM WHITE","Projection Screens","B0004P0435G0014105","US Camera Profit Center","3000","0097021241","Unassigned","AV Integrators","01","South","U1DXP2","United States","Americas - LLC","3000","Ken Phillips",null,"Undefined",null,"Texas","United States","United States","Oklahoma","DIRECT","AV CAPTURE & COLLABORATION - CAMERAS","4210","1",{"v":0.49010048295909736,"d":"0.49"},1310.67,668.31,1,1310.67,"USD",1,1310.67]
[1368330313,"01","132381","132381",null,"Invoice","Vaddio","B0004","Dealer","001","Unassigned","3000","Undefined","3000","ELECTRO ACOUSTICS & VIDEO INC.","ELECTRO ACOUSTICS & VIDEO INC.","Americas LLC",1021.16,1021.16,"05/14/2021","Standard Distribution","01","Unassigned","0002623677","Standard Order","TA","AV CONFERENCING (VADDIO)",2021,"2021-05",18,"Vaddio","CONFERENCE","ROOM SYSTEM","AV","001","999-99950-700W","","ELECTRO ACOUSTICS & VIDEO INC.","Vaddio","3002","76134","E","B0004","B0004P0435","B0004P0435G0014100","Unassigned","CSAV SYS CEILINGMIC 2 (W/O SPKR) WHT","Projection Screens","B0004P0435G0014100","US Camera Profit Center","3000","0097160133","Unassigned","AV Integrators","01","South","U1DXP2","United States","Americas - LLC","3000","Ken Phillips",null,"Undefined",null,"Texas","United States","United States","Texas","DIRECT","AV CAPTURE & COLLABORATION - CAMERAS","4210","2",{"v":0.5468077363464492,"d":"0.55"},2253.26,1021.16,1,2253.26,"USD",1,2253.26]
[1368330336,"01","136983","136983",null,"Invoice","Vaddio","B0004","Dealer","001","Unassigned","3000","Undefined","3000","KP EVOLUTIONS","KP EVOLUTIONS","Americas LLC",559.93,559.93,"06/24/2021","Standard Distribution","01","Unassigned","0002662606","Standard Order","TA","AV CONFERENCING (VADDIO)",2021,"2021-06",18,"Vaddio","CONFERENCE","ROOM SYSTEM","AV","001","999-60320-000","","KP EVOLUTIONS","Vaddio","3002","75702","E","B0004","B0004P0435","B0004P0435G0014100","Unassigned","EasyIP Mixer System Global","Projection Screens","B0004P0435G0014100","US Camera Profit Center","3000","0097314005","Unassigned","AV Integrators","01","South","U1DXP2","United States","Americas - LLC","3000","Ken Phillips",null,"Undefined",null,"Texas","United States","United States","Texas","DIRECT","AV CAPTURE & COLLABORATION - CAMERAS","4210","2",{"v":0.6506289465145881,"d":"0.65"},1602.68,559.93,1,1602.68,"USD",1,1602.68]
[1368330337,"01","136983","136983",null,"Invoice","Vaddio","B0004","Dealer","001","Unassigned","3000","Undefined","3000","KP EVOLUTIONS","KP EVOLUTIONS","Americas LLC",573.95,573.95,"07/16/2021","Standard Distribution","01","Unassigned","0002662606","Standard Order","TA","AV CONFERENCING (VADDIO)",2021,"2021-07",18,"Vaddio","CONFERENCE","ROOM SYSTEM","AV","001","999-30200-000W","","KP EVOLUTIONS","Vaddio","3002","75702","E","B0004","B0004P0435","B0004P0435G0014100","Unassigned","EasyIP 10 Camera White","Projection Screens","B0004P0435G0014100","US Camera Profit Center","3000","0097417685","Unassigned","AV Integrators","01","South","U1DXP2","United States","Americas - LLC","3000","Ken Phillips",null,"Undefined",null,"Texas","United States","United States","Texas","DIRECT","AV CAPTURE & COLLABORATION - CAMERAS","4210","2",{"v":0.7220231118688067,"d":"0.72"},2064.74,573.95,1,2064.74,"USD",1,2064.74]
[1368330338,"01",null,"132452",null,"Invoice","Vaddio","B0004","Dealer","001","Unassigned","3000","Undefined","3000","ENTER ALTERNATE ADDRESS (US)","FORD AUDIO VIDEO SYS INC","Americas LLC",213.82,213.82,"07/27/2021","Standard Distribution","01","Unassigned","0002689521","Standard Order","TA","AV CONFERENCING (VADDIO)",2021,"2021-07",12,"Vaddio","CONFERENCE","AUDIO","AV","001","999-8530-000","FORD AUDIO VIDEO SYS INC","FORD AUDIO VIDEO SYS INC","Vaddio","3002","73128","E","B0004","B0004P0435","B0004P0435G0014090","Unassigned","EASYUSB MIXER/AMP SYSTEM","Projection Screens","B0004P0435G0014090","US Camera Profit Center","3000","0097445255","Unassigned","AV Integrators","01","South","U1DXP2","United States","Americas - LLC","3000","Ken Phillips",null,"Undefined",null,"Oklahoma","United States","United States","Oklahoma","DIRECT","AV CAPTURE & COLLABORATION - CAMERAS","4210","1",{"v":0.7255445595389375,"d":"0.73"},779.07,213.82,1,779.07,"USD",1,779.07]
[1368330339,"01","133720","133720",null,"Invoice","Vaddio","B0004","Dealer","001","Unassigned","3000","Undefined","3000","TAURUS TECHNOLOGIES INC","TAURUS TECHNOLOGIES INC","Americas LLC",671.13,671.13,"07/16/2021","Standard Distribution","01","Unassigned","0002652228","Standard Order","TA","AV CONTENT CAPTURE (VADDIO)",2021,"2021-07",18,"Vaddio","CONFERENCE","CAMERA","AV","001","999-9990-000B","","TAURUS TECHNOLOGIES INC","Vaddio","3002","75028","E","B0004","B0004P0435","B0004P0435G0014105","Unassigned","CONFERENCESHOT 10 SYSTEM","Projection Screens","B0004P0435G0014105","US Camera Profit Center","3000","0097417464","Unassigned","AV Integrators","01","South","U1DXP2","United States","Americas - LLC","3000","Ken Phillips",null,"Undefined",null,"Texas","United States","United States","Texas","DIRECT","AV CAPTURE & COLLABORATION - CAMERAS","4210","2",{"v":0.4979916073872944,"d":"0.50"},1336.89,671.13,1,1336.89,"USD",1,1336.89]
[1368330340,"01",null,"133679",null,"Invoice","Vaddio","B0004","Dealer","001","Unassigned","3000","Undefined","3000","TPC TECHNOLOGIES INC.","TPC TECHNOLOGIES INC.","Americas LLC",589.96,589.96,"08/05/2021","Standard Distribution","01","Unassigned","0002673915","Standard Order","TA","AV CONTENT CAPTURE (VADDIO)",2021,"2021-08",27,"Vaddio","CAM EXTENSIONS","EXT HUBS","AV","001","999-1005-032","","TPC TECHNOLOGIES INC.","Vaddio","3002","49120","X","B0004","B0004P0415","B0004P0415G0014045","Unassigned","USB 3.0 EXTENDER SYSTEM N/A","Projection Screens","B0004P0415G0014045","US Camera Profit Center","3000","0097494161","Unassigned","AV Integrators","01","MidWest","U1DXP3","United States","Americas - LLC","3000","Aaron Silveus",null,"Undefined",null,"Unassigned","United States","United States","Unassigned","DIRECT","AV CAPTURE & COLLABORATION - CAMERAS","4210","2",{"v":0.5143202904396934,"d":"0.51"},1214.71,589.96,1,1214.71,"USD",1,1214.71]
[1368330341,"01",null,"153742",null,"Invoice","Vaddio","B0004","Dealer","001","Unassigned","3000","Undefined","3000","AUDIO VISUAL COCEPTS, INC","AUDIO VISUAL CONCEPTS - PUERTO RICO","Americas LLC",109.98,109.98,"11/11/2021","Standard Distribution","01","Unassigned","0002778734","Standard Order","TA","AV CONTENT CAPTURE (VADDIO)",2021,"2021-11",37,"Vaddio","CAM EXTENSIONS","EXT CABLES","AV","001","440-1005-008","","AUDIO VISUAL CONCEPTS - PUERTO RICO","Vaddio","3002","00970","F","B0004","B0004P0415","B0004P0415G0014040","Unassigned","USB 3.0 CABLE 8METER TYPE A TO B ACTIVE","Projection Screens","B0004P0415G0014040","US Camera Profit Center","3010","0097933007","Unassigned","AV Integrators","01","Latin Am","U1IXX3","Mexico and Latin America","Export","3010","Andres Garrido",null,"Undefined",null,"Undefined","Puerto Rico","Puerto Rico","Undefined","DIRECT","AV CAPTURE & COLLABORATION - CAMERAS","4210","1",{"v":0.19369501466275663,"d":"0.19"},136.4,109.98,1,136.4,"USD",1,136.4]
[1368330342,"01",null,"132452",null,"Invoice","Vaddio","B0004","Dealer","001","Unassigned","3000","Undefined","3000","ENTER ALTERNATE ADDRESS (US)","FORD AUDIO VIDEO SYS INC","Americas LLC",218.95,218.95,"09/23/2021","Standard Distribution","01","Unassigned","0002738142","Standard Order","TA","AV CONFERENCING (VADDIO)",2021,"2021-09",0,"Vaddio","CONFERENCE","AUDIO","AV","001","999-8530-000","FORD AUDIO VIDEO SYS INC","FORD AUDIO VIDEO SYS INC","Vaddio","3002","73128","E","B0004","B0004P0435","B0004P0435G0014090","Unassigned","EASYUSB MIXER/AMP SYSTEM","Projection Screens","B0004P0435G0014090","US Camera Profit Center","3000","0097718657","Unassigned","AV Integrators","01","South","U1DXP2","United States","Americas - LLC","3000","Ken Phillips",null,"Undefined",null,"Oklahoma","United States","United States","Oklahoma","DIRECT","AV CAPTURE & COLLABORATION - CAMERAS","4210","1",{"v":0.7189597853851387,"d":"0.72"},779.07,218.95,1,779.07,"USD",1,779.07]
[1368330343,"01",null,"143534",null,"Invoice","Vaddio","B0004","Dealer","001","Unassigned","3000","Undefined","3000","1TST - MILESTONE INC. SAVAGE (3000)","CRESTONE VENTURES DBATEKCONCIERGE","Americas LLC",604.28,604.28,"10/26/2021","Standard Distribution","01","Unassigned","0002764954","Standard Order","TA","AV CONFERENCING (VADDIO)",2021,"2021-10",11,"Vaddio","CONFERENCE","ROOM SYSTEM","AV","001","999-30200-000W","","CRESTONE VENTURES DBATEKCONCIERGE","Vaddio","3002","75080","E","B0004","B0004P0435","B0004P0435G0014100","Unassigned","EasyIP 10 Camera White","Projection Screens","B0004P0435G0014100","US Camera Profit Center","3000","0097843339","Unassigned","AV Integrators","01","South","U1DXP2","United States","Americas - LLC","3000","Ken Phillips",null,"Undefined",null,"Texas","United States","United States","Texas","DIRECT","AV CAPTURE & COLLABORATION - CAMERAS","4210","4",{"v":0.6273648898645816,"d":"0.63"},1621.64,604.28,1,1621.64,"USD",1,1621.64]
[1368330344,"01",null,"132452",null,"Invoice","Vaddio","B0004","Dealer","001","Unassigned","3000","Undefined","3000","FORD AUDIO VIDEO SYS - OK CITY","FORD AUDIO VIDEO SYS INC","Americas LLC",678.38,3391.92,"10/06/2021","Standard Distribution","01","Unassigned","0002748364","Standard Order","TA","AV CONTENT CAPTURE (VADDIO)",2021,"2021-10",55,"Vaddio","CONFERENCE","CAMERA","AV","001","999-9990-000B","FORD AUDIO VIDEO SYS INC","FORD AUDIO VIDEO SYS INC","Vaddio","3002","73128","E","B0004","B0004P0435","B0004P0435G0014105","Unassigned","CONFERENCESHOT 10 SYSTEM","Projection Screens","B0004P0435G0014105","US Camera Profit Center","3000","0097772635","Unassigned","AV Integrators","01","South","U1DXP2","United States","Americas - LLC","3000","Ken Phillips",null,"Undefined",null,"Oklahoma","United States","United States","Oklahoma","DIRECT","AV CAPTURE & COLLABORATION - CAMERAS","4210","1",{"v":-1.4874196079581705,"d":"-1.49"},1363.63,678.38,5,6818.15,"USD",1,6818.15]
[1368330345,"01",null,"153742",null,"Invoice","Vaddio","B0004","Dealer","001","Unassigned","3000","Undefined","3000","ACTION CARGO TRANSPORT","AUDIO VISUAL CONCEPTS - PUERTO RICO","Americas LLC",284.75,10251.02,"11/18/2021","Standard Distribution","01","Unassigned","0002768573","Standard Order","TA","AV CONTENT CAPTURE (VADDIO)",2021,"2021-11",0,"Vaddio","CAM EXTENSIONS","EXT CABLES","AV","001","440-1005-023","","AUDIO VISUAL CONCEPTS - PUERTO RICO","Vaddio","3002","00970","F","B0004","B0004P0415","B0004P0415G0014040","Unassigned","CABLE ACTIVE 3.0 TYPE-A TO B M/M 20M","Projection Screens","B0004P0415G0014040","US Camera Profit Center","3010","0097955413","Unassigned","AV Integrators","01","Latin Am","U1IXX3","Mexico and Latin America","Export","3010","Andres Garrido",null,"Undefined",null,"Unassigned","United States","Puerto Rico","Undefined","DIRECT","AV CAPTURE & COLLABORATION - CAMERAS","4210","1",{"v":-28.665808131963537,"d":"-28.67"},345.55,284.75,36,12439.8,"USD",1,12439.8]
[1368330346,"01","134824","134824",null,"Invoice","Vaddio","B0004","Dealer","001","Unassigned","3000","Undefined","3000","FACILITY SOLUTIONS GROUP","FACILITY SOLUTIONS GROUP","Americas LLC",677.05,677.05,"11/18/2021","Standard Distribution","01","Unassigned","0002785599","Standard Order","TA","AV CONTENT CAPTURE (VADDIO)",2021,"2021-11",0,"Vaddio","CONFERENCE","CAMERA","AV","001","999-9990-000W","","FACILITY SOLUTIONS GROUP","Vaddio","3002","75229","E","B0004","B0004P0435","B0004P0435G0014105","Unassigned","CONFERENCESHOT 10 SYSTEM WHITE","Projection Screens","B0004P0435G0014105","US Camera Profit Center","3000","0097957449","Unassigned","AV Integrators","01","South","U1DXP2","United States","Americas - LLC","3000","Ken Phillips",null,"Undefined",null,"Texas","United States","United States","Texas","DIRECT","AV CAPTURE & COLLABORATION - CAMERAS","4210","2",{"v":0.5034943496402984,"d":"0.50"},1363.63,677.05,1,1363.63,"USD",1,1363.63]
[1368330347,"01",null,"133720",null,"Invoice","Vaddio","B0004","Dealer","001","Unassigned","3000","Undefined","3000","TAURUS TECHNOLOGIES INC","TAURUS TECHNOLOGIES INC","Americas LLC",1040.51,1040.51,"11/19/2021","Standard Distribution","01","Unassigned","0002785715","Standard Order","TA","AV CONFERENCING (VADDIO)",2021,"2021-11",27,"Vaddio","CONFERENCE","ROOM SYSTEM","AV","001","999-99950-700B","","TAURUS TECHNOLOGIES INC","Vaddio","3002","75028","E","B0004","B0004P0435","B0004P0435G0014100","Unassigned","CSAV SYS CEILINGMIC 2 (W/O SPKR)","Projection Screens","B0004P0435G0014100","US Camera Profit Center","3000","0097960911","Unassigned","AV Integrators","01","South","U1DXP2","United States","Americas - LLC","3000","Ken Phillips",null,"Undefined",null,"Texas","United States","United States","Texas","DIRECT","AV CAPTURE & COLLABORATION - CAMERAS","4210","2",{"v":0.5606993278616543,"d":"0.56"},2368.56,1040.51,1,2368.56,"USD",1,2368.56]
[1368330348,"01",null,"133720",null,"Invoice","Vaddio","B0004","Dealer","001","Unassigned","3000","Undefined","3000","TAURUS TECHNOLOGIES INC","TAURUS TECHNOLOGIES INC","Americas LLC",1040.51,1040.51,"11/19/2021","Standard Distribution","01","Unassigned","0002786001","Standard Order","TA","AV CONFERENCING (VADDIO)",2021,"2021-11",27,"Vaddio","CONFERENCE","ROOM SYSTEM","AV","001","999-99950-700B","","TAURUS TECHNOLOGIES INC","Vaddio","3002","75028","E","B0004","B0004P0435","B0004P0435G0014100","Unassigned","CSAV SYS CEILINGMIC 2 (W/O SPKR)","Projection Screens","B0004P0435G0014100","US Camera Profit Center","3000","0097960912","Unassigned","AV Integrators","01","South","U1DXP2","United States","Americas - LLC","3000","Ken Phillips",null,"Undefined",null,"Texas","United States","United States","Texas","DIRECT","AV CAPTURE & COLLABORATION - CAMERAS","4210","2",{"v":0.5606993278616543,"d":"0.56"},2368.56,1040.51,1,2368.56,"USD",1,2368.56]
[1368330349,"01",null,"133720",null,"Invoice","Vaddio","B0004","Dealer","001","Unassigned","3000","Undefined","3000","TAURUS TECHNOLOGIES INC","TAURUS TECHNOLOGIES INC","Americas LLC",1040.5,2081,"11/22/2021","Standard Distribution","01","Unassigned","0002787056","Standard Order","TA","AV CONFERENCING (VADDIO)",2021,"2021-11",28,"Vaddio","CONFERENCE","ROOM SYSTEM","AV","001","999-99950-700B","","TAURUS TECHNOLOGIES INC","Vaddio","3002","75028","E","B0004","B0004P0435","B0004P0435G0014100","Unassigned","CSAV SYS CEILINGMIC 2 (W/O SPKR)","Projection Screens","B0004P0435G0014100","US Camera Profit Center","3000","0097965562","Unassigned","AV Integrators","01","South","U1DXP2","United States","Americas - LLC","3000","Ken Phillips",null,"Undefined",null,"Texas","United States","United States","Texas","DIRECT","AV CAPTURE & COLLABORATION - CAMERAS","4210","2",{"v":0.12140709967237473,"d":"0.12"},2368.56,1040.5,2,4737.12,"USD",1,4737.12]
[1368330350,"01",null,"107518",null,"Invoice","Vaddio","B0004","Distributor - National","002","Unassigned","5000","Undefined","3000","MIDWICH LTD","MIDWICH LIMITED","Europe BV",181.34,362.68,"01/08/2021","Standard Distribution","01","Unassigned","0002499885","Standard Order","TA","AV CONFERENCING (VADDIO)",2021,"2021-01",0,"Vaddio","CONFERENCE","AUDIO","AV","001","999-85000-000","","MIDWICH LIMITED","Weert","5050","IP22 4YT","X","B0004","B0004P0435","B0004P0435G0014090","Unassigned","TableMIC Microphone Black","Projection Screens","B0004P0435G0014090","Europe Camera Profit Center","5000","0800291063","Unassigned","AV Distribution","08","UK/Ireland","E1DXX4","Europe, the Middle East, and Africa","Europe - BV","5000","Cm Marcus Bond",null,"Undefined",null,"Undefined","United Kingdom","United Kingdom","Undefined","DIRECT","AV CAPTURE & COLLABORATION - CAMERAS","4210","1",{"v":0.05511482798598344,"d":"0.06"},383.835,181.34,2,767.67,"EUR",0.82325,631.98]
[1368330351,"01",null,"107518",null,"Credit for Returns","Vaddio","B0004","Distributor - National","002","Unassigned","5000","Undefined","3000","MIDWICH LTD","MIDWICH LIMITED","Europe BV",179.37,-179.37,"01/20/2021","Standard Distribution","01","Unassigned","0060448277","RMA - Return Auth.","ZRE","AV CONFERENCING (VADDIO)",2021,"2021-01",0,"Vaddio","CONFERENCE","AUDIO","AV","001","999-85000-000","","MIDWICH LIMITED","Weert","5050","IP22 4YT","X","B0004","B0004P0435","B0004P0435G0014090","Unassigned","TableMIC Microphone Black","Projection Screens","B0004P0435G0014090","Europe Camera Profit Center","5000","0800294873","Unassigned","AV Distribution","08","UK/Ireland","E1DXX4","Europe, the Middle East, and Africa","Europe - BV","5000","Cm Marcus Bond",null,"Undefined",null,"Undefined","United Kingdom","United Kingdom","Undefined","DIRECT","AV CAPTURE & COLLABORATION - CAMERAS","4210","1",{"v":0,"d":"0.00"},362.51,179.37,-1,-362.51,"EUR",0.82325,-298.44]
[1368330352,"01",null,"107518",null,"Invoice","Vaddio","B0004","Distributor - National","002","Unassigned","5000","Undefined","3000","MIDWICH LTD","MIDWICH LIMITED","Europe BV",256.93,256.93,"01/08/2021","Standard Distribution","01","Unassigned","0002510046","Standard Order","TA","AV CONFERENCING (VADDIO)",2021,"2021-01",0,"Vaddio","CONFERENCE","AUDIO","AV","001","999-8530-001","","MIDWICH LIMITED","Weert","5050","IP22 4YT","X","B0004","B0004P0435","B0004P0435G0014090","Unassigned","EASYUSB MIXER/AMP SYSTEM INT'L","Projection Screens","B0004P0435G0014090","Europe Camera Profit Center","5000","0800291083","Unassigned","AV Distribution","08","UK/Ireland","E1DXX4","Europe, the Middle East, and Africa","Europe - BV","5000","Cm Marcus Bond",null,"Undefined",null,"Undefined","United Kingdom","United Kingdom","Undefined","DIRECT","AV CAPTURE & COLLABORATION - CAMERAS","4210","1",{"v":0.6667920319551798,"d":"0.67"},771.08,256.93,1,771.08,"EUR",0.82325,634.79]
[1368330353,"01",null,"107518",null,"Invoice","Vaddio","B0004","Distributor - National","002","Unassigned","5000","Undefined","3000","MIDWICH LTD","MIDWICH LIMITED","Europe BV",954.02,954.02,"01/22/2021","Standard Distribution","01","Unassigned","0002527676","Standard Order","TA","AV CONFERENCING (VADDIO)",2021,"2021-01",0,"Vaddio","CONFERENCE","ROOM SYSTEM","AV","001","999-99950-801W","","MIDWICH LIMITED","Weert","5050","IP22 4YT","E","B0004","B0004P0435","B0004P0435G0014100","Unassigned","CSAV SYS CEILINGMIC 1 (W/O SPKR) WHT INT","Projection Screens","B0004P0435G0014100","Europe Camera Profit Center","5000","0800294869","Unassigned","AV Distribution","08","UK/Ireland","E1DXX4","Europe, the Middle East, and Africa","Europe - BV","5000","Cm Marcus Bond",null,"Undefined",null,"Undefined","United Kingdom","United Kingdom","Undefined","DIRECT","AV CAPTURE & COLLABORATION - CAMERAS","4210","1",{"v":0.492833903927531,"d":"0.49"},1881.08,954.02,1,1881.08,"EUR",0.82325,1548.6]
[1368330354,"01",null,"153742",null,"Invoice","Vaddio","B0004","Dealer","001","Unassigned","3000","Undefined","3000","AUDIO VISUAL COCEPTS, INC","AUDIO VISUAL CONCEPTS - PUERTO RICO","Americas LLC",284.75,284.75,"11/11/2021","Standard Distribution","01","Unassigned","0002778734","Standard Order","TA","AV CONTENT CAPTURE (VADDIO)",2021,"2021-11",98,"Vaddio","CAM EXTENSIONS","EXT CABLES","AV","001","440-1005-023","","AUDIO VISUAL CONCEPTS - PUERTO RICO","Vaddio","3002","00970","F","B0004","B0004P0415","B0004P0415G0014040","Unassigned","CABLE ACTIVE 3.0 TYPE-A TO B M/M 20M","Projection Screens","B0004P0415G0014040","US Camera Profit Center","3010","0097933007","Unassigned","AV Integrators","01","Latin Am","U1IXX3","Mexico and Latin America","Export","3010","Andres Garrido",null,"Undefined",null,"Undefined","Puerto Rico","Puerto Rico","Undefined","DIRECT","AV CAPTURE & COLLABORATION - CAMERAS","4210","1",{"v":0.21716060922637048,"d":"0.22"},363.74,284.75,1,363.74,"USD",1,363.74]
[1368330355,"01",null,"139814",null,"Invoice","Vaddio","B0004","Distributor - National","002","Unassigned","5000","Undefined","3000","CUK AUDIO - TUKANS","TUKANS LTD","Europe BV",698.63,2095.9,"03/18/2021","Standard Distribution","01","Unassigned","0002576554","Standard Order","TA","AV CONFERENCING (VADDIO)",2021,"2021-03",0,"Vaddio","CONFERENCE","ROOM SYSTEM","AV","001","999-30200-000","","TUKANS LTD","Weert","5050","YO19 6ET","X","B0004","B0004P0435","B0004P0435G0014100","Unassigned","EasyIP 10 Camera Black","Projection Screens","B0004P0435G0014100","Europe Camera Profit Center","5000","0800307473","Unassigned","AV Distribution","08","UK/Ireland","E1DXX4","Europe, the Middle East, and Africa","Europe - BV","5000","Cm Marcus Bond",null,"Undefined",null,"Undefined","United Kingdom","United Kingdom","Undefined","DIRECT","AV CAPTURE & COLLABORATION - CAMERAS","4210","2",{"v":-0.07239343899266348,"d":"-0.07"},1954.4133,698.63,3,5863.24,"EUR",0.82481,4836.06]
[1368330356,"01",null,"136736",null,"Credit for Returns","Vaddio","B0004","Distributor - Regional","003","Unassigned","5000","Undefined","3000","MIDWICH LTD","SCANSOURCE UK LIMITED","Europe BV",0,0,"03/25/2021","Standard Distribution","01","Unassigned","0060473644","RMA - Return Auth.","RE","AV CONFERENCING (VADDIO)",2021,"2021-03",0,"Vaddio","CONFERENCE","ROOM SYSTEM","AV","001","999-50707-001G","","SCANSOURCE UK LIMITED","Weert","5050","RG41 5TS","X","B0004","B0004P0435","B0004P0435G0014100","Unassigned","HuddleSHOT GRAY INT","Projection Screens","B0004P0435G0014100","Europe Camera Profit Center","5000","0800308681","Unassigned","AV Integrators","01","UK/Ireland","E1DXX4","Europe, the Middle East, and Africa","Europe - BV","5000","Cm Marcus Bond",null,"Undefined",null,"Undefined","United Kingdom","United Kingdom","Berkshire","DIRECT","AV CAPTURE & COLLABORATION - CAMERAS","4210","2",{"v":0,"d":"0.00"},null,0,0,-2017.34,"EUR",0.82481,-1663.92]
[1368330357,"01",null,"126915",null,"Invoice","Vaddio","B0004","Dealer","001","Unassigned","3000","Undefined","3000","ENTER ALTERNATE ADDRESS (US)","MULTISISTEMAS BVC S..A. DE C.V.","Americas LLC",596.96,596.96,"11/12/2021","Standard Distribution","01","Unassigned","0002756992","Standard Order","TA","AV CONTENT CAPTURE (VADDIO)",2021,"2021-11",27,"Vaddio","CAM EXTENSIONS","EXT HUBS","AV","001","999-1005-032","","MULTISISTEMAS BVC S..A. DE C.V.","Vaddio","3002","66220","X","B0004","B0004P0415","B0004P0415G0014045","Unassigned","USB 3.0 EXTENDER SYSTEM N/A","Projection Screens","B0004P0415G0014045","US Camera Profit Center","3010","0097934768","MULTI GLOBAL TRADING S.A. DE C","AV Integrators","01","Mexico","U1IXX2","Mexico and Latin America","Export","3010","Andres Garrido",null,"Undefined",null,"Texas","United States","Mexico","Unassigned","DIRECT","AV CAPTURE & COLLABORATION - CAMERAS","4210","4",{"v":0.5085575981098369,"d":"0.51"},1214.71,596.96,1,1214.71,"USD",1,1214.71]
[1368331346,"01","139842","139842",null,"Credit Memo","Vaddio","B0004","Distributor - National","002","Unassigned","3000","Undefined","3000","ALMO DISTRIBUTING PA INC (VADDIO)","ALMO DISTRIBUTING PA INC (VADDIO)","Americas LLC",0,0,"03/15/2021","Standard Distribution","01","ALMO","0060481665","Credit Memo Request","G2","AV CONTENT CAPTURE (VADDIO)",2021,"2021-03",0,"Vaddio","PTZ CAMERA","EXTENSION KIT","AV","001","999-99000-500","","ALMO DISTRIBUTING PA INC (VADDIO)","Vaddio","3002","19154","E","B0004","B0004P0400","B0004P0400G0014000","Unassigned","ROBOSHOT 12E AVBMP","Projection Screens","B0004P0400G0014000","US Camera Profit Center","3000","0096898998","Unassigned","AV Distribution","08","US - Channel Sales","U1DXC1","United States","Americas - LLC","3000","Patrick Mead",null,"Undefined",null,"Unassigned","United States","United States","Unassigned","DIRECT","AV CAPTURE & COLLABORATION - CAMERAS","4210","0",{"v":0,"d":"0.00"},null,0,0,-246.88,"USD",1,-246.88]
[1368331347,"01",null,"139841",null,"EDI Invoice","Vaddio","B0004","Distributor - National","002","Unassigned","3000","Undefined","3000","ENTER ALTERNATE ADDRESS (US)","EXERTIS (VADDIO)","Americas LLC",1051.02,1051.02,"03/17/2021","Standard Distribution","01","STAMPEDE","0040771635","EDI Order","ZEDI","AV CONTENT CAPTURE (VADDIO)",2021,"2021-03",18,"Vaddio","PTZ CAMERA","EXTENSION KIT","AV","001","999-99010-000W","STAMPEDE PRESENTATION","STAMPEDE PRESENTATION","Vaddio","3002","14228","E","B0004","B0004P0400","B0004P0400G0014000","Unassigned","ROBOSHOT 12E QMINI SYSTEM WHT","Projection Screens","B0004P0400G0014000","US Camera Profit Center","3000","0096929311","Unassigned","AV Distribution","08","US - Channel Sales","U1DXC1","United States","Americas - LLC","3000","Patrick Mead",null,"Undefined",null,"New York","United States","United States","New York","DIRECT","AV CAPTURE & COLLABORATION - CAMERAS","4210","0",{"v":0.6260553683693691,"d":"0.63"},2810.63,1051.02,1,2810.63,"USD",1,2810.63]
[1368331348,"01",null,"139841",null,"EDI Invoice","Vaddio","B0004","Distributor - National","002","Unassigned","3000","Undefined","3000","ENTER ALTERNATE ADDRESS (US)","EXERTIS (VADDIO)","Americas LLC",1200.98,1200.98,"03/25/2021","Standard Distribution","01","STAMPEDE","0040778746","EDI Order","ZEDI","AV CONTENT CAPTURE (VADDIO)",2021,"2021-03",0,"Vaddio","PTZ CAMERA","EXTENSION KIT","AV","001","999-99090-000W","STAMPEDE PRESENTATION","STAMPEDE PRESENTATION","Vaddio","3002","14228","E","B0004","B0004P0400","B0004P0400G0014000","Unassigned","ROBOSHOT 12E QUSB SYSTEM WHT","Projection Screens","B0004P0400G0014000","US Camera Profit Center","3000","0096953404","Unassigned","AV Distribution","08","US - Channel Sales","U1DXC1","United States","Americas - LLC","3000","Patrick Mead",null,"Undefined",null,"North Carolina","United States","United States","New York","DIRECT","AV CAPTURE & COLLABORATION - CAMERAS","4210","0",{"v":0.6427377276432196,"d":"0.64"},3361.62,1200.98,1,3361.62,"USD",1,3361.62]
[1368331349,"01",null,"139845",null,"Invoice","Vaddio","B0004","Distributor - National","002","Unassigned","3000","Undefined","3000","ENTER ALTERNATE ADDRESS (US)","HERMAN PRO AV","Americas LLC",1183.07,1183.07,"03/10/2021","Standard Distribution","01","HERMAN","0002571982","Standard Order","TA","AV CONTENT CAPTURE (VADDIO)",2021,"2021-03",18,"Vaddio","PTZ CAMERA","EXTENSION KIT","AV","001","999-99190-000","","HERMAN PRO AV","Vaddio","3002","33025","E","B0004","B0004P0400","B0004P0400G0014000","Unassigned","ROBOSHOT 30E QUSB SYSTEM","Projection Screens","B0004P0400G0014000","US Camera Profit Center","3000","0096893550","Unassigned","AV Distribution","08","US - Channel Sales","U1DXC1","United States","Americas - LLC","3000","Patrick Mead",null,"Undefined",null,"Texas","United States","United States","Unassigned","DIRECT","AV CAPTURE & COLLABORATION - CAMERAS","4210","0",{"v":0.690993906436506,"d":"0.69"},3828.63,1183.07,1,3828.63,"USD",1,3828.63]
[1368331350,"01",null,"139845",null,"Invoice","Vaddio","B0004","Distributor - National","002","Unassigned","3000","Undefined","3000","ENTER ALTERNATE ADDRESS (US)","HERMAN PRO AV","Americas LLC",900.6,900.6,"03/01/2021","Standard Distribution","01","HERMAN","0002562236","Standard Order","TA","AV CONTENT CAPTURE (VADDIO)",2021,"2021-03",16,"Vaddio","PTZ CAMERA","NATIVE","AV","001","999-99330-000","","HERMAN PRO AV","Vaddio","3002","33025","E","B0004","B0004P0400","B0004P0400G0014005","Unassigned","ROBOSHOT 30E SDI","Projection Screens","B0004P0400G0014005","US Camera Profit Center","3000","0096843788","Unassigned","AV Distribution","08","US - Channel Sales","U1DXC1","United States","Americas - LLC","3000","Patrick Mead",null,"Undefined",null,"Georgia","United States","United States","Unassigned","DIRECT","AV CAPTURE & COLLABORATION - CAMERAS","4210","0",{"v":0.653707285374266,"d":"0.65"},2600.69,900.6,1,2600.69,"USD",1,2600.69]
[1368331351,"01",null,"139845",null,"Invoice","Vaddio","B0004","Distributor - National","002","Unassigned","3000","Undefined","3000","HERMAN - ATLANTA","HERMAN PRO AV","Americas LLC",1755.3,3510.59,"03/12/2021","Standard Distribution","01","HERMAN","0002572937","Standard Order","TA","AV CONTENT CAPTURE (VADDIO)",2021,"2021-03",0,"Vaddio","PTZ CAMERA","EXTENSION KIT","AV","001","999-9950-100","","HERMAN PRO AV","Vaddio","3002","33025","E","B0004","B0004P0400","B0004P0400G0014000","Unassigned","ROBOSHOT 20 UHD ONELINK HDMI SYSTEM N/A","Projection Screens","B0004P0400G0014000","US Camera Profit Center","3000","0096898127","Unassigned","AV Distribution","08","US - Channel Sales","U1DXC1","United States","Americas - LLC","3000","Patrick Mead",null,"Undefined",null,"Georgia","United States","United States","Unassigned","DIRECT","AV CAPTURE & COLLABORATION - CAMERAS","4210","0",{"v":0.17601648628920008,"d":"0.18"},4260.51,1755.3,2,8521.02,"USD",1,8521.02]
[1368331353,"01",null,"139841",null,"EDI Invoice","Vaddio","B0004","Distributor - National","002","Unassigned","3000","Undefined","3000","ENTER ALTERNATE ADDRESS (US)","EXERTIS (VADDIO)","Americas LLC",1540.84,3081.67,"03/31/2021","Standard Distribution","01","STAMPEDE","0040782159","EDI Order","ZEDI","AV CONTENT CAPTURE (VADDIO)",2021,"2021-03",18,"Vaddio","PTZ CAMERA","NATIVE","AV","001","999-9952-000W","STAMPEDE PRESENTATION","STAMPEDE PRESENTATION","Vaddio","3002","14228","E","B0004","B0004P0400","B0004P0400G0014005","Unassigned","ROBOSHOT 40 UHD WHITE","Projection Screens","B0004P0400G0014005","US Camera Profit Center","3000","0096993333","Unassigned","AV Distribution","08","US - Channel Sales","U1DXC1","United States","Americas - LLC","3000","Patrick Mead",null,"Undefined",null,"Texas","United States","United States","New York","DIRECT","AV CAPTURE & COLLABORATION - CAMERAS","4210","0",{"v":0.20908190292378448,"d":"0.21"},3896.32,1540.84,2,7792.64,"USD",1,7792.64]
[1368331355,"01",null,"139845",null,"Invoice","Vaddio","B0004","Distributor - National","002","Unassigned","3000","Undefined","3000","HERMAN - ATLANTA","HERMAN PRO AV","Americas LLC",952.58,952.58,"03/12/2021","Standard Distribution","01","HERMAN","0002572937","Standard Order","TA","AV CONTENT CAPTURE (VADDIO)",2021,"2021-03",0,"Vaddio","PTZ CAMERA","NATIVE","AV","001","999-99600-000W","","HERMAN PRO AV","Vaddio","3002","33025","E","B0004","B0004P0400","B0004P0400G0014005","Unassigned","ROBOSHOT 12E HDBT WHT","Projection Screens","B0004P0400G0014005","US Camera Profit Center","3000","0096898127","Unassigned","AV Distribution","08","US - Channel Sales","U1DXC1","United States","Americas - LLC","3000","Patrick Mead",null,"Undefined",null,"Georgia","United States","United States","Unassigned","DIRECT","AV CAPTURE & COLLABORATION - CAMERAS","4210","0",{"v":0.5853570418090408,"d":"0.59"},2297.35,952.58,1,2297.35,"USD",1,2297.35]
[1368331356,"01",null,"139841",null,"EDI Invoice","Vaddio","B0004","Distributor - National","002","Unassigned","3000","Undefined","3000","ENTER ALTERNATE ADDRESS (US)","EXERTIS (VADDIO)","Americas LLC",1228.43,3685.29,"03/19/2021","Standard Distribution","01","STAMPEDE","0040773741","EDI Order","ZEDI","AV CONTENT CAPTURE (VADDIO)",2021,"2021-03",20,"Vaddio","PTZ CAMERA","EXTENSION KIT","AV","001","999-99600-100","STAMPEDE PRESENTATION","STAMPEDE PRESENTATION","Vaddio","3002","14228","E","B0004","B0004P0400","B0004P0400G0014000","Unassigned","RoboSHOT 12E OneLINK HDMI SYS","Projection Screens","B0004P0400G0014000","US Camera Profit Center","3000","0096936758","Unassigned","AV Distribution","08","US - Channel Sales","U1DXC1","United States","Americas - LLC","3000","Patrick Mead",null,"Undefined",null,"Unassigned","United States","United States","New York","DIRECT","AV CAPTURE & COLLABORATION - CAMERAS","4210","0",{"v":-0.21971715379803602,"d":"-0.22"},3021.43,1228.43,3,9064.29,"USD",1,9064.29]
[1368331390,"01",null,"139842",null,"Invoice","Vaddio","B0004","Distributor - National","002","Unassigned","3000","Undefined","3000","ALMO DISTRIBUTING -  GROVE CITY","ALMO DISTRIBUTING PA INC (VADDIO)","Americas LLC",1221.54,2443.07,"03/02/2021","Standard Distribution","01","ALMO","0002563669","Standard Order","TA","AV CONTENT CAPTURE (VADDIO)",2021,"2021-03",17,"Vaddio","PTZ CAMERA","EXTENSION KIT","AV","001","999-99600-100","","ALMO DISTRIBUTING PA INC (VADDIO)","Vaddio","3002","19154","E","B0004","B0004P0400","B0004P0400G0014000","Unassigned","RoboSHOT 12E OneLINK HDMI SYS","Projection Screens","B0004P0400G0014000","US Camera Profit Center","3000","0096846364","Unassigned","AV Distribution","08","US - Channel Sales","U1DXC1","United States","Americas - LLC","3000","Patrick Mead",null,"Undefined",null,"Ohio","United States","United States","Unassigned","DIRECT","AV CAPTURE & COLLABORATION - CAMERAS","4210","0",{"v":0.19141929483721276,"d":"0.19"},3021.43,1221.54,2,6042.86,"USD",1,6042.86]
[1368331391,"01",null,"139842",null,"Invoice","Vaddio","B0004","Distributor - National","002","Unassigned","3000","Undefined","3000","ENTER ALTERNATE ADDRESS (US)","ALMO DISTRIBUTING PA INC (VADDIO)","Americas LLC",1228.66,2457.31,"03/23/2021","Standard Distribution","01","ALMO","0002582566","Standard Order","TA","AV CONTENT CAPTURE (VADDIO)",2021,"2021-03",0,"Vaddio","PTZ CAMERA","EXTENSION KIT","AV","001","999-99600-100W","","ALMO DISTRIBUTING PA INC (VADDIO)","Vaddio","3002","19154","E","B0004","B0004P0400","B0004P0400G0014000","Unassigned","RoboSHOT 12E OneLINK HDMI SYS WHT","Projection Screens","B0004P0400G0014000","US Camera Profit Center","3000","0096948399","Unassigned","AV Distribution","08","US - Channel Sales","U1DXC1","United States","Americas - LLC","3000","Patrick Mead",null,"Undefined",null,"Unassigned","United States","United States","Unassigned","DIRECT","AV CAPTURE & COLLABORATION - CAMERAS","4210","0",{"v":0.18670629470151545,"d":"0.19"},3021.43,1228.66,2,6042.86,"USD",1,6042.86]
[1368331392,"01",null,"139845",null,"Invoice","Vaddio","B0004","Distributor - National","002","Unassigned","3000","Undefined","3000","HERMAN - ATLANTA","HERMAN PRO AV","Americas LLC",1229.27,1229.27,"03/25/2021","Standard Distribution","01","HERMAN","0002584946","Standard Order","TA","AV CONTENT CAPTURE (VADDIO)",2021,"2021-03",0,"Vaddio","PTZ CAMERA","EXTENSION KIT","AV","001","999-99600-100W","","HERMAN PRO AV","Vaddio","3002","33025","E","B0004","B0004P0400","B0004P0400G0014000","Unassigned","RoboSHOT 12E OneLINK HDMI SYS WHT","Projection Screens","B0004P0400G0014000","US Camera Profit Center","3000","0096953406","Unassigned","AV Distribution","08","US - Channel Sales","U1DXC1","United States","Americas - LLC","3000","Patrick Mead",null,"Undefined",null,"Georgia","United States","United States","Unassigned","DIRECT","AV CAPTURE & COLLABORATION - CAMERAS","4210","0",{"v":0.5931496013477062,"d":"0.59"},3021.43,1229.27,1,3021.43,"USD",1,3021.43]
[1368331393,"01",null,"139841",null,"Invoice Repair","Vaddio","B0004","Distributor - National","002","Unassigned","3000","Undefined","3000","ENTER ALTERNATE ADDRESS (US)","EXERTIS (VADDIO)","Americas LLC",0,0,"03/18/2021","Standard Distribution","01","STAMPEDE","0060477444","Undefined","00","AV CONTENT CAPTURE (VADDIO)",2021,"2021-03",0,"Vaddio","PTZ CAMERA","EXTENSION KIT","AV","001","999-99600-200","STAMPEDE PRESENTATION","STAMPEDE PRESENTATION","Vaddio","3002","14228","E","B0004","B0004P0400","B0004P0400G0014000","Unassigned","RoboSHOT 12E OneLINK BRIDGE SYS","Projection Screens","B0004P0400G0014000","US Camera Profit Center","3000","0004121235","Unassigned","AV Distribution","08","US - Channel Sales","U1DXC1","United States","Americas - LLC","3000","Patrick Mead",null,"Undefined",null,"Unassigned","United States","United States","New York","DIRECT","AV CAPTURE & COLLABORATION - CAMERAS","4210","0",{"v":0,"d":"0.00"},3704.38,0,-2,-7408.76,"USD",1,-7408.76]
[1368331395,"01",null,"139845",null,"Invoice","Vaddio","B0004","Distributor - National","002","Unassigned","3000","Undefined","3000","ENTER ALTERNATE ADDRESS (US)","HERMAN PRO AV","Americas LLC",949.77,10447.45,"03/11/2021","Standard Distribution","01","HERMAN","0002572977","Standard Order","TA","AV CONTENT CAPTURE (VADDIO)",2021,"2021-03",52,"Vaddio","PTZ CAMERA","NATIVE","AV","001","999-99630-000","","HERMAN PRO AV","Vaddio","3002","33025","E","B0004","B0004P0400","B0004P0400G0014005","Unassigned","ROBOSHOT 30E HDBT","Projection Screens","B0004P0400G0014005","US Camera Profit Center","3000","0096896052","Unassigned","AV Distribution","08","US - Channel Sales","U1DXC1","United States","Americas - LLC","3000","Patrick Mead",null,"Undefined",null,"Unassigned","United States","United States","Unassigned","DIRECT","AV CAPTURE & COLLABORATION - CAMERAS","4210","0",{"v":-3.0171839011954518,"d":"-3.02"},2600.69,949.77,11,28607.59,"USD",1,28607.59]
[1368331396,"01",null,"139841",null,"Credit Memo","Vaddio","B0004","Distributor - National","002","Unassigned","3000","Undefined","3000","ONE TIME - BID SHIP TO ONLY","EXERTIS (VADDIO)","Americas LLC",0,0,"03/29/2021","Standard Distribution","01","STAMPEDE","0060485401","Credit Memo Request","G2","AV CONTENT CAPTURE (VADDIO)",2021,"2021-03",0,"Vaddio","PTZ CAMERA","EXTENSION KIT","AV","001","999-99630-200","STAMPEDE PRESENTATION","STAMPEDE PRESENTATION","Vaddio","3002","14228","E","B0004","B0004P0400","B0004P0400G0014000","Unassigned","RoboSHOT 30E OneLINK BRIDGE SYS","Projection Screens","B0004P0400G0014000","US Camera Profit Center","3000","0096956701","Unassigned","AV Distribution","08","US - Channel Sales","U1DXC1","United States","Americas - LLC","3000","Patrick Mead",null,"Undefined",null,"Unassigned","United States","United States","New York","DIRECT","AV CAPTURE & COLLABORATION - CAMERAS","4210","0",{"v":0,"d":"0.00"},null,0,0,-395.03,"USD",1,-395.03]
[1368331397,"01",null,"139842",null,"Invoice Repair","Vaddio","B0004","Distributor - National","002","Unassigned","3000","Undefined","3000","ALMO DISTRIBUTING -  GROVE CITY","ALMO DISTRIBUTING PA INC (VADDIO)","Americas LLC",0,0,"04/19/2021","Standard Distribution","01","ALMO","0060488135","Undefined","00","AV CONTENT CAPTURE (VADDIO)",2021,"2021-04",0,"Vaddio","PTZ CAMERA","NATIVE","AV","001","998-9990-000W","","ALMO DISTRIBUTING PA INC (VADDIO)","Vaddio","3002","19154","E","B0004","B0004P0400","B0004P0400G0014005","Unassigned","CONFERENCESHOT 10 CAMERA UNIT WHITE","Projection Screens","B0004P0400G0014005","US Camera Profit Center","3000","0004152941","Unassigned","AV Distribution","08","US - Channel Sales","U1DXC1","United States","Americas - LLC","3000","Patrick Mead",null,"Undefined",null,"Ohio","United States","United States","Unassigned","DIRECT","AV CAPTURE & COLLABORATION - CAMERAS","4210","0",{"v":0,"d":"0.00"},1026.08,0,-1,-1026.08,"USD",1,-1026.08]
[1368331398,"01",null,"139842",null,"Invoice","Vaddio","B0004","Distributor - National","002","Unassigned","3000","Undefined","3000","ENTER ALTERNATE ADDRESS (US)","ALMO DISTRIBUTING PA INC (VADDIO)","Americas LLC",548.34,548.34,"04/01/2021","Standard Distribution","01","ALMO","0002591171","Standard Order","TA","AV CONTENT CAPTURE (VADDIO)",2021,"2021-04",18,"Vaddio","PTZ CAMERA","EXTENSION KIT","AV","001","999-30420-000","","ALMO DISTRIBUTING PA INC (VADDIO)","Vaddio","3002","19154","E","B0004","B0004P0400","B0004P0400G0014000","Unassigned","PrimeSHOT 20 HDMI Camera Black N/A","Projection Screens","B0004P0400G0014000","US Camera Profit Center","3000","0096995553","Unassigned","AV Distribution","08","US - Channel Sales","U1DXC1","United States","Americas - LLC","3000","Patrick Mead",null,"Undefined",null,"Unassigned","United States","United States","Unassigned","DIRECT","AV CAPTURE & COLLABORATION - CAMERAS","4210","0",{"v":0.5847419120319883,"d":"0.58"},1320.48,548.34,1,1320.48,"USD",1,1320.48]
[1368331399,"01",null,"139842",null,"Invoice","Vaddio","B0004","Distributor - National","002","Unassigned","3000","Undefined","3000","ENTER ALTERNATE ADDRESS (US)","ALMO DISTRIBUTING PA INC (VADDIO)","Americas LLC",643.26,643.26,"04/05/2021","Standard Distribution","01","ALMO","0002593117","Standard Order","TA","AV CONTENT CAPTURE (VADDIO)",2021,"2021-04",18,"Vaddio","PTZ CAMERA","EXTENSION KIT","AV","001","999-30420-300W","","ALMO DISTRIBUTING PA INC (VADDIO)","Vaddio","3002","19154","E","B0004","B0004P0400","B0004P0400G0014000","Unassigned","PrimeSHOT 20 HDMI SYS (White) - NA","Projection Screens","B0004P0400G0014000","US Camera Profit Center","3000","0097002573","Unassigned","AV Distribution","08","US - Channel Sales","U1DXC1","United States","Americas - LLC","3000","Patrick Mead",null,"Undefined",null,"Illinois","United States","United States","Unassigned","DIRECT","AV CAPTURE & COLLABORATION - CAMERAS","4210","0",{"v":0.5363290372805121,"d":"0.54"},1387.32,643.26,1,1387.32,"USD",1,1387.32]
[1368331400,"01","139845","139845",null,"Invoice Repair","Vaddio","B0004","Distributor - National","002","Unassigned","3000","Undefined","3000","HERMAN PRO AV","HERMAN PRO AV","Americas LLC",0,0,"04/02/2021","Standard Distribution","01","HERMAN","0060455170","Undefined","00","AV CONTENT CAPTURE (VADDIO)",2021,"2021-04",0,"Vaddio","PTZ CAMERA","EXTENSION KIT","AV","001","999-9590-000","","HERMAN PRO AV","Vaddio","3002","33025","E","B0004","B0004P0400","B0004P0400G0014000","Unassigned","ONELINK SYSTEM FOR ROBOSHOT HDMI","Projection Screens","B0004P0400G0014000","US Camera Profit Center","3000","0004137157","Unassigned","AV Distribution","08","US - Channel Sales","U1DXC1","United States","Americas - LLC","3000","Patrick Mead",null,"Undefined",null,"Unassigned","United States","United States","Unassigned","DIRECT","AV CAPTURE & COLLABORATION - CAMERAS","4210","0",{"v":0,"d":"0.00"},1093.41,0,-1,-1093.41,"USD",1,-1093.41]
[1368331423,"01",null,"139842",null,"Invoice","Vaddio","B0004","Distributor - National","002","Unassigned","3000","Undefined","3000","ENTER ALTERNATE ADDRESS (US)","ALMO DISTRIBUTING PA INC (VADDIO)","Americas LLC",1056.33,7394.29,"04/12/2021","Standard Distribution","01","ALMO","0002599136","Standard Order","TA","AV CONTENT CAPTURE (VADDIO)",2021,"2021-04",32,"Vaddio","PTZ CAMERA","EXTENSION KIT","AV","001","999-99010-000W","","ALMO DISTRIBUTING PA INC (VADDIO)","Vaddio","3002","19154","E","B0004","B0004P0400","B0004P0400G0014000","Unassigned","ROBOSHOT 12E QMINI SYSTEM WHT","Projection Screens","B0004P0400G0014000","US Camera Profit Center","3000","0097019244","Unassigned","AV Distribution","08","US - Channel Sales","U1DXC1","United States","Americas - LLC","3000","Patrick Mead",null,"Undefined",null,"Unassigned","United States","United States","Unassigned","DIRECT","AV CAPTURE & COLLABORATION - CAMERAS","4210","0",{"v":-1.6308300985899957,"d":"-1.63"},2810.63,1056.33,7,19674.41,"USD",1,19674.41]
[1368331424,"01",null,"139841",null,"EDI Invoice","Vaddio","B0004","Distributor - National","002","Unassigned","3000","Undefined","3000","ENTER ALTERNATE ADDRESS (US)","EXERTIS (VADDIO)","Americas LLC",1203.76,1203.76,"04/13/2021","Standard Distribution","01","STAMPEDE","0040792289","EDI Order","ZEDI","AV CONTENT CAPTURE (VADDIO)",2021,"2021-04",0,"Vaddio","PTZ CAMERA","EXTENSION KIT","AV","001","999-99090-000W","STAMPEDE PRESENTATION","STAMPEDE PRESENTATION","Vaddio","3002","14228","E","B0004","B0004P0400","B0004P0400G0014000","Unassigned","ROBOSHOT 12E QUSB SYSTEM WHT","Projection Screens","B0004P0400G0014000","US Camera Profit Center","3000","0097021918","Unassigned","AV Distribution","08","US - Channel Sales","U1DXC1","United States","Americas - LLC","3000","Patrick Mead",null,"Undefined",null,"North Carolina","United States","United States","New York","DIRECT","AV CAPTURE & COLLABORATION - CAMERAS","4210","0",{"v":0.6419107454144133,"d":"0.64"},3361.62,1203.76,1,3361.62,"USD",1,3361.62]
[1368331425,"01",null,"139845",null,"Invoice","Vaddio","B0004","Distributor - National","002","Unassigned","3000","Undefined","3000","ENTER ALTERNATE ADDRESS (US)","HERMAN PRO AV","Americas LLC",1309.57,1309.57,"04/05/2021","Standard Distribution","01","HERMAN","0002593461","Standard Order","TA","AV CONTENT CAPTURE (VADDIO)",2021,"2021-04",13,"Vaddio","PTZ CAMERA","EXTENSION KIT","AV","001","999-99170-000W","","HERMAN PRO AV","Vaddio","3002","33025","E","B0004","B0004P0400","B0004P0400G0014000","Unassigned","ROBOSHOT 30E QCCU SYSTEM WHT","Projection Screens","B0004P0400G0014000","US Camera Profit Center","3000","0097002579","Unassigned","AV Distribution","08","US - Channel Sales","U1DXC1","United States","Americas - LLC","3000","Patrick Mead",null,"Undefined",null,"Unassigned","United States","United States","Unassigned","DIRECT","AV CAPTURE & COLLABORATION - CAMERAS","4210","0",{"v":0.6718346706493793,"d":"0.67"},3990.58,1309.57,1,3990.58,"USD",1,3990.58]
[1368331426,"01",null,"139842",null,"Invoice","Vaddio","B0004","Distributor - National","002","Unassigned","3000","Undefined","3000","ENTER ALTERNATE ADDRESS (US)","ALMO DISTRIBUTING PA INC (VADDIO)","Americas LLC",890.93,1781.85,"04/30/2021","Standard Distribution","01","ALMO","0002615381","Standard Order","TA","AV CONTENT CAPTURE (VADDIO)",2021,"2021-04",18,"Vaddio","PTZ CAMERA","NATIVE","AV","001","999-99200-000","","ALMO DISTRIBUTING PA INC (VADDIO)","Vaddio","3002","19154","E","B0004","B0004P0400","B0004P0400G0014005","Unassigned","RoboSHOT 12E USB","Projection Screens","B0004P0400G0014005","US Camera Profit Center","3000","0097088948","Unassigned","AV Distribution","08","US - Channel Sales","U1DXC1","United States","Americas - LLC","3000","Patrick Mead",null,"Undefined",null,"Unassigned","United States","United States","Unassigned","DIRECT","AV CAPTURE & COLLABORATION - CAMERAS","4210","0",{"v":0.1754244700198525,"d":"0.18"},2160.93,890.93,2,4321.86,"USD",1,4321.86]
[1368331427,"01",null,"139842",null,"Invoice","Vaddio","B0004","Distributor - National","002","Unassigned","3000","Undefined","3000","ENTER ALTERNATE ADDRESS (US)","ALMO DISTRIBUTING PA INC (VADDIO)","Americas LLC",897.98,897.98,"04/14/2021","Standard Distribution","01","ALMO","0002600963","Standard Order","TA","AV CONTENT CAPTURE (VADDIO)",2021,"2021-04",18,"Vaddio","PTZ CAMERA","NATIVE","AV","001","999-99200-000W","","ALMO DISTRIBUTING PA INC (VADDIO)","Vaddio","3002","19154","E","B0004","B0004P0400","B0004P0400G0014005","Unassigned","RoboSHOT 12E USB WHT","Projection Screens","B0004P0400G0014005","US Camera Profit Center","3000","0097024644","Unassigned","AV Distribution","08","US - Channel Sales","U1DXC1","United States","Americas - LLC","3000","Patrick Mead",null,"Undefined",null,"Unassigned","United States","United States","Unassigned","DIRECT","AV CAPTURE & COLLABORATION - CAMERAS","4210","0",{"v":0.5844474369831507,"d":"0.58"},2160.93,897.98,1,2160.93,"USD",1,2160.93]
[1368331428,"01",null,"139845",null,"Invoice","Vaddio","B0004","Distributor - National","002","Unassigned","3000","Undefined","3000","ENTER ALTERNATE ADDRESS (US)","HERMAN PRO AV","Americas LLC",899.58,1799.16,"04/30/2021","Standard Distribution","01","HERMAN","0002614042","Standard Order","TA","AV CONTENT CAPTURE (VADDIO)",2021,"2021-04",20,"Vaddio","PTZ CAMERA","NATIVE","AV","001","999-99230-000W","","HERMAN PRO AV","Vaddio","3002","33025","E","B0004","B0004P0400","B0004P0400G0014005","Unassigned","RoboSHOT 30E USB WHT","Projection Screens","B0004P0400G0014005","US Camera Profit Center","3000","0097088950","Unassigned","AV Distribution","08","US - Channel Sales","U1DXC1","United States","Americas - LLC","3000","Patrick Mead",null,"Undefined",null,"Unassigned","United States","United States","Unassigned","DIRECT","AV CAPTURE & COLLABORATION - CAMERAS","4210","0",{"v":0.26893726991247524,"d":"0.27"},2461.02,899.58,2,4922.04,"USD",1,4922.04]
[1368331429,"01",null,"139845",null,"Invoice","Vaddio","B0004","Distributor - National","002","Unassigned","3000","Undefined","3000","HERMAN - ATLANTA","HERMAN PRO AV","Americas LLC",859.68,859.68,"04/16/2021","Standard Distribution","01","HERMAN","0002602260","Standard Order","TA","AV CONTENT CAPTURE (VADDIO)",2021,"2021-04",0,"Vaddio","PTZ CAMERA","NATIVE","AV","001","999-99400-000","","HERMAN PRO AV","Vaddio","3002","33025","E","B0004","B0004P0400","B0004P0400G0014005","Unassigned","ROBOSHOT 12E HDMI","Projection Screens","B0004P0400G0014005","US Camera Profit Center","3000","0097033378","Unassigned","AV Distribution","08","US - Channel Sales","U1DXC1","United States","Americas - LLC","3000","Patrick Mead",null,"Undefined",null,"Georgia","United States","United States","Unassigned","DIRECT","AV CAPTURE & COLLABORATION - CAMERAS","4210","0",{"v":0.4961109906276926,"d":"0.50"},1706.09,859.68,1,1706.09,"USD",1,1706.09]
[1368331430,"01",null,"139842",null,"Invoice","Vaddio","B0004","Distributor - National","002","Unassigned","3000","Undefined","3000","ENTER ALTERNATE ADDRESS (US)","ALMO DISTRIBUTING PA INC (VADDIO)","Americas LLC",868.5,868.5,"04/08/2021","Standard Distribution","01","ALMO","0002595641","Standard Order","TA","AV CONTENT CAPTURE (VADDIO)",2021,"2021-04",20,"Vaddio","PTZ CAMERA","NATIVE","AV","001","999-99430-000W","","ALMO DISTRIBUTING PA INC (VADDIO)","Vaddio","3002","19154","E","B0004","B0004P0400","B0004P0400G0014005","Unassigned","ROBOSHOT 30E HDMI WHT","Projection Screens","B0004P0400G0014005","US Camera Profit Center","3000","0097014212","Unassigned","AV Distribution","08","US - Channel Sales","U1DXC1","United States","Americas - LLC","3000","Patrick Mead",null,"Undefined",null,"Unassigned","United States","United States","Unassigned","DIRECT","AV CAPTURE & COLLABORATION - CAMERAS","4210","0",{"v":0.5625654766701588,"d":"0.56"},1985.44,868.5,1,1985.44,"USD",1,1985.44]
[1368331431,"01","139842","139842",null,"Invoice","Vaddio","B0004","Distributor - National","002","Unassigned","3000","Undefined","3000","ALMO DISTRIBUTING PA INC (VADDIO)","ALMO DISTRIBUTING PA INC (VADDIO)","Americas LLC",2105.15,4210.3,"04/30/2021","Standard Distribution","01","ALMO","0002614617","Standard Order","TA","AV CONTENT CAPTURE (VADDIO)",2021,"2021-04",33,"Vaddio","PTZ CAMERA","EXTENSION KIT","AV","001","999-9950-200","","ALMO DISTRIBUTING PA INC (VADDIO)","Vaddio","3002","19154","E","B0004","B0004P0400","B0004P0400G0014000","Unassigned","RoboSHOT 20 UHD OneLINK Bridge Sys N/A","Projection Screens","B0004P0400G0014000","US Camera Profit Center","3000","0097088945","Unassigned","AV Distribution","08","US - Channel Sales","U1DXC1","United States","Americas - LLC","3000","Patrick Mead",null,"Undefined",null,"Unassigned","United States","United States","Unassigned","DIRECT","AV CAPTURE & COLLABORATION - CAMERAS","4210","0",{"v":0.14771772641056824,"d":"0.15"},4940.03,2105.15,2,9880.06,"USD",1,9880.06]
[1368331432,"01","139842","139842",null,"Credit Memo","Vaddio","B0004","Distributor - National","002","Unassigned","3000","Undefined","3000","ALMO DISTRIBUTING PA INC (VADDIO)","ALMO DISTRIBUTING PA INC (VADDIO)","Americas LLC",0,0,"04/05/2021","Standard Distribution","01","ALMO","0060488155","Credit Memo Request","G2","AV CONTENT CAPTURE (VADDIO)",2021,"2021-04",0,"Vaddio","PTZ CAMERA","EXTENSION KIT","AV","001","999-99600-100W","","ALMO DISTRIBUTING PA INC (VADDIO)","Vaddio","3002","19154","E","B0004","B0004P0400","B0004P0400G0014000","Unassigned","RoboSHOT 12E OneLINK HDMI SYS WHT","Projection Screens","B0004P0400G0014000","US Camera Profit Center","3000","0097000521","Unassigned","AV Distribution","08","US - Channel Sales","U1DXC1","United States","Americas - LLC","3000","Patrick Mead",null,"Undefined",null,"Unassigned","United States","United States","Unassigned","DIRECT","AV CAPTURE & COLLABORATION - CAMERAS","4210","0",{"v":0,"d":"0.00"},null,0,0,-604.28,"USD",1,-604.28]
[1368331433,"01",null,"139842",null,"Invoice","Vaddio","B0004","Distributor - National","002","Unassigned","3000","Undefined","3000","ENTER ALTERNATE ADDRESS (US)","ALMO DISTRIBUTING PA INC (VADDIO)","Americas LLC",1232.56,1232.56,"04/06/2021","Standard Distribution","01","ALMO","0002594343","Standard Order","TA","AV CONTENT CAPTURE (VADDIO)",2021,"2021-04",18,"Vaddio","PTZ CAMERA","EXTENSION KIT","AV","001","999-99600-100W","","ALMO DISTRIBUTING PA INC (VADDIO)","Vaddio","3002","19154","E","B0004","B0004P0400","B0004P0400G0014000","Unassigned","RoboSHOT 12E OneLINK HDMI SYS WHT","Projection Screens","B0004P0400G0014000","US Camera Profit Center","3000","0097009260","Unassigned","AV Distribution","08","US - Channel Sales","U1DXC1","United States","Americas - LLC","3000","Patrick Mead",null,"Undefined",null,"Illinois","United States","United States","Unassigned","DIRECT","AV CAPTURE & COLLABORATION - CAMERAS","4210","0",{"v":0.5920607129736581,"d":"0.59"},3021.43,1232.56,1,3021.43,"USD",1,3021.43]
[1368332038,"01",null,"132014",null,"Invoice","Vaddio","B0004","Dealer","001","PROFESSIONAL SYSTEMS NETWORK INTL","3000","Undefined","3000","BAKER ENTERTAINMENT INTEGRATOR","BAKER AUDIO VISUAL INC.","Americas LLC",4.66,9.32,"04/30/2021","Standard Distribution","01","Unassigned","0002614733","Standard Order","TA","AV CONTENT CAPTURE (VADDIO)",2021,"2021-04",1,"Vaddio","Accessories","RACK","AV","001","998-6000-004","","BAKER AUDIO VISUAL INC.","Vaddio","3002","30071","E","B0004","B0004P0440","B0004P0440G0014120","Unassigned","SINGLE 1/2 RACK MOUNTING KIT","Other/Misc","B0004P0440G0014120","US Camera Profit Center","3000","0097088240","Unassigned","AV Integrators","01","South","U1DXP2","United States","Americas - LLC","3000","Angela Tener",null,"Undefined",null,"Georgia","United States","United States","Georgia","DIRECT","AV CAPTURE & COLLABORATION - CAMERAS","4210","2",{"v":0.8349858356940509,"d":"0.83"},56.48,4.66,2,112.96,"USD",1,112.96]
[1368332039,"01",null,"133711",null,"Invoice","Vaddio","B0004","Dealer","001","PROFESSIONAL SYSTEMS NETWORK INTL","3000","Undefined","3000","DIVERSIFIED - NORCROSS","ONE DIVERSIFIED (GA)","Americas LLC",10.24,10.24,"04/22/2021","Standard Distribution","01","Unassigned","0002607745","Standard Order","TA","AV CONTENT CAPTURE (VADDIO)",2021,"2021-04",18,"Vaddio","Accessories","RACK","AV","001","998-6000-006","","ONE DIVERSIFIED (GA)","Vaddio","3002","30071","E","B0004","B0004P0440","B0004P0440G0014120","Unassigned","DUAL 1/2 RACK MOUNTING KIT","Other/Misc","B0004P0440G0014120","US Camera Profit Center","3000","0097066583","Unassigned","AV Integrators","01","South","U1DXP2","United States","Americas - LLC","3000","Angela Tener",null,"Undefined",null,"Georgia","United States","United States","Georgia","DIRECT","AV CAPTURE & COLLABORATION - CAMERAS","4210","1",{"v":0.8732986884434546,"d":"0.87"},80.82,10.24,1,80.82,"USD",1,80.82]
[1368332040,"01",null,"133711",null,"Invoice","Vaddio","B0004","Dealer","001","PROFESSIONAL SYSTEMS NETWORK INTL","3000","Undefined","3000","ENTER ALTERNATE ADDRESS (US)","ONE DIVERSIFIED (GA)","Americas LLC",10.24,10.24,"04/21/2021","Standard Distribution","01","Unassigned","0002607017","Standard Order","TA","AV CONTENT CAPTURE (VADDIO)",2021,"2021-04",0,"Vaddio","Accessories","RACK","AV","001","998-6000-006","","ONE DIVERSIFIED (GA)","Vaddio","3002","30071","E","B0004","B0004P0440","B0004P0440G0014120","Unassigned","DUAL 1/2 RACK MOUNTING KIT","Other/Misc","B0004P0440G0014120","US Camera Profit Center","3000","0097063876","Unassigned","AV Integrators","01","South","U1DXP2","United States","Americas - LLC","3000","Brian Mungo",null,"Undefined",null,"Unassigned","United States","United States","Georgia","DIRECT","AV CAPTURE & COLLABORATION - CAMERAS","4210","1",{"v":0.8732986884434546,"d":"0.87"},80.82,10.24,1,80.82,"USD",1,80.82]
[1368332041,"01","132017","132017",null,"Invoice","Vaddio","B0004","Dealer","001","Unassigned","3000","Undefined","3000","AVI SOUTHEAST, LLC","AVI SOUTHEAST, LLC","Americas LLC",14.58,14.58,"05/25/2021","Standard Distribution","01","Unassigned","0002637833","Standard Order","TA","AV CONTENT CAPTURE (VADDIO)",2021,"2021-05",18,"Vaddio","Accessories","Power","AV","001","451-2000-024","","AVI SOUTHEAST, LLC","Vaddio","3002","30092","F","B0004","B0004P0440","B0004P0440G0014115","Unassigned","PS 24VDC 2.08A WITH FIG 8 WITH AC CORD","Other/Misc","B0004P0440G0014115","US Camera Profit Center","3000","0097196624","Unassigned","AV Integrators","01","South","U1DXP2","United States","Americas - LLC","3000","Angela Tener",null,"Undefined",null,"Georgia","United States","United States","Georgia","DIRECT","AV CAPTURE & COLLABORATION - CAMERAS","4210","2",{"v":0.7281879194630873,"d":"0.73"},53.64,14.58,1,53.64,"USD",1,53.64]
[1368332042,"01","133711","133711",null,"Invoice","Vaddio","B0004","Dealer","001","PROFESSIONAL SYSTEMS NETWORK INTL","3000","Undefined","3000","ONE DIVERSIFIED (GA)","ONE DIVERSIFIED (GA)","Americas LLC",4.59,13.76,"05/27/2021","Standard Distribution","01","Unassigned","0002634275","Standard Order","TA","AV CONTENT CAPTURE (VADDIO)",2021,"2021-05",0,"Vaddio","Accessories","RACK","AV","001","998-6000-004","","ONE DIVERSIFIED (GA)","Vaddio","3002","30071","E","B0004","B0004P0440","B0004P0440G0014120","Unassigned","SINGLE 1/2 RACK MOUNTING KIT","Other/Misc","B0004P0440G0014120","US Camera Profit Center","3000","0097202814","Unassigned","AV Integrators","01","West","U1DXP4","United States","Americas - LLC","3000","Comm So Cal - Shomper/Yates",null,"Undefined",null,"Unassigned","United States","United States","Georgia","DIRECT","AV CAPTURE & COLLABORATION - CAMERAS","4210","1",{"v":0.7563739376770539,"d":"0.76"},56.48,4.59,3,169.44,"USD",1,169.44]
[1368332043,"01",null,"133711",null,"Invoice","Vaddio","B0004","Dealer","001","PROFESSIONAL SYSTEMS NETWORK INTL","3000","Undefined","3000","DIVERSIFIED - BIRMINGHAM","ONE DIVERSIFIED (GA)","Americas LLC",4.58,4.58,"05/28/2021","Standard Distribution","01","Unassigned","0002640600","Standard Order","TA","AV CONTENT CAPTURE (VADDIO)",2021,"2021-05",1,"Vaddio","Accessories","RACK","AV","001","998-6000-004","","ONE DIVERSIFIED (GA)","Vaddio","3002","30071","E","B0004","B0004P0440","B0004P0440G0014120","Unassigned","SINGLE 1/2 RACK MOUNTING KIT","Other/Misc","B0004P0440G0014120","US Camera Profit Center","3000","0097227932","Unassigned","AV Integrators","01","South","U1DXP2","United States","Americas - LLC","3000","Kalee Luke",null,"Undefined",null,"Unassigned","United States","United States","Georgia","DIRECT","AV CAPTURE & COLLABORATION - CAMERAS","4210","1",{"v":0.9204999132095122,"d":"0.92"},57.61,4.58,1,57.61,"USD",1,57.61]
[1368332044,"01",null,"133711",null,"Invoice","Vaddio","B0004","Dealer","001","PROFESSIONAL SYSTEMS NETWORK INTL","3000","Undefined","3000","ENTER ALTERNATE ADDRESS (US)","ONE DIVERSIFIED (GA)","Americas LLC",10.29,30.87,"05/19/2021","Standard Distribution","01","Unassigned","0002632596","Standard Order","TA","AV CONTENT CAPTURE (VADDIO)",2021,"2021-05",0,"Vaddio","Accessories","RACK","AV","001","998-6000-006","","ONE DIVERSIFIED (GA)","Vaddio","3002","30071","E","B0004","B0004P0440","B0004P0440G0014120","Unassigned","DUAL 1/2 RACK MOUNTING KIT","Other/Misc","B0004P0440G0014120","US Camera Profit Center","3000","0097180439","Unassigned","AV Integrators","01","South","U1DXP2","United States","Americas - LLC","3000","Kalee Luke",null,"Undefined",null,"Unassigned","United States","United States","Georgia","DIRECT","AV CAPTURE & COLLABORATION - CAMERAS","4210","1",{"v":0.6180400890868596,"d":"0.62"},80.82,10.29,3,242.46,"USD",1,242.46]
[1368332045,"01",null,"133711",null,"Invoice","Vaddio","B0004","Dealer","001","PROFESSIONAL SYSTEMS NETWORK INTL","3000","Undefined","3000","DIVERSIFIED RALEIGH","ONE DIVERSIFIED (GA)","Americas LLC",10.21,10.21,"05/06/2021","Standard Distribution","01","Unassigned","0002619611","Standard Order","TA","AV CONTENT CAPTURE (VADDIO)",2021,"2021-05",1,"Vaddio","Accessories","RACK","AV","001","998-6000-006","","ONE DIVERSIFIED (GA)","Vaddio","3002","30071","E","B0004","B0004P0440","B0004P0440G0014120","Unassigned","DUAL 1/2 RACK MOUNTING KIT","Other/Misc","B0004P0440G0014120","US Camera Profit Center","3000","0097124653","Unassigned","AV Integrators","01","South","U1DXP2","United States","Americas - LLC","3000","Bradley Carson",null,"Undefined",null,"North Carolina","United States","United States","Georgia","DIRECT","AV CAPTURE & COLLABORATION - CAMERAS","4210","1",{"v":0.8736698836921554,"d":"0.87"},80.82,10.21,1,80.82,"USD",1,80.82]
[1368332046,"01","133711","133711",null,"Invoice","Vaddio","B0004","Dealer","001","PROFESSIONAL SYSTEMS NETWORK INTL","3000","Undefined","3000","ONE DIVERSIFIED (GA)","ONE DIVERSIFIED (GA)","Americas LLC",4.58,4.58,"06/03/2021","Standard Distribution","01","Unassigned","0002644770","Standard Order","TA","AV CONTENT CAPTURE (VADDIO)",2021,"2021-06",0,"Vaddio","Accessories","RACK","AV","001","998-6000-004","","ONE DIVERSIFIED (GA)","Vaddio","3002","30071","E","B0004","B0004P0440","B0004P0440G0014120","Unassigned","SINGLE 1/2 RACK MOUNTING KIT","Other/Misc","B0004P0440G0014120","US Camera Profit Center","3000","0097242437","Unassigned","AV Integrators","01","South","U1DXP2","United States","Americas - LLC","3000","Angela Tener",null,"Undefined",null,"Georgia","United States","United States","Georgia","DIRECT","AV CAPTURE & COLLABORATION - CAMERAS","4210","1",{"v":0.9204999132095122,"d":"0.92"},57.61,4.58,1,57.61,"USD",1,57.61]
[1368332047,"01","133857","133857",null,"Invoice","Vaddio","B0004","Dealer","001","Unassigned","3000","Undefined","3000","ONEPATH SYSTEMS LLC","ONEPATH SYSTEMS LLC","Americas LLC",41.27,453.97,"07/26/2021","Standard Distribution","01","Unassigned","0002687898","Standard Order","TA","AV CONTENT CAPTURE (VADDIO)",2021,"2021-07",17,"Vaddio","Accessories","CABLES & CONNECTORS","AV","001","440-0008-026","","ONEPATH SYSTEMS LLC","Vaddio","3002","30144","E","B0004","B0004P0440","B0004P0440G0014105","Unassigned","HDMI CABLE  8 METER (26.2')","Other/Misc","B0004P0440G0014105","US Camera Profit Center","3000","0097440323","Unassigned","AV Integrators","01","South","U1DXP2","United States","Americas - LLC","3000","Angela Tener",null,"Undefined",null,"Georgia","United States","United States","Georgia","DIRECT","AV CAPTURE & COLLABORATION - CAMERAS","4210","2",{"v":-7.297751782123926,"d":"-7.30"},54.71,41.27,11,601.81,"USD",1,601.81]
[1368332048,"01",null,"133711",null,"Invoice","Vaddio","B0004","Dealer","001","PROFESSIONAL SYSTEMS NETWORK INTL","3000","Undefined","3000","ENTER ALTERNATE ADDRESS (US)","ONE DIVERSIFIED (GA)","Americas LLC",2.08,2.08,"07/12/2021","Standard Distribution","01","Unassigned","0002672163","Standard Order","TA","AV CONTENT CAPTURE (VADDIO)",2021,"2021-07",0,"Vaddio","Accessories","CABLES & CONNECTORS","AV","001","440-0010-001","","ONE DIVERSIFIED (GA)","Vaddio","3002","30071","F","B0004","B0004P0440","B0004P0440G0014105","Unassigned","CABLE EIAJ-04 TO EIAJ-04","Other/Misc","B0004P0440G0014105","US Camera Profit Center","3000","0097375839","Unassigned","AV Integrators","01","West","U1DXP4","United States","Americas - LLC","3000","Cynthia Podgurski",null,"Undefined",null,"Unassigned","United States","United States","Georgia","DIRECT","AV CAPTURE & COLLABORATION - CAMERAS","4210","1",0.48,4,2.08,1,4,"USD",1,4]
[1368332071,"01",null,"144642",null,"Invoice","Vaddio","B0004","Dealer","001","Unassigned","3000","Undefined","3000","ENTER ALTERNATE ADDRESS (US)","HIBINO INTERSOUND CORPORATION","Americas LLC",76.59,382.96,"02/04/2021","Standard Distribution","01","Unassigned","0002539974","Standard Order","TA","AV CONTENT CAPTURE (VADDIO)",2021,"2021-02",0,"Vaddio","CAMERA MOUNT","CEILING","AV","001","535-2000-292","","HIBINO INTERSOUND CORPORATION","Vaddio","3002","105-0022","E","B0004","B0004P0420","B0004P0420G0014055","Unassigned","DROP DN MT FOR LARGE PTZ CAMERAS - SHORT","Projection Screens","B0004P0420G0014055","US Camera Profit Center","3010","0096760982","Unassigned","AV Integrators","01","Commercial","H1DXXX","Asia Pacific","Export","3010","Joseph Mak",null,"Undefined",null,"Unassigned","Japan","Japan","Unassigned","DIRECT","AV CAPTURE & COLLABORATION - CAMERAS","4210","2",{"v":-1.0407119258232975,"d":"-1.04"},187.66,76.59,5,938.3,"USD",1,938.3]
[1368332072,"01",null,"133711",null,"Invoice","Vaddio","B0004","Dealer","001","PROFESSIONAL SYSTEMS NETWORK INTL","3000","Undefined","3000","ENTER ALTERNATE ADDRESS (US)","ONE DIVERSIFIED (GA)","Americas LLC",67.58,135.16,"07/28/2021","Standard Distribution","01","Unassigned","0002691491","Standard Order","TA","AV CONTENT CAPTURE (VADDIO)",2021,"2021-07",30,"Vaddio","Accessories","Power","AV","001","451-0400-055","","ONE DIVERSIFIED (GA)","Vaddio","3002","30071","F","B0004","B0004P0440","B0004P0440G0014115","Unassigned","PS POE+ MIDSPAN 10G POWER INJECTOR","Other/Misc","B0004P0440G0014115","US Camera Profit Center","3000","0097471452","Unassigned","AV Integrators","01","West","U1DXP4","United States","Americas - LLC","3000","Dana Sanders Nickel",null,"Undefined",null,"Unassigned","United States","United States","Georgia","DIRECT","AV CAPTURE & COLLABORATION - CAMERAS","4210","1",{"v":-0.026193910864778625,"d":"-0.03"},131.71,67.58,2,263.42,"USD",1,263.42]
[1368332073,"01",null,"132014",null,"Invoice","Vaddio","B0004","Dealer","001","PROFESSIONAL SYSTEMS NETWORK INTL","3000","Undefined","3000","BAKER ENTERTAINMENT INTEGRATOR","BAKER AUDIO VISUAL INC.","Americas LLC",4.74,4.74,"07/27/2021","Standard Distribution","01","Unassigned","0002689467","Standard Order","TA","AV CONTENT CAPTURE (VADDIO)",2021,"2021-07",1,"Vaddio","Accessories","RACK","AV","001","998-6000-004","","BAKER AUDIO VISUAL INC.","Vaddio","3002","30071","E","B0004","B0004P0440","B0004P0440G0014120","Unassigned","SINGLE 1/2 RACK MOUNTING KIT","Other/Misc","B0004P0440G0014120","US Camera Profit Center","3000","0097445079","Unassigned","AV Integrators","01","South","U1DXP2","United States","Americas - LLC","3000","Angela Tener",null,"Undefined",null,"Georgia","United States","United States","Georgia","DIRECT","AV CAPTURE & COLLABORATION - CAMERAS","4210","2",{"v":0.9193328795098706,"d":"0.92"},58.76,4.74,1,58.76,"USD",1,58.76]
[1368332074,"01",null,"133711",null,"Invoice","Vaddio","B0004","Dealer","001","PROFESSIONAL SYSTEMS NETWORK INTL","3000","Undefined","3000","DIVERSIFIED - BIRMINGHAM","ONE DIVERSIFIED (GA)","Americas LLC",6.19,18.56,"07/12/2021","Standard Distribution","01","Unassigned","0002668437","Standard Order","TA","AV CONTENT CAPTURE (VADDIO)",2021,"2021-07",0,"Vaddio","Accessories","RACK","AV","001","998-6000-005","","ONE DIVERSIFIED (GA)","Vaddio","3002","30071","E","B0004","B0004P0440","B0004P0440G0014120","Unassigned","UNDER TABLE MOUNTING BRACKET","Other/Misc","B0004P0440G0014120","US Camera Profit Center","3000","0097375853","Unassigned","AV Integrators","01","South","U1DXP2","United States","Americas - LLC","3000","Kalee Luke",null,"Undefined",null,"Unassigned","United States","United States","Georgia","DIRECT","AV CAPTURE & COLLABORATION - CAMERAS","4210","1",{"v":0.4161686064800252,"d":"0.42"},31.79,6.19,3,95.37,"USD",1,95.37]
[1368332075,"01","133857","133857",null,"Invoice","Vaddio","B0004","Dealer","001","Unassigned","3000","Undefined","3000","ONEPATH SYSTEMS LLC","ONEPATH SYSTEMS LLC","Americas LLC",10.69,10.69,"07/28/2021","Standard Distribution","01","Unassigned","0002690606","Standard Order","TA","AV CONTENT CAPTURE (VADDIO)",2021,"2021-07",42,"Vaddio","Accessories","RACK","AV","001","998-6000-006","","ONEPATH SYSTEMS LLC","Vaddio","3002","30144","E","B0004","B0004P0440","B0004P0440G0014120","Unassigned","DUAL 1/2 RACK MOUNTING KIT","Other/Misc","B0004P0440G0014120","US Camera Profit Center","3000","0097471527","Unassigned","AV Integrators","01","South","U1DXP2","United States","Americas - LLC","3000","Angela Tener",null,"Undefined",null,"Georgia","United States","United States","Georgia","DIRECT","AV CAPTURE & COLLABORATION - CAMERAS","4210","2",{"v":0.8728743013437983,"d":"0.87"},84.09,10.69,1,84.09,"USD",1,84.09]
[1368332076,"01",null,"136370",null,"Invoice","Vaddio","B0004","Manufacturer","004","Unassigned","3000","Undefined","3000","CINEMASSIVE DISPLAYS","CINEMASSIVE DISPLAYS","Americas LLC",213.12,213.12,"07/15/2021","Standard Distribution","01","Unassigned","0002680224","Standard Order","TA","AV CONTENT CAPTURE (VADDIO)",2021,"2021-07",0,"Vaddio","Accessories","CABLES & CONNECTORS","AV","001","999-1005-052","","CINEMASSIVE DISPLAYS","Vaddio","3002","30324","E","B0004","B0004P0440","B0004P0440G0014105","Unassigned","EXTREME USB 2.0 EXTENDER NA","Other/Misc","B0004P0440G0014105","US Camera Profit Center","3000","0097414520","Unassigned","AV Integrators","01","South","U1DXP2","United States","Americas - LLC","3000","Angela Tener",null,"Undefined",null,"Georgia","United States","United States","Georgia","DIRECT","AV CAPTURE & COLLABORATION - CAMERAS","4210","2",{"v":0.4838334665407251,"d":"0.48"},412.89,213.12,1,412.89,"USD",1,412.89]
[1368332077,"01","132017","132017",null,"Invoice","Vaddio","B0004","Dealer","001","Unassigned","3000","Undefined","3000","AVI SOUTHEAST, LLC","AVI SOUTHEAST, LLC","Americas LLC",14.58,14.58,"08/09/2021","Standard Distribution","01","Unassigned","0002700357","Standard Order","TA","AV CONTENT CAPTURE (VADDIO)",2021,"2021-08",27,"Vaddio","Accessories","Power","AV","001","451-2000-024","","AVI SOUTHEAST, LLC","Vaddio","3002","30092","F","B0004","B0004P0440","B0004P0440G0014115","Unassigned","PS 24VDC 2.08A WITH FIG 8 WITH AC CORD","Other/Misc","B0004P0440G0014115","US Camera Profit Center","3000","0097521997","Unassigned","AV Integrators","01","South","U1DXP2","United States","Americas - LLC","3000","Angela Tener",null,"Undefined",null,"Georgia","United States","United States","Georgia","DIRECT","AV CAPTURE & COLLABORATION - CAMERAS","4210","2",{"v":0.7335039298117346,"d":"0.73"},54.71,14.58,1,54.71,"USD",1,54.71]
[1368332078,"01","133711","133711",null,"Invoice","Vaddio","B0004","Dealer","001","PROFESSIONAL SYSTEMS NETWORK INTL","3000","Undefined","3000","ONE DIVERSIFIED (GA)","ONE DIVERSIFIED (GA)","Americas LLC",4.74,9.47,"08/24/2021","Standard Distribution","01","Unassigned","0002713805","Standard Order","TA","AV CONTENT CAPTURE (VADDIO)",2021,"2021-08",11,"Vaddio","Accessories","RACK","AV","001","998-6000-004","","ONE DIVERSIFIED (GA)","Vaddio","3002","30071","E","B0004","B0004P0440","B0004P0440G0014120","Unassigned","SINGLE 1/2 RACK MOUNTING KIT","Other/Misc","B0004P0440G0014120","US Camera Profit Center","3000","0097588067","Unassigned","AV Integrators","01","South","U1DXP2","United States","Americas - LLC","3000","Angela Tener",null,"Undefined",null,"Georgia","United States","United States","Georgia","DIRECT","AV CAPTURE & COLLABORATION - CAMERAS","4210","1",{"v":0.8388359428182437,"d":"0.84"},58.76,4.74,2,117.52,"USD",1,117.52]
[1368332079,"01","115220","115220",null,"Invoice","Vaddio","B0004","Dealer","001","Unassigned","3200","Undefined","3000","TKNL INC.","TKNL INC.","Canada ULC",186.77,186.77,"02/26/2021","Standard Distribution","01","Unassigned","0002560683","Standard Order","TA","AV CONTENT CAPTURE (VADDIO)",2021,"2021-02",0,"Vaddio","CAMERA MOUNT","CEILING","AV","001","535-2000-296","","TKNL INC.","Vaddio","3002","J4B 7K1","E","B0004","B0004P0420","B0004P0420G0014055","Unassigned","OFF-SET DROP DN MT FOR HD SERIES CAMERAS","Projection Screens","B0004P0420G0014055","Canada Camera Profit Center","3200","0096840039","Unassigned","AV Integrators","01","Quebec","C1XXP2","Canada","Canada - ULC","3200","Carlo Coppola",null,"Undefined",null,"Quebec","Canada","Canada","Quebec","DIRECT","AV CAPTURE & COLLABORATION - CAMERAS","4210","2",{"v":0.2792698927220807,"d":"0.28"},259.14,186.77,1,259.14,"CAD",1.27669,330.84]
[1368332080,"01",null,"133711",null,"Invoice","Vaddio","B0004","Dealer","001","PROFESSIONAL SYSTEMS NETWORK INTL","3000","Undefined","3000","ENTER ALTERNATE ADDRESS (US)","ONE DIVERSIFIED (GA)","Americas LLC",4.75,4.75,"08/03/2021","Standard Distribution","01","Unassigned","0002696145","Standard Order","TA","AV CONTENT CAPTURE (VADDIO)",2021,"2021-08",0,"Vaddio","Accessories","RACK","AV","001","998-6000-004","","ONE DIVERSIFIED (GA)","Vaddio","3002","30071","E","B0004","B0004P0440","B0004P0440G0014120","Unassigned","SINGLE 1/2 RACK MOUNTING KIT","Other/Misc","B0004P0440G0014120","US Camera Profit Center","3000","0097488613","Unassigned","AV Integrators","01","MidWest","U1DXP3","United States","Americas - LLC","3000","Andre White",null,"Undefined",null,"Illinois","United States","United States","Georgia","DIRECT","AV CAPTURE & COLLABORATION - CAMERAS","4210","1",{"v":0.9191626957113683,"d":"0.92"},58.76,4.75,1,58.76,"USD",1,58.76]
[1368332081,"01",null,"133711",null,"Invoice","Vaddio","B0004","Dealer","001","PROFESSIONAL SYSTEMS NETWORK INTL","3000","Undefined","3000","ENTER ALTERNATE ADDRESS (US)","ONE DIVERSIFIED (GA)","Americas LLC",4.76,4.76,"08/11/2021","Standard Distribution","01","Unassigned","0002703691","Standard Order","TA","AV CONTENT CAPTURE (VADDIO)",2021,"2021-08",0,"Vaddio","Accessories","RACK","AV","001","998-6000-004","","ONE DIVERSIFIED (GA)","Vaddio","3002","30071","E","B0004","B0004P0440","B0004P0440G0014120","Unassigned","SINGLE 1/2 RACK MOUNTING KIT","Other/Misc","B0004P0440G0014120","US Camera Profit Center","3000","0097535135","Unassigned","AV Integrators","01","MidWest","U1DXP3","United States","Americas - LLC","3000","Andre White",null,"Undefined",null,"Illinois","United States","United States","Georgia","DIRECT","AV CAPTURE & COLLABORATION - CAMERAS","4210","1",{"v":0.9189925119128659,"d":"0.92"},58.76,4.76,1,58.76,"USD",1,58.76]
[1368332104,"01",null,"133711",null,"Invoice","Vaddio","B0004","Dealer","001","PROFESSIONAL SYSTEMS NETWORK INTL","3000","Undefined","3000","ENTER ALTERNATE ADDRESS (US)","ONE DIVERSIFIED (GA)","Americas LLC",4.73,4.73,"08/23/2021","Standard Distribution","01","Unassigned","0002711882","Standard Order","TA","AV CONTENT CAPTURE (VADDIO)",2021,"2021-08",1,"Vaddio","Accessories","RACK","AV","001","998-6000-004","","ONE DIVERSIFIED (GA)","Vaddio","3002","30071","E","B0004","B0004P0440","B0004P0440G0014120","Unassigned","SINGLE 1/2 RACK MOUNTING KIT","Other/Misc","B0004P0440G0014120","US Camera Profit Center","3000","0097582179","Unassigned","AV Integrators","01","West","U1DXP4","United States","Americas - LLC","3000","Abbi Rath",null,"Undefined",null,"Unassigned","United States","United States","Georgia","DIRECT","AV CAPTURE & COLLABORATION - CAMERAS","4210","1",{"v":0.9195030633083731,"d":"0.92"},58.76,4.73,1,58.76,"USD",1,58.76]
[1368332105,"01",null,"140798",null,"Invoice","Vaddio","B0004","Dealer","001","Unassigned","3000","Undefined","3000","SUMMIT SOLUTIONZ, INC","SUMMIT SOLUTIONZ, INC","Americas LLC",6.19,6.19,"08/10/2021","Standard Distribution","01","Unassigned","0002702732","Standard Order","TA","AV CONTENT CAPTURE (VADDIO)",2021,"2021-08",0,"Vaddio","Accessories","RACK","AV","001","998-6000-005","","SUMMIT SOLUTIONZ, INC","Vaddio","3002","30339","E","B0004","B0004P0440","B0004P0440G0014120","Unassigned","UNDER TABLE MOUNTING BRACKET","Other/Misc","B0004P0440G0014120","US Camera Profit Center","3000","0097526279","Unassigned","AV Integrators","01","South","U1DXP2","United States","Americas - LLC","3000","Angela Tener",null,"Undefined",null,"Georgia","United States","United States","Georgia","DIRECT","AV CAPTURE & COLLABORATION - CAMERAS","4210","1",{"v":0.8091273512180079,"d":"0.81"},32.43,6.19,1,32.43,"USD",1,32.43]
[1368332106,"01",null,"140798",null,"Invoice","Vaddio","B0004","Dealer","001","Unassigned","3000","Undefined","3000","SOLUTIONZ (GREENVILLE OFFICE)","SUMMIT SOLUTIONZ, INC","Americas LLC",10.91,21.82,"08/20/2021","Standard Distribution","01","Unassigned","0002711038","Standard Order","TA","AV CONTENT CAPTURE (VADDIO)",2021,"2021-08",0,"Vaddio","Accessories","RACK","AV","001","998-6000-006","","SUMMIT SOLUTIONZ, INC","Vaddio","3002","30339","E","B0004","B0004P0440","B0004P0440G0014120","Unassigned","DUAL 1/2 RACK MOUNTING KIT","Other/Misc","B0004P0440G0014120","US Camera Profit Center","3000","0097577466","Unassigned","AV Integrators","01","South","U1DXP2","United States","Americas - LLC","3000","Bradley Carson",null,"Undefined",null,"Unassigned","United States","United States","Georgia","DIRECT","AV CAPTURE & COLLABORATION - CAMERAS","4210","1",{"v":0.7405161136877155,"d":"0.74"},84.09,10.91,2,168.18,"USD",1,168.18]
[1368332107,"01",null,"132017",null,"Invoice","Vaddio","B0004","Dealer","001","Unassigned","3000","Undefined","3000","ENTER ALTERNATE ADDRESS (US)","AVI SOUTHEAST, LLC","Americas LLC",14.58,14.58,"10/08/2021","Standard Distribution","01","Unassigned","0002750443","Standard Order","TA","AV CONTENT CAPTURE (VADDIO)",2021,"2021-10",27,"Vaddio","Accessories","Power","AV","001","451-2000-024","","AVI SOUTHEAST, LLC","Vaddio","3002","30092","F","B0004","B0004P0440","B0004P0440G0014115","Unassigned","PS 24VDC 2.08A WITH FIG 8 WITH AC CORD","Other/Misc","B0004P0440G0014115","US Camera Profit Center","3000","0097778311","Unassigned","AV Integrators","01","South","U1DXP2","United States","Americas - LLC","3000","Angela Tener",null,"Undefined",null,"Georgia","United States","United States","Georgia","DIRECT","AV CAPTURE & COLLABORATION - CAMERAS","4210","2",{"v":0.7335039298117346,"d":"0.73"},54.71,14.58,1,54.71,"USD",1,54.71]
[1368332108,"01",null,"139844",null,"EDI Invoice","Vaddio","B0004","Online Reseller","010","Unassigned","3000","Undefined","3000","B&H PHOTO - NJF","B&H PHOTO VIDEO - NY (VADDIO)","Americas LLC",7.92,7.92,"02/24/2021","Standard Distribution","01","Unassigned","0040756723","EDI Order","ZEDI","AV CONTENT CAPTURE (VADDIO)",2021,"2021-02",18,"Vaddio","CAMERA MOUNT","WALL","AV","001","535-2020-230","","B&H PHOTO VIDEO - NY (VADDIO)","Vaddio","3002","10001","E","B0004","B0004P0420","B0004P0420G0014060","Unassigned","THIN PROFILE WALL MOUNT HD-SERIES BLACK","Projection Screens","B0004P0420G0014060","US Camera Profit Center","3000","0096836512","Unassigned","AV Integrators","01","NorthEast","U1DXP1","United States","Americas - LLC","3000","John Ruggiero",null,"Undefined",null,"New Jersey","United States","United States","New York","DIRECT","AV CAPTURE & COLLABORATION - CAMERAS","4210","0",{"v":0.9125441696113075,"d":"0.91"},90.56,7.92,1,90.56,"USD",1,90.56]
[1368332109,"01","140798","140798",null,"Invoice","Vaddio","B0004","Dealer","001","Unassigned","3000","Undefined","3000","SUMMIT SOLUTIONZ, INC","SUMMIT SOLUTIONZ, INC","Americas LLC",4.96,4.96,"10/18/2021","Standard Distribution","01","Unassigned","0002758454","Standard Order","TA","AV CONTENT CAPTURE (VADDIO)",2021,"2021-10",2,"Vaddio","Accessories","RACK","AV","001","998-6000-004","","SUMMIT SOLUTIONZ, INC","Vaddio","3002","30339","E","B0004","B0004P0440","B0004P0440G0014120","Unassigned","SINGLE 1/2 RACK MOUNTING KIT","Other/Misc","B0004P0440G0014120","US Camera Profit Center","3000","0097821350","Unassigned","AV Integrators","01","South","U1DXP2","United States","Americas - LLC","3000","Angela Tener",null,"Undefined",null,"Georgia","United States","United States","Georgia","DIRECT","AV CAPTURE & COLLABORATION - CAMERAS","4210","1",{"v":0.9155888359428183,"d":"0.92"},58.76,4.96,1,58.76,"USD",1,58.76]
[1368332110,"01",null,"133711",null,"Invoice","Vaddio","B0004","Dealer","001","PROFESSIONAL SYSTEMS NETWORK INTL","3000","Undefined","3000","DIVERSIFIED - BIRMINGHAM","ONE DIVERSIFIED (GA)","Americas LLC",10.9,10.9,"10/21/2021","Standard Distribution","01","Unassigned","0002761605","Standard Order","TA","AV CONTENT CAPTURE (VADDIO)",2021,"2021-10",1,"Vaddio","Accessories","RACK","AV","001","998-6000-006","","ONE DIVERSIFIED (GA)","Vaddio","3002","30071","E","B0004","B0004P0440","B0004P0440G0014120","Unassigned","DUAL 1/2 RACK MOUNTING KIT","Other/Misc","B0004P0440G0014120","US Camera Profit Center","3000","0097834515","Unassigned","AV Integrators","01","South","U1DXP2","United States","Americas - LLC","3000","Kalee Luke",null,"Undefined",null,"Unassigned","United States","United States","Georgia","DIRECT","AV CAPTURE & COLLABORATION - CAMERAS","4210","1",{"v":0.8703769770484006,"d":"0.87"},84.09,10.9,1,84.09,"USD",1,84.09]
[1368332111,"01",null,"133711",null,"Invoice Repair","Vaddio","B0004","Dealer","001","PROFESSIONAL SYSTEMS NETWORK INTL","3000","Undefined","3000","ENTER ALTERNATE ADDRESS (US)","ONE DIVERSIFIED (GA)","Americas LLC",0,0,"11/08/2021","Standard Distribution","01","Unassigned","0060538680","Undefined","00","AV CONTENT CAPTURE (VADDIO)",2021,"2021-11",0,"Vaddio","Accessories","Power","AV","001","440-1370-148","","ONE DIVERSIFIED (GA)","Vaddio","3002","30071","F","B0004","B0004P0440","B0004P0440G0014115","Unassigned","POWER SUPPLY 48VDC 1.35A ISOLATED","Other/Misc","B0004P0440G0014115","US Camera Profit Center","3000","0004356823","Unassigned","AV Integrators","01","West","U1DXP4","United States","Americas - LLC","3000","Comm So Cal - Shomper/Yates",null,"Undefined",null,"Unassigned","United States","United States","Georgia","DIRECT","AV CAPTURE & COLLABORATION - CAMERAS","4210","1",{"v":0,"d":"0.00"},60.79,0,-1,-60.79,"USD",1,-60.79]
[1368332112,"01","132014","132014",null,"Invoice","Vaddio","B0004","Dealer","001","PROFESSIONAL SYSTEMS NETWORK INTL","3000","Undefined","3000","BAKER AUDIO VISUAL INC.","BAKER AUDIO VISUAL INC.","Americas LLC",4.96,4.96,"11/10/2021","Standard Distribution","01","Unassigned","0002779907","Standard Order","TA","AV CONTENT CAPTURE (VADDIO)",2021,"2021-11",27,"Vaddio","Accessories","RACK","AV","001","998-6000-004","","BAKER AUDIO VISUAL INC.","Vaddio","3002","30071","E","B0004","B0004P0440","B0004P0440G0014120","Unassigned","SINGLE 1/2 RACK MOUNTING KIT","Other/Misc","B0004P0440G0014120","US Camera Profit Center","3000","0097931101","Unassigned","AV Integrators","01","South","U1DXP2","United States","Americas - LLC","3000","Angela Tener",null,"Undefined",null,"Georgia","United States","United States","Georgia","DIRECT","AV CAPTURE & COLLABORATION - CAMERAS","4210","2",{"v":0.9155888359428183,"d":"0.92"},58.76,4.96,1,58.76,"USD",1,58.76]
[1368332113,"01",null,"133711",null,"Invoice","Vaddio","B0004","Dealer","001","PROFESSIONAL SYSTEMS NETWORK INTL","3000","Undefined","3000","ENTER ALTERNATE ADDRESS (US)","ONE DIVERSIFIED (GA)","Americas LLC",10.91,10.91,"11/08/2021","Standard Distribution","01","Unassigned","0002776087","Standard Order","TA","AV CONTENT CAPTURE (VADDIO)",2021,"2021-11",0,"Vaddio","Accessories","RACK","AV","001","998-6000-006","","ONE DIVERSIFIED (GA)","Vaddio","3002","30071","E","B0004","B0004P0440","B0004P0440G0014120","Unassigned","DUAL 1/2 RACK MOUNTING KIT","Other/Misc","B0004P0440G0014120","US Camera Profit Center","3000","0097900743","Unassigned","AV Integrators","01","West","U1DXP4","United States","Americas - LLC","3000","Cynthia Podgurski",null,"Undefined",null,"Unassigned","United States","United States","Georgia","DIRECT","AV CAPTURE & COLLABORATION - CAMERAS","4210","1",{"v":0.8702580568438578,"d":"0.87"},84.09,10.91,1,84.09,"USD",1,84.09]
[1368332114,"01",null,"133711",null,"Invoice","Vaddio","B0004","Dealer","001","PROFESSIONAL SYSTEMS NETWORK INTL","3000","Undefined","3000","ONE DIVERSIFIED - STERLING","ONE DIVERSIFIED (GA)","Americas LLC",10.91,65.48,"11/12/2021","Standard Distribution","01","Unassigned","0002781981","Standard Order","TA","AV CONTENT CAPTURE (VADDIO)",2021,"2021-11",25,"Vaddio","Accessories","RACK","AV","001","998-6000-006","","ONE DIVERSIFIED (GA)","Vaddio","3002","30071","E","B0004","B0004P0440","B0004P0440G0014120","Unassigned","DUAL 1/2 RACK MOUNTING KIT","Other/Misc","B0004P0440G0014120","US Camera Profit Center","3000","0097935933","Unassigned","AV Integrators","01","NorthEast","U1DXP1","United States","Americas - LLC","3000","Geoff Gibbs",null,"Undefined",null,"Unassigned","United States","United States","Georgia","DIRECT","AV CAPTURE & COLLABORATION - CAMERAS","4210","1",{"v":0.2213105006540611,"d":"0.22"},84.09,10.91,6,504.54,"USD",1,504.54]
[1368332137,"01","133857","133857",null,"Invoice","Vaddio","B0004","Dealer","001","Unassigned","3000","Undefined","3000","ONEPATH SYSTEMS LLC","ONEPATH SYSTEMS LLC","Americas LLC",41.39,41.39,"12/01/2021","Standard Distribution","01","Unassigned","0002739173","Standard Order","TA","AV CONTENT CAPTURE (VADDIO)",2021,"2021-12",0,"Vaddio","Accessories","CABLES & CONNECTORS","AV","001","440-0008-026","","ONEPATH SYSTEMS LLC","Vaddio","3002","30144","E","B0004","B0004P0440","B0004P0440G0014105","Unassigned","HDMI CABLE  8 METER (26.2')","Other/Misc","B0004P0440G0014105","US Camera Profit Center","3000","0098030522","Unassigned","AV Integrators","01","South","U1DXP2","United States","Americas - LLC","3000","Angela Tener",null,"Undefined",null,"Georgia","United States","United States","Georgia","DIRECT","AV CAPTURE & COLLABORATION - CAMERAS","4210","2",{"v":0.24346554560409428,"d":"0.24"},54.71,41.39,1,54.71,"USD",1,54.71]
[1368332138,"01",null,"126352",null,"Invoice","Vaddio","B0004","Distributor - National","002","Unassigned","3000","Undefined","3000","GREEN SOURCES PVT LTD.","GREEN SOURCES PVT. LTD.","Americas LLC",43.07,172.29,"02/04/2021","Standard Distribution","01","Unassigned","0002542191","Standard Order","TA","AV CONTENT CAPTURE (VADDIO)",2021,"2021-02",14,"Vaddio","CAMERA MOUNT","INWALL","AV","001","999-2225-118","","GREEN SOURCES PVT. LTD.","Vaddio","3002","400063","E","B0004","B0004P0420","B0004P0420G0014050","Unassigned","IN-WALL ENCLOSURE FOR ROBOSHOT CAMERAS","Projection Screens","B0004P0420G0014050","US Camera Profit Center","3010","0096760973","Unassigned","AV Distribution","08","Undefined","0000000","Undefined","Export","3010","Cm Arnaud Monge",null,"Undefined",null,"Unassigned","India","India","Unassigned","DIRECT","AV CAPTURE & COLLABORATION - CAMERAS","4210","1",{"v":-0.23064285714285715,"d":"-0.23"},140,43.07,4,560,"USD",1,560]
[1368332139,"01","132014","132014",null,"Invoice","Vaddio","B0004","Dealer","001","PROFESSIONAL SYSTEMS NETWORK INTL","3000","Undefined","3000","BAKER AUDIO VISUAL INC.","BAKER AUDIO VISUAL INC.","Americas LLC",5.21,10.42,"12/07/2021","Standard Distribution","01","Unassigned","0002796959","Standard Order","TA","AV CONTENT CAPTURE (VADDIO)",2021,"2021-12",0,"Vaddio","Accessories","RACK","AV","001","998-6000-004","","BAKER AUDIO VISUAL INC.","Vaddio","3002","30071","E","B0004","B0004P0440","B0004P0440G0014120","Unassigned","SINGLE 1/2 RACK MOUNTING KIT","Other/Misc","B0004P0440G0014120","US Camera Profit Center","3000","0098044591","Unassigned","AV Integrators","01","South","U1DXP2","United States","Americas - LLC","3000","Angela Tener",null,"Undefined",null,"Georgia","United States","United States","Georgia","DIRECT","AV CAPTURE & COLLABORATION - CAMERAS","4210","2",{"v":0.8226684819605173,"d":"0.82"},58.76,5.21,2,117.52,"USD",1,117.52]
[1368332140,"01",null,"132014",null,"Invoice","Vaddio","B0004","Dealer","001","PROFESSIONAL SYSTEMS NETWORK INTL","3000","Undefined","3000","BAKER ENTERTAINMENT INTEGRATOR","BAKER AUDIO VISUAL INC.","Americas LLC",5.21,5.21,"12/07/2021","Standard Distribution","01","Unassigned","0002796894","Standard Order","TA","AV CONTENT CAPTURE (VADDIO)",2021,"2021-12",0,"Vaddio","Accessories","RACK","AV","001","998-6000-004","","BAKER AUDIO VISUAL INC.","Vaddio","3002","30071","E","B0004","B0004P0440","B0004P0440G0014120","Unassigned","SINGLE 1/2 RACK MOUNTING KIT","Other/Misc","B0004P0440G0014120","US Camera Profit Center","3000","0098044590","Unassigned","AV Integrators","01","South","U1DXP2","United States","Americas - LLC","3000","Angela Tener",null,"Undefined",null,"Georgia","United States","United States","Georgia","DIRECT","AV CAPTURE & COLLABORATION - CAMERAS","4210","2",{"v":0.9113342409802587,"d":"0.91"},58.76,5.21,1,58.76,"USD",1,58.76]
[1368332141,"01",null,"133711",null,"Invoice","Vaddio","B0004","Dealer","001","PROFESSIONAL SYSTEMS NETWORK INTL","3000","Undefined","3000","ONE DIVERSIFIED LLC","ONE DIVERSIFIED (GA)","Americas LLC",5.21,10.42,"12/01/2021","Standard Distribution","01","Unassigned","0002795947","Standard Order","TA","AV CONTENT CAPTURE (VADDIO)",2021,"2021-12",0,"Vaddio","Accessories","RACK","AV","001","998-6000-004","","ONE DIVERSIFIED (GA)","Vaddio","3002","30071","E","B0004","B0004P0440","B0004P0440G0014120","Unassigned","SINGLE 1/2 RACK MOUNTING KIT","Other/Misc","B0004P0440G0014120","US Camera Profit Center","3000","0098030477","Unassigned","AV Integrators","01","NorthEast","U1DXP1","United States","Americas - LLC","3000","Bryan Torino",null,"Undefined",null,"New Jersey","United States","United States","Georgia","DIRECT","AV CAPTURE & COLLABORATION - CAMERAS","4210","1",{"v":0.8226684819605173,"d":"0.82"},58.76,5.21,2,117.52,"USD",1,117.52]
[1368332142,"01",null,"138589",null,"Invoice","Vaddio","B0004","Dealer","001","Unassigned","3000","Undefined","3000","AUDIO VISUAL ENVIRONMENTS","AUDIO VISUAL ENVIRONMENTS","Americas LLC",4.6,4.6,"02/22/2021","Standard Distribution","01","Unassigned","0002557506","Standard Order","TA","AV CONTENT CAPTURE (VADDIO)",2021,"2021-02",0,"Vaddio","Accessories","RACK","AV","001","998-6000-004","","AUDIO VISUAL ENVIRONMENTS","Vaddio","3002","05468","E","B0004","B0004P0440","B0004P0440G0014120","Unassigned","SINGLE 1/2 RACK MOUNTING KIT","Other/Misc","B0004P0440G0014120","US Camera Profit Center","3000","0096831266","Unassigned","AV Integrators","01","NorthEast","U1DXP1","United States","Americas - LLC","3000","Peter Brady",null,"Undefined",null,"Unassigned","United States","United States","Unassigned","DIRECT","AV CAPTURE & COLLABORATION - CAMERAS","4210","2",{"v":0.9185552407932012,"d":"0.92"},56.48,4.6,1,56.48,"USD",1,56.48]
[1368332143,"01",null,"133273",null,"Invoice","Vaddio","B0004","Dealer","001","USAV BUYING GROUP","3000","Undefined","3000","RED THREAD - WILMINGTON","RED THREAD SPACES LLC","Americas LLC",4.58,4.58,"05/24/2021","Standard Distribution","01","Unassigned","0002635398","Standard Order","TA","AV CONTENT CAPTURE (VADDIO)",2021,"2021-05",0,"Vaddio","Accessories","RACK","AV","001","998-6000-004","","RED THREAD SPACES LLC","Vaddio","3002","01752","E","B0004","B0004P0440","B0004P0440G0014120","Unassigned","SINGLE 1/2 RACK MOUNTING KIT","Other/Misc","B0004P0440G0014120","US Camera Profit Center","3000","0097194366","Unassigned","AV Integrators","01","NorthEast","U1DXP1","United States","Americas - LLC","3000","Peter Brady",null,"Undefined",null,"Unassigned","United States","United States","Unassigned","DIRECT","AV CAPTURE & COLLABORATION - CAMERAS","4210","1",{"v":0.9204999132095122,"d":"0.92"},57.61,4.58,1,57.61,"USD",1,57.61]
[1368332144,"01","133623","133623",null,"Invoice","Vaddio","B0004","Dealer","001","Unassigned","3000","Undefined","3000","DGI TECHNOLOGIES","DGI TECHNOLOGIES","Americas LLC",4.61,4.61,"05/17/2021","Standard Distribution","01","Unassigned","0002629717","Standard Order","TA","AV CONTENT CAPTURE (VADDIO)",2021,"2021-05",0,"Vaddio","Accessories","RACK","AV","001","998-6000-004","","DGI TECHNOLOGIES","Vaddio","3002","01862","E","B0004","B0004P0440","B0004P0440G0014120","Unassigned","SINGLE 1/2 RACK MOUNTING KIT","Other/Misc","B0004P0440G0014120","US Camera Profit Center","3000","0097174486","Unassigned","AV Integrators","01","NorthEast","U1DXP1","United States","Americas - LLC","3000","Peter Brady",null,"Undefined",null,"Unassigned","United States","United States","Unassigned","DIRECT","AV CAPTURE & COLLABORATION - CAMERAS","4210","1",{"v":0.9183781869688386,"d":"0.92"},56.48,4.61,1,56.48,"USD",1,56.48]
[1368332145,"01","133137","133137",null,"Invoice","Vaddio","B0004","Dealer","001","Unassigned","3000","Undefined","3000","MULTI-MEDIA SPECIALISTS INC.","MULTI-MEDIA SPECIALISTS INC.","Americas LLC",10.32,20.63,"06/07/2021","Standard Distribution","01","Unassigned","0002644815","Standard Order","TA","AV CONTENT CAPTURE (VADDIO)",2021,"2021-06",0,"Vaddio","Accessories","RACK","AV","001","998-6000-006","","MULTI-MEDIA SPECIALISTS INC.","Vaddio","3002","03109","E","B0004","B0004P0440","B0004P0440G0014120","Unassigned","DUAL 1/2 RACK MOUNTING KIT","Other/Misc","B0004P0440G0014120","US Camera Profit Center","3000","0097247852","Unassigned","AV Integrators","01","NorthEast","U1DXP1","United States","Americas - LLC","3000","Peter Brady",null,"Undefined",null,"Unassigned","United States","United States","Unassigned","DIRECT","AV CAPTURE & COLLABORATION - CAMERAS","4210","3",{"v":0.749757399320718,"d":"0.75"},82.44,10.32,2,164.88,"USD",1,164.88]
[1368332146,"01",null,"133623",null,"Invoice","Vaddio","B0004","Dealer","001","Unassigned","3000","Undefined","3000","ENTER ALTERNATE ADDRESS (US)","DGI TECHNOLOGIES","Americas LLC",212.84,212.84,"06/30/2021","Standard Distribution","01","Unassigned","0002670530","Standard Order","TA","AV CONTENT CAPTURE (VADDIO)",2021,"2021-06",0,"Vaddio","Accessories","CABLES & CONNECTORS","AV","001","999-1005-052","","DGI TECHNOLOGIES","Vaddio","3002","01862","E","B0004","B0004P0440","B0004P0440G0014105","Unassigned","EXTREME USB 2.0 EXTENDER NA","Other/Misc","B0004P0440G0014105","US Camera Profit Center","3000","0097329945","Unassigned","AV Integrators","01","NorthEast","U1DXP1","United States","Americas - LLC","3000","Peter Brady",null,"Undefined",null,"Unassigned","United States","United States","Unassigned","DIRECT","AV CAPTURE & COLLABORATION - CAMERAS","4210","1",{"v":0.5004928420558554,"d":"0.50"},426.1,212.84,1,426.1,"USD",1,426.1]
[1368346675,"01","138037","138037",null,"Invoice","Vaddio","B0004","Dealer","001","Unassigned","3000","Undefined","3000","C3EL -COMMAND & CONTROL COMMUN.","C3EL -COMMAND & CONTROL COMMUN.","Americas LLC",971.88,1943.76,"07/29/2021","Standard Distribution","01","Unassigned","0002691580","Standard Order","TA","AV CONTENT CAPTURE (VADDIO)",2021,"2021-07",0,"Vaddio","PTZ CAMERA","NATIVE","AV","001","999-99600-000W","","C3EL -COMMAND & CONTROL COMMUN.","Vaddio","3002","33619","E","B0004","B0004P0400","B0004P0400G0014005","Unassigned","ROBOSHOT 12E HDBT WHT","Projection Screens","B0004P0400G0014005","US Camera Profit Center","3000","0097480549","Unassigned","AV Integrators","01","South","U1DXP2","United States","Americas - LLC","3000","Keri Manasa",null,"Undefined",null,"Unassigned","United States","United States","Unassigned","DIRECT","AV CAPTURE & COLLABORATION - CAMERAS","4210","2",{"v":0.28435624608814103,"d":"0.28"},2716.1,971.88,2,5432.2,"USD",1,5432.2]
[1368386763,"01",null,"107518",null,"Invoice","Vaddio","B0004","Distributor - National","002","Unassigned","5000","Undefined","3000","MIDWICH LTD","MIDWICH LIMITED","Europe BV",795.57,795.57,"11/18/2021","Standard Distribution","01","Unassigned","0002784017","Standard Order","TA","AV CONTENT CAPTURE (VADDIO)",2021,"2021-11",0,"Vaddio","CONFERENCE","CAMERA","AV","001","999-9990-001W","","MIDWICH LIMITED","Weert","5050","IP22 4YT","X","B0004","B0004P0435","B0004P0435G0014105","Unassigned","CONFERENCESHOT 10 SYSTEM INT WHITE","Projection Screens","B0004P0435G0014105","Europe Camera Profit Center","5000","0800355091","Unassigned","AV Distribution","08","UK/Ireland","E1DXX4","Europe, the Middle East, and Africa","Europe - BV","5000","Cm Marcus Bond",null,"Undefined",null,"Undefined","United Kingdom","United Kingdom","Undefined","DIRECT","AV CAPTURE & COLLABORATION - CAMERAS","4210","1",{"v":0.38938521759152656,"d":"0.39"},1302.9,795.57,1,1302.9,"EUR",0.86014,1120.68]
[1368449254,"01","151008","151008",null,"Invoice","Vaddio","B0004","Dealer","001","Unassigned","3000","Undefined","3000","VERSALIGN, INC","VERSALIGN, INC","Americas LLC",155.12,1085.84,"08/30/2021","Standard Distribution","01","Unassigned","0002717875","Standard Order","TA","AV CONFERENCING (VADDIO)",2021,"2021-08",62,"Vaddio","CONFERENCE","AUDIO","AV","001","999-8565-000","","VERSALIGN, INC","Vaddio","3002","19801","E","B0004","B0004P0435","B0004P0435G0014090","Unassigned","EASYTALK SOUND BAR","Projection Screens","B0004P0435G0014090","US Camera Profit Center","3000","0097606288","Unassigned","AV Integrators","01","NorthEast","U1DXP1","United States","Americas - LLC","3000","Alexandra  Trop",null,"Undefined",null,"Delaware","United States","United States","Delaware","DIRECT","AV CAPTURE & COLLABORATION - CAMERAS","4210","3",{"v":-3.392378949071639,"d":"-3.39"},247.21,155.12,7,1730.47,"USD",1,1730.47]
[1368449962,"01",null,"139841",null,"EDI Invoice","Vaddio","B0004","Distributor - National","002","Unassigned","3000","Undefined","3000","ENTER ALTERNATE ADDRESS (US)","EXERTIS (VADDIO)","Americas LLC",5.84,5.84,"06/25/2021","Standard Distribution","01","STAMPEDE","0040843322","EDI Order","ZEDI","AV CONTENT CAPTURE (VADDIO)",2021,"2021-06",0,"Vaddio","Accessories","RACK","AV","001","998-6000-005","STAMPEDE PRESENTATION","STAMPEDE PRESENTATION","Vaddio","3002","14228","E","B0004","B0004P0440","B0004P0440G0014120","Unassigned","UNDER TABLE MOUNTING BRACKET","Other/Misc","B0004P0440G0014120","US Camera Profit Center","3000","0097316752","Unassigned","AV Distribution","08","US - Channel Sales","U1DXC1","United States","Americas - LLC","3000","Patrick Mead",null,"Undefined",null,"Unassigned","United States","United States","New York","DIRECT","AV CAPTURE & COLLABORATION - CAMERAS","4210","0",{"v":0.7912794853466762,"d":"0.79"},27.98,5.84,1,27.98,"USD",1,27.98]
[1368456214,"01",null,"139842",null,"Invoice Repair","Vaddio","B0004","Distributor - National","002","Unassigned","3000","Undefined","3000","ENTER ALTERNATE ADDRESS (US)","ALMO DISTRIBUTING PA INC (VADDIO)","Americas LLC",0,0,"01/19/2021","Standard Distribution","01","ALMO","0065106204","Undefined","00","AV CONTENT CAPTURE (VADDIO)",2021,"2021-01",0,"Vaddio","SERVICE","ADV_REPL","AV","001","ADV_REPL","","ALMO DISTRIBUTING PA INC (VADDIO)","Vaddio","3002","19154","U","B0004","B0004P0445","B0004P0445G0014155","Unassigned","Advanced Replacement","Other/Misc","B0004P0445G0014155","US Camera Profit Center","3000","0004064849","Unassigned","AV Distribution","08","US - Channel Sales","U1DXC1","United States","Americas - LLC","3000","Patrick Mead",null,"Undefined",null,"Unassigned","United States","United States","Unassigned","DIRECT","AV CAPTURE & COLLABORATION - CAMERAS","4210","0",{"v":0,"d":"0.00"},1295.64,0,-2,-2591.28,"USD",1,-2591.28]
[1368460360,"01","139825","139825",null,"Invoice","Vaddio","B0004","Distributor - National","002","Unassigned","5000","Undefined","3000","PRODYTEL DISTRIBUTION GMBH","PRODYTEL DISTRIBUTION GMBH","Europe BV",764.2,1528.39,"12/27/2021","Standard Distribution","01","Unassigned","0002813793","Standard Order","TA","AV CONFERENCING (VADDIO)",2021,"2021-12",0,"Vaddio","CONFERENCE","ROOM SYSTEM","AV","001","999-30200-000W","","PRODYTEL DISTRIBUTION GMBH","Weert","5050","90547","X","B0004","B0004P0435","B0004P0435G0014100","Unassigned","EasyIP 10 Camera White","Projection Screens","B0004P0435G0014100","Europe Camera Profit Center","5000","0800364449","Unassigned","AV Distribution","08","GAS","E1DXX8","Europe, the Middle East, and Africa","Europe - BV","5000","Cm Simone Freund",null,"Undefined",null,"Undefined","Germany","Germany","Undefined","DIRECT","AV CAPTURE & COLLABORATION - CAMERAS","4210","2",{"v":0.16985405543395005,"d":"0.17"},1841.11,764.2,2,3682.22,"EUR",0.87982,3239.69]
[1368460864,"01",null,"153742",null,"Invoice Repair","Vaddio","B0004","Dealer","001","Unassigned","3000","Undefined","3000","AUDIO VISUAL CONCEPTS - CAGUAS","AUDIO VISUAL CONCEPTS - PUERTO RICO","Americas LLC",0,0,"03/24/2021","Standard Distribution","01","Unassigned","0065106687","Undefined","00","AV CONTENT CAPTURE (VADDIO)",2021,"2021-03",0,"Vaddio","SERVICE","ADV_REPL","AV","001","ADV_REPL","","AUDIO VISUAL CONCEPTS - USE 153742","Vaddio","3002","00970","U","B0004","B0004P0445","B0004P0445G0014155","Unassigned","Advanced Replacement","Other/Misc","B0004P0445G0014155","US Camera Profit Center","3010","0004125343","Unassigned","AV Integrators","01","Latin Am","U1IXX3","Mexico and Latin America","Export","3010","Andres Garrido",null,"Undefined",null,"Undefined","Puerto Rico","Puerto Rico","Undefined","DIRECT","AV CAPTURE & COLLABORATION - CAMERAS","4210","1",{"v":0,"d":"0.00"},1122.56,0,1,1122.56,"USD",1,1122.56]
[1368460885,"01",null,"131672",null,"Invoice Repair","Vaddio","B0004","Dealer","001","Unassigned","3000","Undefined","3000","ENTER ALTERNATE ADDRESS (US)","AVI-SPL LLC","Americas LLC",0,0,"01/06/2021","Standard Distribution","01","Unassigned","0065105945","Undefined","00","AV CONTENT CAPTURE (VADDIO)",2021,"2021-01",0,"Vaddio","SERVICE","ADV_REPL","AV","001","ADV_REPL","AVI-SPL","AVI-SPL","Vaddio","3002","33634","U","B0004","B0004P0445","B0004P0445G0014155","Unassigned","Advanced Replacement","Other/Misc","B0004P0445G0014155","US Camera Profit Center","3000","0004049398","Unassigned","AV Integrators","01","South","U1DXP2","United States","Americas - LLC","3000","Angela Tener",null,"Undefined",null,"Georgia","United States","United States","Unassigned","DIRECT","AV CAPTURE & COLLABORATION - CAMERAS","4210","1",{"v":0,"d":"0.00"},1724.68,0,-1,-1724.68,"USD",1,-1724.68]
[1368490844,"01",null,"139842",null,"Invoice","Vaddio","B0004","Distributor - National","002","Unassigned","3000","Undefined","3000","ENTER ALTERNATE ADDRESS (US)","ALMO DISTRIBUTING PA INC (VADDIO)","Americas LLC",824.35,4121.74,"11/19/2021","Standard Distribution","01","ALMO","0002784368","Standard Order","TA","AV CONTENT CAPTURE (VADDIO)",2021,"2021-11",32,"Vaddio","PTZ CAMERA","EXTENSION KIT","AV","001","999-99000-500","","ALMO DISTRIBUTING PA INC (VADDIO)","Vaddio","3002","19154","E","B0004","B0004P0400","B0004P0400G0014000","Unassigned","ROBOSHOT 12E AVBMP","Projection Screens","B0004P0400G0014000","US Camera Profit Center","3000","0097961243","Unassigned","AV Distribution","08","US - Channel Sales","U1DXC1","United States","Americas - LLC","3000","Patrick Mead",null,"Undefined",null,"Unassigned","United States","United States","Unassigned","DIRECT","AV CAPTURE & COLLABORATION - CAMERAS","4210","0",{"v":-0.6047514853258371,"d":"-0.60"},2568.46,824.35,5,12842.3,"USD",1,12842.3]
[1368507840,"01","139825","139825",null,"Invoice","Vaddio","B0004","Distributor - National","002","Unassigned","5000","Undefined","3000","PRODYTEL DISTRIBUTION GMBH","PRODYTEL DISTRIBUTION GMBH","Europe BV",625.59,1251.17,"12/27/2021","Standard Distribution","01","Unassigned","0002813547","Standard Order","TA","AV CONFERENCING (VADDIO)",2021,"2021-12",0,"Vaddio","CONFERENCE","ROOM SYSTEM","AV","001","999-60320-000","","PRODYTEL DISTRIBUTION GMBH","Weert","5050","90547","X","B0004","B0004P0435","B0004P0435G0014100","Unassigned","EasyIP Mixer System Global","Projection Screens","B0004P0435G0014100","Europe Camera Profit Center","5000","0800364450","Unassigned","AV Distribution","08","GAS","E1DXX8","Europe, the Middle East, and Africa","Europe - BV","5000","Cm Simone Freund",null,"Undefined",null,"Undefined","Germany","Germany","Undefined","DIRECT","AV CAPTURE & COLLABORATION - CAMERAS","4210","2",{"v":0.21177700919153541,"d":"0.21"},1587.33,625.59,2,3174.66,"EUR",0.87982,2793.13]
[1368574984,"01",null,"139844",null,"EDI Invoice","Vaddio","B0004","Online Reseller","010","Unassigned","3000","Undefined","3000","B&H PHOTO - NJF","B&H PHOTO VIDEO - NY (VADDIO)","Americas LLC",342.43,342.43,"03/19/2021","Standard Distribution","01","Unassigned","0040774224","EDI Order","ZEDI","AV CONTENT CAPTURE (VADDIO)",2021,"2021-03",0,"Vaddio","PTZ CAMERA","EXTENSION KIT","AV","001","999-1105-043","","B&H PHOTO VIDEO - NY (VADDIO)","Vaddio","3002","10001","E","B0004","B0004P0400","B0004P0400G0014000","Unassigned","ONELINK HDMI INTERFACE STAND ALONE N/A","Projection Screens","B0004P0400G0014000","US Camera Profit Center","3000","0096936765","Unassigned","AV Integrators","01","NorthEast","U1DXP1","United States","Americas - LLC","3000","John Ruggiero",null,"Undefined",null,"New Jersey","United States","United States","New York","DIRECT","AV CAPTURE & COLLABORATION - CAMERAS","4210","0",{"v":0.650784747646777,"d":"0.65"},980.57,342.43,1,980.57,"USD",1,980.57]
[1368575065,"01",null,"131671",null,"Invoice","Vaddio","B0004","Dealer","001","Unassigned","3000","Undefined","3000","AVI SYSTEMS - FREMONT","AVI SYSTEMS, INC","Americas LLC",879.88,1759.76,"01/13/2021","Standard Distribution","01","Unassigned","0002514731","Standard Order","TA","AV CONTENT CAPTURE (VADDIO)",2021,"2021-01",20,"Vaddio","PTZ CAMERA","NATIVE","AV","001","999-99630-000W","AVI SYSTEMS, INC","AVI SYSTEMS, INC","Vaddio","3002","66214","E","B0004","B0004P0400","B0004P0400G0014005","Unassigned","ROBOSHOT 30E HDBT WHT","Projection Screens","B0004P0400G0014005","US Camera Profit Center","3000","0096648442","Unassigned","AV Integrators","01","West","U1DXP4","United States","Americas - LLC","3000","Cynthia Podgurski",null,"Undefined",null,"Unassigned","United States","United States","Kansas","DIRECT","AV CAPTURE & COLLABORATION - CAMERAS","4210","1",{"v":0.4045470387401745,"d":"0.40"},2955.33,879.88,2,5910.66,"USD",1,5910.66]
[1368586637,"01",null,"115233",null,"Invoice","Vaddio","B0004","Dealer","001","Unassigned","3200","Undefined","3000","MATRIX VIDEO COMMUNICATIONS CORP","MATRIX VIDEO COMMUNICATIONS CORP.","Canada ULC",182.23,364.46,"08/18/2021","Standard Distribution","01","Unassigned","0002709292","Standard Order","TA","AV CONTENT CAPTURE (VADDIO)",2021,"2021-08",250,"Vaddio","CAMERA MOUNT","CEILING","AV","001","535-2000-291","","MATRIX VIDEO COMMUNICATIONS CORP.","Vaddio","3002","T3K 5Y8","E","B0004","B0004P0420","B0004P0420G0014055","Unassigned","DROP DN MT FOR SMALL PTZ CAMERAS - LONG","Projection Screens","B0004P0420G0014055","Canada Camera Profit Center","3200","0097548490","Unassigned","AV Integrators","01","West","C1XXP4","Canada","Canada - ULC","3200","Chris Lavallee",null,"Undefined",null,"Ontario","Canada","Canada","Alberta","DIRECT","AV CAPTURE & COLLABORATION - CAMERAS","4210","1",{"v":-0.44931801010060846,"d":"-0.45"},251.47,182.23,2,502.94,"CAD",1.24386,625.59]
[1368590868,"01","134213","134213",null,"Invoice","Vaddio","B0004","Dealer","001","Unassigned","3000","Undefined","3000","PHANTOM SOUND & VIDEO","PHANTOM SOUND & VIDEO","Americas LLC",804.82,804.82,"04/20/2021","Standard Distribution","01","Unassigned","0002606319","Standard Order","TA","AV CONFERENCING (VADDIO)",2021,"2021-04",18,"Vaddio","CONFERENCE","ROOM SYSTEM","AV","001","999-50707-000","","PHANTOM SOUND & VIDEO","Vaddio","3002","19808","E","B0004","B0004P0435","B0004P0435G0014100","Unassigned","HuddleSHOT BLACK","Projection Screens","B0004P0435G0014100","US Camera Profit Center","3000","0097060891","Unassigned","AV Integrators","01","NorthEast","U1DXP1","United States","Americas - LLC","3000","Alexandra  Trop",null,"Undefined",null,"Delaware","United States","United States","Delaware","DIRECT","AV CAPTURE & COLLABORATION - CAMERAS","4210","4",{"v":0.3106643940626793,"d":"0.31"},1167.53,804.82,1,1167.53,"USD",1,1167.53]
[1368592922,"01","131686","131686",null,"Invoice Repair","Vaddio","B0004","Dealer","001","PROFESSIONAL SYSTEMS NETWORK INTL","3000","Undefined","3000","ALPHA VIDEO AND AUDIO","ALPHA VIDEO AND AUDIO","Americas LLC",0,0,"02/24/2021","Standard Distribution","01","Unassigned","0065106262","Undefined","00","AV CONTENT CAPTURE (VADDIO)",2021,"2021-02",0,"Vaddio","SERVICE","ADV_REPL","AV","001","ADV_REPL","","ALPHA VIDEO AND AUDIO","Vaddio","3002","55344","U","B0004","B0004P0445","B0004P0445G0014155","Unassigned","Advanced Replacement","Other/Misc","B0004P0445G0014155","US Camera Profit Center","3000","0004095449","Unassigned","AV Integrators","01","MidWest","U1DXP3","United States","Americas - LLC","3000","Kristin Dacey",null,"Undefined",null,"North Dakota","United States","United States","Unassigned","DIRECT","AV CAPTURE & COLLABORATION - CAMERAS","4210","2",{"v":0,"d":"0.00"},1571.25,0,-2,-3142.5,"USD",1,-3142.5]
[1368640934,"01","141694","141694",null,"Invoice","Vaddio","B0004","Dealer","001","Unassigned","3000","Undefined","3000","EMBASSY HOLDINGS","EMBASSY HOLDINGS","Americas LLC",690.62,690.62,"03/29/2021","Standard Distribution","01","Unassigned","0002586553","Standard Order","TA","AV CONTENT CAPTURE (VADDIO)",2021,"2021-03",13,"Vaddio","CONFERENCE","CAMERA","AV","001","999-9990-000B","","EMBASSY HOLDINGS","Vaddio","3002","89104","E","B0004","B0004P0435","B0004P0435G0014105","Unassigned","CONFERENCESHOT 10 SYSTEM","Projection Screens","B0004P0435G0014105","US Camera Profit Center","3000","0096958662","Unassigned","AV Integrators","01","West","U1DXP4","United States","Americas - LLC","3000","Stephanie Shomper",null,"Undefined",null,"Nevada","United States","United States","Nevada","DIRECT","AV CAPTURE & COLLABORATION - CAMERAS","4210","4",{"v":0.47307865442865105,"d":"0.47"},1310.67,690.62,1,1310.67,"USD",1,1310.67]
[1368643490,"01",null,"133711",null,"Invoice","Vaddio","B0004","Dealer","001","PROFESSIONAL SYSTEMS NETWORK INTL","3000","Undefined","3000","ENTER ALTERNATE ADDRESS (US)","ONE DIVERSIFIED (GA)","Americas LLC",1221.98,1221.98,"04/22/2021","Standard Distribution","01","Unassigned","0002607017","Standard Order","TA","AV CONTENT CAPTURE (VADDIO)",2021,"2021-04",18,"Vaddio","PTZ CAMERA","EXTENSION KIT","AV","001","999-99600-100W","","ONE DIVERSIFIED (GA)","Vaddio","3002","30071","E","B0004","B0004P0400","B0004P0400G0014000","Unassigned","RoboSHOT 12E OneLINK HDMI SYS WHT","Projection Screens","B0004P0400G0014000","US Camera Profit Center","3000","0097066602","Unassigned","AV Integrators","01","South","U1DXP2","United States","Americas - LLC","3000","Brian Mungo",null,"Undefined",null,"Unassigned","United States","United States","Georgia","DIRECT","AV CAPTURE & COLLABORATION - CAMERAS","4210","1",{"v":0.6440945524022554,"d":"0.64"},3433.44,1221.98,1,3433.44,"USD",1,3433.44]
[1368652716,"01",null,"132145",null,"Invoice","Vaddio","B0004","Dealer","001","Unassigned","3000","Undefined","3000","ENTER ALTERNATE ADDRESS (US)","CTSI CORBETT TECHNOLOGY SOLUTIONS","Americas LLC",90.09,540.51,"11/17/2021","Standard Distribution","01","Unassigned","0002780720","Standard Order","TA","AV CONTENT CAPTURE (VADDIO)",2021,"2021-11",60,"Vaddio","CAMERA MOUNT","CEILING","AV","001","535-2000-296","","CTSI CORBETT TECHNOLOGY SOLUTIONS","Vaddio","3002","20151","E","B0004","B0004P0420","B0004P0420G0014055","Unassigned","OFF-SET DROP DN MT FOR HD SERIES CAMERAS","Projection Screens","B0004P0420G0014055","US Camera Profit Center","3000","0097953548","Unassigned","AV Integrators","01","NorthEast","U1DXP1","United States","Americas - LLC","3000","Geoff Gibbs",null,"Undefined",null,"North Carolina","United States","United States","Unassigned","DIRECT","AV CAPTURE & COLLABORATION - CAMERAS","4210","1",{"v":-1.1505132489854382,"d":"-1.15"},251.34,90.09,6,1508.04,"USD",1,1508.04]
[1368709388,"01",null,"139819",null,"Invoice","Vaddio","B0004","Distributor - National","002","Unassigned","3000","Undefined","3000","ENTER ALTERNATE ADDRESS (US)","AB DISTRIBUTING INC (VADDIO)","Americas LLC",559.93,1679.79,"06/24/2021","Standard Distribution","01","AB","0002652848","Standard Order","TA","AV CONFERENCING (VADDIO)",2021,"2021-06",0,"Vaddio","CONFERENCE","ROOM SYSTEM","IT/DMR","002","999-60320-000","AB DISTRIBUTING","AB DISTRIBUTING","Vaddio","3002","60004","E","B0004","B0004P0435","B0004P0435G0014100","Unassigned","EasyIP Mixer System Global","Projection Screens","B0004P0435G0014100","US Camera Profit Center","3000","0097314115","Unassigned","IT Distribution","12","US - Channel Sales","U1DXC1","United States","Americas - LLC","3000","Jack Gerts",null,"Undefined",null,"Unassigned","United States","United States","Illinois","DIRECT","AV CAPTURE & COLLABORATION - CAMERAS","4210","0",{"v":-0.1910363311494938,"d":"-0.19"},1410.36,559.93,3,4231.08,"USD",1,4231.08]
[1368710591,"01",null,"132133",null,"Invoice","Vaddio","B0004","Dealer","001","Unassigned","3000","Undefined","3000","CCS PRESENTATION SYSTEMS","CCS PRESENTATION SYS.- NV","Americas LLC",1179.75,1179.75,"04/20/2021","Standard Distribution","01","Unassigned","0002605946","Standard Order","TA","AV CONTENT CAPTURE (VADDIO)",2021,"2021-04",18,"Vaddio","PTZ CAMERA","EXTENSION KIT","AV","001","999-99630-100W","CCS PRESENTATION-ALL OFFICES","CCS PRESENTATION-ALL OFFICES","Vaddio","3002","89146","E","B0004","B0004P0400","B0004P0400G0014000","Unassigned","RoboSHOT 30E OneLINK HDMI SYS WHT","Projection Screens","B0004P0400G0014000","US Camera Profit Center","3000","0097060318","Unassigned","AV Integrators","01","West","U1DXP4","United States","Americas - LLC","3000","Stephanie Shomper",null,"Undefined",null,"Nevada","United States","United States","Nevada","DIRECT","AV CAPTURE & COLLABORATION - CAMERAS","4210","2",{"v":0.6820072291299977,"d":"0.68"},3709.99,1179.75,1,3709.99,"USD",1,3709.99]
[1368719776,"01",null,"139845",null,"Invoice","Vaddio","B0004","Distributor - National","002","Unassigned","3000","Undefined","3000","HERMAN - ATLANTA","HERMAN PRO AV","Americas LLC",100.57,100.57,"10/07/2021","Standard Distribution","01","HERMAN","0002750716","Standard Order","TA","AV CONTENT CAPTURE (VADDIO)",2021,"2021-10",0,"Vaddio","CAM EXTENSIONS","EXT CABLES","AV","001","440-1007-015","","HERMAN PRO AV","Vaddio","3002","33025","F","B0004","B0004P0415","B0004P0415G0014040","Unassigned","ACTIVEOPTICAL C/A USB 3.0/2.0 PLENUM 15M","Projection Screens","B0004P0415G0014040","US Camera Profit Center","3000","0097776285","Unassigned","AV Distribution","08","US - Channel Sales","U1DXC1","United States","Americas - LLC","3000","Patrick Mead",null,"Undefined",null,"Georgia","United States","United States","Unassigned","DIRECT","AV CAPTURE & COLLABORATION - CAMERAS","4210","0",{"v":0.7436204654957045,"d":"0.74"},392.27,100.57,1,392.27,"USD",1,392.27]
[1368730133,"01",null,"139842",null,"Invoice","Vaddio","B0004","Distributor - National","002","Unassigned","3000","Undefined","3000","ENTER ALTERNATE ADDRESS (US)","ALMO DISTRIBUTING PA INC (VADDIO)","Americas LLC",669.59,669.59,"02/11/2021","Standard Distribution","01","ALMO","0002549332","Standard Order","TA","AV CONFERENCING (VADDIO)",2021,"2021-02",9,"Vaddio","CONFERENCE","ROOM SYSTEM","AV","001","999-9995-000W","","ALMO DISTRIBUTING PA INC (VADDIO)","Vaddio","3002","19154","E","B0004","B0004P0435","B0004P0435G0014100","Unassigned","CONFERENCESHOT AV CAMERA WHITE","Projection Screens","B0004P0435G0014100","US Camera Profit Center","3000","0096780639","Unassigned","AV Distribution","08","US - Channel Sales","U1DXC1","United States","Americas - LLC","3000","Patrick Mead",null,"Undefined",null,"Unassigned","United States","United States","Unassigned","DIRECT","AV CAPTURE & COLLABORATION - CAMERAS","4210","0",{"v":0.49291924148794375,"d":"0.49"},1320.48,669.59,1,1320.48,"USD",1,1320.48]
[1368770400,"01",null,"139845",null,"Invoice","Vaddio","B0004","Distributor - National","002","Unassigned","3000","Undefined","3000","ENTER ALTERNATE ADDRESS (US)","HERMAN PRO AV","Americas LLC",810.48,810.48,"09/07/2021","Standard Distribution","01","HERMAN","0002724379","Standard Order","TA","AV CONFERENCING (VADDIO)",2021,"2021-09",27,"Vaddio","CONFERENCE","AUDIO KIT","AV","001","999-88100-000","","HERMAN PRO AV","Vaddio","3002","33025","E","B0004","B0004P0435","B0004P0435G0014095","Unassigned","EasyUSB MicPOD I/O w/Four C-MICs N/A","Projection Screens","B0004P0435G0014095","US Camera Profit Center","3000","0097652577","Unassigned","AV Distribution","08","US - Channel Sales","U1DXC1","United States","Americas - LLC","3000","Patrick Mead",null,"Undefined",null,"Unassigned","United States","United States","Unassigned","DIRECT","AV CAPTURE & COLLABORATION - CAMERAS","4210","0",{"v":0.6173840793859111,"d":"0.62"},2118.26,810.48,1,2118.26,"USD",1,2118.26]
[1368834377,"01",null,"132294",null,"Invoice Repair","Vaddio","B0004","Dealer","001","Unassigned","3000","Undefined","3000","ENTER ALTERNATE ADDRESS (US)","TRITECH COMMUNICATIONS","Americas LLC",0,0,"11/04/2021","Standard Distribution","01","Unassigned","0065107783","Undefined","00","AV CONTENT CAPTURE (VADDIO)",2021,"2021-11",0,"Vaddio","SERVICE","ADV_REPL","AV","001","ADV_REPL","","TRITECH COMMUNICATIONS","Vaddio","3002","11530","U","B0004","B0004P0445","B0004P0445G0014155","Unassigned","Advanced Replacement","Other/Misc","B0004P0445G0014155","US Camera Profit Center","3000","0004353317","Unassigned","AV Integrators","01","NorthEast","U1DXP1","United States","Americas - LLC","3000","Peter Brady",null,"Undefined",null,"Unassigned","United States","United States","New York","DIRECT","AV CAPTURE & COLLABORATION - CAMERAS","4210","1",{"v":0,"d":"0.00"},546.62,0,1,546.62,"USD",1,546.62]
[1368843214,"01","133398","133398",null,"Invoice","Vaddio","B0004","Dealer","001","Unassigned","3000","Undefined","3000","PRO AV SYSTEMS INC","PRO AV SYSTEMS INC","Americas LLC",1227.91,1227.91,"07/13/2021","Standard Distribution","01","Unassigned","0002677254","Standard Order","TA","AV CONTENT CAPTURE (VADDIO)",2021,"2021-07",27,"Vaddio","PTZ CAMERA","EXTENSION KIT","AV","001","999-99630-100","","PRO AV SYSTEMS INC","Vaddio","3002","01824","E","B0004","B0004P0400","B0004P0400G0014000","Unassigned","RoboSHOT 30E OneLINK HDMI SYS","Projection Screens","B0004P0400G0014000","US Camera Profit Center","3000","0097383319","Unassigned","AV Integrators","01","NorthEast","U1DXP1","United States","Americas - LLC","3000","Peter Brady",null,"Undefined",null,"Unassigned","United States","United States","Unassigned","DIRECT","AV CAPTURE & COLLABORATION - CAMERAS","4210","1",{"v":0.6818778870790985,"d":"0.68"},3859.87,1227.91,1,3859.87,"USD",1,3859.87]
[1368843297,"01","134685","134685",null,"Invoice","Vaddio","B0004","Dealer","001","Unassigned","3000","Undefined","3000","HEARTLAND BUSINESS SYSTEMS","HEARTLAND BUSINESS SYSTEMS","Americas LLC",1210.66,2421.31,"08/27/2021","Standard Distribution","01","Unassigned","0002707052","Standard Order","TA","AV CONTENT CAPTURE (VADDIO)",2021,"2021-08",23,"Vaddio","PTZ CAMERA","EXTENSION KIT","AV","001","999-99600-100","","HEARTLAND BUSINESS SYSTEMS","Vaddio","3002","54140","E","B0004","B0004P0400","B0004P0400G0014000","Unassigned","RoboSHOT 12E OneLINK HDMI SYS","Projection Screens","B0004P0400G0014000","US Camera Profit Center","3000","0097600846","Unassigned","AV Integrators","01","MidWest","U1DXP3","United States","Americas - LLC","3000","Steve Woll",null,"Undefined",null,"Unassigned","United States","United States","Unassigned","DIRECT","AV CAPTURE & COLLABORATION - CAMERAS","4210","2",{"v":0.3221701216354297,"d":"0.32"},3572.15,1210.66,2,7144.3,"USD",1,7144.3]
[1368845717,"01",null,"133711",null,"Invoice","Vaddio","B0004","Dealer","001","PROFESSIONAL SYSTEMS NETWORK INTL","3000","Undefined","3000","SENSORY TECHNOLOGIES","ONE DIVERSIFIED (GA)","Americas LLC",215.63,215.63,"12/08/2021","Standard Distribution","01","Unassigned","0002801792","Standard Order","TA","AV CONFERENCING (VADDIO)",2021,"2021-12",27,"Vaddio","CONFERENCE","AUDIO","AV","001","999-8530-000","","ONE DIVERSIFIED (GA)","Vaddio","3002","30071","E","B0004","B0004P0435","B0004P0435G0014090","Unassigned","EASYUSB MIXER/AMP SYSTEM","Projection Screens","B0004P0435G0014090","US Camera Profit Center","3000","0098056532","Unassigned","AV Integrators","01","NorthEast","U1DXP1","United States","Americas - LLC","3000","Steve Joyce",null,"Undefined",null,"New York","United States","United States","Georgia","DIRECT","AV CAPTURE & COLLABORATION - CAMERAS","4210","1",{"v":0.7232212766503652,"d":"0.72"},779.07,215.63,1,779.07,"USD",1,779.07]
[1368865540,"01",null,"139845",null,"Invoice","Vaddio","B0004","Distributor - National","002","Unassigned","3000","Undefined","3000","ENTER ALTERNATE ADDRESS (US)","HERMAN PRO AV","Americas LLC",582.44,1164.88,"12/28/2021","Standard Distribution","01","HERMAN","0002815494","Standard Order","TA","AV CONFERENCING (VADDIO)",2021,"2021-12",8,"Vaddio","CONFERENCE","ROOM SYSTEM","AV","001","999-60320-000","","HERMAN PRO AV","Vaddio","3002","33025","E","B0004","B0004P0435","B0004P0435G0014100","Unassigned","EasyIP Mixer System Global","Projection Screens","B0004P0435G0014100","US Camera Profit Center","3000","0098182399","Unassigned","AV Distribution","08","US - Channel Sales","U1DXC1","United States","Americas - LLC","3000","Patrick Mead",null,"Undefined",null,"Unassigned","United States","United States","Unassigned","DIRECT","AV CAPTURE & COLLABORATION - CAMERAS","4210","0",{"v":0.2213941488259552,"d":"0.22"},1496.11,582.44,2,2992.22,"USD",1,2992.22]
[1368877552,"01","139842","139842",null,"EDI Invoice","Vaddio","B0004","Distributor - National","002","Unassigned","3000","Undefined","3000","ALMO DISTRIBUTING PA INC (VADDIO)","ALMO DISTRIBUTING PA INC (VADDIO)","Americas LLC",100.57,100.57,"03/02/2022","Standard Distribution","01","ALMO","0041066276","EDI Order","ZEDI","AV CONTENT CAPTURE (VADDIO)",2022,"2022-03",13,"Vaddio","CAM EXTENSIONS","EXT CABLES","AV","001","440-1007-015","","ALMO DISTRIBUTING PA INC (VADDIO)","Vaddio","3002","19154","F","B0004","B0004P0415","B0004P0415G0014040","Unassigned","ACTIVEOPTICAL C/A USB 3.0/2.0 PLENUM 15M","Projection Screens","B0004P0415G0014040","US Camera Profit Center","3000","0098485923","Unassigned","AV Distribution","08","US - Channel Sales","U1DXC1","United States","Americas - LLC","3000","Patrick Mead",null,"Undefined",null,"Unassigned","United States","United States","Unassigned","DIRECT","AV CAPTURE & COLLABORATION - CAMERAS","4210","0",{"v":0.7534867759884305,"d":"0.75"},407.97,100.57,1,407.97,"USD",1,407.97]
[1368904448,"01","139504","139504",null,"Invoice","Vaddio","B0004","Distributor - National","002","Unassigned","5000","Undefined","3000","EXERTIS GO CONNECT","EXERTIS GO CONNECT","Europe BV",183.69,367.37,"11/02/2021","Standard Distribution","01","Unassigned","0002770783","Standard Order","TA","AV CONFERENCING (VADDIO)",2021,"2021-11",0,"Vaddio","CONFERENCE","AUDIO","AV","001","999-85100-000","","EXERTIS GO CONNECT","Weert","5050","3317 DM","X","B0004","B0004P0435","B0004P0435G0014090","Unassigned","Ceiling MIC System White","Projection Screens","B0004P0435G0014090","Europe Camera Profit Center","5000","0800351339","Unassigned","AV Distribution","08","Benelux","E1DXX6","Europe, the Middle East, and Africa","Europe - BV","5000","Cm Sam Van Der Harst",null,"Undefined",null,"Undefined","Netherlands","Netherlands","Undefined","DIRECT","AV CAPTURE & COLLABORATION - CAMERAS","4210","2",{"v":0.17452363832464501,"d":"0.17"},445.04,183.69,2,890.08,"EUR",0.86014,765.59]
[1368969768,"01",null,"131671",null,"Invoice","Vaddio","B0004","Dealer","001","Unassigned","3000","Undefined","3000","AVI SYSTEMS, INC - SAN DIEGO","AVI SYSTEMS, INC","Americas LLC",7.85,31.39,"12/09/2021","Standard Distribution","01","Unassigned","0002802735","Standard Order","TA","AV CONTENT CAPTURE (VADDIO)",2021,"2021-12",102,"Vaddio","CAMERA MOUNT","WALL","AV","001","535-2000-243","AVI SYSTEMS, INC","AVI SYSTEMS, INC","Vaddio","3002","66214","E","B0004","B0004P0420","B0004P0420G0014060","Unassigned","THIN PROFILE WALL MOUNT SONY/PANA CAMS","Projection Screens","B0004P0420G0014060","US Camera Profit Center","3000","0098091679","Unassigned","AV Integrators","01","West","U1DXP4","United States","Americas - LLC","3000","Comm So Cal - Shomper/Yates",null,"Undefined",null,"Unassigned","United States","United States","Kansas","DIRECT","AV CAPTURE & COLLABORATION - CAMERAS","4210","1",{"v":0.6888382236320381,"d":"0.69"},100.88,7.85,4,403.52,"USD",1,403.52]
[1368976489,"01",null,"134417",null,"Invoice Repair","Vaddio","B0004","Dealer","001","Unassigned","3000","Undefined","3000","ENTER ALTERNATE ADDRESS (US)","PRECISE AV INC","Americas LLC",0,0,"10/28/2021","Standard Distribution","01","Unassigned","0060538208","Undefined","00","AV CONTENT CAPTURE (VADDIO)",2021,"2021-10",0,"Vaddio","PTZ CAMERA","EXTENSION KIT","AV","001","999-30420-000","","PRECISE AV INC","Vaddio","3002","11101","E","B0004","B0004P0400","B0004P0400G0014000","Unassigned","PrimeSHOT 20 HDMI Camera Black N/A","Projection Screens","B0004P0400G0014000","US Camera Profit Center","3000","0004346151","Unassigned","AV Integrators","01","NorthEast","U1DXP1","United States","Americas - LLC","3000","Angela Adkins",null,"Undefined",null,"New York","United States","United States","New York","DIRECT","AV CAPTURE & COLLABORATION - CAMERAS","4210","3",{"v":0,"d":"0.00"},1561.18,0,-3,-4683.54,"USD",1,-4683.54]
[1368979877,"01",null,"131966",null,"Invoice Repair","Vaddio","B0004","Distributor - Regional","003","Unassigned","3000","Undefined","3000","ENTER ALTERNATE ADDRESS (US)","ANIXTER INC","Americas LLC",0,0,"03/22/2021","Standard Distribution","01","ANIXTER","0060475654","Undefined","00","AV CONFERENCING (VADDIO)",2021,"2021-03",0,"Vaddio","CONFERENCE","ROOM SYSTEM","AV","001","999-30230-000W","","ANIXTER INC","Vaddio","3002","60026","E","B0004","B0004P0435","B0004P0435G0014100","Unassigned","EasyIP 20 Camera White","Projection Screens","B0004P0435G0014100","US Camera Profit Center","3000","0004124274","Unassigned","Enterprise Distribution","13","US - Channel Sales","U1DXC1","United States","Americas - LLC","3000","Brett Avery",null,"Undefined",null,"Unassigned","United States","United States","Illinois","DIRECT","AV CAPTURE & COLLABORATION - CAMERAS","4210","1",{"v":0,"d":"0.00"},2145,0,-1,-2145,"USD",1,-2145]
[1368999966,"01","150989","150989",null,"Invoice","Vaddio","B0004","Dealer","001","Unassigned","3000","Undefined","3000","TCS COMPUTERS OF ATLANTA LLC","TCS COMPUTERS OF ATLANTA LLC","Americas LLC",170.63,341.25,"07/28/2021","Standard Distribution","01","Unassigned","0002683489","Standard Order","TA","AV CONFERENCING (VADDIO)",2021,"2021-07",15,"Vaddio","CONFERENCE","AUDIO","AV","001","999-85100-000","","TCS COMPUTERS OF ATLANTA LLC","Vaddio","3002","30115","E","B0004","B0004P0435","B0004P0435G0014090","Unassigned","Ceiling MIC System White","Projection Screens","B0004P0435G0014090","US Camera Profit Center","3000","0097472453","Unassigned","AV Integrators","01","South","U1DXP2","United States","Americas - LLC","3000","Angela Tener",null,"Undefined",null,"Georgia","United States","United States","Georgia","DIRECT","AV CAPTURE & COLLABORATION - CAMERAS","4210","4",{"v":0.2531024973188295,"d":"0.25"},456.89,170.63,2,913.78,"USD",1,913.78]
[1369004404,"01",null,"131672",null,"Invoice Repair","Vaddio","B0004","Dealer","001","Unassigned","3000","Undefined","3000","ENTER ALTERNATE ADDRESS (US)","AVI-SPL LLC","Americas LLC",0,0,"05/25/2021","Standard Distribution","01","Unassigned","0065106981","Undefined","00","AV CONTENT CAPTURE (VADDIO)",2021,"2021-05",0,"Vaddio","SERVICE","ADV_REPL","AV","001","ADV_REPL","AVI-SPL","AVI-SPL","Vaddio","3002","33634","U","B0004","B0004P0445","B0004P0445G0014155","Unassigned","Advanced Replacement","Other/Misc","B0004P0445G0014155","US Camera Profit Center","3000","0004189606","Unassigned","AV Integrators","01","South","U1DXP2","United States","Americas - LLC","3000","Angela Tener",null,"Undefined",null,"Georgia","United States","United States","Unassigned","DIRECT","AV CAPTURE & COLLABORATION - CAMERAS","4210","1",{"v":0,"d":"0.00"},2551.68,0,1,2551.68,"USD",1,2551.68]
[1369043748,"01",null,"107568",null,"Invoice","Vaddio","B0004","Distributor - National","002","Unassigned","5000","Undefined","3000","SPECIAL ELEKTRONIK","SPECIAL ELEKTRONIK AB","Europe BV",247.82,495.63,"02/18/2021","Standard Distribution","01","Unassigned","0002553646","Standard Order","TA","AV CONTENT CAPTURE (VADDIO)",2021,"2021-02",0,"Vaddio","CAM EXTENSIONS","EXT CABLES","AV","001","440-1005-023","","SPECIAL ELEKTRONIK AB","Weert","5050","650 08","X","B0004","B0004P0415","B0004P0415G0014040","Unassigned","CABLE ACTIVE 3.0 TYPE-A TO B M/M 20M","Projection Screens","B0004P0415G0014040","Europe Camera Profit Center","5000","0800300747","Unassigned","AV Distribution","08","Nordics","E1DXX7","Europe, the Middle East, and Africa","Europe - BV","5000","Cm Rickard Olsson",null,"Undefined",null,"Undefined","Sweden","Sweden","Undefined","DIRECT","AV CAPTURE & COLLABORATION - CAMERAS","4210","2",{"v":-0.22273618769196601,"d":"-0.22"},405.345,247.82,2,810.69,"EUR",0.82325,667.4]
[1369047601,"01","139841","139841",null,"Credit Memo","Vaddio","B0004","Distributor - National","002","Unassigned","3000","Undefined","3000","EXERTIS (VADDIO)","EXERTIS (VADDIO)","Americas LLC",0,0,"08/30/2021","Standard Distribution","01","STAMPEDE","0060527110","Credit Memo Request","G2","AV CONTENT CAPTURE (VADDIO)",2021,"2021-08",0,"Vaddio","CAMERA MOUNT","WALL","AV","001","535-2000-240","STAMPEDE PRESENTATION","STAMPEDE PRESENTATION","Vaddio","3002","14228","E","B0004","B0004P0420","B0004P0420G0014060","Unassigned","THIN PROFILE WALL MOUNT ROBOSHOT BLACK","Projection Screens","B0004P0420G0014060","US Camera Profit Center","3000","0097602285","Unassigned","AV Distribution","08","US - Channel Sales","U1DXC1","United States","Americas - LLC","3000","Patrick Mead",null,"Undefined",null,"New York","United States","United States","New York","DIRECT","AV CAPTURE & COLLABORATION - CAMERAS","4210","0",{"v":0,"d":"0.00"},null,0,0,-28.6,"USD",1,-28.6]
[1369105361,"01",null,"139844",null,"EDI Invoice","Vaddio","B0004","Online Reseller","010","Unassigned","3000","Undefined","3000","B&H PHOTO - NJF","B&H PHOTO VIDEO - NY (VADDIO)","Americas LLC",614.14,614.14,"11/02/2021","Standard Distribution","01","Unassigned","0040943901","EDI Order","ZEDI","AV CONTENT CAPTURE (VADDIO)",2021,"2021-11",27,"Vaddio","CAM EXTENSIONS","ONELINK","AV","001","999-9560-000","","B&H PHOTO VIDEO - NY (VADDIO)","Vaddio","3002","10001","E","B0004","B0004P0415","B0004P0415G0014030","Unassigned","ONELINK HDMI CISCO CODEC/CISCO CAM N/A","Projection Screens","B0004P0415G0014030","US Camera Profit Center","3000","0097887795","Unassigned","AV Integrators","01","NorthEast","U1DXP1","United States","Americas - LLC","3000","John Ruggiero",null,"Undefined",null,"New Jersey","United States","United States","New York","DIRECT","AV CAPTURE & COLLABORATION - CAMERAS","4210","0",{"v":0.5452364379544747,"d":"0.55"},1350.46,614.14,1,1350.46,"USD",1,1350.46]
[1369105452,"01","141906","141906",null,"Invoice","Vaddio","B0004","System Integrator","011","Unassigned","5000","Undefined","3000","STREAMNET LTD.","STREAMNET LTD.","Europe BV",532.88,532.88,"09/10/2021","Standard Distribution","01","Unassigned","0002708756","Standard Order","TA","AV CONTENT CAPTURE (VADDIO)",2021,"2021-09",0,"Vaddio","CAM EXTENSIONS","EXT HUBS","AV","001","999-1005-132","","STREAMNET LTD.","Weert","5050","1138","X","B0004","B0004P0415","B0004P0415G0014045","Unassigned","USB 3.0 EXTENDER SYSTEM INT","Projection Screens","B0004P0415G0014045","Europe Camera Profit Center","5000","0800341073","Unassigned","AV Integrators","01","EE","E1DXX9","Europe, the Middle East, and Africa","Europe - BV","5000","Cm Karolien De Kogel",null,"Undefined",null,"Undefined","Hungary","Hungary","Undefined","DIRECT","AV CAPTURE & COLLABORATION - CAMERAS","4210","2",{"v":0.4852992311555847,"d":"0.49"},1035.32,532.88,1,1035.32,"EUR",0.84488,874.72]
[1369108831,"01",null,"132294",null,"Invoice","Vaddio","B0004","Dealer","001","Unassigned","3000","Undefined","3000","ENTER ALTERNATE ADDRESS (US)","TRITECH COMMUNICATIONS","Americas LLC",1198.33,8388.33,"07/01/2021","Standard Distribution","01","Unassigned","0002670636","Standard Order","TA","AV CONTENT CAPTURE (VADDIO)",2021,"2021-07",41,"Vaddio","PTZ CAMERA","EXTENSION KIT","AV","001","999-99600-100W","","TRITECH COMMUNICATIONS","Vaddio","3002","11530","E","B0004","B0004P0400","B0004P0400G0014000","Unassigned","RoboSHOT 12E OneLINK HDMI SYS WHT","Projection Screens","B0004P0400G0014000","US Camera Profit Center","3000","0097333788","Unassigned","AV Integrators","01","NorthEast","U1DXP1","United States","Americas - LLC","3000","Nathan Craine",null,"Undefined",null,"Unassigned","United States","United States","New York","DIRECT","AV CAPTURE & COLLABORATION - CAMERAS","4210","1",{"v":-1.4718524019165828,"d":"-1.47"},3393.54,1198.33,7,23754.78,"USD",1,23754.78]
[1369114944,"01",null,"139845",null,"Invoice","Vaddio","B0004","Distributor - National","002","Unassigned","3000","Undefined","3000","HERMAN - ATLANTA","HERMAN PRO AV","Americas LLC",1243.15,2486.29,"02/02/2022","Standard Distribution","01","HERMAN","0002839401","Standard Order","TA","AV CONTENT CAPTURE (VADDIO)",2022,"2022-02",28,"Vaddio","PTZ CAMERA","EXTENSION KIT","AV","001","999-99600-100W","","HERMAN PRO AV","Vaddio","3002","33025","E","B0004","B0004P0400","B0004P0400G0014000","Unassigned","RoboSHOT 12E OneLINK HDMI SYS WHT","Projection Screens","B0004P0400G0014000","US Camera Profit Center","3000","0098360980","Unassigned","AV Distribution","08","US - Channel Sales","U1DXC1","United States","Americas - LLC","3000","Patrick Mead",null,"Undefined",null,"Georgia","United States","United States","Unassigned","DIRECT","AV CAPTURE & COLLABORATION - CAMERAS","4210","0",{"v":0.23948758576178486,"d":"0.24"},3269.23,1243.15,2,6538.46,"USD",1,6538.46]
[1369153541,"01","132452","132452",null,"Invoice","Vaddio","B0004","Dealer","001","Unassigned","3000","Undefined","3000","FORD AUDIO VIDEO SYS INC","FORD AUDIO VIDEO SYS INC","Americas LLC",225.09,225.09,"02/21/2022","Standard Distribution","01","Unassigned","0002856287","Standard Order","TA","AV CONTENT CAPTURE (VADDIO)",2022,"2022-02",26,"Vaddio","CAMERA MOUNT","INCEILING","AV","001","999-2225-150","FORD AUDIO VIDEO SYS INC","FORD AUDIO VIDEO SYS INC","Vaddio","3002","73128","E","B0004","B0004P0420","B0004P0420G0014045","Unassigned","IN-CEILING HALF-RECESSED ENCL. ROBOS","Projection Screens","B0004P0420G0014045","US Camera Profit Center","3000","0098441756","Unassigned","AV Integrators","01","South","U1DXP2","United States","Americas - LLC","3000","Ken Phillips",null,"Undefined",null,"Oklahoma","United States","United States","Oklahoma","DIRECT","AV CAPTURE & COLLABORATION - CAMERAS","4210","1",{"v":0.6476582555882537,"d":"0.65"},638.84,225.09,1,638.84,"USD",1,638.84]
[1369169401,"01",null,"132696",null,"Invoice","Vaddio","B0004","Dealer","001","Unassigned","3000","Undefined","3000","ENTER ALTERNATE ADDRESS (US)","HOWARD INDUSTRIES INC","Americas LLC",574.8,574.8,"07/29/2021","Standard Distribution","01","Unassigned","0002682544","Standard Order","TA","AV CONFERENCING (VADDIO)",2021,"2021-07",30,"Vaddio","CONFERENCE","ROOM SYSTEM","AV","001","999-30200-000W","","HOWARD INDUSTRIES INC","Vaddio","3002","39437","E","B0004","B0004P0435","B0004P0435G0014100","Unassigned","EasyIP 10 Camera White","Projection Screens","B0004P0435G0014100","US Camera Profit Center","3000","0097480121","Unassigned","AV Integrators","01","South","U1DXP2","United States","Americas - LLC","3000","Brian Mungo",null,"Undefined",null,"Unassigned","United States","United States","Unassigned","DIRECT","AV CAPTURE & COLLABORATION - CAMERAS","4210","1",{"v":0.7270694149655988,"d":"0.73"},2106.03,574.8,1,2106.03,"USD",1,2106.03]
[1369180351,"01","132017","132017",null,"Invoice","Vaddio","B0004","Dealer","001","Unassigned","3000","Undefined","3000","AVI SOUTHEAST, LLC","AVI SOUTHEAST, LLC","Americas LLC",25.93,25.93,"04/26/2021","Standard Distribution","01","Unassigned","0002610827","Standard Order","TA","AV CONTENT CAPTURE (VADDIO)",2021,"2021-04",18,"Vaddio","CAMERA MOUNT","WALL","AV","001","535-2000-225","","AVI SOUTHEAST, LLC","Vaddio","3002","30092","E","B0004","B0004P0420","B0004P0420G0014060","Unassigned","WALL MOUNT BRACKET FOR BRC-Z700/H900","Projection Screens","B0004P0420G0014060","US Camera Profit Center","3000","0097071251","Unassigned","AV Integrators","01","South","U1DXP2","United States","Americas - LLC","3000","Angela Tener",null,"Undefined",null,"Georgia","United States","United States","Georgia","DIRECT","AV CAPTURE & COLLABORATION - CAMERAS","4210","2",{"v":0.8568352473498233,"d":"0.86"},181.12,25.93,1,181.12,"USD",1,181.12]
[1369207117,"01",null,"145767",null,"Invoice","Vaddio","B0004","Distributor - National","002","Unassigned","3200","Undefined","3000","ENTER ALTERNATE ADDRESS (CANADA)","DATAVISUAL - CAD CURRENCY ONLY","Canada ULC",60.94,60.94,"06/15/2021","Standard Distribution","01","Unassigned","0002641662","Standard Order","TA","AV CONTENT CAPTURE (VADDIO)",2021,"2021-06",0,"Vaddio","CAMERA MOUNT","WALL","AV","001","535-2000-225","","DATAVISUAL - CAD CURRENCY ONLY","Vaddio","3002","K1J 0B3","E","B0004","B0004P0420","B0004P0420G0014060","Unassigned","WALL MOUNT BRACKET FOR BRC-Z700/H900","Projection Screens","B0004P0420G0014060","Canada Camera Profit Center","3200","0097285323","Unassigned","AV Distribution","08","Central","C1XXP3","Canada","Canada - ULC","3200","David Galos",null,"Undefined",null,"New York","United States","Canada","Ontario","DIRECT","AV CAPTURE & COLLABORATION - CAMERAS","4210","1",{"v":0.6789759258283727,"d":"0.68"},189.83,60.94,1,189.83,"CAD",1.2074,229.2]
[1369268050,"01","131669","131669",null,"Invoice","Vaddio","B0004","Dealer","001","PROFESSIONAL SYSTEMS NETWORK INTL","3000","Undefined","3000","ALLEN VISUAL SYSTEMS INC","ALLEN VISUAL SYSTEMS INC","Americas LLC",88.18,176.35,"10/11/2021","Standard Distribution","01","Unassigned","0002751441","Standard Order","TA","AV CONTENT CAPTURE (VADDIO)",2021,"2021-10",0,"Vaddio","CAMERA MOUNT","CEILING","AV","001","535-2000-292","","ALLEN VISUAL SYSTEMS INC","Vaddio","3002","60089","E","B0004","B0004P0420","B0004P0420G0014055","Unassigned","DROP DN MT FOR LARGE PTZ CAMERAS - SHORT","Projection Screens","B0004P0420G0014055","US Camera Profit Center","3000","0097781206","Unassigned","AV Integrators","01","MidWest","U1DXP3","United States","Americas - LLC","3000","Andre White",null,"Undefined",null,"Illinois","United States","United States","Illinois","DIRECT","AV CAPTURE & COLLABORATION - CAMERAS","4210","2",{"v":0.2278896672504379,"d":"0.23"},228.4,88.18,2,456.8,"USD",1,456.8]
[1369272041,"01",null,"132696",null,"Invoice","Vaddio","B0004","Dealer","001","Unassigned","3000","Undefined","3000","1TST - MILESTONE INC. SAVAGE (3000)","HOWARD INDUSTRIES INC","Americas LLC",563.06,563.06,"05/14/2021","Standard Distribution","01","Unassigned","0002628233","Standard Order","TA","AV CONFERENCING (VADDIO)",2021,"2021-05",0,"Vaddio","CONFERENCE","ROOM SYSTEM","AV","001","999-60320-000","","HOWARD INDUSTRIES INC","Vaddio","3002","39437","E","B0004","B0004P0435","B0004P0435G0014100","Unassigned","EasyIP Mixer System Global","Projection Screens","B0004P0435G0014100","US Camera Profit Center","3000","0097160242","Unassigned","AV Integrators","01","South","U1DXP2","United States","Americas - LLC","3000","Angela Tener",null,"Undefined",null,"Georgia","United States","United States","Unassigned","DIRECT","AV CAPTURE & COLLABORATION - CAMERAS","4210","1",{"v":0.6227883887478312,"d":"0.62"},1492.69,563.06,1,1492.69,"USD",1,1492.69]
[1369288987,"01",null,"107493",null,"Invoice","Vaddio","B0004","Distributor - National","002","Unassigned","5000","Undefined","3000","LETENG AS","LETENG AS","Europe BV",1368.96,1368.96,"01/27/2022","Standard Distribution","01","Unassigned","0002836088","Standard Order","TA","AV CONTENT CAPTURE (VADDIO)",2022,"2022-01",0,"Vaddio","CONTROL","PRESENTER","AV","001","999-7270-001B","","LETENG AS","Weert","5050","0680","X","B0004","B0004P0430","B0004P0430G0014080","Unassigned","ROBOTRAK AUTO IR SYSTEM INT","Projection Screens","B0004P0430G0014080","Europe Camera Profit Center","5000","0800370591","Unassigned","AV Distribution","08","Nordics","E1DXX7","Europe, the Middle East, and Africa","Europe - BV","5000","Cm Rickard Olsson",null,"Undefined",null,"Undefined","Norway","Norway","Undefined","DIRECT","AV CAPTURE & COLLABORATION - CAMERAS","4210","2",{"v":0.5787206149812434,"d":"0.58"},3249.53,1368.96,1,3249.53,"EUR",0.88129,2863.78]
[1369311488,"01",null,"132132",null,"Invoice","Vaddio","B0004","Dealer","001","Unassigned","3000","Undefined","3000","CENERO","CENERO LLC","Americas LLC",7.08,56.64,"05/18/2021","Standard Distribution","01","Unassigned","0002631095","Standard Order","TA","AV CONTENT CAPTURE (VADDIO)",2021,"2021-05",18,"Vaddio","CAMERA MOUNT","WALL","AV","001","535-2000-244","","CENERO LLC","Vaddio","3002","19355","E","B0004","B0004P0420","B0004P0420G0014060","Unassigned","THIN PROFILE MNT KIT BLK CONFERENCESHOT","Projection Screens","B0004P0420G0014060","US Camera Profit Center","3000","0097176806","Unassigned","AV Integrators","01","NorthEast","U1DXP1","United States","Americas - LLC","3000","Joseph Davis",null,"Undefined",null,"Unassigned","United States","United States","Unassigned","DIRECT","AV CAPTURE & COLLABORATION - CAMERAS","4210","1",{"v":-0.09746173222243759,"d":"-0.10"},51.61,7.08,8,412.88,"USD",1,412.88]
[1369375170,"01",null,"131672",null,"EDI Invoice","Vaddio","B0004","Dealer","001","Unassigned","3000","Undefined","3000","ENTER ALTERNATE ADDRESS (US)","AVI-SPL LLC","Americas LLC",573.37,573.37,"06/16/2021","Standard Distribution","01","Unassigned","0040840460","EDI Order","ZEDI","AV CONFERENCING (VADDIO)",2021,"2021-06",7,"Vaddio","CONFERENCE","ROOM SYSTEM","AV","001","999-30200-000W","AVI-SPL","AVI-SPL","Vaddio","3002","33634","E","B0004","B0004P0435","B0004P0435G0014100","Unassigned","EasyIP 10 Camera White","Projection Screens","B0004P0435G0014100","US Camera Profit Center","3000","0097288462","Unassigned","AV Integrators","01","South","U1DXP2","United States","Americas - LLC","3000","Angela Tener",null,"Undefined",null,"Georgia","United States","United States","Unassigned","DIRECT","AV CAPTURE & COLLABORATION - CAMERAS","4210","1",{"v":0.7223040189079497,"d":"0.72"},2064.74,573.37,1,2064.74,"USD",1,2064.74]
[1369399447,"01","131418","131418",null,"Invoice","Vaddio","B0004","Dealer","001","USAV BUYING GROUP","3000","Undefined","3000","AUTOMATION ARTS LLC","AUTOMATION ARTS LLC","Americas LLC",150.67,150.67,"08/19/2021","Standard Distribution","01","Unassigned","0002694264","Standard Order","TA","AV CONTENT CAPTURE (VADDIO)",2021,"2021-08",27,"Vaddio","CAMERA MOUNT","INCEILING","AV","001","999-2225-200","","AUTOMATION ARTS LLC","Vaddio","3002","53718","E","B0004","B0004P0420","B0004P0420G0014045","Unassigned","IN CEILING HALF-RECESSED ROBOSHOT UHD","Projection Screens","B0004P0420G0014045","US Camera Profit Center","3000","0097551811","ORION ADVANCED MARKETING","AV Integrators","01","MidWest","U1DXP3","United States","Americas - LLC","3000","Steve Woll",null,"Undefined",null,"Unassigned","United States","United States","Unassigned","DIRECT","AV CAPTURE & COLLABORATION - CAMERAS","4210","2",{"v":0.7547129879855436,"d":"0.75"},614.26,150.67,1,614.26,"USD",1,614.26]
[1369406034,"01",null,"135251",null,"Invoice","Vaddio","B0004","Dealer","001","Unassigned","3000","Undefined","3000","CENTRAL RECEIVING","EKC ENTERPRISES INC","Americas LLC",830.25,1660.49,"10/21/2021","Standard Distribution","01","Unassigned","0002761841","Standard Order","TA","AV CONFERENCING (VADDIO)",2021,"2021-10",31,"Vaddio","CONFERENCE","ROOM SYSTEM","IT/DMR","002","999-30230-000W","","EKC ENTERPRISES INC","Vaddio","3002","93703","E","B0004","B0004P0435","B0004P0435G0014100","Unassigned","EasyIP 20 Camera White","Projection Screens","B0004P0435G0014100","US Camera Profit Center","3000","0097834699","Unassigned","IT Reseller","14","West","U1DXP4","United States","Americas - LLC","3000","Cynthia Podgurski",null,"Undefined",null,"Unassigned","United States","United States","Unassigned","DIRECT","AV CAPTURE & COLLABORATION - CAMERAS","4210","4",{"v":0.3107654886724943,"d":"0.31"},2409.18,830.25,2,4818.36,"USD",1,4818.36]
[1369422494,"01","113836","113836",null,"Invoice","Vaddio","B0004","Distributor - National","002","Unassigned","5000","Undefined","3000","SANEL N.V.","SANEL N.V.","Europe BV",1882.45,1882.45,"02/24/2022","Standard Distribution","01","Unassigned","0002858016","Standard Order","TA","AV CONFERENCING (VADDIO)",2022,"2022-02",0,"Vaddio","CONFERENCE","ROOM SYSTEM","AV","001","999-30231-001","","SANEL N.V.","Weert","5050","2500","E","B0004","B0004P0435","B0004P0435G0014100","Unassigned","EasyIP 20 Mixer Base Kit Black INT","Projection Screens","B0004P0435G0014100","Europe Camera Profit Center","5000","0800376193","Unassigned","AV Distribution","08","Benelux","E1DXX6","Europe, the Middle East, and Africa","Europe - BV","5000","Cm Dennis Driessen",null,"Undefined",null,"Undefined","Belgium","Belgium","Undefined","DIRECT","AV CAPTURE & COLLABORATION - CAMERAS","4210","2",{"v":0.5071049468863653,"d":"0.51"},3819.17,1882.45,1,3819.17,"EUR",0.89342,3412.12]
[1369438459,"02",null,"103335",null,"EDI Invoice","Vaddio","B0004","Distributor - National","002","Unassigned","3000","Undefined","3000","ENTER ALTERNATE ADDRESS (US)","ADI","Americas LLC",1169.8,1169.8,"05/28/2021","Standard Distribution","01","Unassigned","0040823114","EDI Order","ZEDI","AV CONFERENCING (VADDIO)",2021,"2021-05",0,"Vaddio","CONFERENCE","ROOM SYSTEM","Residential","003","999-99950-200B","","ADI","Vaddio","3002","79926","E","B0004","B0004P0435","B0004P0435G0014100","Unassigned","CSAV SYSTEM - CEILINGMIC 2","Projection Screens","B0004P0435G0014100","US Camera Profit Center","3000","0097226884","Unassigned","Residential AV","02","Resi Other","UXDXH5","United States","Americas - LLC","3000","Keith Ebert",null,"Undefined",null,"Illinois","United States","United States","Texas","DIRECT","AV CAPTURE & COLLABORATION - CAMERAS","4210","1",{"v":0.49450122075059966,"d":"0.49"},2314.15,1169.8,1,2314.15,"USD",1,2314.15]
[1369452250,"01","140190","140190",null,"Invoice","Vaddio","B0004","Dealer","001","Unassigned","3000","Undefined","3000","INTEGRATED MEDIA TECHNOLOGIES INC.","INTEGRATED MEDIA TECHNOLOGIES INC.","Americas LLC",140.56,281.12,"01/05/2021","Standard Distribution","01","Unassigned","0002517019","Standard Order","TA","AV CONTENT CAPTURE (VADDIO)",2021,"2021-01",0,"Vaddio","CAMERA MOUNT","INCEILING","AV","001","999-2225-200","","INTEGRATED MEDIA TECHNOLOGIES INC.","Vaddio","3002","91502","E","B0004","B0004P0420","B0004P0420G0014045","Unassigned","IN CEILING HALF-RECESSED ROBOSHOT UHD","Projection Screens","B0004P0420G0014045","US Camera Profit Center","3000","0096594524","Unassigned","AV Integrators","01","West","U1DXP4","United States","Americas - LLC","3000","Comm So Cal - Shomper/Yates",null,"Undefined",null,"Unassigned","United States","United States","Unassigned","DIRECT","AV CAPTURE & COLLABORATION - CAMERAS","4210","2",{"v":0.48405094886759903,"d":"0.48"},544.86,140.56,2,1089.72,"USD",1,1089.72]
[1369503266,"01",null,"139844",null,"Credit Memo","Vaddio","B0004","Online Reseller","010","Unassigned","3000","Undefined","3000","B&H PHOTO - NJF","B&H PHOTO VIDEO - NY (VADDIO)","Americas LLC",0,0,"11/15/2021","Standard Distribution","01","Unassigned","0060549280","Invoice Correct. Req","RK","AV CONTENT CAPTURE (VADDIO)",2021,"2021-11",-1,"Vaddio","Accessories","MISCELLANOUS","AV","001","998-2100-000","","B&H PHOTO VIDEO - NY (VADDIO)","Vaddio","3002","10001","E","B0004","B0004P0440","B0004P0440G0014110","Unassigned","VADDIO IR REMOTE COMMANDER","Other/Misc","B0004P0440G0014110","US Camera Profit Center","3000","0097937094","Unassigned","AV Integrators","01","NorthEast","U1DXP1","United States","Americas - LLC","3000","John Ruggiero",null,"Undefined",null,"New Jersey","United States","United States","New York","DIRECT","AV CAPTURE & COLLABORATION - CAMERAS","4210","0",{"v":0,"d":"0.00"},null,0,0,-166.16,"USD",1,-166.16]
[1369503313,"01","132377","132377",null,"Invoice","Vaddio","B0004","Dealer","001","Unassigned","3000","Undefined","3000","EPA AUDIO VISUAL INC","EPA AUDIO VISUAL INC","Americas LLC",10.21,10.21,"05/07/2021","Standard Distribution","01","Unassigned","0002620757","Standard Order","TA","AV CONTENT CAPTURE (VADDIO)",2021,"2021-05",0,"Vaddio","Accessories","RACK","AV","001","998-6000-006","","EPA AUDIO VISUAL INC","Vaddio","3002","55373","E","B0004","B0004P0440","B0004P0440G0014120","Unassigned","DUAL 1/2 RACK MOUNTING KIT","Other/Misc","B0004P0440G0014120","US Camera Profit Center","3000","0097127237","Unassigned","AV Integrators","01","MidWest","U1DXP3","United States","Americas - LLC","3000","Kristin Dacey",null,"Undefined",null,"Unassigned","United States","United States","Unassigned","DIRECT","AV CAPTURE & COLLABORATION - CAMERAS","4210","1",{"v":0.867022662151602,"d":"0.87"},76.78,10.21,1,76.78,"USD",1,76.78]
[1369538236,"01",null,"153742",null,"Invoice","Vaddio","B0004","Dealer","001","Unassigned","3000","Undefined","3000","AUDIO VISUAL CONCEPTS - CAGUAS","AUDIO VISUAL CONCEPTS - PUERTO RICO","Americas LLC",1019.42,1019.42,"05/18/2021","Standard Distribution","01","Unassigned","0002626256","Standard Order","TA","AV CONFERENCING (VADDIO)",2021,"2021-05",98,"Vaddio","CONFERENCE","ROOM SYSTEM","AV","001","999-99950-700W","","AUDIO VISUAL CONCEPTS - USE 153742","Vaddio","3002","00970","E","B0004","B0004P0435","B0004P0435G0014100","Unassigned","CSAV SYS CEILINGMIC 2 (W/O SPKR) WHT","Projection Screens","B0004P0435G0014100","US Camera Profit Center","3010","0097175679","Unassigned","AV Integrators","01","Latin Am","U1IXX3","Mexico and Latin America","Export","3010","Andres Garrido",null,"Undefined",null,"Unassigned","United States","Puerto Rico","Undefined","DIRECT","AV CAPTURE & COLLABORATION - CAMERAS","4210","1",{"v":0.48588661889079965,"d":"0.49"},1982.87,1019.42,1,1982.87,"USD",1,1982.87]
[1369547241,"01",null,"144642",null,"Invoice","Vaddio","B0004","Dealer","001","Unassigned","3000","Undefined","3000","ENTER ALTERNATE ADDRESS (US)","HIBINO INTERSOUND CORPORATION","Americas LLC",74.67,74.67,"09/15/2021","Standard Distribution","01","Unassigned","0002725065","Standard Order","TA","AV CONTENT CAPTURE (VADDIO)",2021,"2021-09",0,"Vaddio","CAM EXTENSIONS","EXT CABLES","AV","001","440-1005-061","","HIBINO INTERSOUND CORPORATION","Vaddio","3002","105-0022","F","B0004","B0004P0415","B0004P0415G0014040","Unassigned","ACTIVE OPTICAL USB 3.0 A/B PLENUM 8M","Projection Screens","B0004P0415G0014040","US Camera Profit Center","3010","0097684711","Unassigned","AV Integrators","01","Commercial","H1DXXX","Asia Pacific","Export","3010","Joseph Mak",null,"Undefined",null,"Unassigned","Japan","Japan","Unassigned","DIRECT","AV CAPTURE & COLLABORATION - CAMERAS","4210","2",{"v":0.5042161875041498,"d":"0.50"},150.61,74.67,1,150.61,"USD",1,150.61]
[1369549430,"01",null,"103062",null,"Invoice","Vaddio","B0004","Dealer","001","Unassigned","3000","Undefined","3000","ENTER ALTERNATE ADDRESS (US)","LEE HARTMAN & SONS INC","Americas LLC",598.75,598.75,"04/12/2021","Standard Distribution","01","Unassigned","0002598211","Standard Order","TA","AV CONTENT CAPTURE (VADDIO)",2021,"2021-04",8,"Vaddio","CAM EXTENSIONS","EXT HUBS","AV","001","999-1005-032","","LEE HARTMAN & SONS INC","Vaddio","3002","24017","X","B0004","B0004P0415","B0004P0415G0014045","Unassigned","USB 3.0 EXTENDER SYSTEM N/A","Projection Screens","B0004P0415G0014045","US Camera Profit Center","3000","0097017669","Unassigned","AV Integrators","01","NorthEast","U1DXP1","United States","Americas - LLC","3000","Geoff Gibbs",null,"Undefined",null,"Unassigned","United States","United States","Unassigned","DIRECT","AV CAPTURE & COLLABORATION - CAMERAS","4210","1",{"v":0.4871652120288129,"d":"0.49"},1167.53,598.75,1,1167.53,"USD",1,1167.53]
[1369572818,"01",null,"133557",null,"Invoice","Vaddio","B0004","Dealer","001","Unassigned","3000","Undefined","3000","ENTER ALTERNATE ADDRESS (US)","SKC COMMUNICATION PRODUCTS LLC","Americas LLC",10.22,10.22,"03/26/2021","Standard Distribution","01","Unassigned","0002585447","Standard Order","TA","AV CONTENT CAPTURE (VADDIO)",2021,"2021-03",0,"Vaddio","Accessories","RACK","AV","001","998-6000-006","","SKC COMMUNICATION PRODUCTS LLC","Vaddio","3002","66227","E","B0004","B0004P0440","B0004P0440G0014120","Unassigned","DUAL 1/2 RACK MOUNTING KIT","Other/Misc","B0004P0440G0014120","US Camera Profit Center","3000","0096955517","Unassigned","AV Integrators","01","West","U1DXP4","United States","Americas - LLC","3000","Dana Sanders Nickel",null,"Undefined",null,"Unassigned","United States","United States","Kansas","DIRECT","AV CAPTURE & COLLABORATION - CAMERAS","4210","1",{"v":0.8668924199010158,"d":"0.87"},76.78,10.22,1,76.78,"USD",1,76.78]
[1369586111,"01",null,"139842",null,"Invoice","Vaddio","B0004","Distributor - National","002","Unassigned","3000","Undefined","3000","ENTER ALTERNATE ADDRESS (US)","ALMO DISTRIBUTING PA INC (VADDIO)","Americas LLC",54.12,54.12,"11/24/2021","Standard Distribution","01","ALMO","0002790701","Standard Order","TA","AV CONTENT CAPTURE (VADDIO)",2021,"2021-11",0,"Vaddio","CAMERA MOUNT","INWALL","AV","001","999-2225-015","","ALMO DISTRIBUTING PA INC (VADDIO)","Vaddio","3002","19154","E","B0004","B0004P0420","B0004P0420G0014050","Unassigned","IN-WALL ENCLOSURE FOR VC CAMERAS","Projection Screens","B0004P0420G0014050","US Camera Profit Center","3000","0098005949","Unassigned","AV Distribution","08","US - Channel Sales","U1DXC1","United States","Americas - LLC","3000","Patrick Mead",null,"Undefined",null,"Unassigned","United States","United States","Unassigned","DIRECT","AV CAPTURE & COLLABORATION - CAMERAS","4210","0",{"v":0.7343673309119466,"d":"0.73"},203.74,54.12,1,203.74,"USD",1,203.74]
[1369586132,"01",null,"139819",null,"Invoice","Vaddio","B0004","Distributor - National","002","Unassigned","3000","Undefined","3000","ENTER ALTERNATE ADDRESS (US)","AB DISTRIBUTING INC (VADDIO)","Americas LLC",7.37,7.37,"01/11/2021","Standard Distribution","01","AB","0002522266","Standard Order","TA","AV CONTENT CAPTURE (VADDIO)",2021,"2021-01",0,"Vaddio","CAMERA MOUNT","WALL","IT/DMR","002","535-2000-244","AB DISTRIBUTING","AB DISTRIBUTING","Vaddio","3002","60004","E","B0004","B0004P0420","B0004P0420G0014060","Unassigned","THIN PROFILE MNT KIT BLK CONFERENCESHOT","Projection Screens","B0004P0420G0014060","US Camera Profit Center","3000","0096643450","Unassigned","IT Distribution","12","US - Channel Sales","U1DXC1","United States","Americas - LLC","3000","Jack Gerts",null,"Undefined",null,"Ohio","United States","United States","Illinois","DIRECT","AV CAPTURE & COLLABORATION - CAMERAS","4210","0",{"v":0.8377366798767063,"d":"0.84"},45.42,7.37,1,45.42,"USD",1,45.42]
[1369589164,"01",null,"139845",null,"Invoice","Vaddio","B0004","Distributor - National","002","Unassigned","3000","Undefined","3000","ENTER ALTERNATE ADDRESS (US)","HERMAN PRO AV","Americas LLC",108.96,108.96,"12/02/2021","Standard Distribution","01","HERMAN","0002750812","Standard Order","TA","AV CONTENT CAPTURE (VADDIO)",2021,"2021-12",27,"Vaddio","CAM EXTENSIONS","EXT CABLES","AV","001","440-1005-067","","HERMAN PRO AV","Vaddio","3002","33025","F","B0004","B0004P0415","B0004P0415G0014040","Unassigned","ACTIVE OPTICAL USB 3.0 A/B PLENUM 30M","Projection Screens","B0004P0415G0014040","US Camera Profit Center","3000","0098034280","Unassigned","AV Distribution","08","US - Channel Sales","U1DXC1","United States","Americas - LLC","3000","Patrick Mead",null,"Undefined",null,"New York","United States","United States","Unassigned","DIRECT","AV CAPTURE & COLLABORATION - CAMERAS","4210","0",{"v":0.7874822024146204,"d":"0.79"},512.71,108.96,1,512.71,"USD",1,512.71]
[1369623165,"01",null,"133711",null,"Invoice","Vaddio","B0004","Dealer","001","PROFESSIONAL SYSTEMS NETWORK INTL","3000","Undefined","3000","ENTER ALTERNATE ADDRESS (US)","ONE DIVERSIFIED (GA)","Americas LLC",588.54,1177.08,"08/04/2021","Standard Distribution","01","Unassigned","0002698005","Standard Order","TA","AV CONTENT CAPTURE (VADDIO)",2021,"2021-08",0,"Vaddio","SWITCHERS","BRIDGES","AV","001","999-8250-000","","ONE DIVERSIFIED (GA)","Vaddio","3002","30071","E","B0004","B0004P0425","B0004P0425G0014065","Unassigned","AV Bridge 2x1 N/A","Projection Screens","B0004P0425G0014065","US Camera Profit Center","3000","0097491529","Unassigned","AV Integrators","01","South","U1DXP2","United States","Americas - LLC","3000","David Sweeney",null,"Undefined",null,"Texas","United States","United States","Georgia","DIRECT","AV CAPTURE & COLLABORATION - CAMERAS","4210","1",{"v":0.40027818679275085,"d":"0.40"},1962.71,588.54,2,3925.42,"USD",1,3925.42]
[1369623267,"01","130213","130213",null,"Invoice","Vaddio","B0004","Dealer","001","Unassigned","3000","Undefined","3000","WALKER TELECOMM","WALKER TELECOMM","Americas LLC",434.07,434.07,"12/07/2021","Standard Distribution","01","Unassigned","0002779511","Standard Order","TA","AV CONTENT CAPTURE (VADDIO)",2021,"2021-12",31,"Vaddio","CAM EXTENSIONS","EXT HUBS","AV","001","999-1005-032","","WALKER TELECOMM","Vaddio","3002","95692","X","B0004","B0004P0415","B0004P0415G0014045","Unassigned","USB 3.0 EXTENDER SYSTEM N/A","Projection Screens","B0004P0415G0014045","US Camera Profit Center","3000","0098044325","Unassigned","AV Integrators","01","West","U1DXP4","United States","Americas - LLC","3000","Cynthia Podgurski",null,"Undefined",null,"Unassigned","United States","United States","Unassigned","DIRECT","AV CAPTURE & COLLABORATION - CAMERAS","4210","2",{"v":0.6426554486255979,"d":"0.64"},1214.71,434.07,1,1214.71,"USD",1,1214.71]
[1369660807,"01",null,"107419",null,"Invoice","Vaddio","B0004","Distributor - National","002","Unassigned","5000","Undefined","3000","ESISTEMAS, CONSULTRIA DE SISTEMAS D","ESISTEMAS, CONSULTRIA DE SISTEMAS D","Europe BV",678.15,678.15,"04/13/2021","Standard Distribution","01","Unassigned","0002599027","Standard Order","TA","AV CONTENT CAPTURE (VADDIO)",2021,"2021-04",0,"Vaddio","PTZ CAMERA","EXTENSION KIT","AV","001","999-30420-001","","ESISTEMAS, CONSULTRIA DE SISTEMAS D","Weert","5050","4460","X","B0004","B0004P0400","B0004P0400G0014000","Unassigned","PrimeSHOT 20 HDMI Camera Black INT","Projection Screens","B0004P0400G0014000","Europe Camera Profit Center","5000","0800312648","Unassigned","AV Distribution","08","South Europe","E1DX12","Europe, the Middle East, and Africa","Europe - BV","5000","Cm Arnaud Monge",null,"Undefined",null,"Undefined","Portugal","Portugal","Undefined","DIRECT","AV CAPTURE & COLLABORATION - CAMERAS","4210","3",{"v":0.48914484587338414,"d":"0.49"},1327.48,678.15,1,1327.48,"EUR",0.85281,1132.09]
[1369692476,"01","137415","137415",null,"Invoice","Vaddio","B0004","Dealer","001","Unassigned","3000","Undefined","3000","ESCO PTE LTD","ESCO PTE LTD","Americas LLC",8.47,8.47,"06/04/2021","Standard Distribution","01","Unassigned","0002640909","Standard Order","TA","AV CONTENT CAPTURE (VADDIO)",2021,"2021-06",63,"Vaddio","CAMERA MOUNT","WALL","AV","001","535-2000-221","","ESCO PTE LTD","Vaddio","3002","04782","E","B0004","B0004P0420","B0004P0420G0014060","Unassigned","THIN PROFILE WALL MOUNT EAGLEEYE 1-3","Projection Screens","B0004P0420G0014060","US Camera Profit Center","3010","0097243663","Unassigned","AV Integrators","01","Commercial","H1DXXX","Asia Pacific","Export","3010","William Ng",null,"Undefined",null,"Undefined","South Korea","South Korea","Undefined","DIRECT","AV CAPTURE & COLLABORATION - CAMERAS","4210","4",{"v":0.926039119804401,"d":"0.93"},114.52,8.47,1,114.52,"USD",1,114.52]
[1369706657,"01",null,"139819",null,"Invoice","Vaddio","B0004","Distributor - National","002","Unassigned","3000","Undefined","3000","ENTER ALTERNATE ADDRESS (US)","AB DISTRIBUTING INC (VADDIO)","Americas LLC",14.6,87.62,"01/22/2021","Standard Distribution","01","AB","0002532393","Standard Order","TA","AV CONTENT CAPTURE (VADDIO)",2021,"2021-01",0,"Vaddio","Accessories","Power","IT/DMR","002","440-1370-148","AB DISTRIBUTING","AB DISTRIBUTING","Vaddio","3002","60004","F","B0004","B0004P0440","B0004P0440G0014115","Unassigned","POWER SUPPLY 48VDC 1.35A ISOLATED","Other/Misc","B0004P0440G0014115","US Camera Profit Center","3000","0096699960","Unassigned","IT Distribution","12","US - Channel Sales","U1DXC1","United States","Americas - LLC","3000","Jack Gerts",null,"Undefined",null,"Unassigned","United States","United States","Illinois","DIRECT","AV CAPTURE & COLLABORATION - CAMERAS","4210","0",{"v":-0.7040062232594322,"d":"-0.70"},51.42,14.6,6,308.52,"USD",1,308.52]
[1369723841,"01",null,"133222",null,"Invoice","Vaddio","B0004","Dealer","001","Unassigned","3000","Undefined","3000","IES COMMERCIAL","IES COMMUNICATIONS","Americas LLC",7.29,7.29,"03/22/2021","Standard Distribution","01","Unassigned","0002581168","Standard Order","TA","AV CONTENT CAPTURE (VADDIO)",2021,"2021-03",18,"Vaddio","CAMERA MOUNT","WALL","AV","001","535-2000-244","","IES COMMUNICATIONS","Vaddio","3002","85282","E","B0004","B0004P0420","B0004P0420G0014060","Unassigned","THIN PROFILE MNT KIT BLK CONFERENCESHOT","Projection Screens","B0004P0420G0014060","US Camera Profit Center","3000","0096941283","Unassigned","AV Integrators","01","West","U1DXP4","United States","Americas - LLC","3000","Comm So Cal - Shomper/Yates",null,"Undefined",null,"Unassigned","United States","United States","Arizona","DIRECT","AV CAPTURE & COLLABORATION - CAMERAS","4210","1",{"v":0.8587483045921334,"d":"0.86"},51.61,7.29,1,51.61,"USD",1,51.61]
[1369726055,"01",null,"131672",null,"EDI Invoice","Vaddio","B0004","Dealer","001","Unassigned","3000","Undefined","3000","ENTER ALTERNATE ADDRESS (US)","AVI-SPL LLC","Americas LLC",95.25,95.25,"12/17/2021","Standard Distribution","01","Unassigned","0041002580","EDI Order","ZEDI","AV CONTENT CAPTURE (VADDIO)",2021,"2021-12",27,"Vaddio","CAMERA MOUNT","CEILING","AV","001","535-2000-293","AVI-SPL","AVI-SPL","Vaddio","3002","33634","E","B0004","B0004P0420","B0004P0420G0014055","Unassigned","DROP DN MT FOR LARGE PTZ CAMERAS - LONG","Projection Screens","B0004P0420G0014055","US Camera Profit Center","3000","0098123390","Unassigned","AV Integrators","01","MidWest","U1DXP3","United States","Americas - LLC","3000","Brian Mungo",null,"Undefined",null,"Unassigned","United States","United States","Unassigned","DIRECT","AV CAPTURE & COLLABORATION - CAMERAS","4210","1",{"v":0.6356159143075746,"d":"0.64"},261.4,95.25,1,261.4,"USD",1,261.4]
[1369750735,"01","138749","138749",null,"Invoice","Vaddio","B0004","Distributor - National","002","Unassigned","5000","Undefined","3000","K ELECTRONICS AV PRO","K ELECTRONICS AV PRO","Europe BV",1352.8,1352.8,"06/24/2021","Standard Distribution","01","Unassigned","0002652114","Standard Order","TA","AV CONTENT CAPTURE (VADDIO)",2021,"2021-06",0,"Vaddio","CONTROL","PRESENTER","AV","001","999-7270-001B","","K ELECTRONICS AV PRO","Weert","5050","20100","X","B0004","B0004P0430","B0004P0430G0014080","Unassigned","ROBOTRAK AUTO IR SYSTEM INT","Projection Screens","B0004P0430G0014080","Europe Camera Profit Center","5000","0800327935","Unassigned","AV Distribution","08","Africa","E1DX14","Europe, the Middle East, and Africa","Europe - BV","5000","Cm Arnaud Monge",null,"Undefined",null,"Undefined","Morocco","Morocco","Undefined","DIRECT","AV CAPTURE & COLLABORATION - CAMERAS","4210","3",{"v":0.17834843662690414,"d":"0.18"},1646.44,1352.8,1,1646.44,"EUR",0.81974,1349.65]
[1369750768,"01","133142","133142",null,"Invoice","Vaddio","B0004","Dealer","001","Unassigned","3000","Undefined","3000","MCA COMMUNICATIONS INC.","MCA COMMUNICATIONS INC.","Americas LLC",212.6,212.6,"05/04/2021","Standard Distribution","01","Unassigned","0002617306","Standard Order","TA","AV CONTENT CAPTURE (VADDIO)",2021,"2021-05",0,"Vaddio","CONTROL","CAMERA","AV","001","999-42300-000","","MCA COMMUNICATIONS INC.","Vaddio","3002","77018","E","B0004","B0004P0430","B0004P0430G0014075","Unassigned","Vaddio Device Controller","Projection Screens","B0004P0430G0014075","US Camera Profit Center","3000","0097093990","Unassigned","AV Integrators","01","South","U1DXP2","United States","Americas - LLC","3000","David Sweeney",null,"Undefined",null,"Texas","United States","United States","Texas","DIRECT","AV CAPTURE & COLLABORATION - CAMERAS","4210","2",{"v":0.5605167958656331,"d":"0.56"},483.75,212.6,1,483.75,"USD",1,483.75]
[1369754621,"01",null,"139842",null,"Invoice","Vaddio","B0004","Distributor - National","002","Unassigned","3000","Undefined","3000","ENTER ALTERNATE ADDRESS (US)","ALMO DISTRIBUTING PA INC (VADDIO)","Americas LLC",6.05,84.71,"05/17/2021","Standard Distribution","01","ALMO","0002628158","Standard Order","TA","AV CONTENT CAPTURE (VADDIO)",2021,"2021-05",1,"Vaddio","Accessories","RACK","AV","001","998-6000-005","","ALMO DISTRIBUTING PA INC (VADDIO)","Vaddio","3002","19154","E","B0004","B0004P0440","B0004P0440G0014120","Unassigned","UNDER TABLE MOUNTING BRACKET","Other/Misc","B0004P0440G0014120","US Camera Profit Center","3000","0097174784","Unassigned","AV Distribution","08","US - Channel Sales","U1DXC1","United States","Americas - LLC","3000","Patrick Mead",null,"Undefined",null,"Unassigned","United States","United States","Unassigned","DIRECT","AV CAPTURE & COLLABORATION - CAMERAS","4210","0",{"v":-2.0893508388037922,"d":"-2.09"},27.42,6.05,14,383.88,"USD",1,383.88]
[1369764899,"01","134885","134885",null,"Invoice","Vaddio","B0004","Dealer","001","USAV BUYING GROUP","3000","Undefined","3000","USIS AUDIO VISUAL INC","USIS AUDIO VISUAL INC","Americas LLC",807.49,807.49,"02/07/2022","Standard Distribution","01","Unassigned","0002845286","Standard Order","TA","AV CONTENT CAPTURE (VADDIO)",2022,"2022-02",28,"Vaddio","PTZ CAMERA","NATIVE","AV","001","999-21100-000W","","USIS AUDIO VISUAL INC","Vaddio","3002","10965","E","B0004","B0004P0400","B0004P0400G0014005","Unassigned","IntelliSHOT USB Camera WHT","Projection Screens","B0004P0400G0014005","US Camera Profit Center","3000","0098379876","Unassigned","AV Integrators","01","NorthEast","U1DXP1","United States","Americas - LLC","3000","Steve Joyce",null,"Undefined",null,"New York","United States","United States","New York","DIRECT","AV CAPTURE & COLLABORATION - CAMERAS","4210","1",{"v":0.506792001074993,"d":"0.51"},1637.22,807.49,1,1637.22,"USD",1,1637.22]
[1369806775,"01",null,"145767",null,"Invoice","Vaddio","B0004","Distributor - National","002","Unassigned","3200","Undefined","3000","ENTER ALTERNATE ADDRESS (CANADA)","DATAVISUAL - CAD CURRENCY ONLY","Canada ULC",34.26,68.52,"08/12/2021","Standard Distribution","01","Unassigned","0002697855","Standard Order","TA","AV CONTENT CAPTURE (VADDIO)",2021,"2021-08",0,"Vaddio","Accessories","Power","AV","001","451-2000-024","","DATAVISUAL - CAD CURRENCY ONLY","Vaddio","3002","K1J 0B3","F","B0004","B0004P0440","B0004P0440G0014115","Unassigned","PS 24VDC 2.08A WITH FIG 8 WITH AC CORD","Other/Misc","B0004P0440G0014115","Canada Camera Profit Center","3200","0097536605","Unassigned","AV Distribution","08","Central","C1XXP3","Canada","Canada - ULC","3200","David Galos",null,"Undefined",null,"New York","United States","Canada","Ontario","DIRECT","AV CAPTURE & COLLABORATION - CAMERAS","4210","1",{"v":-0.2806279786935799,"d":"-0.28"},53.505,34.26,2,107.01,"CAD",1.24386,133.11]
[1369807698,"01",null,"139846",null,"EDI Invoice","Vaddio","B0004","Distributor - National","002","Unassigned","3000","Undefined","3000","ENTER ALTERNATE ADDRESS (US)","SYNNEX - CA (VADDIO)","Americas LLC",597.7,1793.1,"11/30/2021","Standard Distribution","01","SYNNEX","0040942466","EDI Order","ZEDI","AV CONTENT CAPTURE (VADDIO)",2021,"2021-11",0,"Vaddio","CAM EXTENSIONS","EXT HUBS","IT/DMR","002","999-1005-032","","SYNNEX - CA (VADDIO)","Vaddio","3002","94538","X","B0004","B0004P0415","B0004P0415G0014045","Unassigned","USB 3.0 EXTENDER SYSTEM N/A","Projection Screens","B0004P0415G0014045","US Camera Profit Center","3000","0098027216","Unassigned","IT Distribution","12","US - Channel Sales","U1DXC1","United States","Americas - LLC","3000","Beth Roberson",null,"Undefined",null,"West Virginia","United States","United States","Unassigned","DIRECT","AV CAPTURE & COLLABORATION - CAMERAS","4210","0",{"v":-0.6774561715344172,"d":"-0.68"},1068.94,597.7,3,3206.82,"USD",1,3206.82]
[1369838180,"01",null,"131672",null,"EDI Invoice","Vaddio","B0004","Dealer","001","Unassigned","3000","Undefined","3000","ENTER ALTERNATE ADDRESS (US)","AVI-SPL LLC","Americas LLC",54.85,1042.06,"09/09/2021","Standard Distribution","01","Unassigned","0040904055","EDI Order","ZEDI","AV CONTENT CAPTURE (VADDIO)",2021,"2021-09",0,"Vaddio","CAMERA MOUNT","INWALL","AV","001","999-2225-020","AVI-SPL","AVI-SPL","Vaddio","3002","33634","E","B0004","B0004P0420","B0004P0420G0014050","Unassigned","IN-WALL ENCLOSURE FOR PRECISION 60 CAMS","Projection Screens","B0004P0420G0014050","US Camera Profit Center","3000","0097656830","Unassigned","AV Integrators","01","West","U1DXP4","United States","Americas - LLC","3000","Abbi Rath",null,"Undefined",null,"Unassigned","United States","United States","Unassigned","DIRECT","AV CAPTURE & COLLABORATION - CAMERAS","4210","1",{"v":-3.5009502418797505,"d":"-3.50"},231.52,54.85,19,4398.88,"USD",1,4398.88]
[1369857024,"01","133809","133809",null,"Invoice","Vaddio","B0004","Dealer","001","PROFESSIONAL SYSTEMS NETWORK INTL","3000","Undefined","3000","TIERNEY BROTHERS INC.","TIERNEY BROTHERS INC.","Americas LLC",616.71,1233.42,"05/05/2021","Standard Distribution","01","Unassigned","0002619059","Standard Order","TA","AV CONTENT CAPTURE (VADDIO)",2021,"2021-05",18,"Vaddio","SWITCHERS","BRIDGES","AV","001","999-8250-000","TIERNEY BROTHERS INC.","TIERNEY BROTHERS INC.","Vaddio","3002","55108","E","B0004","B0004P0425","B0004P0425G0014065","Unassigned","AV Bridge 2x1 N/A","Projection Screens","B0004P0425G0014065","US Camera Profit Center","3000","0097121123","Unassigned","AV Integrators","01","MidWest","U1DXP3","United States","Americas - LLC","3000","Kristin Dacey",null,"Undefined",null,"Unassigned","United States","United States","Unassigned","DIRECT","AV CAPTURE & COLLABORATION - CAMERAS","4210","1",{"v":0.34618605883912,"d":"0.35"},1886.5,616.71,2,3773,"USD",1,3773]
[1369859758,"01","136943","136943",null,"Invoice","Vaddio","B0004","Dealer","001","Unassigned","3000","Undefined","3000","LANTEK COMMUNICATIONS INC.","LANTEK COMMUNICATIONS INC.","Americas LLC",398.53,797.06,"05/14/2021","Standard Distribution","01","Unassigned","0002624654","Standard Order","TA","AV CONTENT CAPTURE (VADDIO)",2021,"2021-05",18,"Vaddio","SWITCHERS","BRIDGES","AV","001","999-8240-000","","LANTEK COMMUNICATIONS INC.","Vaddio","3002","75050","E","B0004","B0004P0425","B0004P0425G0014065","Unassigned","AV Bridge Mini N/A","Projection Screens","B0004P0425G0014065","US Camera Profit Center","3000","0097160780","Unassigned","AV Integrators","01","South","U1DXP2","United States","Americas - LLC","3000","Ken Phillips",null,"Undefined",null,"Texas","United States","United States","Texas","DIRECT","AV CAPTURE & COLLABORATION - CAMERAS","4210","2",{"v":0.4311711853157584,"d":"0.43"},1401.23,398.53,2,2802.46,"USD",1,2802.46]
[1369882539,"01",null,"153742",null,"Invoice","Vaddio","B0004","Dealer","001","Unassigned","3000","Undefined","3000","ACTION CARGO TRANSPORT","AUDIO VISUAL CONCEPTS - PUERTO RICO","Americas LLC",284.25,1989.72,"07/16/2021","Standard Distribution","01","Unassigned","0002670515","Standard Order","TA","AV CONTENT CAPTURE (VADDIO)",2021,"2021-07",0,"Vaddio","CAM EXTENSIONS","EXT CABLES","AV","001","440-1005-023","","AUDIO VISUAL CONCEPTS - USE 153742","Vaddio","3002","00970","F","B0004","B0004P0415","B0004P0415G0014040","Unassigned","CABLE ACTIVE 3.0 TYPE-A TO B M/M 20M","Projection Screens","B0004P0415G0014040","US Camera Profit Center","3010","0097415910","Unassigned","AV Integrators","01","Latin Am","U1IXX3","Mexico and Latin America","Export","3010","Andres Garrido",null,"Undefined",null,"Unassigned","United States","Puerto Rico","Undefined","DIRECT","AV CAPTURE & COLLABORATION - CAMERAS","4210","1",{"v":-4.5795406746866325,"d":"-4.58"},356.61,284.25,7,2496.27,"USD",1,2496.27]
[1369882560,"01",null,"107518",null,"Invoice","Vaddio","B0004","Distributor - National","002","Unassigned","5000","Undefined","3000","MIDWICH LTD","MIDWICH LIMITED","Europe BV",643.85,643.85,"03/26/2021","Standard Distribution","01","Unassigned","0002584731","Standard Order","TA","AV CONFERENCING (VADDIO)",2021,"2021-03",0,"Vaddio","CONFERENCE","ROOM SYSTEM","AV","001","999-60320-000","","MIDWICH LIMITED","Weert","5050","IP22 4YT","X","B0004","B0004P0435","B0004P0435G0014100","Unassigned","EasyIP Mixer System Global","Projection Screens","B0004P0435G0014100","Europe Camera Profit Center","5000","0800309009","Unassigned","AV Distribution","08","UK/Ireland","E1DXX4","Europe, the Middle East, and Africa","Europe - BV","5000","Cm Marcus Bond",null,"Undefined",null,"Undefined","United Kingdom","United Kingdom","Undefined","DIRECT","AV CAPTURE & COLLABORATION - CAMERAS","4210","1",{"v":0.5966761883284472,"d":"0.60"},1596.36,643.85,1,1596.36,"EUR",0.82481,1316.69]
[1369885170,"01",null,"133074",null,"Invoice","Vaddio","B0004","Dealer","001","Unassigned","3000","Undefined","3000","1TST - MILESTONE INC. SAVAGE (3000)","M3 TECHNOLOGY GROUP INC","Americas LLC",10.19,10.19,"02/01/2021","Standard Distribution","01","Unassigned","0002538469","Standard Order","TA","AV CONTENT CAPTURE (VADDIO)",2021,"2021-02",0,"Vaddio","Accessories","RACK","AV","001","998-6000-006","","M3 TECHNOLOGY GROUP INC","Vaddio","3002","37217","E","B0004","B0004P0440","B0004P0440G0014120","Unassigned","DUAL 1/2 RACK MOUNTING KIT","Other/Misc","B0004P0440G0014120","US Camera Profit Center","3000","0096724899","Unassigned","AV Integrators","01","South","U1DXP2","United States","Americas - LLC","3000","Kalee Luke",null,"Undefined",null,"Unassigned","United States","United States","Unassigned","DIRECT","AV CAPTURE & COLLABORATION - CAMERAS","4210","1",{"v":0.8739173471912893,"d":"0.87"},80.82,10.19,1,80.82,"USD",1,80.82]
[1369888395,"01","139896","139896",null,"Invoice","Vaddio","B0004","Dealer","001","Unassigned","3000","Undefined","3000","EXCEL COMMUNICATIONS WORLDWIDE, INC","EXCEL COMMUNICATIONS WORLDWIDE, INC","Americas LLC",26.95,350.39,"05/27/2021","Standard Distribution","01","Unassigned","0002636188","Standard Order","TA","AV CONTENT CAPTURE (VADDIO)",2021,"2021-05",0,"Vaddio","CAMERA MOUNT","CEILING","AV","001","535-2000-206","","EXCEL COMMUNICATIONS WORLDWIDE, INC","Vaddio","3002","19438","E","B0004","B0004P0420","B0004P0420G0014055","Unassigned","SUSPENDED CEILING PTZ CAMERA MOUNT","Projection Screens","B0004P0420G0014055","US Camera Profit Center","3000","0097206725","C & C TECHNOLOGY GROUP","AV Integrators","01","NorthEast","U1DXP1","United States","Americas - LLC","3000","Alexandra  Trop",null,"Undefined",null,"Unassigned","United States","United States","Unassigned","DIRECT","AV CAPTURE & COLLABORATION - CAMERAS","4210","2",{"v":-4.118171194858312,"d":"-4.12"},68.46,26.95,13,889.98,"USD",1,889.98]
[1369912645,"01","113836","113836",null,"Invoice","Vaddio","B0004","Distributor - National","002","Unassigned","5000","Undefined","3000","SANEL N.V.","SANEL N.V.","Europe BV",1078.29,2156.57,"07/13/2021","Standard Distribution","01","Unassigned","0002678600","Standard Order","TA","AV CONTENT CAPTURE (VADDIO)",2021,"2021-07",0,"Vaddio","PTZ CAMERA","NATIVE","AV","001","999-99400-001","","SANEL N.V.","Weert","5050","2500","X","B0004","B0004P0400","B0004P0400G0014005","Unassigned","ROBOSHOT 12E HDMI INTL","Projection Screens","B0004P0400G0014005","Europe Camera Profit Center","5000","0800330664","Unassigned","AV Distribution","08","Benelux","E1DXX6","Europe, the Middle East, and Africa","Europe - BV","5000","Cm Dennis Driessen",null,"Undefined",null,"Undefined","Belgium","Belgium","Undefined","DIRECT","AV CAPTURE & COLLABORATION - CAMERAS","4210","2",{"v":-0.15210928255277545,"d":"-0.15"},1871.845,1078.29,2,3743.69,"EUR",0.84161,3150.73]
[1369941037,"01",null,"133025",null,"Invoice","Vaddio","B0004","Dealer","001","Unassigned","3000","Undefined","3000","ENTER ALTERNATE ADDRESS (US)","MCCANN SYSTEMS-ACCOUNTS PAYABLE","Americas LLC",75.56,75.56,"12/16/2021","Standard Distribution","01","Unassigned","0002807589","Standard Order","TA","AV CONTENT CAPTURE (VADDIO)",2021,"2021-12",27,"Vaddio","CAMERA MOUNT","CEILING","AV","001","535-2000-290","","MCCANN SYSTEMS-ACCOUNTS PAYABLE","Vaddio","3002","08837","E","B0004","B0004P0420","B0004P0420G0014055","Unassigned","DROP DN MT FOR SMALL PTZ CAMERAS - SHORT","Projection Screens","B0004P0420G0014055","US Camera Profit Center","3000","0098120943","Unassigned","AV Integrators","01","NorthEast","U1DXP1","United States","Americas - LLC","3000","Steve Joyce",null,"Undefined",null,"Illinois","United States","United States","New Jersey","DIRECT","AV CAPTURE & COLLABORATION - CAMERAS","4210","1",{"v":0.6254770755885997,"d":"0.63"},201.75,75.56,1,201.75,"USD",1,201.75]
[1369941139,"01",null,"124326",null,"Invoice","Vaddio","B0004","Dealer","001","Unassigned","3000","Undefined","3000","G-GLOBAL LOGISTICS INC","AVIT SOLUTIONS","Americas LLC",81.47,81.47,"06/17/2021","Standard Distribution","01","Unassigned","0002657972","Standard Order","TA","AV CONTENT CAPTURE (VADDIO)",2021,"2021-06",18,"Vaddio","CAMERA MOUNT","CEILING","AV","001","535-2000-293","","AVIT SOLUTIONS","Vaddio","3002","91910","E","B0004","B0004P0420","B0004P0420G0014055","Unassigned","DROP DN MT FOR LARGE PTZ CAMERAS - LONG","Projection Screens","B0004P0420G0014055","US Camera Profit Center","3010","0097290680","MULTI GLOBAL TRADING S.A. DE C","AV Integrators","01","Mexico","U1IXX2","Mexico and Latin America","Export","3010","Andres Garrido",null,"Undefined",null,"Unassigned","United States","United States","Unassigned","DIRECT","AV CAPTURE & COLLABORATION - CAMERAS","4210","4",{"v":0.6693721845704315,"d":"0.67"},246.41,81.47,1,246.41,"USD",1,246.41]
[1369973811,"01",null,"133828",null,"Credit Memo","Vaddio","B0004","Dealer","001","Unassigned","3000","Undefined","3000","ENTER ALTERNATE ADDRESS (US)","VSGI - VA","Americas LLC",0,0,"03/04/2021","Standard Distribution","01","Unassigned","0060478268","Invoice Correct. Req","RK","AV CONTENT CAPTURE (VADDIO)",2021,"2021-03",-132,"Vaddio","Accessories","RACK","AV","001","998-6000-004","","VSGI - VA","Vaddio","3002","22102","E","B0004","B0004P0440","B0004P0440G0014120","Unassigned","SINGLE 1/2 RACK MOUNTING KIT","Other/Misc","B0004P0440G0014120","US Camera Profit Center","3000","0096889176","Unassigned","AV Integrators","01","NorthEast","U1DXP1","United States","Americas - LLC","3000","Nathan Craine",null,"Undefined",null,"Georgia","United States","United States","Unassigned","DIRECT","AV CAPTURE & COLLABORATION - CAMERAS","4210","1",{"v":0,"d":"0.00"},null,0,0,-56.48,"USD",1,-56.48]
[1370003696,"01",null,"132452",null,"Invoice","Vaddio","B0004","Dealer","001","Unassigned","3000","Undefined","3000","FORD AUDIO VIDEO SYS - HOUSTON","FORD AUDIO VIDEO SYS INC","Americas LLC",1640.11,1640.11,"06/17/2021","Standard Distribution","01","Unassigned","0002652272","Standard Order","TA","AV CONTENT CAPTURE (VADDIO)",2021,"2021-06",18,"Vaddio","PTZ CAMERA","EXTENSION KIT","AV","001","999-99600-200W","FORD AUDIO VIDEO SYS INC","FORD AUDIO VIDEO SYS INC","Vaddio","3002","73128","E","B0004","B0004P0400","B0004P0400G0014000","Unassigned","RoboSHOT 12E OneLINK BRIDGE SYS WHT","Projection Screens","B0004P0400G0014000","US Camera Profit Center","3000","0097291983","Unassigned","AV Integrators","01","South","U1DXP2","United States","Americas - LLC","3000","David Sweeney",null,"Undefined",null,"Texas","United States","United States","Oklahoma","DIRECT","AV CAPTURE & COLLABORATION - CAMERAS","4210","1",{"v":0.6180212030593518,"d":"0.62"},4293.72,1640.11,1,4293.72,"USD",1,4293.72]
[1370003768,"01","139815","139815",null,"Invoice","Vaddio","B0004","Distributor - National","002","Unassigned","5000","Undefined","3000","VIDENDA DISTRIBUTION LTD.","VIDENDA DISTRIBUTION LTD.","Europe BV",741.2,741.2,"03/08/2021","Standard Distribution","01","Unassigned","0002544254","Standard Order","TA","AV CONTENT CAPTURE (VADDIO)",2021,"2021-03",0,"Vaddio","PTZ CAMERA","EXTENSION KIT","AV","001","999-30420-001W","","VIDENDA DISTRIBUTION LTD.","Weert","5050","D24 HT91","X","B0004","B0004P0400","B0004P0400G0014000","Unassigned","PrimeSHOT 20 HDMI Camera White INT","Projection Screens","B0004P0400G0014000","Europe Camera Profit Center","5000","0800304858","Unassigned","AV Distribution","08","UK/Ireland","E1DXX4","Europe, the Middle East, and Africa","Europe - BV","5000","Ciaran Flynn",null,"Undefined",null,"Unassigned","Ireland","Ireland","Unassigned","DIRECT","AV CAPTURE & COLLABORATION - CAMERAS","4210","3",{"v":0.513979961181346,"d":"0.51"},1525.04,741.2,1,1525.04,"EUR",0.82481,1257.87]
[1370012027,"01",null,"139842",null,"Invoice","Vaddio","B0004","Distributor - National","002","Unassigned","3000","Undefined","3000","ONE TIME - BID SHIP TO ONLY","ALMO DISTRIBUTING PA INC (VADDIO)","Americas LLC",784.33,784.33,"05/14/2021","Standard Distribution","01","ALMO","0002615743","Standard Order","TA","AV CONFERENCING (VADDIO)",2021,"2021-05",6,"Vaddio","CONFERENCE","AUDIO KIT","AV","001","999-88100-000","","ALMO DISTRIBUTING PA INC (VADDIO)","Vaddio","3002","19154","E","B0004","B0004P0435","B0004P0435G0014095","Unassigned","EasyUSB MicPOD I/O w/Four C-MICs N/A","Projection Screens","B0004P0435G0014095","US Camera Profit Center","3000","0097170628","Unassigned","AV Distribution","08","US - Channel Sales","U1DXC1","United States","Americas - LLC","3000","Patrick Mead",null,"Undefined",null,"Unassigned","United States","United States","Unassigned","DIRECT","AV CAPTURE & COLLABORATION - CAMERAS","4210","0",{"v":0.5719633920726483,"d":"0.57"},1832.39,784.33,1,1832.39,"USD",1,1832.39]
[1370012048,"01",null,"139841",null,"EDI Invoice","Vaddio","B0004","Distributor - National","002","Unassigned","3000","Undefined","3000","ENTER ALTERNATE ADDRESS (US)","EXERTIS (VADDIO)","Americas LLC",226.65,906.58,"07/29/2021","Standard Distribution","01","STAMPEDE","0040870354","EDI Order","ZEDI","AV CONFERENCING (VADDIO)",2021,"2021-07",27,"Vaddio","CONFERENCE","AUDIO","AV","001","999-85810-000","STAMPEDE PRESENTATION","STAMPEDE PRESENTATION","Vaddio","3002","14228","E","B0004","B0004P0435","B0004P0435G0014090","Unassigned","EasyIP CeilingMIC D White","Projection Screens","B0004P0435G0014090","US Camera Profit Center","3000","0097480608","Unassigned","AV Distribution","08","US - Channel Sales","U1DXC1","United States","Americas - LLC","3000","Patrick Mead",null,"Undefined",null,"Unassigned","United States","United States","New York","DIRECT","AV CAPTURE & COLLABORATION - CAMERAS","4210","0",{"v":-0.5351971957394206,"d":"-0.54"},590.53,226.65,4,2362.12,"USD",1,2362.12]
[1370024628,"01",null,"132452",null,"Invoice","Vaddio","B0004","Dealer","001","Unassigned","3000","Undefined","3000","ENTER ALTERNATE ADDRESS (US)","FORD AUDIO VIDEO SYS INC","Americas LLC",81.7,245.11,"01/27/2022","Standard Distribution","01","Unassigned","0002837509","Standard Order","TA","AV CONTENT CAPTURE (VADDIO)",2022,"2022-01",29,"Vaddio","CAMERA MOUNT","CEILING","AV","001","535-2000-291","FORD AUDIO VIDEO SYS INC","FORD AUDIO VIDEO SYS INC","Vaddio","3002","73128","E","B0004","B0004P0420","B0004P0420G0014055","Unassigned","DROP DN MT FOR SMALL PTZ CAMERAS - LONG","Projection Screens","B0004P0420G0014055","US Camera Profit Center","3000","0098329622","Unassigned","AV Integrators","01","NorthEast","U1DXP1","United States","Americas - LLC","3000","Nathan Craine",null,"Undefined",null,"Unassigned","United States","United States","Oklahoma","DIRECT","AV CAPTURE & COLLABORATION - CAMERAS","4210","1",{"v":-0.03186831691504599,"d":"-0.03"},237.54,81.7,3,712.62,"USD",1,712.62]
[1370041034,"01",null,"139845",null,"Invoice","Vaddio","B0004","Distributor - National","002","Unassigned","3000","Undefined","3000","ENTER ALTERNATE ADDRESS (US)","HERMAN PRO AV","Americas LLC",805.14,805.14,"09/03/2021","Standard Distribution","01","HERMAN","0002718750","Standard Order","TA","AV CONTENT CAPTURE (VADDIO)",2021,"2021-09",27,"Vaddio","PTZ CAMERA","NATIVE","AV","001","999-21100-000","","HERMAN PRO AV","Vaddio","3002","33025","E","B0004","B0004P0400","B0004P0400G0014005","Unassigned","IntelliSHOT USB Camera BLK","Projection Screens","B0004P0400G0014005","US Camera Profit Center","3000","0097642657","Unassigned","AV Distribution","08","US - Channel Sales","U1DXC1","United States","Americas - LLC","3000","Patrick Mead",null,"Undefined",null,"Unassigned","United States","United States","Unassigned","DIRECT","AV CAPTURE & COLLABORATION - CAMERAS","4210","0",{"v":0.418814153926112,"d":"0.42"},1385.34,805.14,1,1385.34,"USD",1,1385.34]
[1370089685,"01","133712","133712",null,"Invoice","Vaddio","B0004","Dealer","001","USAV BUYING GROUP","3000","Undefined","3000","TEMPEST TECH  WA","TEMPEST TECH  WA","Americas LLC",2104.34,2104.34,"01/13/2022","Standard Distribution","01","Unassigned","0002819915","Standard Order","TA","AV CONTENT CAPTURE (VADDIO)",2022,"2022-01",0,"Vaddio","PTZ CAMERA","EXTENSION KIT","AV","001","999-9950-200W","","TEMPEST TECH  WA","Vaddio","3002","98027","E","B0004","B0004P0400","B0004P0400G0014000","Unassigned","RoboSHOT 20 UHD OL BRIDGE SYS WHT N/A","Projection Screens","B0004P0400G0014000","US Camera Profit Center","3000","0098264574","Unassigned","AV Integrators","01","West","U1DXP4","United States","Americas - LLC","3000","Abbi Rath",null,"Undefined",null,"Unassigned","United States","United States","Unassigned","DIRECT","AV CAPTURE & COLLABORATION - CAMERAS","4210","2",{"v":0.6535546888505109,"d":"0.65"},6074.09,2104.34,1,6074.09,"USD",1,6074.09]
[1370139566,"01",null,"133557",null,"Invoice","Vaddio","B0004","Dealer","001","Unassigned","3000","Undefined","3000","SKC WAREHOUSE - LENEXA","SKC COMMUNICATION PRODUCTS LLC","Americas LLC",1760.46,1760.46,"09/03/2021","Standard Distribution","01","Unassigned","0002721718","Standard Order","TA","AV CONTENT CAPTURE (VADDIO)",2021,"2021-09",9,"Vaddio","PTZ CAMERA","EXTENSION KIT","AV","001","999-9950-100W","","SKC COMMUNICATION PRODUCTS LLC","Vaddio","3002","66227","E","B0004","B0004P0400","B0004P0400G0014000","Unassigned","ROBOSHOT 20 UHD ONELINK HDMI SYS-WHT N/A","Projection Screens","B0004P0400G0014000","US Camera Profit Center","3000","0097620490","Unassigned","AV Integrators","01","MidWest","U1DXP3","United States","Americas - LLC","3000","Andre White",null,"Undefined",null,"Kansas","United States","United States","Kansas","DIRECT","AV CAPTURE & COLLABORATION - CAMERAS","4210","1",{"v":0.6505005866482434,"d":"0.65"},5037.09,1760.46,1,5037.09,"USD",1,5037.09]
[1370140647,"01",null,"132696",null,"Invoice","Vaddio","B0004","Dealer","001","Unassigned","3000","Undefined","3000","ENTER ALTERNATE ADDRESS (US)","HOWARD INDUSTRIES INC","Americas LLC",1041.96,1041.96,"04/06/2021","Standard Distribution","01","Unassigned","0002594581","Standard Order","TA","AV CONFERENCING (VADDIO)",2021,"2021-04",16,"Vaddio","CONFERENCE","ROOM SYSTEM","AV","001","999-99950-700B","","HOWARD INDUSTRIES INC","Vaddio","3002","39437","E","B0004","B0004P0435","B0004P0435G0014100","Unassigned","CSAV SYS CEILINGMIC 2 (W/O SPKR)","Projection Screens","B0004P0435G0014100","US Camera Profit Center","3000","0097008721","Unassigned","AV Integrators","01","South","U1DXP2","United States","Americas - LLC","3000","David Sweeney",null,"Undefined",null,"Unassigned","United States","United States","Unassigned","DIRECT","AV CAPTURE & COLLABORATION - CAMERAS","4210","1",{"v":0.5375766666962535,"d":"0.54"},2253.26,1041.96,1,2253.26,"USD",1,2253.26]
[1370143115,"01","139825","139825",null,"Invoice Repair","Vaddio","B0004","Distributor - National","002","Unassigned","5000","Undefined","3000","PRODYTEL DISTRIBUTION GMBH","PRODYTEL DISTRIBUTION GMBH","Europe BV",0,0,"12/24/2021","Standard Distribution","01","Unassigned","0065107727","Undefined","00","AV CONTENT CAPTURE (VADDIO)",2021,"2021-12",0,"Vaddio","SERVICE","ADV_REPL","AV","001","ADV_REPL","","PRODYTEL DISTRIBUTION GMBH","Weert","5050","90547","U","B0004","B0004P0445","B0004P0445G0014155","Unassigned","Advanced Replacement","Other/Misc","B0004P0445G0014155","Europe Camera Profit Center","5000","0004396491","Unassigned","AV Distribution","08","GAS","E1DXX8","Europe, the Middle East, and Africa","Europe - BV","5000","Cm Simone Freund",null,"Undefined",null,"Undefined","Germany","Germany","Undefined","DIRECT","AV CAPTURE & COLLABORATION - CAMERAS","4210","2",{"v":0,"d":"0.00"},1526.57,0,-1,-1526.57,"EUR",0.87982,-1343.11]
[1370152042,"01",null,"131713",null,"Invoice","Vaddio","B0004","Dealer","001","Unassigned","3000","Undefined","3000","1TST - MILESTONE INC. SAVAGE (3000)","ADVANCED VIDEO GROUP INC.","Americas LLC",29.3,29.3,"01/19/2022","Standard Distribution","01","Unassigned","0002832135","Standard Order","TA","AV CONTENT CAPTURE (VADDIO)",2022,"2022-01",28,"Vaddio","CAMERA MOUNT","CEILING","AV","001","535-2000-206","","ADVANCED VIDEO GROUP INC.","Vaddio","3002","29063","E","B0004","B0004P0420","B0004P0420G0014055","Unassigned","SUSPENDED CEILING PTZ CAMERA MOUNT","Projection Screens","B0004P0420G0014055","US Camera Profit Center","3000","0098293333","Unassigned","AV Integrators","01","South","U1DXP2","United States","Americas - LLC","3000","Bradley Carson",null,"Undefined",null,"Unassigned","United States","United States","Unassigned","DIRECT","AV CAPTURE & COLLABORATION - CAMERAS","4210","2",{"v":0.6203679709769371,"d":"0.62"},77.18,29.3,1,77.18,"USD",1,77.18]
[1370166295,"01","133765","133765",null,"Invoice","Vaddio","B0004","Dealer","001","USAV BUYING GROUP","3000","Undefined","3000","STAGE FRONT PRESENTATION SYS","STAGE FRONT PRESENTATION SYS","Americas LLC",1207.73,1207.73,"01/26/2022","Standard Distribution","01","Unassigned","0002830882","Standard Order","TA","AV CONTENT CAPTURE (VADDIO)",2022,"2022-01",0,"Vaddio","PTZ CAMERA","EXTENSION KIT","AV","001","999-99630-100","","STAGE FRONT PRESENTATION SYS","Vaddio","3002","31405","E","B0004","B0004P0400","B0004P0400G0014000","Unassigned","RoboSHOT 30E OneLINK HDMI SYS","Projection Screens","B0004P0400G0014000","US Camera Profit Center","3000","0098323200","Unassigned","AV Integrators","01","South","U1DXP2","United States","Americas - LLC","3000","Angela Tener",null,"Undefined",null,"Georgia","United States","United States","Georgia","DIRECT","AV CAPTURE & COLLABORATION - CAMERAS","4210","2",{"v":0.6991408151419809,"d":"0.70"},4014.27,1207.73,1,4014.27,"USD",1,4014.27]
[1370201389,"01",null,"133752",null,"Invoice","Vaddio","B0004","Dealer","001","AZIONE UNLIMITED","3000","Undefined","3000","SPECTRA AUDIO DESIGN GROUP LTD","SPECTRA AUDIO DESIGN - NY","Americas LLC",6.03,6.03,"08/10/2021","Standard Distribution","01","Unassigned","0002695090","Standard Order","TA","AV CONTENT CAPTURE (VADDIO)",2021,"2021-08",0,"Vaddio","Accessories","RAW","AV","001","802-3264","SPECTRA AUDIO DESIGN","SPECTRA AUDIO DESIGN","Vaddio","3002","10010","F","B0004","B0004P0440","B0004P0440G0014125","Unassigned","USB 3.0 Extender LEX Power Supply","Other/Misc","B0004P0440G0014125","US Camera Profit Center","3000","0097525866","Unassigned","AV Integrators","01","NorthEast","U1DXP1","United States","Americas - LLC","3000","Angela Adkins",null,"Undefined",null,"New York","United States","United States","New York","DIRECT","AV CAPTURE & COLLABORATION - CAMERAS","4210","1",{"v":0.733774834437086,"d":"0.73"},22.65,6.03,1,22.65,"USD",1,22.65]
[1370221834,"01",null,"139845",null,"Invoice","Vaddio","B0004","Distributor - National","002","Unassigned","3000","Undefined","3000","ENTER ALTERNATE ADDRESS (US)","HERMAN PRO AV","Americas LLC",126.88,126.88,"02/04/2022","Standard Distribution","01","HERMAN","0002839531","Standard Order","TA","AV CONTENT CAPTURE (VADDIO)",2022,"2022-02",28,"Vaddio","CAMERA MOUNT","CEILING","AV","001","535-2000-281","","HERMAN PRO AV","Vaddio","3002","33025","E","B0004","B0004P0420","B0004P0420G0014055","Unassigned","DROP DOWN MOUNT ePTZ LONG","Projection Screens","B0004P0420G0014055","US Camera Profit Center","3000","0098369510","Unassigned","AV Distribution","08","US - Channel Sales","U1DXC1","United States","Americas - LLC","3000","Patrick Mead",null,"Undefined",null,"Unassigned","United States","United States","Unassigned","DIRECT","AV CAPTURE & COLLABORATION - CAMERAS","4210","0",{"v":0.337648778450616,"d":"0.34"},191.56,126.88,1,191.56,"USD",1,191.56]
[1370221943,"01",null,"132696",null,"Invoice","Vaddio","B0004","Dealer","001","Unassigned","3000","Undefined","3000","ENTER ALTERNATE ADDRESS (US)","HOWARD INDUSTRIES INC","Americas LLC",93.14,93.14,"01/25/2022","Standard Distribution","01","Unassigned","0002828917","Standard Order","TA","AV CONTENT CAPTURE (VADDIO)",2022,"2022-01",5,"Vaddio","CAMERA MOUNT","CEILING","AV","001","535-2000-296","","HOWARD INDUSTRIES INC","Vaddio","3002","39437","E","B0004","B0004P0420","B0004P0420G0014055","Unassigned","OFF-SET DROP DN MT FOR HD SERIES CAMERAS","Projection Screens","B0004P0420G0014055","US Camera Profit Center","3000","0098318447","Unassigned","AV Integrators","01","South","U1DXP2","United States","Americas - LLC","3000","Kalee Luke",null,"Undefined",null,"Unassigned","United States","United States","Unassigned","DIRECT","AV CAPTURE & COLLABORATION - CAMERAS","4210","1",{"v":0.6436878347360366,"d":"0.64"},261.4,93.14,1,261.4,"USD",1,261.4]
[1370272824,"01",null,"131672",null,"EDI Invoice","Vaddio","B0004","Dealer","001","Unassigned","3000","Undefined","3000","ENTER ALTERNATE ADDRESS (US)","AVI-SPL LLC","Americas LLC",216.96,216.96,"10/19/2021","Standard Distribution","01","Unassigned","0040933520","EDI Order","ZEDI","AV CONFERENCING (VADDIO)",2021,"2021-10",0,"Vaddio","CONFERENCE","AUDIO","AV","001","999-8530-000","AVI-SPL","AVI-SPL","Vaddio","3002","33634","E","B0004","B0004P0435","B0004P0435G0014090","Unassigned","EASYUSB MIXER/AMP SYSTEM","Projection Screens","B0004P0435G0014090","US Camera Profit Center","3000","0097828071","Unassigned","AV Integrators","01","South","U1DXP2","United States","Americas - LLC","3000","Angela Tener",null,"Undefined",null,"Georgia","United States","United States","Unassigned","DIRECT","AV CAPTURE & COLLABORATION - CAMERAS","4210","1",{"v":0.7215141129808618,"d":"0.72"},779.07,216.96,1,779.07,"USD",1,779.07]
[1370275162,"01","150967","150967",null,"Invoice","Vaddio","B0004","Dealer","001","Unassigned","3000","Undefined","3000","SMALL TOWN TECH","SMALL TOWN TECH","Americas LLC",95.65,191.3,"01/19/2021","Standard Distribution","01","Unassigned","0002528920","Standard Order","TA","AV CONTENT CAPTURE (VADDIO)",2021,"2021-01",20,"Vaddio","CAMERA MOUNT","CEILING","AV","001","999-82000-000","","SMALL TOWN TECH","Vaddio","3002","56649","E","B0004","B0004P0420","B0004P0420G0014055","Unassigned","Suspended Ceiling Mount WHT","Projection Screens","B0004P0420G0014055","US Camera Profit Center","3000","0096681107","Unassigned","AV Integrators","01","MidWest","U1DXP3","United States","Americas - LLC","3000","Kristin Dacey",null,"Undefined",null,"Unassigned","United States","United States","Unassigned","DIRECT","AV CAPTURE & COLLABORATION - CAMERAS","4210","4",{"v":0.46903882983152456,"d":"0.47"},360.29,95.65,2,720.58,"USD",1,720.58]
[1370304005,"01",null,"133349",null,"Invoice","Vaddio","B0004","Dealer","001","Unassigned","3000","Undefined","3000","ENTER ALTERNATE ADDRESS (US)","PEAK SYSTEMS GROUP","Americas LLC",1640.1,1640.1,"06/17/2021","Standard Distribution","01","Unassigned","0002656544","Standard Order","TA","AV CONTENT CAPTURE (VADDIO)",2021,"2021-06",18,"Vaddio","PTZ CAMERA","EXTENSION KIT","AV","001","999-99600-200W","","PEAK SYSTEMS GROUP","Vaddio","3002","53959","E","B0004","B0004P0400","B0004P0400G0014000","Unassigned","RoboSHOT 12E OneLINK BRIDGE SYS WHT","Projection Screens","B0004P0400G0014000","US Camera Profit Center","3000","0097292310","Unassigned","AV Integrators","01","MidWest","U1DXP3","United States","Americas - LLC","3000","Steve Woll",null,"Undefined",null,"Unassigned","United States","United States","Unassigned","DIRECT","AV CAPTURE & COLLABORATION - CAMERAS","4210","3",{"v":0.6180235320421453,"d":"0.62"},4293.72,1640.1,1,4293.72,"USD",1,4293.72]
[1370334265,"01","115517","115517",null,"Invoice","Vaddio","B0004","Dealer","001","Unassigned","3200","Undefined","3000","DESIGN ELECTRONICS","DESIGN ELECTRONICS","Canada ULC",66.89,133.78,"08/16/2021","Standard Distribution","01","Unassigned","0002706905","Standard Order","TA","AV CONTENT CAPTURE (VADDIO)",2021,"2021-08",0,"Vaddio","CAMERA MOUNT","CEILING","IT/DMR","002","535-2000-206","","DESIGN ELECTRONICS","Vaddio","3002","L2G 0J3","E","B0004","B0004P0420","B0004P0420G0014055","Unassigned","SUSPENDED CEILING PTZ CAMERA MOUNT","Projection Screens","B0004P0420G0014055","Canada Camera Profit Center","3200","0097542200","Unassigned","IT Reseller","14","Central","C1XXP3","Canada","Canada - ULC","3200","Ron Saunders",null,"Undefined",null,"Ontario","Canada","Canada","Ontario","DIRECT","AV CAPTURE & COLLABORATION - CAMERAS","4210","2",{"v":-0.5742527653565543,"d":"-0.57"},84.98,66.89,2,169.96,"CAD",1.24386,211.41]
[1370355134,"01",null,"140738",null,"Invoice","Vaddio","B0004","Dealer","001","Unassigned","3000","Undefined","3000","ENTER ALTERNATE ADDRESS (US)","POWER DESIGN INC","Americas LLC",410.33,5744.58,"02/04/2022","Standard Distribution","01","Unassigned","0002837892","Standard Order","TA","AV CONTENT CAPTURE (VADDIO)",2022,"2022-02",0,"Vaddio","CONFERENCE","CAMERA","AV","001","999-21050-000","","POWER DESIGN INC","Vaddio","3002","33716","E","B0004","B0004P0435","B0004P0435G0014105","Unassigned","ConferenceSHOT ePTZ Camera","Projection Screens","B0004P0435G0014105","US Camera Profit Center","3000","0098369532","Unassigned","AV Integrators","01","South","U1DXP2","United States","Americas - LLC","3000","Keri Manasa",null,"Undefined",null,"Unassigned","United States","United States","Unassigned","DIRECT","AV CAPTURE & COLLABORATION - CAMERAS","4210","2",{"v":-6.039840198036789,"d":"-6.04"},816.01,410.33,14,11424.14,"USD",1,11424.14]
[1370355213,"01",null,"138717",null,"Invoice","Vaddio","B0004","Distributor - National","002","Unassigned","5000","Undefined","3000","EXERTIS SE","EXERTIS CAPTECH AB","Europe BV",1199.71,1199.71,"02/24/2022","Standard Distribution","01","Unassigned","0002859316","Standard Order","TA","AV CONFERENCING (VADDIO)",2022,"2022-02",0,"Vaddio","CONFERENCE","ROOM SYSTEM","AV","001","999-99950-701W","","EXERTIS CAPTECH AB","Weert","5050","431 53","E","B0004","B0004P0435","B0004P0435G0014100","Unassigned","CSAV SYS CEILINGMIC 2 (W/O SPKR) WHT INT","Projection Screens","B0004P0435G0014100","Europe Camera Profit Center","5000","0800376240","Unassigned","AV Distribution","08","Nordics","E1DXX7","Europe, the Middle East, and Africa","Europe - BV","5000","Cm Rickard Olsson",null,"Undefined",null,"Undefined","Sweden","Sweden","Undefined","DIRECT","AV CAPTURE & COLLABORATION - CAMERAS","4210","2",{"v":0.4434553079363901,"d":"0.44"},2155.64,1199.71,1,2155.64,"EUR",0.89342,1925.89]
[1370368744,"01",null,"146182",null,"Invoice Repair","Vaddio","B0004","Dealer","001","Unassigned","3000","Undefined","3000","ENTER ALTERNATE ADDRESS (US)","KAIHONUA, LLC","Americas LLC",0,0,"01/12/2021","Standard Distribution","01","Unassigned","0065106289","Undefined","00","AV CONTENT CAPTURE (VADDIO)",2021,"2021-01",0,"Vaddio","SERVICE","ADV_REPL","AV","001","ADV_REPL","","KAIHONUA, LLC","Vaddio","3002","96734","U","B0004","B0004P0445","B0004P0445G0014155","Unassigned","Advanced Replacement","Other/Misc","B0004P0445G0014155","US Camera Profit Center","3000","0004057769","Unassigned","AV Integrators","01","West","U1DXP4","United States","Americas - LLC","3000","Cynthia Podgurski",null,"Undefined",null,"Hawaii","United States","United States","Hawaii","DIRECT","AV CAPTURE & COLLABORATION - CAMERAS","4210","3",{"v":0,"d":"0.00"},1384.22,0,1,1384.22,"USD",1,1384.22]
[1370404214,"01",null,"107568",null,"Invoice","Vaddio","B0004","Distributor - National","002","Unassigned","5000","Undefined","3000","SPECIAL ELEKTRONIK","SPECIAL ELEKTRONIK AB","Europe BV",7.41,7.41,"02/25/2021","Standard Distribution","01","Unassigned","0002558367","Standard Order","TA","AV CONTENT CAPTURE (VADDIO)",2021,"2021-02",0,"Vaddio","Accessories","MISCELLANOUS","AV","001","998-2100-000","","SPECIAL ELEKTRONIK AB","Weert","5050","650 08","X","B0004","B0004P0440","B0004P0440G0014110","Unassigned","VADDIO IR REMOTE COMMANDER","Other/Misc","B0004P0440G0014110","Europe Camera Profit Center","5000","0800302441","Unassigned","AV Distribution","08","Nordics","E1DXX7","Europe, the Middle East, and Africa","Europe - BV","5000","Cm Rickard Olsson",null,"Undefined",null,"Undefined","Sweden","Sweden","Undefined","DIRECT","AV CAPTURE & COLLABORATION - CAMERAS","4210","2",{"v":0.9097332196369838,"d":"0.91"},82.09,7.41,1,82.09,"EUR",0.82325,67.58]
[1370404235,"01",null,"133050",null,"Invoice","Vaddio","B0004","Dealer","001","Unassigned","3000","Undefined","3000","MECHDYNE CORPORATION - NEVADA ST","MECHDYNE CORPORATION - IA","Americas LLC",10.91,10.91,"08/17/2021","Standard Distribution","01","Unassigned","0002707453","Standard Order","TA","AV CONTENT CAPTURE (VADDIO)",2021,"2021-08",30,"Vaddio","Accessories","RACK","AV","001","998-6000-006","","MECHDYNE CORPORATION - IA","Vaddio","3002","50158","E","B0004","B0004P0440","B0004P0440G0014120","Unassigned","DUAL 1/2 RACK MOUNTING KIT","Other/Misc","B0004P0440G0014120","US Camera Profit Center","3000","0097546946","Unassigned","AV Integrators","01","MidWest","U1DXP3","United States","Americas - LLC","3000","Steve Woll",null,"Undefined",null,"Iowa","United States","United States","Iowa","DIRECT","AV CAPTURE & COLLABORATION - CAMERAS","4210","2",{"v":0.8702580568438578,"d":"0.87"},84.09,10.91,1,84.09,"USD",1,84.09]
[1370412460,"01",null,"139845",null,"Invoice","Vaddio","B0004","Distributor - National","002","Unassigned","3000","Undefined","3000","ENTER ALTERNATE ADDRESS (US)","HERMAN PRO AV","Americas LLC",1426.38,2852.75,"05/13/2021","Standard Distribution","01","HERMAN","0002627155","Standard Order","TA","AV CONTENT CAPTURE (VADDIO)",2021,"2021-05",20,"Vaddio","PTZ CAMERA","NATIVE","AV","001","999-9950-000W","","HERMAN PRO AV","Vaddio","3002","33025","E","B0004","B0004P0400","B0004P0400G0014005","Unassigned","ROBOSHOT 20 UHD SYSTEM WHITE","Projection Screens","B0004P0400G0014005","US Camera Profit Center","3000","0097157270","Unassigned","AV Distribution","08","US - Channel Sales","U1DXC1","United States","Americas - LLC","3000","Patrick Mead",null,"Undefined",null,"Unassigned","United States","United States","Unassigned","DIRECT","AV CAPTURE & COLLABORATION - CAMERAS","4210","0",{"v":0.1605781425170738,"d":"0.16"},3398.47,1426.38,2,6796.94,"USD",1,6796.94]
[1370435054,"01","134922","134922",null,"Invoice","Vaddio","B0004","Dealer","001","Unassigned","3000","Undefined","3000","EXPERIENCE AVL LLC","EXPERIENCE AVL LLC","Americas LLC",869.46,869.46,"01/04/2021","Standard Distribution","01","Unassigned","0002512852","Standard Order","TA","AV CONTENT CAPTURE (VADDIO)",2021,"2021-01",20,"Vaddio","PTZ CAMERA","NATIVE","AV","001","999-99400-000","","EXPERIENCE AVL LLC","Vaddio","3002","93292","E","B0004","B0004P0400","B0004P0400G0014005","Unassigned","ROBOSHOT 12E HDMI","Projection Screens","B0004P0400G0014005","US Camera Profit Center","3000","0096590915","Unassigned","AV Integrators","01","West","U1DXP4","United States","Americas - LLC","3000","Cynthia Podgurski",null,"Undefined",null,"Unassigned","United States","United States","Unassigned","DIRECT","AV CAPTURE & COLLABORATION - CAMERAS","4210","4",{"v":0.5515334701919803,"d":"0.55"},1938.74,869.46,1,1938.74,"USD",1,1938.74]
[1370448674,"01",null,"131672",null,"EDI Invoice","Vaddio","B0004","Dealer","001","Unassigned","3000","Undefined","3000","ENTER ALTERNATE ADDRESS (US)","AVI-SPL LLC","Americas LLC",808.61,2425.82,"03/08/2022","Standard Distribution","01","Unassigned","0041068994","EDI Order","ZEDI","AV CONTENT CAPTURE (VADDIO)",2022,"2022-03",31,"Vaddio","PTZ CAMERA","NATIVE","AV","001","999-21100-000W","AVI-SPL","AVI-SPL","Vaddio","3002","33634","E","B0004","B0004P0400","B0004P0400G0014005","Unassigned","IntelliSHOT USB Camera WHT","Projection Screens","B0004P0400G0014005","US Camera Profit Center","3000","0098509391","Unassigned","AV Integrators","01","West","U1DXP4","United States","Americas - LLC","3000","Comm So Cal - Shomper/Yates",null,"Undefined",null,"Unassigned","United States","United States","Unassigned","DIRECT","AV CAPTURE & COLLABORATION - CAMERAS","4210","1",{"v":-0.48167014817800924,"d":"-0.48"},1637.22,808.61,3,4911.66,"USD",1,4911.66]
[1370482199,"01",null,"132856",null,"Invoice","Vaddio","B0004","Dealer","001","Unassigned","3000","Undefined","3000","ONE TIME - BID SHIP TO ONLY","KANSAS CITY AUDIO VISUAL","Americas LLC",6.03,90.52,"07/15/2021","Standard Distribution","01","Unassigned","0002681100","Standard Order","TA","AV CONTENT CAPTURE (VADDIO)",2021,"2021-07",13,"Vaddio","CAMERA MOUNT","WALL","AV","001","535-2000-214","","KANSAS CITY AUDIO VISUAL","Vaddio","3002","64131","E","B0004","B0004P0420","B0004P0420G0014060","Unassigned","EXPANDABLE WALL MOUNT","Projection Screens","B0004P0420G0014060","US Camera Profit Center","3000","0097413972","Unassigned","AV Integrators","01","MidWest","U1DXP3","United States","Americas - LLC","3000","Andre White",null,"Undefined",null,"Unassigned","United States","United States","Unassigned","DIRECT","AV CAPTURE & COLLABORATION - CAMERAS","4210","2",{"v":-1.0182831661092528,"d":"-1.02"},44.85,6.03,15,672.75,"USD",1,672.75]
[1370532701,"01",null,"139842",null,"Invoice Repair","Vaddio","B0004","Distributor - National","002","Unassigned","3000","Undefined","3000","ENTER ALTERNATE ADDRESS (US)","ALMO DISTRIBUTING PA INC (VADDIO)","Americas LLC",0,0,"01/26/2021","Standard Distribution","01","ALMO","0065106314","Undefined","00","AV CONTENT CAPTURE (VADDIO)",2021,"2021-01",0,"Vaddio","SERVICE","ADV_REPL","AV","001","ADV_REPL","","ALMO DISTRIBUTING PA INC (VADDIO)","Vaddio","3002","19154","U","B0004","B0004P0445","B0004P0445G0014155","Unassigned","Advanced Replacement","Other/Misc","B0004P0445G0014155","US Camera Profit Center","3000","0004071903","Unassigned","AV Distribution","08","US - Channel Sales","U1DXC1","United States","Americas - LLC","3000","Patrick Mead",null,"Undefined",null,"Unassigned","United States","United States","Unassigned","DIRECT","AV CAPTURE & COLLABORATION - CAMERAS","4210","0",{"v":0,"d":"0.00"},373.12,0,1,373.12,"USD",1,373.12]
[1370532755,"01",null,"107482",null,"Invoice Repair","Vaddio","B0004","Distributor - National","002","Unassigned","5000","Undefined","3000","KEREN WAREHOUSE / VDS FULFILMENT","KEREN PRESENTATIE SYSTEMEN","Europe BV",0,0,"11/10/2021","Standard Distribution","01","Unassigned","0065107198","Undefined","00","AV CONTENT CAPTURE (VADDIO)",2021,"2021-11",0,"Vaddio","SERVICE","ADV_REPL","AV","001","ADV_REPL","","KEREN PRESENTATIE SYSTEMEN","Weert","5050","1322 AX","U","B0004","B0004P0445","B0004P0445G0014155","Unassigned","Advanced Replacement","Other/Misc","B0004P0445G0014155","Europe Camera Profit Center","5000","0004358208","Unassigned","AV Distribution","08","Benelux","E1DXX6","Europe, the Middle East, and Africa","Europe - BV","5000","Cm Sam Van Der Harst",null,"Undefined",null,"Undefined","Netherlands","Netherlands","Undefined","DIRECT","AV CAPTURE & COLLABORATION - CAMERAS","4210","2",{"v":0,"d":"0.00"},1424.35,0,-1,-1424.35,"EUR",0.86014,-1225.14]
[1370540940,"01",null,"134959",null,"Invoice Repair","Vaddio","B0004","Dealer","001","USAV BUYING GROUP","3000","Undefined","3000","ONE TIME - BID SHIP TO ONLY","CREATION NETWORKS INC","Americas LLC",0,0,"01/19/2022","Standard Distribution","01","Unassigned","0060554319","Undefined","00","AV CONFERENCING (VADDIO)",2022,"2022-01",0,"Vaddio","CONFERENCE","ROOM SYSTEM","AV","001","999-30230-000","","CREATION NETWORKS INC","Vaddio","3002","94518","E","B0004","B0004P0435","B0004P0435G0014100","Unassigned","EasyIP 20 Camera Black","Projection Screens","B0004P0435G0014100","US Camera Profit Center","3000","0004414492","Unassigned","AV Integrators","01","West","U1DXP4","United States","Americas - LLC","3000","Cynthia Podgurski",null,"Undefined",null,"Unassigned","United States","United States","Unassigned","DIRECT","AV CAPTURE & COLLABORATION - CAMERAS","4210","2",{"v":0,"d":"0.00"},2409.18,0,-1,-2409.18,"USD",1,-2409.18]
[1370540974,"01","130900","130900",null,"Invoice","Vaddio","B0004","Dealer","001","Unassigned","3000","Undefined","3000","JAYMARC AV","JAYMARC AV","Americas LLC",523.62,1047.23,"01/25/2022","Standard Distribution","01","Unassigned","0002833141","Standard Order","TA","AV CONFERENCING (VADDIO)",2022,"2022-01",27,"Vaddio","CONFERENCE","ROOM SYSTEM","AV","001","999-60320-000","","JAYMARC AV","Vaddio","3002","98168","E","B0004","B0004P0435","B0004P0435G0014100","Unassigned","EasyIP Mixer System Global","Projection Screens","B0004P0435G0014100","US Camera Profit Center","3000","0098317992","Unassigned","AV Integrators","01","West","U1DXP4","United States","Americas - LLC","3000","Abbi Rath",null,"Undefined",null,"Unassigned","United States","United States","Unassigned","DIRECT","AV CAPTURE & COLLABORATION - CAMERAS","4210","2",{"v":0.3840294565709681,"d":"0.38"},1700.13,523.62,2,3400.26,"USD",1,3400.26]
[1370583029,"01","132769","132769",null,"Invoice","Vaddio","B0004","Dealer","001","Unassigned","3000","Undefined","3000","ICS - INTEGRATED COMMUNICATION SYS.","ICS - INTEGRATED COMMUNICATION SYS.","Americas LLC",95.59,95.59,"02/01/2022","Standard Distribution","01","Unassigned","0002840723","Standard Order","TA","AV CONTENT CAPTURE (VADDIO)",2022,"2022-02",20,"Vaddio","CAMERA MOUNT","CEILING","AV","001","535-2000-293","","ICS - INTEGRATED COMMUNICATION SYS.","Vaddio","3002","95119","E","B0004","B0004P0420","B0004P0420G0014055","Unassigned","DROP DN MT FOR LARGE PTZ CAMERAS - LONG","Projection Screens","B0004P0420G0014055","US Camera Profit Center","3000","0098354223","Unassigned","AV Integrators","01","West","U1DXP4","United States","Americas - LLC","3000","Cynthia Podgurski",null,"Undefined",null,"Unassigned","United States","United States","Unassigned","DIRECT","AV CAPTURE & COLLABORATION - CAMERAS","4210","2",{"v":0.6343152257077276,"d":"0.63"},261.4,95.59,1,261.4,"USD",1,261.4]
[1370583093,"01",null,"131672",null,"EDI Invoice","Vaddio","B0004","Dealer","001","Unassigned","3000","Undefined","3000","ENTER ALTERNATE ADDRESS (US)","AVI-SPL LLC","Americas LLC",75.59,302.36,"02/25/2022","Standard Distribution","01","Unassigned","0041061894","EDI Order","ZEDI","AV CONTENT CAPTURE (VADDIO)",2022,"2022-02",44,"Vaddio","CAMERA MOUNT","CEILING","AV","001","535-2000-290","AVI-SPL","AVI-SPL","Vaddio","3002","33634","E","B0004","B0004P0420","B0004P0420G0014055","Unassigned","DROP DN MT FOR SMALL PTZ CAMERAS - SHORT","Projection Screens","B0004P0420G0014055","US Camera Profit Center","3000","0098463612","Unassigned","AV Integrators","01","MidWest","U1DXP3","United States","Americas - LLC","3000","Andre White",null,"Undefined",null,"Illinois","United States","United States","Unassigned","DIRECT","AV CAPTURE & COLLABORATION - CAMERAS","4210","1",{"v":-0.4986864931846344,"d":"-0.50"},201.75,75.59,4,807,"USD",1,807]
[1370614877,"01",null,"133557",null,"Invoice","Vaddio","B0004","Dealer","001","Unassigned","3000","Undefined","3000","ENTER ALTERNATE ADDRESS (US)","SKC COMMUNICATION PRODUCTS LLC","Americas LLC",6.04,12.07,"10/20/2021","Standard Distribution","01","Unassigned","0002760391","Standard Order","TA","AV CONTENT CAPTURE (VADDIO)",2021,"2021-10",19,"Vaddio","CAMERA MOUNT","WALL","AV","001","535-2000-214","","SKC COMMUNICATION PRODUCTS LLC","Vaddio","3002","66227","E","B0004","B0004P0420","B0004P0420G0014060","Unassigned","EXPANDABLE WALL MOUNT","Projection Screens","B0004P0420G0014060","US Camera Profit Center","3000","0097831700","Unassigned","AV Integrators","01","South","U1DXP2","United States","Americas - LLC","3000","David Sweeney",null,"Undefined",null,"Texas","United States","United States","Kansas","DIRECT","AV CAPTURE & COLLABORATION - CAMERAS","4210","1",{"v":0.7308807134894091,"d":"0.73"},44.85,6.04,2,89.7,"USD",1,89.7]
[1370672733,"01",null,"138800",null,"Invoice","Vaddio","B0004","Dealer","001","Unassigned","3000","Undefined","3000","ENTER ALTERNATE ADDRESS (US)","COMPUNET INC","Americas LLC",2.07,8.26,"01/28/2022","Standard Distribution","01","Unassigned","0002838584","Standard Order","TA","AV CONTENT CAPTURE (VADDIO)",2022,"2022-01",11,"Vaddio","Accessories","CABLES & CONNECTORS","AV","001","440-0010-001","","COMPUNET INC","Vaddio","3002","83642","F","B0004","B0004P0440","B0004P0440G0014105","Unassigned","CABLE EIAJ-04 TO EIAJ-04","Other/Misc","B0004P0440G0014105","US Camera Profit Center","3000","0098338169","Unassigned","AV Integrators","01","West","U1DXP4","United States","Americas - LLC","3000","Dana Sanders Nickel",null,"Undefined",null,"Unassigned","United States","United States","Idaho","DIRECT","AV CAPTURE & COLLABORATION - CAMERAS","4210","2",{"v":-1.065,"d":"-1.07"},4,2.07,4,16,"USD",1,16]
[1370683787,"01",null,"138717",null,"Invoice","Vaddio","B0004","Distributor - National","002","Unassigned","5000","Undefined","3000","EXERTIS SE","EXERTIS CAPTECH AB","Europe BV",1828.15,3656.29,"01/04/2021","Standard Distribution","01","Unassigned","0002497651","Standard Order","TA","AV CONTENT CAPTURE (VADDIO)",2021,"2021-01",0,"Vaddio","PTZ CAMERA","EXTENSION KIT","AV","001","999-99600-201W","","EXERTIS CAPTECH AB","Weert","5050","431 53","E","B0004","B0004P0400","B0004P0400G0014000","Unassigned","RoboSHOT 12E OneLINK BRIDGE SYS INTL WHT","Projection Screens","B0004P0400G0014000","Europe Camera Profit Center","5000","0800290468","Unassigned","AV Distribution","08","Nordics","E1DXX7","Europe, the Middle East, and Africa","Europe - BV","5000","Cm Rickard Olsson",null,"Undefined",null,"Undefined","Sweden","Sweden","Undefined","DIRECT","AV CAPTURE & COLLABORATION - CAMERAS","4210","2",{"v":0.14106167726354935,"d":"0.14"},4256.755,1828.15,2,8513.51,"EUR",0.82325,7008.75]
[1370716616,"01",null,"133428",null,"Invoice","Vaddio","B0004","Dealer","001","PROFESSIONAL SYSTEMS NETWORK INTL","3000","Undefined","3000","ONE TIME - BID SHIP TO ONLY","PRESENTATION CONCEPTS","Americas LLC",611.03,611.03,"02/15/2022","Standard Distribution","01","Unassigned","0002850787","Standard Order","TA","AV CONFERENCING (VADDIO)",2022,"2022-02",93,"Vaddio","CONFERENCE","ROOM SYSTEM","AV","001","999-30200-000","","PRESENTATION CONCEPTS","Vaddio","3002","13057","E","B0004","B0004P0435","B0004P0435G0014100","Unassigned","EasyIP 10 Camera Black","Projection Screens","B0004P0435G0014100","US Camera Profit Center","3000","0098417862","Unassigned","AV Integrators","01","NorthEast","U1DXP1","United States","Americas - LLC","3000","Steve Joyce",null,"Undefined",null,"New York","United States","United States","New York","DIRECT","AV CAPTURE & COLLABORATION - CAMERAS","4210","2",{"v":0.7063442860095062,"d":"0.71"},2080.77,611.03,1,2080.77,"USD",1,2080.77]
[1370716692,"01",null,"141607",null,"Invoice","Vaddio","B0004","Dealer","001","Unassigned","3200","Undefined","3000","ENTER ALTERNATE ADDRESS (US)","ET GROUP, A DIV OF PISTIL ENT.","Canada ULC",26.02,156.09,"02/04/2022","Standard Distribution","01","Unassigned","0002841655","Standard Order","TA","AV CONTENT CAPTURE (VADDIO)",2022,"2022-02",0,"Vaddio","Accessories","RACK","AV","001","998-6000-006","","ET GROUP, A DIV OF PISTIL ENT.","Vaddio","3002","M8Z 2E4","E","B0004","B0004P0440","B0004P0440G0014120","Unassigned","DUAL 1/2 RACK MOUNTING KIT","Other/Misc","B0004P0440G0014120","Canada Camera Profit Center","3200","0098366369","Unassigned","AV Integrators","01","Central","C1XXP3","Canada","Canada - ULC","3200","Gino Pileggi",null,"Undefined",null,"Ontario","Canada","Canada","Ontario","DIRECT","AV CAPTURE & COLLABORATION - CAMERAS","4210","1",{"v":-0.7317357297387252,"d":"-0.73"},90.135,26.02,6,540.81,"CAD",1.27397,688.98]
[1370789050,"01","114776","114776",null,"Invoice","Vaddio","B0004","Dealer","001","Unassigned","3200","Undefined","3000","NATIONWIDE AUDIO VISUAL","NATIONWIDE AUDIO VISUAL","Canada ULC",223.14,446.28,"11/30/2021","Standard Distribution","01","Unassigned","0002789384","Standard Order","TA","AV CONTENT CAPTURE (VADDIO)",2021,"2021-11",132,"Vaddio","CAMERA MOUNT","CEILING","AV","001","535-2000-293","","NATIONWIDE AUDIO VISUAL","Vaddio","3002","L5L 5Z3","E","B0004","B0004P0420","B0004P0420G0014055","Unassigned","DROP DN MT FOR LARGE PTZ CAMERAS - LONG","Projection Screens","B0004P0420G0014055","Canada Camera Profit Center","3200","0098024012","Unassigned","AV Integrators","01","Central","C1XXP3","Canada","Canada - ULC","3200","Jane Cliff",null,"Undefined",null,"Ontario","Canada","Canada","Ontario","DIRECT","AV CAPTURE & COLLABORATION - CAMERAS","4210","1",{"v":-0.655341246290801,"d":"-0.66"},269.6,223.14,2,539.2,"CAD",1.23828,667.68]
[1370819819,"01","133535","133535",null,"Invoice","Vaddio","B0004","Dealer","001","Unassigned","3000","Undefined","3000","SOUND AND COMMUNICATIONS INC","SOUND AND COMMUNICATIONS INC","Americas LLC",1869.16,1869.16,"06/02/2021","Standard Distribution","01","Unassigned","0002636425","Standard Order","TA","AV CONTENT CAPTURE (VADDIO)",2021,"2021-06",13,"Vaddio","PTZ CAMERA","EXTENSION KIT","AV","001","999-9952-100W","","SOUND AND COMMUNICATIONS INC","Vaddio","3002","39208","E","B0004","B0004P0400","B0004P0400G0014000","Unassigned","ROBOSHOT 40 UHD ONELINK HDMI SYS-WHT N/A","Projection Screens","B0004P0400G0014000","US Camera Profit Center","3000","0097239603","Unassigned","AV Integrators","01","South","U1DXP2","United States","Americas - LLC","3000","Kalee Luke",null,"Undefined",null,"Unassigned","United States","United States","Unassigned","DIRECT","AV CAPTURE & COLLABORATION - CAMERAS","4210","2",{"v":0.6611618488936586,"d":"0.66"},5516.38,1869.16,1,5516.38,"USD",1,5516.38]
[1370824708,"02",null,"103335",null,"EDI Invoice","Vaddio","B0004","Distributor - National","002","Unassigned","3000","Undefined","3000","ADI - RENO (R3) HUB - SPARKS","ADI","Americas LLC",1228.35,2456.7,"10/26/2021","Standard Distribution","01","Unassigned","0040937257","EDI Order","ZEDI","AV CONTENT CAPTURE (VADDIO)",2021,"2021-10",21,"Vaddio","PTZ CAMERA","EXTENSION KIT","Residential","003","999-99600-100","","ADI","Vaddio","3002","79926","E","B0004","B0004P0400","B0004P0400G0014000","Unassigned","RoboSHOT 12E OneLINK HDMI SYS","Projection Screens","B0004P0400G0014000","US Camera Profit Center","3000","0097841528","Unassigned","Residential AV","02","Resi Other","UXDXH5","United States","Americas - LLC","3000","Keith Ebert",null,"Undefined",null,"Nevada","United States","United States","Texas","DIRECT","AV CAPTURE & COLLABORATION - CAMERAS","4210","1",{"v":0.21848009696229354,"d":"0.22"},3143.49,1228.35,2,6286.98,"USD",1,6286.98]
[1370908542,"01","145767","145767",null,"Invoice","Vaddio","B0004","Distributor - National","002","Unassigned","3200","Undefined","3000","DATAVISUAL - CAD CURRENCY ONLY","DATAVISUAL - CAD CURRENCY ONLY","Canada ULC",232,232,"03/08/2021","Standard Distribution","01","Unassigned","0002569213","Standard Order","TA","AV CONTENT CAPTURE (VADDIO)",2021,"2021-03",0,"Vaddio","CAMERA MOUNT","CEILING","AV","001","999-82000-000","","DATAVISUAL - CAD CURRENCY ONLY","Vaddio","3002","K1J 0B3","E","B0004","B0004P0420","B0004P0420G0014055","Unassigned","Suspended Ceiling Mount WHT","Projection Screens","B0004P0420G0014055","Canada Camera Profit Center","3200","0096886610","Unassigned","AV Distribution","08","Central","C1XXP3","Canada","Canada - ULC","3200","David Galos",null,"Undefined",null,"Ontario","Canada","Canada","Ontario","DIRECT","AV CAPTURE & COLLABORATION - CAMERAS","4210","1",{"v":0.3442252247159251,"d":"0.34"},353.78,232,1,353.78,"CAD",1.26347,446.99]
[1370914748,"01",null,"132696",null,"Invoice","Vaddio","B0004","Dealer","001","Unassigned","3000","Undefined","3000","ENTER ALTERNATE ADDRESS (US)","HOWARD INDUSTRIES INC","Americas LLC",26.84,26.84,"06/18/2021","Standard Distribution","01","Unassigned","0002660060","Standard Order","TA","AV CONTENT CAPTURE (VADDIO)",2021,"2021-06",2,"Vaddio","CAMERA MOUNT","CEILING","AV","001","535-2000-206","","HOWARD INDUSTRIES INC","Vaddio","3002","39437","E","B0004","B0004P0420","B0004P0420G0014055","Unassigned","SUSPENDED CEILING PTZ CAMERA MOUNT","Projection Screens","B0004P0420G0014055","US Camera Profit Center","3000","0097295177","Unassigned","AV Integrators","01","South","U1DXP2","United States","Americas - LLC","3000","Bradley Carson",null,"Undefined",null,"Unassigned","United States","United States","Unassigned","DIRECT","AV CAPTURE & COLLABORATION - CAMERAS","4210","1",{"v":0.6453019690762521,"d":"0.65"},75.67,26.84,1,75.67,"USD",1,75.67]
[1370950670,"01",null,"142587",null,"Credit Memo","Vaddio","B0004","Dealer","001","Unassigned","3000","Undefined","3000","ENTER ALTERNATE ADDRESS (US)","VIDEO INSTALLATION PLUS","Americas LLC",0,0,"06/11/2021","Standard Distribution","01","Unassigned","0060505451","Invoice Correct. Req","RK","AV CONTENT CAPTURE (VADDIO)",2021,"2021-06",0,"Vaddio","PTZ CAMERA","EXTENSION KIT","AV","001","999-99190-000","","VIDEO INSTALLATION PLUS","Vaddio","3002","10530","E","B0004","B0004P0400","B0004P0400G0014000","Unassigned","ROBOSHOT 30E QUSB SYSTEM","Projection Screens","B0004P0400G0014000","US Camera Profit Center","3000","0097279620","Unassigned","AV Integrators","01","NorthEast","U1DXP1","United States","Americas - LLC","3000","Steve Joyce",null,"Undefined",null,"New York","United States","United States","New York","DIRECT","AV CAPTURE & COLLABORATION - CAMERAS","4210","4",{"v":0,"d":"0.00"},null,0,0,-4350.72,"USD",1,-4350.72]
[1371007548,"01","131998","131998",null,"Credit Memo","Vaddio","B0004","Dealer","001","Unassigned","3000","Undefined","3000","ALL MEDIA INTEGRATION LLC","ALL MEDIA INTEGRATION LLC","Americas LLC",0,0,"07/07/2021","Standard Distribution","01","Unassigned","0060510442","Invoice Correct. Req","RK","AV CONTENT CAPTURE (VADDIO)",2021,"2021-07",0,"Vaddio","CAMERA MOUNT","CEILING","AV","001","535-2000-296","","ALL MEDIA INTEGRATION LLC","Vaddio","3002","74146","E","B0004","B0004P0420","B0004P0420G0014055","Unassigned","OFF-SET DROP DN MT FOR HD SERIES CAMERAS","Projection Screens","B0004P0420G0014055","US Camera Profit Center","3000","0097371431","Unassigned","AV Integrators","01","South","U1DXP2","United States","Americas - LLC","3000","Ken Phillips",null,"Undefined",null,"Oklahoma","United States","United States","Oklahoma","DIRECT","AV CAPTURE & COLLABORATION - CAMERAS","4210","2",{"v":0,"d":"0.00"},null,0,0,234.67,"USD",1,234.67]
[1371033032,"01",null,"133557",null,"Invoice","Vaddio","B0004","Dealer","001","Unassigned","3000","Undefined","3000","SKC WAREHOUSE - LENEXA","SKC COMMUNICATION PRODUCTS LLC","Americas LLC",66.38,66.38,"04/30/2021","Standard Distribution","01","Unassigned","0002614058","Standard Order","TA","AV CONTENT CAPTURE (VADDIO)",2021,"2021-04",18,"Vaddio","CAMERA MOUNT","CEILING","AV","001","535-2000-290","","SKC COMMUNICATION PRODUCTS LLC","Vaddio","3002","66227","E","B0004","B0004P0420","B0004P0420G0014055","Unassigned","DROP DN MT FOR SMALL PTZ CAMERAS - SHORT","Projection Screens","B0004P0420G0014055","US Camera Profit Center","3000","0097088604","Unassigned","AV Integrators","01","MidWest","U1DXP3","United States","Americas - LLC","3000","Andre White",null,"Undefined",null,"Kansas","United States","United States","Kansas","DIRECT","AV CAPTURE & COLLABORATION - CAMERAS","4210","1",{"v":0.6335026501766785,"d":"0.63"},181.12,66.38,1,181.12,"USD",1,181.12]
[1371041033,"01","133809","133809",null,"Invoice","Vaddio","B0004","Dealer","001","PROFESSIONAL SYSTEMS NETWORK INTL","3000","Undefined","3000","TIERNEY BROTHERS INC.","TIERNEY BROTHERS INC.","Americas LLC",838.6,838.6,"06/23/2021","Standard Distribution","01","Unassigned","0002663332","Standard Order","TA","AV CONTENT CAPTURE (VADDIO)",2021,"2021-06",18,"Vaddio","PTZ CAMERA","NATIVE","AV","001","999-99200-000","TIERNEY BROTHERS INC.","TIERNEY BROTHERS INC.","Vaddio","3002","55108","E","B0004","B0004P0400","B0004P0400G0014005","Unassigned","RoboSHOT 12E USB","Projection Screens","B0004P0400G0014005","US Camera Profit Center","3000","0097310562","Unassigned","AV Integrators","01","MidWest","U1DXP3","United States","Americas - LLC","3000","Kristin Dacey",null,"Undefined",null,"Unassigned","United States","United States","Unassigned","DIRECT","AV CAPTURE & COLLABORATION - CAMERAS","4210","1",{"v":0.6584948688711516,"d":"0.66"},2455.6,838.6,1,2455.6,"USD",1,2455.6]
[1371065345,"01","145315","145315",null,"Invoice Repair","Vaddio","B0004","Dealer","001","Unassigned","3000","Undefined","3000","COLLABORATIVE AV","COLLABORATIVE AV","Americas LLC",0,0,"03/10/2022","Standard Distribution","01","Unassigned","0065108389","Undefined","00","AV CONTENT CAPTURE (VADDIO)",2022,"2022-03",0,"Vaddio","SERVICE","ADV_REPL","AV","001","ADV_REPL","","COLLABORATIVE AV","Vaddio","3002","23238","U","B0004","B0004P0445","B0004P0445G0014155","Unassigned","Advanced Replacement","Other/Misc","B0004P0445G0014155","US Camera Profit Center","3000","0004459790","Unassigned","AV Integrators","01","NorthEast","U1DXP1","United States","Americas - LLC","3000","Geoff Gibbs",null,"Undefined",null,"Unassigned","United States","United States","Unassigned","DIRECT","AV CAPTURE & COLLABORATION - CAMERAS","4210","3",{"v":0,"d":"0.00"},789.32,0,1,789.32,"USD",1,789.32]
[1371081435,"01",null,"139819",null,"Invoice","Vaddio","B0004","Distributor - National","002","Unassigned","3000","Undefined","3000","ENTER ALTERNATE ADDRESS (US)","AB DISTRIBUTING INC (VADDIO)","Americas LLC",46.46,46.46,"02/17/2021","Standard Distribution","01","AB","0002553987","Standard Order","TA","AV CONTENT CAPTURE (VADDIO)",2021,"2021-02",0,"Vaddio","CAMERA MOUNT","CEILING","IT/DMR","002","535-2000-299","AB DISTRIBUTING","AB DISTRIBUTING","Vaddio","3002","60004","E","B0004","B0004P0420","B0004P0420G0014055","Unassigned","DROP DOWN COUPLER KIT","Projection Screens","B0004P0420G0014055","US Camera Profit Center","3000","0096816712","Unassigned","IT Distribution","12","US - Channel Sales","U1DXC1","United States","Americas - LLC","3000","Jack Gerts",null,"Undefined",null,"Unassigned","United States","United States","Illinois","DIRECT","AV CAPTURE & COLLABORATION - CAMERAS","4210","0",{"v":-0.028786536758193204,"d":"-0.03"},45.16,46.46,1,45.16,"USD",1,45.16]
[1371081439,"01",null,"139819",null,"Invoice","Vaddio","B0004","Distributor - National","002","Unassigned","3000","Undefined","3000","ENTER ALTERNATE ADDRESS (US)","AB DISTRIBUTING INC (VADDIO)","Americas LLC",98.72,98.72,"03/16/2021","Standard Distribution","01","AB","0002576008","Standard Order","TA","AV CONTENT CAPTURE (VADDIO)",2021,"2021-03",0,"Vaddio","CAMERA MOUNT","CEILING","IT/DMR","002","999-82000-000","AB DISTRIBUTING","AB DISTRIBUTING","Vaddio","3002","60004","E","B0004","B0004P0420","B0004P0420G0014055","Unassigned","Suspended Ceiling Mount WHT","Projection Screens","B0004P0420G0014055","US Camera Profit Center","3000","0096906432","Unassigned","IT Distribution","12","US - Channel Sales","U1DXC1","United States","Americas - LLC","3000","Jack Gerts",null,"Undefined",null,"Texas","United States","United States","Illinois","DIRECT","AV CAPTURE & COLLABORATION - CAMERAS","4210","0",{"v":0.6886393742509305,"d":"0.69"},317.06,98.72,1,317.06,"USD",1,317.06]
[1371144328,"01",null,"139841",null,"EDI Invoice","Vaddio","B0004","Distributor - National","002","Unassigned","3000","Undefined","3000","ENTER ALTERNATE ADDRESS (US)","EXERTIS (VADDIO)","Americas LLC",2615.76,2615.76,"01/19/2022","Standard Distribution","01","STAMPEDE","0041028379","EDI Order","ZEDI","AV CONTENT CAPTURE (VADDIO)",2022,"2022-01",28,"Vaddio","SWITCHERS","PRODUCTIONVIEW","AV","001","999-5655-000","STAMPEDE PRESENTATION","STAMPEDE PRESENTATION","Vaddio","3002","14228","E","B0004","B0004P0425","B0004P0425G0014070","Unassigned","PRODUCTIONVIEW HD-SDI MV SYSTEM","Projection Screens","B0004P0425G0014070","US Camera Profit Center","3000","0098295864","Unassigned","AV Distribution","08","US - Channel Sales","U1DXC1","United States","Americas - LLC","3000","Patrick Mead",null,"Undefined",null,"New Jersey","United States","United States","New York","DIRECT","AV CAPTURE & COLLABORATION - CAMERAS","4210","0",{"v":0.5394715761341289,"d":"0.54"},5679.91,2615.76,1,5679.91,"USD",1,5679.91]
[1371164500,"01",null,"131672",null,"EDI Invoice","Vaddio","B0004","Dealer","001","Unassigned","3000","Undefined","3000","ENTER ALTERNATE ADDRESS (US)","AVI-SPL LLC","Americas LLC",47.8,47.8,"06/16/2021","Standard Distribution","01","Unassigned","0040837897","EDI Order","ZEDI","AV CONTENT CAPTURE (VADDIO)",2021,"2021-06",18,"Vaddio","CAMERA MOUNT","INWALL","AV","001","999-2225-118","AVI-SPL","AVI-SPL","Vaddio","3002","33634","E","B0004","B0004P0420","B0004P0420G0014050","Unassigned","IN-WALL ENCLOSURE FOR ROBOSHOT CAMERAS","Projection Screens","B0004P0420G0014050","US Camera Profit Center","3000","0097288473","Unassigned","AV Integrators","01","MidWest","U1DXP3","United States","Americas - LLC","3000","Brian Mungo",null,"Undefined",null,"Ohio","United States","United States","Unassigned","DIRECT","AV CAPTURE & COLLABORATION - CAMERAS","4210","1",{"v":0.7459203742093233,"d":"0.75"},188.13,47.8,1,188.13,"USD",1,188.13]
[1371188941,"01","139825","139825",null,"Invoice","Vaddio","B0004","Distributor - National","002","Unassigned","5000","Undefined","3000","PRODYTEL DISTRIBUTION GMBH","PRODYTEL DISTRIBUTION GMBH","Europe BV",1048.36,1048.36,"10/04/2021","Standard Distribution","01","Unassigned","0002745800","Standard Order","TA","AV CONTENT CAPTURE (VADDIO)",2021,"2021-10",0,"Vaddio","PTZ CAMERA","NATIVE","AV","001","999-99430-001W","","PRODYTEL DISTRIBUTION GMBH","Weert","5050","90547","X","B0004","B0004P0400","B0004P0400G0014005","Unassigned","ROBOSHOT 30E HDMI WHT INTL","Projection Screens","B0004P0400G0014005","Europe Camera Profit Center","5000","0800345296","Unassigned","AV Distribution","08","GAS","E1DXX8","Europe, the Middle East, and Africa","Europe - BV","5000","Cm Simone Freund",null,"Undefined",null,"Undefined","Germany","Germany","Undefined","DIRECT","AV CAPTURE & COLLABORATION - CAMERAS","4210","2",{"v":0.5310526221617851,"d":"0.53"},2235.56,1048.36,1,2235.56,"EUR",0.86274,1928.71]
[1371211797,"01","132954","132954",null,"Invoice","Vaddio","B0004","Dealer","001","Unassigned","3000","Undefined","3000","SYSTEM SOURCE","SYSTEM SOURCE","Americas LLC",1553.15,66785.36,"07/12/2021","Standard Distribution","01","Unassigned","0002676861","Standard Order","TA","AV CONTENT CAPTURE (VADDIO)",2021,"2021-07",0,"Vaddio","PTZ CAMERA","EXTENSION KIT","AV","001","999-99600-200W","","SYSTEM SOURCE","Vaddio","3002","21031","E","B0004","B0004P0400","B0004P0400G0014000","Unassigned","RoboSHOT 12E OneLINK BRIDGE SYS WHT","Projection Screens","B0004P0400G0014000","US Camera Profit Center","3000","0097375594","Unassigned","AV Integrators","01","NorthEast","U1DXP1","United States","Americas - LLC","3000","Nathan Craine",null,"Undefined",null,"Unassigned","United States","United States","Unassigned","DIRECT","AV CAPTURE & COLLABORATION - CAMERAS","4210","2",{"v":-15.70034808354005,"d":"-15.70"},3999.04,1553.15,43,171958.72,"USD",1,171958.72]
[1371239757,"01",null,"132275",null,"Invoice","Vaddio","B0004","Dealer","001","PROFESSIONAL SYSTEMS NETWORK INTL","3000","Undefined","3000","DOBIL LABORATORIES - GLENSHAW","DOBIL LABORATORIES INC","Americas LLC",574.7,574.7,"02/08/2022","Standard Distribution","01","Unassigned","0002836440","Standard Order","TA","AV CONTENT CAPTURE (VADDIO)",2022,"2022-02",28,"Vaddio","SWITCHERS","BRIDGES","AV","001","999-8210-000","","DOBIL LABORATORIES INC","Vaddio","3002","15116","E","B0004","B0004P0425","B0004P0425G0014065","Unassigned","AV BRIDGE SYSTEM","Projection Screens","B0004P0425G0014065","US Camera Profit Center","3000","0098382942","Unassigned","AV Integrators","01","MidWest","U1DXP3","United States","Americas - LLC","3000","Brian Mungo",null,"Undefined",null,"Unassigned","United States","United States","Unassigned","DIRECT","AV CAPTURE & COLLABORATION - CAMERAS","4210","2",{"v":0.639250001569297,"d":"0.64"},1593.07,574.7,1,1593.07,"USD",1,1593.07]
[1371277466,"01",null,"136936",null,"Invoice","Vaddio","B0004","Dealer","001","Unassigned","3000","Undefined","3000","MILLENNIUM SOUNDS INC.","MILLENNIUM SOUNDS INC.","Americas LLC",145.59,145.59,"01/24/2022","Standard Distribution","01","Unassigned","0002833639","Standard Order","TA","AV CONFERENCING (VADDIO)",2022,"2022-01",7,"Vaddio","CONFERENCE","AUDIO","Residential","003","999-8535-000","","MILLENNIUM SOUNDS INC.","Vaddio","3002","46240","E","B0004","B0004P0435","B0004P0435G0014090","Unassigned","EasyUSB MicPOD I/O N/A","Projection Screens","B0004P0435G0014090","US Camera Profit Center","3000","0098313261","CARDINAL SALES CORP","Residential AV","02","East - Resi","UXDXH4","United States","Americas - LLC","3000","Brent Armstrong",null,"Undefined",null,"Unassigned","United States","United States","Unassigned","DIRECT","AV CAPTURE & COLLABORATION - CAMERAS","4210","3",{"v":0.7550021034917964,"d":"0.76"},594.25,145.59,1,594.25,"USD",1,594.25]
[1371293829,"01","136153","136153",null,"Invoice","Vaddio","B0004","Dealer","001","Unassigned","3000","Undefined","3000","ADEMCO INC","ADEMCO INC","Americas LLC",46.46,46.46,"06/15/2021","Standard Distribution","01","Unassigned","0002655667","Standard Order","TA","AV CONTENT CAPTURE (VADDIO)",2021,"2021-06",18,"Vaddio","CAMERA MOUNT","CEILING","IT/DMR","002","535-2000-299","","ADEMCO INC","Vaddio","3002","02035","E","B0004","B0004P0420","B0004P0420G0014055","Unassigned","DROP DOWN COUPLER KIT","Projection Screens","B0004P0420G0014055","US Camera Profit Center","3000","0097286859","Unassigned","IT Distribution","12","US - Channel Sales","U1DXC1","United States","Americas - LLC","3000","Greg Spadavecchia",null,"Undefined",null,"Unassigned","United States","United States","Unassigned","DIRECT","AV CAPTURE & COLLABORATION - CAMERAS","4210","2",{"v":0.02599580712788263,"d":"0.03"},47.7,46.46,1,47.7,"USD",1,47.7]
[1371294273,"01","133340","133340",null,"Invoice","Vaddio","B0004","Distributor - Regional","003","THE POWERHOUSE GROUP","3000","Undefined","3000","PIONEER MUSIC CO INC","PIONEER MUSIC CO INC","Americas LLC",381.32,381.32,"05/27/2021","Standard Distribution","01","Unassigned","0002637184","Standard Order","TA","AV CONTENT CAPTURE (VADDIO)",2021,"2021-05",0,"Vaddio","SWITCHERS","BRIDGES","Residential","003","999-8240-000","","PIONEER MUSIC CO INC","Vaddio","3002","66215","E","B0004","B0004P0425","B0004P0425G0014065","Unassigned","AV Bridge Mini N/A","Projection Screens","B0004P0425G0014065","US Camera Profit Center","3000","0097202712","SYNAPSE SALES & MARKETING LLC","Residential AV","02","Resi Other","UXDXH5","United States","Americas - LLC","3000","Chris Kovacek",null,"Undefined",null,"Kansas","United States","United States","Kansas","DIRECT","AV CAPTURE & COLLABORATION - CAMERAS","4210","2",{"v":0.7161741719389654,"d":"0.72"},1343.5,381.32,1,1343.5,"USD",1,1343.5]
[1371333373,"01","133935","133935",null,"Invoice","Vaddio","B0004","Dealer","001","Unassigned","3000","Undefined","3000","AMERICAN SOUND & ELECTRONICS","AMERICAN SOUND & ELECTRONICS","Americas LLC",1220.94,4883.74,"08/24/2021","Standard Distribution","01","Unassigned","0002711254","Standard Order","TA","AV CONTENT CAPTURE (VADDIO)",2021,"2021-08",47,"Vaddio","PTZ CAMERA","EXTENSION KIT","AV","001","999-99600-100","","AMERICAN SOUND & ELECTRONICS","Vaddio","3002","41014","E","B0004","B0004P0400","B0004P0400G0014000","Unassigned","RoboSHOT 12E OneLINK HDMI SYS","Projection Screens","B0004P0400G0014000","US Camera Profit Center","3000","0097588202","Unassigned","AV Integrators","01","MidWest","U1DXP3","United States","Americas - LLC","3000","Brian Mungo",null,"Undefined",null,"Unassigned","United States","United States","Unassigned","DIRECT","AV CAPTURE & COLLABORATION - CAMERAS","4210","2",{"v":-0.43912846172433495,"d":"-0.44"},3393.54,1220.94,4,13574.16,"USD",1,13574.16]
[1371345775,"01",null,"132236",null,"Invoice","Vaddio","B0004","Dealer","001","Unassigned","3000","Undefined","3000","ENTER ALTERNATE ADDRESS (US)","CCS PRESENTATION SYS.- CO","Americas LLC",7.32,21.95,"05/03/2021","Standard Distribution","01","Unassigned","0002615736","Standard Order","TA","AV CONTENT CAPTURE (VADDIO)",2021,"2021-05",0,"Vaddio","CAMERA MOUNT","WALL","AV","001","535-2000-243","CCS PRESENTATION-ALL OFFICES","CCS PRESENTATION-ALL OFFICES","Vaddio","3002","80223","E","B0004","B0004P0420","B0004P0420G0014060","Unassigned","THIN PROFILE WALL MOUNT SONY/PANA CAMS","Projection Screens","B0004P0420G0014060","US Camera Profit Center","3000","0097091240","Unassigned","AV Integrators","01","West","U1DXP4","United States","Americas - LLC","3000","Dana Sanders Nickel",null,"Undefined",null,"Unassigned","United States","United States","Unassigned","DIRECT","AV CAPTURE & COLLABORATION - CAMERAS","4210","2",{"v":0.7576192579505301,"d":"0.76"},90.56,7.32,3,271.68,"USD",1,271.68]
[1371413559,"01",null,"139846",null,"EDI Invoice","Vaddio","B0004","Distributor - National","002","Unassigned","3000","Undefined","3000","ENTER ALTERNATE ADDRESS (US)","SYNNEX - CA (VADDIO)","Americas LLC",1199.91,1199.91,"01/27/2022","Standard Distribution","01","SYNNEX","0041036792","EDI Order","ZEDI","AV CONFERENCING (VADDIO)",2022,"2022-01",0,"Vaddio","CONFERENCE","ROOM SYSTEM","IT/DMR","002","999-99950-200W","","SYNNEX - CA (VADDIO)","Vaddio","3002","94538","E","B0004","B0004P0435","B0004P0435G0014100","Unassigned","CSAV SYSTEM - CEILINGMIC 2 WHT","Projection Screens","B0004P0435G0014100","US Camera Profit Center","3000","0098330378","Unassigned","IT Distribution","12","US - Channel Sales","U1DXC1","United States","Americas - LLC","3000","Beth Roberson",null,"Undefined",null,"Unassigned","United States","United States","Unassigned","DIRECT","AV CAPTURE & COLLABORATION - CAMERAS","4210","0",{"v":0.5112104152578966,"d":"0.51"},2454.86,1199.91,1,2454.86,"USD",1,2454.86]
[1371428360,"01",null,"139845",null,"Invoice Repair","Vaddio","B0004","Distributor - National","002","Unassigned","3000","Undefined","3000","ENTER ALTERNATE ADDRESS (US)","HERMAN PRO AV","Americas LLC",0,0,"06/26/2021","Standard Distribution","01","HERMAN","0060496828","Undefined","00","AV CONTENT CAPTURE (VADDIO)",2021,"2021-06",0,"Vaddio","SWITCHERS","BRIDGES","AV","001","999-8250-000","","HERMAN PRO AV","Vaddio","3002","33025","E","B0004","B0004P0425","B0004P0425G0014065","Unassigned","AV Bridge 2x1 N/A","Projection Screens","B0004P0425G0014065","US Camera Profit Center","3000","0004222422","Unassigned","AV Distribution","08","US - Channel Sales","U1DXC1","United States","Americas - LLC","3000","Patrick Mead",null,"Undefined",null,"Texas","United States","United States","Unassigned","DIRECT","AV CAPTURE & COLLABORATION - CAMERAS","4210","0",{"v":0,"d":"0.00"},1660.12,0,-1,-1660.12,"USD",1,-1660.12]
[1371476100,"01","139841","139841",null,"Invoice Repair","Vaddio","B0004","Distributor - National","002","Unassigned","3000","Undefined","3000","EXERTIS (VADDIO)","EXERTIS (VADDIO)","Americas LLC",0,0,"01/28/2021","Standard Distribution","01","STAMPEDE","0060418647","Undefined","00","AV CONTENT CAPTURE (VADDIO)",2021,"2021-01",0,"Vaddio","PTZ CAMERA","EXTENSION KIT","AV","001","999-99090-000","STAMPEDE PRESENTATION","STAMPEDE PRESENTATION","Vaddio","3002","14228","E","B0004","B0004P0400","B0004P0400G0014000","Unassigned","ROBOSHOT 12E QUSB SYSTEM","Projection Screens","B0004P0400G0014000","US Camera Profit Center","3000","0004071670","Unassigned","AV Distribution","08","US - Channel Sales","U1DXC1","United States","Americas - LLC","3000","Patrick Mead",null,"Undefined",null,"New York","United States","United States","New York","DIRECT","AV CAPTURE & COLLABORATION - CAMERAS","4210","0",{"v":0,"d":"0.00"},3361.62,0,-1,-3361.62,"USD",1,-3361.62]
[1371477690,"01",null,"145767",null,"Invoice","Vaddio","B0004","Distributor - National","002","Unassigned","3200","Undefined","3000","ENTER ALTERNATE ADDRESS (CANADA)","DATAVISUAL - CAD CURRENCY ONLY","Canada ULC",175.49,350.97,"09/09/2021","Standard Distribution","01","Unassigned","0002723998","Standard Order","TA","AV CONTENT CAPTURE (VADDIO)",2021,"2021-09",1,"Vaddio","CAM EXTENSIONS","EXT CABLES","AV","001","440-1005-061","","DATAVISUAL - CAD CURRENCY ONLY","Vaddio","3002","K1J 0B3","F","B0004","B0004P0415","B0004P0415G0014040","Unassigned","ACTIVE OPTICAL USB 3.0 A/B PLENUM 8M","Projection Screens","B0004P0415G0014040","Canada Camera Profit Center","3200","0097656258","Unassigned","AV Distribution","08","Central","C1XXP3","Canada","Canada - ULC","3200","David Galos",null,"Undefined",null,"New York","United States","Canada","Ontario","DIRECT","AV CAPTURE & COLLABORATION - CAMERAS","4210","1",{"v":-1.1241300006052173,"d":"-1.12"},165.23,175.49,2,330.46,"CAD",1.26007,416.4]
[1371504581,"01","139841","139841",null,"EDI Invoice","Vaddio","B0004","Distributor - National","002","Unassigned","3000","Undefined","3000","EXERTIS (VADDIO)","EXERTIS (VADDIO)","Americas LLC",219.53,6585.89,"01/04/2022","Standard Distribution","01","STAMPEDE","0041009116","EDI Order","ZEDI","AV CONFERENCING (VADDIO)",2022,"2022-01",0,"Vaddio","CONFERENCE","AUDIO","AV","001","999-85810-000","STAMPEDE PRESENTATION","STAMPEDE PRESENTATION","Vaddio","3002","14228","E","B0004","B0004P0435","B0004P0435G0014090","Unassigned","EasyIP CeilingMIC D White","Projection Screens","B0004P0435G0014090","US Camera Profit Center","3000","0098198816","Unassigned","AV Distribution","08","US - Channel Sales","U1DXC1","United States","Americas - LLC","3000","Patrick Mead",null,"Undefined",null,"New York","United States","United States","New York","DIRECT","AV CAPTURE & COLLABORATION - CAMERAS","4210","0",{"v":-9.723410837566759,"d":"-9.72"},614.16,219.53,30,18424.8,"USD",1,18424.8]
[1371504659,"01",null,"139845",null,"Invoice","Vaddio","B0004","Distributor - National","002","Unassigned","3000","Undefined","3000","ENTER ALTERNATE ADDRESS (US)","HERMAN PRO AV","Americas LLC",1097.92,3293.76,"03/02/2022","Standard Distribution","01","HERMAN","0002863458","Standard Order","TA","AV CONFERENCING (VADDIO)",2022,"2022-03",0,"Vaddio","CONFERENCE","ROOM SYSTEM","AV","001","999-99950-300B","","HERMAN PRO AV","Vaddio","3002","33025","E","B0004","B0004P0435","B0004P0435G0014100","Unassigned","CSAV-TableMIC 1","Projection Screens","B0004P0435G0014100","US Camera Profit Center","3000","0098485924","Unassigned","AV Distribution","08","US - Channel Sales","U1DXC1","United States","Americas - LLC","3000","Patrick Mead",null,"Undefined",null,"Hawaii","United States","United States","Unassigned","DIRECT","AV CAPTURE & COLLABORATION - CAMERAS","4210","0",{"v":-0.606963038132782,"d":"-0.61"},2049.68,1097.92,3,6149.04,"USD",1,6149.04]
[1371549683,"01",null,"150964",null,"Invoice","Vaddio","B0004","Dealer","001","Unassigned","3000","Undefined","3000","ENTER ALTERNATE ADDRESS (US)","ROVE, LLC","Americas LLC",11.1,11.1,"02/07/2022","Standard Distribution","01","Unassigned","0002841546","Standard Order","TA","AV CONTENT CAPTURE (VADDIO)",2022,"2022-02",28,"Vaddio","Accessories","RACK","AV","001","998-6000-006","","ROVE, LLC","Vaddio","3002","28208","E","B0004","B0004P0440","B0004P0440G0014120","Unassigned","DUAL 1/2 RACK MOUNTING KIT","Other/Misc","B0004P0440G0014120","US Camera Profit Center","3000","0098380955","Unassigned","AV Integrators","01","South","U1DXP2","United States","Americas - LLC","3000","Bradley Carson",null,"Undefined",null,"North Carolina","United States","United States","North Carolina","DIRECT","AV CAPTURE & COLLABORATION - CAMERAS","4210","4",{"v":0.8664099169575159,"d":"0.87"},83.09,11.1,1,83.09,"USD",1,83.09]
[1371559949,"01",null,"114063",null,"Invoice","Vaddio","B0004","Distributor - National","002","Unassigned","5000","Undefined","3000","J. DAHMEN & CO.","KERN & STELLY MEDIENTECHNIK GMBH","Europe BV",676.49,1352.97,"01/29/2021","Standard Distribution","01","Unassigned","0002533798","Standard Order","TA","AV CONTENT CAPTURE (VADDIO)",2021,"2021-01",0,"Vaddio","SWITCHERS","BRIDGES","AV","001","999-8250-001","","KERN & STELLY MEDIENTECHNIK GMBH","Weert","5050","22335","X","B0004","B0004P0425","B0004P0425G0014065","Unassigned","AV Bridge 2x1 INT","Projection Screens","B0004P0425G0014065","Europe Camera Profit Center","5000","0800296521","Unassigned","AV Distribution","08","GAS","E1DXX8","Europe, the Middle East, and Africa","Europe - BV","5000","Cm Simone Freund",null,"Undefined",null,"Undefined","Germany","Germany","Undefined","DIRECT","AV CAPTURE & COLLABORATION - CAMERAS","4210","1",{"v":0.3018658603287959,"d":"0.30"},1937.98,676.49,2,3875.96,"EUR",0.82325,3190.88]
[1371567003,"01",null,"139846",null,"EDI Invoice","Vaddio","B0004","Distributor - National","002","Unassigned","3000","Undefined","3000","ENTER ALTERNATE ADDRESS (US)","SYNNEX - CA (VADDIO)","Americas LLC",393.08,393.08,"10/29/2021","Standard Distribution","01","SYNNEX","0040933273","EDI Order","ZEDI","AV CONTENT CAPTURE (VADDIO)",2021,"2021-10",0,"Vaddio","SWITCHERS","BRIDGES","IT/DMR","002","999-8240-000","","SYNNEX - CA (VADDIO)","Vaddio","3002","94538","E","B0004","B0004P0425","B0004P0425G0014065","Unassigned","AV Bridge Mini N/A","Projection Screens","B0004P0425G0014065","US Camera Profit Center","3000","0097881600","Unassigned","IT Distribution","12","US - Channel Sales","U1DXC1","United States","Americas - LLC","3000","Beth Roberson",null,"Undefined",null,"Unassigned","United States","United States","Unassigned","DIRECT","AV CAPTURE & COLLABORATION - CAMERAS","4210","0",{"v":0.6936028248279302,"d":"0.69"},1282.91,393.08,1,1282.91,"USD",1,1282.91]
[1371598155,"01","116725","116725",null,"Invoice","Vaddio","B0004","Distributor - National","002","Unassigned","5000","Undefined","3000","COMM-TEC GMBH","COMM-TEC GMBH","Europe BV",1218.58,8530.04,"07/16/2021","Standard Distribution","01","Unassigned","0002671257","Standard Order","TA","AV CONTENT CAPTURE (VADDIO)",2021,"2021-07",0,"Vaddio","PTZ CAMERA","NATIVE","AV","001","999-99630-001W","","COMM-TEC GMBH","Weert","5050","73066","X","B0004","B0004P0400","B0004P0400G0014005","Unassigned","ROBOSHOT 30E HDBT INTL WHT","Projection Screens","B0004P0400G0014005","Europe Camera Profit Center","5000","0800331102","Unassigned","AV Distribution","08","GAS","E1DXX8","Europe, the Middle East, and Africa","Europe - BV","5000","Cm Simone Freund",null,"Undefined",null,"Undefined","Germany","Germany","Undefined","DIRECT","AV CAPTURE & COLLABORATION - CAMERAS","4210","1",{"v":-1.841778289228842,"d":"-1.84"},3001.6557,1218.58,7,21011.59,"EUR",0.84161,17683.56]
[1371616105,"01",null,"139842",null,"Invoice","Vaddio","B0004","Distributor - National","002","Unassigned","3000","Undefined","3000","ENTER ALTERNATE ADDRESS (US)","ALMO DISTRIBUTING PA INC (VADDIO)","Americas LLC",872.52,872.52,"09/24/2021","Standard Distribution","01","ALMO","0002739474","Standard Order","TA","AV CONTENT CAPTURE (VADDIO)",2021,"2021-09",27,"Vaddio","PTZ CAMERA","NATIVE","AV","001","999-99230-000","","ALMO DISTRIBUTING PA INC (VADDIO)","Vaddio","3002","19154","E","B0004","B0004P0400","B0004P0400G0014005","Unassigned","RoboSHOT 30E USB","Projection Screens","B0004P0400G0014005","US Camera Profit Center","3000","0097722712","Unassigned","AV Distribution","08","US - Channel Sales","U1DXC1","United States","Americas - LLC","3000","Patrick Mead",null,"Undefined",null,"Unassigned","United States","United States","Unassigned","DIRECT","AV CAPTURE & COLLABORATION - CAMERAS","4210","0",{"v":0.6524157052712092,"d":"0.65"},2510.24,872.52,1,2510.24,"USD",1,2510.24]
[1371637406,"01",null,"131672",null,"EDI Invoice","Vaddio","B0004","Dealer","001","Unassigned","3000","Undefined","3000","ENTER ALTERNATE ADDRESS (US)","AVI-SPL LLC","Americas LLC",227.73,455.46,"02/04/2022","Standard Distribution","01","Unassigned","0041038995","EDI Order","ZEDI","AV CONFERENCING (VADDIO)",2022,"2022-02",98,"Vaddio","CONFERENCE","AUDIO","AV","001","999-85820-000","AVI-SPL","AVI-SPL","Vaddio","3002","33634","E","B0004","B0004P0435","B0004P0435G0014090","Unassigned","EasyIP CeilingMIC D Black","Projection Screens","B0004P0435G0014090","US Camera Profit Center","3000","0098367360","Unassigned","AV Integrators","01","NorthEast","U1DXP1","United States","Americas - LLC","3000","Steve Joyce",null,"Undefined",null,"Unassigned","United States","United States","Unassigned","DIRECT","AV CAPTURE & COLLABORATION - CAMERAS","4210","1",{"v":0.34739436317003625,"d":"0.35"},697.91,227.73,2,1395.82,"USD",1,1395.82]
[1371674876,"01",null,"107568",null,"Invoice","Vaddio","B0004","Distributor - National","002","Unassigned","5000","Undefined","3000","SPECIAL ELEKTRONIK","SPECIAL ELEKTRONIK AB","Europe BV",8.56,8.56,"01/21/2021","Standard Distribution","01","Unassigned","0002529472","Standard Order","TA","AV CONTENT CAPTURE (VADDIO)",2021,"2021-01",0,"Vaddio","CAMERA MOUNT","WALL","AV","001","535-2000-243","","SPECIAL ELEKTRONIK AB","Weert","5050","650 08","X","B0004","B0004P0420","B0004P0420G0014060","Unassigned","THIN PROFILE WALL MOUNT SONY/PANA CAMS","Projection Screens","B0004P0420G0014060","Europe Camera Profit Center","5000","0800294541","Unassigned","AV Distribution","08","Nordics","E1DXX7","Europe, the Middle East, and Africa","Europe - BV","5000","Cm Rickard Olsson",null,"Undefined",null,"Undefined","Sweden","Sweden","Undefined","DIRECT","AV CAPTURE & COLLABORATION - CAMERAS","4210","2",{"v":0.9084100149796704,"d":"0.91"},93.46,8.56,1,93.46,"EUR",0.82325,76.94]
[1371674978,"01",null,"131966",null,"EDI Invoice","Vaddio","B0004","Distributor - Regional","003","Unassigned","3000","Undefined","3000","ENTER ALTERNATE ADDRESS (US)","ANIXTER INC","Americas LLC",43.07,258.44,"01/21/2021","Standard Distribution","01","ANIXTER","0040730085","EDI Order","ZEDI","AV CONTENT CAPTURE (VADDIO)",2021,"2021-01",0,"Vaddio","CAMERA MOUNT","INWALL","AV","001","999-2225-118","","ANIXTER INC","Vaddio","3002","60026","E","B0004","B0004P0420","B0004P0420G0014050","Unassigned","IN-WALL ENCLOSURE FOR ROBOSHOT CAMERAS","Projection Screens","B0004P0420G0014050","US Camera Profit Center","3000","0096696543","Unassigned","Enterprise Distribution","13","US - Channel Sales","U1DXC1","United States","Americas - LLC","3000","Brett Avery",null,"Undefined",null,"Unassigned","United States","United States","Illinois","DIRECT","AV CAPTURE & COLLABORATION - CAMERAS","4210","1",{"v":-0.6391196803450245,"d":"-0.64"},157.67,43.07,6,946.02,"USD",1,946.02]
[1371684125,"01","131894","131894",null,"Invoice","Vaddio","B0004","Dealer","001","Unassigned","3000","Undefined","3000","AUDIOBAHN INC.","AUDIOBAHN INC.","Americas LLC",1209.01,2418.01,"01/20/2022","Standard Distribution","01","Unassigned","0002824003","Standard Order","TA","AV CONTENT CAPTURE (VADDIO)",2022,"2022-01",28,"Vaddio","PTZ CAMERA","EXTENSION KIT","AV","001","999-99630-100W","","AUDIOBAHN INC.","Vaddio","3002","19464","E","B0004","B0004P0400","B0004P0400G0014000","Unassigned","RoboSHOT 30E OneLINK HDMI SYS WHT","Projection Screens","B0004P0400G0014000","US Camera Profit Center","3000","0098298027","Unassigned","AV Integrators","01","NorthEast","U1DXP1","United States","Americas - LLC","3000","Alexandra  Trop",null,"Undefined",null,"Unassigned","United States","United States","Unassigned","DIRECT","AV CAPTURE & COLLABORATION - CAMERAS","4210","3",{"v":0.37355144085163483,"d":"0.37"},3859.87,1209.01,2,7719.74,"USD",1,7719.74]
[1371704992,"01",null,"133428",null,"Invoice","Vaddio","B0004","Dealer","001","PROFESSIONAL SYSTEMS NETWORK INTL","3000","Undefined","3000","1TST - MILESTONE INC. SAVAGE (3000)","PRESENTATION CONCEPTS","Americas LLC",411,411,"12/06/2021","Standard Distribution","01","Unassigned","0002793734","Standard Order","TA","AV CONTENT CAPTURE (VADDIO)",2021,"2021-12",27,"Vaddio","SWITCHERS","BRIDGES","AV","001","999-8240-000","","PRESENTATION CONCEPTS","Vaddio","3002","13057","E","B0004","B0004P0425","B0004P0425G0014065","Unassigned","AV Bridge Mini N/A","Projection Screens","B0004P0425G0014065","US Camera Profit Center","3000","0098042459","Unassigned","AV Integrators","01","NorthEast","U1DXP1","United States","Americas - LLC","3000","Steve Joyce",null,"Undefined",null,"New York","United States","United States","New York","DIRECT","AV CAPTURE & COLLABORATION - CAMERAS","4210","2",{"v":0.718077991562918,"d":"0.72"},1457.85,411,1,1457.85,"USD",1,1457.85]
[1371733672,"01",null,"139842",null,"Invoice","Vaddio","B0004","Distributor - National","002","Unassigned","3000","Undefined","3000","ENTER ALTERNATE ADDRESS (US)","ALMO DISTRIBUTING PA INC (VADDIO)","Americas LLC",87.18,174.36,"08/03/2021","Standard Distribution","01","ALMO","0002693560","Standard Order","TA","AV CONTENT CAPTURE (VADDIO)",2021,"2021-08",17,"Vaddio","CAMERA MOUNT","CEILING","AV","001","535-2000-293","","ALMO DISTRIBUTING PA INC (VADDIO)","Vaddio","3002","19154","E","B0004","B0004P0420","B0004P0420G0014055","Unassigned","DROP DN MT FOR LARGE PTZ CAMERAS - LONG","Projection Screens","B0004P0420G0014055","US Camera Profit Center","3000","0097489053","Unassigned","AV Distribution","08","US - Channel Sales","U1DXC1","United States","Americas - LLC","3000","Patrick Mead",null,"Undefined",null,"Texas","United States","United States","Unassigned","DIRECT","AV CAPTURE & COLLABORATION - CAMERAS","4210","0",{"v":0.21168279229586762,"d":"0.21"},221.18,87.18,2,442.36,"USD",1,442.36]
[1371733770,"01",null,"139841",null,"EDI Invoice","Vaddio","B0004","Distributor - National","002","Unassigned","3000","Undefined","3000","ENTER ALTERNATE ADDRESS (US)","EXERTIS (VADDIO)","Americas LLC",7.62,15.23,"10/11/2021","Standard Distribution","01","STAMPEDE","0040925865","EDI Order","ZEDI","AV CONTENT CAPTURE (VADDIO)",2021,"2021-10",27,"Vaddio","CAMERA MOUNT","WALL","AV","001","535-2000-243","STAMPEDE PRESENTATION","STAMPEDE PRESENTATION","Vaddio","3002","14228","E","B0004","B0004P0420","B0004P0420G0014060","Unassigned","THIN PROFILE WALL MOUNT SONY/PANA CAMS","Projection Screens","B0004P0420G0014060","US Camera Profit Center","3000","0097782153","Unassigned","AV Distribution","08","US - Channel Sales","U1DXC1","United States","Americas - LLC","3000","Patrick Mead",null,"Undefined",null,"Ohio","United States","United States","New York","DIRECT","AV CAPTURE & COLLABORATION - CAMERAS","4210","0",{"v":0.8215582893966022,"d":"0.82"},85.35,7.62,2,170.7,"USD",1,170.7]
[1371780210,"01",null,"133748",null,"Invoice Repair","Vaddio","B0004","Dealer","001","Unassigned","3000","Undefined","3000","SOUNDCOM CORP - TULLER ROAD","SOUNDCOM SYSTEMS - AMETEK","Americas LLC",0,0,"01/11/2021","Standard Distribution","01","Unassigned","0060453124","Undefined","00","AV CONTENT CAPTURE (VADDIO)",2021,"2021-01",0,"Vaddio","PTZ CAMERA","NATIVE","AV","001","999-99200-000","","SOUNDCOM SYSTEMS - AMETEK","Vaddio","3002","44017","E","B0004","B0004P0400","B0004P0400G0014005","Unassigned","RoboSHOT 12E USB","Projection Screens","B0004P0400G0014005","US Camera Profit Center","3000","0004057721","Unassigned","AV Integrators","01","MidWest","U1DXP3","United States","Americas - LLC","3000","Brian Mungo",null,"Undefined",null,"Ohio","United States","United States","Ohio","DIRECT","AV CAPTURE & COLLABORATION - CAMERAS","4210","1",{"v":0,"d":"0.00"},2455.6,0,-4,-9822.4,"USD",1,-9822.4]
[1371801146,"01",null,"131672",null,"EDI Invoice","Vaddio","B0004","Dealer","001","Unassigned","3000","Undefined","3000","ENTER ALTERNATE ADDRESS (US)","AVI-SPL LLC","Americas LLC",6.49,19.46,"06/22/2021","Standard Distribution","01","Unassigned","0040844734","EDI Order","ZEDI","AV CONTENT CAPTURE (VADDIO)",2021,"2021-06",17,"Vaddio","CAMERA MOUNT","WALL","AV","001","535-2000-245","AVI-SPL","AVI-SPL","Vaddio","3002","33634","E","B0004","B0004P0420","B0004P0420G0014060","Unassigned","THIN PROFILE WALL MOUNT LONG","Projection Screens","B0004P0420G0014060","US Camera Profit Center","3000","0097306840","Unassigned","AV Integrators","01","MidWest","U1DXP3","United States","Americas - LLC","3000","Kristin Dacey",null,"Undefined",null,"Unassigned","United States","United States","Unassigned","DIRECT","AV CAPTURE & COLLABORATION - CAMERAS","4210","1",{"v":0.7953517720054685,"d":"0.80"},95.09,6.49,3,285.27,"USD",1,285.27]
[1371801205,"01",null,"131672",null,"EDI Invoice","Vaddio","B0004","Dealer","001","Unassigned","3000","Undefined","3000","ENTER ALTERNATE ADDRESS (US)","AVI-SPL LLC","Americas LLC",92.06,92.06,"09/15/2021","Standard Distribution","01","Unassigned","0040905445","EDI Order","ZEDI","AV CONTENT CAPTURE (VADDIO)",2021,"2021-09",9,"Vaddio","CAMERA MOUNT","CEILING","AV","001","535-2000-293","AVI-SPL","AVI-SPL","Vaddio","3002","33634","E","B0004","B0004P0420","B0004P0420G0014055","Unassigned","DROP DN MT FOR LARGE PTZ CAMERAS - LONG","Projection Screens","B0004P0420G0014055","US Camera Profit Center","3000","0097685567","Unassigned","AV Integrators","01","MidWest","U1DXP3","United States","Americas - LLC","3000","Andre White",null,"Undefined",null,"Illinois","United States","United States","Unassigned","DIRECT","AV CAPTURE & COLLABORATION - CAMERAS","4210","1",{"v":0.633723243415294,"d":"0.63"},251.34,92.06,1,251.34,"USD",1,251.34]
[1371849932,"01","131669","131669",null,"Invoice","Vaddio","B0004","Dealer","001","PROFESSIONAL SYSTEMS NETWORK INTL","3000","Undefined","3000","ALLEN VISUAL SYSTEMS INC","ALLEN VISUAL SYSTEMS INC","Americas LLC",223.17,446.33,"06/21/2021","Standard Distribution","01","Unassigned","0002660748","Standard Order","TA","AV CONTENT CAPTURE (VADDIO)",2021,"2021-06",0,"Vaddio","CAMERA MOUNT","INCEILING","AV","001","999-2225-150","","ALLEN VISUAL SYSTEMS INC","Vaddio","3002","60089","E","B0004","B0004P0420","B0004P0420G0014045","Unassigned","IN-CEILING HALF-RECESSED ENCL. ROBOS","Projection Screens","B0004P0420G0014045","US Camera Profit Center","3000","0097299343","Unassigned","AV Integrators","01","MidWest","U1DXP3","United States","Americas - LLC","3000","Andre White",null,"Undefined",null,"Illinois","United States","United States","Illinois","DIRECT","AV CAPTURE & COLLABORATION - CAMERAS","4210","2",{"v":0.2588588887781874,"d":"0.26"},602.22,223.17,2,1204.44,"USD",1,1204.44]
[1371867134,"01",null,"132291",null,"Invoice","Vaddio","B0004","Dealer","001","Unassigned","3000","Undefined","3000","DB ACOUSTICS & SOUND INC.","DB AUDIO & VIDEO  - GA","Americas LLC",6.04,6.04,"05/20/2021","Standard Distribution","01","Unassigned","0002633609","Standard Order","TA","AV CONTENT CAPTURE (VADDIO)",2021,"2021-05",18,"Vaddio","CAMERA MOUNT","WALL","AV","001","535-2000-214","","DB AUDIO & VIDEO  - GA","Vaddio","3002","30501","E","B0004","B0004P0420","B0004P0420G0014060","Unassigned","EXPANDABLE WALL MOUNT","Projection Screens","B0004P0420G0014060","US Camera Profit Center","3000","0097184725","Unassigned","AV Integrators","01","South","U1DXP2","United States","Americas - LLC","3000","Angela Tener",null,"Undefined",null,"Georgia","United States","United States","Georgia","DIRECT","AV CAPTURE & COLLABORATION - CAMERAS","4210","3",{"v":0.8626336138276097,"d":"0.86"},43.97,6.04,1,43.97,"USD",1,43.97]
[1371869347,"01","131679","131679",null,"Invoice","Vaddio","B0004","Dealer","001","PROFESSIONAL SYSTEMS NETWORK INTL","3000","Undefined","3000","THE AUDIO VISUAL CO","THE AUDIO VISUAL CO","Americas LLC",140.98,140.98,"04/23/2021","Standard Distribution","01","Unassigned","0002608739","Standard Order","TA","AV CONTENT CAPTURE (VADDIO)",2021,"2021-04",27,"Vaddio","CAM EXTENSIONS","EXT CABLES","AV","001","440-1007-030","","THE AUDIO VISUAL CO","Vaddio","3002","96701","F","B0004","B0004P0415","B0004P0415G0014040","Unassigned","ACTIVEOPTICAL C/A USB 3.0/2.0 PLENUM 30M","Projection Screens","B0004P0415G0014040","US Camera Profit Center","3000","0097068574","Unassigned","AV Integrators","01","West","U1DXP4","United States","Americas - LLC","3000","Cynthia Podgurski",null,"Undefined",null,"Hawaii","United States","United States","Hawaii","DIRECT","AV CAPTURE & COLLABORATION - CAMERAS","4210","2",{"v":0.763432560324865,"d":"0.76"},595.94,140.98,1,595.94,"USD",1,595.94]
[1371925251,"01","134770","134770",null,"Invoice","Vaddio","B0004","Dealer","001","Unassigned","3000","Undefined","3000","AV3 INC.","AV3 INC.","Americas LLC",221.99,1775.91,"02/17/2022","Standard Distribution","01","Unassigned","0002854337","Standard Order","TA","AV CONTENT CAPTURE (VADDIO)",2022,"2022-02",0,"Vaddio","FIXED CAMERA","EXTENSION KIT","AV","001","999-9968-000","","AV3 INC.","Vaddio","3002","20659","E","B0004","B0004P0405","B0004P0405G0014010","Unassigned","DocCAM 20 HDBT Camera","Projection Screens","B0004P0405G0014010","US Camera Profit Center","3000","0098428767","Unassigned","AV Integrators","01","NorthEast","U1DXP1","United States","Americas - LLC","3000","Nathan Craine",null,"Undefined",null,"Unassigned","United States","United States","Unassigned","DIRECT","AV CAPTURE & COLLABORATION - CAMERAS","4210","2",{"v":0.3999513449407185,"d":"0.40"},2959.61,221.99,8,23676.88,"USD",1,23676.88]
[1371925290,"01",null,"133557",null,"Invoice","Vaddio","B0004","Dealer","001","Unassigned","3000","Undefined","3000","SKC WAREHOUSE - LENEXA","SKC COMMUNICATION PRODUCTS LLC","Americas LLC",80.46,160.92,"03/14/2022","Standard Distribution","01","Unassigned","0002873315","Standard Order","TA","AV CONTENT CAPTURE (VADDIO)",2022,"2022-03",0,"Vaddio","CAM EXTENSIONS","EXT CABLES","AV","001","440-1007-008","","SKC COMMUNICATION PRODUCTS LLC","Vaddio","3002","66227","F","B0004","B0004P0415","B0004P0415G0014040","Unassigned","ACTIVEOPTICAL C/A USB 3.0/2.0 PLENUM 8M","Projection Screens","B0004P0415G0014040","US Camera Profit Center","3000","0098533495","Unassigned","AV Integrators","01","MidWest","U1DXP3","United States","Americas - LLC","3000","Andre White",null,"Undefined",null,"Kansas","United States","United States","Kansas","DIRECT","AV CAPTURE & COLLABORATION - CAMERAS","4210","1",{"v":0.30581079332211736,"d":"0.31"},231.81,80.46,2,463.62,"USD",1,463.62]
[1371978291,"01",null,"134312",null,"Invoice","Vaddio","B0004","Online Reseller","010","Unassigned","3000","Undefined","3000","MUSIC PRODUCTS CTR - FT WAYNE","SWEETWATER SOUND","Americas LLC",194.51,194.51,"01/05/2021","Standard Distribution","01","Unassigned","0002516680","Standard Order","TA","AV CONTENT CAPTURE (VADDIO)",2021,"2021-01",0,"Vaddio","CONTROL","CAMERA","AV","001","999-42300-000","","SWEETWATER SOUND","Vaddio","3002","46818","E","B0004","B0004P0430","B0004P0430G0014075","Unassigned","Vaddio Device Controller","Projection Screens","B0004P0430G0014075","US Camera Profit Center","3000","0096594237","Unassigned","AV Integrators","01","MidWest","U1DXP3","United States","Americas - LLC","3000","Aaron Silveus",null,"Undefined",null,"Unassigned","United States","United States","Unassigned","DIRECT","AV CAPTURE & COLLABORATION - CAMERAS","4210","2",{"v":0.5979121447028424,"d":"0.60"},483.75,194.51,1,483.75,"USD",1,483.75]
[1372011676,"01",null,"134457",null,"Invoice","Vaddio","B0004","Dealer","001","Unassigned","3000","Undefined","3000","CUSTOM PACKING LIST SHIP TO (US)","PACIFIC COAST AV","Americas LLC",577.23,577.23,"07/14/2021","Standard Distribution","01","Unassigned","0002679480","Standard Order","TA","AV CONTENT CAPTURE (VADDIO)",2021,"2021-07",27,"Vaddio","SWITCHERS","BRIDGES","AV","001","999-8250-000","","PACIFIC COAST AV","Vaddio","3002","95688","E","B0004","B0004P0425","B0004P0425G0014065","Unassigned","AV Bridge 2x1 N/A","Projection Screens","B0004P0425G0014065","US Camera Profit Center","3000","0097406996","Unassigned","AV Integrators","01","West","U1DXP4","United States","Americas - LLC","3000","Cynthia Podgurski",null,"Undefined",null,"Unassigned","United States","United States","Unassigned","DIRECT","AV CAPTURE & COLLABORATION - CAMERAS","4210","3",{"v":0.7059015341033571,"d":"0.71"},1962.71,577.23,1,1962.71,"USD",1,1962.71]
[1372011762,"01",null,"133711",null,"Invoice","Vaddio","B0004","Dealer","001","PROFESSIONAL SYSTEMS NETWORK INTL","3000","Undefined","3000","ENTER ALTERNATE ADDRESS (US)","ONE DIVERSIFIED (GA)","Americas LLC",396.42,396.42,"02/12/2021","Standard Distribution","01","Unassigned","0002549307","Standard Order","TA","AV CONTENT CAPTURE (VADDIO)",2021,"2021-02",9,"Vaddio","SWITCHERS","BRIDGES","AV","001","999-8240-000","","HB COMMUNICATIONS","Vaddio","3002","06473","E","B0004","B0004P0425","B0004P0425G0014065","Unassigned","AV Bridge Mini N/A","Projection Screens","B0004P0425G0014065","US Camera Profit Center","3000","0096782525","Unassigned","AV Integrators","01","NorthEast","U1DXP1","United States","Americas - LLC","3000","Peter Brady",null,"Undefined",null,"Unassigned","United States","United States","Unassigned","DIRECT","AV CAPTURE & COLLABORATION - CAMERAS","4210","1",{"v":0.7170914125446929,"d":"0.72"},1401.23,396.42,1,1401.23,"USD",1,1401.23]
[1372065683,"01",null,"107561",null,"Invoice","Vaddio","B0004","Distributor - National","002","Unassigned","5000","Undefined","3000","KUENE & NAGEL - C4 SIDEV","SIDEV SAS","Europe BV",340.85,340.85,"02/18/2022","Standard Distribution","01","Unassigned","0002853406","Standard Order","TA","AV CONTENT CAPTURE (VADDIO)",2022,"2022-02",0,"Vaddio","CAM EXTENSIONS","EXT CABLES","AV","001","440-1005-023","","SIDEV SAS","Weert","5050","69140","X","B0004","B0004P0415","B0004P0415G0014040","Unassigned","CABLE ACTIVE 3.0 TYPE-A TO B M/M 20M","Projection Screens","B0004P0415G0014040","Europe Camera Profit Center","5000","0800374886","Unassigned","AV Distribution","08","France","E1DX11","Europe, the Middle East, and Africa","Europe - BV","5000","Cm Katia Desmichels",null,"Undefined",null,"Undefined","France","France","Undefined","DIRECT","AV CAPTURE & COLLABORATION - CAMERAS","4210","1",{"v":0.1567919253890112,"d":"0.16"},404.23,340.85,1,404.23,"EUR",0.89342,361.15]
[1372065764,"01",null,"134396",null,"Invoice","Vaddio","B0004","Dealer","001","Unassigned","3000","Undefined","3000","THE ESB GROUP INC.","THE ESB GROUP INC.","Americas LLC",111.47,668.84,"03/15/2022","Standard Distribution","01","Unassigned","0002874259","Standard Order","TA","AV CONTENT CAPTURE (VADDIO)",2022,"2022-03",31,"Vaddio","CAM EXTENSIONS","EXT CABLES","AV","001","440-1005-008","","THE ESB GROUP INC.","Vaddio","3002","35146","F","B0004","B0004P0415","B0004P0415G0014040","Unassigned","USB 3.0 CABLE 8METER TYPE A TO B ACTIVE","Projection Screens","B0004P0415G0014040","US Camera Profit Center","3000","0098539465","Unassigned","AV Integrators","01","South","U1DXP2","United States","Americas - LLC","3000","Kalee Luke",null,"Undefined",null,"Unassigned","United States","United States","Unassigned","DIRECT","AV CAPTURE & COLLABORATION - CAMERAS","4210","2",{"v":-3.149131513647643,"d":"-3.15"},161.2,111.47,6,967.2,"USD",1,967.2]
[1372066743,"01",null,"133189",null,"Invoice","Vaddio","B0004","Dealer","001","USAV BUYING GROUP","3000","Undefined","3000","1TST - MILESTONE INC. SAVAGE (3000)","NOR-COM INC - KY","Americas LLC",75.55,6573.27,"01/20/2022","Standard Distribution","01","Unassigned","0002824823","Standard Order","TA","AV CONTENT CAPTURE (VADDIO)",2022,"2022-01",1107,"Vaddio","CAMERA MOUNT","CEILING","AV","001","535-2000-290","","NOR-COM INC - KY","Vaddio","3002","41048","E","B0004","B0004P0420","B0004P0420G0014055","Unassigned","DROP DN MT FOR SMALL PTZ CAMERAS - SHORT","Projection Screens","B0004P0420G0014055","US Camera Profit Center","3000","0098298463","Unassigned","AV Integrators","01","MidWest","U1DXP3","United States","Americas - LLC","3000","Brian Mungo",null,"Undefined",null,"Unassigned","United States","United States","Unassigned","DIRECT","AV CAPTURE & COLLABORATION - CAMERAS","4210","2",{"v":-33.29651466137953,"d":"-33.30"},191.66,75.55,87,16674.42,"USD",1,16674.42]
[1372135974,"01",null,"107493",null,"Invoice","Vaddio","B0004","Distributor - National","002","Unassigned","5000","Undefined","3000","LETENG AS","LETENG AS","Europe BV",2525.67,7577,"11/25/2021","Standard Distribution","01","Unassigned","0002790135","Standard Order","TA","AV CONTENT CAPTURE (VADDIO)",2021,"2021-11",0,"Vaddio","PTZ CAMERA","EXTENSION KIT","AV","001","999-9950-201","","LETENG AS","Weert","5050","0680","E","B0004","B0004P0400","B0004P0400G0014000","Unassigned","RoboSHOT 20 UHD OneLINK Bridge Sys INTL","Projection Screens","B0004P0400G0014000","Europe Camera Profit Center","5000","0800356633","Unassigned","AV Distribution","08","Nordics","E1DXX7","Europe, the Middle East, and Africa","Europe - BV","5000","Cm Rickard Olsson",null,"Undefined",null,"Undefined","Norway","Norway","Undefined","DIRECT","AV CAPTURE & COLLABORATION - CAMERAS","4210","2",{"v":-0.3512156027399733,"d":"-0.35"},5607.5433,2525.67,3,16822.63,"EUR",0.86014,14469.82]
[1372151904,"01",null,"139845",null,"Invoice","Vaddio","B0004","Distributor - National","002","Unassigned","3000","Undefined","3000","HERMAN - ATLANTA","HERMAN PRO AV","Americas LLC",80.39,241.16,"05/27/2021","Standard Distribution","01","HERMAN","0002640006","Standard Order","TA","AV CONTENT CAPTURE (VADDIO)",2021,"2021-05",19,"Vaddio","CAMERA MOUNT","CEILING","AV","001","535-2000-292","","HERMAN PRO AV","Vaddio","3002","33025","E","B0004","B0004P0420","B0004P0420G0014055","Unassigned","DROP DN MT FOR LARGE PTZ CAMERAS - SHORT","Projection Screens","B0004P0420G0014055","US Camera Profit Center","3000","0097206720","Unassigned","AV Distribution","08","US - Channel Sales","U1DXC1","United States","Americas - LLC","3000","Patrick Mead",null,"Undefined",null,"Georgia","United States","United States","Unassigned","DIRECT","AV CAPTURE & COLLABORATION - CAMERAS","4210","0",{"v":-0.22385181426033984,"d":"-0.22"},197.05,80.39,3,591.15,"USD",1,591.15]
[1372151958,"01",null,"139845",null,"Invoice","Vaddio","B0004","Distributor - National","002","Unassigned","3000","Undefined","3000","HERMAN PRO AV - SPARKS","HERMAN PRO AV","Americas LLC",82.69,82.69,"06/01/2021","Standard Distribution","01","HERMAN","0002640013","Standard Order","TA","AV CONTENT CAPTURE (VADDIO)",2021,"2021-06",0,"Vaddio","CAMERA MOUNT","CEILING","AV","001","535-2000-293","","HERMAN PRO AV","Vaddio","3002","33025","E","B0004","B0004P0420","B0004P0420G0014055","Unassigned","DROP DN MT FOR LARGE PTZ CAMERAS - LONG","Projection Screens","B0004P0420G0014055","US Camera Profit Center","3000","0097237191","Unassigned","AV Distribution","08","US - Channel Sales","U1DXC1","United States","Americas - LLC","3000","Patrick Mead",null,"Undefined",null,"Nevada","United States","United States","Unassigned","DIRECT","AV CAPTURE & COLLABORATION - CAMERAS","4210","0",{"v":0.6186589190186313,"d":"0.62"},216.84,82.69,1,216.84,"USD",1,216.84]
[1372180959,"01","131858","131858",null,"Invoice","Vaddio","B0004","Dealer","001","Unassigned","3000","Undefined","3000","AUDIO VISUAL BEND","AUDIO VISUAL BEND","Americas LLC",1061.49,1061.49,"07/26/2021","Standard Distribution","01","Unassigned","0002686855","Standard Order","TA","AV CONTENT CAPTURE (VADDIO)",2021,"2021-07",27,"Vaddio","PTZ CAMERA","EXTENSION KIT","AV","001","999-99010-000W","","AUDIO VISUAL BEND","Vaddio","3002","97701","E","B0004","B0004P0400","B0004P0400G0014000","Unassigned","ROBOSHOT 12E QMINI SYSTEM WHT","Projection Screens","B0004P0400G0014000","US Camera Profit Center","3000","0097439637","Unassigned","AV Integrators","01","West","U1DXP4","United States","Americas - LLC","3000","Abbi Rath",null,"Undefined",null,"Unassigned","United States","United States","Unassigned","DIRECT","AV CAPTURE & COLLABORATION - CAMERAS","4210","3",{"v":0.6896835999964919,"d":"0.69"},3420.67,1061.49,1,3420.67,"USD",1,3420.67]
[1372192576,"01",null,"133074",null,"Credit Memo","Vaddio","B0004","Dealer","001","Unassigned","3000","Undefined","3000","ONE TIME - BID SHIP TO ONLY","M3 TECHNOLOGY GROUP INC","Americas LLC",0,0,"02/23/2022","Standard Distribution","01","Unassigned","0060582735","Invoice Correct. Req","RK","AV CONTENT CAPTURE (VADDIO)",2022,"2022-02",-30,"Vaddio","SWITCHERS","BRIDGES","AV","001","999-8230-000","","M3 TECHNOLOGY GROUP INC","Vaddio","3002","37217","E","B0004","B0004P0425","B0004P0425G0014065","Unassigned","AV BRIDGE MATRIX PRO SYSTEM","Projection Screens","B0004P0425G0014065","US Camera Profit Center","3000","0098452435","Unassigned","AV Integrators","01","South","U1DXP2","United States","Americas - LLC","3000","Kalee Luke",null,"Undefined",null,"Unassigned","United States","United States","Unassigned","DIRECT","AV CAPTURE & COLLABORATION - CAMERAS","4210","1",{"v":0,"d":"0.00"},null,0,0,-3851.67,"USD",1,-3851.67]
[1372201222,"01","133711","133711",null,"Invoice","Vaddio","B0004","Dealer","001","PROFESSIONAL SYSTEMS NETWORK INTL","3000","Undefined","3000","ONE DIVERSIFIED (GA)","ONE DIVERSIFIED (GA)","Americas LLC",2251.42,2251.42,"06/18/2021","Standard Distribution","01","Unassigned","0002655046","Standard Order","TA","AV CONTENT CAPTURE (VADDIO)",2021,"2021-06",18,"Vaddio","PTZ CAMERA","EXTENSION KIT","AV","001","999-9952-200W","","ONE DIVERSIFIED (GA)","Vaddio","3002","30071","E","B0004","B0004P0400","B0004P0400G0014000","Unassigned","RoboSHOT 40 UHD OL BRIDGE SYS WHT N/A","Projection Screens","B0004P0400G0014000","US Camera Profit Center","3000","0097295395","Unassigned","AV Integrators","01","South","U1DXP2","United States","Americas - LLC","3000","Angela Tener",null,"Undefined",null,"Georgia","United States","United States","Georgia","DIRECT","AV CAPTURE & COLLABORATION - CAMERAS","4210","1",{"v":0.6428585025380711,"d":"0.64"},6304,2251.42,1,6304,"USD",1,6304]
[1372243786,"01",null,"107520",null,"Invoice","Vaddio","B0004","System Integrator","011","Unassigned","5000","Undefined","3000","MK2 AUDIOVISUEEL B.V.","MK2 AUDIOVISUEEL B.V.","Europe BV",7.68,7.68,"12/02/2021","Standard Distribution","01","Unassigned","0002775406","Standard Order","TA","AV CONTENT CAPTURE (VADDIO)",2021,"2021-12",0,"Vaddio","CAMERA MOUNT","WALL","AV","001","535-2000-215","","MK2 AUDIOVISUEEL B.V.","Weert","5050","4801 EB","X","B0004","B0004P0420","B0004P0420G0014060","Unassigned","LONG EXPANDABLE WALL/CEILING MOUNT","Projection Screens","B0004P0420G0014060","Europe Camera Profit Center","5000","0800358972","Unassigned","AV Integrators","01","Benelux","E1DXX6","Europe, the Middle East, and Africa","Europe - BV","5000","Cm Sam Van Der Harst",null,"Undefined",null,"Undefined","Netherlands","Netherlands","Undefined","DIRECT","AV CAPTURE & COLLABORATION - CAMERAS","4210","2",{"v":0.8732254869593925,"d":"0.87"},60.58,7.68,1,60.58,"EUR",0.87982,53.3]
[1372267696,"01",null,"131676",null,"Invoice","Vaddio","B0004","Dealer","001","Unassigned","3000","Undefined","3000","ENTER ALTERNATE ADDRESS (US)","A-V SERVICES INC","Americas LLC",1592.11,1592.11,"12/17/2021","Standard Distribution","01","Unassigned","0002809218","Standard Order","TA","AV CONTENT CAPTURE (VADDIO)",2021,"2021-12",27,"Vaddio","PTZ CAMERA","EXTENSION KIT","AV","001","999-99630-200","","A-V SERVICES INC","Vaddio","3002","07004","E","B0004","B0004P0400","B0004P0400G0014000","Unassigned","RoboSHOT 30E OneLINK BRIDGE SYS","Projection Screens","B0004P0400G0014000","US Camera Profit Center","3000","0098123406","Unassigned","AV Integrators","01","NorthEast","U1DXP1","United States","Americas - LLC","3000","Bryan Torino",null,"Undefined",null,"Unassigned","United States","United States","New Jersey","DIRECT","AV CAPTURE & COLLABORATION - CAMERAS","4210","1",{"v":0.6413164937955645,"d":"0.64"},4438.76,1592.11,1,4438.76,"USD",1,4438.76]
[1372267810,"01","133761","133761",null,"Invoice","Vaddio","B0004","Dealer","001","USAV BUYING GROUP","3000","Undefined","3000","SCI ELECTRONICS INC","SCI ELECTRONICS INC","Americas LLC",806.59,806.59,"12/10/2021","Standard Distribution","01","Unassigned","0002803263","Standard Order","TA","AV CONTENT CAPTURE (VADDIO)",2021,"2021-12",27,"Vaddio","PTZ CAMERA","NATIVE","AV","001","999-21100-000W","","SCI ELECTRONICS INC","Vaddio","3002","29607","E","B0004","B0004P0400","B0004P0400G0014005","Unassigned","IntelliSHOT USB Camera WHT","Projection Screens","B0004P0400G0014005","US Camera Profit Center","3000","0098095396","Unassigned","AV Integrators","01","South","U1DXP2","United States","Americas - LLC","3000","Bradley Carson",null,"Undefined",null,"Unassigned","United States","United States","Unassigned","DIRECT","AV CAPTURE & COLLABORATION - CAMERAS","4210","2",{"v":0.4876353819279021,"d":"0.49"},1574.25,806.59,1,1574.25,"USD",1,1574.25]
[1372295975,"01",null,"139846",null,"EDI Invoice","Vaddio","B0004","Distributor - National","002","Unassigned","3000","Undefined","3000","TD SYNNEX - GLENDALE HEIGHTS","SYNNEX - CA (VADDIO)","Americas LLC",102.03,1020.25,"08/19/2021","Standard Distribution","01","SYNNEX","0040884545","EDI Order","ZEDI","AV CONTENT CAPTURE (VADDIO)",2021,"2021-08",0,"Vaddio","CAM EXTENSIONS","EXT CABLES","IT/DMR","002","440-1005-008","","SYNNEX - CA (VADDIO)","Vaddio","3002","94538","F","B0004","B0004P0415","B0004P0415G0014040","Unassigned","USB 3.0 CABLE 8METER TYPE A TO B ACTIVE","Projection Screens","B0004P0415G0014040","US Camera Profit Center","3000","0097556831","Unassigned","IT Distribution","12","US - Channel Sales","U1DXC1","United States","Americas - LLC","3000","Beth Roberson",null,"Undefined",null,"Illinois","United States","United States","Unassigned","DIRECT","AV CAPTURE & COLLABORATION - CAMERAS","4210","0",{"v":-6.479838709677419,"d":"-6.48"},136.4,102.03,10,1364,"USD",1,1364]
[1372296218,"01",null,"132104",null,"Invoice","Vaddio","B0004","System Integrator","011","PROFESSIONAL SYSTEMS NETWORK INTL","3000","Undefined","3000","CONFERENCE TECHNOLOGIES-ITASCA, IL","CONFERENCE TECHNOLOGIES INC.","Americas LLC",379.39,2276.35,"04/13/2021","Standard Distribution","01","Unassigned","0002599524","Standard Order","TA","AV CONTENT CAPTURE (VADDIO)",2021,"2021-04",4,"Vaddio","CONTROL","PRESENTER","AV","001","999-7271-000","","CONFERENCE TECHNOLOGIES INC.","Vaddio","3002","63043","E","B0004","B0004P0430","B0004P0430G0014080","Unassigned","ROBOTRAK REPLACEMENT LANYARD","Projection Screens","B0004P0430G0014080","US Camera Profit Center","3000","0097021092","Unassigned","AV Integrators","01","MidWest","U1DXP3","United States","Americas - LLC","3000","Andre White",null,"Undefined",null,"Illinois","United States","United States","Unassigned","DIRECT","AV CAPTURE & COLLABORATION - CAMERAS","4210","1",{"v":-3.0797727435658464,"d":"-3.08"},557.96,379.39,6,3347.76,"USD",1,3347.76]
[1372325071,"01",null,"131672",null,"EDI Invoice","Vaddio","B0004","Dealer","001","Unassigned","3000","Undefined","3000","ENTER ALTERNATE ADDRESS (US)","AVI-SPL LLC","Americas LLC",11.1,11.1,"02/08/2022","Standard Distribution","01","Unassigned","0041047322","EDI Order","ZEDI","AV CONTENT CAPTURE (VADDIO)",2022,"2022-02",7,"Vaddio","Accessories","RACK","AV","001","998-6000-006","AVI-SPL","AVI-SPL","Vaddio","3002","33634","E","B0004","B0004P0440","B0004P0440G0014120","Unassigned","DUAL 1/2 RACK MOUNTING KIT","Other/Misc","B0004P0440G0014120","US Camera Profit Center","3000","0098382690","Unassigned","AV Integrators","01","South","U1DXP2","United States","Americas - LLC","3000","David Sweeney",null,"Undefined",null,"Texas","United States","United States","Unassigned","DIRECT","AV CAPTURE & COLLABORATION - CAMERAS","4210","1",{"v":0.8730848387834439,"d":"0.87"},87.46,11.1,1,87.46,"USD",1,87.46]
[1372365355,"01","132104","132104",null,"Invoice","Vaddio","B0004","System Integrator","011","PROFESSIONAL SYSTEMS NETWORK INTL","3000","Undefined","3000","CONFERENCE TECHNOLOGIES INC.","CONFERENCE TECHNOLOGIES INC.","Americas LLC",422.84,422.84,"02/22/2022","Standard Distribution","01","Unassigned","0002818618","Standard Order","TA","AV CONTENT CAPTURE (VADDIO)",2022,"2022-02",28,"Vaddio","SWITCHERS","BRIDGES","AV","001","999-8240-000","","CONFERENCE TECHNOLOGIES INC.","Vaddio","3002","63043","E","B0004","B0004P0425","B0004P0425G0014065","Unassigned","AV Bridge Mini N/A","Projection Screens","B0004P0425G0014065","US Camera Profit Center","3000","0098447492","Unassigned","AV Integrators","01","MidWest","U1DXP3","United States","Americas - LLC","3000","Andre White",null,"Undefined",null,"Unassigned","United States","United States","Unassigned","DIRECT","AV CAPTURE & COLLABORATION - CAMERAS","4210","1",{"v":0.7211112283663994,"d":"0.72"},1516.16,422.84,1,1516.16,"USD",1,1516.16]
[1372365403,"01",null,"132603",null,"Invoice","Vaddio","B0004","Dealer","001","USAV BUYING GROUP","3000","Undefined","3000","VISUAL SOUND INC","VISUAL SOUND COMPANY","Americas LLC",618.54,618.54,"01/14/2022","Standard Distribution","01","Unassigned","0002828770","Standard Order","TA","AV CONTENT CAPTURE (VADDIO)",2022,"2022-01",4,"Vaddio","SWITCHERS","PRODUCTIONVIEW","AV","001","999-5520-022","","VISUAL SOUND COMPANY","Vaddio","3002","19008","E","B0004","B0004P0425","B0004P0425G0014070","Unassigned","Teletouch 22\" Touch Screen System","Projection Screens","B0004P0425G0014070","US Camera Profit Center","3000","0098268855","Unassigned","AV Integrators","01","NorthEast","U1DXP1","United States","Americas - LLC","3000","Alexandra  Trop",null,"Undefined",null,"Unassigned","United States","United States","Unassigned","DIRECT","AV CAPTURE & COLLABORATION - CAMERAS","4210","2",{"v":0.4899564615080151,"d":"0.49"},1212.72,618.54,1,1212.72,"USD",1,1212.72]
[1372379442,"01",null,"107429",null,"Credit for Returns","Vaddio","B0004","Distributor - National","002","Unassigned","5000","Undefined","3000","FVS","FVS","Europe BV",1161.06,-1161.06,"02/03/2021","Standard Distribution","01","Unassigned","0060464061","RMA - Return Auth.","ZRE","AV CONFERENCING (VADDIO)",2021,"2021-02",0,"Vaddio","CONFERENCE","ROOM SYSTEM","AV","001","999-99950-701B","","FVS","Weert","5050","77600","E","B0004","B0004P0435","B0004P0435G0014100","Unassigned","CSAV SYS CEILINGMIC 2 (W/O SPKR) INTL","Projection Screens","B0004P0435G0014100","Europe Camera Profit Center","5000","0800299185","Unassigned","AV Distribution","08","France","E1DX11","Europe, the Middle East, and Africa","Europe - BV","5000","Cm Katia Desmichels",null,"Undefined",null,"Undefined","France","France","Undefined","DIRECT","AV CAPTURE & COLLABORATION - CAMERAS","4210","2",{"v":0,"d":"0.00"},2258.11,1161.06,-1,-2258.11,"EUR",0.82325,-1858.99]
[1372403637,"01",null,"131672",null,"EDI Invoice","Vaddio","B0004","Dealer","001","Unassigned","3000","Undefined","3000","ENTER ALTERNATE ADDRESS (US)","AVI-SPL LLC","Americas LLC",7.74,23.22,"05/10/2021","Standard Distribution","01","Unassigned","0040811118","EDI Order","ZEDI","AV CONTENT CAPTURE (VADDIO)",2021,"2021-05",5,"Vaddio","CAMERA MOUNT","WALL","AV","001","535-2000-243","AVI-SPL","AVI-SPL","Vaddio","3002","33634","E","B0004","B0004P0420","B0004P0420G0014060","Unassigned","THIN PROFILE WALL MOUNT SONY/PANA CAMS","Projection Screens","B0004P0420G0014060","US Camera Profit Center","3000","0097136150","Unassigned","AV Integrators","01","West","U1DXP4","United States","Americas - LLC","3000","Dana Sanders Nickel",null,"Undefined",null,"Unassigned","United States","United States","Unassigned","DIRECT","AV CAPTURE & COLLABORATION - CAMERAS","4210","1",{"v":0.743595406360424,"d":"0.74"},90.56,7.74,3,271.68,"USD",1,271.68]
[1372453793,"01","132734","132734",null,"Invoice","Vaddio","B0004","Dealer","001","PROFESSIONAL SYSTEMS NETWORK INTL","3000","Undefined","3000","IVIDEO TECHNOLOGIES LLC","IVIDEO TECHNOLOGIES LLC","Americas LLC",7.53,7.53,"08/05/2021","Standard Distribution","01","Unassigned","0002698418","Standard Order","TA","AV CONTENT CAPTURE (VADDIO)",2021,"2021-08",27,"Vaddio","CAMERA MOUNT","WALL","AV","001","535-2000-251","","IVIDEO TECHNOLOGIES LLC","Vaddio","3002","44130","E","B0004","B0004P0420","B0004P0420G0014060","Unassigned","THIN PROFILE WALL MNT PR60/HD EAGLE EYE","Projection Screens","B0004P0420G0014060","US Camera Profit Center","3000","0097493883","Unassigned","AV Integrators","01","MidWest","U1DXP3","United States","Americas - LLC","3000","Brian Mungo",null,"Undefined",null,"Ohio","United States","United States","Ohio","DIRECT","AV CAPTURE & COLLABORATION - CAMERAS","4210","2",{"v":0.9393280154701474,"d":"0.94"},124.11,7.53,1,124.11,"USD",1,124.11]
[1372501596,"01","132294","132294",null,"Invoice","Vaddio","B0004","Dealer","001","Unassigned","3000","Undefined","3000","TRITECH COMMUNICATIONS","TRITECH COMMUNICATIONS","Americas LLC",1230.2,2460.4,"04/13/2021","Standard Distribution","01","Unassigned","0002597254","Standard Order","TA","AV CONTENT CAPTURE (VADDIO)",2021,"2021-04",18,"Vaddio","PTZ CAMERA","EXTENSION KIT","AV","001","999-99600-100","","TRITECH COMMUNICATIONS","Vaddio","3002","11530","E","B0004","B0004P0400","B0004P0400G0014000","Unassigned","RoboSHOT 12E OneLINK HDMI SYS","Projection Screens","B0004P0400G0014000","US Camera Profit Center","3000","0097021168","Unassigned","AV Integrators","01","NorthEast","U1DXP1","United States","Americas - LLC","3000","Angela Adkins",null,"Undefined",null,"New York","United States","United States","New York","DIRECT","AV CAPTURE & COLLABORATION - CAMERAS","4210","1",{"v":0.28340090404958296,"d":"0.28"},3433.44,1230.2,2,6866.88,"USD",1,6866.88]
[1372507916,"01",null,"132070",null,"Invoice","Vaddio","B0004","Dealer","001","Unassigned","3000","Undefined","3000","ENTER ALTERNATE ADDRESS (US)","BRADFIELD'S COMPUTER SUPPLY","Americas LLC",211.63,211.63,"04/12/2021","Standard Distribution","01","Unassigned","0002598575","Standard Order","TA","AV CONFERENCING (VADDIO)",2021,"2021-04",8,"Vaddio","CONFERENCE","AUDIO","AV","001","999-8530-000","","BRADFIELD'S COMPUTER SUPPLY","Vaddio","3002","61602","E","B0004","B0004P0435","B0004P0435G0014090","Unassigned","EASYUSB MIXER/AMP SYSTEM","Projection Screens","B0004P0435G0014090","US Camera Profit Center","3000","0097018575","Unassigned","AV Integrators","01","MidWest","U1DXP3","United States","Americas - LLC","3000","Andre White",null,"Undefined",null,"Illinois","United States","United States","Illinois","DIRECT","AV CAPTURE & COLLABORATION - CAMERAS","4210","3",{"v":0.7173782401410238,"d":"0.72"},748.81,211.63,1,748.81,"USD",1,748.81]
[1372536375,"01",null,"132907",null,"Invoice","Vaddio","B0004","Dealer","001","PROFESSIONAL SYSTEMS NETWORK INTL","3000","Undefined","3000","LUBBOCK AUDIO VISUAL - SHIPPING","LUBBOCK AUDIO VISUAL","Americas LLC",910.39,1820.77,"06/15/2021","Standard Distribution","01","Unassigned","0002653849","Standard Order","TA","AV CONTENT CAPTURE (VADDIO)",2021,"2021-06",18,"Vaddio","FIXED CAMERA","EXTENSION KIT","AV","001","999-6930-100","","LUBBOCK AUDIO VISUAL","Vaddio","3002","79408","E","B0004","B0004P0405","B0004P0405G0014010","Unassigned","ZoomSHOT 30 QUSB System","Projection Screens","B0004P0405G0014010","US Camera Profit Center","3000","0097286431","Unassigned","AV Integrators","01","South","U1DXP2","United States","Americas - LLC","3000","Ken Phillips",null,"Undefined",null,"Texas","United States","United States","Texas","DIRECT","AV CAPTURE & COLLABORATION - CAMERAS","4210","2",{"v":0.14875523037004135,"d":"0.15"},2138.95,910.39,2,4277.9,"USD",1,4277.9]
[1372536415,"01","132946","132946",null,"Invoice","Vaddio","B0004","Dealer","001","Unassigned","3000","Undefined","3000","KEYSTONE DIGITAL","KEYSTONE DIGITAL","Americas LLC",954.83,105031.24,"10/05/2021","Standard Distribution","01","Unassigned","0002712114","Standard Order","TA","AV CONTENT CAPTURE (VADDIO)",2021,"2021-10",1281,"Vaddio","FIXED CAMERA","EXTENSION KIT","AV","001","999-6930-100","","KEYSTONE DIGITAL","Vaddio","3002","65721","E","B0004","B0004P0405","B0004P0405G0014010","Unassigned","ZoomSHOT 30 QUSB System","Projection Screens","B0004P0405G0014010","US Camera Profit Center","3000","0097769771","Unassigned","AV Integrators","01","MidWest","U1DXP3","United States","Americas - LLC","3000","Andre White",null,"Undefined",null,"Unassigned","United States","United States","Unassigned","DIRECT","AV CAPTURE & COLLABORATION - CAMERAS","4210","2",{"v":-49.67510035510268,"d":"-49.68"},2072.64,954.83,110,227990.4,"USD",1,227990.4]
[1372583453,"01",null,"133752",null,"Invoice","Vaddio","B0004","Dealer","001","Unassigned","3000","Undefined","3000","CUSTOM PACKING LIST SHIP TO (US)","SPECTRA AUDIO DESIGN - NY","Americas LLC",335.5,335.5,"09/09/2021","Standard Distribution","01","Unassigned","0002726088","Standard Order","TA","AV CONTENT CAPTURE (VADDIO)",2021,"2021-09",74,"Vaddio","CAM EXTENSIONS","EXT HUBS","AV","001","999-1005-032","SPECTRA AUDIO DESIGN","SPECTRA AUDIO DESIGN","Vaddio","3002","10010","X","B0004","B0004P0415","B0004P0415G0014045","Unassigned","USB 3.0 EXTENDER SYSTEM N/A","Projection Screens","B0004P0415G0014045","US Camera Profit Center","3000","0097657692","Unassigned","AV Integrators","01","NorthEast","U1DXP1","United States","Americas - LLC","3000","Angela Adkins",null,"Undefined",null,"Illinois","United States","United States","New York","DIRECT","AV CAPTURE & COLLABORATION - CAMERAS","4210","1",{"v":0.7238023890475915,"d":"0.72"},1214.71,335.5,1,1214.71,"USD",1,1214.71]
[1372614145,"01",null,"132335",null,"Invoice","Vaddio","B0004","Dealer","001","Unassigned","3000","Undefined","3000","ENTER ALTERNATE ADDRESS (US)","DEVINCIO INC.","Americas LLC",95.29,285.87,"12/30/2021","Standard Distribution","01","Unassigned","0002803229","Standard Order","TA","AV CONTENT CAPTURE (VADDIO)",2021,"2021-12",27,"Vaddio","CAM EXTENSIONS","EXT CABLES","Residential","003","440-1005-065","","DEVINCIO INC.","Vaddio","3002","60062","F","B0004","B0004P0415","B0004P0415G0014040","Unassigned","ACTIVE OPTICAL USB 3.0 A/B PLENUM 20M","Projection Screens","B0004P0415G0014040","US Camera Profit Center","3000","0098187143","ORION ADVANCED MARKETING","Residential AV","02","East - Resi","UXDXH4","United States","Americas - LLC","3000","Ryan St. John",null,"Undefined",null,"Illinois","United States","United States","Illinois","DIRECT","AV CAPTURE & COLLABORATION - CAMERAS","4210","4",{"v":0.3266200268532259,"d":"0.33"},424.53,95.29,3,1273.59,"USD",1,1273.59]
[1372640011,"01","113836","113836",null,"Invoice","Vaddio","B0004","Distributor - National","002","Unassigned","5000","Undefined","3000","SANEL N.V.","SANEL N.V.","Europe BV",239.12,1673.82,"01/04/2021","Standard Distribution","01","Unassigned","0002488094","Standard Order","TA","AV CONFERENCING (VADDIO)",2021,"2021-01",0,"Vaddio","CONFERENCE","ROOM SYSTEM","AV","001","999-11208-001","","SANEL N.V.","Weert","5050","2500","X","B0004","B0004P0435","B0004P0435G0014100","Unassigned","EasyIP PoE+ Switch INT","Projection Screens","B0004P0435G0014100","Europe Camera Profit Center","5000","0800290320","Unassigned","AV Distribution","08","Benelux","E1DXX6","Europe, the Middle East, and Africa","Europe - BV","5000","Cm Dennis Driessen",null,"Undefined",null,"Undefined","Belgium","Belgium","Undefined","DIRECT","AV CAPTURE & COLLABORATION - CAMERAS","4210","2",{"v":-4.450838343769957,"d":"-4.45"},307.0757,239.12,7,2149.53,"EUR",0.82325,1769.6]
[1372650088,"02",null,"103335",null,"EDI Invoice","Vaddio","B0004","Distributor - National","002","Unassigned","3000","Undefined","3000","ADEMCO INC - MINNEAPOLIS","ADI","Americas LLC",885.41,885.41,"10/13/2021","Standard Distribution","01","Unassigned","0040929091","EDI Order","ZEDI","AV CONTENT CAPTURE (VADDIO)",2021,"2021-10",27,"Vaddio","PTZ CAMERA","NATIVE","Residential","003","999-99230-000W","","ADI","Vaddio","3002","79926","E","B0004","B0004P0400","B0004P0400G0014005","Unassigned","RoboSHOT 30E USB WHT","Projection Screens","B0004P0400G0014005","US Camera Profit Center","3000","0097785984","Unassigned","Residential AV","02","Resi Other","UXDXH5","United States","Americas - LLC","3000","Keith Ebert",null,"Undefined",null,"Unassigned","United States","United States","Texas","DIRECT","AV CAPTURE & COLLABORATION - CAMERAS","4210","1",{"v":0.6472807380967557,"d":"0.65"},2510.24,885.41,1,2510.24,"USD",1,2510.24]
[1372666418,"01",null,"134052",null,"Invoice","Vaddio","B0004","Dealer","001","USAV BUYING GROUP","3000","Undefined","3000","NEW ERA TECHNOLOGY","NEW ERA TECHNOLOGY","Americas LLC",826.6,4133.01,"01/12/2022","Standard Distribution","01","Unassigned","0002824493","Standard Order","TA","AV CONFERENCING (VADDIO)",2022,"2022-01",36,"Vaddio","CONFERENCE","ROOM SYSTEM","AV","001","999-50707-000","","NEW ERA TECHNOLOGY","Vaddio","3002","46268","E","B0004","B0004P0435","B0004P0435G0014100","Unassigned","HuddleSHOT BLACK","Projection Screens","B0004P0435G0014100","US Camera Profit Center","3000","0098261213","Unassigned","AV Integrators","01","NorthEast","U1DXP1","United States","Americas - LLC","3000","Joseph Davis",null,"Undefined",null,"Unassigned","United States","United States","Unassigned","DIRECT","AV CAPTURE & COLLABORATION - CAMERAS","4210","2",{"v":-2.4437732264569134,"d":"-2.44"},1200.14,826.6,5,6000.7,"USD",1,6000.7]
[1372727623,"01",null,"131683",null,"Invoice","Vaddio","B0004","Dealer","001","Unassigned","3000","Undefined","3000","AUDIO-VIDEO CORPORATION","AUDIO VIDEO CORP - NY","Americas LLC",79.58,79.58,"03/11/2021","Standard Distribution","01","Unassigned","0002572847","Standard Order","TA","AV CONTENT CAPTURE (VADDIO)",2021,"2021-03",1,"Vaddio","CAMERA MOUNT","CEILING","AV","001","535-2000-296","","AUDIO VIDEO CORP - NY","Vaddio","3002","12204","E","B0004","B0004P0420","B0004P0420G0014055","Unassigned","OFF-SET DROP DN MT FOR HD SERIES CAMERAS","Projection Screens","B0004P0420G0014055","US Camera Profit Center","3000","0096895342","Unassigned","AV Integrators","01","NorthEast","U1DXP1","United States","Americas - LLC","3000","Steve Joyce",null,"Undefined",null,"New York","United States","United States","New York","DIRECT","AV CAPTURE & COLLABORATION - CAMERAS","4210","1",{"v":0.6608854987855286,"d":"0.66"},234.67,79.58,1,234.67,"USD",1,234.67]
[1372728010,"01",null,"131672",null,"EDI Invoice","Vaddio","B0004","Dealer","001","Unassigned","3000","Undefined","3000","ENTER ALTERNATE ADDRESS (US)","AVI-SPL LLC","Americas LLC",324.29,648.57,"01/12/2021","Standard Distribution","01","Unassigned","0040720935","EDI Order","ZEDI","AV CONTENT CAPTURE (VADDIO)",2021,"2021-01",10,"Vaddio","CAM EXTENSIONS","EXT HUBS","AV","001","999-1005-032","AVI-SPL","AVI-SPL","Vaddio","3002","33634","X","B0004","B0004P0415","B0004P0415G0014045","Unassigned","USB 3.0 EXTENDER SYSTEM N/A","Projection Screens","B0004P0415G0014045","US Camera Profit Center","3000","0096645215","Unassigned","AV Integrators","01","South","U1DXP2","United States","Americas - LLC","3000","Keri Manasa",null,"Undefined",null,"Unassigned","United States","United States","Unassigned","DIRECT","AV CAPTURE & COLLABORATION - CAMERAS","4210","1",{"v":0.4444939316334483,"d":"0.44"},1167.53,324.29,2,2335.06,"USD",1,2335.06]
[1372773454,"01","133074","133074",null,"Invoice","Vaddio","B0004","Dealer","001","Unassigned","3000","Undefined","3000","M3 TECHNOLOGY GROUP INC","M3 TECHNOLOGY GROUP INC","Americas LLC",330.91,330.91,"05/18/2021","Standard Distribution","01","Unassigned","0002630132","Standard Order","TA","AV CONTENT CAPTURE (VADDIO)",2021,"2021-05",11,"Vaddio","CAM EXTENSIONS","EXT CABLES","AV","001","440-1005-025","","M3 TECHNOLOGY GROUP INC","Vaddio","3002","37217","F","B0004","B0004P0415","B0004P0415G0014040","Unassigned","CABLE ACTIVE 3.0 TYPE-A TO B M/M 30M","Projection Screens","B0004P0415G0014040","US Camera Profit Center","3000","0097177109","Unassigned","AV Integrators","01","South","U1DXP2","United States","Americas - LLC","3000","Kalee Luke",null,"Undefined",null,"Unassigned","United States","United States","Unassigned","DIRECT","AV CAPTURE & COLLABORATION - CAMERAS","4210","1",{"v":0.4018581783345082,"d":"0.40"},553.23,330.91,1,553.23,"USD",1,553.23]
[1372773510,"01",null,"131672",null,"EDI Invoice","Vaddio","B0004","Dealer","001","Unassigned","3000","Undefined","3000","ENTER ALTERNATE ADDRESS (US)","AVI-SPL LLC","Americas LLC",65.57,131.14,"08/11/2021","Standard Distribution","01","Unassigned","0040878945","EDI Order","ZEDI","AV CONTENT CAPTURE (VADDIO)",2021,"2021-08",14,"Vaddio","CAMERA MOUNT","INWALL","AV","001","999-2225-021","AVI-SPL","AVI-SPL","Vaddio","3002","33634","E","B0004","B0004P0420","B0004P0420G0014050","Unassigned","IN-WALL ENCLOSURE FOR ROBOSHOT 20 UHD","Projection Screens","B0004P0420G0014050","US Camera Profit Center","3000","0097534608","Unassigned","AV Integrators","01","South","U1DXP2","United States","Americas - LLC","3000","David Sweeney",null,"Undefined",null,"Texas","United States","United States","Unassigned","DIRECT","AV CAPTURE & COLLABORATION - CAMERAS","4210","1",{"v":0.4335694540428473,"d":"0.43"},231.52,65.57,2,463.04,"USD",1,463.04]
[1372776510,"01",null,"139819",null,"Invoice","Vaddio","B0004","Distributor - National","002","Unassigned","3000","Undefined","3000","ENTER ALTERNATE ADDRESS (US)","AB DISTRIBUTING INC (VADDIO)","Americas LLC",270.38,21630.09,"09/20/2021","Standard Distribution","01","AB","0002734961","Standard Order","TA","AV CONFERENCING (VADDIO)",2021,"2021-09",0,"Vaddio","CONFERENCE","ROOM SYSTEM","IT/DMR","002","999-60210-000","AB DISTRIBUTING","AB DISTRIBUTING","Vaddio","3002","60004","E","B0004","B0004P0435","B0004P0435G0014100","Unassigned","EasyIP Decoder","Projection Screens","B0004P0435G0014100","US Camera Profit Center","3000","0097710188","Unassigned","IT Distribution","12","US - Channel Sales","U1DXC1","United States","Americas - LLC","3000","Jack Gerts",null,"Undefined",null,"Unassigned","United States","United States","Illinois","DIRECT","AV CAPTURE & COLLABORATION - CAMERAS","4210","0",{"v":-40.49976017344257,"d":"-40.50"},521.21,270.38,80,41696.8,"USD",1,41696.8]
[1372798677,"01",null,"139844",null,"EDI Invoice","Vaddio","B0004","Online Reseller","010","Unassigned","3000","Undefined","3000","B&H PHOTO - NJF","B&H PHOTO VIDEO - NY (VADDIO)","Americas LLC",611.77,611.77,"11/10/2021","Standard Distribution","01","Unassigned","0040950148","EDI Order","ZEDI","AV CONTENT CAPTURE (VADDIO)",2021,"2021-11",27,"Vaddio","CAM EXTENSIONS","ONELINK","AV","001","999-9560-000","","B&H PHOTO VIDEO - NY (VADDIO)","Vaddio","3002","10001","E","B0004","B0004P0415","B0004P0415G0014030","Unassigned","ONELINK HDMI CISCO CODEC/CISCO CAM N/A","Projection Screens","B0004P0415G0014030","US Camera Profit Center","3000","0097932014","Unassigned","AV Integrators","01","NorthEast","U1DXP1","United States","Americas - LLC","3000","John Ruggiero",null,"Undefined",null,"New Jersey","United States","United States","New York","DIRECT","AV CAPTURE & COLLABORATION - CAMERAS","4210","0",{"v":0.546991395524488,"d":"0.55"},1350.46,611.77,1,1350.46,"USD",1,1350.46]
[1372807799,"01","133875","133875",null,"Invoice","Vaddio","B0004","Dealer","001","Unassigned","3000","Undefined","3000","FUSION SYSTEMS LLC","FUSION SYSTEMS LLC","Americas LLC",5.33,5.33,"02/16/2022","Standard Distribution","01","Unassigned","0002852842","Standard Order","TA","AV CONTENT CAPTURE (VADDIO)",2022,"2022-02",0,"Vaddio","Accessories","RACK","Residential","003","998-6000-004","","FUSION SYSTEMS LLC","Vaddio","3002","29601","E","B0004","B0004P0440","B0004P0440G0014120","Unassigned","SINGLE 1/2 RACK MOUNTING KIT","Other/Misc","B0004P0440G0014120","US Camera Profit Center","3000","0098423479","HIGH TECH INC","Residential AV","02","East - Resi","UXDXH4","United States","Americas - LLC","3000","Hill Jones",null,"Undefined",null,"Unassigned","United States","United States","Unassigned","DIRECT","AV CAPTURE & COLLABORATION - CAMERAS","4210","3",{"v":0.912794502617801,"d":"0.91"},61.12,5.33,1,61.12,"USD",1,61.12]
[1372824953,"01",null,"132136",null,"Invoice","Vaddio","B0004","Dealer","001","Unassigned","3000","Undefined","3000","ENTER ALTERNATE ADDRESS (US)","THE CHARIOT GROUP INC.","Americas LLC",111.47,111.47,"03/01/2022","Standard Distribution","01","Unassigned","0002862343","Standard Order","TA","AV CONTENT CAPTURE (VADDIO)",2022,"2022-03",31,"Vaddio","CAM EXTENSIONS","EXT CABLES","AV","001","440-1005-008","","THE CHARIOT GROUP INC.","Vaddio","3002","99503","F","B0004","B0004P0415","B0004P0415G0014040","Unassigned","USB 3.0 CABLE 8METER TYPE A TO B ACTIVE","Projection Screens","B0004P0415G0014040","US Camera Profit Center","3000","0098478306","Unassigned","AV Integrators","01","West","U1DXP4","United States","Americas - LLC","3000","Abbi Rath",null,"Undefined",null,"Unassigned","United States","United States","Alaska","DIRECT","AV CAPTURE & COLLABORATION - CAMERAS","4210","2",{"v":0.30849875930521087,"d":"0.31"},161.2,111.47,1,161.2,"USD",1,161.2]
[1372872202,"01","115135","115135",null,"Invoice","Vaddio","B0004","Dealer","001","Unassigned","3200","Undefined","3000","HILLMAN AUDIO VIDEO","HILLMAN AUDIO VIDEO","Canada ULC",2322.5,2322.5,"10/26/2021","Standard Distribution","01","Unassigned","0002760511","Standard Order","TA","AV CONFERENCING (VADDIO)",2021,"2021-10",128,"Vaddio","CONFERENCE","ROOM SYSTEM","AV","001","999-99950-700W","","HILLMAN AUDIO VIDEO","Vaddio","3002","S4R 8P8","E","B0004","B0004P0435","B0004P0435G0014100","Unassigned","CSAV SYS CEILINGMIC 2 (W/O SPKR) WHT","Projection Screens","B0004P0435G0014100","Canada Camera Profit Center","3200","0097841428","Unassigned","AV Integrators","01","West","C1XXP4","Canada","Canada - ULC","3200","Allison Cooney",null,"Undefined",null,"Saskatchewan","Canada","Canada","Saskatchewan","DIRECT","AV CAPTURE & COLLABORATION - CAMERAS","4210","3",{"v":0.11382697018490406,"d":"0.11"},2620.82,2322.5,1,2620.82,"CAD",1.27359,3337.85]
[1372907050,"01",null,"115233",null,"Invoice","Vaddio","B0004","Dealer","001","Unassigned","3200","Undefined","3000","MVCC WINDSOR","MATRIX VIDEO COMMUNICATIONS CORP.","Canada ULC",1384.25,1384.25,"07/30/2021","Standard Distribution","01","Unassigned","0002693967","Standard Order","TA","AV CONTENT CAPTURE (VADDIO)",2021,"2021-07",0,"Vaddio","SWITCHERS","BRIDGES","AV","001","999-8250-000","","MATRIX VIDEO COMMUNICATIONS CORP.","Vaddio","3002","T3K 5Y8","E","B0004","B0004P0425","B0004P0425G0014065","Unassigned","AV Bridge 2x1 N/A","Projection Screens","B0004P0425G0014065","Canada Camera Profit Center","3200","0097481719","Unassigned","AV Integrators","01","West","C1XXP4","Canada","Canada - ULC","3200","Chris Lavallee",null,"Undefined",null,"Ontario","Canada","Canada","Alberta","DIRECT","AV CAPTURE & COLLABORATION - CAMERAS","4210","1",{"v":0.3557612651606117,"d":"0.36"},2148.66,1384.25,1,2148.66,"CAD",1.2378,2659.61]
[1372910589,"01","133453","133453",null,"Invoice","Vaddio","B0004","Dealer","001","Unassigned","3000","Undefined","3000","REFERENCE AUDIO VIDEO","REFERENCE AUDIO VIDEO","Americas LLC",865.07,865.07,"02/25/2021","Standard Distribution","01","Unassigned","0002560963","Standard Order","TA","AV CONFERENCING (VADDIO)",2021,"2021-02",11,"Vaddio","CONFERENCE","ROOM SYSTEM","Residential","003","999-30230-000W","","REFERENCE AUDIO VIDEO","Vaddio","3002","52807","E","B0004","B0004P0435","B0004P0435G0014100","Unassigned","EasyIP 20 Camera White","Projection Screens","B0004P0435G0014100","US Camera Profit Center","3000","0096838539","SYNAPSE SALES & MARKETING LLC","Residential AV","02","East - Resi","UXDXH4","United States","Americas - LLC","3000","Mark Ley",null,"Undefined",null,"Iowa","United States","United States","Iowa","DIRECT","AV CAPTURE & COLLABORATION - CAMERAS","4210","2",{"v":0.6450994871794872,"d":"0.65"},2437.5,865.07,1,2437.5,"USD",1,2437.5]
[1372915523,"01",null,"140878",null,"Invoice","Vaddio","B0004","Dealer","001","USAV BUYING GROUP","3000","Undefined","3000","CUSTOM PACKING LIST SHIP TO (US)","INNOVATE AUDIO VISUAL INC.","Americas LLC",29.06,29.06,"02/08/2022","Standard Distribution","01","Unassigned","0002847258","Standard Order","TA","AV CONTENT CAPTURE (VADDIO)",2022,"2022-02",28,"Vaddio","CAMERA MOUNT","CEILING","AV","001","535-2000-206","","INNOVATE AUDIO VISUAL INC.","Vaddio","3002","33414","E","B0004","B0004P0420","B0004P0420G0014055","Unassigned","SUSPENDED CEILING PTZ CAMERA MOUNT","Projection Screens","B0004P0420G0014055","US Camera Profit Center","3000","0098385641","Unassigned","AV Integrators","01","South","U1DXP2","United States","Americas - LLC","3000","Keri Manasa",null,"Undefined",null,"Unassigned","United States","United States","Unassigned","DIRECT","AV CAPTURE & COLLABORATION - CAMERAS","4210","2",{"v":0.6380169407075237,"d":"0.64"},80.28,29.06,1,80.28,"USD",1,80.28]
[1372939398,"01",null,"133557",null,"Invoice","Vaddio","B0004","Dealer","001","Unassigned","3000","Undefined","3000","SKC WAREHOUSE - LENEXA","SKC COMMUNICATION PRODUCTS LLC","Americas LLC",330.91,330.91,"06/02/2021","Standard Distribution","01","Unassigned","0002643217","Standard Order","TA","AV CONTENT CAPTURE (VADDIO)",2021,"2021-06",18,"Vaddio","CAM EXTENSIONS","EXT CABLES","AV","001","440-1005-025","","SKC COMMUNICATION PRODUCTS LLC","Vaddio","3002","66227","F","B0004","B0004P0415","B0004P0415G0014040","Unassigned","CABLE ACTIVE 3.0 TYPE-A TO B M/M 30M","Projection Screens","B0004P0415G0014040","US Camera Profit Center","3000","0097239608","Unassigned","AV Integrators","01","MidWest","U1DXP3","United States","Americas - LLC","3000","Andre White",null,"Undefined",null,"Kansas","United States","United States","Kansas","DIRECT","AV CAPTURE & COLLABORATION - CAMERAS","4210","1",{"v":0.4018581783345082,"d":"0.40"},553.23,330.91,1,553.23,"USD",1,553.23]
[1373006695,"01",null,"133711",null,"Invoice","Vaddio","B0004","Dealer","001","PROFESSIONAL SYSTEMS NETWORK INTL","3000","Undefined","3000","ENTER ALTERNATE ADDRESS (US)","ONE DIVERSIFIED (GA)","Americas LLC",391.42,391.42,"06/07/2021","Standard Distribution","01","Unassigned","0002647472","Standard Order","TA","AV CONTENT CAPTURE (VADDIO)",2021,"2021-06",24,"Vaddio","SWITCHERS","BRIDGES","AV","001","999-8240-000","","ONE DIVERSIFIED (GA)","Vaddio","3002","30071","E","B0004","B0004P0425","B0004P0425G0014065","Unassigned","AV Bridge Mini N/A","Projection Screens","B0004P0425G0014065","US Camera Profit Center","3000","0097248051","Unassigned","AV Integrators","01","West","U1DXP4","United States","Americas - LLC","3000","Cynthia Podgurski",null,"Undefined",null,"Unassigned","United States","United States","Georgia","DIRECT","AV CAPTURE & COLLABORATION - CAMERAS","4210","1",{"v":0.726138001483285,"d":"0.73"},1429.26,391.42,1,1429.26,"USD",1,1429.26]
[1373014019,"01",null,"132603",null,"Invoice","Vaddio","B0004","Dealer","001","USAV BUYING GROUP","3000","Undefined","3000","VISUAL SOUND-MECHANICSBURG","VISUAL SOUND COMPANY","Americas LLC",1050.13,2100.26,"07/14/2021","Standard Distribution","01","Unassigned","0002661786","Standard Order","TA","AV CONFERENCING (VADDIO)",2021,"2021-07",29,"Vaddio","CONFERENCE","ROOM SYSTEM","AV","001","999-30201-000W","","VISUAL SOUND COMPANY","Vaddio","3002","19008","E","B0004","B0004P0435","B0004P0435G0014100","Unassigned","EasyIP 10 Base Kit White","Projection Screens","B0004P0435G0014100","US Camera Profit Center","3000","0097406392","Unassigned","AV Integrators","01","NorthEast","U1DXP1","United States","Americas - LLC","3000","Alexandra  Trop",null,"Undefined",null,"Unassigned","United States","United States","Unassigned","DIRECT","AV CAPTURE & COLLABORATION - CAMERAS","4210","2",{"v":0.2525366122746765,"d":"0.25"},2809.85,1050.13,2,5619.7,"USD",1,5619.7]
[1373047172,"01","113836","113836",null,"Invoice","Vaddio","B0004","Distributor - National","002","Unassigned","5000","Undefined","3000","SANEL N.V.","SANEL N.V.","Europe BV",11.55,23.1,"07/23/2021","Standard Distribution","01","Unassigned","0002687357","Standard Order","TA","AV CONTENT CAPTURE (VADDIO)",2021,"2021-07",0,"Vaddio","CAMERA MOUNT","WALL","AV","001","535-2000-243","","SANEL N.V.","Weert","5050","2500","X","B0004","B0004P0420","B0004P0420G0014060","Unassigned","THIN PROFILE WALL MOUNT SONY/PANA CAMS","Projection Screens","B0004P0420G0014060","Europe Camera Profit Center","5000","0800331982","Unassigned","AV Distribution","08","Benelux","E1DXX6","Europe, the Middle East, and Africa","Europe - BV","5000","Cm Dennis Driessen",null,"Undefined",null,"Undefined","Belgium","Belgium","Undefined","DIRECT","AV CAPTURE & COLLABORATION - CAMERAS","4210","2",{"v":0.7623334533669427,"d":"0.76"},97.195,11.55,2,194.39,"EUR",0.84161,163.6]
[1373074294,"01","132120","132120",null,"Invoice","Vaddio","B0004","Dealer","001","Unassigned","3000","Undefined","3000","CCS PRESENTATION SYS.- FL","CCS PRESENTATION SYS.- FL","Americas LLC",990.15,990.15,"02/10/2022","Standard Distribution","01","Unassigned","0002847841","Standard Order","TA","AV CONTENT CAPTURE (VADDIO)",2022,"2022-02",28,"Vaddio","PTZ CAMERA","NATIVE","AV","001","999-99600-000","CCS PRESENTATION-ALL OFFICES","CCS PRESENTATION-ALL OFFICES","Vaddio","3002","32256","E","B0004","B0004P0400","B0004P0400G0014005","Unassigned","ROBOSHOT 12E HDBT","Projection Screens","B0004P0400G0014005","US Camera Profit Center","3000","0098393315","Unassigned","AV Integrators","01","South","U1DXP2","United States","Americas - LLC","3000","Keri Manasa",null,"Undefined",null,"Unassigned","United States","United States","Unassigned","DIRECT","AV CAPTURE & COLLABORATION - CAMERAS","4210","2",{"v":0.649473404726082,"d":"0.65"},2824.75,990.15,1,2824.75,"USD",1,2824.75]
[1373076487,"01",null,"132133",null,"Invoice","Vaddio","B0004","Dealer","001","Unassigned","3000","Undefined","3000","CCS PRESENTATION SYSTEMS","CCS PRESENTATION SYS.- NV","Americas LLC",1143.19,2286.38,"10/22/2021","Standard Distribution","01","Unassigned","0002762301","Standard Order","TA","AV CONTENT CAPTURE (VADDIO)",2021,"2021-10",27,"Vaddio","PTZ CAMERA","EXTENSION KIT","AV","001","999-99630-100","CCS PRESENTATION-ALL OFFICES","CCS PRESENTATION-ALL OFFICES","Vaddio","3002","89146","E","B0004","B0004P0400","B0004P0400G0014000","Unassigned","RoboSHOT 30E OneLINK HDMI SYS","Projection Screens","B0004P0400G0014000","US Camera Profit Center","3000","0097836670","Unassigned","AV Integrators","01","West","U1DXP4","United States","Americas - LLC","3000","Stephanie Shomper",null,"Undefined",null,"Nevada","United States","United States","Nevada","DIRECT","AV CAPTURE & COLLABORATION - CAMERAS","4210","2",{"v":0.40765362564024177,"d":"0.41"},3859.87,1143.19,2,7719.74,"USD",1,7719.74]
[1373084706,"01",null,"131672",null,"EDI Invoice","Vaddio","B0004","Dealer","001","Unassigned","3000","Undefined","3000","ENTER ALTERNATE ADDRESS (US)","AVI-SPL LLC","Americas LLC",89.51,179.01,"02/14/2022","Standard Distribution","01","Unassigned","0041051855","EDI Order","ZEDI","AV CONTENT CAPTURE (VADDIO)",2022,"2022-02",3,"Vaddio","CAMERA MOUNT","CEILING","AV","001","535-2000-292","AVI-SPL","AVI-SPL","Vaddio","3002","33634","E","B0004","B0004P0420","B0004P0420G0014055","Unassigned","DROP DN MT FOR LARGE PTZ CAMERAS - SHORT","Projection Screens","B0004P0420G0014055","US Camera Profit Center","3000","0098413405","Unassigned","AV Integrators","01","South","U1DXP2","United States","Americas - LLC","3000","Ken Phillips",null,"Undefined",null,"Texas","United States","United States","Unassigned","DIRECT","AV CAPTURE & COLLABORATION - CAMERAS","4210","1",{"v":0.2464006062136903,"d":"0.25"},237.54,89.51,2,475.08,"USD",1,475.08]
[1373138649,"01",null,"131802",null,"Invoice","Vaddio","B0004","Dealer","001","Unassigned","3000","Undefined","3000","ENTER ALTERNATE ADDRESS (US)","AVCON - NC","Americas LLC",2897.02,2897.02,"06/18/2021","Standard Distribution","01","Unassigned","0002653716","Standard Order","TA","AV CONTENT CAPTURE (VADDIO)",2021,"2021-06",0,"Vaddio","SWITCHERS","BRIDGES","AV","001","999-5660-500","","AVCON - NC","Vaddio","3002","27519","E","B0004","B0004P0425","B0004P0425G0014065","Unassigned","AV Bridge MatrixMIX Production Sys N/A","Projection Screens","B0004P0425G0014065","US Camera Profit Center","3000","0097294815","Unassigned","AV Integrators","01","South","U1DXP2","United States","Americas - LLC","3000","Bradley Carson",null,"Undefined",null,"North Carolina","United States","United States","North Carolina","DIRECT","AV CAPTURE & COLLABORATION - CAMERAS","4210","2",{"v":0.5718577874200657,"d":"0.57"},6766.49,2897.02,1,6766.49,"USD",1,6766.49]
[1373182882,"01",null,"132696",null,"Invoice","Vaddio","B0004","Dealer","001","Unassigned","3000","Undefined","3000","ONE TIME - BID SHIP TO ONLY","HOWARD INDUSTRIES INC","Americas LLC",559.93,559.93,"06/28/2021","Standard Distribution","01","Unassigned","0002666638","Standard Order","TA","AV CONFERENCING (VADDIO)",2021,"2021-06",18,"Vaddio","CONFERENCE","ROOM SYSTEM","AV","001","999-60320-000","","HOWARD INDUSTRIES INC","Vaddio","3002","39437","E","B0004","B0004P0435","B0004P0435G0014100","Unassigned","EasyIP Mixer System Global","Projection Screens","B0004P0435G0014100","US Camera Profit Center","3000","0097319211","Unassigned","AV Integrators","01","South","U1DXP2","United States","Americas - LLC","3000","Kalee Luke",null,"Undefined",null,"Unassigned","United States","United States","Unassigned","DIRECT","AV CAPTURE & COLLABORATION - CAMERAS","4210","1",{"v":0.6248852742364457,"d":"0.62"},1492.69,559.93,1,1492.69,"USD",1,1492.69]
[1373187072,"01",null,"139819",null,"Invoice","Vaddio","B0004","Distributor - National","002","Unassigned","3000","Undefined","3000","ENTER ALTERNATE ADDRESS (US)","AB DISTRIBUTING INC (VADDIO)","Americas LLC",2581.25,2581.25,"03/04/2022","Standard Distribution","01","AB","0002866010","Standard Order","TA","AV CONTENT CAPTURE (VADDIO)",2022,"2022-03",0,"Vaddio","SWITCHERS","PRODUCTIONVIEW","IT/DMR","002","999-5655-000","AB DISTRIBUTING","AB DISTRIBUTING","Vaddio","3002","60004","E","B0004","B0004P0425","B0004P0425G0014070","Unassigned","PRODUCTIONVIEW HD-SDI MV SYSTEM","Projection Screens","B0004P0425G0014070","US Camera Profit Center","3000","0098498815","Unassigned","IT Distribution","12","US - Channel Sales","U1DXC1","United States","Americas - LLC","3000","Jack Gerts",null,"Undefined",null,"Oklahoma","United States","United States","Illinois","DIRECT","AV CAPTURE & COLLABORATION - CAMERAS","4210","0",{"v":0.5455473766309678,"d":"0.55"},5679.91,2581.25,1,5679.91,"USD",1,5679.91]
[1373207242,"01",null,"132091",null,"Invoice","Vaddio","B0004","Dealer","001","USAV BUYING GROUP","3000","Undefined","3000","ENTER ALTERNATE ADDRESS (US)","COMMUNITRONICS CORP","Americas LLC",1196.25,1196.25,"07/23/2021","Standard Distribution","01","Unassigned","0002685878","Standard Order","TA","AV CONTENT CAPTURE (VADDIO)",2021,"2021-07",22,"Vaddio","PTZ CAMERA","EXTENSION KIT","AV","001","999-99190-000","","COMMUNITRONICS CORP","Vaddio","3002","63026","E","B0004","B0004P0400","B0004P0400G0014000","Unassigned","ROBOSHOT 30E QUSB SYSTEM","Projection Screens","B0004P0400G0014000","US Camera Profit Center","3000","0097431957","Unassigned","AV Integrators","01","MidWest","U1DXP3","United States","Americas - LLC","3000","Andre White",null,"Undefined",null,"Unassigned","United States","United States","Unassigned","DIRECT","AV CAPTURE & COLLABORATION - CAMERAS","4210","3",{"v":0.7432736075611154,"d":"0.74"},4659.63,1196.25,1,4659.63,"USD",1,4659.63]
[1373212819,"01",null,"144656",null,"Invoice","Vaddio","B0004","Distributor - National","002","Unassigned","5000","Undefined","3000","ONE TIME SHIP TO - PLANT 5050","EXERTIS PRO AV AUSTRIA GMBH","Europe BV",456.97,913.94,"02/08/2021","Standard Distribution","01","Unassigned","0002543203","Standard Order","TA","AV CONTENT CAPTURE (VADDIO)",2021,"2021-02",285,"Vaddio","SWITCHERS","BRIDGES","AV","001","999-8240-001","","EXERTIS PRO AV AUSTRIA GMBH","Weert","5050","5020","X","B0004","B0004P0425","B0004P0425G0014065","Unassigned","AV Bridge Mini INT","Projection Screens","B0004P0425G0014065","Europe Camera Profit Center","5000","0800298581","Unassigned","AV Distribution","08","GAS","E1DXX8","Europe, the Middle East, and Africa","Europe - BV","5000","Cm Thijs Van Der Horst",null,"Undefined",null,"Undefined","Austria","Austria","Undefined","DIRECT","AV CAPTURE & COLLABORATION - CAMERAS","4210","2",{"v":0.3595015838309086,"d":"0.36"},1426.92,456.97,2,2853.84,"EUR",0.82325,2349.42]
[1373269756,"01",null,"131672",null,"EDI Invoice","Vaddio","B0004","Dealer","001","Unassigned","3000","Undefined","3000","ENTER ALTERNATE ADDRESS (US)","AVI-SPL LLC","Americas LLC",1404.74,1404.74,"05/19/2021","Standard Distribution","01","Unassigned","0040820226","EDI Order","ZEDI","AV CONTENT CAPTURE (VADDIO)",2021,"2021-05",0,"Vaddio","SWITCHERS","BRIDGES","AV","001","999-8230-000","AVI-SPL","AVI-SPL","Vaddio","3002","33634","E","B0004","B0004P0425","B0004P0425G0014065","Unassigned","AV BRIDGE MATRIX PRO SYSTEM","Projection Screens","B0004P0425G0014065","US Camera Profit Center","3000","0097179650","Unassigned","AV Integrators","01","South","U1DXP2","United States","Americas - LLC","3000","Angela Tener",null,"Undefined",null,"Georgia","United States","United States","Unassigned","DIRECT","AV CAPTURE & COLLABORATION - CAMERAS","4210","1",{"v":0.6465965095889445,"d":"0.65"},3974.89,1404.74,1,3974.89,"USD",1,3974.89]
[1373290325,"01","131675","131675",null,"Invoice","Vaddio","B0004","Dealer","001","Unassigned","3000","Undefined","3000","AVITECTURE INC","AVITECTURE INC","Americas LLC",46.94,46.94,"04/29/2021","Standard Distribution","01","Unassigned","0002613372","Standard Order","TA","AV CONTENT CAPTURE (VADDIO)",2021,"2021-04",18,"Vaddio","CAMERA MOUNT","INWALL","AV","001","999-2225-118","","AVITECTURE INC","Vaddio","3002","20164","E","B0004","B0004P0420","B0004P0420G0014050","Unassigned","IN-WALL ENCLOSURE FOR ROBOSHOT CAMERAS","Projection Screens","B0004P0420G0014050","US Camera Profit Center","3000","0097079215","Unassigned","AV Integrators","01","NorthEast","U1DXP1","United States","Americas - LLC","3000","Geoff Gibbs",null,"Undefined",null,"Unassigned","United States","United States","Unassigned","DIRECT","AV CAPTURE & COLLABORATION - CAMERAS","4210","2",{"v":0.7380141764804375,"d":"0.74"},179.17,46.94,1,179.17,"USD",1,179.17]
[1373319716,"01","139820","139820",null,"EDI Invoice","Vaddio","B0004","Dealer","001","Unassigned","3000","Undefined","3000","TROXELL COMMUNICATIONS INC (VADDIO)","TROXELL COMMUNICATIONS INC (VADDIO)","Americas LLC",697.64,697.64,"05/13/2021","Standard Distribution","01","Unassigned","0040814562","EDI Order","ZEDI","AV CONFERENCING (VADDIO)",2021,"2021-05",19,"Vaddio","CONFERENCE","AUDIO KIT","AV","001","999-86400-000","","TROXELL COMMUNICATIONS INC (VADDIO)","Vaddio","3002","85040","E","B0004","B0004P0435","B0004P0435G0014095","Unassigned","EASYTALK USB AUDIO BUNDLE","Projection Screens","B0004P0435G0014095","US Camera Profit Center","3000","0097157254","Unassigned","AV Integrators","01","South","U1DXP2","United States","Americas - LLC","3000","Ken Phillips",null,"Undefined",null,"Texas","United States","United States","Arizona","DIRECT","AV CAPTURE & COLLABORATION - CAMERAS","4210","0",{"v":0.6283990007403897,"d":"0.63"},1877.39,697.64,1,1877.39,"USD",1,1877.39]
[1373333603,"01",null,"139698",null,"Invoice","Vaddio","B0004","Dealer","001","Unassigned","3000","Undefined","3000","ENTER ALTERNATE ADDRESS (US)","IRON BOW TECHNOLOGIES, LLC","Americas LLC",1243.57,1243.57,"07/26/2021","Standard Distribution","01","Unassigned","0002687395","Standard Order","TA","AV CONTENT CAPTURE (VADDIO)",2021,"2021-07",11,"Vaddio","PTZ CAMERA","EXTENSION KIT","AV","001","999-99630-100","","IRON BOW TECHNOLOGIES, LLC","Vaddio","3002","20171","E","B0004","B0004P0400","B0004P0400G0014000","Unassigned","RoboSHOT 30E OneLINK HDMI SYS","Projection Screens","B0004P0400G0014000","US Camera Profit Center","3000","0097440565","Unassigned","AV Integrators","01","NorthEast","U1DXP1","United States","Americas - LLC","3000","Geoff Gibbs",null,"Undefined",null,"Unassigned","United States","United States","Unassigned","DIRECT","AV CAPTURE & COLLABORATION - CAMERAS","4210","2",{"v":0.6778207556213034,"d":"0.68"},3859.87,1243.57,1,3859.87,"USD",1,3859.87]
[1373342513,"01",null,"139819",null,"Invoice","Vaddio","B0004","Distributor - National","002","Unassigned","3000","Undefined","3000","ENTER ALTERNATE ADDRESS (US)","AB DISTRIBUTING INC (VADDIO)","Americas LLC",460.28,1380.85,"12/22/2021","Standard Distribution","01","AB","0002811947","Standard Order","TA","AV CONTENT CAPTURE (VADDIO)",2021,"2021-12",0,"Vaddio","PTZ CAMERA","EXTENSION KIT","IT/DMR","002","998-1105-034","AB DISTRIBUTING","AB DISTRIBUTING","Vaddio","3002","60004","E","B0004","B0004P0400","B0004P0400G0014000","Unassigned","UNIV QUICK-CONNECT CCU FOR HD-19","Projection Screens","B0004P0400G0014000","US Camera Profit Center","3000","0098162879","Unassigned","IT Distribution","12","US - Channel Sales","U1DXC1","United States","Americas - LLC","3000","Jack Gerts",null,"Undefined",null,"North Carolina","United States","United States","Illinois","DIRECT","AV CAPTURE & COLLABORATION - CAMERAS","4210","0",{"v":-0.683634900507218,"d":"-0.68"},820.16,460.28,3,2460.48,"USD",1,2460.48]
[1373363413,"01",null,"139845",null,"Invoice","Vaddio","B0004","Distributor - National","002","Unassigned","3000","Undefined","3000","ENTER ALTERNATE ADDRESS (US)","HERMAN PRO AV","Americas LLC",5.46,5.46,"04/16/2021","Standard Distribution","01","HERMAN","0002603981","Standard Order","TA","AV CONTENT CAPTURE (VADDIO)",2021,"2021-04",18,"Vaddio","CAMERA MOUNT","WALL","AV","001","535-2000-251","","HERMAN PRO AV","Vaddio","3002","33025","E","B0004","B0004P0420","B0004P0420G0014060","Unassigned","THIN PROFILE WALL MNT PR60/HD EAGLE EYE","Projection Screens","B0004P0420G0014060","US Camera Profit Center","3000","0097033379","Unassigned","AV Distribution","08","US - Channel Sales","U1DXC1","United States","Americas - LLC","3000","Patrick Mead",null,"Undefined",null,"New York","United States","United States","Unassigned","DIRECT","AV CAPTURE & COLLABORATION - CAMERAS","4210","0",{"v":0.9464548396587231,"d":"0.95"},101.97,5.46,1,101.97,"USD",1,101.97]
[1373423825,"01","131675","131675",null,"Invoice","Vaddio","B0004","Dealer","001","Unassigned","3000","Undefined","3000","AVITECTURE INC","AVITECTURE INC","Americas LLC",1566.24,3132.48,"05/13/2021","Standard Distribution","01","Unassigned","0002626320","Standard Order","TA","AV CONTENT CAPTURE (VADDIO)",2021,"2021-05",0,"Vaddio","PTZ CAMERA","NATIVE","AV","001","999-9952-000","","AVITECTURE INC","Vaddio","3002","20164","E","B0004","B0004P0400","B0004P0400G0014005","Unassigned","ROBOSHOT 40 UHD SYSTEM","Projection Screens","B0004P0400G0014005","US Camera Profit Center","3000","0097149082","Unassigned","AV Integrators","01","NorthEast","U1DXP1","United States","Americas - LLC","3000","Geoff Gibbs",null,"Undefined",null,"Unassigned","United States","United States","Unassigned","DIRECT","AV CAPTURE & COLLABORATION - CAMERAS","4210","2",{"v":0.2925170068027212,"d":"0.29"},4427.64,1566.24,2,8855.28,"USD",1,8855.28]
[1373448731,"01",null,"139841",null,"EDI Invoice","Vaddio","B0004","Distributor - National","002","Unassigned","3000","Undefined","3000","ENTER ALTERNATE ADDRESS (US)","EXERTIS (VADDIO)","Americas LLC",10.02,1001.55,"10/13/2021","Standard Distribution","01","STAMPEDE","0040923226","EDI Order","ZEDI","AV CONTENT CAPTURE (VADDIO)",2021,"2021-10",785,"Vaddio","CAMERA MOUNT","WALL","AV","001","535-2020-230W","STAMPEDE PRESENTATION","STAMPEDE PRESENTATION","Vaddio","3002","14228","E","B0004","B0004P0420","B0004P0420G0014060","Unassigned","THIN PROFILE WALL MOUNT HD-SERIES WHITE","Projection Screens","B0004P0420G0014060","US Camera Profit Center","3000","0097793513","Unassigned","AV Distribution","08","US - Channel Sales","U1DXC1","United States","Americas - LLC","3000","Patrick Mead",null,"Undefined",null,"New Jersey","United States","United States","New York","DIRECT","AV CAPTURE & COLLABORATION - CAMERAS","4210","0",{"v":-10.734622144112478,"d":"-10.73"},85.35,10.02,100,8535,"USD",1,8535]
[1373457241,"01",null,"138717",null,"Credit for Returns","Vaddio","B0004","Distributor - National","002","Unassigned","5000","Undefined","3000","EXERTIS SE","EXERTIS CAPTECH AB","Europe BV",1109.66,-1109.66,"02/15/2022","Standard Distribution","01","Unassigned","0060571956","RMA - Return Auth.","ZRE","AV CONFERENCING (VADDIO)",2022,"2022-02",0,"Vaddio","CONFERENCE","ROOM SYSTEM","AV","001","999-50707-001G","","EXERTIS CAPTECH AB","Weert","5050","431 53","X","B0004","B0004P0435","B0004P0435G0014100","Unassigned","HuddleSHOT GRAY INT","Projection Screens","B0004P0435G0014100","Europe Camera Profit Center","5000","0800374076","Unassigned","AV Distribution","08","Nordics","E1DXX7","Europe, the Middle East, and Africa","Europe - BV","5000","Cm Rickard Olsson",null,"Undefined",null,"Undefined","Sweden","Sweden","Undefined","DIRECT","AV CAPTURE & COLLABORATION - CAMERAS","4210","2",{"v":0,"d":"0.00"},1010.58,1109.66,-1,-1010.58,"EUR",0.89342,-902.87]
[1373474249,"01","136279","136279",null,"Invoice Repair","Vaddio","B0004","Dealer","001","Unassigned","3000","Undefined","3000","NETPLANNER SYSTEMS INC.","NETPLANNER SYSTEMS INC.","Americas LLC",0,0,"11/10/2021","Standard Distribution","01","Unassigned","0060538658","Undefined","00","AV CONTENT CAPTURE (VADDIO)",2021,"2021-11",0,"Vaddio","PTZ CAMERA","EXTENSION KIT","AV","001","999-9595-000","","NETPLANNER SYSTEMS INC.","Vaddio","3002","30071","E","B0004","B0004P0400","B0004P0400G0014000","Unassigned","OneLINK Bridge System Stand Alone N/A","Projection Screens","B0004P0400G0014000","US Camera Profit Center","3000","0004356495","Unassigned","AV Integrators","01","South","U1DXP2","United States","Americas - LLC","3000","Angela Tener",null,"Undefined",null,"Georgia","United States","United States","Georgia","DIRECT","AV CAPTURE & COLLABORATION - CAMERAS","4210","2",{"v":0,"d":"0.00"},1665.11,0,-3,-4995.33,"USD",1,-4995.33]
[1373477398,"01","139842","139841",null,"Cancel of Cred Memo","Vaddio","B0004","Distributor - National","002","Unassigned","3000","Undefined","3000","ALMO DISTRIBUTING PA INC (VADDIO)","EXERTIS (VADDIO)","Americas LLC",0,0,"09/02/2021","Standard Distribution","01","STAMPEDE","0060527819","Credit Memo Request","G2","AV CONTENT CAPTURE (VADDIO)",2021,"2021-09",0,"Vaddio","SWITCHERS","BRIDGES","AV","001","999-8240-000","STAMPEDE PRESENTATION","STAMPEDE PRESENTATION","Vaddio","3002","14228","E","B0004","B0004P0425","B0004P0425G0014065","Unassigned","AV Bridge Mini N/A","Projection Screens","B0004P0425G0014065","US Camera Profit Center","3000","0097613237","Unassigned","AV Distribution","08","US - Channel Sales","U1DXC1","United States","Americas - LLC","3000","Patrick Mead",null,"Undefined",null,"Unassigned","United States","United States","New York","DIRECT","AV CAPTURE & COLLABORATION - CAMERAS","4210","0",{"v":0,"d":"0.00"},null,0,0,776.88,"USD",1,776.88]
[1373496075,"01",null,"139841",null,"EDI Invoice","Vaddio","B0004","Distributor - National","002","Unassigned","3000","Undefined","3000","ENTER ALTERNATE ADDRESS (US)","EXERTIS (VADDIO)","Americas LLC",8.58,25.74,"11/05/2021","Standard Distribution","01","STAMPEDE","0040947220","EDI Order","ZEDI","AV CONTENT CAPTURE (VADDIO)",2021,"2021-11",0,"Vaddio","CAMERA MOUNT","WALL","AV","001","535-2000-240W","STAMPEDE PRESENTATION","STAMPEDE PRESENTATION","Vaddio","3002","14228","E","B0004","B0004P0420","B0004P0420G0014060","Unassigned","THIN PROFILE WALL MOUNT ROBOSHOT WHITE","Projection Screens","B0004P0420G0014060","US Camera Profit Center","3000","0097895719","Unassigned","AV Distribution","08","US - Channel Sales","U1DXC1","United States","Americas - LLC","3000","Patrick Mead",null,"Undefined",null,"Nevada","United States","United States","New York","DIRECT","AV CAPTURE & COLLABORATION - CAMERAS","4210","0",{"v":0.6984182776801406,"d":"0.70"},85.35,8.58,3,256.05,"USD",1,256.05]
[1373513768,"01","124324","124324",null,"Invoice","Vaddio","B0004","Dealer","001","Unassigned","3000","Undefined","3000","MIDWICH AUSTRALIA PTY LTD","MIDWICH AUSTRALIA PTY LTD","Americas LLC",105.53,211.05,"01/07/2022","Standard Distribution","01","Unassigned","0002818643","Standard Order","TA","AV CONTENT CAPTURE (VADDIO)",2022,"2022-01",0,"Vaddio","CAMERA MOUNT","CEILING","AV","001","999-82000-000","","MIDWICH AUSTRALIA PTY LTD","Vaddio","3002","2116","E","B0004","B0004P0420","B0004P0420G0014055","Unassigned","Suspended Ceiling Mount WHT","Projection Screens","B0004P0420G0014055","US Camera Profit Center","3010","0098226510","Unassigned","AV Integrators","01","Commercial","H1DXXX","Asia Pacific","Export","3010","Joseph Mak",null,"Undefined",null,"New South Wales","Australia","Australia","New South Wales","DIRECT","AV CAPTURE & COLLABORATION - CAMERAS","4210","1",{"v":0.4023955147808359,"d":"0.40"},353.16,105.53,2,706.32,"USD",1,706.32]
[1373513874,"01","134848","134848",null,"Invoice","Vaddio","B0004","Dealer","001","Unassigned","3000","Undefined","3000","DELCO SOLUTIONS LLC","DELCO SOLUTIONS LLC","Americas LLC",28.97,28.97,"01/04/2022","Standard Distribution","01","Unassigned","0002796845","Standard Order","TA","AV CONTENT CAPTURE (VADDIO)",2022,"2022-01",1,"Vaddio","CAMERA MOUNT","CEILING","AV","001","535-2000-206","","DELCO SOLUTIONS LLC","Vaddio","3002","19008","E","B0004","B0004P0420","B0004P0420G0014055","Unassigned","SUSPENDED CEILING PTZ CAMERA MOUNT","Projection Screens","B0004P0420G0014055","US Camera Profit Center","3000","0098194850","Unassigned","AV Integrators","01","NorthEast","U1DXP1","United States","Americas - LLC","3000","Alexandra  Trop",null,"Undefined",null,"Unassigned","United States","United States","Unassigned","DIRECT","AV CAPTURE & COLLABORATION - CAMERAS","4210","2",{"v":0.6246436900751491,"d":"0.62"},77.18,28.97,1,77.18,"USD",1,77.18]
[1373560539,"01","133420","133420",null,"Invoice","Vaddio","B0004","Dealer","001","PROFESSIONAL SYSTEMS NETWORK INTL","3000","Undefined","3000","SPINITAR PRESENTATION PRODUCTS","SPINITAR PRESENTATION PRODUCTS","Americas LLC",844.7,1689.39,"03/11/2022","Standard Distribution","01","Unassigned","0002871460","Standard Order","TA","AV CONTENT CAPTURE (VADDIO)",2022,"2022-03",37,"Vaddio","PTZ CAMERA","NATIVE","AV","001","999-21100-000","","SPINITAR PRESENTATION PRODUCTS","Vaddio","3002","90638","E","B0004","B0004P0400","B0004P0400G0014005","Unassigned","IntelliSHOT USB Camera BLK","Projection Screens","B0004P0400G0014005","US Camera Profit Center","3000","0098523041","Unassigned","AV Integrators","01","West","U1DXP4","United States","Americas - LLC","3000","Comm So Cal - Shomper/Yates",null,"Undefined",null,"Unassigned","United States","United States","Unassigned","DIRECT","AV CAPTURE & COLLABORATION - CAMERAS","4210","1",{"v":-0.5358090909090909,"d":"-0.54"},1100,844.7,2,2200,"USD",1,2200]
[1373583320,"01",null,"133711",null,"Invoice","Vaddio","B0004","Dealer","001","PROFESSIONAL SYSTEMS NETWORK INTL","3000","Undefined","3000","ENTER ALTERNATE ADDRESS (US)","ONE DIVERSIFIED (GA)","Americas LLC",76.4,229.21,"08/04/2021","Standard Distribution","01","Unassigned","0002697942","Standard Order","TA","AV CONTENT CAPTURE (VADDIO)",2021,"2021-08",9,"Vaddio","CAMERA MOUNT","CEILING","AV","001","535-2000-291","","ONE DIVERSIFIED (GA)","Vaddio","3002","30071","E","B0004","B0004P0420","B0004P0420G0014055","Unassigned","DROP DN MT FOR SMALL PTZ CAMERAS - LONG","Projection Screens","B0004P0420G0014055","US Camera Profit Center","3000","0097491517","Unassigned","AV Integrators","01","West","U1DXP4","United States","Americas - LLC","3000","Cynthia Podgurski",null,"Undefined",null,"Unassigned","United States","United States","Georgia","DIRECT","AV CAPTURE & COLLABORATION - CAMERAS","4210","1",{"v":-0.003546409807355433,"d":"-0.00"},228.4,76.4,3,685.2,"USD",1,685.2]
[1373592287,"01","134957","134957",null,"Invoice","Vaddio","B0004","Dealer","001","USAV BUYING GROUP","3000","Undefined","3000","S & L INTEGRATED SYSTEMS","S & L INTEGRATED SYSTEMS","Americas LLC",5.27,5.27,"01/28/2022","Standard Distribution","01","Unassigned","0002838623","Standard Order","TA","AV CONTENT CAPTURE (VADDIO)",2022,"2022-01",0,"Vaddio","Accessories","RACK","AV","001","998-6000-004","","S & L INTEGRATED SYSTEMS","Vaddio","3002","31757","E","B0004","B0004P0440","B0004P0440G0014120","Unassigned","SINGLE 1/2 RACK MOUNTING KIT","Other/Misc","B0004P0440G0014120","US Camera Profit Center","3000","0098338067","Unassigned","AV Integrators","01","South","U1DXP2","United States","Americas - LLC","3000","Angela Tener",null,"Undefined",null,"Georgia","United States","United States","Georgia","DIRECT","AV CAPTURE & COLLABORATION - CAMERAS","4210","2",{"v":0.9092318291422666,"d":"0.91"},58.06,5.27,1,58.06,"USD",1,58.06]
[1373608408,"01",null,"133711",null,"Invoice","Vaddio","B0004","Dealer","001","PROFESSIONAL SYSTEMS NETWORK INTL","3000","Undefined","3000","DIVERSIFIED - BIRMINGHAM","ONE DIVERSIFIED (GA)","Americas LLC",876.21,876.21,"01/25/2021","Standard Distribution","01","Unassigned","0002532249","Standard Order","TA","AV CONTENT CAPTURE (VADDIO)",2021,"2021-01",18,"Vaddio","PTZ CAMERA","NATIVE","AV","001","999-99230-000","","ONE DIVERSIFIED (GA)","Vaddio","3002","30071","E","B0004","B0004P0400","B0004P0400G0014005","Unassigned","RoboSHOT 30E USB","Projection Screens","B0004P0400G0014005","US Camera Profit Center","3000","0096708557","Unassigned","AV Integrators","01","South","U1DXP2","United States","Americas - LLC","3000","Kalee Luke",null,"Undefined",null,"Unassigned","United States","United States","Georgia","DIRECT","AV CAPTURE & COLLABORATION - CAMERAS","4210","1",{"v":0.6866885264659712,"d":"0.69"},2796.61,876.21,1,2796.61,"USD",1,2796.61]
[1373613467,"01",null,"144471",null,"Credit Memo","Vaddio","B0004","Dealer","001","Unassigned","3000","Undefined","3000","NEW ERA TECHNOLOGY (PSA)","PSA SECURITY NETWORK","Americas LLC",0,0,"12/08/2021","Standard Distribution","01","Unassigned","0060554302","Credit Memo Request","G2","AV CONTENT CAPTURE (VADDIO)",2021,"2021-12",-53,"Vaddio","PTZ CAMERA","EXTENSION KIT","AV","001","999-99630-100W","","PSA SECURITY NETWORK","Vaddio","3002","80021","E","B0004","B0004P0400","B0004P0400G0014000","Unassigned","RoboSHOT 30E OneLINK HDMI SYS WHT","Projection Screens","B0004P0400G0014000","US Camera Profit Center","3000","0098054772","ASR ENTERPRISES INC.","Security & Data","11","West","U1DXP4","United States","Americas - LLC","3000","Dana Sanders Nickel",null,"Undefined",null,"Unassigned","United States","United States","Unassigned","DIRECT","AV CAPTURE & COLLABORATION - CAMERAS","4210","2",{"v":0,"d":"0.00"},null,0,0,-7719.74,"USD",1,-7719.74]
[1373623964,"01",null,"132589",null,"Invoice","Vaddio","B0004","Dealer","001","Unassigned","3000","Undefined","3000","HEADLIGHT AV - EVERGREEN DR","HEADLIGHT AUDIO VISUAL","Americas LLC",2.85,2.85,"11/29/2021","Standard Distribution","01","Unassigned","0002793659","Standard Order","TA","AV CONTENT CAPTURE (VADDIO)",2021,"2021-11",27,"Vaddio","CAMERA MOUNT","WALL","AV","001","535-2000-243","","HEADLIGHT AUDIO VISUAL","Vaddio","3002","04103","E","B0004","B0004P0420","B0004P0420G0014060","Unassigned","THIN PROFILE WALL MOUNT SONY/PANA CAMS","Projection Screens","B0004P0420G0014060","US Camera Profit Center","3000","0098019749","Unassigned","AV Integrators","01","NorthEast","U1DXP1","United States","Americas - LLC","3000","Peter Brady",null,"Undefined",null,"Unassigned","United States","United States","Unassigned","DIRECT","AV CAPTURE & COLLABORATION - CAMERAS","4210","2",{"v":0.9706155273739561,"d":"0.97"},96.99,2.85,1,96.99,"USD",1,96.99]
[1373663335,"01","132298","132298",null,"Invoice","Vaddio","B0004","Dealer","001","Unassigned","3000","Undefined","3000","DB ACOUSTICS - IA","DB ACOUSTICS - IA","Americas LLC",1488.29,1488.29,"02/23/2022","Standard Distribution","01","Unassigned","0002847845","Standard Order","TA","AV CONTENT CAPTURE (VADDIO)",2022,"2022-02",28,"Vaddio","CONTROL","CAMERA","Residential","003","999-80000-027","","DB ACOUSTICS - IA","Vaddio","3002","52302","X","B0004","B0004P0430","B0004P0430G0014075","Unassigned","TeleTouch 27\" Touch Screen System","Projection Screens","B0004P0430G0014075","US Camera Profit Center","3000","0098454049","SYNAPSE SALES & MARKETING LLC","Residential AV","02","East - Resi","UXDXH4","United States","Americas - LLC","3000","Mark Ley",null,"Undefined",null,"Iowa","United States","United States","Iowa","DIRECT","AV CAPTURE & COLLABORATION - CAMERAS","4210","3",{"v":0.1470139844108207,"d":"0.15"},1744.8,1488.29,1,1744.8,"USD",1,1744.8]
[1373663437,"01","132377","132377",null,"Invoice","Vaddio","B0004","Dealer","001","Unassigned","3000","Undefined","3000","EPA AUDIO VISUAL INC","EPA AUDIO VISUAL INC","Americas LLC",244.06,3172.73,"02/14/2022","Standard Distribution","01","Unassigned","0002846491","Standard Order","TA","AV CONFERENCING (VADDIO)",2022,"2022-02",0,"Vaddio","CONFERENCE","AUDIO","AV","001","999-85810-000","","EPA AUDIO VISUAL INC","Vaddio","3002","55373","E","B0004","B0004P0435","B0004P0435G0014090","Unassigned","EasyIP CeilingMIC D White","Projection Screens","B0004P0435G0014090","US Camera Profit Center","3000","0098413649","Unassigned","AV Integrators","01","MidWest","U1DXP3","United States","Americas - LLC","3000","Kristin Dacey",null,"Undefined",null,"Unassigned","United States","United States","Unassigned","DIRECT","AV CAPTURE & COLLABORATION - CAMERAS","4210","1",{"v":-3.785342604183949,"d":"-3.79"},663.01,244.06,13,8619.13,"USD",1,8619.13]
[1373690958,"01",null,"139842",null,"Invoice","Vaddio","B0004","Distributor - National","002","Unassigned","3000","Undefined","3000","ENTER ALTERNATE ADDRESS (US)","ALMO DISTRIBUTING PA INC (VADDIO)","Americas LLC",1240.34,3721.01,"11/29/2021","Standard Distribution","01","ALMO","0002790701","Standard Order","TA","AV CONTENT CAPTURE (VADDIO)",2021,"2021-11",36,"Vaddio","PTZ CAMERA","EXTENSION KIT","AV","001","999-99630-100W","","ALMO DISTRIBUTING PA INC (VADDIO)","Vaddio","3002","19154","E","B0004","B0004P0400","B0004P0400G0014000","Unassigned","RoboSHOT 30E OneLINK HDMI SYS WHT","Projection Screens","B0004P0400G0014000","US Camera Profit Center","3000","0098020190","Unassigned","AV Distribution","08","US - Channel Sales","U1DXC1","United States","Americas - LLC","3000","Patrick Mead",null,"Undefined",null,"Unassigned","United States","United States","Unassigned","DIRECT","AV CAPTURE & COLLABORATION - CAMERAS","4210","0",{"v":-0.09548441419268228,"d":"-0.10"},3396.68,1240.34,3,10190.04,"USD",1,10190.04]
[1373719136,"01",null,"139846",null,"EDI Invoice","Vaddio","B0004","Distributor - National","002","Unassigned","3000","Undefined","3000","ENTER ALTERNATE ADDRESS (US)","SYNNEX - CA (VADDIO)","Americas LLC",77.02,154.03,"01/07/2021","Standard Distribution","01","SYNNEX","0040718184","EDI Order","ZEDI","AV CONTENT CAPTURE (VADDIO)",2021,"2021-01",0,"Vaddio","CAMERA MOUNT","CEILING","IT/DMR","002","535-2000-293","","SYNNEX - CA (VADDIO)","Vaddio","3002","94538","E","B0004","B0004P0420","B0004P0420G0014055","Unassigned","DROP DN MT FOR LARGE PTZ CAMERAS - LONG","Projection Screens","B0004P0420G0014055","US Camera Profit Center","3000","0096626998","Unassigned","IT Distribution","12","US - Channel Sales","U1DXC1","United States","Americas - LLC","3000","Beth Roberson",null,"Undefined",null,"Texas","United States","United States","Unassigned","DIRECT","AV CAPTURE & COLLABORATION - CAMERAS","4210","0",{"v":0.25412812938840734,"d":"0.25"},206.51,77.02,2,413.02,"USD",1,413.02]
[1373738910,"01",null,"139686",null,"Credit Memo","Vaddio","B0004","Dealer","001","Unassigned","3000","Undefined","3000","ONE TIME - BID SHIP TO ONLY","BASSEC, LLC","Americas LLC",0,0,"02/03/2021","Standard Distribution","01","Unassigned","0060471728","Invoice Correct. Req","RK","AV CONTENT CAPTURE (VADDIO)",2021,"2021-02",0,"Vaddio","PTZ CAMERA","NATIVE","AV","001","999-99600-000W","","BASSEC, LLC","Vaddio","3002","22102","E","B0004","B0004P0400","B0004P0400G0014005","Unassigned","ROBOSHOT 12E HDBT WHT","Projection Screens","B0004P0400G0014005","US Camera Profit Center","3000","0096757444","Unassigned","AV Integrators","01","NorthEast","U1DXP1","United States","Americas - LLC","3000","Nathan Craine",null,"Undefined",null,"Unassigned","United States","United States","Unassigned","DIRECT","AV CAPTURE & COLLABORATION - CAMERAS","4210","3",{"v":0,"d":"0.00"},null,0,0,17360.63,"USD",1,17360.63]
[1373741689,"01","134959","134959",null,"Invoice","Vaddio","B0004","Dealer","001","USAV BUYING GROUP","3000","Undefined","3000","CREATION NETWORKS INC","CREATION NETWORKS INC","Americas LLC",270.37,270.37,"10/14/2021","Standard Distribution","01","Unassigned","0002755209","Standard Order","TA","AV CONFERENCING (VADDIO)",2021,"2021-10",0,"Vaddio","CONFERENCE","ROOM SYSTEM","AV","001","999-60210-000","","CREATION NETWORKS INC","Vaddio","3002","94518","E","B0004","B0004P0435","B0004P0435G0014100","Unassigned","EasyIP Decoder","Projection Screens","B0004P0435G0014100","US Camera Profit Center","3000","0097813583","Unassigned","AV Integrators","01","West","U1DXP4","United States","Americas - LLC","3000","Cynthia Podgurski",null,"Undefined",null,"Unassigned","United States","United States","Unassigned","DIRECT","AV CAPTURE & COLLABORATION - CAMERAS","4210","2",{"v":0.3804962995211145,"d":"0.38"},436.43,270.37,1,436.43,"USD",1,436.43]
[1373751724,"01",null,"132294",null,"Invoice","Vaddio","B0004","Dealer","001","Unassigned","3000","Undefined","3000","TRI TECH COMMUNICATIONS DBA ACE COM","TRITECH COMMUNICATIONS","Americas LLC",398.54,797.07,"05/14/2021","Standard Distribution","01","Unassigned","0002626363","Standard Order","TA","AV CONTENT CAPTURE (VADDIO)",2021,"2021-05",5,"Vaddio","SWITCHERS","BRIDGES","AV","001","999-8240-000","","TRITECH COMMUNICATIONS","Vaddio","3002","11530","E","B0004","B0004P0425","B0004P0425G0014065","Unassigned","AV Bridge Mini N/A","Projection Screens","B0004P0425G0014065","US Camera Profit Center","3000","0097160108","Unassigned","AV Integrators","01","NorthEast","U1DXP1","United States","Americas - LLC","3000","Nathan Craine",null,"Undefined",null,"Unassigned","United States","United States","New York","DIRECT","AV CAPTURE & COLLABORATION - CAMERAS","4210","1",{"v":0.431164048728617,"d":"0.43"},1401.23,398.54,2,2802.46,"USD",1,2802.46]
[1373758867,"01",null,"145393",null,"Invoice","Vaddio","B0004","Dealer","001","Unassigned","3000","Undefined","3000","ENTER ALTERNATE ADDRESS (US)","WESCO DISTRIBUTION, INC.","Americas LLC",79.16,1266.63,"04/05/2021","Standard Distribution","01","CSCWESCO","0002593515","Standard Order","TA","AV CONTENT CAPTURE (VADDIO)",2021,"2021-04",0,"Vaddio","CAMERA MOUNT","CEILING","AV","001","535-2000-293","","WESCO DISTRIBUTION, INC.","Vaddio","3002","80921","E","B0004","B0004P0420","B0004P0420G0014055","Unassigned","DROP DN MT FOR LARGE PTZ CAMERAS - LONG","Projection Screens","B0004P0420G0014055","US Camera Profit Center","3000","0097002860","Unassigned","Enterprise Distribution","13","West","U1DXP4","United States","Americas - LLC","3000","Justin Tilley",null,"Undefined",null,"Unassigned","United States","United States","Unassigned","DIRECT","AV CAPTURE & COLLABORATION - CAMERAS","4210","2",{"v":-5.133504430778172,"d":"-5.13"},206.51,79.16,16,3304.16,"USD",1,3304.16]
[1373820302,"01",null,"107547",null,"Invoice","Vaddio","B0004","Distributor - National","002","Unassigned","5000","Undefined","3000","RGB COMMUNICATIONS LTD","RGB COMMUNICATIONS LTD","Europe BV",11.57,81.01,"02/09/2022","Standard Distribution","01","Unassigned","0002844578","Standard Order","TA","AV CONTENT CAPTURE (VADDIO)",2022,"2022-02",0,"Vaddio","CAMERA MOUNT","WALL","AV","001","535-2000-251","","RGB COMMUNICATIONS LTD","Weert","5050","SN2 7JQ","X","B0004","B0004P0420","B0004P0420G0014060","Unassigned","THIN PROFILE WALL MNT PR60/HD EAGLE EYE","Projection Screens","B0004P0420G0014060","Europe Camera Profit Center","5000","0800373123","Unassigned","AV Distribution","08","UK/Ireland","E1DXX4","Europe, the Middle East, and Africa","Europe - BV","5000","Cm Marcus Bond",null,"Undefined",null,"Wiltshire","United Kingdom","United Kingdom","Undefined","DIRECT","AV CAPTURE & COLLABORATION - CAMERAS","4210","1",{"v":0.29902195347983973,"d":"0.30"},115.5671,11.57,7,808.97,"EUR",0.89342,722.75]
[1373825081,"01",null,"131857",null,"Invoice","Vaddio","B0004","Distributor - Regional","003","Unassigned","3000","Undefined","3000","ACCU-TECH - ROSWELL","ACCU-TECH","Americas LLC",1195.18,1195.18,"03/09/2021","Standard Distribution","01","ACCUTECH","0002569711","Standard Order","TA","AV CONTENT CAPTURE (VADDIO)",2021,"2021-03",18,"Vaddio","PTZ CAMERA","EXTENSION KIT","AV","001","999-99090-000","","ACCU-TECH","Vaddio","3002","30009","E","B0004","B0004P0400","B0004P0400G0014000","Unassigned","ROBOSHOT 12E QUSB SYSTEM","Projection Screens","B0004P0400G0014000","US Camera Profit Center","3000","0096890093","Unassigned","Enterprise Distribution","13","US - Channel Sales","U1DXC1","United States","Americas - LLC","3000","Brett Avery",null,"Undefined",null,"Georgia","United States","United States","Georgia","DIRECT","AV CAPTURE & COLLABORATION - CAMERAS","4210","1",{"v":0.6444630862500818,"d":"0.64"},3361.62,1195.18,1,3361.62,"USD",1,3361.62]
[1373849960,"01",null,"132098",null,"Invoice","Vaddio","B0004","Dealer","001","PROFESSIONAL SYSTEMS NETWORK INTL","3000","Undefined","3000","ENTER ALTERNATE ADDRESS (US)","CLARK POWELL ASSOC INC","Americas LLC",209.53,1676.25,"02/10/2021","Standard Distribution","01","Unassigned","0002543307","Standard Order","TA","AV CONTENT CAPTURE (VADDIO)",2021,"2021-02",0,"Vaddio","CAMERA MOUNT","DOME","AV","001","998-9100-200","","CLARK POWELL ASSOC INC","Vaddio","3002","27103","E","B0004","B0004P0420","B0004P0420G0014040","Unassigned","DOMEVIEW HD DOME KIT HD-SERIES/ROBOSHOT","Projection Screens","B0004P0420G0014040","US Camera Profit Center","3000","0096777187","Unassigned","AV Integrators","01","South","U1DXP2","United States","Americas - LLC","3000","Bradley Carson",null,"Undefined",null,"North Carolina","United States","United States","North Carolina","DIRECT","AV CAPTURE & COLLABORATION - CAMERAS","4210","1",{"v":-2.135580538356497,"d":"-2.14"},534.59,209.53,8,4276.72,"USD",1,4276.72]
[1373871511,"01",null,"134245",null,"Invoice","Vaddio","B0004","Dealer","001","Unassigned","3000","Undefined","3000","ONE TIME - BID SHIP TO ONLY","ROCKWELL COMMUNICATIONS","Americas LLC",925.98,1851.96,"03/29/2021","Standard Distribution","01","Unassigned","0002587269","Standard Order","TA","AV CONTENT CAPTURE (VADDIO)",2021,"2021-03",17,"Vaddio","PTZ CAMERA","NATIVE","AV","001","999-99330-000W","","ROCKWELL COMMUNICATIONS","Vaddio","3002","06108","E","B0004","B0004P0400","B0004P0400G0014005","Unassigned","ROBOSHOT 30E SDI WHT","Projection Screens","B0004P0400G0014005","US Camera Profit Center","3000","0096958356","Unassigned","AV Integrators","01","NorthEast","U1DXP1","United States","Americas - LLC","3000","Steve Joyce",null,"Undefined",null,"Unassigned","United States","United States","Unassigned","DIRECT","AV CAPTURE & COLLABORATION - CAMERAS","4210","4",{"v":0.3403667241305618,"d":"0.34"},2807.56,925.98,2,5615.12,"USD",1,5615.12]
[1373873679,"01","116725","116725",null,"Invoice","Vaddio","B0004","Distributor - National","002","Unassigned","5000","Undefined","3000","COMM-TEC GMBH","COMM-TEC GMBH","Europe BV",486.11,486.11,"06/29/2021","Standard Distribution","01","Unassigned","0002667459","Standard Order","TA","AV CONTENT CAPTURE (VADDIO)",2021,"2021-06",0,"Vaddio","SWITCHERS","BRIDGES","AV","001","999-8240-001","","COMM-TEC GMBH","Weert","5050","73066","X","B0004","B0004P0425","B0004P0425G0014065","Unassigned","AV Bridge Mini INT","Projection Screens","B0004P0425G0014065","Europe Camera Profit Center","5000","0800328841","Unassigned","AV Distribution","08","GAS","E1DXX8","Europe, the Middle East, and Africa","Europe - BV","5000","Cm Simone Freund",null,"Undefined",null,"Undefined","Germany","Germany","Undefined","DIRECT","AV CAPTURE & COLLABORATION - CAMERAS","4210","1",{"v":0.3215586663131009,"d":"0.32"},716.51,486.11,1,716.51,"EUR",0.81974,587.35]
[1373882947,"01","134885","134885",null,"Invoice","Vaddio","B0004","Dealer","001","Unassigned","3000","Undefined","3000","USIS AUDIO VISUAL INC","USIS AUDIO VISUAL INC","Americas LLC",105.59,105.59,"08/26/2021","Standard Distribution","01","Unassigned","0002713635","Standard Order","TA","AV CONTENT CAPTURE (VADDIO)",2021,"2021-08",27,"Vaddio","CAM EXTENSIONS","EXT CABLES","AV","001","440-1005-067","","USIS AUDIO VISUAL INC","Vaddio","3002","10965","F","B0004","B0004P0415","B0004P0415G0014040","Unassigned","ACTIVE OPTICAL USB 3.0 A/B PLENUM 30M","Projection Screens","B0004P0415G0014040","US Camera Profit Center","3000","0097598315","Unassigned","AV Integrators","01","NorthEast","U1DXP1","United States","Americas - LLC","3000","Steve Joyce",null,"Undefined",null,"District of Columbia","United States","United States","New York","DIRECT","AV CAPTURE & COLLABORATION - CAMERAS","4210","1",{"v":0.8187669492979988,"d":"0.82"},582.62,105.59,1,582.62,"USD",1,582.62]
[1373914829,"01",null,"114063",null,"Invoice","Vaddio","B0004","Distributor - National","002","Unassigned","5000","Undefined","3000","J. DAHMEN & CO.","KERN & STELLY MEDIENTECHNIK GMBH","Europe BV",821.11,821.11,"07/09/2021","Standard Distribution","01","Unassigned","0002674461","Standard Order","TA","AV CONTENT CAPTURE (VADDIO)",2021,"2021-07",0,"Vaddio","CONFERENCE","CAMERA","AV","001","999-9990-001B","","KERN & STELLY MEDIENTECHNIK GMBH","Weert","5050","22335","X","B0004","B0004P0435","B0004P0435G0014105","Unassigned","CONFERENCESHOT 10 SYSTEM INT'L","Projection Screens","B0004P0435G0014105","Europe Camera Profit Center","5000","0800330443","Unassigned","AV Distribution","08","GAS","E1DXX8","Europe, the Middle East, and Africa","Europe - BV","5000","Cm Simone Freund",null,"Undefined",null,"Undefined","Germany","Germany","Undefined","DIRECT","AV CAPTURE & COLLABORATION - CAMERAS","4210","1",{"v":0.37113907376063593,"d":"0.37"},1305.71,821.11,1,1305.71,"EUR",0.84161,1098.9]
[1373914894,"01",null,"114063",null,"Invoice","Vaddio","B0004","Distributor - National","002","Unassigned","5000","Undefined","3000","J. DAHMEN & CO.","KERN & STELLY MEDIENTECHNIK GMBH","Europe BV",795.3,795.3,"11/23/2021","Standard Distribution","01","Unassigned","0002787641","Standard Order","TA","AV CONTENT CAPTURE (VADDIO)",2021,"2021-11",0,"Vaddio","CONFERENCE","CAMERA","AV","001","999-9990-001B","","KERN & STELLY MEDIENTECHNIK GMBH","Weert","5050","22335","X","B0004","B0004P0435","B0004P0435G0014105","Unassigned","CONFERENCESHOT 10 SYSTEM INT'L","Projection Screens","B0004P0435G0014105","Europe Camera Profit Center","5000","0800356124","Unassigned","AV Distribution","08","GAS","E1DXX8","Europe, the Middle East, and Africa","Europe - BV","5000","Cm Simone Freund",null,"Undefined",null,"Undefined","Germany","Germany","Undefined","DIRECT","AV CAPTURE & COLLABORATION - CAMERAS","4210","1",{"v":0.38959244761685474,"d":"0.39"},1302.9,795.3,1,1302.9,"EUR",0.86014,1120.68]
[1373954952,"01","132936","132936",null,"Invoice","Vaddio","B0004","Dealer","001","Unassigned","3000","Undefined","3000","KEY CODE MEDIA INC.","KEY CODE MEDIA INC.","Americas LLC",2114.7,2114.7,"07/21/2021","Standard Distribution","01","Unassigned","0002668343","Standard Order","TA","AV CONTENT CAPTURE (VADDIO)",2021,"2021-07",28,"Vaddio","PTZ CAMERA","EXTENSION KIT","AV","001","999-9950-200","","KEY CODE MEDIA INC.","Vaddio","3002","91502","E","B0004","B0004P0400","B0004P0400G0014000","Unassigned","RoboSHOT 20 UHD OneLINK Bridge Sys N/A","Projection Screens","B0004P0400G0014000","US Camera Profit Center","3000","0097426654","Unassigned","AV Integrators","01","West","U1DXP4","United States","Americas - LLC","3000","Comm So Cal - Shomper/Yates",null,"Undefined",null,"Unassigned","United States","United States","Unassigned","DIRECT","AV CAPTURE & COLLABORATION - CAMERAS","4210","2",{"v":0.6306813716501192,"d":"0.63"},5725.95,2114.7,1,5725.95,"USD",1,5725.95]
[1373994785,"01",null,"131802",null,"Invoice","Vaddio","B0004","Dealer","001","Unassigned","3000","Undefined","3000","AVCON - CARY","AVCON - NC","Americas LLC",10.36,10.36,"07/01/2021","Standard Distribution","01","Unassigned","0002670851","Standard Order","TA","AV CONTENT CAPTURE (VADDIO)",2021,"2021-07",18,"Vaddio","Accessories","RACK","AV","001","998-6000-006","","AVCON - NC","Vaddio","3002","27519","E","B0004","B0004P0440","B0004P0440G0014120","Unassigned","DUAL 1/2 RACK MOUNTING KIT","Other/Misc","B0004P0440G0014120","US Camera Profit Center","3000","0097333543","Unassigned","AV Integrators","01","South","U1DXP2","United States","Americas - LLC","3000","Bradley Carson",null,"Undefined",null,"North Carolina","United States","United States","North Carolina","DIRECT","AV CAPTURE & COLLABORATION - CAMERAS","4210","2",{"v":0.8743328481319748,"d":"0.87"},82.44,10.36,1,82.44,"USD",1,82.44]
[1373998557,"01",null,"131672",null,"EDI Invoice","Vaddio","B0004","Dealer","001","Unassigned","3000","Undefined","3000","ENTER ALTERNATE ADDRESS (US)","AVI-SPL LLC","Americas LLC",1210.66,2421.31,"08/31/2021","Standard Distribution","01","Unassigned","0040898290","EDI Order","ZEDI","AV CONTENT CAPTURE (VADDIO)",2021,"2021-08",25,"Vaddio","PTZ CAMERA","EXTENSION KIT","AV","001","999-99600-100","AVI-SPL","AVI-SPL","Vaddio","3002","33634","E","B0004","B0004P0400","B0004P0400G0014000","Unassigned","RoboSHOT 12E OneLINK HDMI SYS","Projection Screens","B0004P0400G0014000","US Camera Profit Center","3000","0097607448","Unassigned","AV Integrators","01","West","U1DXP4","United States","Americas - LLC","3000","Abbi Rath",null,"Undefined",null,"Unassigned","United States","United States","Unassigned","DIRECT","AV CAPTURE & COLLABORATION - CAMERAS","4210","1",{"v":0.2864859289818771,"d":"0.29"},3393.5,1210.66,2,6787,"USD",1,6787]
[1374001031,"01","132377","132377",null,"Invoice Repair","Vaddio","B0004","Dealer","001","Unassigned","3000","Undefined","3000","EPA AUDIO VISUAL INC","EPA AUDIO VISUAL INC","Americas LLC",0,0,"03/09/2022","Standard Distribution","01","Unassigned","0065108148","Undefined","00","AV CONTENT CAPTURE (VADDIO)",2022,"2022-03",0,"Vaddio","SERVICE","ADV_REPL","AV","001","ADV_REPL","","EPA AUDIO VISUAL INC","Vaddio","3002","55373","U","B0004","B0004P0445","B0004P0445G0014155","Unassigned","Advanced Replacement","Other/Misc","B0004P0445G0014155","US Camera Profit Center","3000","0004459752","Unassigned","AV Integrators","01","MidWest","U1DXP3","United States","Americas - LLC","3000","Kristin Dacey",null,"Undefined",null,"Unassigned","United States","United States","Unassigned","DIRECT","AV CAPTURE & COLLABORATION - CAMERAS","4210","1",{"v":0,"d":"0.00"},631.65,0,-2,-1263.3,"USD",1,-1263.3]
[1374018602,"01","134332","134332",null,"Invoice","Vaddio","B0004","Dealer","001","Unassigned","3000","Undefined","3000","TREEHOUSE PRODUCTION MANAGEMEN","TREEHOUSE PRODUCTION MANAGEMEN","Americas LLC",234.23,234.23,"06/16/2021","Standard Distribution","01","Unassigned","0002653834","Standard Order","TA","AV CONTENT CAPTURE (VADDIO)",2021,"2021-06",18,"Vaddio","CONTROL","CAMERA","AV","001","999-42300-000","","TREEHOUSE PRODUCTION MANAGEMEN","Vaddio","3002","02904","E","B0004","B0004P0430","B0004P0430G0014075","Unassigned","Vaddio Device Controller","Projection Screens","B0004P0430G0014075","US Camera Profit Center","3000","0097289268","Unassigned","AV Integrators","01","NorthEast","U1DXP1","United States","Americas - LLC","3000","Peter Brady",null,"Undefined",null,"Unassigned","United States","United States","Unassigned","DIRECT","AV CAPTURE & COLLABORATION - CAMERAS","4210","2",{"v":0.5253024745151288,"d":"0.53"},493.43,234.23,1,493.43,"USD",1,493.43]
[1374030301,"01",null,"134716",null,"Invoice","Vaddio","B0004","Dealer","001","Unassigned","3000","Undefined","3000","ENTER ALTERNATE ADDRESS (US)","FUTRON INC","Americas LLC",1262.69,1262.69,"07/30/2021","Standard Distribution","01","Unassigned","0002690694","Standard Order","TA","AV CONTENT CAPTURE (VADDIO)",2021,"2021-07",0,"Vaddio","PTZ CAMERA","EXTENSION KIT","AV","001","999-99630-100W","","FUTRON INC","Vaddio","3002","22193","E","B0004","B0004P0400","B0004P0400G0014000","Unassigned","RoboSHOT 30E OneLINK HDMI SYS WHT","Projection Screens","B0004P0400G0014000","US Camera Profit Center","3000","0097483233","Unassigned","AV Integrators","01","NorthEast","U1DXP1","United States","Americas - LLC","3000","Nathan Craine",null,"Undefined",null,"Hawaii","United States","United States","Unassigned","DIRECT","AV CAPTURE & COLLABORATION - CAMERAS","4210","2",{"v":0.65565003490706,"d":"0.66"},3666.88,1262.69,1,3666.88,"USD",1,3666.88]
[1374039943,"01",null,"141607",null,"Invoice","Vaddio","B0004","Dealer","001","Unassigned","3200","Undefined","3000","ENTER ALTERNATE ADDRESS (CANADA)","ET GROUP, A DIV OF PISTIL ENT.","Canada ULC",24,24,"05/07/2021","Standard Distribution","01","Unassigned","0002613145","Standard Order","TA","AV CONTENT CAPTURE (VADDIO)",2021,"2021-05",0,"Vaddio","Accessories","RACK","AV","001","998-6000-006","","ET GROUP, A DIV OF PISTIL ENT.","Vaddio","3002","M8Z 2E4","E","B0004","B0004P0440","B0004P0440G0014120","Unassigned","DUAL 1/2 RACK MOUNTING KIT","Other/Misc","B0004P0440G0014120","Canada Camera Profit Center","3200","0097126393","Unassigned","AV Integrators","01","Central","C1XXP3","Canada","Canada - ULC","3200","Gino Pileggi",null,"Undefined",null,"Ontario","Canada","Canada","Ontario","DIRECT","AV CAPTURE & COLLABORATION - CAMERAS","4210","1",{"v":0.7278911564625851,"d":"0.73"},88.2,24,1,88.2,"CAD",1.22723,108.24]
[1374086233,"01",null,"131672",null,"EDI Invoice","Vaddio","B0004","Dealer","001","Unassigned","3000","Undefined","3000","ENTER ALTERNATE ADDRESS (US)","AVI-SPL LLC","Americas LLC",866.83,4334.16,"05/06/2021","Standard Distribution","01","Unassigned","0040809098","EDI Order","ZEDI","AV CONTENT CAPTURE (VADDIO)",2021,"2021-05",0,"Vaddio","PTZ CAMERA","NATIVE","AV","001","999-99400-000W","AVI-SPL","AVI-SPL","Vaddio","3002","33634","E","B0004","B0004P0400","B0004P0400G0014005","Unassigned","ROBOSHOT 12E HDMI WHT","Projection Screens","B0004P0400G0014005","US Camera Profit Center","3000","0097123999","Unassigned","AV Integrators","01","South","U1DXP2","United States","Americas - LLC","3000","Keri Manasa",null,"Undefined",null,"Unassigned","United States","United States","Unassigned","DIRECT","AV CAPTURE & COLLABORATION - CAMERAS","4210","1",{"v":-1.3532196764035183,"d":"-1.35"},1841.8,866.83,5,9209,"USD",1,9209]
[1374088807,"01",null,"131966",null,"EDI Invoice","Vaddio","B0004","Distributor - Regional","003","Unassigned","3000","Undefined","3000","ENTER ALTERNATE ADDRESS (US)","ANIXTER INC","Americas LLC",209.03,209.03,"07/29/2021","Standard Distribution","01","ANIXTER","0040870735","EDI Order","ZEDI","AV CONTENT CAPTURE (VADDIO)",2021,"2021-07",0,"Vaddio","CAMERA MOUNT","INCEILING","AV","001","999-2225-150","","ANIXTER INC","Vaddio","3002","60026","E","B0004","B0004P0420","B0004P0420G0014045","Unassigned","IN-CEILING HALF-RECESSED ENCL. ROBOS","Projection Screens","B0004P0420G0014045","US Camera Profit Center","3000","0097479885","Unassigned","Enterprise Distribution","13","US - Channel Sales","U1DXC1","United States","Americas - LLC","3000","Brett Avery",null,"Undefined",null,"Unassigned","United States","United States","Illinois","DIRECT","AV CAPTURE & COLLABORATION - CAMERAS","4210","1",{"v":0.6133012672278235,"d":"0.61"},540.55,209.03,1,540.55,"USD",1,540.55]
[1374094501,"01",null,"139842",null,"Invoice","Vaddio","B0004","Distributor - National","002","Unassigned","3000","Undefined","3000","ENTER ALTERNATE ADDRESS (US)","ALMO DISTRIBUTING PA INC (VADDIO)","Americas LLC",564.02,1128.03,"09/14/2021","Standard Distribution","01","ALMO","0002714771","Standard Order","TA","AV CONTENT CAPTURE (VADDIO)",2021,"2021-09",30,"Vaddio","CAM EXTENSIONS","EXT HUBS","AV","001","999-1005-032","","ALMO DISTRIBUTING PA INC (VADDIO)","Vaddio","3002","19154","X","B0004","B0004P0415","B0004P0415G0014045","Unassigned","USB 3.0 EXTENDER SYSTEM N/A","Projection Screens","B0004P0415G0014045","US Camera Profit Center","3000","0097668085","Unassigned","AV Distribution","08","US - Channel Sales","U1DXC1","United States","Americas - LLC","3000","Patrick Mead",null,"Undefined",null,"Unassigned","United States","United States","Unassigned","DIRECT","AV CAPTURE & COLLABORATION - CAMERAS","4210","0",{"v":-0.05526918939145875,"d":"-0.06"},1068.95,564.02,2,2137.9,"USD",1,2137.9]
[1374126668,"01",null,"131672",null,"EDI Invoice","Vaddio","B0004","Dealer","001","Unassigned","3000","Undefined","3000","ENTER ALTERNATE ADDRESS (US)","AVI-SPL LLC","Americas LLC",752.07,752.07,"03/09/2021","Standard Distribution","01","Unassigned","0040765947","EDI Order","ZEDI","AV CONTENT CAPTURE (VADDIO)",2021,"2021-03",11,"Vaddio","FIXED CAMERA","EXTENSION KIT","AV","001","999-6930-400","AVI-SPL","AVI-SPL","Vaddio","3002","33634","E","B0004","B0004P0405","B0004P0405G0014010","Unassigned","ZoomSHOT 30 QMINI System","Projection Screens","B0004P0405G0014010","US Camera Profit Center","3000","0096890028","Unassigned","AV Integrators","01","NorthEast","U1DXP1","United States","Americas - LLC","3000","Geoff Gibbs",null,"Undefined",null,"Unassigned","United States","United States","Unassigned","DIRECT","AV CAPTURE & COLLABORATION - CAMERAS","4210","1",{"v":0.5380717519086547,"d":"0.54"},1628.11,752.07,1,1628.11,"USD",1,1628.11]
[1374128811,"01",null,"130142",null,"Invoice Repair","Vaddio","B0004","Dealer","001","Unassigned","3000","Undefined","3000","ENTER ALTERNATE ADDRESS (US)","ADVANCED LIGHT AND SOUND","Americas LLC",0,0,"10/09/2021","Standard Distribution","01","Unassigned","0065107460","Undefined","00","AV CONTENT CAPTURE (VADDIO)",2021,"2021-10",0,"Vaddio","SERVICE","ADV_REPL","Residential","003","ADV_REPL","","ADVANCED LIGHT AND SOUND","Vaddio","3002","54016","U","B0004","B0004P0445","B0004P0445G0014155","Unassigned","Advanced Replacement","Other/Misc","B0004P0445G0014155","US Camera Profit Center","3000","0004326550","ORION ADVANCED MARKETING","Residential AV","02","East - Resi","UXDXH4","United States","Americas - LLC","3000","Ryan St. John",null,"Undefined",null,"Unassigned","United States","United States","Unassigned","DIRECT","AV CAPTURE & COLLABORATION - CAMERAS","4210","3",{"v":0,"d":"0.00"},592.11,0,-1,-592.11,"USD",1,-592.11]
[1374147009,"01",null,"132806",null,"Invoice","Vaddio","B0004","Dealer","001","Unassigned","3000","Undefined","3000","IMAGENATION SYSTEMS","IMAGENATION SYSTEMS INC.","Americas LLC",564.01,564.01,"09/14/2021","Standard Distribution","01","Unassigned","0002730292","Standard Order","TA","AV CONTENT CAPTURE (VADDIO)",2021,"2021-09",7,"Vaddio","CAM EXTENSIONS","EXT HUBS","AV","001","999-1005-032","","IMAGENATION SYSTEMS INC.","Vaddio","3002","27606","X","B0004","B0004P0415","B0004P0415G0014045","Unassigned","USB 3.0 EXTENDER SYSTEM N/A","Projection Screens","B0004P0415G0014045","US Camera Profit Center","3000","0097666154","Unassigned","AV Integrators","01","South","U1DXP2","United States","Americas - LLC","3000","Bradley Carson",null,"Undefined",null,"North Carolina","United States","United States","North Carolina","DIRECT","AV CAPTURE & COLLABORATION - CAMERAS","4210","4",{"v":0.535683414148233,"d":"0.54"},1214.71,564.01,1,1214.71,"USD",1,1214.71]
[1374170600,"01",null,"131672",null,"EDI Invoice","Vaddio","B0004","Dealer","001","Unassigned","3000","Undefined","3000","ENTER ALTERNATE ADDRESS (US)","AVI-SPL LLC","Americas LLC",1307.68,1307.68,"03/16/2021","Standard Distribution","01","Unassigned","0040771573","EDI Order","ZEDI","AV CONTENT CAPTURE (VADDIO)",2021,"2021-03",18,"Vaddio","FIXED CAMERA","EXTENSION KIT","AV","001","999-9968-200","AVI-SPL","AVI-SPL","Vaddio","3002","33634","E","B0004","B0004P0405","B0004P0405G0014010","Unassigned","DocCAM 20 HDBT OneLINK HDMI System N/A","Projection Screens","B0004P0405G0014010","US Camera Profit Center","3000","0096902480","Unassigned","AV Integrators","01","South","U1DXP2","United States","Americas - LLC","3000","Ken Phillips",null,"Undefined",null,"Texas","United States","United States","Unassigned","DIRECT","AV CAPTURE & COLLABORATION - CAMERAS","4210","1",{"v":0.641597965269251,"d":"0.64"},3648.64,1307.68,1,3648.64,"USD",1,3648.64]
[1374175893,"01",null,"139841",null,"EDI Invoice","Vaddio","B0004","Distributor - National","002","Unassigned","3000","Undefined","3000","ENTER ALTERNATE ADDRESS (US)","EXERTIS (VADDIO)","Americas LLC",1370.29,1370.29,"09/20/2021","Standard Distribution","01","STAMPEDE","0040911559","EDI Order","ZEDI","AV CONFERENCING (VADDIO)",2021,"2021-09",0,"Vaddio","CONFERENCE","ROOM SYSTEM","AV","001","999-60321-000W","STAMPEDE PRESENTATION","STAMPEDE PRESENTATION","Vaddio","3002","14228","E","B0004","B0004P0435","B0004P0435G0014100","Unassigned","EasyIP 10 Mixer Base Kit Wht N/A","Projection Screens","B0004P0435G0014100","US Camera Profit Center","3000","0097710193","Unassigned","AV Distribution","08","US - Channel Sales","U1DXC1","United States","Americas - LLC","3000","Patrick Mead",null,"Undefined",null,"Utah","United States","United States","New York","DIRECT","AV CAPTURE & COLLABORATION - CAMERAS","4210","0",{"v":0.5931104723670614,"d":"0.59"},3367.72,1370.29,1,3367.72,"USD",1,3367.72]
[1374213313,"01","134415","134415",null,"Invoice","Vaddio","B0004","Dealer","001","Unassigned","3000","Undefined","3000","DAGOSTINO ELECTRONIC SERVICES INC","DAGOSTINO ELECTRONIC SERVICES INC","Americas LLC",410.84,410.84,"04/19/2021","Standard Distribution","01","Unassigned","0002604970","Standard Order","TA","AV CONTENT CAPTURE (VADDIO)",2021,"2021-04",18,"Vaddio","SWITCHERS","BRIDGES","AV","001","999-8240-000","","DAGOSTINO ELECTRONIC SERVICES INC","Vaddio","3002","15207","E","B0004","B0004P0425","B0004P0425G0014065","Unassigned","AV Bridge Mini N/A","Projection Screens","B0004P0425G0014065","US Camera Profit Center","3000","0097058239","Unassigned","AV Integrators","01","MidWest","U1DXP3","United States","Americas - LLC","3000","Brian Mungo",null,"Undefined",null,"Unassigned","United States","United States","Unassigned","DIRECT","AV CAPTURE & COLLABORATION - CAMERAS","4210","2",{"v":0.7068004538869421,"d":"0.71"},1401.23,410.84,1,1401.23,"USD",1,1401.23]
[1374223474,"01",null,"132098",null,"Invoice","Vaddio","B0004","Dealer","001","PROFESSIONAL SYSTEMS NETWORK INTL","3000","Undefined","3000","CLARK POWELL ASSOC INC-CHARLOTTE","CLARK POWELL ASSOC INC","Americas LLC",84.38,168.75,"07/08/2021","Standard Distribution","01","Unassigned","0002670795","Standard Order","TA","AV CONTENT CAPTURE (VADDIO)",2021,"2021-07",23,"Vaddio","CAMERA MOUNT","CEILING","AV","001","535-2000-296","","CLARK POWELL ASSOC INC","Vaddio","3002","27103","E","B0004","B0004P0420","B0004P0420G0014055","Unassigned","OFF-SET DROP DN MT FOR HD SERIES CAMERAS","Projection Screens","B0004P0420G0014055","US Camera Profit Center","3000","0097364524","Unassigned","AV Integrators","01","South","U1DXP2","United States","Americas - LLC","3000","Bradley Carson",null,"Undefined",null,"North Carolina","United States","United States","North Carolina","DIRECT","AV CAPTURE & COLLABORATION - CAMERAS","4210","1",{"v":0.31516578060955314,"d":"0.32"},246.41,84.38,2,492.82,"USD",1,492.82]
[1374236120,"01",null,"136153",null,"Invoice","Vaddio","B0004","Dealer","001","Unassigned","3000","Undefined","3000","ENTER ALTERNATE ADDRESS (US)","ADEMCO INC","Americas LLC",202.19,202.19,"04/05/2021","Standard Distribution","01","Unassigned","0002593373","Standard Order","TA","AV CONTENT CAPTURE (VADDIO)",2021,"2021-04",18,"Vaddio","SWITCHERS","BRIDGES","IT/DMR","002","999-8536-000","","ADEMCO INC","Vaddio","3002","02035","E","B0004","B0004P0425","B0004P0425G0014065","Unassigned","EASYUSB AUDIO BRIDGE SYSTEM","Projection Screens","B0004P0425G0014065","US Camera Profit Center","3000","0097002435","Unassigned","IT Distribution","12","US - Channel Sales","U1DXC1","United States","Americas - LLC","3000","Greg Spadavecchia",null,"Undefined",null,"New Mexico","United States","United States","Unassigned","DIRECT","AV CAPTURE & COLLABORATION - CAMERAS","4210","2",{"v":0.5816470101386302,"d":"0.58"},483.3,202.19,1,483.3,"USD",1,483.3]
[1374255301,"01","116725","116725",null,"Invoice","Vaddio","B0004","Distributor - National","002","Unassigned","5000","Undefined","3000","COMM-TEC GMBH","COMM-TEC GMBH","Europe BV",617.91,617.91,"03/12/2021","Standard Distribution","01","Unassigned","0002572434","Standard Order","TA","AV CONTENT CAPTURE (VADDIO)",2021,"2021-03",0,"Vaddio","CAM EXTENSIONS","EXT HUBS","AV","001","999-1005-132","","COMM-TEC GMBH","Weert","5050","73066","X","B0004","B0004P0415","B0004P0415G0014045","Unassigned","USB 3.0 EXTENDER SYSTEM INT","Projection Screens","B0004P0415G0014045","Europe Camera Profit Center","5000","0800306158","Unassigned","AV Distribution","08","GAS","E1DXX8","Europe, the Middle East, and Africa","Europe - BV","5000","Cm Simone Freund",null,"Undefined",null,"Undefined","Germany","Germany","Undefined","DIRECT","AV CAPTURE & COLLABORATION - CAMERAS","4210","1",{"v":0.39387310680373544,"d":"0.39"},1019.44,617.91,1,1019.44,"EUR",0.82481,840.84]
[1374266455,"01","131746","131746",null,"Invoice Repair","Vaddio","B0004","Dealer","001","Unassigned","3000","Undefined","3000","APPLIED VIDEO TECHNOLOGY INC","APPLIED VIDEO TECHNOLOGY INC","Americas LLC",0,0,"09/09/2021","Standard Distribution","01","Unassigned","0065107507","Undefined","00","AV CONTENT CAPTURE (VADDIO)",2021,"2021-09",0,"Vaddio","SERVICE","ADV_REPL","AV","001","ADV_REPL","","APPLIED VIDEO TECHNOLOGY INC","Vaddio","3002","19460","U","B0004","B0004P0445","B0004P0445G0014155","Unassigned","Advanced Replacement","Other/Misc","B0004P0445G0014155","US Camera Profit Center","3000","0004295403","Unassigned","AV Integrators","01","NorthEast","U1DXP1","United States","Americas - LLC","3000","Alexandra  Trop",null,"Undefined",null,"Unassigned","United States","United States","Unassigned","DIRECT","AV CAPTURE & COLLABORATION - CAMERAS","4210","2",{"v":0,"d":"0.00"},413,0,1,413,"USD",1,413]
[1374286405,"01",null,"131671",null,"Invoice","Vaddio","B0004","Dealer","001","Unassigned","3000","Undefined","3000","ONE TIME - BID SHIP TO ONLY","AVI SYSTEMS, INC","Americas LLC",778.13,778.13,"08/12/2021","Standard Distribution","01","Unassigned","0002704755","Standard Order","TA","AV CONFERENCING (VADDIO)",2021,"2021-08",0,"Vaddio","CONFERENCE","ROOM SYSTEM","AV","001","999-50707-000","AVI SYSTEMS, INC","AVI SYSTEMS, INC","Vaddio","3002","66214","E","B0004","B0004P0435","B0004P0435G0014100","Unassigned","HuddleSHOT BLACK","Projection Screens","B0004P0435G0014100","US Camera Profit Center","3000","0097537265","Unassigned","AV Integrators","01","West","U1DXP4","United States","Americas - LLC","3000","Cynthia Podgurski",null,"Undefined",null,"Unassigned","United States","United States","Kansas","DIRECT","AV CAPTURE & COLLABORATION - CAMERAS","4210","1",{"v":0.08487592614371398,"d":"0.08"},850.3,778.13,1,850.3,"USD",1,850.3]
[1374319669,"01",null,"113818",null,"Invoice","Vaddio","B0004","Distributor - National","002","Unassigned","5000","Undefined","3000","EPATRA","EPATRA","Europe BV",928.4,2785.19,"06/15/2021","Standard Distribution","01","Unassigned","0002654868","Standard Order","TA","AV CONFERENCING (VADDIO)",2021,"2021-06",0,"Vaddio","CONFERENCE","ROOM SYSTEM","AV","001","999-50707-001","","EPATRA","Weert","5050","2952 CA","X","B0004","B0004P0435","B0004P0435G0014100","Unassigned","HuddleSHOT BLACK INT","Projection Screens","B0004P0435G0014100","Europe Camera Profit Center","5000","0800326007","Unassigned","AV Distribution","08","Benelux","E1DXX6","Europe, the Middle East, and Africa","Europe - BV","5000","Cm Sam Van Der Harst",null,"Undefined",null,"Undefined","Netherlands","Netherlands","Undefined","DIRECT","AV CAPTURE & COLLABORATION - CAMERAS","4210","2",{"v":-1.286378374979385,"d":"-1.29"},1218.1667,928.4,3,3654.5,"EUR",0.81974,2995.74]
[1374335373,"01","139504","139504",null,"Invoice","Vaddio","B0004","Distributor - National","002","Unassigned","5000","Undefined","3000","EXERTIS GO CONNECT","EXERTIS GO CONNECT","Europe BV",5.61,78.48,"06/15/2021","Standard Distribution","01","Unassigned","0002633260","Standard Order","TA","AV CONTENT CAPTURE (VADDIO)",2021,"2021-06",0,"Vaddio","Accessories","RACK","AV","001","998-6000-003","","EXERTIS GO CONNECT","Weert","5050","3317 DM","X","B0004","B0004P0440","B0004P0440G0014120","Unassigned","1-RU RACK PANEL FOR 2 INTERFACES","Other/Misc","B0004P0440G0014120","Europe Camera Profit Center","5000","0800326028","Unassigned","AV Distribution","08","Benelux","E1DXX6","Europe, the Middle East, and Africa","Europe - BV","5000","Cm Sam Van Der Harst",null,"Undefined",null,"Undefined","Netherlands","Netherlands","Undefined","DIRECT","AV CAPTURE & COLLABORATION - CAMERAS","4210","2",{"v":-0.41454595922546056,"d":"-0.41"},55.4807,5.61,14,776.73,"EUR",0.81974,636.72]
[1374354402,"01",null,"107518",null,"Invoice","Vaddio","B0004","Distributor - National","002","Unassigned","5000","Undefined","3000","MIDWICH LTD","MIDWICH LIMITED","Europe BV",1139.42,6836.51,"12/13/2021","Standard Distribution","01","Unassigned","0002792155","Standard Order","TA","AV CONTENT CAPTURE (VADDIO)",2021,"2021-12",0,"Vaddio","CAM EXTENSIONS","ONELINK","AV","001","999-9660-001","","MIDWICH LIMITED","Weert","5050","IP22 4YT","E","B0004","B0004P0415","B0004P0415G0014030","Unassigned","ONELINK BRIDGE CISCO CODEC/CISCO CAM INT","Projection Screens","B0004P0415G0014030","Europe Camera Profit Center","5000","0800361261","Unassigned","AV Distribution","08","UK/Ireland","E1DXX4","Europe, the Middle East, and Africa","Europe - BV","5000","Cm Marcus Bond",null,"Undefined",null,"Undefined","United Kingdom","United Kingdom","Undefined","DIRECT","AV CAPTURE & COLLABORATION - CAMERAS","4210","1",{"v":-2.391260565895472,"d":"-2.39"},2015.92,1139.42,6,12095.52,"EUR",0.87982,10641.88]
[1374380358,"01",null,"139841",null,"EDI Invoice","Vaddio","B0004","Distributor - National","002","Unassigned","3000","Undefined","3000","ENTER ALTERNATE ADDRESS (US)","EXERTIS (VADDIO)","Americas LLC",748.49,748.49,"08/23/2021","Standard Distribution","01","STAMPEDE","0040888618","EDI Order","ZEDI","AV CONTENT CAPTURE (VADDIO)",2021,"2021-08",0,"Vaddio","SWITCHERS","BRIDGES","AV","001","999-8230-000","STAMPEDE PRESENTATION","STAMPEDE PRESENTATION","Vaddio","3002","14228","E","B0004","B0004P0425","B0004P0425G0014065","Unassigned","AV BRIDGE MATRIX PRO SYSTEM","Projection Screens","B0004P0425G0014065","US Camera Profit Center","3000","0097582543","Unassigned","AV Distribution","08","US - Channel Sales","U1DXC1","United States","Americas - LLC","3000","Patrick Mead",null,"Undefined",null,"Unassigned","United States","United States","New York","DIRECT","AV CAPTURE & COLLABORATION - CAMERAS","4210","0",{"v":0.7902131810104657,"d":"0.79"},3567.86,748.49,1,3567.86,"USD",1,3567.86]
[1374400798,"01",null,"132696",null,"Invoice Repair","Vaddio","B0004","Dealer","001","Unassigned","3000","Undefined","3000","ENTER ALTERNATE ADDRESS (US)","HOWARD INDUSTRIES INC","Americas LLC",0,0,"04/02/2021","Standard Distribution","01","Unassigned","0065106428","Undefined","00","AV CONTENT CAPTURE (VADDIO)",2021,"2021-04",0,"Vaddio","SERVICE","ADV_REPL","AV","001","ADV_REPL","","HOWARD INDUSTRIES INC","Vaddio","3002","39437","U","B0004","B0004P0445","B0004P0445G0014155","Unassigned","Advanced Replacement","Other/Misc","B0004P0445G0014155","US Camera Profit Center","3000","0004137131","Unassigned","AV Integrators","01","South","U1DXP2","United States","Americas - LLC","3000","Kalee Luke",null,"Undefined",null,"Unassigned","United States","United States","Unassigned","DIRECT","AV CAPTURE & COLLABORATION - CAMERAS","4210","1",{"v":0,"d":"0.00"},382.42,0,1,382.42,"USD",1,382.42]
[1374400852,"01",null,"132696",null,"Invoice Repair","Vaddio","B0004","Dealer","001","Unassigned","3000","Undefined","3000","ENTER ALTERNATE ADDRESS (US)","HOWARD INDUSTRIES INC","Americas LLC",0,0,"10/11/2021","Standard Distribution","01","Unassigned","0065106454","Undefined","00","AV CONTENT CAPTURE (VADDIO)",2021,"2021-10",0,"Vaddio","SERVICE","ADV_REPL","AV","001","ADV_REPL","","HOWARD INDUSTRIES INC","Vaddio","3002","39437","U","B0004","B0004P0445","B0004P0445G0014155","Unassigned","Advanced Replacement","Other/Misc","B0004P0445G0014155","US Camera Profit Center","3000","0004327358","Unassigned","AV Integrators","01","South","U1DXP2","United States","Americas - LLC","3000","Kalee Luke",null,"Undefined",null,"Unassigned","United States","United States","Unassigned","DIRECT","AV CAPTURE & COLLABORATION - CAMERAS","4210","1",{"v":0,"d":"0.00"},317.44,0,-1,-317.44,"USD",1,-317.44]
[1374450319,"01","112194","112194",null,"Invoice","Vaddio","B0004","Distributor - National","002","Unassigned","5000","Undefined","3000","IMAGO SONAS","IMAGO SONAS","Europe BV",322.98,322.98,"05/21/2021","Standard Distribution","01","Unassigned","0002633442","Standard Order","TA","AV CONFERENCING (VADDIO)",2021,"2021-05",0,"Vaddio","CONFERENCE","ROOM SYSTEM","AV","001","999-60210-000","","IMAGO SONAS","Weert","5050","2730","X","B0004","B0004P0435","B0004P0435G0014100","Unassigned","EasyIP Decoder","Projection Screens","B0004P0435G0014100","Europe Camera Profit Center","5000","0800320424","Unassigned","AV Distribution","08","Nordics","E1DXX7","Europe, the Middle East, and Africa","Europe - BV","5000","Cm Rickard Olsson",null,"Undefined",null,"Undefined","Denmark","Denmark","Undefined","DIRECT","AV CAPTURE & COLLABORATION - CAMERAS","4210","2",{"v":0.46784637437595766,"d":"0.47"},606.93,322.98,1,606.93,"EUR",0.82754,502.26]
[1374450428,"01",null,"107493",null,"Invoice","Vaddio","B0004","Distributor - National","002","Unassigned","5000","Undefined","3000","LETENG AS","LETENG AS","Europe BV",1461.42,1461.42,"11/18/2021","Standard Distribution","01","Unassigned","0002784123","Standard Order","TA","AV CONFERENCING (VADDIO)",2021,"2021-11",0,"Vaddio","CONFERENCE","ROOM SYSTEM","AV","001","999-99950-201W","","LETENG AS","Weert","5050","0680","E","B0004","B0004P0435","B0004P0435G0014100","Unassigned","CSAV SYSTEM - CEILINGMIC 2 WHT INTL","Projection Screens","B0004P0435G0014100","Europe Camera Profit Center","5000","0800355086","Unassigned","AV Distribution","08","Nordics","E1DXX7","Europe, the Middle East, and Africa","Europe - BV","5000","Cm Rickard Olsson",null,"Undefined",null,"Undefined","Norway","Norway","Undefined","DIRECT","AV CAPTURE & COLLABORATION - CAMERAS","4210","2",{"v":0.40425826807603404,"d":"0.40"},2453.11,1461.42,1,2453.11,"EUR",0.86014,2110.02]
[1374479672,"01","133416","133416",null,"Invoice","Vaddio","B0004","Dealer","001","Unassigned","3000","Undefined","3000","HUMAN CIRCUIT  INC","HUMAN CIRCUIT  INC","Americas LLC",568.02,568.02,"01/13/2022","Standard Distribution","01","Unassigned","0002826733","Standard Order","TA","AV CONFERENCING (VADDIO)",2022,"2022-01",5,"Vaddio","CONFERENCE","ROOM SYSTEM","AV","001","999-60320-000","","HUMAN CIRCUIT  INC","Vaddio","3002","20877","E","B0004","B0004P0435","B0004P0435G0014100","Unassigned","EasyIP Mixer System Global","Projection Screens","B0004P0435G0014100","US Camera Profit Center","3000","0098264454","Unassigned","AV Integrators","01","NorthEast","U1DXP1","United States","Americas - LLC","3000","Nathan Craine",null,"Undefined",null,"Unassigned","United States","United States","Unassigned","DIRECT","AV CAPTURE & COLLABORATION - CAMERAS","4210","2",{"v":0.6658961373542023,"d":"0.67"},1700.13,568.02,1,1700.13,"USD",1,1700.13]
[1374492990,"01",null,"133752",null,"Invoice","Vaddio","B0004","Dealer","001","Unassigned","3000","Undefined","3000","SPECTRA AUDIO DESIGN GROUP LTD","SPECTRA AUDIO DESIGN - NY","Americas LLC",661.23,1322.46,"01/06/2022","Standard Distribution","01","Unassigned","0002820898","Standard Order","TA","AV CONTENT CAPTURE (VADDIO)",2022,"2022-01",12,"Vaddio","CAM EXTENSIONS","ONELINK","AV","001","999-9520-000","SPECTRA AUDIO DESIGN","SPECTRA AUDIO DESIGN","Vaddio","3002","10010","E","B0004","B0004P0415","B0004P0415G0014030","Unassigned","ONELINK HDMI - PLYCM CODEC/PLYCM CAM N/A","Projection Screens","B0004P0415G0014030","US Camera Profit Center","3000","0098225553","Unassigned","AV Integrators","01","NorthEast","U1DXP1","United States","Americas - LLC","3000","Angela Adkins",null,"Undefined",null,"New York","United States","United States","New York","DIRECT","AV CAPTURE & COLLABORATION - CAMERAS","4210","1",{"v":0.00884385352180228,"d":"0.01"},1334.26,661.23,2,2668.52,"USD",1,2668.52]
[1374494020,"01",null,"138717",null,"Invoice","Vaddio","B0004","Distributor - National","002","Unassigned","5000","Undefined","3000","EXERTIS SE","EXERTIS CAPTECH AB","Europe BV",486.11,486.11,"06/07/2021","Standard Distribution","01","Unassigned","0002646453","Standard Order","TA","AV CONTENT CAPTURE (VADDIO)",2021,"2021-06",0,"Vaddio","SWITCHERS","BRIDGES","AV","001","999-8240-001","","EXERTIS CAPTECH AB","Weert","5050","431 53","X","B0004","B0004P0425","B0004P0425G0014065","Unassigned","AV Bridge Mini INT","Projection Screens","B0004P0425G0014065","Europe Camera Profit Center","5000","0800323807","Unassigned","AV Distribution","08","Nordics","E1DXX7","Europe, the Middle East, and Africa","Europe - BV","5000","Cm Rickard Olsson",null,"Undefined",null,"Undefined","Sweden","Sweden","Undefined","DIRECT","AV CAPTURE & COLLABORATION - CAMERAS","4210","2",{"v":0.6674078736709588,"d":"0.67"},1461.58,486.11,1,1461.58,"EUR",0.81974,1198.12]
[1374553988,"01",null,"133458",null,"Invoice","Vaddio","B0004","Dealer","001","Unassigned","3000","Undefined","3000","RADIANT TECHNOLOGY - OH SHARONVILLE","RADIANT TECHNOLOGY","Americas LLC",523.97,3143.82,"05/05/2021","Standard Distribution","01","Unassigned","0002618493","Standard Order","TA","AV CONFERENCING (VADDIO)",2021,"2021-05",18,"Vaddio","CONFERENCE","ROOM SYSTEM","AV","001","999-60320-000","","RADIANT TECHNOLOGY","Vaddio","3002","43035","E","B0004","B0004P0435","B0004P0435G0014100","Unassigned","EasyIP Mixer System Global","Projection Screens","B0004P0435G0014100","US Camera Profit Center","3000","0097121007","Unassigned","AV Integrators","01","MidWest","U1DXP3","United States","Americas - LLC","3000","Brian Mungo",null,"Undefined",null,"Ohio","United States","United States","Ohio","DIRECT","AV CAPTURE & COLLABORATION - CAMERAS","4210","2",{"v":-1.000840095465394,"d":"-1.00"},1571.25,523.97,6,9427.5,"USD",1,9427.5]
[1374574688,"01",null,"132696",null,"Invoice","Vaddio","B0004","Dealer","001","Unassigned","3000","Undefined","3000","ENTER ALTERNATE ADDRESS (US)","HOWARD INDUSTRIES INC","Americas LLC",629.14,629.14,"02/19/2021","Standard Distribution","01","Unassigned","0002555308","Standard Order","TA","AV CONFERENCING (VADDIO)",2021,"2021-02",0,"Vaddio","CONFERENCE","ROOM SYSTEM","AV","001","999-30200-000W","","HOWARD INDUSTRIES INC","Vaddio","3002","39437","E","B0004","B0004P0435","B0004P0435G0014100","Unassigned","EasyIP 10 Camera White","Projection Screens","B0004P0435G0014100","US Camera Profit Center","3000","0096824167","Unassigned","AV Integrators","01","South","U1DXP2","United States","Americas - LLC","3000","Kalee Luke",null,"Undefined",null,"Unassigned","United States","United States","Unassigned","DIRECT","AV CAPTURE & COLLABORATION - CAMERAS","4210","1",{"v":0.6891984685686057,"d":"0.69"},2024.25,629.14,1,2024.25,"USD",1,2024.25]
[1374574767,"01",null,"132696",null,"Invoice","Vaddio","B0004","Dealer","001","Unassigned","3000","Undefined","3000","ENTER ALTERNATE ADDRESS (US)","HOWARD INDUSTRIES INC","Americas LLC",234.91,1409.45,"03/10/2021","Standard Distribution","01","Unassigned","0002571239","Standard Order","TA","AV CONFERENCING (VADDIO)",2021,"2021-03",13,"Vaddio","CONFERENCE","AUDIO","AV","001","999-85810-000","","HOWARD INDUSTRIES INC","Vaddio","3002","39437","E","B0004","B0004P0435","B0004P0435G0014090","Unassigned","EasyIP CeilingMIC D White","Projection Screens","B0004P0435G0014090","US Camera Profit Center","3000","0096893050","Unassigned","AV Integrators","01","South","U1DXP2","United States","Americas - LLC","3000","Kalee Luke",null,"Undefined",null,"Unassigned","United States","United States","Unassigned","DIRECT","AV CAPTURE & COLLABORATION - CAMERAS","4210","1",{"v":-1.1851937984496126,"d":"-1.19"},645,234.91,6,3870,"USD",1,3870]
[1374636290,"01","132449","132449",null,"Invoice","Vaddio","B0004","Dealer","001","Unassigned","3000","Undefined","3000","EIDIM GROUP INC","EIDIM GROUP INC","Americas LLC",299.38,898.14,"07/08/2021","Standard Distribution","01","Unassigned","0002674933","Standard Order","TA","AV CONTENT CAPTURE (VADDIO)",2021,"2021-07",0,"Vaddio","SWITCHERS","BRIDGES","AV","001","999-8240-000","","EIDIM GROUP INC","Vaddio","3002","90621","E","B0004","B0004P0425","B0004P0425G0014065","Unassigned","AV Bridge Mini N/A","Projection Screens","B0004P0425G0014065","US Camera Profit Center","3000","0097364635","Unassigned","AV Integrators","01","West","U1DXP4","United States","Americas - LLC","3000","Comm So Cal - Shomper/Yates",null,"Undefined",null,"Unassigned","United States","United States","Unassigned","DIRECT","AV CAPTURE & COLLABORATION - CAMERAS","4210","2",{"v":0.38392838769420723,"d":"0.38"},1457.85,299.38,3,4373.55,"USD",1,4373.55]
[1374642557,"01",null,"139841",null,"EDI Invoice","Vaddio","B0004","Distributor - National","002","Unassigned","3000","Undefined","3000","ENTER ALTERNATE ADDRESS (US)","EXERTIS (VADDIO)","Americas LLC",61.56,123.11,"02/14/2022","Standard Distribution","01","STAMPEDE","0041051225","EDI Order","ZEDI","AV CONTENT CAPTURE (VADDIO)",2022,"2022-02",1,"Vaddio","CAMERA MOUNT","INCEILING","AV","001","998-2225-051","STAMPEDE PRESENTATION","STAMPEDE PRESENTATION","Vaddio","3002","14228","E","B0004","B0004P0420","B0004P0420G0014045","Unassigned","RECESSED INSTALL KIT IN-CEILING ENCL","Projection Screens","B0004P0420G0014045","US Camera Profit Center","3000","0098414299","Unassigned","AV Distribution","08","US - Channel Sales","U1DXC1","United States","Americas - LLC","3000","Patrick Mead",null,"Undefined",null,"Unassigned","United States","United States","New York","DIRECT","AV CAPTURE & COLLABORATION - CAMERAS","4210","0",{"v":0.16789455897262584,"d":"0.17"},147.95,61.56,2,295.9,"USD",1,295.9]
[1374688024,"01","113836","113836",null,"Invoice","Vaddio","B0004","Distributor - National","002","Unassigned","5000","Undefined","3000","SANEL N.V.","SANEL N.V.","Europe BV",1269.58,2539.16,"10/19/2021","Standard Distribution","01","Unassigned","0002759428","Standard Order","TA","AV CONFERENCING (VADDIO)",2021,"2021-10",0,"Vaddio","CONFERENCE","ROOM SYSTEM","AV","001","999-99950-101W","","SANEL N.V.","Weert","5050","2500","E","B0004","B0004P0435","B0004P0435G0014100","Unassigned","CSAV SYSTEM - CEILINGMIC 1 WHT INTL","Projection Screens","B0004P0435G0014100","Europe Camera Profit Center","5000","0800348107","Unassigned","AV Distribution","08","Benelux","E1DXX6","Europe, the Middle East, and Africa","Europe - BV","5000","Cm Dennis Driessen",null,"Undefined",null,"Undefined","Belgium","Belgium","Undefined","DIRECT","AV CAPTURE & COLLABORATION - CAMERAS","4210","2",{"v":-0.320914021146818,"d":"-0.32"},1922.275,1269.58,2,3844.55,"EUR",0.86274,3316.85]
[1374689019,"01","140190","140190",null,"Invoice","Vaddio","B0004","Dealer","001","Unassigned","3000","Undefined","3000","INTEGRATED MEDIA TECHNOLOGIES INC.","INTEGRATED MEDIA TECHNOLOGIES INC.","Americas LLC",970.29,970.29,"01/05/2021","Standard Distribution","01","Unassigned","0002517019","Standard Order","TA","AV CONTENT CAPTURE (VADDIO)",2021,"2021-01",0,"Vaddio","CONTROL","CAMERA","AV","001","999-5750-000","","INTEGRATED MEDIA TECHNOLOGIES INC.","Vaddio","3002","91502","E","B0004","B0004P0430","B0004P0430G0014075","Unassigned","PCC PREMIER CAMERA CONTROLLER","Projection Screens","B0004P0430G0014075","US Camera Profit Center","3000","0096594524","Unassigned","AV Integrators","01","West","U1DXP4","United States","Americas - LLC","3000","Comm So Cal - Shomper/Yates",null,"Undefined",null,"Unassigned","United States","United States","Unassigned","DIRECT","AV CAPTURE & COLLABORATION - CAMERAS","4210","2",{"v":0.5839379438098178,"d":"0.58"},2332.08,970.29,1,2332.08,"USD",1,2332.08]
[1374757578,"01","145562","145562",null,"Invoice Repair","Vaddio","B0004","Dealer","001","Unassigned","3000","Undefined","3000","MARSHALL POMEROY LLC","MARSHALL POMEROY LLC","Americas LLC",0,0,"02/04/2021","Standard Distribution","01","Unassigned","0065106235","Undefined","00","AV CONTENT CAPTURE (VADDIO)",2021,"2021-02",0,"Vaddio","SERVICE","ADV_REPL","AV","001","ADV_REPL","","MARSHALL POMEROY LLC","Vaddio","3002","40291","U","B0004","B0004P0445","B0004P0445G0014155","Unassigned","Advanced Replacement","Other/Misc","B0004P0445G0014155","US Camera Profit Center","3000","0004080746","Unassigned","AV Integrators","01","MidWest","U1DXP3","United States","Americas - LLC","3000","Brian Mungo",null,"Undefined",null,"Unassigned","United States","United States","Unassigned","DIRECT","AV CAPTURE & COLLABORATION - CAMERAS","4210","3",{"v":0,"d":"0.00"},1112.18,0,1,1112.18,"USD",1,1112.18]
[1374785939,"01",null,"131672",null,"EDI Invoice","Vaddio","B0004","Dealer","001","Unassigned","3000","Undefined","3000","ENTER ALTERNATE ADDRESS (US)","AVI-SPL LLC","Americas LLC",555.57,555.57,"11/24/2021","Standard Distribution","01","Unassigned","0040952471","EDI Order","ZEDI","AV CONTENT CAPTURE (VADDIO)",2021,"2021-11",14,"Vaddio","SWITCHERS","BRIDGES","AV","001","999-8215-000","AVI-SPL","AVI-SPL","Vaddio","3002","33634","E","B0004","B0004P0425","B0004P0425G0014065","Unassigned","AV BRIDGE CONFERENCE SYSTEM","Projection Screens","B0004P0425G0014065","US Camera Profit Center","3000","0098004954","Unassigned","AV Integrators","01","MidWest","U1DXP3","United States","Americas - LLC","3000","Andre White",null,"Undefined",null,"Illinois","United States","United States","Unassigned","DIRECT","AV CAPTURE & COLLABORATION - CAMERAS","4210","1",{"v":0.6916378047155988,"d":"0.69"},1801.68,555.57,1,1801.68,"USD",1,1801.68]
[1374829495,"01",null,"145341",null,"Invoice","Vaddio","B0004","Dealer","001","Unassigned","3000","Undefined","3000","CUSTOM PACKING LIST SHIP TO (US)","STREAMTECH AV INC","Americas LLC",1098.31,7688.19,"07/29/2021","Standard Distribution","01","Unassigned","0002679631","Standard Order","TA","AV CONFERENCING (VADDIO)",2021,"2021-07",0,"Vaddio","CONFERENCE","ROOM SYSTEM","AV","001","999-99950-600W","","STREAMTECH AV INC","Vaddio","3002","10018","E","B0004","B0004P0435","B0004P0435G0014100","Unassigned","CSAV-TableMIC 2 w/o Speaker White","Projection Screens","B0004P0435G0014100","US Camera Profit Center","3000","0097480910","Unassigned","AV Integrators","01","NorthEast","U1DXP1","United States","Americas - LLC","3000","Angela Adkins",null,"Undefined",null,"New York","United States","United States","New York","DIRECT","AV CAPTURE & COLLABORATION - CAMERAS","4210","2",{"v":-2.416775919613533,"d":"-2.42"},2250.13,1098.31,7,15750.91,"USD",1,15750.91]
[1374831890,"01",null,"131672",null,"EDI Invoice","Vaddio","B0004","Dealer","001","Unassigned","3000","Undefined","3000","ENTER ALTERNATE ADDRESS (US)","AVI-SPL LLC","Americas LLC",518.17,518.17,"09/15/2021","Standard Distribution","01","Unassigned","0040878428","EDI Order","ZEDI","AV CONTENT CAPTURE (VADDIO)",2021,"2021-09",14,"Vaddio","SWITCHERS","BRIDGES","AV","001","999-8210-000","AVI-SPL","AVI-SPL","Vaddio","3002","33634","E","B0004","B0004P0425","B0004P0425G0014065","Unassigned","AV BRIDGE SYSTEM","Projection Screens","B0004P0425G0014065","US Camera Profit Center","3000","0097685608","Unassigned","AV Integrators","01","South","U1DXP2","United States","Americas - LLC","3000","Angela Tener",null,"Undefined",null,"Georgia","United States","United States","Unassigned","DIRECT","AV CAPTURE & COLLABORATION - CAMERAS","4210","1",{"v":0.6617247682465074,"d":"0.66"},1531.8,518.17,1,1531.8,"USD",1,1531.8]
[1374884922,"01",null,"114098",null,"Invoice","Vaddio","B0004","Distributor - National","002","Unassigned","5000","Undefined","3000","KINDERMANN GMBH","KINDERMANN GMBH","Europe BV",1017.86,1017.86,"10/25/2021","Standard Distribution","01","Unassigned","0002757384","Standard Order","TA","AV CONTENT CAPTURE (VADDIO)",2021,"2021-10",0,"Vaddio","PTZ CAMERA","NATIVE","AV","001","999-21100-001","","KINDERMANN GMBH","Weert","5050","97246","X","B0004","B0004P0400","B0004P0400G0014005","Unassigned","IntelliSHOT USB Camera BLK INT","Projection Screens","B0004P0400G0014005","Europe Camera Profit Center","5000","0800349244","Unassigned","AV Distribution","08","GAS","E1DXX8","Europe, the Middle East, and Africa","Europe - BV","5000","Cm Simone Freund",null,"Undefined",null,"Undefined","Germany","Germany","Undefined","DIRECT","AV CAPTURE & COLLABORATION - CAMERAS","4210","1",{"v":-0.3372132741270135,"d":"-0.34"},761.18,1017.86,1,761.18,"EUR",0.86274,656.7]
[1374884925,"01","139825","139825",null,"Invoice","Vaddio","B0004","Distributor - National","002","Unassigned","5000","Undefined","3000","PRODYTEL DISTRIBUTION GMBH","PRODYTEL DISTRIBUTION GMBH","Europe BV",1123.45,1123.45,"10/04/2021","Standard Distribution","01","Unassigned","0002745798","Standard Order","TA","AV CONTENT CAPTURE (VADDIO)",2021,"2021-10",0,"Vaddio","PTZ CAMERA","NATIVE","AV","001","999-99330-001","","PRODYTEL DISTRIBUTION GMBH","Weert","5050","90547","X","B0004","B0004P0400","B0004P0400G0014005","Unassigned","ROBOSHOT 30E SDI INTL","Projection Screens","B0004P0400G0014005","Europe Camera Profit Center","5000","0800345295","Unassigned","AV Distribution","08","GAS","E1DXX8","Europe, the Middle East, and Africa","Europe - BV","5000","Cm Simone Freund",null,"Undefined",null,"Undefined","Germany","Germany","Undefined","DIRECT","AV CAPTURE & COLLABORATION - CAMERAS","4210","2",{"v":0.6238478047604539,"d":"0.62"},2986.69,1123.45,1,2986.69,"EUR",0.86274,2576.74]
[1374934237,"01",null,"114063",null,"Invoice","Vaddio","B0004","Distributor - National","002","Unassigned","5000","Undefined","3000","ONE TIME SHIP TO - PLANT 5050","KERN & STELLY MEDIENTECHNIK GMBH","Europe BV",228.67,228.67,"04/19/2021","Standard Distribution","01","Unassigned","0002602340","Standard Order","TA","AV CONTENT CAPTURE (VADDIO)",2021,"2021-04",19,"Vaddio","CONTROL","CAMERA","AV","001","999-42300-000","","KERN & STELLY MEDIENTECHNIK GMBH","Weert","5050","22335","X","B0004","B0004P0430","B0004P0430G0014075","Unassigned","Vaddio Device Controller","Projection Screens","B0004P0430G0014075","Europe Camera Profit Center","5000","0800313901","Unassigned","AV Distribution","08","GAS","E1DXX8","Europe, the Middle East, and Africa","Europe - BV","5000","Cm Simone Freund",null,"Undefined",null,"Undefined","Germany","Germany","Undefined","DIRECT","AV CAPTURE & COLLABORATION - CAMERAS","4210","1",{"v":0.03912093453231369,"d":"0.04"},237.98,228.67,1,237.98,"EUR",0.85281,202.95]
[1374934258,"01",null,"139819",null,"Invoice","Vaddio","B0004","Distributor - National","002","Unassigned","3000","Undefined","3000","ENTER ALTERNATE ADDRESS (US)","AB DISTRIBUTING INC (VADDIO)","Americas LLC",1041.7,2083.39,"12/13/2021","Standard Distribution","01","AB","0002800078","Standard Order","TA","AV CONTENT CAPTURE (VADDIO)",2021,"2021-12",0,"Vaddio","CAM EXTENSIONS","ONELINK","IT/DMR","002","999-82220-000","AB DISTRIBUTING","AB DISTRIBUTING","Vaddio","3002","60004","E","B0004","B0004P0415","B0004P0415G0014030","Unassigned","SUS CEILING MNT BRIDGE SYS CIS-WHT N/A","Projection Screens","B0004P0415G0014030","US Camera Profit Center","3000","0098107798","Unassigned","IT Distribution","12","US - Channel Sales","U1DXC1","United States","Americas - LLC","3000","Jack Gerts",null,"Undefined",null,"Unassigned","United States","United States","Illinois","DIRECT","AV CAPTURE & COLLABORATION - CAMERAS","4210","0",{"v":0.1163951599564006,"d":"0.12"},2357.83,1041.7,2,4715.66,"USD",1,4715.66]
[1374957938,"01",null,"138717",null,"Invoice","Vaddio","B0004","Distributor - National","002","Unassigned","5000","Undefined","3000","EXERTIS SE","EXERTIS CAPTECH AB","Europe BV",1372.86,6864.28,"02/15/2021","Standard Distribution","01","Unassigned","0002548080","Standard Order","TA","AV CONFERENCING (VADDIO)",2021,"2021-02",0,"Vaddio","CONFERENCE","ROOM SYSTEM","AV","001","999-99950-201W","","EXERTIS CAPTECH AB","Weert","5050","431 53","E","B0004","B0004P0435","B0004P0435G0014100","Unassigned","CSAV SYSTEM - CEILINGMIC 2 WHT INTL","Projection Screens","B0004P0435G0014100","Europe Camera Profit Center","5000","0800300075","Unassigned","AV Distribution","08","Nordics","E1DXX7","Europe, the Middle East, and Africa","Europe - BV","5000","Cm Rickard Olsson",null,"Undefined",null,"Undefined","Sweden","Sweden","Undefined","DIRECT","AV CAPTURE & COLLABORATION - CAMERAS","4210","2",{"v":-1.7935168959367873,"d":"-1.79"},2457.218,1372.86,5,12286.09,"EUR",0.82325,10114.52]
[1374975613,"01",null,"133711",null,"Invoice","Vaddio","B0004","Dealer","001","PROFESSIONAL SYSTEMS NETWORK INTL","3000","Undefined","3000","ENTER ALTERNATE ADDRESS (US)","ONE DIVERSIFIED (GA)","Americas LLC",631.47,1262.93,"10/14/2021","Standard Distribution","01","Unassigned","0002755557","Standard Order","TA","AV CONTENT CAPTURE (VADDIO)",2021,"2021-10",28,"Vaddio","CONTROL","PRESENTER","AV","001","998-7270-100","","ONE DIVERSIFIED (GA)","Vaddio","3002","30071","E","B0004","B0004P0430","B0004P0430G0014080","Unassigned","ROBOTRAK CAMERA ASSEMBLY BLACK","Projection Screens","B0004P0430G0014080","US Camera Profit Center","3000","0097813395","Unassigned","AV Integrators","01","West","U1DXP4","United States","Americas - LLC","3000","Cynthia Podgurski",null,"Undefined",null,"Unassigned","United States","United States","Georgia","DIRECT","AV CAPTURE & COLLABORATION - CAMERAS","4210","1",{"v":0.5727571041948578,"d":"0.57"},2956,631.47,2,5912,"USD",1,5912]
[1375018814,"01",null,"139845",null,"Invoice","Vaddio","B0004","Distributor - National","002","Unassigned","3000","Undefined","3000","HERMAN - ATLANTA","HERMAN PRO AV","Americas LLC",938.96,938.96,"08/12/2021","Standard Distribution","01","HERMAN","0002705762","Standard Order","TA","AV CONTENT CAPTURE (VADDIO)",2021,"2021-08",0,"Vaddio","PTZ CAMERA","NATIVE","AV","001","999-99630-000","","HERMAN PRO AV","Vaddio","3002","33025","E","B0004","B0004P0400","B0004P0400G0014005","Unassigned","ROBOSHOT 30E HDBT","Projection Screens","B0004P0400G0014005","US Camera Profit Center","3000","0097538265","Unassigned","AV Distribution","08","US - Channel Sales","U1DXC1","United States","Americas - LLC","3000","Patrick Mead",null,"Undefined",null,"Georgia","United States","United States","Unassigned","DIRECT","AV CAPTURE & COLLABORATION - CAMERAS","4210","0",{"v":0.6529773520193957,"d":"0.65"},2705.76,938.96,1,2705.76,"USD",1,2705.76]
[1375018894,"01",null,"139845",null,"Invoice","Vaddio","B0004","Distributor - National","002","Unassigned","3000","Undefined","3000","ENTER ALTERNATE ADDRESS (US)","HERMAN PRO AV","Americas LLC",1596.62,114956.64,"11/30/2021","Standard Distribution","01","HERMAN","0002789565","Standard Order","TA","AV CONTENT CAPTURE (VADDIO)",2021,"2021-11",1392,"Vaddio","PTZ CAMERA","EXTENSION KIT","AV","001","999-99600-200W","","HERMAN PRO AV","Vaddio","3002","33025","E","B0004","B0004P0400","B0004P0400G0014000","Unassigned","RoboSHOT 12E OneLINK BRIDGE SYS WHT","Projection Screens","B0004P0400G0014000","US Camera Profit Center","3000","0098027211","Unassigned","AV Distribution","08","US - Channel Sales","U1DXC1","United States","Americas - LLC","3000","Patrick Mead",null,"Undefined",null,"Unassigned","United States","United States","Unassigned","DIRECT","AV CAPTURE & COLLABORATION - CAMERAS","4210","0",{"v":-28.827645347856656,"d":"-28.83"},3854.03,1596.62,72,277490.16,"USD",1,277490.16]
[1375047703,"01","133026","133026",null,"Invoice","Vaddio","B0004","Dealer","001","Unassigned","3000","Undefined","3000","MEDIA RESOURCES INC.","MEDIA RESOURCES INC.","Americas LLC",967.92,967.92,"03/08/2022","Standard Distribution","01","Unassigned","0002868831","Standard Order","TA","AV CONFERENCING (VADDIO)",2022,"2022-03",23,"Vaddio","CONFERENCE","ROOM SYSTEM","AV","001","999-99950-700W","","MEDIA RESOURCES INC.","Vaddio","3002","60532","E","B0004","B0004P0435","B0004P0435G0014100","Unassigned","CSAV SYS CEILINGMIC 2 (W/O SPKR) WHT","Projection Screens","B0004P0435G0014100","US Camera Profit Center","3000","0098509720","Unassigned","AV Integrators","01","MidWest","U1DXP3","United States","Americas - LLC","3000","Andre White",null,"Undefined",null,"Illinois","United States","United States","Illinois","DIRECT","AV CAPTURE & COLLABORATION - CAMERAS","4210","2",{"v":0.6070652901989599,"d":"0.61"},2463.31,967.92,1,2463.31,"USD",1,2463.31]
[1375070629,"01","133496","133496",null,"Invoice","Vaddio","B0004","Dealer","001","USAV BUYING GROUP","3000","Undefined","3000","SMARTSOLUTION TECHNOLOGIES LP","SMARTSOLUTION TECHNOLOGIES LP","Americas LLC",1583.86,1583.86,"05/17/2021","Standard Distribution","01","Unassigned","0002623313","Standard Order","TA","AV CONTENT CAPTURE (VADDIO)",2021,"2021-05",18,"Vaddio","PTZ CAMERA","EXTENSION KIT","AV","001","999-99600-200W","","SMARTSOLUTION TECHNOLOGIES LP","Vaddio","3002","15233","E","B0004","B0004P0400","B0004P0400G0014000","Unassigned","RoboSHOT 12E OneLINK BRIDGE SYS WHT","Projection Screens","B0004P0400G0014000","US Camera Profit Center","3000","0097174454","Unassigned","AV Integrators","01","MidWest","U1DXP3","United States","Americas - LLC","3000","Brian Mungo",null,"Undefined",null,"Unassigned","United States","United States","Unassigned","DIRECT","AV CAPTURE & COLLABORATION - CAMERAS","4210","3",{"v":0.6237433246545925,"d":"0.62"},4209.52,1583.86,1,4209.52,"USD",1,4209.52]
[1375083629,"05",null,"141800",null,"Invoice","Vaddio","B0004","Dealer","001","Unassigned","3000","Undefined","3000","1TST - MILESTONE INC. SAVAGE (3000)","LEGRAND HOLDING INC","Americas LLC",241.25,241.25,"12/14/2021","Standard Distribution","01","Unassigned","0002794711","Standard Order","TA","AV CONTENT CAPTURE (VADDIO)",2021,"2021-12",0,"Vaddio","CONTROL","CAMERA","AV","001","999-42300-000","","LEGRAND HOLDING INC","Vaddio","3002","06110","E","B0004","B0004P0430","B0004P0430G0014075","Unassigned","Vaddio Device Controller","Projection Screens","B0004P0430G0014075","US Camera Profit Center","3000","0098115128","Unassigned","AV Integrators","01","House Account","U1DXP5","United States","Americas - LLC","3000","Unassigned",null,"Undefined",null,"New Jersey","United States","United States","Unassigned","DIRECT","AV CAPTURE & COLLABORATION - CAMERAS","4210","4",{"v":0.047609648257076365,"d":"0.05"},253.31,241.25,1,253.31,"USD",1,253.31]
[1375089808,"01","132536","132536",null,"Invoice","Vaddio","B0004","Dealer","001","PROFESSIONAL SYSTEMS NETWORK INTL","3000","Undefined","3000","GENERAL COMMUNICATIONS INC.","GENERAL COMMUNICATIONS INC.","Americas LLC",580.37,1160.73,"05/17/2021","Standard Distribution","01","Unassigned","0002627928","Standard Order","TA","AV CONTENT CAPTURE (VADDIO)",2021,"2021-05",0,"Vaddio","CONFERENCE","CAMERA","AV","001","999-20000-000","","GENERAL COMMUNICATIONS INC.","Vaddio","3002","84020","E","B0004","B0004P0435","B0004P0435G0014105","Unassigned","ConferenceSHOT FX Camera BLACK","Projection Screens","B0004P0435G0014105","US Camera Profit Center","3000","0097174210","Unassigned","AV Integrators","01","West","U1DXP4","United States","Americas - LLC","3000","Dana Sanders Nickel",null,"Undefined",null,"Utah","United States","United States","Utah","DIRECT","AV CAPTURE & COLLABORATION - CAMERAS","4210","2",{"v":-0.2206004521793996,"d":"-0.22"},950.95,580.37,2,1901.9,"USD",1,1901.9]
[1375152210,"01","133074","133074",null,"Invoice","Vaddio","B0004","Dealer","001","Unassigned","3000","Undefined","3000","M3 TECHNOLOGY GROUP INC","M3 TECHNOLOGY GROUP INC","Americas LLC",1233.6,2467.19,"10/01/2021","Standard Distribution","01","Unassigned","0002744594","Standard Order","TA","AV CONTENT CAPTURE (VADDIO)",2021,"2021-10",0,"Vaddio","PTZ CAMERA","EXTENSION KIT","AV","001","999-99600-100W","","M3 TECHNOLOGY GROUP INC","Vaddio","3002","37217","E","B0004","B0004P0400","B0004P0400G0014000","Unassigned","RoboSHOT 12E OneLINK HDMI SYS WHT","Projection Screens","B0004P0400G0014000","US Camera Profit Center","3000","0097758279","Unassigned","AV Integrators","01","South","U1DXP2","United States","Americas - LLC","3000","Kalee Luke",null,"Undefined",null,"Unassigned","United States","United States","Unassigned","DIRECT","AV CAPTURE & COLLABORATION - CAMERAS","4210","1",{"v":0.20158247305912425,"d":"0.20"},3090.1,1233.6,2,6180.2,"USD",1,6180.2]
[1375152323,"01",null,"132098",null,"Invoice","Vaddio","B0004","Dealer","001","PROFESSIONAL SYSTEMS NETWORK INTL","3000","Undefined","3000","CLARK POWELL ASSOC INC-CHARLOTTE","CLARK POWELL ASSOC INC","Americas LLC",1408.71,1408.71,"09/16/2021","Standard Distribution","01","Unassigned","0002724165","Standard Order","TA","AV CONTENT CAPTURE (VADDIO)",2021,"2021-09",25,"Vaddio","PTZ CAMERA","EXTENSION KIT","AV","001","999-99600-200","","CLARK POWELL ASSOC INC","Vaddio","3002","27103","E","B0004","B0004P0400","B0004P0400G0014000","Unassigned","RoboSHOT 12E OneLINK BRIDGE SYS","Projection Screens","B0004P0400G0014000","US Camera Profit Center","3000","0097696595","Unassigned","AV Integrators","01","South","U1DXP2","United States","Americas - LLC","3000","Bradley Carson",null,"Undefined",null,"North Carolina","United States","United States","North Carolina","DIRECT","AV CAPTURE & COLLABORATION - CAMERAS","4210","1",{"v":0.6783466032208494,"d":"0.68"},4379.59,1408.71,1,4379.59,"USD",1,4379.59]
[1375194855,"01",null,"133809",null,"Invoice","Vaddio","B0004","Dealer","001","PROFESSIONAL SYSTEMS NETWORK INTL","3000","Undefined","3000","TIERNEY BROTHERS INC. - WAREHOUSE","TIERNEY BROTHERS INC.","Americas LLC",89.21,267.64,"12/03/2021","Standard Distribution","01","Unassigned","0002796774","Standard Order","TA","AV CONTENT CAPTURE (VADDIO)",2021,"2021-12",21,"Vaddio","CAMERA MOUNT","CEILING","AV","001","535-2000-292","TIERNEY BROTHERS INC.","TIERNEY BROTHERS INC.","Vaddio","3002","55108","E","B0004","B0004P0420","B0004P0420G0014055","Unassigned","DROP DN MT FOR LARGE PTZ CAMERAS - SHORT","Projection Screens","B0004P0420G0014055","US Camera Profit Center","3000","0098037376","Unassigned","AV Integrators","01","MidWest","U1DXP3","United States","Americas - LLC","3000","Kristin Dacey",null,"Undefined",null,"Unassigned","United States","United States","Unassigned","DIRECT","AV CAPTURE & COLLABORATION - CAMERAS","4210","1",{"v":-0.17180385288966726,"d":"-0.17"},228.4,89.21,3,685.2,"USD",1,685.2]
[1375207304,"01","131110","131110",null,"Credit Memo","Vaddio","B0004","Dealer","001","Unassigned","3000","Undefined","3000","BLADES AUDIO VIDEO INC","BLADES AUDIO VIDEO INC","Americas LLC",0,0,"12/20/2021","Standard Distribution","01","Unassigned","0060558928","Credit Memo Request","G2","AV CONTENT CAPTURE (VADDIO)",2021,"2021-12",0,"Vaddio","PTZ CAMERA","NATIVE","AV","001","999-99400-000W","","BLADES AUDIO VIDEO INC","Vaddio","3002","46060","E","B0004","B0004P0400","B0004P0400G0014005","Unassigned","ROBOSHOT 12E HDMI WHT","Projection Screens","B0004P0400G0014005","US Camera Profit Center","3000","0098127117","Unassigned","AV Integrators","01","MidWest","U1DXP3","United States","Americas - LLC","3000","Aaron Silveus",null,"Undefined",null,"Unassigned","United States","United States","Unassigned","DIRECT","AV CAPTURE & COLLABORATION - CAMERAS","4210","2",{"v":0,"d":"0.00"},null,0,0,-1938.74,"USD",1,-1938.74]
[1375213256,"01","139841","139841",null,"Invoice Repair","Vaddio","B0004","Distributor - National","002","Unassigned","3000","Undefined","3000","EXERTIS (VADDIO)","EXERTIS (VADDIO)","Americas LLC",0,0,"10/12/2021","Standard Distribution","01","STAMPEDE","0060537072","Undefined","00","AV CONTENT CAPTURE (VADDIO)",2021,"2021-10",0,"Vaddio","Accessories","RACK","AV","001","998-6000-004","STAMPEDE PRESENTATION","STAMPEDE PRESENTATION","Vaddio","3002","14228","E","B0004","B0004P0440","B0004P0440G0014120","Unassigned","SINGLE 1/2 RACK MOUNTING KIT","Other/Misc","B0004P0440G0014120","US Camera Profit Center","3000","0004328690","Unassigned","AV Distribution","08","US - Channel Sales","U1DXC1","United States","Americas - LLC","3000","Patrick Mead",null,"Undefined",null,"New York","United States","United States","New York","DIRECT","AV CAPTURE & COLLABORATION - CAMERAS","4210","0",{"v":0,"d":"0.00"},50.7,0,-19,-963.3,"USD",1,-963.3]
[1375223403,"01",null,"132696",null,"Invoice","Vaddio","B0004","Dealer","001","Unassigned","3000","Undefined","3000","ENTER ALTERNATE ADDRESS (US)","HOWARD INDUSTRIES INC","Americas LLC",227.57,455.13,"10/05/2021","Standard Distribution","01","Unassigned","0002741696","Standard Order","TA","AV CONFERENCING (VADDIO)",2021,"2021-10",30,"Vaddio","CONFERENCE","AUDIO","AV","001","999-85810-000","","HOWARD INDUSTRIES INC","Vaddio","3002","39437","E","B0004","B0004P0435","B0004P0435G0014090","Unassigned","EasyIP CeilingMIC D White","Projection Screens","B0004P0435G0014090","US Camera Profit Center","3000","0097769703","Unassigned","AV Integrators","01","South","U1DXP2","United States","Americas - LLC","3000","Kalee Luke",null,"Undefined",null,"Unassigned","United States","United States","Unassigned","DIRECT","AV CAPTURE & COLLABORATION - CAMERAS","4210","1",{"v":0.32177450600542423,"d":"0.32"},671.06,227.57,2,1342.12,"USD",1,1342.12]
[1375268165,"01","132377","132377",null,"Invoice","Vaddio","B0004","Dealer","001","Unassigned","3000","Undefined","3000","EPA AUDIO VISUAL INC","EPA AUDIO VISUAL INC","Americas LLC",1404.33,1404.33,"08/24/2021","Standard Distribution","01","Unassigned","0002713699","Standard Order","TA","AV CONFERENCING (VADDIO)",2021,"2021-08",21,"Vaddio","CONFERENCE","ROOM SYSTEM","AV","001","999-60321-000W","","EPA AUDIO VISUAL INC","Vaddio","3002","55373","E","B0004","B0004P0435","B0004P0435G0014100","Unassigned","EasyIP 10 Mixer Base Kit Wht N/A","Projection Screens","B0004P0435G0014100","US Camera Profit Center","3000","0097587552","Unassigned","AV Integrators","01","MidWest","U1DXP3","United States","Americas - LLC","3000","Kristin Dacey",null,"Undefined",null,"Unassigned","United States","United States","Unassigned","DIRECT","AV CAPTURE & COLLABORATION - CAMERAS","4210","1",{"v":0.6330429374751761,"d":"0.63"},3826.96,1404.33,1,3826.96,"USD",1,3826.96]
[1375285613,"01",null,"139844",null,"EDI Invoice","Vaddio","B0004","Online Reseller","010","Unassigned","3000","Undefined","3000","B&H PHOTO - NJF","B&H PHOTO VIDEO - NY (VADDIO)","Americas LLC",1260.26,1260.26,"07/19/2021","Standard Distribution","01","Unassigned","0040857045","EDI Order","ZEDI","AV CONTENT CAPTURE (VADDIO)",2021,"2021-07",27,"Vaddio","FIXED CAMERA","EXTENSION KIT","AV","001","999-9968-200","","B&H PHOTO VIDEO - NY (VADDIO)","Vaddio","3002","10001","E","B0004","B0004P0405","B0004P0405G0014010","Unassigned","DocCAM 20 HDBT OneLINK HDMI System N/A","Projection Screens","B0004P0405G0014010","US Camera Profit Center","3000","0097421284","Unassigned","AV Integrators","01","NorthEast","U1DXP1","United States","Americas - LLC","3000","John Ruggiero",null,"Undefined",null,"New Jersey","United States","United States","New York","DIRECT","AV CAPTURE & COLLABORATION - CAMERAS","4210","0",{"v":0.6680075341473374,"d":"0.67"},3796.05,1260.26,1,3796.05,"USD",1,3796.05]
[1375322130,"01",null,"143781",null,"Invoice","Vaddio","B0004","Dealer","001","Unassigned","3000","Undefined","3000","1TST - MILESTONE INC. SAVAGE (3000)","CARAWAY ELECTRIC LLC","Americas LLC",11.1,110.97,"03/01/2022","Standard Distribution","01","Unassigned","0002862992","Standard Order","TA","AV CONTENT CAPTURE (VADDIO)",2022,"2022-03",28,"Vaddio","Accessories","RACK","AV","001","998-6000-006","","CARAWAY ELECTRIC LLC","Vaddio","3002","27350","E","B0004","B0004P0440","B0004P0440G0014120","Unassigned","DUAL 1/2 RACK MOUNTING KIT","Other/Misc","B0004P0440G0014120","US Camera Profit Center","3000","0098481142","Unassigned","AV Integrators","01","South","U1DXP2","United States","Americas - LLC","3000","Bradley Carson",null,"Undefined",null,"North Carolina","United States","United States","North Carolina","DIRECT","AV CAPTURE & COLLABORATION - CAMERAS","4210","4",{"v":-0.3355397761463472,"d":"-0.34"},83.09,11.1,10,830.9,"USD",1,830.9]
[1375350235,"01",null,"135251",null,"Invoice","Vaddio","B0004","Dealer","001","Unassigned","3000","Undefined","3000","ENTER ALTERNATE ADDRESS (US)","EKC ENTERPRISES INC","Americas LLC",1606.27,1606.27,"05/27/2021","Standard Distribution","01","Unassigned","0002639901","Standard Order","TA","AV CONTENT CAPTURE (VADDIO)",2021,"2021-05",18,"Vaddio","PTZ CAMERA","EXTENSION KIT","IT/DMR","002","999-99600-200W","","EKC ENTERPRISES INC","Vaddio","3002","93703","E","B0004","B0004P0400","B0004P0400G0014000","Unassigned","RoboSHOT 12E OneLINK BRIDGE SYS WHT","Projection Screens","B0004P0400G0014000","US Camera Profit Center","3000","0097203056","Unassigned","IT Reseller","14","West","U1DXP4","United States","Americas - LLC","3000","Cynthia Podgurski",null,"Undefined",null,"Unassigned","United States","United States","Unassigned","DIRECT","AV CAPTURE & COLLABORATION - CAMERAS","4210","4",{"v":0.6184196773028754,"d":"0.62"},4209.52,1606.27,1,4209.52,"USD",1,4209.52]
[1375350293,"01",null,"133336",null,"Invoice","Vaddio","B0004","Dealer","001","Unassigned","3000","Undefined","3000","ENTER ALTERNATE ADDRESS (US)","PERLMUTTER PURCHASING POWER","Americas LLC",811.29,811.29,"08/09/2021","Standard Distribution","01","Unassigned","0002700291","Standard Order","TA","AV CONTENT CAPTURE (VADDIO)",2021,"2021-08",13,"Vaddio","PTZ CAMERA","EXTENSION KIT","AV","001","999-99100-500","","PERLMUTTER PURCHASING POWER","Vaddio","3002","92131","E","B0004","B0004P0400","B0004P0400G0014000","Unassigned","ROBOSHOT 30E AVBMP","Projection Screens","B0004P0400G0014000","US Camera Profit Center","3000","0097522408","JTECH SYSTEMS","Security & Data","11","West","U1DXP4","United States","Americas - LLC","3000","Comm So Cal - Shomper/Yates",null,"Undefined",null,"Ohio","United States","United States","Unassigned","DIRECT","AV CAPTURE & COLLABORATION - CAMERAS","4210","2",{"v":0.7583569379786084,"d":"0.76"},3357.39,811.29,1,3357.39,"USD",1,3357.39]
[1375350368,"01","133834","133834",null,"Invoice","Vaddio","B0004","Dealer","001","Unassigned","3000","Undefined","3000","VERAVIEW LLC","VERAVIEW LLC","Americas LLC",812.7,812.7,"09/29/2021","Standard Distribution","01","Unassigned","0002736961","Standard Order","TA","AV CONTENT CAPTURE (VADDIO)",2021,"2021-09",27,"Vaddio","PTZ CAMERA","EXTENSION KIT","AV","001","999-99000-500","","VERAVIEW LLC","Vaddio","3002","14202","E","B0004","B0004P0400","B0004P0400G0014000","Unassigned","ROBOSHOT 12E AVBMP","Projection Screens","B0004P0400G0014000","US Camera Profit Center","3000","0097752732","Unassigned","AV Integrators","01","NorthEast","U1DXP1","United States","Americas - LLC","3000","Steve Joyce",null,"Undefined",null,"New York","United States","United States","New York","DIRECT","AV CAPTURE & COLLABORATION - CAMERAS","4210","2",{"v":0.7215550705619949,"d":"0.72"},2918.71,812.7,1,2918.71,"USD",1,2918.71]
[1375367642,"01",null,"139842",null,"Invoice","Vaddio","B0004","Distributor - National","002","Unassigned","3000","Undefined","3000","ENTER ALTERNATE ADDRESS (US)","ALMO DISTRIBUTING PA INC (VADDIO)","Americas LLC",1408.85,1408.85,"07/14/2021","Standard Distribution","01","ALMO","0002674275","Standard Order","TA","AV CONFERENCING (VADDIO)",2021,"2021-07",27,"Vaddio","CONFERENCE","ROOM SYSTEM","AV","001","999-60321-000","","ALMO DISTRIBUTING PA INC (VADDIO)","Vaddio","3002","19154","E","B0004","B0004P0435","B0004P0435G0014100","Unassigned","EasyIP 10 Mixer Base Kit Blk N/A","Projection Screens","B0004P0435G0014100","US Camera Profit Center","3000","0097411989","Unassigned","AV Distribution","08","US - Channel Sales","U1DXC1","United States","Americas - LLC","3000","Patrick Mead",null,"Undefined",null,"Arizona","United States","United States","Unassigned","DIRECT","AV CAPTURE & COLLABORATION - CAMERAS","4210","0",{"v":0.5816605893601605,"d":"0.58"},3367.72,1408.85,1,3367.72,"USD",1,3367.72]
[1375409160,"01",null,"107561",null,"Invoice","Vaddio","B0004","Distributor - National","002","Unassigned","5000","Undefined","3000","KUENE & NAGEL - C4 SIDEV","SIDEV SAS","Europe BV",1894.31,1894.31,"11/05/2021","Standard Distribution","01","Unassigned","0002772647","Standard Order","TA","AV CONFERENCING (VADDIO)",2021,"2021-11",0,"Vaddio","CONFERENCE","ROOM SYSTEM","AV","001","999-30231-001","","SIDEV SAS","Weert","5050","69140","E","B0004","B0004P0435","B0004P0435G0014100","Unassigned","EasyIP 20 Mixer Base Kit Black INT","Projection Screens","B0004P0435G0014100","Europe Camera Profit Center","5000","0800352366","Unassigned","AV Distribution","08","France","E1DX11","Europe, the Middle East, and Africa","Europe - BV","5000","Cm Katia Desmichels",null,"Undefined",null,"Undefined","France","France","Undefined","DIRECT","AV CAPTURE & COLLABORATION - CAMERAS","4210","1",{"v":0.5559007012057176,"d":"0.56"},4265.51,1894.31,1,4265.51,"EUR",0.86014,3668.94]
[1375421482,"01","132832","132832",null,"Invoice","Vaddio","B0004","Dealer","001","USAV BUYING GROUP","3000","Undefined","3000","IMMEDIA LLC","IMMEDIA LLC","Americas LLC",95.29,95.29,"08/26/2021","Standard Distribution","01","Unassigned","0002706423","Standard Order","TA","AV CONTENT CAPTURE (VADDIO)",2021,"2021-08",27,"Vaddio","CAM EXTENSIONS","EXT CABLES","AV","001","440-1005-065","","IMMEDIA LLC","Vaddio","3002","85260","F","B0004","B0004P0415","B0004P0415G0014040","Unassigned","ACTIVE OPTICAL USB 3.0 A/B PLENUM 20M","Projection Screens","B0004P0415G0014040","US Camera Profit Center","3000","0097597846","Unassigned","AV Integrators","01","West","U1DXP4","United States","Americas - LLC","3000","Stephanie Shomper",null,"Undefined",null,"Arizona","United States","United States","Arizona","DIRECT","AV CAPTURE & COLLABORATION - CAMERAS","4210","2",{"v":0.778235472084526,"d":"0.78"},429.69,95.29,1,429.69,"USD",1,429.69]
[1375421691,"01",null,"132104",null,"Invoice","Vaddio","B0004","System Integrator","011","PROFESSIONAL SYSTEMS NETWORK INTL","3000","Undefined","3000","ENTER ALTERNATE ADDRESS (US)","CONFERENCE TECHNOLOGIES INC.","Americas LLC",586.85,586.85,"10/20/2021","Standard Distribution","01","Unassigned","0002752955","Standard Order","TA","AV CONTENT CAPTURE (VADDIO)",2021,"2021-10",48,"Vaddio","SWITCHERS","BRIDGES","AV","001","999-8250-000","","CONFERENCE TECHNOLOGIES INC.","Vaddio","3002","63043","E","B0004","B0004P0425","B0004P0425G0014065","Unassigned","AV Bridge 2x1 N/A","Projection Screens","B0004P0425G0014065","US Camera Profit Center","3000","0097831309","Unassigned","AV Integrators","01","MidWest","U1DXP3","United States","Americas - LLC","3000","Andre White",null,"Undefined",null,"Illinois","United States","United States","Unassigned","DIRECT","AV CAPTURE & COLLABORATION - CAMERAS","4210","1",{"v":0.70100014775489,"d":"0.70"},1962.71,586.85,1,1962.71,"USD",1,1962.71]
[1375474660,"01",null,"131672",null,"EDI Invoice","Vaddio","B0004","Dealer","001","Unassigned","3000","Undefined","3000","ENTER ALTERNATE ADDRESS (US)","AVI-SPL LLC","Americas LLC",10.29,10.29,"05/21/2021","Standard Distribution","01","Unassigned","0040822540","EDI Order","ZEDI","AV CONTENT CAPTURE (VADDIO)",2021,"2021-05",0,"Vaddio","Accessories","RACK","AV","001","998-6000-006","AVI-SPL","AVI-SPL","Vaddio","3002","33634","E","B0004","B0004P0440","B0004P0440G0014120","Unassigned","DUAL 1/2 RACK MOUNTING KIT","Other/Misc","B0004P0440G0014120","US Camera Profit Center","3000","0097190693","Unassigned","AV Integrators","01","NorthEast","U1DXP1","United States","Americas - LLC","3000","Geoff Gibbs",null,"Undefined",null,"Unassigned","United States","United States","Unassigned","DIRECT","AV CAPTURE & COLLABORATION - CAMERAS","4210","1",{"v":0.8751819505094615,"d":"0.88"},82.44,10.29,1,82.44,"USD",1,82.44]
[1375486035,"01",null,"131672",null,"EDI Invoice","Vaddio","B0004","Dealer","001","Unassigned","3000","Undefined","3000","ENTER ALTERNATE ADDRESS (US)","AVI-SPL LLC","Americas LLC",1165.52,1165.52,"10/07/2021","Standard Distribution","01","Unassigned","0040925027","EDI Order","ZEDI","AV CONTENT CAPTURE (VADDIO)",2021,"2021-10",1314,"Vaddio","FIXED CAMERA","EXTENSION KIT","AV","001","999-9968-300","AVI-SPL","AVI-SPL","Vaddio","3002","33634","E","B0004","B0004P0405","B0004P0405G0014010","Unassigned","DocCAM 20 HDBT OneLINK Bridge System N/A","Projection Screens","B0004P0405G0014010","US Camera Profit Center","3000","0097775305","Unassigned","AV Integrators","01","NorthEast","U1DXP1","United States","Americas - LLC","3000","Peter Brady",null,"Undefined",null,"Unassigned","United States","United States","Unassigned","DIRECT","AV CAPTURE & COLLABORATION - CAMERAS","4210","1",{"v":0.7465952376811089,"d":"0.75"},4599.44,1165.52,1,4599.44,"USD",1,4599.44]
[1375506803,"01",null,"134861",null,"Invoice","Vaddio","B0004","Dealer","001","Unassigned","3000","Undefined","3000","PRAGMATICS INC","PRAGMATICS INC.","Americas LLC",564.02,564.02,"09/14/2021","Standard Distribution","01","Unassigned","0002712987","Standard Order","TA","AV CONTENT CAPTURE (VADDIO)",2021,"2021-09",27,"Vaddio","CAM EXTENSIONS","EXT HUBS","AV","001","999-1005-032","","PRAGMATICS INC.","Vaddio","3002","20190","X","B0004","B0004P0415","B0004P0415G0014045","Unassigned","USB 3.0 EXTENDER SYSTEM N/A","Projection Screens","B0004P0415G0014045","US Camera Profit Center","3000","0097666726","Unassigned","AV Integrators","01","NorthEast","U1DXP1","United States","Americas - LLC","3000","Nathan Craine",null,"Undefined",null,"Unassigned","United States","United States","Unassigned","DIRECT","AV CAPTURE & COLLABORATION - CAMERAS","4210","1",{"v":0.5356751817306189,"d":"0.54"},1214.71,564.02,1,1214.71,"USD",1,1214.71]
[1375509013,"01",null,"112149",null,"Invoice","Vaddio","B0004","Distributor - National","002","Unassigned","3000","Undefined","3000","CUSTOM PACKING LIST SHIP TO (US)","EDUSERVE INTERNATIONAL LIMITED","Americas LLC",830.96,830.96,"01/07/2022","Standard Distribution","01","Unassigned","0002817627","Standard Order","TA","AV CONTENT CAPTURE (VADDIO)",2022,"2022-01",130,"Vaddio","PTZ CAMERA","NATIVE","AV","001","999-99430-001","","EDUSERVE INTERNATIONAL LIMITED","Vaddio","3002","999077","E","B0004","B0004P0400","B0004P0400G0014005","Unassigned","ROBOSHOT 30E HDMI INTL","Projection Screens","B0004P0400G0014005","US Camera Profit Center","3010","0098226508","Unassigned","AV Distribution","08","Commercial","H1DXXX","Asia Pacific","Export","3010","Ken Lam",null,"Undefined",null,"Kowloon","Hong Kong","Hong Kong","Kowloon","DIRECT","AV CAPTURE & COLLABORATION - CAMERAS","4210","1",{"v":0.6054620731568352,"d":"0.61"},2106.16,830.96,1,2106.16,"USD",1,2106.16]
[1375550001,"01",null,"139845",null,"Invoice","Vaddio","B0004","Distributor - National","002","Unassigned","3000","Undefined","3000","HERMAN - ATLANTA","HERMAN PRO AV","Americas LLC",535.02,4280.16,"03/18/2021","Standard Distribution","01","HERMAN","0002578342","Standard Order","TA","AV CONTENT CAPTURE (VADDIO)",2021,"2021-03",36,"Vaddio","SWITCHERS","BRIDGES","AV","001","999-8210-000","","HERMAN PRO AV","Vaddio","3002","33025","E","B0004","B0004P0425","B0004P0425G0014065","Unassigned","AV BRIDGE SYSTEM","Projection Screens","B0004P0425G0014065","US Camera Profit Center","3000","0096934232","Unassigned","AV Distribution","08","US - Channel Sales","U1DXC1","United States","Americas - LLC","3000","Patrick Mead",null,"Undefined",null,"Georgia","United States","United States","Unassigned","DIRECT","AV CAPTURE & COLLABORATION - CAMERAS","4210","0",{"v":-2.303535731651783,"d":"-2.30"},1295.63,535.02,8,10365.04,"USD",1,10365.04]
[1375569784,"01",null,"145767",null,"Invoice","Vaddio","B0004","Distributor - National","002","Unassigned","3200","Undefined","3000","ENTER ALTERNATE ADDRESS (CANADA)","DATAVISUAL - CAD CURRENCY ONLY","Canada ULC",1383.14,6915.72,"08/05/2021","Standard Distribution","01","Unassigned","0002695393","Standard Order","TA","AV CONTENT CAPTURE (VADDIO)",2021,"2021-08",27,"Vaddio","SWITCHERS","BRIDGES","AV","001","999-8250-000","","DATAVISUAL - CAD CURRENCY ONLY","Vaddio","3002","K1J 0B3","E","B0004","B0004P0425","B0004P0425G0014065","Unassigned","AV Bridge 2x1 N/A","Projection Screens","B0004P0425G0014065","Canada Camera Profit Center","3200","0097492623","Unassigned","AV Distribution","08","Central","C1XXP3","Canada","Canada - ULC","3200","David Galos",null,"Undefined",null,"New York","United States","Canada","Ontario","DIRECT","AV CAPTURE & COLLABORATION - CAMERAS","4210","1",{"v":-2.6033675865108967,"d":"-2.60"},1919.238,1383.14,5,9596.19,"CAD",1.24386,11936.32]
[1375643098,"01",null,"139814",null,"Invoice","Vaddio","B0004","Distributor - National","002","Unassigned","5000","Undefined","3000","CUK AUDIO - TUKANS","TUKANS LTD","Europe BV",106,106,"06/10/2021","Standard Distribution","01","Unassigned","0002648332","Standard Order","TA","AV CONTENT CAPTURE (VADDIO)",2021,"2021-06",0,"Vaddio","CAMERA MOUNT","CEILING","AV","001","535-2000-293","","TUKANS LTD","Weert","5050","YO19 6ET","X","B0004","B0004P0420","B0004P0420G0014055","Unassigned","DROP DN MT FOR LARGE PTZ CAMERAS - LONG","Projection Screens","B0004P0420G0014055","Europe Camera Profit Center","5000","0800325212","Unassigned","AV Distribution","08","UK/Ireland","E1DXX4","Europe, the Middle East, and Africa","Europe - BV","5000","Cm Marcus Bond",null,"Undefined",null,"Undefined","United Kingdom","United Kingdom","Undefined","DIRECT","AV CAPTURE & COLLABORATION - CAMERAS","4210","2",{"v":0.5791980944819373,"d":"0.58"},251.9,106,1,251.9,"EUR",0.81974,206.49]
[1375653141,"01",null,"107561",null,"Invoice","Vaddio","B0004","Distributor - National","002","Unassigned","5000","Undefined","3000","KUENE & NAGEL - C4 SIDEV","SIDEV SAS","Europe BV",473.47,473.47,"07/16/2021","Standard Distribution","01","Unassigned","0002679678","Standard Order","TA","AV CONTENT CAPTURE (VADDIO)",2021,"2021-07",0,"Vaddio","SWITCHERS","BRIDGES","AV","001","999-8240-001","","SIDEV SAS","Weert","5050","69140","X","B0004","B0004P0425","B0004P0425G0014065","Unassigned","AV Bridge Mini INT","Projection Screens","B0004P0425G0014065","Europe Camera Profit Center","5000","0800331081","Unassigned","AV Distribution","08","France","E1DX11","Europe, the Middle East, and Africa","Europe - BV","5000","Cm Katia Desmichels",null,"Undefined",null,"Undefined","France","France","Undefined","DIRECT","AV CAPTURE & COLLABORATION - CAMERAS","4210","1",{"v":0.6674135993256533,"d":"0.67"},1423.6,473.47,1,1423.6,"EUR",0.84161,1198.12]
[1375665172,"01","113836","113836",null,"Invoice","Vaddio","B0004","Distributor - National","002","Unassigned","5000","Undefined","3000","SANEL N.V.","SANEL N.V.","Europe BV",169.52,169.52,"04/23/2021","Standard Distribution","01","Unassigned","0002609039","Standard Order","TA","AV CONFERENCING (VADDIO)",2021,"2021-04",0,"Vaddio","CONFERENCE","AUDIO","AV","001","999-85100-000","","SANEL N.V.","Weert","5050","2500","X","B0004","B0004P0435","B0004P0435G0014090","Unassigned","Ceiling MIC System White","Projection Screens","B0004P0435G0014090","Europe Camera Profit Center","5000","0800314938","Unassigned","AV Distribution","08","Benelux","E1DXX6","Europe, the Middle East, and Africa","Europe - BV","5000","Cm Dennis Driessen",null,"Undefined",null,"Undefined","Belgium","Belgium","Undefined","DIRECT","AV CAPTURE & COLLABORATION - CAMERAS","4210","2",{"v":0.615042238168771,"d":"0.62"},440.36,169.52,1,440.36,"EUR",0.85281,375.54]
[1375687532,"01",null,"139842",null,"Invoice","Vaddio","B0004","Distributor - National","002","Unassigned","3000","Undefined","3000","ENTER ALTERNATE ADDRESS (US)","ALMO DISTRIBUTING PA INC (VADDIO)","Americas LLC",690.62,690.62,"03/26/2021","Standard Distribution","01","ALMO","0002586084","Standard Order","TA","AV CONTENT CAPTURE (VADDIO)",2021,"2021-03",18,"Vaddio","CONFERENCE","CAMERA","AV","001","999-9990-000B","","ALMO DISTRIBUTING PA INC (VADDIO)","Vaddio","3002","19154","E","B0004","B0004P0435","B0004P0435G0014105","Unassigned","CONFERENCESHOT 10 SYSTEM","Projection Screens","B0004P0435G0014105","US Camera Profit Center","3000","0096955874","Unassigned","AV Distribution","08","US - Channel Sales","U1DXC1","United States","Americas - LLC","3000","Patrick Mead",null,"Undefined",null,"Unassigned","United States","United States","Unassigned","DIRECT","AV CAPTURE & COLLABORATION - CAMERAS","4210","0",{"v":0.40122595132609096,"d":"0.40"},1153.39,690.62,1,1153.39,"USD",1,1153.39]
[1375722720,"01",null,"131671",null,"Invoice Repair","Vaddio","B0004","Dealer","001","Unassigned","3000","Undefined","3000","ENTER ALTERNATE ADDRESS (US)","AVI SYSTEMS, INC","Americas LLC",0,0,"03/03/2022","Standard Distribution","01","Unassigned","0065108352","Undefined","00","AV CONTENT CAPTURE (VADDIO)",2022,"2022-03",0,"Vaddio","SERVICE","ADV_REPL","AV","001","ADV_REPL","AVI SYSTEMS, INC","AVI SYSTEMS, INC","Vaddio","3002","66214","U","B0004","B0004P0445","B0004P0445G0014155","Unassigned","Advanced Replacement","Other/Misc","B0004P0445G0014155","US Camera Profit Center","3000","0004454656","Unassigned","AV Integrators","01","West","U1DXP4","United States","Americas - LLC","3000","Dana Sanders Nickel",null,"Undefined",null,"Unassigned","United States","United States","Kansas","DIRECT","AV CAPTURE & COLLABORATION - CAMERAS","4210","1",{"v":0,"d":"0.00"},912.69,0,1,912.69,"USD",1,912.69]
[1375779123,"01",null,"132696",null,"Invoice Repair","Vaddio","B0004","Dealer","001","Unassigned","3000","Undefined","3000","ENTER ALTERNATE ADDRESS (US)","HOWARD INDUSTRIES INC","Americas LLC",0,0,"05/20/2021","Standard Distribution","01","Unassigned","0060492079","Undefined","00","AV CONFERENCING (VADDIO)",2021,"2021-05",0,"Vaddio","CONFERENCE","ROOM SYSTEM","AV","001","998-9995-000W","","HOWARD INDUSTRIES INC","Vaddio","3002","39437","E","B0004","B0004P0435","B0004P0435G0014100","Unassigned","CONFERENCESHOT AV CAMERA - WHITE","Projection Screens","B0004P0435G0014100","US Camera Profit Center","3000","0004185653","Unassigned","AV Integrators","01","South","U1DXP2","United States","Americas - LLC","3000","Kalee Luke",null,"Undefined",null,"Unassigned","United States","United States","Unassigned","DIRECT","AV CAPTURE & COLLABORATION - CAMERAS","4210","1",{"v":0,"d":"0.00"},1292,0,-1,-1292,"USD",1,-1292]
[1375779180,"01",null,"132696",null,"Invoice","Vaddio","B0004","Dealer","001","Unassigned","3000","Undefined","3000","ONE TIME - BID SHIP TO ONLY","HOWARD INDUSTRIES INC","Americas LLC",572.81,1718.42,"06/03/2021","Standard Distribution","01","Unassigned","0002644878","Standard Order","TA","AV CONFERENCING (VADDIO)",2021,"2021-06",19,"Vaddio","CONFERENCE","ROOM SYSTEM","AV","001","999-30200-000W","","HOWARD INDUSTRIES INC","Vaddio","3002","39437","E","B0004","B0004P0435","B0004P0435G0014100","Unassigned","EasyIP 10 Camera White","Projection Screens","B0004P0435G0014100","US Camera Profit Center","3000","0097242167","Unassigned","AV Integrators","01","NorthEast","U1DXP1","United States","Americas - LLC","3000","Bryan Torino",null,"Undefined",null,"New Jersey","United States","United States","Unassigned","DIRECT","AV CAPTURE & COLLABORATION - CAMERAS","4210","1",{"v":0.10640444296530482,"d":"0.11"},1923.04,572.81,3,5769.12,"USD",1,5769.12]
[1375789691,"01","131675","131675",null,"Invoice","Vaddio","B0004","Dealer","001","Unassigned","3000","Undefined","3000","AVITECTURE INC","AVITECTURE INC","Americas LLC",538.98,1077.95,"06/04/2021","Standard Distribution","01","Unassigned","0002645928","Standard Order","TA","AV CONTENT CAPTURE (VADDIO)",2021,"2021-06",18,"Vaddio","SWITCHERS","BRIDGES","AV","001","999-8210-000","","AVITECTURE INC","Vaddio","3002","20164","E","B0004","B0004P0425","B0004P0425G0014065","Unassigned","AV BRIDGE SYSTEM","Projection Screens","B0004P0425G0014065","US Camera Profit Center","3000","0097244413","Unassigned","AV Integrators","01","NorthEast","U1DXP1","United States","Americas - LLC","3000","Geoff Gibbs",null,"Undefined",null,"Unassigned","United States","United States","Unassigned","DIRECT","AV CAPTURE & COLLABORATION - CAMERAS","4210","2",{"v":0.2822088749200937,"d":"0.28"},1501.76,538.98,2,3003.52,"USD",1,3003.52]
[1375823946,"01","132275","132275",null,"Invoice","Vaddio","B0004","Dealer","001","Unassigned","3000","Undefined","3000","DOBIL LABORATORIES INC","DOBIL LABORATORIES INC","Americas LLC",410.89,410.89,"04/19/2021","Standard Distribution","01","Unassigned","0002605127","Standard Order","TA","AV CONTENT CAPTURE (VADDIO)",2021,"2021-04",18,"Vaddio","SWITCHERS","BRIDGES","AV","001","999-8240-000","","DOBIL LABORATORIES INC","Vaddio","3002","15116","E","B0004","B0004P0425","B0004P0425G0014065","Unassigned","AV Bridge Mini N/A","Projection Screens","B0004P0425G0014065","US Camera Profit Center","3000","0097057807","Unassigned","AV Integrators","01","MidWest","U1DXP3","United States","Americas - LLC","3000","Brian Mungo",null,"Undefined",null,"Unassigned","United States","United States","Unassigned","DIRECT","AV CAPTURE & COLLABORATION - CAMERAS","4210","2",{"v":0.7067647709512357,"d":"0.71"},1401.23,410.89,1,1401.23,"USD",1,1401.23]
[1375824049,"01","113836","113836",null,"Invoice","Vaddio","B0004","Distributor - National","002","Unassigned","5000","Undefined","3000","SANEL N.V.","SANEL N.V.","Europe BV",647.61,1295.21,"04/29/2021","Standard Distribution","01","Unassigned","0002613104","Standard Order","TA","AV CONTENT CAPTURE (VADDIO)",2021,"2021-04",0,"Vaddio","SWITCHERS","BRIDGES","AV","001","999-8250-001","","SANEL N.V.","Weert","5050","2500","X","B0004","B0004P0425","B0004P0425G0014065","Unassigned","AV Bridge 2x1 INT","Projection Screens","B0004P0425G0014065","Europe Camera Profit Center","5000","0800316006","Unassigned","AV Distribution","08","Benelux","E1DXX6","Europe, the Middle East, and Africa","Europe - BV","5000","Cm Dennis Driessen",null,"Undefined",null,"Undefined","Belgium","Belgium","Undefined","DIRECT","AV CAPTURE & COLLABORATION - CAMERAS","4210","2",{"v":0.2712382720738209,"d":"0.27"},1777.275,647.61,2,3554.55,"EUR",0.85281,3031.36]
[1375836201,"01",null,"139819",null,"Invoice","Vaddio","B0004","Distributor - National","002","Unassigned","3000","Undefined","3000","ENTER ALTERNATE ADDRESS (US)","AB DISTRIBUTING INC (VADDIO)","Americas LLC",166.43,332.85,"08/26/2021","Standard Distribution","01","AB","0002716011","Standard Order","TA","AV CONFERENCING (VADDIO)",2021,"2021-08",0,"Vaddio","CONFERENCE","AUDIO","IT/DMR","002","999-85100-000","AB DISTRIBUTING","AB DISTRIBUTING","Vaddio","3002","60004","E","B0004","B0004P0435","B0004P0435G0014090","Unassigned","Ceiling MIC System White","Projection Screens","B0004P0435G0014090","US Camera Profit Center","3000","0097598488","Unassigned","IT Distribution","12","US - Channel Sales","U1DXC1","United States","Americas - LLC","3000","Jack Gerts",null,"Undefined",null,"Unassigned","United States","United States","Illinois","DIRECT","AV CAPTURE & COLLABORATION - CAMERAS","4210","0",{"v":0.18838848113920648,"d":"0.19"},410.11,166.43,2,820.22,"USD",1,820.22]
[1375863279,"01",null,"132104",null,"Invoice Repair","Vaddio","B0004","System Integrator","011","PROFESSIONAL SYSTEMS NETWORK INTL","3000","Undefined","3000","ENTER ALTERNATE ADDRESS (US)","CONFERENCE TECHNOLOGIES INC.","Americas LLC",0,0,"02/19/2021","Standard Distribution","01","Unassigned","0065106322","Undefined","00","AV CONTENT CAPTURE (VADDIO)",2021,"2021-02",0,"Vaddio","SERVICE","ADV_REPL","AV","001","ADV_REPL","","CONFERENCE TECHNOLOGIES INC.","Vaddio","3002","63043","U","B0004","B0004P0445","B0004P0445G0014155","Unassigned","Advanced Replacement","Other/Misc","B0004P0445G0014155","US Camera Profit Center","3000","0004094380","Unassigned","AV Integrators","01","South","U1DXP2","United States","Americas - LLC","3000","Kalee Luke",null,"Undefined",null,"Unassigned","United States","United States","Unassigned","DIRECT","AV CAPTURE & COLLABORATION - CAMERAS","4210","1",{"v":0,"d":"0.00"},700.36,0,-1,-700.36,"USD",1,-700.36]
[1375918335,"01",null,"138717",null,"Invoice","Vaddio","B0004","Distributor - National","002","Unassigned","5000","Undefined","3000","EXERTIS SE","EXERTIS CAPTECH AB","Europe BV",166.65,166.65,"01/28/2021","Standard Distribution","01","Unassigned","0002536177","Standard Order","TA","AV CONTENT CAPTURE (VADDIO)",2021,"2021-01",0,"Vaddio","Accessories","MISCELLANOUS","AV","001","999-9995-004","","EXERTIS CAPTECH AB","Weert","5050","431 53","X","B0004","B0004P0440","B0004P0440G0014110","Unassigned","HDMI AUDIO EMBEDDER KIT","Other/Misc","B0004P0440G0014110","Europe Camera Profit Center","5000","0800296184","Unassigned","AV Distribution","08","Nordics","E1DXX7","Europe, the Middle East, and Africa","Europe - BV","5000","Cm Rickard Olsson",null,"Undefined",null,"Undefined","Sweden","Sweden","Undefined","DIRECT","AV CAPTURE & COLLABORATION - CAMERAS","4210","2",{"v":-0.12026082280182848,"d":"-0.12"},148.76,166.65,1,148.76,"EUR",0.82325,122.47]
[1375923282,"01",null,"139819",null,"Invoice","Vaddio","B0004","Distributor - National","002","Unassigned","3000","Undefined","3000","ENTER ALTERNATE ADDRESS (US)","AB DISTRIBUTING INC (VADDIO)","Americas LLC",367.94,367.94,"07/29/2021","Standard Distribution","01","AB","0002691772","Standard Order","TA","AV CONTENT CAPTURE (VADDIO)",2021,"2021-07",0,"Vaddio","SWITCHERS","BRIDGES","IT/DMR","002","999-8240-000","AB DISTRIBUTING","AB DISTRIBUTING","Vaddio","3002","60004","E","B0004","B0004P0425","B0004P0425G0014065","Unassigned","AV Bridge Mini N/A","Projection Screens","B0004P0425G0014065","US Camera Profit Center","3000","0097480601","Unassigned","IT Distribution","12","US - Channel Sales","U1DXC1","United States","Americas - LLC","3000","Jack Gerts",null,"Undefined",null,"Ohio","United States","United States","Illinois","DIRECT","AV CAPTURE & COLLABORATION - CAMERAS","4210","0",{"v":0.7131988993771972,"d":"0.71"},1282.91,367.94,1,1282.91,"USD",1,1282.91]
[1375923363,"01",null,"113818",null,"Invoice","Vaddio","B0004","Distributor - National","002","Unassigned","5000","Undefined","3000","EPATRA","EPATRA","Europe BV",765.49,765.49,"06/25/2021","Standard Distribution","01","Unassigned","0002661865","Standard Order","TA","AV CONTENT CAPTURE (VADDIO)",2021,"2021-06",0,"Vaddio","SWITCHERS","BRIDGES","AV","001","999-8250-001","","EPATRA","Weert","5050","2952 CA","X","B0004","B0004P0425","B0004P0425G0014065","Unassigned","AV Bridge 2x1 INT","Projection Screens","B0004P0425G0014065","Europe Camera Profit Center","5000","0800328147","Unassigned","AV Distribution","08","Benelux","E1DXX6","Europe, the Middle East, and Africa","Europe - BV","5000","Cm Sam Van Der Harst",null,"Undefined",null,"Undefined","Netherlands","Netherlands","Undefined","DIRECT","AV CAPTURE & COLLABORATION - CAMERAS","4210","2",{"v":0.6144307049134913,"d":"0.61"},1985.35,765.49,1,1985.35,"EUR",0.81974,1627.47]
[1375962052,"01",null,"133711",null,"Invoice","Vaddio","B0004","Dealer","001","PROFESSIONAL SYSTEMS NETWORK INTL","3000","Undefined","3000","ENTER ALTERNATE ADDRESS (US)","ONE DIVERSIFIED (GA)","Americas LLC",586.63,586.63,"11/04/2021","Standard Distribution","01","Unassigned","0002773383","Standard Order","TA","AV CONTENT CAPTURE (VADDIO)",2021,"2021-11",27,"Vaddio","SWITCHERS","BRIDGES","AV","001","999-8250-000","","HB COMMUNICATIONS","Vaddio","3002","06473","E","B0004","B0004P0425","B0004P0425G0014065","Unassigned","AV Bridge 2x1 N/A","Projection Screens","B0004P0425G0014065","US Camera Profit Center","3000","0097892679","Unassigned","AV Integrators","01","NorthEast","U1DXP1","United States","Americas - LLC","3000","Steve Joyce",null,"Undefined",null,"Unassigned","United States","United States","Unassigned","DIRECT","AV CAPTURE & COLLABORATION - CAMERAS","4210","1",{"v":0.701112237671383,"d":"0.70"},1962.71,586.63,1,1962.71,"USD",1,1962.71]
[1375962073,"01",null,"112149",null,"Invoice","Vaddio","B0004","Distributor - National","002","Unassigned","3000","Undefined","3000","EDUSERVE INTERNATIONAL LTD.","EDUSERVE INTERNATIONAL LIMITED","Americas LLC",590.42,1180.83,"01/15/2021","Standard Distribution","01","Unassigned","0002525452","Standard Order","TA","AV CONTENT CAPTURE (VADDIO)",2021,"2021-01",0,"Vaddio","SWITCHERS","BRIDGES","AV","001","999-8250-001","","EDUSERVE INTERNATIONAL LIMITED","Vaddio","3002","999077","E","B0004","B0004P0425","B0004P0425G0014065","Unassigned","AV Bridge 2x1 INT","Projection Screens","B0004P0425G0014065","US Camera Profit Center","3010","0096653538","Unassigned","AV Distribution","08","Commercial","H1DXXX","Asia Pacific","Export","3010","Ken Lam",null,"Undefined",null,"Kowloon","Hong Kong","Hong Kong","Kowloon","DIRECT","AV CAPTURE & COLLABORATION - CAMERAS","4210","1",{"v":0.2887080452015517,"d":"0.29"},1660.12,590.42,2,3320.24,"USD",1,3320.24]
[1375982886,"01",null,"133048",null,"Invoice","Vaddio","B0004","Dealer","001","Unassigned","3000","Undefined","3000","ENTER ALTERNATE ADDRESS (US)","MEMPHIS COMMUNICATIONS CORP.","Americas LLC",396.65,396.65,"09/02/2021","Standard Distribution","01","Unassigned","0002722931","Standard Order","TA","AV CONTENT CAPTURE (VADDIO)",2021,"2021-09",27,"Vaddio","SWITCHERS","BRIDGES","AV","001","999-8240-000","","MEMPHIS COMMUNICATIONS CORP.","Vaddio","3002","38177","E","B0004","B0004P0425","B0004P0425G0014065","Unassigned","AV Bridge Mini N/A","Projection Screens","B0004P0425G0014065","US Camera Profit Center","3000","0097614480","Unassigned","AV Integrators","01","South","U1DXP2","United States","Americas - LLC","3000","Kalee Luke",null,"Undefined",null,"Unassigned","United States","United States","Unassigned","DIRECT","AV CAPTURE & COLLABORATION - CAMERAS","4210","2",{"v":0.7279212539012929,"d":"0.73"},1457.85,396.65,1,1457.85,"USD",1,1457.85]
[1375986603,"01",null,"138717",null,"Invoice","Vaddio","B0004","Distributor - National","002","Unassigned","5000","Undefined","3000","EXERTIS SE","EXERTIS CAPTECH AB","Europe BV",252.79,252.79,"01/04/2021","Standard Distribution","01","Unassigned","0002494695","Standard Order","TA","AV CONFERENCING (VADDIO)",2021,"2021-01",0,"Vaddio","CONFERENCE","AUDIO","AV","001","999-8530-001","","EXERTIS CAPTECH AB","Weert","5050","431 53","X","B0004","B0004P0435","B0004P0435G0014090","Unassigned","EASYUSB MIXER/AMP SYSTEM INT'L","Projection Screens","B0004P0435G0014090","Europe Camera Profit Center","5000","0800290460","Unassigned","AV Distribution","08","Nordics","E1DXX7","Europe, the Middle East, and Africa","Europe - BV","5000","Cm Rickard Olsson",null,"Undefined",null,"Undefined","Sweden","Sweden","Undefined","DIRECT","AV CAPTURE & COLLABORATION - CAMERAS","4210","2",{"v":0.6721611246563262,"d":"0.67"},771.08,252.79,1,771.08,"EUR",0.82325,634.79]
[1376022254,"01","139841","139841",null,"EDI Invoice","Vaddio","B0004","Distributor - National","002","Unassigned","3000","Undefined","3000","EXERTIS (VADDIO)","EXERTIS (VADDIO)","Americas LLC",1332.12,2664.23,"10/01/2021","Standard Distribution","01","STAMPEDE","0040921042","EDI Order","ZEDI","AV CONTENT CAPTURE (VADDIO)",2021,"2021-10",0,"Vaddio","SWITCHERS","BRIDGES","AV","001","999-8230-000","STAMPEDE PRESENTATION","STAMPEDE PRESENTATION","Vaddio","3002","14228","E","B0004","B0004P0425","B0004P0425G0014065","Unassigned","AV BRIDGE MATRIX PRO SYSTEM","Projection Screens","B0004P0425G0014065","US Camera Profit Center","3000","0097758862","Unassigned","AV Distribution","08","US - Channel Sales","U1DXC1","United States","Americas - LLC","3000","Patrick Mead",null,"Undefined",null,"New York","United States","United States","New York","DIRECT","AV CAPTURE & COLLABORATION - CAMERAS","4210","0",{"v":0.2532694668512778,"d":"0.25"},3567.86,1332.12,2,7135.72,"USD",1,7135.72]
[1376049067,"01",null,"131672",null,"EDI Invoice","Vaddio","B0004","Dealer","001","Unassigned","3000","Undefined","3000","ENTER ALTERNATE ADDRESS (US)","AVI-SPL LLC","Americas LLC",633.3,633.3,"08/05/2021","Standard Distribution","01","Unassigned","0040877704","EDI Order","ZEDI","AV CONFERENCING (VADDIO)",2021,"2021-08",27,"Vaddio","CONFERENCE","ROOM SYSTEM","AV","001","999-30200-000W","AVI-SPL","AVI-SPL","Vaddio","3002","33634","E","B0004","B0004P0435","B0004P0435G0014100","Unassigned","EasyIP 10 Camera White","Projection Screens","B0004P0435G0014100","US Camera Profit Center","3000","0097493457","Unassigned","AV Integrators","01","West","U1DXP4","United States","Americas - LLC","3000","Abbi Rath",null,"Undefined",null,"Unassigned","United States","United States","Unassigned","DIRECT","AV CAPTURE & COLLABORATION - CAMERAS","4210","1",{"v":0.6834655350796959,"d":"0.68"},2000.73,633.3,1,2000.73,"USD",1,2000.73]
[1376058866,"01",null,"134716",null,"Invoice","Vaddio","B0004","Dealer","001","Unassigned","3000","Undefined","3000","FUTRON INCORPORATED","FUTRON INC","Americas LLC",533.59,533.59,"02/19/2021","Standard Distribution","01","Unassigned","0002555934","Standard Order","TA","AV CONTENT CAPTURE (VADDIO)",2021,"2021-02",17,"Vaddio","SWITCHERS","BRIDGES","AV","001","999-8210-000","","FUTRON INC","Vaddio","3002","22193","E","B0004","B0004P0425","B0004P0425G0014065","Unassigned","AV BRIDGE SYSTEM","Projection Screens","B0004P0425G0014065","US Camera Profit Center","3000","0096824485","Unassigned","AV Integrators","01","NorthEast","U1DXP1","United States","Americas - LLC","3000","Nathan Craine",null,"Undefined",null,"Unassigned","United States","United States","Unassigned","DIRECT","AV CAPTURE & COLLABORATION - CAMERAS","4210","2",{"v":0.6375831176858134,"d":"0.64"},1472.31,533.59,1,1472.31,"USD",1,1472.31]
[1376090686,"01",null,"130142",null,"Invoice","Vaddio","B0004","Dealer","001","Unassigned","3000","Undefined","3000","ADVANCED LIGHT AND SOUND","ADVANCED LIGHT AND SOUND","Americas LLC",1328.43,1328.43,"04/08/2021","Standard Distribution","01","Unassigned","0002587914","Standard Order","TA","AV CONFERENCING (VADDIO)",2021,"2021-04",18,"Vaddio","CONFERENCE","ROOM SYSTEM","Residential","003","999-60321-000","","ADVANCED LIGHT AND SOUND","Vaddio","3002","54016","E","B0004","B0004P0435","B0004P0435G0014100","Unassigned","EasyIP 10 Mixer Base Kit Blk N/A","Projection Screens","B0004P0435G0014100","US Camera Profit Center","3000","0097013145","ORION ADVANCED MARKETING","Residential AV","02","East - Resi","UXDXH4","United States","Americas - LLC","3000","Ryan St. John",null,"Undefined",null,"Unassigned","United States","United States","Unassigned","DIRECT","AV CAPTURE & COLLABORATION - CAMERAS","4210","3",{"v":0.6388516590319029,"d":"0.64"},3678.35,1328.43,1,3678.35,"USD",1,3678.35]
[1376093744,"01",null,"133703",null,"Invoice","Vaddio","B0004","Dealer","001","Unassigned","3000","Undefined","3000","TVR COMMUNICATIONS","T&V RENTAL DBA TVR COMM","Americas LLC",1005.87,1005.87,"04/15/2021","Standard Distribution","01","Unassigned","0002602387","Standard Order","TA","AV CONTENT CAPTURE (VADDIO)",2021,"2021-04",0,"Vaddio","CAM EXTENSIONS","ONELINK","AV","001","999-9660-000","","T&V RENTAL DBA TVR COMM","Vaddio","3002","11042","E","B0004","B0004P0415","B0004P0415G0014030","Unassigned","ONELINK BRIDGE CISCO CODEC/CISCO CAM N/A","Projection Screens","B0004P0415G0014030","US Camera Profit Center","3000","0097027057","Unassigned","AV Integrators","01","NorthEast","U1DXP1","United States","Americas - LLC","3000","Angela Adkins",null,"Undefined",null,"New York","United States","United States","New York","DIRECT","AV CAPTURE & COLLABORATION - CAMERAS","4210","4",{"v":0.5217657966053345,"d":"0.52"},2103.3,1005.87,1,2103.3,"USD",1,2103.3]
[1376093765,"01",null,"139844",null,"EDI Invoice","Vaddio","B0004","Online Reseller","010","Unassigned","3000","Undefined","3000","B&H PHOTO - NJF","B&H PHOTO VIDEO - NY (VADDIO)","Americas LLC",130.33,130.33,"05/07/2021","Standard Distribution","01","Unassigned","0040810711","EDI Order","ZEDI","AV CONFERENCING (VADDIO)",2021,"2021-05",0,"Vaddio","CONFERENCE","AUDIO","AV","001","999-8535-000","","B&H PHOTO VIDEO - NY (VADDIO)","Vaddio","3002","10001","E","B0004","B0004P0435","B0004P0435G0014090","Unassigned","EasyUSB MicPOD I/O N/A","Projection Screens","B0004P0435G0014090","US Camera Profit Center","3000","0097128050","Unassigned","AV Integrators","01","NorthEast","U1DXP1","United States","Americas - LLC","3000","John Ruggiero",null,"Undefined",null,"New Jersey","United States","United States","New York","DIRECT","AV CAPTURE & COLLABORATION - CAMERAS","4210","0",{"v":0.7626911871813546,"d":"0.76"},549.2,130.33,1,549.2,"USD",1,549.2]
[1376132390,"01",null,"132575",null,"EDI Invoice","Vaddio","B0004","Distributor - National","002","Unassigned","3000","Undefined","3000","GRAYBAR ELECTRIC - GRAND RAPIDS","GRAYBAR ELECTRIC 100030268","Americas LLC",218.97,218.97,"09/17/2021","Standard Distribution","01","GRAYBAR","0040909641","EDI Order","ZEDI","AV CONFERENCING (VADDIO)",2021,"2021-09",0,"Vaddio","CONFERENCE","AUDIO","AV","001","999-8530-000","","GRAYBAR ELECTRIC 100030268","Vaddio","3002","63178","E","B0004","B0004P0435","B0004P0435G0014090","Unassigned","EASYUSB MIXER/AMP SYSTEM","Projection Screens","B0004P0435G0014090","US Camera Profit Center","3000","0097705756","Unassigned","Enterprise Distribution","13","US - Channel Sales","U1DXC1","United States","Americas - LLC","3000","Justin Tilley",null,"Undefined",null,"Unassigned","United States","United States","Unassigned","DIRECT","AV CAPTURE & COLLABORATION - CAMERAS","4210","1",{"v":0.6806062020479011,"d":"0.68"},685.58,218.97,1,685.58,"USD",1,685.58]
[1376159398,"01",null,"131672",null,"EDI Invoice","Vaddio","B0004","Dealer","001","Unassigned","3000","Undefined","3000","ENTER ALTERNATE ADDRESS (US)","AVI-SPL LLC","Americas LLC",395.9,395.9,"09/20/2021","Standard Distribution","01","Unassigned","0040911078","EDI Order","ZEDI","AV CONTENT CAPTURE (VADDIO)",2021,"2021-09",5,"Vaddio","SWITCHERS","BRIDGES","AV","001","999-8240-000","AVI-SPL","AVI-SPL","Vaddio","3002","33634","E","B0004","B0004P0425","B0004P0425G0014065","Unassigned","AV Bridge Mini N/A","Projection Screens","B0004P0425G0014065","US Camera Profit Center","3000","0097709022","Unassigned","AV Integrators","01","NorthEast","U1DXP1","United States","Americas - LLC","3000","Bryan Torino",null,"Undefined",null,"New Jersey","United States","United States","Unassigned","DIRECT","AV CAPTURE & COLLABORATION - CAMERAS","4210","1",{"v":0.7174625150760403,"d":"0.72"},1401.23,395.9,1,1401.23,"USD",1,1401.23]
[1376159515,"01","131792","131792",null,"Invoice","Vaddio","B0004","Dealer","001","Unassigned","3000","Undefined","3000","AUFDERWORLD","AUFDERWORLD","Americas LLC",1000.45,1000.45,"03/31/2021","Standard Distribution","01","Unassigned","0002589320","Standard Order","TA","AV CONTENT CAPTURE (VADDIO)",2021,"2021-03",3,"Vaddio","CONTROL","CAMERA","AV","001","999-80000-027","","AUFDERWORLD","Vaddio","3002","55447","X","B0004","B0004P0430","B0004P0430G0014075","Unassigned","TeleTouch 27\" Touch Screen System","Projection Screens","B0004P0430G0014075","US Camera Profit Center","3000","0096992128","Unassigned","AV Integrators","01","MidWest","U1DXP3","United States","Americas - LLC","3000","Kristin Dacey",null,"Undefined",null,"Unassigned","United States","United States","Unassigned","DIRECT","AV CAPTURE & COLLABORATION - CAMERAS","4210","2",{"v":0.37957743421827805,"d":"0.38"},1612.53,1000.45,1,1612.53,"USD",1,1612.53]
[1376184597,"01","139842","139842",null,"Credit Memo","Vaddio","B0004","Distributor - National","002","Unassigned","3000","Undefined","3000","ALMO DISTRIBUTING PA INC (VADDIO)","ALMO DISTRIBUTING PA INC (VADDIO)","Americas LLC",0,0,"01/10/2022","Standard Distribution","01","ALMO","0060567722","Credit Memo Request","G2","AV CONTENT CAPTURE (VADDIO)",2022,"2022-01",0,"Vaddio","PTZ CAMERA","EXTENSION KIT","AV","001","999-9595-000","","ALMO DISTRIBUTING PA INC (VADDIO)","Vaddio","3002","19154","E","B0004","B0004P0400","B0004P0400G0014000","Unassigned","OneLINK Bridge System Stand Alone N/A","Projection Screens","B0004P0400G0014000","US Camera Profit Center","3000","0098243819","Unassigned","AV Distribution","08","US - Channel Sales","U1DXC1","United States","Americas - LLC","3000","Patrick Mead",null,"Undefined",null,"Unassigned","United States","United States","Unassigned","DIRECT","AV CAPTURE & COLLABORATION - CAMERAS","4210","0",{"v":0,"d":"0.00"},null,0,0,-476,"USD",1,-476]
[1376229403,"01",null,"131672",null,"EDI Invoice","Vaddio","B0004","Dealer","001","Unassigned","3000","Undefined","3000","ENTER ALTERNATE ADDRESS (US)","AVI-SPL LLC","Americas LLC",597.9,597.9,"05/05/2021","Standard Distribution","01","Unassigned","0040800708","EDI Order","ZEDI","AV CONTENT CAPTURE (VADDIO)",2021,"2021-05",18,"Vaddio","CAM EXTENSIONS","EXT HUBS","AV","001","999-1005-032","AVI-SPL","AVI-SPL","Vaddio","3002","33634","X","B0004","B0004P0415","B0004P0415G0014045","Unassigned","USB 3.0 EXTENDER SYSTEM N/A","Projection Screens","B0004P0415G0014045","US Camera Profit Center","3000","0097120526","Unassigned","AV Integrators","01","South","U1DXP2","United States","Americas - LLC","3000","Kalee Luke",null,"Undefined",null,"Unassigned","United States","United States","Unassigned","DIRECT","AV CAPTURE & COLLABORATION - CAMERAS","4210","1",{"v":0.48789324471319795,"d":"0.49"},1167.53,597.9,1,1167.53,"USD",1,1167.53]
[1376229476,"01",null,"133146",null,"Invoice","Vaddio","B0004","Dealer","001","Unassigned","3000","Undefined","3000","ENTER ALTERNATE ADDRESS (US)","PACE SYSTEMS INC","Americas LLC",163.07,326.14,"10/07/2021","Standard Distribution","01","Unassigned","0002741451","Standard Order","TA","AV CONFERENCING (VADDIO)",2021,"2021-10",27,"Vaddio","CONFERENCE","AUDIO","AV","001","999-85100-000","","PACE SYSTEMS INC","Vaddio","3002","60563","E","B0004","B0004P0435","B0004P0435G0014090","Unassigned","Ceiling MIC System White","Projection Screens","B0004P0435G0014090","US Camera Profit Center","3000","0097775781","Unassigned","AV Integrators","01","MidWest","U1DXP3","United States","Americas - LLC","3000","Andre White",null,"Undefined",null,"Illinois","United States","United States","Illinois","DIRECT","AV CAPTURE & COLLABORATION - CAMERAS","4210","2",{"v":0.3001738085530974,"d":"0.30"},466.03,163.07,2,932.06,"USD",1,932.06]
[1376252273,"01",null,"133498",null,"Invoice","Vaddio","B0004","Dealer","001","Unassigned","3000","Undefined","3000","ENTER ALTERNATE ADDRESS (US)","SIGNAL COMMUNICATIONS INC.","Americas LLC",365.58,731.16,"02/03/2021","Standard Distribution","01","Unassigned","0002541474","Standard Order","TA","AV CONTENT CAPTURE (VADDIO)",2021,"2021-02",0,"Vaddio","CONTROL","PRESENTER","AV","001","999-7271-000","","SIGNAL COMMUNICATIONS INC.","Vaddio","3002","74136","E","B0004","B0004P0430","B0004P0430G0014080","Unassigned","ROBOTRAK REPLACEMENT LANYARD","Projection Screens","B0004P0430G0014080","US Camera Profit Center","3000","0096759444","Unassigned","AV Integrators","01","South","U1DXP2","United States","Americas - LLC","3000","Ken Phillips",null,"Undefined",null,"New Mexico","United States","United States","Oklahoma","DIRECT","AV CAPTURE & COLLABORATION - CAMERAS","4210","2",{"v":-0.4560299506133503,"d":"-0.46"},502.16,365.58,2,1004.32,"USD",1,1004.32]
[1376252327,"01",null,"107561",null,"Invoice","Vaddio","B0004","Distributor - National","002","Unassigned","5000","Undefined","3000","KUENE & NAGEL - C4 SIDEV","SIDEV SAS","Europe BV",281.37,562.74,"09/28/2021","Standard Distribution","01","Unassigned","0002739094","Standard Order","TA","AV CONTENT CAPTURE (VADDIO)",2021,"2021-09",0,"Vaddio","CONTROL","CAMERA","AV","001","999-42300-000","","SIDEV SAS","Weert","5050","69140","X","B0004","B0004P0430","B0004P0430G0014075","Unassigned","Vaddio Device Controller","Projection Screens","B0004P0430G0014075","Europe Camera Profit Center","5000","0800344306","Unassigned","AV Distribution","08","France","E1DX11","Europe, the Middle East, and Africa","Europe - BV","5000","Cm Katia Desmichels",null,"Undefined",null,"Undefined","France","France","Undefined","DIRECT","AV CAPTURE & COLLABORATION - CAMERAS","4210","1",{"v":-0.12558130231720854,"d":"-0.13"},499.955,281.37,2,999.91,"EUR",0.84488,844.8]
[1376292287,"01","124324","124324",null,"Invoice","Vaddio","B0004","Dealer","001","Unassigned","3000","Undefined","3000","MIDWICH AUSTRALIA PTY LTD","MIDWICH AUSTRALIA PTY LTD","Americas LLC",0,0,"12/06/2021","Standard Distribution","01","Unassigned","0002784100","Standard Order","TA","AV CONTENT CAPTURE (VADDIO)",2021,"2021-12",0,"Vaddio","CONFERENCE","CAMERA","AV","001","999-21050-009","","MIDWICH AUSTRALIA PTY LTD","Vaddio","3002","2116","E","B0004","B0004P0435","B0004P0435G0014105","Unassigned","ConferenceSHOT ePTZ Camera AUS","Projection Screens","B0004P0435G0014105","US Camera Profit Center","3010","0098040740","Unassigned","AV Integrators","01","Commercial","H1DXXX","Asia Pacific","Export","3010","Joseph Mak",null,"Undefined",null,"New South Wales","Australia","Australia","New South Wales","DIRECT","AV CAPTURE & COLLABORATION - CAMERAS","4210","1",{"v":0,"d":"0.00"},549.5,0,2,1099,"USD",1,1099]
[1376292333,"01",null,"132377",null,"Invoice","Vaddio","B0004","Dealer","001","Unassigned","3000","Undefined","3000","1TST - MILESTONE INC. SAVAGE (3000)","EPA AUDIO VISUAL INC","Americas LLC",562.47,1124.94,"04/16/2021","Standard Distribution","01","Unassigned","0002603849","Standard Order","TA","AV CONFERENCING (VADDIO)",2021,"2021-04",6,"Vaddio","CONFERENCE","ROOM SYSTEM","AV","001","999-60320-000","","EPA AUDIO VISUAL INC","Vaddio","3002","55373","E","B0004","B0004P0435","B0004P0435G0014100","Unassigned","EasyIP Mixer System Global","Projection Screens","B0004P0435G0014100","US Camera Profit Center","3000","0097029101","Unassigned","AV Integrators","01","MidWest","U1DXP3","United States","Americas - LLC","3000","Kristin Dacey",null,"Undefined",null,"Unassigned","United States","United States","Unassigned","DIRECT","AV CAPTURE & COLLABORATION - CAMERAS","4210","1",{"v":0.24636729662555523,"d":"0.25"},1492.69,562.47,2,2985.38,"USD",1,2985.38]
[1376313503,"01","132472","132472",null,"Invoice","Vaddio","B0004","Dealer","001","Unassigned","3000","Undefined","3000","FOCUSED TECHNOLOGY","FOCUSED TECHNOLOGY","Americas LLC",128.71,128.71,"11/12/2021","Standard Distribution","01","Unassigned","0002779698","Standard Order","TA","AV CONTENT CAPTURE (VADDIO)",2021,"2021-11",0,"Vaddio","Accessories","MISCELLANOUS","AV","001","999-9995-004","","FOCUSED TECHNOLOGY","Vaddio","3002","34240","E","B0004","B0004P0440","B0004P0440G0014110","Unassigned","HDMI AUDIO EMBEDDER KIT","Other/Misc","B0004P0440G0014110","US Camera Profit Center","3000","0097935722","Unassigned","AV Integrators","01","South","U1DXP2","United States","Americas - LLC","3000","Keri Manasa",null,"Undefined",null,"Unassigned","United States","United States","Unassigned","DIRECT","AV CAPTURE & COLLABORATION - CAMERAS","4210","2",{"v":0.15875816993464043,"d":"0.16"},153,128.71,1,153,"USD",1,153]
[1376313960,"01","136399","136399",null,"Invoice Repair","Vaddio","B0004","Dealer","001","INDEAL INC  LEGACY","3000","Undefined","3000","INTEREUM INC.","INTEREUM INC.","Americas LLC",0,0,"12/21/2021","Standard Distribution","01","Unassigned","0060553841","Undefined","00","AV CONTENT CAPTURE (VADDIO)",2021,"2021-12",0,"Vaddio","PTZ CAMERA","NATIVE","AV","001","999-21100-000","","INTEREUM INC.","Vaddio","3002","55441","E","B0004","B0004P0400","B0004P0400G0014005","Unassigned","IntelliSHOT USB Camera BLK","Projection Screens","B0004P0400G0014005","US Camera Profit Center","3000","0004394306","OFFICE PRODUCTS MARKETING INC","Workstation","05","MidWest","U1DXP3","United States","Americas - LLC","3000","Kristin Dacey",null,"Undefined",null,"Unassigned","United States","United States","Unassigned","DIRECT","AV CAPTURE & COLLABORATION - CAMERAS","4210","2",{"v":0,"d":"0.00"},1574.25,0,-1,-1574.25,"USD",1,-1574.25]
[1376337381,"01","132377","132377",null,"Invoice","Vaddio","B0004","Dealer","001","Unassigned","3000","Undefined","3000","EPA AUDIO VISUAL INC","EPA AUDIO VISUAL INC","Americas LLC",1401.93,1401.93,"06/07/2021","Standard Distribution","01","Unassigned","0002644414","Standard Order","TA","AV CONFERENCING (VADDIO)",2021,"2021-06",12,"Vaddio","CONFERENCE","ROOM SYSTEM","AV","001","999-60321-000","","EPA AUDIO VISUAL INC","Vaddio","3002","55373","E","B0004","B0004P0435","B0004P0435G0014100","Unassigned","EasyIP 10 Mixer Base Kit Blk N/A","Projection Screens","B0004P0435G0014100","US Camera Profit Center","3000","0097247649","Unassigned","AV Integrators","01","MidWest","U1DXP3","United States","Americas - LLC","3000","Kristin Dacey",null,"Undefined",null,"Unassigned","United States","United States","Unassigned","DIRECT","AV CAPTURE & COLLABORATION - CAMERAS","4210","1",{"v":0.6263433122241413,"d":"0.63"},3751.92,1401.93,1,3751.92,"USD",1,3751.92]
[1376359941,"01",null,"140798",null,"Invoice","Vaddio","B0004","Dealer","001","Unassigned","3000","Undefined","3000","ENTER ALTERNATE ADDRESS (US)","SUMMIT SOLUTIONZ, INC","Americas LLC",992.75,992.75,"02/22/2021","Standard Distribution","01","Unassigned","0002557151","Standard Order","TA","AV CONFERENCING (VADDIO)",2021,"2021-02",19,"Vaddio","CONFERENCE","ROOM SYSTEM","AV","001","999-99950-700W","","SUMMIT SOLUTIONZ, INC","Vaddio","3002","30339","E","B0004","B0004P0435","B0004P0435G0014100","Unassigned","CSAV SYS CEILINGMIC 2 (W/O SPKR) WHT","Projection Screens","B0004P0435G0014100","US Camera Profit Center","3000","0096831316","Unassigned","AV Integrators","01","South","U1DXP2","United States","Americas - LLC","3000","Angela Tener",null,"Undefined",null,"Georgia","United States","United States","Georgia","DIRECT","AV CAPTURE & COLLABORATION - CAMERAS","4210","1",{"v":0.5594161348446252,"d":"0.56"},2253.26,992.75,1,2253.26,"USD",1,2253.26]
[1376360001,"01","130703","130703",null,"Invoice","Vaddio","B0004","Dealer","001","Unassigned","3000","Undefined","3000","HIPPO'S HOME ENTERTAIMENT","HIPPO'S HOME ENTERTAIMENT","Americas LLC",665.79,665.79,"04/26/2021","Standard Distribution","01","Unassigned","0002609700","Standard Order","TA","AV CONTENT CAPTURE (VADDIO)",2021,"2021-04",18,"Vaddio","CONFERENCE","CAMERA","Residential","003","999-9990-000B","","HIPPO'S HOME ENTERTAIMENT","Vaddio","3002","12203","E","B0004","B0004P0435","B0004P0435G0014105","Unassigned","CONFERENCESHOT 10 SYSTEM","Projection Screens","B0004P0435G0014105","US Camera Profit Center","3000","0097071051","AVLS, INC","Residential AV","02","East - Resi","UXDXH4","United States","Americas - LLC","3000","Resi Northeast New Hire",null,"Undefined",null,"New York","United States","United States","New York","DIRECT","AV CAPTURE & COLLABORATION - CAMERAS","4210","3",{"v":0.492023163725423,"d":"0.49"},1310.67,665.79,1,1310.67,"USD",1,1310.67]
[1376374870,"01","133449","133449",null,"Invoice","Vaddio","B0004","Dealer","001","Unassigned","3000","Undefined","3000","RAY SUPPLY INC","RAY SUPPLY INC","Americas LLC",365.92,365.92,"04/27/2021","Standard Distribution","01","Unassigned","0002612128","Standard Order","TA","AV CONTENT CAPTURE (VADDIO)",2021,"2021-04",4,"Vaddio","CONTROL","PRESENTER","AV","001","999-7271-000","","RAY SUPPLY INC","Vaddio","3002","12801","E","B0004","B0004P0430","B0004P0430G0014080","Unassigned","ROBOTRAK REPLACEMENT LANYARD","Projection Screens","B0004P0430G0014080","US Camera Profit Center","3000","0097074263","Unassigned","AV Integrators","01","NorthEast","U1DXP1","United States","Americas - LLC","3000","Steve Joyce",null,"Undefined",null,"New York","United States","United States","New York","DIRECT","AV CAPTURE & COLLABORATION - CAMERAS","4210","2",{"v":0.34418237866513735,"d":"0.34"},557.96,365.92,1,557.96,"USD",1,557.96]
[1376377401,"01",null,"131695",null,"Invoice","Vaddio","B0004","Dealer","001","Unassigned","3000","Undefined","3000","ENTER ALTERNATE ADDRESS (US)","ADVANCED AUDIO & VIDEO INC.","Americas LLC",1325.74,1325.74,"10/12/2021","Standard Distribution","01","Unassigned","0002752166","Standard Order","TA","AV CONFERENCING (VADDIO)",2021,"2021-10",30,"Vaddio","CONFERENCE","ROOM SYSTEM","AV","001","999-30232-000W","","ADVANCED AUDIO & VIDEO INC.","Vaddio","3002","35804","E","B0004","B0004P0435","B0004P0435G0014100","Unassigned","EasyIP 20 Base Kit White NA","Projection Screens","B0004P0435G0014100","US Camera Profit Center","3000","0097783887","Unassigned","AV Integrators","01","South","U1DXP2","United States","Americas - LLC","3000","Kalee Luke",null,"Undefined",null,"Unassigned","United States","United States","Unassigned","DIRECT","AV CAPTURE & COLLABORATION - CAMERAS","4210","4",{"v":0.6055378353288425,"d":"0.61"},3360.88,1325.74,1,3360.88,"USD",1,3360.88]
[1376402574,"01",null,"139841",null,"EDI Invoice","Vaddio","B0004","Distributor - National","002","Unassigned","3000","Undefined","3000","ENTER ALTERNATE ADDRESS (US)","EXERTIS (VADDIO)","Americas LLC",1040.08,1040.08,"10/05/2021","Standard Distribution","01","STAMPEDE","0040908880","EDI Order","ZEDI","AV CONFERENCING (VADDIO)",2021,"2021-10",0,"Vaddio","CONFERENCE","ROOM SYSTEM","AV","001","999-99950-700W","STAMPEDE PRESENTATION","STAMPEDE PRESENTATION","Vaddio","3002","14228","E","B0004","B0004P0435","B0004P0435G0014100","Unassigned","CSAV SYS CEILINGMIC 2 (W/O SPKR) WHT","Projection Screens","B0004P0435G0014100","US Camera Profit Center","3000","0097770361","Unassigned","AV Distribution","08","US - Channel Sales","U1DXC1","United States","Americas - LLC","3000","Patrick Mead",null,"Undefined",null,"Unassigned","United States","United States","New York","DIRECT","AV CAPTURE & COLLABORATION - CAMERAS","4210","0",{"v":0.5010003214462202,"d":"0.50"},2084.33,1040.08,1,2084.33,"USD",1,2084.33]
[1376412949,"01",null,"131672",null,"Invoice Repair","Vaddio","B0004","Dealer","001","Unassigned","3000","Undefined","3000","ENTER ALTERNATE ADDRESS (US)","AVI-SPL LLC","Americas LLC",0,0,"01/28/2021","Standard Distribution","01","Unassigned","0060468097","Undefined","00","AV CONFERENCING (VADDIO)",2021,"2021-01",0,"Vaddio","CONFERENCE","AUDIO","AV","001","999-85100-000","AVI-SPL","AVI-SPL","Vaddio","3002","33634","E","B0004","B0004P0435","B0004P0435G0014090","Unassigned","Ceiling MIC System White","Projection Screens","B0004P0435G0014090","US Camera Profit Center","3000","0004071694","Unassigned","AV Integrators","01","South","U1DXP2","United States","Americas - LLC","3000","Angela Tener",null,"Undefined",null,"Georgia","United States","United States","Unassigned","DIRECT","AV CAPTURE & COLLABORATION - CAMERAS","4210","1",{"v":0,"d":"0.00"},447.93,0,-2,-895.86,"USD",1,-895.86]
[1376413569,"01","151008","151008",null,"Invoice Repair","Vaddio","B0004","Dealer","001","Unassigned","3000","Undefined","3000","VERSALIGN, INC","VERSALIGN, INC","Americas LLC",0,0,"10/28/2021","Standard Distribution","01","Unassigned","0060534666","Undefined","00","AV CONFERENCING (VADDIO)",2021,"2021-10",0,"Vaddio","CONFERENCE","AUDIO","AV","001","999-8535-000","","VERSALIGN, INC","Vaddio","3002","19801","E","B0004","B0004P0435","B0004P0435G0014090","Unassigned","EasyUSB MicPOD I/O N/A","Projection Screens","B0004P0435G0014090","US Camera Profit Center","3000","0004346156","Unassigned","AV Integrators","01","NorthEast","U1DXP1","United States","Americas - LLC","3000","Alexandra  Trop",null,"Undefined",null,"Delaware","United States","United States","Delaware","DIRECT","AV CAPTURE & COLLABORATION - CAMERAS","4210","3",{"v":0,"d":"0.00"},571.39,0,-6,-3428.34,"USD",1,-3428.34]
[1376429805,"01",null,"113818",null,"Invoice","Vaddio","B0004","Distributor - National","002","Unassigned","5000","Undefined","3000","EPATRA","EPATRA","Europe BV",1154.38,1154.38,"12/08/2021","Standard Distribution","01","Unassigned","0002801185","Standard Order","TA","AV CONFERENCING (VADDIO)",2021,"2021-12",0,"Vaddio","CONFERENCE","ROOM SYSTEM","AV","001","999-50707-001","","EPATRA","Weert","5050","2952 CA","X","B0004","B0004P0435","B0004P0435G0014100","Unassigned","HuddleSHOT BLACK INT","Projection Screens","B0004P0435G0014100","Europe Camera Profit Center","5000","0800360663","Unassigned","AV Distribution","08","Benelux","E1DXX6","Europe, the Middle East, and Africa","Europe - BV","5000","Cm Sam Van Der Harst",null,"Undefined",null,"Undefined","Netherlands","Netherlands","Undefined","DIRECT","AV CAPTURE & COLLABORATION - CAMERAS","4210","2",{"v":0.04121262458471753,"d":"0.04"},1204,1154.38,1,1204,"EUR",0.87982,1059.3]
[1376443503,"01","133699","133699",null,"Invoice","Vaddio","B0004","Dealer","001","Unassigned","3000","Undefined","3000","TSI GLOBAL COMPANIES","TSI GLOBAL COMPANIES","Americas LLC",1059.87,3179.61,"08/03/2021","Standard Distribution","01","Unassigned","0002696605","Standard Order","TA","AV CONTENT CAPTURE (VADDIO)",2021,"2021-08",21,"Vaddio","PTZ CAMERA","EXTENSION KIT","AV","001","999-99010-000W","","TSI GLOBAL COMPANIES","Vaddio","3002","63301","E","B0004","B0004P0400","B0004P0400G0014000","Unassigned","ROBOSHOT 12E QMINI SYSTEM WHT","Projection Screens","B0004P0400G0014000","US Camera Profit Center","3000","0097488608","Unassigned","AV Integrators","01","MidWest","U1DXP3","United States","Americas - LLC","3000","Andre White",null,"Undefined",null,"Unassigned","United States","United States","Unassigned","DIRECT","AV CAPTURE & COLLABORATION - CAMERAS","4210","2",{"v":0.07047157428223128,"d":"0.07"},3420.67,1059.87,3,10262.01,"USD",1,10262.01]
[1376451185,"01",null,"139846",null,"EDI Invoice","Vaddio","B0004","Distributor - National","002","Unassigned","3000","Undefined","3000","TD SYNNEX - GLENDALE HEIGHTS","SYNNEX - CA (VADDIO)","Americas LLC",163.79,163.79,"12/07/2021","Standard Distribution","01","SYNNEX","0040993279","EDI Order","ZEDI","AV CONFERENCING (VADDIO)",2021,"2021-12",27,"Vaddio","CONFERENCE","AUDIO","IT/DMR","002","999-85100-000","","SYNNEX - CA (VADDIO)","Vaddio","3002","94538","E","B0004","B0004P0435","B0004P0435G0014090","Unassigned","Ceiling MIC System White","Projection Screens","B0004P0435G0014090","US Camera Profit Center","3000","0098045694","Unassigned","IT Distribution","12","US - Channel Sales","U1DXC1","United States","Americas - LLC","3000","Beth Roberson",null,"Undefined",null,"Illinois","United States","United States","Unassigned","DIRECT","AV CAPTURE & COLLABORATION - CAMERAS","4210","0",{"v":0.6159761787531359,"d":"0.62"},426.51,163.79,1,426.51,"USD",1,426.51]
[1376452645,"01",null,"132696",null,"Invoice","Vaddio","B0004","Dealer","001","Unassigned","3000","Undefined","3000","ONE TIME - BID SHIP TO ONLY","HOWARD INDUSTRIES INC","Americas LLC",233.49,233.49,"06/11/2021","Standard Distribution","01","Unassigned","0002649109","Standard Order","TA","AV CONTENT CAPTURE (VADDIO)",2021,"2021-06",18,"Vaddio","CONTROL","CAMERA","AV","001","999-42300-000","","HOWARD INDUSTRIES INC","Vaddio","3002","39437","E","B0004","B0004P0430","B0004P0430G0014075","Unassigned","Vaddio Device Controller","Projection Screens","B0004P0430G0014075","US Camera Profit Center","3000","0097280664","Unassigned","AV Integrators","01","South","U1DXP2","United States","Americas - LLC","3000","Kalee Luke",null,"Undefined",null,"Unassigned","United States","United States","Unassigned","DIRECT","AV CAPTURE & COLLABORATION - CAMERAS","4210","1",{"v":0.49192706066672465,"d":"0.49"},459.56,233.49,1,459.56,"USD",1,459.56]
[1376484649,"01",null,"133557",null,"Invoice","Vaddio","B0004","Dealer","001","Unassigned","3000","Undefined","3000","SKC WAREHOUSE - LENEXA","SKC COMMUNICATION PRODUCTS LLC","Americas LLC",154.31,308.61,"01/29/2021","Standard Distribution","01","Unassigned","0002537929","Standard Order","TA","AV CONFERENCING (VADDIO)",2021,"2021-01",18,"Vaddio","CONFERENCE","AUDIO","AV","001","999-85100-000","","SKC COMMUNICATION PRODUCTS LLC","Vaddio","3002","66227","E","B0004","B0004P0435","B0004P0435G0014090","Unassigned","Ceiling MIC System White","Projection Screens","B0004P0435G0014090","US Camera Profit Center","3000","0096719561","Unassigned","AV Integrators","01","MidWest","U1DXP3","United States","Americas - LLC","3000","Andre White",null,"Undefined",null,"Kansas","United States","United States","Kansas","DIRECT","AV CAPTURE & COLLABORATION - CAMERAS","4210","1",{"v":0.31103074141048825,"d":"0.31"},447.93,154.31,2,895.86,"USD",1,895.86]
[1376496001,"01","139820","139820",null,"EDI Invoice","Vaddio","B0004","Dealer","001","Unassigned","3000","Undefined","3000","TROXELL COMMUNICATIONS INC (VADDIO)","TROXELL COMMUNICATIONS INC (VADDIO)","Americas LLC",562.47,562.47,"05/03/2021","Standard Distribution","01","Unassigned","0040805965","EDI Order","ZEDI","AV CONFERENCING (VADDIO)",2021,"2021-05",6,"Vaddio","CONFERENCE","ROOM SYSTEM","AV","001","999-60320-000","","TROXELL COMMUNICATIONS INC (VADDIO)","Vaddio","3002","85040","E","B0004","B0004P0435","B0004P0435G0014100","Unassigned","EasyIP Mixer System Global","Projection Screens","B0004P0435G0014100","US Camera Profit Center","3000","0097091938","Unassigned","AV Integrators","01","West","U1DXP4","United States","Americas - LLC","3000","Dana Sanders Nickel",null,"Undefined",null,"New Mexico","United States","United States","Arizona","DIRECT","AV CAPTURE & COLLABORATION - CAMERAS","4210","0",{"v":0.6022501467333272,"d":"0.60"},1414.13,562.47,1,1414.13,"USD",1,1414.13]
[1376496048,"01","132604","132604",null,"Invoice","Vaddio","B0004","Dealer","001","Unassigned","3000","Undefined","3000","VISUAL TECHNOLOGIES CORPORATION","VISUAL TECHNOLOGIES CORPORATION","Americas LLC",1041.96,3125.87,"03/26/2021","Standard Distribution","01","Unassigned","0002586028","Standard Order","TA","AV CONFERENCING (VADDIO)",2021,"2021-03",32,"Vaddio","CONFERENCE","ROOM SYSTEM","AV","001","999-99950-700B","","VISUAL TECHNOLOGIES CORPORATION","Vaddio","3002","13206-3525","E","B0004","B0004P0435","B0004P0435G0014100","Unassigned","CSAV SYS CEILINGMIC 2 (W/O SPKR)","Projection Screens","B0004P0435G0014100","US Camera Profit Center","3000","0096955365","Unassigned","AV Integrators","01","NorthEast","U1DXP1","United States","Americas - LLC","3000","Steve Joyce",null,"Undefined",null,"New York","United States","United States","New York","DIRECT","AV CAPTURE & COLLABORATION - CAMERAS","4210","3",{"v":-0.3872655618969847,"d":"-0.39"},2253.26,1041.96,3,6759.78,"USD",1,6759.78]
[1376509414,"01",null,"132335",null,"Invoice","Vaddio","B0004","Dealer","001","Unassigned","3000","Undefined","3000","ENTER ALTERNATE ADDRESS (US)","DEVINCIO INC.","Americas LLC",776.08,1552.16,"11/02/2021","Standard Distribution","01","Unassigned","0002764636","Standard Order","TA","AV CONFERENCING (VADDIO)",2021,"2021-11",27,"Vaddio","CONFERENCE","ROOM SYSTEM","Residential","003","999-50707-000","","DEVINCIO INC.","Vaddio","3002","60062","E","B0004","B0004P0435","B0004P0435G0014100","Unassigned","HuddleSHOT BLACK","Projection Screens","B0004P0435G0014100","US Camera Profit Center","3000","0097887149","ORION ADVANCED MARKETING","Residential AV","02","East - Resi","UXDXH4","United States","Americas - LLC","3000","Ryan St. John",null,"Undefined",null,"Illinois","United States","United States","Illinois","DIRECT","AV CAPTURE & COLLABORATION - CAMERAS","4210","4",{"v":-0.3450609634565891,"d":"-0.35"},1153.97,776.08,2,2307.94,"USD",1,2307.94]
[1376521402,"01",null,"133511",null,"Invoice","Vaddio","B0004","Dealer","001","NATIONWIDE MARKETING GROUP","3000","Undefined","3000","ENTER ALTERNATE ADDRESS (US)","SOUTHTOWN AUDIO VIDEO","Americas LLC",1581.81,1581.81,"09/30/2021","Standard Distribution","01","Unassigned","0002742656","Standard Order","TA","AV CONFERENCING (VADDIO)",2021,"2021-09",9,"Vaddio","CONFERENCE","ROOM SYSTEM","AV","001","999-30231-000W","","SOUTHTOWN AUDIO VIDEO","Vaddio","3002","14075","E","B0004","B0004P0435","B0004P0435G0014100","Unassigned","EasyIP 20 Mixer Base Kit White NA","Projection Screens","B0004P0435G0014100","US Camera Profit Center","3000","0097755522","Unassigned","AV Integrators","01","NorthEast","U1DXP1","United States","Americas - LLC","3000","Steve Joyce",null,"Undefined",null,"New York","United States","United States","New York","DIRECT","AV CAPTURE & COLLABORATION - CAMERAS","4210","4",{"v":0.6361036791990559,"d":"0.64"},4346.87,1581.81,1,4346.87,"USD",1,4346.87]
[1376542207,"01",null,"138717",null,"Invoice","Vaddio","B0004","Distributor - National","002","Unassigned","5000","Undefined","3000","EXERTIS SE","EXERTIS CAPTECH AB","Europe BV",1421.62,1421.62,"05/10/2021","Standard Distribution","01","Unassigned","0002617715","Standard Order","TA","AV CONFERENCING (VADDIO)",2021,"2021-05",0,"Vaddio","CONFERENCE","ROOM SYSTEM","AV","001","999-99950-401W","","EXERTIS CAPTECH AB","Weert","5050","431 53","E","B0004","B0004P0435","B0004P0435G0014100","Unassigned","CSAV-TableMIC 2 White INTL","Projection Screens","B0004P0435G0014100","Europe Camera Profit Center","5000","0800318271","Unassigned","AV Distribution","08","Nordics","E1DXX7","Europe, the Middle East, and Africa","Europe - BV","5000","Cm Rickard Olsson",null,"Undefined",null,"Undefined","Sweden","Sweden","Undefined","DIRECT","AV CAPTURE & COLLABORATION - CAMERAS","4210","2",{"v":0.35996506330025757,"d":"0.36"},2221.16,1421.62,1,2221.16,"EUR",0.82754,1838.1]
[1376542289,"01",null,"139846",null,"EDI Invoice","Vaddio","B0004","Distributor - National","002","Unassigned","3000","Undefined","3000","TD SYNNEX - GLENDALE HEIGHTS","SYNNEX - CA (VADDIO)","Americas LLC",214.27,1071.37,"01/08/2021","Standard Distribution","01","SYNNEX","0040710167","EDI Order","ZEDI","AV CONFERENCING (VADDIO)",2021,"2021-01",0,"Vaddio","CONFERENCE","AUDIO","IT/DMR","002","999-8530-000","","SYNNEX - CA (VADDIO)","Vaddio","3002","94538","E","B0004","B0004P0435","B0004P0435G0014090","Unassigned","EASYUSB MIXER/AMP SYSTEM","Projection Screens","B0004P0435G0014090","US Camera Profit Center","3000","0096634707","Unassigned","IT Distribution","12","US - Channel Sales","U1DXC1","United States","Americas - LLC","3000","Beth Roberson",null,"Undefined",null,"Illinois","United States","United States","Unassigned","DIRECT","AV CAPTURE & COLLABORATION - CAMERAS","4210","0",{"v":-0.6258744973063204,"d":"-0.63"},658.95,214.27,5,3294.75,"USD",1,3294.75]
[1376556408,"01",null,"134514",null,"Invoice","Vaddio","B0004","Dealer","001","Unassigned","3000","Undefined","3000","OPEN SYSTEMS METRO-BEDFORD HILLS","OPEN SYSTEMS METRO NY INC.","Americas LLC",10.19,20.37,"02/15/2021","Standard Distribution","01","Unassigned","0002550771","Standard Order","TA","AV CONTENT CAPTURE (VADDIO)",2021,"2021-02",0,"Vaddio","Accessories","RACK","AV","001","998-6000-006","","OPEN SYSTEMS METRO NY INC.","Vaddio","3002","10507","E","B0004","B0004P0440","B0004P0440G0014120","Unassigned","DUAL 1/2 RACK MOUNTING KIT","Other/Misc","B0004P0440G0014120","US Camera Profit Center","3000","0096785349","Unassigned","AV Integrators","01","NorthEast","U1DXP1","United States","Americas - LLC","3000","Steve Joyce",null,"Undefined",null,"New York","United States","United States","New York","DIRECT","AV CAPTURE & COLLABORATION - CAMERAS","4210","3",{"v":0.7479584261321455,"d":"0.75"},80.82,10.19,2,161.64,"USD",1,161.64]
[1376573686,"01",null,"131672",null,"EDI Invoice","Vaddio","B0004","Dealer","001","Unassigned","3000","Undefined","3000","ENTER ALTERNATE ADDRESS (US)","AVI-SPL LLC","Americas LLC",4.6,4.6,"06/18/2021","Standard Distribution","01","Unassigned","0040842410","EDI Order","ZEDI","AV CONTENT CAPTURE (VADDIO)",2021,"2021-06",0,"Vaddio","Accessories","RACK","AV","001","998-6000-004","AVI-SPL","AVI-SPL","Vaddio","3002","33634","E","B0004","B0004P0440","B0004P0440G0014120","Unassigned","SINGLE 1/2 RACK MOUNTING KIT","Other/Misc","B0004P0440G0014120","US Camera Profit Center","3000","0097294722","Unassigned","AV Integrators","01","MidWest","U1DXP3","United States","Americas - LLC","3000","Brian Mungo",null,"Undefined",null,"Ohio","United States","United States","Unassigned","DIRECT","AV CAPTURE & COLLABORATION - CAMERAS","4210","1",{"v":0.9201527512584621,"d":"0.92"},57.61,4.6,1,57.61,"USD",1,57.61]
[1376582409,"05","141752","141752",null,"Invoice","Vaddio","B0004","Dealer","001","Unassigned","3000","Undefined","3000","BTICINO MEXICO SA DE CV","BTICINO MEXICO SA DE CV","Americas LLC",30.73,61.45,"10/07/2021","Standard Distribution","01","Unassigned","0002737201","Standard Order","TA","AV CONTENT CAPTURE (VADDIO)",2021,"2021-10",5,"Vaddio","Accessories","CABLES & CONNECTORS","AV","001","440-0020-065","","BTICINO MEXICO SA DE CV","Vaddio","3002","76220","F","B0004","B0004P0440","B0004P0440G0014105","Unassigned","HDMI CABLE 20 METER (65.6')","Other/Misc","B0004P0440G0014105","US Camera Profit Center","3010","0097774552","MULTI GLOBAL TRADING S.A. DE C","AV Integrators","01","Mexico","U1IXX2","Mexico and Latin America","Export","3010","Andres Garrido",null,"Undefined",null,"Queretaro","Mexico","Mexico","Undefined","DIRECT","AV CAPTURE & COLLABORATION - CAMERAS","4210","2",{"v":0.30510007915865656,"d":"0.31"},88.43,30.73,2,176.86,"USD",1,176.86]
[1376586583,"01",null,"133752",null,"Invoice","Vaddio","B0004","Dealer","001","AZIONE UNLIMITED","3000","Undefined","3000","SPECTRA AUDIO DESIGN GROUP LTD","SPECTRA AUDIO DESIGN - NY","Americas LLC",387.87,387.87,"06/23/2021","Standard Distribution","01","Unassigned","0002662831","Standard Order","TA","AV CONTENT CAPTURE (VADDIO)",2021,"2021-06",27,"Vaddio","CAM EXTENSIONS","EXT HUBS","AV","001","999-1005-032","SPECTRA AUDIO DESIGN","SPECTRA AUDIO DESIGN","Vaddio","3002","10010","X","B0004","B0004P0415","B0004P0415G0014045","Unassigned","USB 3.0 EXTENDER SYSTEM N/A","Projection Screens","B0004P0415G0014045","US Camera Profit Center","3000","0097310537","Unassigned","AV Integrators","01","NorthEast","U1DXP1","United States","Americas - LLC","3000","Angela Adkins",null,"Undefined",null,"New York","United States","United States","New York","DIRECT","AV CAPTURE & COLLABORATION - CAMERAS","4210","1",{"v":0.6743024124814214,"d":"0.67"},1190.89,387.87,1,1190.89,"USD",1,1190.89]
[1376619383,"01","112194","112194",null,"Invoice Repair","Vaddio","B0004","Distributor - National","002","Unassigned","5000","Undefined","3000","IMAGO SONAS","IMAGO SONAS","Europe BV",0,0,"03/11/2021","Standard Distribution","01","Unassigned","0065106351","Undefined","00","AV CONTENT CAPTURE (VADDIO)",2021,"2021-03",0,"Vaddio","SERVICE","ADV_REPL","AV","001","ADV_REPL","","IMAGO SONAS","Weert","5050","2730","U","B0004","B0004P0445","B0004P0445G0014155","Unassigned","Advanced Replacement","Other/Misc","B0004P0445G0014155","Europe Camera Profit Center","5000","0004114430","Unassigned","AV Distribution","08","Nordics","E1DXX7","Europe, the Middle East, and Africa","Europe - BV","5000","Cm Rickard Olsson",null,"Undefined",null,"Undefined","Denmark","Denmark","Undefined","DIRECT","AV CAPTURE & COLLABORATION - CAMERAS","4210","2",{"v":0,"d":"0.00"},1113.25,0,-1,-1113.25,"EUR",0.82481,-918.22]
[1376629661,"01","132520","132520",null,"Invoice","Vaddio","B0004","Dealer","001","Unassigned","3000","Undefined","3000","PENTEGRA SYSTEMS LLC","PENTEGRA SYSTEMS LLC","Americas LLC",1.22,1.22,"04/16/2021","Standard Distribution","01","Unassigned","0002603118","Standard Order","TA","AV CONTENT CAPTURE (VADDIO)",2021,"2021-04",0,"Vaddio","Accessories","CABLES & CONNECTORS","AV","001","440-0007-001","","PENTEGRA SYSTEMS LLC","Vaddio","3002","60101","E","B0004","B0004P0440","B0004P0440G0014105","Unassigned","CABLE HDMI MALE-MALE 1' CABLE","Other/Misc","B0004P0440G0014105","US Camera Profit Center","3000","0097029138","Unassigned","AV Integrators","01","MidWest","U1DXP3","United States","Americas - LLC","3000","Andre White",null,"Undefined",null,"Illinois","United States","United States","Illinois","DIRECT","AV CAPTURE & COLLABORATION - CAMERAS","4210","2",{"v":0.878,"d":"0.88"},10,1.22,1,10,"USD",1,10]
[1376629739,"01","132832","132832",null,"Invoice","Vaddio","B0004","Dealer","001","USAV BUYING GROUP","3000","Undefined","3000","IMMEDIA LLC","IMMEDIA LLC","Americas LLC",5.2,5.2,"11/23/2021","Standard Distribution","01","Unassigned","0002789093","Standard Order","TA","AV CONTENT CAPTURE (VADDIO)",2021,"2021-11",27,"Vaddio","Accessories","RACK","AV","001","998-6000-004","","IMMEDIA LLC","Vaddio","3002","85260","E","B0004","B0004P0440","B0004P0440G0014120","Unassigned","SINGLE 1/2 RACK MOUNTING KIT","Other/Misc","B0004P0440G0014120","US Camera Profit Center","3000","0097994436","Unassigned","AV Integrators","01","West","U1DXP4","United States","Americas - LLC","3000","Stephanie Shomper",null,"Undefined",null,"Arizona","United States","United States","Arizona","DIRECT","AV CAPTURE & COLLABORATION - CAMERAS","4210","2",{"v":0.911504424778761,"d":"0.91"},58.76,5.2,1,58.76,"USD",1,58.76]
[1376633488,"01",null,"132839",null,"Invoice","Vaddio","B0004","Dealer","001","Unassigned","3000","Undefined","3000","REX ELECTRIC","REX ELECTRIC","Americas LLC",73.72,442.33,"08/24/2021","Standard Distribution","01","Unassigned","0002711925","Standard Order","TA","AV CONTENT CAPTURE (VADDIO)",2021,"2021-08",273,"Vaddio","CAMERA MOUNT","CEILING","AV","001","535-2000-290","","REX ELECTRIC","Vaddio","3002","60601","E","B0004","B0004P0420","B0004P0420G0014055","Unassigned","DROP DN MT FOR SMALL PTZ CAMERAS - SHORT","Projection Screens","B0004P0420G0014055","US Camera Profit Center","3000","0097587759","Unassigned","AV Integrators","01","MidWest","U1DXP3","United States","Americas - LLC","3000","Andre White",null,"Undefined",null,"Illinois","United States","United States","Illinois","DIRECT","AV CAPTURE & COLLABORATION - CAMERAS","4210","2",{"v":-1.2802866274873699,"d":"-1.28"},193.98,73.72,6,1163.88,"USD",1,1163.88]
[1376694992,"01","131675","131675",null,"Invoice","Vaddio","B0004","Dealer","001","Unassigned","3000","Undefined","3000","AVITECTURE INC","AVITECTURE INC","Americas LLC",4.6,27.58,"07/06/2021","Standard Distribution","01","Unassigned","0002673743","Standard Order","TA","AV CONTENT CAPTURE (VADDIO)",2021,"2021-07",27,"Vaddio","Accessories","RACK","AV","001","998-6000-004","","AVITECTURE INC","Vaddio","3002","20164","E","B0004","B0004P0440","B0004P0440G0014120","Unassigned","SINGLE 1/2 RACK MOUNTING KIT","Other/Misc","B0004P0440G0014120","US Camera Profit Center","3000","0097356673","Unassigned","AV Integrators","01","NorthEast","U1DXP1","United States","Americas - LLC","3000","Geoff Gibbs",null,"Undefined",null,"Unassigned","United States","United States","Unassigned","DIRECT","AV CAPTURE & COLLABORATION - CAMERAS","4210","2",{"v":0.530633083730429,"d":"0.53"},58.76,4.6,6,352.56,"USD",1,352.56]
[1376782742,"01","131337","131337",null,"Invoice","Vaddio","B0004","Dealer","001","Unassigned","3000","Undefined","3000","GO MEDIA LLC","GO MEDIA LLC","Americas LLC",65.83,1184.93,"02/22/2021","Standard Distribution","01","Unassigned","0002557309","Standard Order","TA","AV CONTENT CAPTURE (VADDIO)",2021,"2021-02",0,"Vaddio","CAMERA MOUNT","CEILING","AV","001","535-2000-290","","GO MEDIA LLC","Vaddio","3002","70508","E","B0004","B0004P0420","B0004P0420G0014055","Unassigned","DROP DN MT FOR SMALL PTZ CAMERAS - SHORT","Projection Screens","B0004P0420G0014055","US Camera Profit Center","3000","0096830489","Unassigned","AV Integrators","01","South","U1DXP2","United States","Americas - LLC","3000","David Sweeney",null,"Undefined",null,"Unassigned","United States","United States","Unassigned","DIRECT","AV CAPTURE & COLLABORATION - CAMERAS","4210","2",{"v":-5.542237190812721,"d":"-5.54"},181.12,65.83,18,3260.16,"USD",1,3260.16]
[1376849242,"01","112194","112194",null,"Invoice","Vaddio","B0004","Distributor - National","002","Unassigned","5000","Undefined","3000","IMAGO SONAS","IMAGO SONAS","Europe BV",178.68,357.36,"06/28/2021","Standard Distribution","01","Unassigned","0002665553","Standard Order","TA","AV CONTENT CAPTURE (VADDIO)",2021,"2021-06",0,"Vaddio","Accessories","MISCELLANOUS","AV","001","999-9995-004","","IMAGO SONAS","Weert","5050","2730","X","B0004","B0004P0440","B0004P0440G0014110","Unassigned","HDMI AUDIO EMBEDDER KIT","Other/Misc","B0004P0440G0014110","Europe Camera Profit Center","5000","0800328498","Unassigned","AV Distribution","08","Nordics","E1DXX7","Europe, the Middle East, and Africa","Europe - BV","5000","Cm Rickard Olsson",null,"Undefined",null,"Undefined","Denmark","Denmark","Undefined","DIRECT","AV CAPTURE & COLLABORATION - CAMERAS","4210","2",{"v":-0.9535875358753587,"d":"-0.95"},182.925,178.68,2,365.85,"EUR",0.81974,299.9]
[1376937062,"01","134772","134772",null,"Invoice","Vaddio","B0004","Dealer","001","Unassigned","3000","Undefined","3000","CLOUD9 SMART, LLC","CLOUD9 SMART, LLC","Americas LLC",829.47,2488.41,"11/22/2021","Standard Distribution","01","Unassigned","0002789303","Standard Order","TA","AV CONTENT CAPTURE (VADDIO)",2021,"2021-11",27,"Vaddio","PTZ CAMERA","NATIVE","Residential","003","999-21100-000","","CLOUD9 SMART, LLC","Vaddio","3002","10003","E","B0004","B0004P0400","B0004P0400G0014005","Unassigned","IntelliSHOT USB Camera BLK","Projection Screens","B0004P0400G0014005","US Camera Profit Center","3000","0097965723","ATLANTIC INTEGRATED LLC","Residential AV","02","East - Resi","UXDXH4","United States","Americas - LLC","3000","Michael Dailey",null,"Undefined",null,"New York","United States","United States","New York","DIRECT","AV CAPTURE & COLLABORATION - CAMERAS","4210","3",{"v":-0.580695569318723,"d":"-0.58"},1574.25,829.47,3,4722.75,"USD",1,4722.75]
[1376956352,"05",null,"141800",null,"Credit Memo","Vaddio","B0004","Dealer","001","Unassigned","3000","Undefined","3000","1TST - MILESTONE INC. SAVAGE (3000)","LEGRAND HOLDING INC","Americas LLC",0,0,"02/07/2022","Standard Distribution","01","Unassigned","0060571590","Credit Memo Request","G2","AV CONTENT CAPTURE (VADDIO)",2022,"2022-02",0,"Vaddio","CAM EXTENSIONS","EXT CABLES","AV","001","440-1005-061","","LEGRAND HOLDING INC","Vaddio","3002","06110","F","B0004","B0004P0415","B0004P0415G0014040","Unassigned","ACTIVE OPTICAL USB 3.0 A/B PLENUM 8M","Projection Screens","B0004P0415G0014040","US Camera Profit Center","3000","0098377340","Unassigned","AV Integrators","01","House Account","U1DXP5","United States","Americas - LLC","3000","Unassigned",null,"Undefined",null,"New Jersey","United States","United States","Unassigned","DIRECT","AV CAPTURE & COLLABORATION - CAMERAS","4210","4",{"v":0,"d":"0.00"},null,0,0,-78.42,"USD",1,-78.42]
[1376968048,"01",null,"132603",null,"Invoice","Vaddio","B0004","Dealer","001","USAV BUYING GROUP","3000","Undefined","3000","VISUAL SOUND/KUNZ AV, INC","VISUAL SOUND COMPANY","Americas LLC",213.18,426.36,"03/12/2021","Standard Distribution","01","Unassigned","0002573962","Standard Order","TA","AV CONTENT CAPTURE (VADDIO)",2021,"2021-03",2,"Vaddio","Accessories","CABLES & CONNECTORS","AV","001","999-1005-052","","VISUAL SOUND COMPANY","Vaddio","3002","19008","E","B0004","B0004P0440","B0004P0440G0014105","Unassigned","EXTREME USB 2.0 EXTENDER NA","Other/Misc","B0004P0440G0014105","US Camera Profit Center","3000","0096897719","Unassigned","AV Integrators","01","NorthEast","U1DXP1","United States","Americas - LLC","3000","Alexandra  Trop",null,"Undefined",null,"Unassigned","United States","United States","Unassigned","DIRECT","AV CAPTURE & COLLABORATION - CAMERAS","4210","2",{"v":-0.02063484464020693,"d":"-0.02"},417.74,213.18,2,835.48,"USD",1,835.48]
[1376993263,"01",{"$nulls":3},"Credit Memo","Vaddio","B0004","Undefined","000","Unassigned","3000","Undefined","3000","ENTER ALTERNATE ADDRESS (US)","VADDIO MARKETING","Americas LLC",0,0,"10/18/2021","Standard Distribution","01","Unassigned","0060540753","Credit Memo Request","G2","AV CONTENT CAPTURE (VADDIO)",2021,"2021-10",-27,"Vaddio","PTZ CAMERA","NATIVE","AV","001","999-21100-000","","VADDIO MARKETING","Vaddio","3002","55305","E","B0004","B0004P0400","B0004P0400G0014005","Unassigned","IntelliSHOT USB Camera BLK","Projection Screens","B0004P0400G0014005","US Camera Profit Center","3000","0097833048","Unassigned","AV Integrators","01","House Account","U1DXP5","United States","Americas - LLC","3000","House Account Z1",null,"Undefined",null,"Unassigned","United States","United States","Unassigned","DIRECT","AV CAPTURE & COLLABORATION - CAMERAS","4210","0",{"v":0,"d":"0.00"},null,0,0,-1574.25,"USD",1,-1574.25]
[1377001025,"01",null,"107518",null,"Credit for Returns","Vaddio","B0004","Distributor - National","002","Unassigned","5000","Undefined","3000","MIDWICH LTD","MIDWICH LIMITED","Europe BV",776.74,-776.74,"05/31/2021","Standard Distribution","01","Unassigned","0060500211","RMA - Return Auth.","ZRE","AV CONTENT CAPTURE (VADDIO)",2021,"2021-05",0,"Vaddio","PTZ CAMERA","EXTENSION KIT","AV","001","999-30420-001W","","MIDWICH LIMITED","Weert","5050","IP22 4YT","X","B0004","B0004P0400","B0004P0400G0014000","Unassigned","PrimeSHOT 20 HDMI Camera White INT","Projection Screens","B0004P0400G0014000","Europe Camera Profit Center","5000","0800322019","Unassigned","AV Distribution","08","UK/Ireland","E1DXX4","Europe, the Middle East, and Africa","Europe - BV","5000","Cm Marcus Bond",null,"Undefined",null,"Undefined","United Kingdom","United Kingdom","Undefined","DIRECT","AV CAPTURE & COLLABORATION - CAMERAS","4210","1",{"v":0,"d":"0.00"},1545.3,776.74,-1,-1545.3,"EUR",0.82754,-1278.8]
[1377005656,"01","126352","126352",null,"Invoice","Vaddio","B0004","Distributor - National","002","Unassigned","3000","Undefined","3000","GREEN SOURCES PVT. LTD.","GREEN SOURCES PVT. LTD.","Americas LLC",68.32,68.32,"05/17/2021","Standard Distribution","01","Unassigned","0002627852","Standard Order","TA","AV CONTENT CAPTURE (VADDIO)",2021,"2021-05",0,"Vaddio","CAMERA MOUNT","CEILING","AV","001","535-2000-293","","GREEN SOURCES PVT. LTD.","Vaddio","3002","400063","E","B0004","B0004P0420","B0004P0420G0014055","Unassigned","DROP DN MT FOR LARGE PTZ CAMERAS - LONG","Projection Screens","B0004P0420G0014055","US Camera Profit Center","3010","0097172154","Unassigned","AV Distribution","08","Undefined","0000000","Undefined","Export","3010","Cm Arnaud Monge",null,"Undefined",null,"Unassigned","India","India","Unassigned","DIRECT","AV CAPTURE & COLLABORATION - CAMERAS","4210","1",{"v":0.6492813141683779,"d":"0.65"},194.8,68.32,1,194.8,"USD",1,194.8]
[1377025102,"01",null,"136940",null,"Invoice","Vaddio","B0004","Dealer","001","INDEAL INC  LEGACY","3000","Undefined","3000","CI SELECT WAREHOUSE-MO","CORPORATE INTERIORS","Americas LLC",847,847,"10/08/2021","Standard Distribution","01","Unassigned","0002750887","Standard Order","TA","AV CONTENT CAPTURE (VADDIO)",2021,"2021-10",27,"Vaddio","PTZ CAMERA","NATIVE","AV","001","999-99400-000W","","CORPORATE INTERIORS","Vaddio","3002","63146","E","B0004","B0004P0400","B0004P0400G0014005","Unassigned","ROBOSHOT 12E HDMI WHT","Projection Screens","B0004P0400G0014005","US Camera Profit Center","3000","0097779095","Unassigned","Workstation","05","MidWest","U1DXP3","United States","Americas - LLC","3000","Andre White",null,"Undefined",null,"Unassigned","United States","United States","Unassigned","DIRECT","AV CAPTURE & COLLABORATION - CAMERAS","4210","2",{"v":0.5716835818782207,"d":"0.57"},1977.51,847,1,1977.51,"USD",1,1977.51]
[1377030853,"01",null,"132189",null,"Invoice","Vaddio","B0004","Dealer","001","Unassigned","3000","Undefined","3000","ONE TIME - BID SHIP TO ONLY","COMMUNICATIONS AV","Americas LLC",1229.68,7378.07,"03/31/2021","Standard Distribution","01","Unassigned","0002587889","Standard Order","TA","AV CONTENT CAPTURE (VADDIO)",2021,"2021-03",38,"Vaddio","PTZ CAMERA","EXTENSION KIT","AV","001","999-99600-100W","","COMMUNICATIONS AV","Vaddio","3002","19073","E","B0004","B0004P0400","B0004P0400G0014000","Unassigned","RoboSHOT 12E OneLINK HDMI SYS WHT","Projection Screens","B0004P0400G0014000","US Camera Profit Center","3000","0096992320","Unassigned","AV Integrators","01","NorthEast","U1DXP1","United States","Americas - LLC","3000","Alexandra  Trop",null,"Undefined",null,"Unassigned","United States","United States","Unassigned","DIRECT","AV CAPTURE & COLLABORATION - CAMERAS","4210","2",{"v":-1.3876476489433998,"d":"-1.39"},3090.1,1229.68,6,18540.6,"USD",1,18540.6]
[1377050498,"01",null,"132729",null,"Invoice","Vaddio","B0004","Dealer","001","USAV BUYING GROUP","3000","Undefined","3000","VICOM VA INTEGRATED COM","VICOM VA INTEGRATED COM","Americas LLC",872.52,1745.03,"12/07/2021","Standard Distribution","01","Unassigned","0002742057","Standard Order","TA","AV CONTENT CAPTURE (VADDIO)",2021,"2021-12",12,"Vaddio","PTZ CAMERA","NATIVE","AV","001","999-99230-000","","VICOM VA INTEGRATED COM","Vaddio","3002","23462","E","B0004","B0004P0400","B0004P0400G0014005","Unassigned","RoboSHOT 30E USB","Projection Screens","B0004P0400G0014005","US Camera Profit Center","3000","0098044812","Unassigned","AV Integrators","01","NorthEast","U1DXP1","United States","Americas - LLC","3000","Geoff Gibbs",null,"Undefined",null,"Unassigned","United States","United States","Unassigned","DIRECT","AV CAPTURE & COLLABORATION - CAMERAS","4210","1",{"v":0.3882539771572002,"d":"0.39"},2852.54,872.52,2,5705.08,"USD",1,5705.08]
[1377063328,"01",null,"139845",null,"Invoice","Vaddio","B0004","Distributor - National","002","Unassigned","3000","Undefined","3000","HERMAN - ATLANTA","HERMAN PRO AV","Americas LLC",830.57,830.57,"12/17/2021","Standard Distribution","01","HERMAN","0002809435","Standard Order","TA","AV CONTENT CAPTURE (VADDIO)",2021,"2021-12",0,"Vaddio","PTZ CAMERA","NATIVE","AV","001","999-99400-000W","","HERMAN PRO AV","Vaddio","3002","33025","E","B0004","B0004P0400","B0004P0400G0014005","Unassigned","ROBOSHOT 12E HDMI WHT","Projection Screens","B0004P0400G0014005","US Camera Profit Center","3000","0098124345","Unassigned","AV Distribution","08","US - Channel Sales","U1DXC1","United States","Americas - LLC","3000","Patrick Mead",null,"Undefined",null,"Georgia","United States","United States","Unassigned","DIRECT","AV CAPTURE & COLLABORATION - CAMERAS","4210","0",{"v":0.5410784438317411,"d":"0.54"},1809.83,830.57,1,1809.83,"USD",1,1809.83]
[1377072325,"01",null,"132696",null,"Invoice","Vaddio","B0004","Dealer","001","Unassigned","3000","Undefined","3000","U-HAUL MOVING AND STORAGE","HOWARD INDUSTRIES INC","Americas LLC",244.88,2938.53,"03/02/2022","Standard Distribution","01","Unassigned","0002863881","Standard Order","TA","AV CONFERENCING (VADDIO)",2022,"2022-03",51,"Vaddio","CONFERENCE","AUDIO","AV","001","999-85810-000","","HOWARD INDUSTRIES INC","Vaddio","3002","39437","E","B0004","B0004P0435","B0004P0435G0014090","Unassigned","EasyIP CeilingMIC D White","Projection Screens","B0004P0435G0014090","US Camera Profit Center","3000","0098483585","Unassigned","AV Integrators","01","South","U1DXP2","United States","Americas - LLC","3000","Angela Tener",null,"Undefined",null,"Georgia","United States","United States","Unassigned","DIRECT","AV CAPTURE & COLLABORATION - CAMERAS","4210","1",{"v":-3.432105096454051,"d":"-3.43"},663.01,244.88,12,7956.12,"USD",1,7956.12]
[1377087249,"01",null,"139846",null,"EDI Invoice","Vaddio","B0004","Distributor - National","002","Unassigned","3000","Undefined","3000","ENTER ALTERNATE ADDRESS (US)","SYNNEX - CA (VADDIO)","Americas LLC",1230.55,1230.55,"11/30/2021","Standard Distribution","01","SYNNEX","0040969678","EDI Order","ZEDI","AV CONTENT CAPTURE (VADDIO)",2021,"2021-11",0,"Vaddio","PTZ CAMERA","EXTENSION KIT","IT/DMR","002","999-99600-100W","","SYNNEX - CA (VADDIO)","Vaddio","3002","94538","E","B0004","B0004P0400","B0004P0400G0014000","Unassigned","RoboSHOT 12E OneLINK HDMI SYS WHT","Projection Screens","B0004P0400G0014000","US Camera Profit Center","3000","0098027214","Unassigned","IT Distribution","12","US - Channel Sales","U1DXC1","United States","Americas - LLC","3000","Beth Roberson",null,"Undefined",null,"Unassigned","United States","United States","Unassigned","DIRECT","AV CAPTURE & COLLABORATION - CAMERAS","4210","0",{"v":0.6085401894073148,"d":"0.61"},3143.49,1230.55,1,3143.49,"USD",1,3143.49]
[1377087317,"01",null,"131966",null,"EDI Invoice","Vaddio","B0004","Distributor - Regional","003","Unassigned","3000","Undefined","3000","ENTER ALTERNATE ADDRESS (US)","ANIXTER INC","Americas LLC",1229.61,4918.42,"12/07/2021","Standard Distribution","01","ANIXTER","0040993541","EDI Order","ZEDI","AV CONTENT CAPTURE (VADDIO)",2021,"2021-12",0,"Vaddio","PTZ CAMERA","EXTENSION KIT","AV","001","999-99630-100","","ANIXTER INC","Vaddio","3002","60026","E","B0004","B0004P0400","B0004P0400G0014000","Unassigned","RoboSHOT 30E OneLINK HDMI SYS","Projection Screens","B0004P0400G0014000","US Camera Profit Center","3000","0098044581","Unassigned","Enterprise Distribution","13","US - Channel Sales","U1DXC1","United States","Americas - LLC","3000","Brett Avery",null,"Undefined",null,"North Carolina","United States","United States","Illinois","DIRECT","AV CAPTURE & COLLABORATION - CAMERAS","4210","1",{"v":-0.39231039246325605,"d":"-0.39"},3532.56,1229.61,4,14130.24,"USD",1,14130.24]
[1377088257,"01","132006","132006",null,"Invoice","Vaddio","B0004","Dealer","001","USAV BUYING GROUP","3000","Undefined","3000","BLUEWATER TECHNOLOGIES","BLUEWATER TECHNOLOGIES","Americas LLC",1768.42,7073.66,"12/29/2021","Standard Distribution","01","Unassigned","0002813473","Standard Order","TA","AV CONTENT CAPTURE (VADDIO)",2021,"2021-12",52,"Vaddio","PTZ CAMERA","EXTENSION KIT","AV","001","999-9950-100","","BLUEWATER TECHNOLOGIES","Vaddio","3002","48393","E","B0004","B0004P0400","B0004P0400G0014000","Unassigned","ROBOSHOT 20 UHD ONELINK HDMI SYSTEM N/A","Projection Screens","B0004P0400G0014000","US Camera Profit Center","3000","0098184435","Unassigned","AV Integrators","01","MidWest","U1DXP3","United States","Americas - LLC","3000","Aaron Silveus",null,"Undefined",null,"Unassigned","United States","United States","Unassigned","DIRECT","AV CAPTURE & COLLABORATION - CAMERAS","4210","1",{"v":-0.679801282827635,"d":"-0.68"},4211.01,1768.42,4,16844.04,"USD",1,16844.04]
[1377095651,"01","145767","145767",null,"Invoice","Vaddio","B0004","Distributor - National","002","Unassigned","3200","Undefined","3000","DATAVISUAL - CAD CURRENCY ONLY","DATAVISUAL - CAD CURRENCY ONLY","Canada ULC",1989.34,1989.34,"02/09/2021","Standard Distribution","01","Unassigned","0002546293","Standard Order","TA","AV CONTENT CAPTURE (VADDIO)",2021,"2021-02",0,"Vaddio","PTZ CAMERA","NATIVE","AV","001","999-99400-000W","","DATAVISUAL - CAD CURRENCY ONLY","Vaddio","3002","K1J 0B3","E","B0004","B0004P0400","B0004P0400G0014005","Unassigned","ROBOSHOT 12E HDMI WHT","Projection Screens","B0004P0400G0014005","Canada Camera Profit Center","3200","0096774086","Unassigned","AV Distribution","08","Central","C1XXP3","Canada","Canada - ULC","3200","David Galos",null,"Undefined",null,"Ontario","Canada","Canada","Ontario","DIRECT","AV CAPTURE & COLLABORATION - CAMERAS","4210","1",{"v":-0.055935370177710775,"d":"-0.06"},1883.96,1989.34,1,1883.96,"CAD",1.27669,2405.23]
[1377107106,"01",null,"139819",null,"Invoice","Vaddio","B0004","Distributor - National","002","Unassigned","3000","Undefined","3000","ENTER ALTERNATE ADDRESS (US)","AB DISTRIBUTING INC (VADDIO)","Americas LLC",57.92,115.83,"06/21/2021","Standard Distribution","01","AB","0002660790","Standard Order","TA","AV CONTENT CAPTURE (VADDIO)",2021,"2021-06",0,"Vaddio","CAMERA MOUNT","CEILING","IT/DMR","002","535-2000-292","AB DISTRIBUTING","AB DISTRIBUTING","Vaddio","3002","60004","E","B0004","B0004P0420","B0004P0420G0014055","Unassigned","DROP DN MT FOR LARGE PTZ CAMERAS - SHORT","Projection Screens","B0004P0420G0014055","US Camera Profit Center","3000","0097300546","Unassigned","IT Distribution","12","US - Channel Sales","U1DXC1","United States","Americas - LLC","3000","Jack Gerts",null,"Undefined",null,"Unassigned","United States","United States","Illinois","DIRECT","AV CAPTURE & COLLABORATION - CAMERAS","4210","0",{"v":0.4121796498350673,"d":"0.41"},197.05,57.92,2,394.1,"USD",1,394.1]
[1377107267,"01",null,"133050",null,"Invoice","Vaddio","B0004","Dealer","001","Unassigned","3000","Undefined","3000","MECHDYNE CORPORATION - NEVADA ST","MECHDYNE CORPORATION - IA","Americas LLC",1225.77,2451.54,"01/28/2021","Standard Distribution","01","Unassigned","0002537243","Standard Order","TA","AV CONTENT CAPTURE (VADDIO)",2021,"2021-01",20,"Vaddio","PTZ CAMERA","EXTENSION KIT","AV","001","999-99600-100W","","MECHDYNE CORPORATION - IA","Vaddio","3002","50158","E","B0004","B0004P0400","B0004P0400G0014000","Unassigned","RoboSHOT 12E OneLINK HDMI SYS WHT","Projection Screens","B0004P0400G0014000","US Camera Profit Center","3000","0096717133","Unassigned","AV Integrators","01","MidWest","U1DXP3","United States","Americas - LLC","3000","Steve Woll",null,"Undefined",null,"Iowa","United States","United States","Iowa","DIRECT","AV CAPTURE & COLLABORATION - CAMERAS","4210","2",{"v":0.2859814064029079,"d":"0.29"},3433.44,1225.77,2,6866.88,"USD",1,6866.88]
[1377125545,"01",null,"139819",null,"Invoice","Vaddio","B0004","Distributor - National","002","Unassigned","3000","Undefined","3000","ENTER ALTERNATE ADDRESS (US)","AB DISTRIBUTING INC (VADDIO)","Americas LLC",10.22,71.55,"03/18/2021","Standard Distribution","01","AB","0002578242","Standard Order","TA","AV CONTENT CAPTURE (VADDIO)",2021,"2021-03",0,"Vaddio","Accessories","RACK","IT/DMR","002","998-6000-006","AB DISTRIBUTING","AB DISTRIBUTING","Vaddio","3002","60004","E","B0004","B0004P0440","B0004P0440G0014120","Unassigned","DUAL 1/2 RACK MOUNTING KIT","Other/Misc","B0004P0440G0014120","US Camera Profit Center","3000","0096934224","Unassigned","IT Distribution","12","US - Channel Sales","U1DXC1","United States","Americas - LLC","3000","Jack Gerts",null,"Undefined",null,"Georgia","United States","United States","Illinois","DIRECT","AV CAPTURE & COLLABORATION - CAMERAS","4210","0",{"v":-0.006046119235095571,"d":"-0.01"},71.12,10.22,7,497.84,"USD",1,497.84]
[1377128488,"01",null,"131672",null,"EDI Invoice","Vaddio","B0004","Dealer","001","Unassigned","3000","Undefined","3000","ENTER ALTERNATE ADDRESS (US)","AVI-SPL LLC","Americas LLC",1767.31,1767.31,"11/30/2021","Standard Distribution","01","Unassigned","0040971056","EDI Order","ZEDI","AV CONTENT CAPTURE (VADDIO)",2021,"2021-11",0,"Vaddio","PTZ CAMERA","EXTENSION KIT","AV","001","999-9950-100W","AVI-SPL","AVI-SPL","Vaddio","3002","33634","E","B0004","B0004P0400","B0004P0400G0014000","Unassigned","ROBOSHOT 20 UHD ONELINK HDMI SYS-WHT N/A","Projection Screens","B0004P0400G0014000","US Camera Profit Center","3000","0098026157","Unassigned","AV Integrators","01","NorthEast","U1DXP1","United States","Americas - LLC","3000","Geoff Gibbs",null,"Undefined",null,"Unassigned","United States","United States","Unassigned","DIRECT","AV CAPTURE & COLLABORATION - CAMERAS","4210","1",{"v":0.6306747414967693,"d":"0.63"},4785.24,1767.31,1,4785.24,"USD",1,4785.24]
[1377148411,"01",null,"131966",null,"EDI Invoice","Vaddio","B0004","Distributor - Regional","003","Unassigned","3000","Undefined","3000","ANIXTER INC - ALSIP","ANIXTER INC","Americas LLC",83.55,83.55,"02/25/2021","Standard Distribution","01","ANIXTER","0040753752","EDI Order","ZEDI","AV CONTENT CAPTURE (VADDIO)",2021,"2021-02",0,"Vaddio","CAMERA MOUNT","CEILING","AV","001","535-2000-296","","ANIXTER INC","Vaddio","3002","60026","E","B0004","B0004P0420","B0004P0420G0014055","Unassigned","OFF-SET DROP DN MT FOR HD SERIES CAMERAS","Projection Screens","B0004P0420G0014055","US Camera Profit Center","3000","0096838142","Unassigned","Enterprise Distribution","13","US - Channel Sales","U1DXC1","United States","Americas - LLC","3000","Brett Avery",null,"Undefined",null,"Illinois","United States","United States","Illinois","DIRECT","AV CAPTURE & COLLABORATION - CAMERAS","4210","1",{"v":0.5954191080335093,"d":"0.60"},206.51,83.55,1,206.51,"USD",1,206.51]
[1377161505,"01",null,"133720",null,"Invoice Repair","Vaddio","B0004","Dealer","001","Unassigned","3000","Undefined","3000","TAURUS TECHNOLOGIES INC","TAURUS TECHNOLOGIES INC","Americas LLC",0,0,"11/08/2021","Standard Distribution","01","Unassigned","0060541726","Undefined","00","AV CONTENT CAPTURE (VADDIO)",2021,"2021-11",0,"Vaddio","CAM EXTENSIONS","EXT CABLES","AV","001","440-1005-025","","TAURUS TECHNOLOGIES INC","Vaddio","3002","75028","F","B0004","B0004P0415","B0004P0415G0014040","Unassigned","CABLE ACTIVE 3.0 TYPE-A TO B M/M 30M","Projection Screens","B0004P0415G0014040","US Camera Profit Center","3000","0004356826","Unassigned","AV Integrators","01","South","U1DXP2","United States","Americas - LLC","3000","Ken Phillips",null,"Undefined",null,"Texas","United States","United States","Texas","DIRECT","AV CAPTURE & COLLABORATION - CAMERAS","4210","2",{"v":0,"d":"0.00"},282.15,0,-1,-282.15,"USD",1,-282.15]
[1377166337,"01",null,"131671",null,"Invoice Repair","Vaddio","B0004","Dealer","001","Unassigned","3000","Undefined","3000","ENTER ALTERNATE ADDRESS (US)","AVI SYSTEMS, INC","Americas LLC",0,0,"09/27/2021","Standard Distribution","01","Unassigned","0065107658","Undefined","00","AV CONTENT CAPTURE (VADDIO)",2021,"2021-09",0,"Vaddio","SERVICE","ADV_REPL","AV","001","ADV_REPL","AVI SYSTEMS, INC","AVI SYSTEMS, INC","Vaddio","3002","66214","U","B0004","B0004P0445","B0004P0445G0014155","Unassigned","Advanced Replacement","Other/Misc","B0004P0445G0014155","US Camera Profit Center","3000","0004309566","Unassigned","AV Integrators","01","MidWest","U1DXP3","United States","Americas - LLC","3000","Steve Woll",null,"Undefined",null,"Unassigned","United States","United States","Kansas","DIRECT","AV CAPTURE & COLLABORATION - CAMERAS","4210","1",{"v":0,"d":"0.00"},1731.81,0,1,1731.81,"USD",1,1731.81]
[1377172596,"01","132769","132769",null,"Invoice","Vaddio","B0004","Dealer","001","Unassigned","3000","Undefined","3000","ICS - INTEGRATED COMMUNICATION SYS.","ICS - INTEGRATED COMMUNICATION SYS.","Americas LLC",8.27,8.27,"12/16/2021","Standard Distribution","01","Unassigned","0002806258","Standard Order","TA","AV CONTENT CAPTURE (VADDIO)",2021,"2021-12",27,"Vaddio","CAMERA MOUNT","WALL","AV","001","535-2000-251","","ICS - INTEGRATED COMMUNICATION SYS.","Vaddio","3002","95119","E","B0004","B0004P0420","B0004P0420G0014060","Unassigned","THIN PROFILE WALL MNT PR60/HD EAGLE EYE","Projection Screens","B0004P0420G0014060","US Camera Profit Center","3000","0098120903","Unassigned","AV Integrators","01","West","U1DXP4","United States","Americas - LLC","3000","Cynthia Podgurski",null,"Undefined",null,"Unassigned","United States","United States","Unassigned","DIRECT","AV CAPTURE & COLLABORATION - CAMERAS","4210","2",{"v":0.935931205453982,"d":"0.94"},129.08,8.27,1,129.08,"USD",1,129.08]
[1377194591,"01",null,"131886",null,"Invoice","Vaddio","B0004","Dealer","001","PROFESSIONAL SYSTEMS NETWORK INTL","3000","Undefined","3000","AVIDEX - FREMONT","AVIDEX INDUSTRIES INC.","Americas LLC",73.73,147.45,"08/24/2021","Standard Distribution","01","Unassigned","0002713888","Standard Order","TA","AV CONTENT CAPTURE (VADDIO)",2021,"2021-08",29,"Vaddio","CAMERA MOUNT","CEILING","AV","001","535-2000-290","","AVIDEX INDUSTRIES INC.","Vaddio","3002","98052","E","B0004","B0004P0420","B0004P0420G0014055","Unassigned","DROP DN MT FOR SMALL PTZ CAMERAS - SHORT","Projection Screens","B0004P0420G0014055","US Camera Profit Center","3000","0097587299","Unassigned","AV Integrators","01","West","U1DXP4","United States","Americas - LLC","3000","Cynthia Podgurski",null,"Undefined",null,"Unassigned","United States","United States","Unassigned","DIRECT","AV CAPTURE & COLLABORATION - CAMERAS","4210","1",{"v":0.23987008969996904,"d":"0.24"},193.98,73.73,2,387.96,"USD",1,387.96]
[1377194829,"02",null,"103335",null,"EDI Invoice","Vaddio","B0004","Distributor - National","002","Unassigned","3000","Undefined","3000","ENTER ALTERNATE ADDRESS (US)","ADI","Americas LLC",1231.23,4924.93,"08/17/2021","Standard Distribution","01","Unassigned","0040877525","EDI Order","ZEDI","AV CONTENT CAPTURE (VADDIO)",2021,"2021-08",0,"Vaddio","PTZ CAMERA","EXTENSION KIT","Residential","003","999-99600-100","","ADI","Vaddio","3002","79926","E","B0004","B0004P0400","B0004P0400G0014000","Unassigned","RoboSHOT 12E OneLINK HDMI SYS","Projection Screens","B0004P0400G0014000","US Camera Profit Center","3000","0097545682","Unassigned","Residential AV","02","Resi Other","UXDXH5","United States","Americas - LLC","3000","Keith Ebert",null,"Undefined",null,"New Jersey","United States","United States","Texas","DIRECT","AV CAPTURE & COLLABORATION - CAMERAS","4210","1",{"v":-0.5667077038578143,"d":"-0.57"},3143.49,1231.23,4,12573.96,"USD",1,12573.96]
[1377237843,"01","145767","145767",null,"Invoice","Vaddio","B0004","Distributor - National","002","Unassigned","3200","Undefined","3000","DATAVISUAL - CAD CURRENCY ONLY","DATAVISUAL - CAD CURRENCY ONLY","Canada ULC",638.42,1276.84,"01/28/2021","Standard Distribution","01","Unassigned","0002537387","Standard Order","TA","AV CONTENT CAPTURE (VADDIO)",2021,"2021-01",0,"Vaddio","CAM EXTENSIONS","ONELINK","AV","001","999-9560-000","","DATAVISUAL - CAD CURRENCY ONLY","Vaddio","3002","K1J 0B3","E","B0004","B0004P0415","B0004P0415G0014030","Unassigned","ONELINK HDMI CISCO CODEC/CISCO CAM N/A","Projection Screens","B0004P0415G0014030","Canada Camera Profit Center","3200","0096716137","Unassigned","AV Distribution","08","Central","C1XXP3","Canada","Canada - ULC","3200","David Galos",null,"Undefined",null,"Ontario","Canada","Canada","Ontario","DIRECT","AV CAPTURE & COLLABORATION - CAMERAS","4210","1",{"v":-0.009794733699499014,"d":"-0.01"},1264.455,638.42,2,2528.91,"CAD",1.27669,3228.63]
[1377251433,"01","132603","132603",null,"Invoice","Vaddio","B0004","Dealer","001","USAV BUYING GROUP","3000","Undefined","3000","VISUAL SOUND COMPANY","VISUAL SOUND COMPANY","Americas LLC",1580.75,4742.26,"08/16/2021","Standard Distribution","01","Unassigned","0002706479","Standard Order","TA","AV CONTENT CAPTURE (VADDIO)",2021,"2021-08",29,"Vaddio","PTZ CAMERA","EXTENSION KIT","AV","001","999-99600-200W","","VISUAL SOUND COMPANY","Vaddio","3002","19008","E","B0004","B0004P0400","B0004P0400G0014000","Unassigned","RoboSHOT 12E OneLINK BRIDGE SYS WHT","Projection Screens","B0004P0400G0014000","US Camera Profit Center","3000","0097543849","Unassigned","AV Integrators","01","NorthEast","U1DXP1","United States","Americas - LLC","3000","Alexandra  Trop",null,"Undefined",null,"Unassigned","United States","United States","Unassigned","DIRECT","AV CAPTURE & COLLABORATION - CAMERAS","4210","2",{"v":-0.13979921213475932,"d":"-0.14"},4160.61,1580.75,3,12481.83,"USD",1,12481.83]
[1377258158,"01",null,"139845",null,"Invoice","Vaddio","B0004","Distributor - National","002","Unassigned","3000","Undefined","3000","HERMAN - ATLANTA","HERMAN PRO AV","Americas LLC",258.86,517.71,"05/13/2021","Standard Distribution","01","HERMAN","0002626794","Standard Order","TA","AV CONTENT CAPTURE (VADDIO)",2021,"2021-05",0,"Vaddio","CAM EXTENSIONS","EXT CABLES","AV","001","440-1005-023","","HERMAN PRO AV","Vaddio","3002","33025","F","B0004","B0004P0415","B0004P0415G0014040","Unassigned","CABLE ACTIVE 3.0 TYPE-A TO B M/M 20M","Projection Screens","B0004P0415G0014040","US Camera Profit Center","3000","0097157269","Unassigned","AV Distribution","08","US - Channel Sales","U1DXC1","United States","Americas - LLC","3000","Patrick Mead",null,"Undefined",null,"Georgia","United States","United States","Unassigned","DIRECT","AV CAPTURE & COLLABORATION - CAMERAS","4210","0",{"v":-0.4807791316286254,"d":"-0.48"},349.62,258.86,2,699.24,"USD",1,699.24]
[1377322795,"01",null,"133340",null,"Credit Memo","Vaddio","B0004","Distributor - Regional","003","THE POWERHOUSE GROUP","3000","Undefined","3000","ENTER ALTERNATE ADDRESS (US)","PIONEER MUSIC CO INC","Americas LLC",0,0,"01/21/2022","Standard Distribution","01","Unassigned","0060571678","Invoice Correct. Req","RK","AV CONTENT CAPTURE (VADDIO)",2022,"2022-01",0,"Vaddio","CAM EXTENSIONS","EXT CABLES","Residential","003","440-1005-008","","PIONEER MUSIC CO INC","Vaddio","3002","66215","F","B0004","B0004P0415","B0004P0415G0014040","Unassigned","USB 3.0 CABLE 8METER TYPE A TO B ACTIVE","Projection Screens","B0004P0415G0014040","US Camera Profit Center","3000","0098316029","SYNAPSE SALES & MARKETING LLC","Residential AV","02","Resi Other","UXDXH5","United States","Americas - LLC","3000","Chris Kovacek",null,"Undefined",null,"Unassigned","United States","United States","Kansas","DIRECT","AV CAPTURE & COLLABORATION - CAMERAS","4210","2",{"v":0,"d":"0.00"},null,0,0,151.53,"USD",1,151.53]
[1377323871,"01",null,"132603",null,"Invoice Repair","Vaddio","B0004","Dealer","001","USAV BUYING GROUP","3000","Undefined","3000","ENTER ALTERNATE ADDRESS (US)","VISUAL SOUND COMPANY","Americas LLC",0,0,"02/18/2021","Standard Distribution","01","Unassigned","0065106303","Undefined","00","AV CONTENT CAPTURE (VADDIO)",2021,"2021-02",0,"Vaddio","SERVICE","ADV_REPL","AV","001","ADV_REPL","","VISUAL SOUND COMPANY","Vaddio","3002","19008","U","B0004","B0004P0445","B0004P0445G0014155","Unassigned","Advanced Replacement","Other/Misc","B0004P0445G0014155","US Camera Profit Center","3000","0004094318","Unassigned","AV Integrators","01","NorthEast","U1DXP1","United States","Americas - LLC","3000","Alexandra  Trop",null,"Undefined",null,"Unassigned","United States","United States","Unassigned","DIRECT","AV CAPTURE & COLLABORATION - CAMERAS","4210","2",{"v":0,"d":"0.00"},1724.68,0,-1,-1724.68,"USD",1,-1724.68]
[1377329451,"01","132481","132481",null,"Invoice","Vaddio","B0004","Dealer","001","Unassigned","3000","Undefined","3000","TOTAL VIDEO PRODUCTS","TOTAL VIDEO PRODUCTS","Americas LLC",412.57,825.13,"05/05/2021","Standard Distribution","01","Unassigned","0002618086","Standard Order","TA","AV CONTENT CAPTURE (VADDIO)",2021,"2021-05",8,"Vaddio","SWITCHERS","BRIDGES","AV","001","999-8240-000","","TOTAL VIDEO PRODUCTS","Vaddio","3002","08056","E","B0004","B0004P0425","B0004P0425G0014065","Unassigned","AV Bridge Mini N/A","Projection Screens","B0004P0425G0014065","US Camera Profit Center","3000","0097120769","Unassigned","AV Integrators","01","NorthEast","U1DXP1","United States","Americas - LLC","3000","Alexandra  Trop",null,"Undefined",null,"New Jersey","United States","United States","New Jersey","DIRECT","AV CAPTURE & COLLABORATION - CAMERAS","4210","1",{"v":0.4111387852101368,"d":"0.41"},1401.23,412.57,2,2802.46,"USD",1,2802.46]
[1377331204,"01",null,"145767",null,"Invoice","Vaddio","B0004","Distributor - National","002","Unassigned","3200","Undefined","3000","STRADER-FERRIS INT'L","DATAVISUAL - CAD CURRENCY ONLY","Canada ULC",219.19,876.74,"02/11/2022","Standard Distribution","01","Unassigned","0002805994","Standard Order","TA","AV CONTENT CAPTURE (VADDIO)",2022,"2022-02",0,"Vaddio","CAMERA MOUNT","CEILING","AV","001","535-2000-296","","DATAVISUAL - CAD CURRENCY ONLY","Vaddio","3002","K1J 0B3","E","B0004","B0004P0420","B0004P0420G0014055","Unassigned","OFF-SET DROP DN MT FOR HD SERIES CAMERAS","Projection Screens","B0004P0420G0014055","Canada Camera Profit Center","3200","0098397815","Unassigned","AV Distribution","08","Central","C1XXP3","Canada","Canada - ULC","3200","David Galos",null,"Undefined",null,"New York","United States","Canada","Ontario","DIRECT","AV CAPTURE & COLLABORATION - CAMERAS","4210","1",{"v":-2.8814844329337808,"d":"-2.88"},225.8775,219.19,4,903.51,"CAD",1.27397,1151.04]
[1377334856,"01",null,"131672",null,"Invoice Repair","Vaddio","B0004","Dealer","001","Unassigned","3000","Undefined","3000","ENTER ALTERNATE ADDRESS (US)","AVI-SPL LLC","Americas LLC",0,0,"07/30/2021","Standard Distribution","01","Unassigned","0065107240","Undefined","00","AV CONTENT CAPTURE (VADDIO)",2021,"2021-07",0,"Vaddio","SERVICE","ADV_REPL","AV","001","ADV_REPL","AVI-SPL","AVI-SPL","Vaddio","3002","33634","U","B0004","B0004P0445","B0004P0445G0014155","Unassigned","Advanced Replacement","Other/Misc","B0004P0445G0014155","US Camera Profit Center","3000","0004255667","Unassigned","AV Integrators","01","MidWest","U1DXP3","United States","Americas - LLC","3000","Kristin Dacey",null,"Undefined",null,"North Dakota","United States","United States","Unassigned","DIRECT","AV CAPTURE & COLLABORATION - CAMERAS","4210","1",{"v":0,"d":"0.00"},2713,0,1,2713,"USD",1,2713]
[1377341187,"01",null,"133340",null,"Invoice","Vaddio","B0004","Distributor - Regional","003","THE POWERHOUSE GROUP","3000","Undefined","3000","PIONEER MUSIC","PIONEER MUSIC CO INC","Americas LLC",241.25,241.25,"01/11/2022","Standard Distribution","01","Unassigned","0002823933","Standard Order","TA","AV CONTENT CAPTURE (VADDIO)",2022,"2022-01",6,"Vaddio","CONTROL","CAMERA","Residential","003","999-42300-000","","PIONEER MUSIC CO INC","Vaddio","3002","66215","E","B0004","B0004P0430","B0004P0430G0014075","Unassigned","Vaddio Device Controller","Projection Screens","B0004P0430G0014075","US Camera Profit Center","3000","0098256133","SYNAPSE SALES & MARKETING LLC","Residential AV","02","Resi Other","UXDXH5","United States","Americas - LLC","3000","Chris Kovacek",null,"Undefined",null,"Unassigned","United States","United States","Kansas","DIRECT","AV CAPTURE & COLLABORATION - CAMERAS","4210","2",{"v":0.47838965643986076,"d":"0.48"},462.51,241.25,1,462.51,"USD",1,462.51]
[1377354905,"01",null,"153742",null,"Invoice","Vaddio","B0004","Dealer","001","Unassigned","3000","Undefined","3000","AUDIO VISUAL COCEPTS, INC","AUDIO VISUAL CONCEPTS - PUERTO RICO","Americas LLC",987.57,987.57,"02/24/2022","Standard Distribution","01","Unassigned","0002858329","Standard Order","TA","AV CONFERENCING (VADDIO)",2022,"2022-02",0,"Vaddio","CONFERENCE","ROOM SYSTEM","AV","001","999-99950-700W","","AUDIO VISUAL CONCEPTS - PUERTO RICO","Vaddio","3002","00970","E","B0004","B0004P0435","B0004P0435G0014100","Unassigned","CSAV SYS CEILINGMIC 2 (W/O SPKR) WHT","Projection Screens","B0004P0435G0014100","US Camera Profit Center","3010","0098457869","Unassigned","AV Integrators","01","Latin Am","U1IXX3","Mexico and Latin America","Export","3010","Andres Garrido",null,"Undefined",null,"Undefined","Puerto Rico","Puerto Rico","Undefined","DIRECT","AV CAPTURE & COLLABORATION - CAMERAS","4210","1",{"v":0.5444178418699919,"d":"0.54"},2167.71,987.57,1,2167.71,"USD",1,2167.71]
[1377357302,"01",null,"133711",null,"Invoice","Vaddio","B0004","Dealer","001","PROFESSIONAL SYSTEMS NETWORK INTL","3000","Undefined","3000","DIVERSIFIED - BIRMINGHAM","ONE DIVERSIFIED (GA)","Americas LLC",597.71,597.71,"11/18/2021","Standard Distribution","01","Unassigned","0002764390","Standard Order","TA","AV CONTENT CAPTURE (VADDIO)",2021,"2021-11",27,"Vaddio","CAM EXTENSIONS","EXT HUBS","AV","001","999-1005-032","","ONE DIVERSIFIED (GA)","Vaddio","3002","30071","X","B0004","B0004P0415","B0004P0415G0014045","Unassigned","USB 3.0 EXTENDER SYSTEM N/A","Projection Screens","B0004P0415G0014045","US Camera Profit Center","3000","0097957268","Unassigned","AV Integrators","01","South","U1DXP2","United States","Americas - LLC","3000","Kalee Luke",null,"Undefined",null,"Unassigned","United States","United States","Georgia","DIRECT","AV CAPTURE & COLLABORATION - CAMERAS","4210","1",{"v":0.5079401667887808,"d":"0.51"},1214.71,597.71,1,1214.71,"USD",1,1214.71]
[1377375959,"01",null,"131671",null,"Invoice","Vaddio","B0004","Dealer","001","Unassigned","3000","Undefined","3000","AVI - EDEN PRAIRIE","AVI SYSTEMS, INC","Americas LLC",807.97,807.97,"06/28/2021","Standard Distribution","01","Unassigned","0002666377","Standard Order","TA","AV CONTENT CAPTURE (VADDIO)",2021,"2021-06",0,"Vaddio","PTZ CAMERA","NATIVE","AV","001","999-99400-000","AVI SYSTEMS, INC","AVI SYSTEMS, INC","Vaddio","3002","66214","E","B0004","B0004P0400","B0004P0400G0014005","Unassigned","ROBOSHOT 12E HDMI","Projection Screens","B0004P0400G0014005","US Camera Profit Center","3000","0097318728","Unassigned","AV Integrators","01","MidWest","U1DXP3","United States","Americas - LLC","3000","Kristin Dacey",null,"Undefined",null,"Unassigned","United States","United States","Kansas","DIRECT","AV CAPTURE & COLLABORATION - CAMERAS","4210","1",{"v":0.5832499458411133,"d":"0.58"},1938.74,807.97,1,1938.74,"USD",1,1938.74]
[1377376037,"01","132381","132381",null,"Invoice","Vaddio","B0004","Dealer","001","Unassigned","3000","Undefined","3000","ELECTRO ACOUSTICS & VIDEO INC.","ELECTRO ACOUSTICS & VIDEO INC.","Americas LLC",1566.24,1566.24,"05/07/2021","Standard Distribution","01","Unassigned","0002620231","Standard Order","TA","AV CONTENT CAPTURE (VADDIO)",2021,"2021-05",12,"Vaddio","PTZ CAMERA","NATIVE","AV","001","999-9952-000","","ELECTRO ACOUSTICS & VIDEO INC.","Vaddio","3002","76134","E","B0004","B0004P0400","B0004P0400G0014005","Unassigned","ROBOSHOT 40 UHD SYSTEM","Projection Screens","B0004P0400G0014005","US Camera Profit Center","3000","0097127240","Unassigned","AV Integrators","01","South","U1DXP2","United States","Americas - LLC","3000","Ken Phillips",null,"Undefined",null,"Texas","United States","United States","Texas","DIRECT","AV CAPTURE & COLLABORATION - CAMERAS","4210","2",{"v":0.6462585034013606,"d":"0.65"},4427.64,1566.24,1,4427.64,"USD",1,4427.64]
[1377381916,"01",null,"139845",null,"Invoice","Vaddio","B0004","Distributor - National","002","Unassigned","3000","Undefined","3000","ENTER ALTERNATE ADDRESS (US)","HERMAN PRO AV","Americas LLC",910.99,910.99,"03/18/2021","Standard Distribution","01","HERMAN","0002578998","Standard Order","TA","AV CONTENT CAPTURE (VADDIO)",2021,"2021-03",18,"Vaddio","PTZ CAMERA","NATIVE","AV","001","999-99300-000W","","HERMAN PRO AV","Vaddio","3002","33025","E","B0004","B0004P0400","B0004P0400G0014005","Unassigned","ROBOSHOT 12E SDI WHT","Projection Screens","B0004P0400G0014005","US Camera Profit Center","3000","0096934234","Unassigned","AV Distribution","08","US - Channel Sales","U1DXC1","United States","Americas - LLC","3000","Patrick Mead",null,"Undefined",null,"Unassigned","United States","United States","Unassigned","DIRECT","AV CAPTURE & COLLABORATION - CAMERAS","4210","0",{"v":0.60346050884715,"d":"0.60"},2297.35,910.99,1,2297.35,"USD",1,2297.35]
[1377381969,"01",null,"139845",null,"Invoice","Vaddio","B0004","Distributor - National","002","Unassigned","3000","Undefined","3000","ENTER ALTERNATE ADDRESS (US)","HERMAN PRO AV","Americas LLC",866.84,1733.67,"05/24/2021","Standard Distribution","01","HERMAN","0002635419","Standard Order","TA","AV CONTENT CAPTURE (VADDIO)",2021,"2021-05",18,"Vaddio","PTZ CAMERA","NATIVE","AV","001","999-99400-000W","","HERMAN PRO AV","Vaddio","3002","33025","E","B0004","B0004P0400","B0004P0400G0014005","Unassigned","ROBOSHOT 12E HDMI WHT","Projection Screens","B0004P0400G0014005","US Camera Profit Center","3000","0097194875","Unassigned","AV Distribution","08","US - Channel Sales","U1DXC1","United States","Americas - LLC","3000","Patrick Mead",null,"Undefined",null,"Georgia","United States","United States","Unassigned","DIRECT","AV CAPTURE & COLLABORATION - CAMERAS","4210","0",{"v":-0.016165618460925346,"d":"-0.02"},1706.09,866.84,2,3412.18,"USD",1,3412.18]
[1377388798,"01",null,"131857",null,"Invoice Repair","Vaddio","B0004","Distributor - Regional","003","Unassigned","3000","Undefined","3000","ENTER ALTERNATE ADDRESS (US)","ACCU-TECH","Americas LLC",0,0,"09/22/2021","Standard Distribution","01","ACCUTECH","0060527706","Undefined","00","AV CONTENT CAPTURE (VADDIO)",2021,"2021-09",0,"Vaddio","PTZ CAMERA","EXTENSION KIT","AV","001","999-99190-000W","","ACCU-TECH","Vaddio","3002","30009","E","B0004","B0004P0400","B0004P0400G0014000","Unassigned","ROBOSHOT 30E QUSB SYSTEM WHT","Projection Screens","B0004P0400G0014000","US Camera Profit Center","3000","0004308026","Unassigned","Enterprise Distribution","13","US - Channel Sales","U1DXC1","United States","Americas - LLC","3000","Brett Avery",null,"Undefined",null,"Unassigned","United States","United States","Georgia","DIRECT","AV CAPTURE & COLLABORATION - CAMERAS","4210","1",{"v":0,"d":"0.00"},4100.47,0,-1,-4100.47,"USD",1,-4100.47]
[1377388823,"01","134770","134770",null,"Invoice","Vaddio","B0004","Dealer","001","Unassigned","3000","Undefined","3000","AV3 INC.","AV3 INC.","Americas LLC",1753.58,1753.58,"01/26/2021","Standard Distribution","01","Unassigned","0002533102","Standard Order","TA","AV CONTENT CAPTURE (VADDIO)",2021,"2021-01",20,"Vaddio","PTZ CAMERA","EXTENSION KIT","AV","001","999-9950-100","","AV3 INC.","Vaddio","3002","20659","E","B0004","B0004P0400","B0004P0400G0014000","Unassigned","ROBOSHOT 20 UHD ONELINK HDMI SYSTEM N/A","Projection Screens","B0004P0400G0014000","US Camera Profit Center","3000","0096711699","Unassigned","AV Integrators","01","NorthEast","U1DXP1","United States","Americas - LLC","3000","Nathan Craine",null,"Undefined",null,"Unassigned","United States","United States","Unassigned","DIRECT","AV CAPTURE & COLLABORATION - CAMERAS","4210","2",{"v":0.6378015858754227,"d":"0.64"},4841.49,1753.58,1,4841.49,"USD",1,4841.49]
[1377391626,"01",null,"131672",null,"EDI Invoice","Vaddio","B0004","Dealer","001","Unassigned","3000","Undefined","3000","ENTER ALTERNATE ADDRESS (US)","AVI-SPL LLC","Americas LLC",1580.4,1580.4,"02/09/2021","Standard Distribution","01","Unassigned","0040746392","EDI Order","ZEDI","AV CONTENT CAPTURE (VADDIO)",2021,"2021-02",10,"Vaddio","PTZ CAMERA","EXTENSION KIT","AV","001","999-99600-200W","AVI-SPL","AVI-SPL","Vaddio","3002","33634","E","B0004","B0004P0400","B0004P0400G0014000","Unassigned","RoboSHOT 12E OneLINK BRIDGE SYS WHT","Projection Screens","B0004P0400G0014000","US Camera Profit Center","3000","0096774700","Unassigned","AV Integrators","01","South","U1DXP2","United States","Americas - LLC","3000","Keri Manasa",null,"Undefined",null,"Unassigned","United States","United States","Unassigned","DIRECT","AV CAPTURE & COLLABORATION - CAMERAS","4210","1",{"v":0.6245652710997929,"d":"0.62"},4209.52,1580.4,1,4209.52,"USD",1,4209.52]
[1377391732,"01",null,"131672",null,"EDI Invoice","Vaddio","B0004","Dealer","001","Unassigned","3000","Undefined","3000","ENTER ALTERNATE ADDRESS (US)","AVI-SPL LLC","Americas LLC",1233.35,1233.35,"10/08/2021","Standard Distribution","01","Unassigned","0040925819","EDI Order","ZEDI","AV CONTENT CAPTURE (VADDIO)",2021,"2021-10",14,"Vaddio","PTZ CAMERA","EXTENSION KIT","AV","001","999-99630-100W","AVI-SPL","AVI-SPL","Vaddio","3002","33634","E","B0004","B0004P0400","B0004P0400G0014000","Unassigned","RoboSHOT 30E OneLINK HDMI SYS WHT","Projection Screens","B0004P0400G0014000","US Camera Profit Center","3000","0097778165","Unassigned","AV Integrators","01","NorthEast","U1DXP1","United States","Americas - LLC","3000","Bryan Torino",null,"Undefined",null,"New Jersey","United States","United States","Unassigned","DIRECT","AV CAPTURE & COLLABORATION - CAMERAS","4210","1",{"v":0.680468513188268,"d":"0.68"},3859.87,1233.35,1,3859.87,"USD",1,3859.87]
[1377401231,"01",null,"133557",null,"Invoice","Vaddio","B0004","Dealer","001","Unassigned","3000","Undefined","3000","ENTER ALTERNATE ADDRESS (US)","SKC COMMUNICATION PRODUCTS LLC","Americas LLC",284.64,284.64,"10/08/2021","Standard Distribution","01","Unassigned","0002750605","Standard Order","TA","AV CONTENT CAPTURE (VADDIO)",2021,"2021-10",4,"Vaddio","CAM EXTENSIONS","EXT CABLES","AV","001","440-1005-023","","SKC COMMUNICATION PRODUCTS LLC","Vaddio","3002","66227","F","B0004","B0004P0415","B0004P0415G0014040","Unassigned","CABLE ACTIVE 3.0 TYPE-A TO B M/M 20M","Projection Screens","B0004P0415G0014040","US Camera Profit Center","3000","0097778749","Unassigned","AV Integrators","01","South","U1DXP2","United States","Americas - LLC","3000","Ken Phillips",null,"Undefined",null,"Texas","United States","United States","Kansas","DIRECT","AV CAPTURE & COLLABORATION - CAMERAS","4210","1",{"v":0.3113659457105531,"d":"0.31"},413.34,284.64,1,413.34,"USD",1,413.34]
[1377403316,"01","132604","132604",null,"Invoice","Vaddio","B0004","Dealer","001","Unassigned","3000","Undefined","3000","VISUAL TECHNOLOGIES CORPORATION","VISUAL TECHNOLOGIES CORPORATION","Americas LLC",280.28,1121.12,"06/28/2021","Standard Distribution","01","Unassigned","0002665240","Standard Order","TA","AV CONTENT CAPTURE (VADDIO)",2021,"2021-06",14,"Vaddio","CAM EXTENSIONS","EXT CABLES","AV","001","440-1005-023","","VISUAL TECHNOLOGIES CORPORATION","Vaddio","3002","13206-3525","F","B0004","B0004P0415","B0004P0415G0014040","Unassigned","CABLE ACTIVE 3.0 TYPE-A TO B M/M 20M","Projection Screens","B0004P0415G0014040","US Camera Profit Center","3000","0097319179","Unassigned","AV Integrators","01","NorthEast","U1DXP1","United States","Americas - LLC","3000","Steve Joyce",null,"Undefined",null,"New York","United States","United States","New York","DIRECT","AV CAPTURE & COLLABORATION - CAMERAS","4210","3",{"v":-1.7665580890336585,"d":"-1.77"},405.24,280.28,4,1620.96,"USD",1,1620.96]
[1377417247,"01","138379","138379",null,"Invoice","Vaddio","B0004","Dealer","001","Unassigned","3000","Undefined","3000","COMMERCIAL TELECOMMUNICATIONS CO","COMMERCIAL TELECOMMUNICATIONS CO","Americas LLC",597.4,1194.79,"05/26/2021","Standard Distribution","01","Unassigned","0002638093","Standard Order","TA","AV CONTENT CAPTURE (VADDIO)",2021,"2021-05",18,"Vaddio","CAM EXTENSIONS","EXT HUBS","AV","001","999-1005-032","","COMMERCIAL TELECOMMUNICATIONS CO","Vaddio","3002","07013","X","B0004","B0004P0415","B0004P0415G0014045","Unassigned","USB 3.0 EXTENDER SYSTEM N/A","Projection Screens","B0004P0415G0014045","US Camera Profit Center","3000","0097200531","Unassigned","AV Integrators","01","NorthEast","U1DXP1","United States","Americas - LLC","3000","Bryan Torino",null,"Undefined",null,"New Jersey","United States","United States","New Jersey","DIRECT","AV CAPTURE & COLLABORATION - CAMERAS","4210","2",{"v":-0.023348436442746756,"d":"-0.02"},1167.53,597.4,2,2335.06,"USD",1,2335.06]
[1377417278,"01","145767","145767",null,"Invoice","Vaddio","B0004","Distributor - National","002","Unassigned","3200","Undefined","3000","DATAVISUAL - CAD CURRENCY ONLY","DATAVISUAL - CAD CURRENCY ONLY","Canada ULC",4256.18,34049.46,"03/22/2021","Standard Distribution","01","Unassigned","0002580164","Standard Order","TA","AV CONTENT CAPTURE (VADDIO)",2021,"2021-03",0,"Vaddio","SWITCHERS","BRIDGES","AV","001","999-5660-000","","DATAVISUAL - CAD CURRENCY ONLY","Vaddio","3002","K1J 0B3","E","B0004","B0004P0425","B0004P0425G0014065","Unassigned","AV Bridge MatrixMIX N/A","Projection Screens","B0004P0425G0014065","Canada Camera Profit Center","3200","0096938468","Unassigned","AV Distribution","08","Central","C1XXP3","Canada","Canada - ULC","3200","David Galos",null,"Undefined",null,"Ontario","Canada","Canada","Ontario","DIRECT","AV CAPTURE & COLLABORATION - CAMERAS","4210","1",{"v":-5.150491640708049,"d":"-5.15"},5536.055,4256.18,8,44288.44,"CAD",1.26347,55957.12]
[1377422609,"01","134660","134660",null,"Invoice","Vaddio","B0004","Dealer","001","Unassigned","3000","Undefined","3000","ALL PRO SOUND","ALL PRO SOUND","Americas LLC",2103.98,2103.98,"09/13/2021","Standard Distribution","01","Unassigned","0002710086","Standard Order","TA","AV CONTENT CAPTURE (VADDIO)",2021,"2021-09",0,"Vaddio","SWITCHERS","PRODUCTIONVIEW","AV","001","999-5625-000","","ALL PRO SOUND","Vaddio","3002","32505","E","B0004","B0004P0425","B0004P0425G0014070","Unassigned","PRODUCTIONVIEW HD MV SYSTEM","Projection Screens","B0004P0425G0014070","US Camera Profit Center","3000","0097664032","Unassigned","AV Integrators","01","South","U1DXP2","United States","Americas - LLC","3000","Kalee Luke",null,"Undefined",null,"Unassigned","United States","United States","Unassigned","DIRECT","AV CAPTURE & COLLABORATION - CAMERAS","4210","2",{"v":0.6609868534479286,"d":"0.66"},6206.19,2103.98,1,6206.19,"USD",1,6206.19]
[1377422630,"01",null,"132337",null,"Invoice","Vaddio","B0004","Dealer","001","PROFESSIONAL SYSTEMS NETWORK INTL","3000","Undefined","3000","ENTER ALTERNATE ADDRESS (US)","DIVERSIFIED MEDIA","Americas LLC",396.22,396.22,"09/13/2021","Standard Distribution","01","Unassigned","0002729000","Standard Order","TA","AV CONTENT CAPTURE (VADDIO)",2021,"2021-09",66,"Vaddio","SWITCHERS","BRIDGES","AV","001","999-8240-000","DIVERSIFIED SYSTEMS - DSI USE132337","DIVERSIFIED SYSTEMS - DSI USE132337","Vaddio","3002","07033","E","B0004","B0004P0425","B0004P0425G0014065","Unassigned","AV Bridge Mini N/A","Projection Screens","B0004P0425G0014065","US Camera Profit Center","3000","0097663453","Unassigned","AV Integrators","01","MidWest","U1DXP3","United States","Americas - LLC","3000","Aaron Silveus",null,"Undefined",null,"Unassigned","United States","United States","New Jersey","DIRECT","AV CAPTURE & COLLABORATION - CAMERAS","4210","1",{"v":0.728216208800631,"d":"0.73"},1457.85,396.22,1,1457.85,"USD",1,1457.85]
[1377422700,"01",null,"131080",null,"Invoice","Vaddio","B0004","Dealer","001","Unassigned","3000","Undefined","3000","ENTER ALTERNATE ADDRESS (US)","ION AVT INC.","Americas LLC",410.74,410.74,"04/27/2021","Standard Distribution","01","Unassigned","0002611464","Standard Order","TA","AV CONTENT CAPTURE (VADDIO)",2021,"2021-04",24,"Vaddio","SWITCHERS","BRIDGES","AV","001","999-8240-000","","ION AVT INC.","Vaddio","3002","91423","E","B0004","B0004P0425","B0004P0425G0014065","Unassigned","AV Bridge Mini N/A","Projection Screens","B0004P0425G0014065","US Camera Profit Center","3000","0097073657","Unassigned","AV Integrators","01","West","U1DXP4","United States","Americas - LLC","3000","Comm So Cal - Shomper/Yates",null,"Undefined",null,"Unassigned","United States","United States","Unassigned","DIRECT","AV CAPTURE & COLLABORATION - CAMERAS","4210","4",{"v":0.7068718197583552,"d":"0.71"},1401.23,410.74,1,1401.23,"USD",1,1401.23]
[1377430284,"01",null,"132696",null,"Invoice","Vaddio","B0004","Dealer","001","Unassigned","3000","Undefined","3000","DELGADO COMMUNITY COLLEGE","HOWARD INDUSTRIES INC","Americas LLC",223.89,223.89,"04/15/2021","Standard Distribution","01","Unassigned","0002600975","Standard Order","TA","AV CONTENT CAPTURE (VADDIO)",2021,"2021-04",18,"Vaddio","CONTROL","CAMERA","AV","001","999-42300-000","","HOWARD INDUSTRIES INC","Vaddio","3002","39437","E","B0004","B0004P0430","B0004P0430G0014075","Unassigned","Vaddio Device Controller","Projection Screens","B0004P0430G0014075","US Camera Profit Center","3000","0097026848","Unassigned","AV Integrators","01","South","U1DXP2","United States","Americas - LLC","3000","David Sweeney",null,"Undefined",null,"Unassigned","United States","United States","Unassigned","DIRECT","AV CAPTURE & COLLABORATION - CAMERAS","4210","1",{"v":0.5128166071894856,"d":"0.51"},459.56,223.89,1,459.56,"USD",1,459.56]
[1377430916,"01","137275","137275",null,"Invoice","Vaddio","B0004","Dealer","001","Unassigned","3000","Undefined","3000","ADVANCED SYSTEMS INTEGRATION LLC","ADVANCED SYSTEMS INTEGRATION LLC","Americas LLC",95.42,95.42,"02/22/2022","Standard Distribution","01","Unassigned","0002857525","Standard Order","TA","AV CONTENT CAPTURE (VADDIO)",2022,"2022-02",28,"Vaddio","CAM EXTENSIONS","EXT CABLES","AV","001","440-1005-065","","ADVANCED SYSTEMS INTEGRATION LLC","Vaddio","3002","55337","F","B0004","B0004P0415","B0004P0415G0014040","Unassigned","ACTIVE OPTICAL USB 3.0 A/B PLENUM 20M","Projection Screens","B0004P0415G0014040","US Camera Profit Center","3000","0098448218","Unassigned","AV Integrators","01","MidWest","U1DXP3","United States","Americas - LLC","3000","Kristin Dacey",null,"Undefined",null,"Unassigned","United States","United States","Unassigned","DIRECT","AV CAPTURE & COLLABORATION - CAMERAS","4210","3",{"v":0.7864751163623345,"d":"0.79"},446.88,95.42,1,446.88,"USD",1,446.88]
[1377436864,"01",null,"107561",null,"Invoice","Vaddio","B0004","Distributor - National","002","Unassigned","5000","Undefined","3000","KUENE & NAGEL - C4 SIDEV","SIDEV SAS","Europe BV",776.87,776.87,"02/12/2021","Standard Distribution","01","Unassigned","0002545620","Standard Order","TA","AV CONTENT CAPTURE (VADDIO)",2021,"2021-02",0,"Vaddio","CONFERENCE","CAMERA","AV","001","999-9990-001W","","SIDEV SAS","Weert","5050","69140","X","B0004","B0004P0435","B0004P0435G0014105","Unassigned","CONFERENCESHOT 10 SYSTEM INT WHITE","Projection Screens","B0004P0435G0014105","Europe Camera Profit Center","5000","0800299772","Unassigned","AV Distribution","08","France","E1DX11","Europe, the Middle East, and Africa","Europe - BV","5000","Cm Katia Desmichels",null,"Undefined",null,"Undefined","France","France","Undefined","DIRECT","AV CAPTURE & COLLABORATION - CAMERAS","4210","1",{"v":0.4180051541757813,"d":"0.42"},1334.84,776.87,1,1334.84,"EUR",0.82325,1098.91]
[1377437412,"01",null,"144642",null,"Invoice","Vaddio","B0004","Dealer","001","Unassigned","3000","Undefined","3000","CUSTOM PACKING LIST SHIP TO (US)","HIBINO INTERSOUND CORPORATION","Americas LLC",29.06,58.11,"02/08/2022","Standard Distribution","01","Unassigned","0002838353","Standard Order","TA","AV CONTENT CAPTURE (VADDIO)",2022,"2022-02",0,"Vaddio","CAMERA MOUNT","CEILING","AV","001","535-2000-206","","HIBINO INTERSOUND CORPORATION","Vaddio","3002","105-0022","E","B0004","B0004P0420","B0004P0420G0014055","Unassigned","SUSPENDED CEILING PTZ CAMERA MOUNT","Projection Screens","B0004P0420G0014055","US Camera Profit Center","3010","0098381091","Unassigned","AV Integrators","01","Commercial","H1DXXX","Asia Pacific","Export","3010","Joseph Mak",null,"Undefined",null,"Unassigned","Japan","Japan","Unassigned","DIRECT","AV CAPTURE & COLLABORATION - CAMERAS","4210","2",{"v":0.17737825594563983,"d":"0.18"},70.64,29.06,2,141.28,"USD",1,141.28]
[1377440279,"01",null,"132132",null,"Invoice","Vaddio","B0004","Dealer","001","Unassigned","3000","Undefined","3000","ONE TIME - BID SHIP TO ONLY","CENERO LLC","Americas LLC",29.12,29.12,"10/13/2021","Standard Distribution","01","Unassigned","0002754752","Standard Order","TA","AV CONTENT CAPTURE (VADDIO)",2021,"2021-10",0,"Vaddio","CAMERA MOUNT","CEILING","AV","001","535-2000-206","","CENERO LLC","Vaddio","3002","19355","E","B0004","B0004P0420","B0004P0420G0014055","Unassigned","SUSPENDED CEILING PTZ CAMERA MOUNT","Projection Screens","B0004P0420G0014055","US Camera Profit Center","3000","0097786861","Unassigned","AV Integrators","01","NorthEast","U1DXP1","United States","Americas - LLC","3000","Nathan Craine",null,"Undefined",null,"Unassigned","United States","United States","Unassigned","DIRECT","AV CAPTURE & COLLABORATION - CAMERAS","4210","1",{"v":0.6227001813941435,"d":"0.62"},77.18,29.12,1,77.18,"USD",1,77.18]
[1377440436,"01","131859","131859",null,"Invoice","Vaddio","B0004","Dealer","001","Unassigned","3000","Undefined","3000","ASG ADVANCED SYSTEMS GROUP-FT WAYNE","ASG ADVANCED SYSTEMS GROUP-FT WAYNE","Americas LLC",668.93,2675.72,"03/25/2021","Standard Distribution","01","Unassigned","0002584935","Standard Order","TA","AV CONTENT CAPTURE (VADDIO)",2021,"2021-03",20,"Vaddio","CONFERENCE","CAMERA","AV","001","999-9990-000W","","ASG ADVANCED SYSTEMS GROUP-FT WAYNE","Vaddio","3002","46825","E","B0004","B0004P0435","B0004P0435G0014105","Unassigned","CONFERENCESHOT 10 SYSTEM WHITE","Projection Screens","B0004P0435G0014105","US Camera Profit Center","3000","0096952632","Unassigned","AV Integrators","01","MidWest","U1DXP3","United States","Americas - LLC","3000","Aaron Silveus",null,"Undefined",null,"Unassigned","United States","United States","Unassigned","DIRECT","AV CAPTURE & COLLABORATION - CAMERAS","4210","2",{"v":-1.0414902301876139,"d":"-1.04"},1310.67,668.93,4,5242.68,"USD",1,5242.68]
[1377440457,"01",null,"126763",null,"Invoice","Vaddio","B0004","Distributor - National","002","Unassigned","5000","Undefined","3000","VAN DOMBURG PARTNERS","VAN DOMBURG PARTNERS","Europe BV",1252.06,1252.06,"01/25/2021","Standard Distribution","01","Unassigned","0002531670","Standard Order","TA","AV CONFERENCING (VADDIO)",2021,"2021-01",0,"Vaddio","CONFERENCE","ROOM SYSTEM","AV","001","999-99950-301B","","VAN DOMBURG PARTNERS","Weert","5050","2984 AT","E","B0004","B0004P0435","B0004P0435G0014100","Unassigned","CSAV-TableMIC 1 INTL","Projection Screens","B0004P0435G0014100","Europe Camera Profit Center","5000","0800295128","Unassigned","AV Distribution","08","Benelux","E1DXX6","Europe, the Middle East, and Africa","Europe - BV","5000","Cm Sam Van Der Harst",null,"Undefined",null,"Undefined","Netherlands","Netherlands","Undefined","DIRECT","AV CAPTURE & COLLABORATION - CAMERAS","4210","2",{"v":-0.33121398345631237,"d":"-0.33"},940.54,1252.06,1,940.54,"EUR",0.82325,774.3]
[1377445518,"01",null,"132587",null,"Invoice","Vaddio","B0004","Dealer","001","Unassigned","3000","Undefined","3000","HOLT AUDIO VISUAL & VIDEO, INC","HOLT AUDIO VISUAL & VIDEO INC","Americas LLC",376.39,376.39,"10/28/2021","Standard Distribution","01","Unassigned","0002757585","Standard Order","TA","AV CONFERENCING (VADDIO)",2021,"2021-10",0,"Vaddio","CONFERENCE","AUDIO","AV","001","999-8520-000","","HOLT AUDIO VISUAL & VIDEO INC","Vaddio","3002","35233","E","B0004","B0004P0435","B0004P0435G0014090","Unassigned","EASYUSB - PRO MIC I/O SYSTEM","Projection Screens","B0004P0435G0014090","US Camera Profit Center","3000","0097878234","Unassigned","AV Integrators","01","South","U1DXP2","United States","Americas - LLC","3000","Kalee Luke",null,"Undefined",null,"Unassigned","United States","United States","Unassigned","DIRECT","AV CAPTURE & COLLABORATION - CAMERAS","4210","3",{"v":0.3949102951578677,"d":"0.39"},622.04,376.39,1,622.04,"USD",1,622.04]
[1377445545,"01",null,"132696",null,"Invoice","Vaddio","B0004","Dealer","001","Unassigned","3000","Undefined","3000","ENTER ALTERNATE ADDRESS (US)","HOWARD INDUSTRIES INC","Americas LLC",1464.62,1464.62,"12/09/2021","Standard Distribution","01","Unassigned","0002799330","Standard Order","TA","AV CONFERENCING (VADDIO)",2021,"2021-12",27,"Vaddio","CONFERENCE","ROOM SYSTEM","AV","001","999-60321-000W","","HOWARD INDUSTRIES INC","Vaddio","3002","39437","E","B0004","B0004P0435","B0004P0435G0014100","Unassigned","EasyIP 10 Mixer Base Kit Wht N/A","Projection Screens","B0004P0435G0014100","US Camera Profit Center","3000","0098092061","Unassigned","AV Integrators","01","South","U1DXP2","United States","Americas - LLC","3000","Angela Tener",null,"Undefined",null,"Georgia","United States","United States","Unassigned","DIRECT","AV CAPTURE & COLLABORATION - CAMERAS","4210","1",{"v":0.6320087235304168,"d":"0.63"},3980.04,1464.62,1,3980.04,"USD",1,3980.04]
[1377452676,"01","115060","115060",null,"Invoice","Vaddio","B0004","Dealer","001","Unassigned","3200","Undefined","3000","DIGITAL EDGE MEDIA","DIGITAL EDGE MEDIA","Canada ULC",25.07,25.07,"07/14/2021","Standard Distribution","01","Unassigned","0002678885","Standard Order","TA","AV CONTENT CAPTURE (VADDIO)",2021,"2021-07",121,"Vaddio","Accessories","RACK","AV","001","998-6000-006","","DIGITAL EDGE MEDIA","Vaddio","3002","T8H 2W2","E","B0004","B0004P0440","B0004P0440G0014120","Unassigned","DUAL 1/2 RACK MOUNTING KIT","Other/Misc","B0004P0440G0014120","Canada Camera Profit Center","3200","0097405160","Unassigned","AV Integrators","01","West","C1XXP4","Canada","Canada - ULC","3200","Chris Lavallee",null,"Undefined",null,"Alberta","Canada","Canada","Alberta","DIRECT","AV CAPTURE & COLLABORATION - CAMERAS","4210","3",{"v":0.7329854084567047,"d":"0.73"},93.89,25.07,1,93.89,"CAD",1.2378,116.22]
[1377452752,"01","130024","130024",null,"Credit Memo","Vaddio","B0004","Dealer","001","Unassigned","3000","Undefined","3000","EMI AUDIO","EMI AUDIO","Americas LLC",0,0,"12/23/2021","Standard Distribution","01","Unassigned","0060562240","Credit Memo Request","G2","AV CONTENT CAPTURE (VADDIO)",2021,"2021-12",0,"Vaddio","Accessories","RACK","AV","001","998-6000-004","","EMI AUDIO","Vaddio","3002","55422","E","B0004","B0004P0440","B0004P0440G0014120","Unassigned","SINGLE 1/2 RACK MOUNTING KIT","Other/Misc","B0004P0440G0014120","US Camera Profit Center","3000","0098180042","Unassigned","AV Integrators","01","MidWest","U1DXP3","United States","Americas - LLC","3000","Kristin Dacey",null,"Undefined",null,"Unassigned","United States","United States","Unassigned","DIRECT","AV CAPTURE & COLLABORATION - CAMERAS","4210","2",{"v":0,"d":"0.00"},null,0,0,-2.24,"USD",1,-2.24]
[1377459394,"01",null,"131671",null,"Invoice","Vaddio","B0004","Dealer","001","Unassigned","3000","Undefined","3000","AVI SYSTEMS - SAN DIEGO","AVI SYSTEMS, INC","Americas LLC",1334.11,1334.11,"10/14/2021","Standard Distribution","01","Unassigned","0002755736","Standard Order","TA","AV CONFERENCING (VADDIO)",2021,"2021-10",28,"Vaddio","CONFERENCE","ROOM SYSTEM","AV","001","999-30232-000W","AVI SYSTEMS, INC","AVI SYSTEMS, INC","Vaddio","3002","66214","E","B0004","B0004P0435","B0004P0435G0014100","Unassigned","EasyIP 20 Base Kit White NA","Projection Screens","B0004P0435G0014100","US Camera Profit Center","3000","0097812567","Unassigned","AV Integrators","01","West","U1DXP4","United States","Americas - LLC","3000","Comm So Cal - Shomper/Yates",null,"Undefined",null,"Unassigned","United States","United States","Kansas","DIRECT","AV CAPTURE & COLLABORATION - CAMERAS","4210","1",{"v":0.6030474161529124,"d":"0.60"},3360.88,1334.11,1,3360.88,"USD",1,3360.88]
[1377460238,"01",null,"115510",null,"Invoice","Vaddio","B0004","Dealer","001","Unassigned","3200","Undefined","3000","ENTER ALTERNATE ADDRESS (CANADA)","SAPPHIRE SOUND INC","Canada ULC",16.66,33.32,"05/07/2021","Standard Distribution","01","Unassigned","0002619186","Standard Order","TA","AV CONTENT CAPTURE (VADDIO)",2021,"2021-05",0,"Vaddio","CAMERA MOUNT","WALL","AV","001","535-2000-244","","SAPPHIRE SOUND INC","Vaddio","3002","V2T 0H9","E","B0004","B0004P0420","B0004P0420G0014060","Unassigned","THIN PROFILE MNT KIT BLK CONFERENCESHOT","Projection Screens","B0004P0420G0014060","Canada Camera Profit Center","3200","0097126358","Unassigned","AV Integrators","01","West","C1XXP4","Canada","Canada - ULC","3200","Stan Sealy",null,"Undefined",null,"Alberta","Canada","Canada","British Columbia","DIRECT","AV CAPTURE & COLLABORATION - CAMERAS","4210","3",{"v":0.4380165289256198,"d":"0.44"},59.29,16.66,2,118.58,"CAD",1.22723,145.52]
[1377462000,"01",null,"133557",null,"Invoice","Vaddio","B0004","Dealer","001","Unassigned","3000","Undefined","3000","1TST - MILESTONE INC. SAVAGE (3000)","SKC COMMUNICATION PRODUCTS LLC","Americas LLC",615.67,1231.33,"03/02/2022","Standard Distribution","01","Unassigned","0002862109","Standard Order","TA","AV CONFERENCING (VADDIO)",2022,"2022-03",28,"Vaddio","CONFERENCE","ROOM SYSTEM","AV","001","999-30200-000W","","SKC COMMUNICATION PRODUCTS LLC","Vaddio","3002","66227","E","B0004","B0004P0435","B0004P0435G0014100","Unassigned","EasyIP 10 Camera White","Projection Screens","B0004P0435G0014100","US Camera Profit Center","3000","0098483790","Unassigned","AV Integrators","01","MidWest","U1DXP3","United States","Americas - LLC","3000","Andre White",null,"Undefined",null,"Kansas","United States","United States","Kansas","DIRECT","AV CAPTURE & COLLABORATION - CAMERAS","4210","1",{"v":0.4082334904866949,"d":"0.41"},2080.77,615.67,2,4161.54,"USD",1,4161.54]
[1377465317,"01",null,"134407",null,"Invoice Repair","Vaddio","B0004","Dealer","001","Unassigned","3000","Undefined","3000","ENTER ALTERNATE ADDRESS (US)","SOUND & VIDEO SOLUTIONS INC","Americas LLC",0,0,"01/06/2021","Standard Distribution","01","Unassigned","0065105824","Undefined","00","AV CONTENT CAPTURE (VADDIO)",2021,"2021-01",0,"Vaddio","SERVICE","ADV_REPL","AV","001","ADV_REPL","","SOUND & VIDEO SOLUTIONS INC","Vaddio","3002","39047","U","B0004","B0004P0445","B0004P0445G0014155","Unassigned","Advanced Replacement","Other/Misc","B0004P0445G0014155","US Camera Profit Center","3000","0004049395","Unassigned","AV Integrators","01","South","U1DXP2","United States","Americas - LLC","3000","Kalee Luke",null,"Undefined",null,"Unassigned","United States","United States","Unassigned","DIRECT","AV CAPTURE & COLLABORATION - CAMERAS","4210","4",{"v":0,"d":"0.00"},1656.48,0,-1,-1656.48,"USD",1,-1656.48]
[1377465387,"01","131858","131858",null,"Invoice Repair","Vaddio","B0004","Dealer","001","Unassigned","3000","Undefined","3000","AUDIO VISUAL BEND","AUDIO VISUAL BEND","Americas LLC",0,0,"03/23/2021","Standard Distribution","01","Unassigned","0065106671","Undefined","00","AV CONTENT CAPTURE (VADDIO)",2021,"2021-03",0,"Vaddio","SERVICE","ADV_REPL","AV","001","ADV_REPL","","AUDIO VISUAL BEND","Vaddio","3002","97701","U","B0004","B0004P0445","B0004P0445G0014155","Unassigned","Advanced Replacement","Other/Misc","B0004P0445G0014155","US Camera Profit Center","3000","0004125570","Unassigned","AV Integrators","01","West","U1DXP4","United States","Americas - LLC","3000","Abbi Rath",null,"Undefined",null,"Unassigned","United States","United States","Unassigned","DIRECT","AV CAPTURE & COLLABORATION - CAMERAS","4210","3",{"v":0,"d":"0.00"},317.44,0,1,317.44,"USD",1,317.44]
[1377465666,"01",null,"125635",null,"Invoice","Vaddio","B0004","Dealer","001","Unassigned","3000","Undefined","3000","CAMERA MUNDI INC","CAMERA MUNDI INC","Americas LLC",737.15,4422.9,"03/07/2022","Standard Distribution","01","Unassigned","0002860356","Standard Order","TA","AV CONFERENCING (VADDIO)",2022,"2022-03",0,"Vaddio","CONFERENCE","AUDIO KIT","AV","001","999-88100-000","","CAMERA MUNDI INC","Vaddio","3002","00726","E","B0004","B0004P0435","B0004P0435G0014095","Unassigned","EasyUSB MicPOD I/O w/Four C-MICs N/A","Projection Screens","B0004P0435G0014095","US Camera Profit Center","3010","0098503713","Unassigned","AV Integrators","01","Latin Am","U1IXX3","Mexico and Latin America","Export","3010","Andres Garrido",null,"Undefined",null,"Undefined","Puerto Rico","Puerto Rico","Undefined","DIRECT","AV CAPTURE & COLLABORATION - CAMERAS","4210","4",{"v":-1.0879971674731497,"d":"-1.09"},2118.25,737.15,6,12709.5,"USD",1,12709.5]
[1377470666,"01",null,"131672",null,"EDI Invoice","Vaddio","B0004","Dealer","001","Unassigned","3000","Undefined","3000","ENTER ALTERNATE ADDRESS (US)","AVI-SPL LLC","Americas LLC",5.27,10.53,"01/31/2022","Standard Distribution","01","Unassigned","0041039177","EDI Order","ZEDI","AV CONTENT CAPTURE (VADDIO)",2022,"2022-01",28,"Vaddio","Accessories","RACK","AV","001","998-6000-004","AVI-SPL","AVI-SPL","Vaddio","3002","33634","E","B0004","B0004P0440","B0004P0440G0014120","Unassigned","SINGLE 1/2 RACK MOUNTING KIT","Other/Misc","B0004P0440G0014120","US Camera Profit Center","3000","0098350161","Unassigned","AV Integrators","01","West","U1DXP4","United States","Americas - LLC","3000","Dana Sanders Nickel",null,"Undefined",null,"Unassigned","United States","United States","Unassigned","DIRECT","AV CAPTURE & COLLABORATION - CAMERAS","4210","1",{"v":0.8277159685863874,"d":"0.83"},61.12,5.27,2,122.24,"USD",1,122.24]
[1377475257,"01","134134","134134",null,"Invoice","Vaddio","B0004","Dealer","001","USAV BUYING GROUP","3000","Undefined","3000","LMI SYSTEMS","LMI SYSTEMS","Americas LLC",43.18,86.35,"02/17/2021","Standard Distribution","01","Unassigned","0002553901","Standard Order","TA","AV CONTENT CAPTURE (VADDIO)",2021,"2021-02",2,"Vaddio","CAMERA MOUNT","INWALL","AV","001","999-2225-118","","LMI SYSTEMS","Vaddio","3002","30084","E","B0004","B0004P0420","B0004P0420G0014050","Unassigned","IN-WALL ENCLOSURE FOR ROBOSHOT CAMERAS","Projection Screens","B0004P0420G0014050","US Camera Profit Center","3000","0096795235","Unassigned","AV Integrators","01","South","U1DXP2","United States","Americas - LLC","3000","Angela Tener",null,"Undefined",null,"Georgia","United States","United States","Georgia","DIRECT","AV CAPTURE & COLLABORATION - CAMERAS","4210","3",{"v":0.5180554780376179,"d":"0.52"},179.17,43.18,2,358.34,"USD",1,358.34]
[1377477513,"01",null,"114063",null,"Invoice","Vaddio","B0004","Distributor - National","002","Unassigned","5000","Undefined","3000","J. DAHMEN & CO.","KERN & STELLY MEDIENTECHNIK GMBH","Europe BV",237.6,237.6,"06/04/2021","Standard Distribution","01","Unassigned","0002643910","Standard Order","TA","AV CONFERENCING (VADDIO)",2021,"2021-06",0,"Vaddio","CONFERENCE","ROOM SYSTEM","AV","001","999-11208-001","","KERN & STELLY MEDIENTECHNIK GMBH","Weert","5050","22335","X","B0004","B0004P0435","B0004P0435G0014100","Unassigned","EasyIP PoE+ Switch INT","Projection Screens","B0004P0435G0014100","Europe Camera Profit Center","5000","0800323446","Unassigned","AV Distribution","08","GAS","E1DXX8","Europe, the Middle East, and Africa","Europe - BV","5000","Cm Simone Freund",null,"Undefined",null,"Undefined","Germany","Germany","Undefined","DIRECT","AV CAPTURE & COLLABORATION - CAMERAS","4210","1",{"v":0.17751315425090008,"d":"0.18"},288.88,237.6,1,288.88,"EUR",0.81974,236.81]
[1377482559,"01",null,"145767",null,"Invoice","Vaddio","B0004","Distributor - National","002","Unassigned","3200","Undefined","3000","ENTER ALTERNATE ADDRESS (CANADA)","DATAVISUAL - CAD CURRENCY ONLY","Canada ULC",104.45,104.45,"04/08/2021","Standard Distribution","01","Unassigned","0002596946","Standard Order","TA","AV CONTENT CAPTURE (VADDIO)",2021,"2021-04",46,"Vaddio","CAMERA MOUNT","INWALL","AV","001","999-2225-015","","DATAVISUAL - CAD CURRENCY ONLY","Vaddio","3002","K1J 0B3","E","B0004","B0004P0420","B0004P0420G0014050","Unassigned","IN-WALL ENCLOSURE FOR VC CAMERAS","Projection Screens","B0004P0420G0014050","Canada Camera Profit Center","3200","0097012756","Unassigned","AV Distribution","08","Central","C1XXP3","Canada","Canada - ULC","3200","David Galos",null,"Undefined",null,"Ontario","Canada","Canada","Ontario","DIRECT","AV CAPTURE & COLLABORATION - CAMERAS","4210","1",{"v":0.509486240255471,"d":"0.51"},212.94,104.45,1,212.94,"CAD",1.25944,268.19]
[1377494735,"01",null,"132280",null,"Invoice","Vaddio","B0004","Dealer","001","PROFESSIONAL SYSTEMS NETWORK INTL","3000","Undefined","3000","DATA PROJECTIONS INC - DALLAS","DATA PROJECTIONS INC","Americas LLC",7.87,7.87,"09/10/2021","Standard Distribution","01","Unassigned","0002728463","Standard Order","TA","AV CONTENT CAPTURE (VADDIO)",2021,"2021-09",27,"Vaddio","CAMERA MOUNT","WALL","AV","001","535-2000-240W","","DATA PROJECTIONS INC","Vaddio","3002","77042","E","B0004","B0004P0420","B0004P0420G0014060","Unassigned","THIN PROFILE WALL MOUNT ROBOSHOT WHITE","Projection Screens","B0004P0420G0014060","US Camera Profit Center","3000","0097659992","Unassigned","AV Integrators","01","South","U1DXP2","United States","Americas - LLC","3000","David Sweeney",null,"Undefined",null,"Texas","United States","United States","Texas","DIRECT","AV CAPTURE & COLLABORATION - CAMERAS","4210","1",{"v":0.9188576141870296,"d":"0.92"},96.99,7.87,1,96.99,"USD",1,96.99]
[1377499835,"01",null,"124326",null,"Invoice","Vaddio","B0004","Dealer","001","Unassigned","3000","Undefined","3000","G-GLOBAL LOGISTICS INC","AVIT SOLUTIONS","Americas LLC",79.01,79.01,"03/01/2021","Standard Distribution","01","Unassigned","0002563078","Standard Order","TA","AV CONTENT CAPTURE (VADDIO)",2021,"2021-03",19,"Vaddio","CAMERA MOUNT","CEILING","AV","001","535-2000-293","","AVIT SOLUTIONS","Vaddio","3002","91910","E","B0004","B0004P0420","B0004P0420G0014055","Unassigned","DROP DN MT FOR LARGE PTZ CAMERAS - LONG","Projection Screens","B0004P0420G0014055","US Camera Profit Center","3010","0096842037","MULTI GLOBAL TRADING S.A. DE C","AV Integrators","01","Mexico","U1IXX2","Mexico and Latin America","Export","3010","Andres Garrido",null,"Undefined",null,"Unassigned","United States","United States","Unassigned","DIRECT","AV CAPTURE & COLLABORATION - CAMERAS","4210","4",{"v":0.6633144415562279,"d":"0.66"},234.67,79.01,1,234.67,"USD",1,234.67]
[1377501590,"01",null,"133488",null,"Invoice","Vaddio","B0004","Dealer","001","Unassigned","3000","Undefined","3000","SMILEY'S AUDIO VISUAL, INC","SMILEY'S AUDIO-VISUAL INC","Americas LLC",425.63,4256.29,"12/01/2021","Standard Distribution","01","Unassigned","0002783605","Standard Order","TA","AV CONTENT CAPTURE (VADDIO)",2021,"2021-12",0,"Vaddio","SWITCHERS","BRIDGES","AV","001","999-8240-000","","SMILEY'S AUDIO-VISUAL INC","Vaddio","3002","33807","E","B0004","B0004P0425","B0004P0425G0014065","Unassigned","AV Bridge Mini N/A","Projection Screens","B0004P0425G0014065","US Camera Profit Center","3000","0098030397","Unassigned","AV Integrators","01","South","U1DXP2","United States","Americas - LLC","3000","Keri Manasa",null,"Undefined",null,"Unassigned","United States","United States","Unassigned","DIRECT","AV CAPTURE & COLLABORATION - CAMERAS","4210","2",{"v":-2.243406564097875,"d":"-2.24"},1312.29,425.63,10,13122.9,"USD",1,13122.9]
[1377511647,"01",null,"139526",null,"Credit Memo","Vaddio","B0004","Dealer","001","Unassigned","3000","Undefined","3000","ENTER ALTERNATE ADDRESS (US)","AV SOLUTIONS","Americas LLC",0,0,"10/25/2021","Standard Distribution","01","Unassigned","0060541955","Invoice Correct. Req","RK","AV CONTENT CAPTURE (VADDIO)",2021,"2021-10",-20,"Vaddio","SWITCHERS","BRIDGES","AV","001","999-8210-000","","AV SOLUTIONS","Vaddio","3002","55406","E","B0004","B0004P0425","B0004P0425G0014065","Unassigned","AV BRIDGE SYSTEM","Projection Screens","B0004P0425G0014065","US Camera Profit Center","3000","0097838520","Unassigned","AV Integrators","01","MidWest","U1DXP3","United States","Americas - LLC","3000","Kristin Dacey",null,"Undefined",null,"Unassigned","United States","United States","Unassigned","DIRECT","AV CAPTURE & COLLABORATION - CAMERAS","4210","4",{"v":0,"d":"0.00"},null,0,0,-1472.31,"USD",1,-1472.31]
[1377514191,"01",null,"139842",null,"Invoice","Vaddio","B0004","Distributor - National","002","Unassigned","3000","Undefined","3000","ENTER ALTERNATE ADDRESS (US)","ALMO DISTRIBUTING PA INC (VADDIO)","Americas LLC",6.93,20.78,"03/24/2021","Standard Distribution","01","ALMO","0002584242","Standard Order","TA","AV CONTENT CAPTURE (VADDIO)",2021,"2021-03",18,"Vaddio","CAMERA MOUNT","WALL","AV","001","535-2000-240","","ALMO DISTRIBUTING PA INC (VADDIO)","Vaddio","3002","19154","E","B0004","B0004P0420","B0004P0420G0014060","Unassigned","THIN PROFILE WALL MOUNT ROBOSHOT BLACK","Projection Screens","B0004P0420G0014060","US Camera Profit Center","3000","0096950939","Unassigned","AV Distribution","08","US - Channel Sales","U1DXC1","United States","Americas - LLC","3000","Patrick Mead",null,"Undefined",null,"Unassigned","United States","United States","Unassigned","DIRECT","AV CAPTURE & COLLABORATION - CAMERAS","4210","0",{"v":0.7392395532689171,"d":"0.74"},79.69,6.93,3,239.07,"USD",1,239.07]
[1377514243,"01",null,"139841",null,"EDI Invoice","Vaddio","B0004","Distributor - National","002","Unassigned","3000","Undefined","3000","ENTER ALTERNATE ADDRESS (US)","EXERTIS (VADDIO)","Americas LLC",70.05,210.14,"05/20/2021","Standard Distribution","01","STAMPEDE","0040821463","EDI Order","ZEDI","AV CONTENT CAPTURE (VADDIO)",2021,"2021-05",0,"Vaddio","CAMERA MOUNT","CEILING","AV","001","535-2000-291","STAMPEDE PRESENTATION","STAMPEDE PRESENTATION","Vaddio","3002","14228","E","B0004","B0004P0420","B0004P0420G0014055","Unassigned","DROP DN MT FOR SMALL PTZ CAMERAS - LONG","Projection Screens","B0004P0420G0014055","US Camera Profit Center","3000","0097185421","Unassigned","AV Distribution","08","US - Channel Sales","U1DXC1","United States","Americas - LLC","3000","Patrick Mead",null,"Undefined",null,"Unassigned","United States","United States","New York","DIRECT","AV CAPTURE & COLLABORATION - CAMERAS","4210","0",{"v":-0.06642984014209574,"d":"-0.07"},197.05,70.05,3,591.15,"USD",1,591.15]
[1377520003,"01",null,"132575",null,"EDI Invoice","Vaddio","B0004","Distributor - National","002","Unassigned","3000","Undefined","3000","GRAYBAR ELECTRIC -UNION CITY","GRAYBAR ELECTRIC 100030268","Americas LLC",8.47,8.47,"12/29/2021","Standard Distribution","01","GRAYBAR","0041011031","EDI Order","ZEDI","AV CONTENT CAPTURE (VADDIO)",2021,"2021-12",0,"Vaddio","CAMERA MOUNT","WALL","AV","001","535-2000-251","","GRAYBAR ELECTRIC 100030268","Vaddio","3002","63178","E","B0004","B0004P0420","B0004P0420G0014060","Unassigned","THIN PROFILE WALL MNT PR60/HD EAGLE EYE","Projection Screens","B0004P0420G0014060","US Camera Profit Center","3000","0098184560","Unassigned","Enterprise Distribution","13","US - Channel Sales","U1DXC1","United States","Americas - LLC","3000","Justin Tilley",null,"Undefined",null,"Unassigned","United States","United States","Unassigned","DIRECT","AV CAPTURE & COLLABORATION - CAMERAS","4210","1",{"v":0.9254335768993749,"d":"0.93"},113.59,8.47,1,113.59,"USD",1,113.59]
[1377520073,"01",null,"134391",null,"Invoice","Vaddio","B0004","Online Reseller","010","Unassigned","3000","Undefined","3000","ENTER ALTERNATE ADDRESS (US)","TOUCHBOARDS.COM","Americas LLC",5.41,5.41,"03/26/2021","Standard Distribution","01","Unassigned","0002586098","Standard Order","TA","AV CONTENT CAPTURE (VADDIO)",2021,"2021-03",0,"Vaddio","CAMERA MOUNT","WALL","AV","001","535-2000-222","","TOUCHBOARDS.COM","Vaddio","3002","07740","E","B0004","B0004P0420","B0004P0420G0014060","Unassigned","THIN PROFILE WALL MOUNT LIFESIZE 4X","Projection Screens","B0004P0420G0014060","US Camera Profit Center","3000","0096955695","Unassigned","AV Integrators","01","NorthEast","U1DXP1","United States","Americas - LLC","3000","Bryan Torino",null,"Undefined",null,"Unassigned","United States","United States","New Jersey","DIRECT","AV CAPTURE & COLLABORATION - CAMERAS","4210","2",{"v":0.950394278378874,"d":"0.95"},109.06,5.41,1,109.06,"USD",1,109.06]
[1377523906,"01",null,"126352",null,"Invoice","Vaddio","B0004","Distributor - National","002","Unassigned","3000","Undefined","3000","GREEN SOURCES PVT LTD.","GREEN SOURCES PVT. LTD.","Americas LLC",411.82,1235.47,"03/11/2021","Standard Distribution","01","Unassigned","0002571680","Standard Order","TA","AV CONTENT CAPTURE (VADDIO)",2021,"2021-03",0,"Vaddio","SWITCHERS","BRIDGES","AV","001","999-8240-001","","GREEN SOURCES PVT. LTD.","Vaddio","3002","400063","E","B0004","B0004P0425","B0004P0425G0014065","Unassigned","AV Bridge Mini INT","Projection Screens","B0004P0425G0014065","US Camera Profit Center","3010","0096894602","Unassigned","AV Distribution","08","Undefined","0000000","Undefined","Export","3010","Cm Arnaud Monge",null,"Undefined",null,"Undefined","India","India","Unassigned","DIRECT","AV CAPTURE & COLLABORATION - CAMERAS","4210","1",{"v":-0.1248315670636222,"d":"-0.12"},1098.36,411.82,3,3295.08,"USD",1,3295.08]
[1377526048,"01",null,"133711",null,"Invoice Repair","Vaddio","B0004","Dealer","001","PROFESSIONAL SYSTEMS NETWORK INTL","3000","Undefined","3000","ENTER ALTERNATE ADDRESS (US)","ONE DIVERSIFIED (GA)","Americas LLC",0,0,"07/11/2021","Standard Distribution","01","Unassigned","0060500163","Undefined","00","AV CONTENT CAPTURE (VADDIO)",2021,"2021-07",0,"Vaddio","SWITCHERS","BRIDGES","AV","001","999-8240-000","","ONE DIVERSIFIED (GA)","Vaddio","3002","30071","E","B0004","B0004P0425","B0004P0425G0014065","Unassigned","AV Bridge Mini N/A","Projection Screens","B0004P0425G0014065","US Camera Profit Center","3000","0004235109","Unassigned","AV Integrators","01","NorthEast","U1DXP1","United States","Americas - LLC","3000","Steve Joyce",null,"Undefined",null,"New York","United States","United States","Georgia","DIRECT","AV CAPTURE & COLLABORATION - CAMERAS","4210","1",{"v":0,"d":"0.00"},1401.23,0,-1,-1401.23,"USD",1,-1401.23]
[1377554129,"01",null,"126763",null,"Invoice","Vaddio","B0004","Distributor - National","002","Unassigned","5000","Undefined","3000","VAN DOMBURG PARTNERS","VAN DOMBURG PARTNERS","Europe BV",188.17,2822.6,"05/27/2021","Standard Distribution","01","Unassigned","0002639752","Standard Order","TA","AV CONFERENCING (VADDIO)",2021,"2021-05",0,"Vaddio","CONFERENCE","AUDIO","AV","001","999-85100-000","","VAN DOMBURG PARTNERS","Weert","5050","2984 AT","X","B0004","B0004P0435","B0004P0435G0014090","Unassigned","Ceiling MIC System White","Projection Screens","B0004P0435G0014090","Europe Camera Profit Center","5000","0800321530","Unassigned","AV Distribution","08","Benelux","E1DXX6","Europe, the Middle East, and Africa","Europe - BV","5000","Cm Sam Van Der Harst",null,"Undefined",null,"Undefined","Netherlands","Netherlands","Undefined","DIRECT","AV CAPTURE & COLLABORATION - CAMERAS","4210","2",{"v":-5.910899442813935,"d":"-5.91"},408.4273,188.17,15,6126.41,"EUR",0.82754,5069.85]
[1377573510,"01",null,"138717",null,"Invoice","Vaddio","B0004","Distributor - National","002","Unassigned","5000","Undefined","3000","EXERTIS SE","EXERTIS CAPTECH AB","Europe BV",831.74,831.74,"06/03/2021","Standard Distribution","01","Unassigned","0002643824","Standard Order","TA","AV CONFERENCING (VADDIO)",2021,"2021-06",0,"Vaddio","CONFERENCE","ROOM SYSTEM","AV","001","999-9995-001W","","EXERTIS CAPTECH AB","Weert","5050","431 53","X","B0004","B0004P0435","B0004P0435G0014100","Unassigned","CONFERENCESHOT AV CAMERA WHITE INTL","Projection Screens","B0004P0435G0014100","Europe Camera Profit Center","5000","0800323138","Unassigned","AV Distribution","08","Nordics","E1DXX7","Europe, the Middle East, and Africa","Europe - BV","5000","Cm Rickard Olsson",null,"Undefined",null,"Undefined","Sweden","Sweden","Undefined","DIRECT","AV CAPTURE & COLLABORATION - CAMERAS","4210","2",{"v":0.412376450972496,"d":"0.41"},1415.43,831.74,1,1415.43,"EUR",0.81974,1160.28]
[1377580475,"01",null,"131672",null,"EDI Invoice","Vaddio","B0004","Dealer","001","Unassigned","3000","Undefined","3000","ENTER ALTERNATE ADDRESS (US)","AVI-SPL LLC","Americas LLC",387.44,387.44,"01/11/2021","Standard Distribution","01","Unassigned","0040719013","EDI Order","ZEDI","AV CONTENT CAPTURE (VADDIO)",2021,"2021-01",16,"Vaddio","SWITCHERS","BRIDGES","AV","001","999-8240-000","AVI-SPL","AVI-SPL","Vaddio","3002","33634","E","B0004","B0004P0425","B0004P0425G0014065","Unassigned","AV Bridge Mini N/A","Projection Screens","B0004P0425G0014065","US Camera Profit Center","3000","0096642600","Unassigned","AV Integrators","01","NorthEast","U1DXP1","United States","Americas - LLC","3000","Nathan Craine",null,"Undefined",null,"Unassigned","United States","United States","Unassigned","DIRECT","AV CAPTURE & COLLABORATION - CAMERAS","4210","1",{"v":0.7235000677975778,"d":"0.72"},1401.23,387.44,1,1401.23,"USD",1,1401.23]
[1377606295,"01",null,"107518",null,"Invoice","Vaddio","B0004","Distributor - National","002","Unassigned","5000","Undefined","3000","MIDWICH LTD","MIDWICH LIMITED","Europe BV",236.44,236.44,"03/12/2021","Standard Distribution","01","Unassigned","0002572439","Standard Order","TA","AV CONTENT CAPTURE (VADDIO)",2021,"2021-03",0,"Vaddio","CONTROL","CAMERA","AV","001","999-42300-000","","MIDWICH LIMITED","Weert","5050","IP22 4YT","X","B0004","B0004P0430","B0004P0430G0014075","Unassigned","Vaddio Device Controller","Projection Screens","B0004P0430G0014075","Europe Camera Profit Center","5000","0800306083","Unassigned","AV Distribution","08","UK/Ireland","E1DXX4","Europe, the Middle East, and Africa","Europe - BV","5000","Cm Marcus Bond",null,"Undefined",null,"Undefined","United Kingdom","United Kingdom","Undefined","DIRECT","AV CAPTURE & COLLABORATION - CAMERAS","4210","1",{"v":0.5195383146044583,"d":"0.52"},492.11,236.44,1,492.11,"EUR",0.82481,405.9]
[1377608566,"01","132951","132951",null,"Invoice","Vaddio","B0004","Dealer","001","Unassigned","3000","Undefined","3000","LOWRANCE SOUND COMPANY INC.","LOWRANCE SOUND COMPANY INC.","Americas LLC",675.2,675.2,"11/08/2021","Standard Distribution","01","Unassigned","0002775927","Standard Order","TA","AV CONTENT CAPTURE (VADDIO)",2021,"2021-11",22,"Vaddio","CONFERENCE","CAMERA","AV","001","999-9990-000W","","LOWRANCE SOUND COMPANY INC.","Vaddio","3002","38261","E","B0004","B0004P0435","B0004P0435G0014105","Unassigned","CONFERENCESHOT 10 SYSTEM WHITE","Projection Screens","B0004P0435G0014105","US Camera Profit Center","3000","0097900504","Unassigned","AV Integrators","01","South","U1DXP2","United States","Americas - LLC","3000","Kalee Luke",null,"Undefined",null,"Unassigned","United States","United States","Unassigned","DIRECT","AV CAPTURE & COLLABORATION - CAMERAS","4210","3",{"v":0.5048510226381057,"d":"0.50"},1363.63,675.2,1,1363.63,"USD",1,1363.63]
[1377627340,"01",null,"132136",null,"Invoice","Vaddio","B0004","Dealer","001","Unassigned","3000","Undefined","3000","ENTER ALTERNATE ADDRESS (US)","THE CHARIOT GROUP INC.","Americas LLC",163.76,655.02,"11/29/2021","Standard Distribution","01","Unassigned","0002793013","Standard Order","TA","AV CONFERENCING (VADDIO)",2021,"2021-11",105,"Vaddio","CONFERENCE","AUDIO","AV","001","999-85100-000","","THE CHARIOT GROUP INC.","Vaddio","3002","99503","E","B0004","B0004P0435","B0004P0435G0014090","Unassigned","Ceiling MIC System White","Projection Screens","B0004P0435G0014090","US Camera Profit Center","3000","0098019650","Unassigned","AV Integrators","01","West","U1DXP4","United States","Americas - LLC","3000","Abbi Rath",null,"Undefined",null,"Alaska","United States","United States","Alaska","DIRECT","AV CAPTURE & COLLABORATION - CAMERAS","4210","2",{"v":-0.4055318327146322,"d":"-0.41"},466.03,163.76,4,1864.12,"USD",1,1864.12]
[1377660400,"01",null,"125157",null,"Invoice","Vaddio","B0004","Distributor - National","002","Unassigned","3200","Undefined","3000","ANIXTER CANADA INC","ANIXTER CANADA INC","Canada ULC",368.54,5528.07,"12/22/2021","Standard Distribution","01","Unassigned","0002812459","Standard Order","TA","AV CONFERENCING (VADDIO)",2021,"2021-12",0,"Vaddio","CONFERENCE","AUDIO","AV","001","999-85100-000","","ANIXTER CANADA INC","Vaddio","3002","60026","E","B0004","B0004P0435","B0004P0435G0014090","Unassigned","Ceiling MIC System White","Projection Screens","B0004P0435G0014090","Canada Camera Profit Center","3200","0098154391","Unassigned","Enterprise Distribution","13","Central","C1XXP3","Canada","Canada - ULC","3200","Ron Saunders",null,"Undefined",null,"Ontario","Canada","United States","Illinois","DIRECT","AV CAPTURE & COLLABORATION - CAMERAS","4210","1",{"v":-10.97262012535573,"d":"-10.97"},461.726,368.54,15,6925.89,"CAD",1.27673,8842.49]
[1377666655,"01",null,"133720",null,"Invoice","Vaddio","B0004","Dealer","001","Unassigned","3000","Undefined","3000","1TST - MILESTONE INC. SAVAGE (3000)","TAURUS TECHNOLOGIES INC","Americas LLC",10.92,21.83,"09/20/2021","Standard Distribution","01","Unassigned","0002734309","Standard Order","TA","AV CONTENT CAPTURE (VADDIO)",2021,"2021-09",0,"Vaddio","Accessories","RACK","AV","001","998-6000-006","","TAURUS TECHNOLOGIES INC","Vaddio","3002","75028","E","B0004","B0004P0440","B0004P0440G0014120","Unassigned","DUAL 1/2 RACK MOUNTING KIT","Other/Misc","B0004P0440G0014120","US Camera Profit Center","3000","0097709855","Unassigned","AV Integrators","01","South","U1DXP2","United States","Americas - LLC","3000","Ken Phillips",null,"Undefined",null,"Texas","United States","United States","Texas","DIRECT","AV CAPTURE & COLLABORATION - CAMERAS","4210","2",{"v":0.726749280260358,"d":"0.73"},79.89,10.92,2,159.78,"USD",1,159.78]
[1377666656,"01",null,"132452",null,"Invoice","Vaddio","B0004","Dealer","001","Unassigned","3000","Undefined","3000","FORD AUDIO VIDEO SYS - OK CITY","FORD AUDIO VIDEO SYS INC","Americas LLC",4.96,24.79,"10/05/2021","Standard Distribution","01","Unassigned","0002748364","Standard Order","TA","AV CONTENT CAPTURE (VADDIO)",2021,"2021-10",0,"Vaddio","Accessories","RACK","AV","001","998-6000-004","FORD AUDIO VIDEO SYS INC","FORD AUDIO VIDEO SYS INC","Vaddio","3002","73128","E","B0004","B0004P0440","B0004P0440G0014120","Unassigned","SINGLE 1/2 RACK MOUNTING KIT","Other/Misc","B0004P0440G0014120","US Camera Profit Center","3000","0097769593","Unassigned","AV Integrators","01","South","U1DXP2","United States","Americas - LLC","3000","Ken Phillips",null,"Undefined",null,"Oklahoma","United States","United States","Oklahoma","DIRECT","AV CAPTURE & COLLABORATION - CAMERAS","4210","1",{"v":0.5781143635125936,"d":"0.58"},58.76,4.96,5,293.8,"USD",1,293.8]
[1377666679,"01",null,"132452",null,"Invoice","Vaddio","B0004","Dealer","001","Unassigned","3000","Undefined","3000","FORD AUDIO VIDEO SYS - OK CITY","FORD AUDIO VIDEO SYS INC","Americas LLC",10.93,21.85,"10/05/2021","Standard Distribution","01","Unassigned","0002748364","Standard Order","TA","AV CONTENT CAPTURE (VADDIO)",2021,"2021-10",0,"Vaddio","Accessories","RACK","AV","001","998-6000-006","FORD AUDIO VIDEO SYS INC","FORD AUDIO VIDEO SYS INC","Vaddio","3002","73128","E","B0004","B0004P0440","B0004P0440G0014120","Unassigned","DUAL 1/2 RACK MOUNTING KIT","Other/Misc","B0004P0440G0014120","US Camera Profit Center","3000","0097769593","Unassigned","AV Integrators","01","South","U1DXP2","United States","Americas - LLC","3000","Ken Phillips",null,"Undefined",null,"Oklahoma","United States","United States","Oklahoma","DIRECT","AV CAPTURE & COLLABORATION - CAMERAS","4210","1",{"v":0.7401593530740873,"d":"0.74"},84.09,10.93,2,168.18,"USD",1,168.18]
[1377666681,"01",null,"133720",null,"Invoice","Vaddio","B0004","Dealer","001","Unassigned","3000","Undefined","3000","TAURUS TECHNOLOGIES INC","TAURUS TECHNOLOGIES INC","Americas LLC",10.91,21.82,"11/09/2021","Standard Distribution","01","Unassigned","0002775998","Standard Order","TA","AV CONTENT CAPTURE (VADDIO)",2021,"2021-11",27,"Vaddio","Accessories","RACK","AV","001","998-6000-006","","TAURUS TECHNOLOGIES INC","Vaddio","3002","75028","E","B0004","B0004P0440","B0004P0440G0014120","Unassigned","DUAL 1/2 RACK MOUNTING KIT","Other/Misc","B0004P0440G0014120","US Camera Profit Center","3000","0097921701","Unassigned","AV Integrators","01","South","U1DXP2","United States","Americas - LLC","3000","Ken Phillips",null,"Undefined",null,"Texas","United States","United States","Texas","DIRECT","AV CAPTURE & COLLABORATION - CAMERAS","4210","2",{"v":0.7405161136877155,"d":"0.74"},84.09,10.91,2,168.18,"USD",1,168.18]
[1377666682,"01",null,"133720",null,"Invoice","Vaddio","B0004","Dealer","001","Unassigned","3000","Undefined","3000","TAURUS TECHNOLOGIES INC","TAURUS TECHNOLOGIES INC","Americas LLC",10.91,32.73,"11/09/2021","Standard Distribution","01","Unassigned","0002776438","Standard Order","TA","AV CONTENT CAPTURE (VADDIO)",2021,"2021-11",27,"Vaddio","Accessories","RACK","AV","001","998-6000-006","","TAURUS TECHNOLOGIES INC","Vaddio","3002","75028","E","B0004","B0004P0440","B0004P0440G0014120","Unassigned","DUAL 1/2 RACK MOUNTING KIT","Other/Misc","B0004P0440G0014120","US Camera Profit Center","3000","0097921702","Unassigned","AV Integrators","01","South","U1DXP2","United States","Americas - LLC","3000","Ken Phillips",null,"Undefined",null,"Texas","United States","United States","Texas","DIRECT","AV CAPTURE & COLLABORATION - CAMERAS","4210","2",{"v":0.6107741705315733,"d":"0.61"},84.09,10.91,3,252.27,"USD",1,252.27]
[1377666683,"01",null,"133720",null,"Invoice","Vaddio","B0004","Dealer","001","Unassigned","3000","Undefined","3000","ENTER ALTERNATE ADDRESS (US)","TAURUS TECHNOLOGIES INC","Americas LLC",10.91,10.91,"11/15/2021","Standard Distribution","01","Unassigned","0002781085","Standard Order","TA","AV CONTENT CAPTURE (VADDIO)",2021,"2021-11",0,"Vaddio","Accessories","RACK","AV","001","998-6000-006","","TAURUS TECHNOLOGIES INC","Vaddio","3002","75028","E","B0004","B0004P0440","B0004P0440G0014120","Unassigned","DUAL 1/2 RACK MOUNTING KIT","Other/Misc","B0004P0440G0014120","US Camera Profit Center","3000","0097946416","Unassigned","AV Integrators","01","South","U1DXP2","United States","Americas - LLC","3000","Ken Phillips",null,"Undefined",null,"Texas","United States","United States","Texas","DIRECT","AV CAPTURE & COLLABORATION - CAMERAS","4210","2",{"v":0.8702580568438578,"d":"0.87"},84.09,10.91,1,84.09,"USD",1,84.09]
[1377666684,"01",null,"132452",null,"Invoice","Vaddio","B0004","Dealer","001","Unassigned","3000","Undefined","3000","FORD AUDIO VIDEO SYS - OK CITY","FORD AUDIO VIDEO SYS INC","Americas LLC",5.26,26.28,"12/31/2021","Standard Distribution","01","Unassigned","0002817441","Standard Order","TA","AV CONTENT CAPTURE (VADDIO)",2021,"2021-12",27,"Vaddio","Accessories","RACK","AV","001","998-6000-004","FORD AUDIO VIDEO SYS INC","FORD AUDIO VIDEO SYS INC","Vaddio","3002","73128","E","B0004","B0004P0440","B0004P0440G0014120","Unassigned","SINGLE 1/2 RACK MOUNTING KIT","Other/Misc","B0004P0440G0014120","US Camera Profit Center","3000","0098189545","Unassigned","AV Integrators","01","South","U1DXP2","United States","Americas - LLC","3000","Ken Phillips",null,"Undefined",null,"Oklahoma","United States","United States","Oklahoma","DIRECT","AV CAPTURE & COLLABORATION - CAMERAS","4210","1",{"v":0.5700261780104712,"d":"0.57"},61.12,5.26,5,305.6,"USD",1,305.6]
[1377666685,"01",null,"133720",null,"Invoice","Vaddio","B0004","Dealer","001","Unassigned","3000","Undefined","3000","ENTER ALTERNATE ADDRESS (US)","TAURUS TECHNOLOGIES INC","Americas LLC",5.25,5.25,"12/23/2021","Standard Distribution","01","Unassigned","0002810960","Standard Order","TA","AV CONTENT CAPTURE (VADDIO)",2021,"2021-12",1,"Vaddio","Accessories","RACK","AV","001","998-6000-004","","TAURUS TECHNOLOGIES INC","Vaddio","3002","75028","E","B0004","B0004P0440","B0004P0440G0014120","Unassigned","SINGLE 1/2 RACK MOUNTING KIT","Other/Misc","B0004P0440G0014120","US Camera Profit Center","3000","0098170550","Unassigned","AV Integrators","01","South","U1DXP2","United States","Americas - LLC","3000","Ken Phillips",null,"Undefined",null,"Texas","United States","United States","Texas","DIRECT","AV CAPTURE & COLLABORATION - CAMERAS","4210","2",{"v":0.9141034031413613,"d":"0.91"},61.12,5.25,1,61.12,"USD",1,61.12]
[1377666687,"01",null,"133720",null,"Invoice","Vaddio","B0004","Dealer","001","Unassigned","3000","Undefined","3000","ENTER ALTERNATE ADDRESS (US)","TAURUS TECHNOLOGIES INC","Americas LLC",10.94,10.94,"12/30/2021","Standard Distribution","01","Unassigned","0002816545","Standard Order","TA","AV CONTENT CAPTURE (VADDIO)",2021,"2021-12",0,"Vaddio","Accessories","RACK","AV","001","998-6000-006","","TAURUS TECHNOLOGIES INC","Vaddio","3002","75028","E","B0004","B0004P0440","B0004P0440G0014120","Unassigned","DUAL 1/2 RACK MOUNTING KIT","Other/Misc","B0004P0440G0014120","US Camera Profit Center","3000","0098187465","Unassigned","AV Integrators","01","South","U1DXP2","United States","Americas - LLC","3000","Ken Phillips",null,"Undefined",null,"Texas","United States","United States","Texas","DIRECT","AV CAPTURE & COLLABORATION - CAMERAS","4210","2",{"v":0.8749142465126916,"d":"0.87"},87.46,10.94,1,87.46,"USD",1,87.46]
[1377666688,"01",null,"107518",null,"Invoice","Vaddio","B0004","Distributor - National","002","Unassigned","5000","Undefined","3000","MIDWICH LTD","MIDWICH LIMITED","Europe BV",8.2,8.2,"04/29/2021","Standard Distribution","01","Unassigned","0002610706","Standard Order","TA","AV CONTENT CAPTURE (VADDIO)",2021,"2021-04",0,"Vaddio","Accessories","Power","AV","001","451-2150-152","","MIDWICH LIMITED","Weert","5050","IP22 4YT","X","B0004","B0004P0440","B0004P0440G0014115","Unassigned","LTPOE++ INJECTOR INTL LTPOE++ MIDSPAN","Other/Misc","B0004P0440G0014115","Europe Camera Profit Center","5000","0800315929","Unassigned","AV Distribution","08","UK/Ireland","E1DXX4","Europe, the Middle East, and Africa","Europe - BV","5000","Cm Marcus Bond",null,"Undefined",null,"Undefined","United Kingdom","United Kingdom","Undefined","DIRECT","AV CAPTURE & COLLABORATION - CAMERAS","4210","1",{"v":0.9342158042519053,"d":"0.93"},124.65,8.2,1,124.65,"EUR",0.85281,106.3]
[1377666689,"01",null,"107518",null,"Invoice","Vaddio","B0004","Distributor - National","002","Unassigned","5000","Undefined","3000","MIDWICH LTD","MIDWICH LIMITED","Europe BV",14.6,14.6,"05/06/2021","Standard Distribution","01","Unassigned","0002608029","Standard Order","TA","AV CONTENT CAPTURE (VADDIO)",2021,"2021-05",0,"Vaddio","Accessories","RACK","AV","001","998-6000-006","","MIDWICH LIMITED","Weert","5050","IP22 4YT","X","B0004","B0004P0440","B0004P0440G0014120","Unassigned","DUAL 1/2 RACK MOUNTING KIT","Other/Misc","B0004P0440G0014120","Europe Camera Profit Center","5000","0800317529","Unassigned","AV Distribution","08","UK/Ireland","E1DXX4","Europe, the Middle East, and Africa","Europe - BV","5000","Cm Marcus Bond",null,"Undefined",null,"Undefined","United Kingdom","United Kingdom","Undefined","DIRECT","AV CAPTURE & COLLABORATION - CAMERAS","4210","1",{"v":0.8230731943771207,"d":"0.82"},82.52,14.6,1,82.52,"EUR",0.82754,68.29]
[1377666712,"01",null,"107547",null,"Invoice","Vaddio","B0004","Distributor - National","002","Unassigned","5000","Undefined","3000","RGB COMMUNICATIONS LTD","RGB COMMUNICATIONS LTD","Europe BV",4.69,4.69,"10/27/2021","Standard Distribution","01","Unassigned","0002762905","Standard Order","TA","AV CONTENT CAPTURE (VADDIO)",2021,"2021-10",0,"Vaddio","Accessories","CABLES & CONNECTORS","AV","001","999-1005-010","","RGB COMMUNICATIONS LTD","Weert","5050","SN2 7JQ","X","B0004","B0004P0440","B0004P0440G0014105","Unassigned","CABLE PTZ CAMERA CONTROL 10'","Other/Misc","B0004P0440G0014105","Europe Camera Profit Center","5000","0800350225","Unassigned","AV Distribution","08","UK/Ireland","E1DXX4","Europe, the Middle East, and Africa","Europe - BV","5000","Cm Marcus Bond",null,"Undefined",null,"Wiltshire","United Kingdom","United Kingdom","Undefined","DIRECT","AV CAPTURE & COLLABORATION - CAMERAS","4210","1",{"v":0.6168300653594772,"d":"0.62"},12.24,4.69,1,12.24,"EUR",0.86274,10.56]
[1377666713,"01",null,"139814",null,"Invoice","Vaddio","B0004","Distributor - National","002","Unassigned","5000","Undefined","3000","CUK AUDIO - TUKANS","TUKANS LTD","Europe BV",41.96,41.96,"11/26/2021","Standard Distribution","01","Unassigned","0002789941","Standard Order","TA","AV CONTENT CAPTURE (VADDIO)",2021,"2021-11",0,"Vaddio","Accessories","Power","AV","001","802-2620","","TUKANS LTD","Weert","5050","YO19 6ET","X","B0004","B0004P0440","B0004P0440G0014115","Unassigned","POWER SUPPLY, 36V 3A","Other/Misc","B0004P0440G0014115","Europe Camera Profit Center","5000","0800357012","Unassigned","AV Distribution","08","UK/Ireland","E1DXX4","Europe, the Middle East, and Africa","Europe - BV","5000","Cm Marcus Bond",null,"Undefined",null,"Undefined","United Kingdom","United Kingdom","Undefined","DIRECT","AV CAPTURE & COLLABORATION - CAMERAS","4210","2",{"v":0.6230347677656993,"d":"0.62"},111.31,41.96,1,111.31,"EUR",0.86014,95.74]
[1377666714,"01",null,"107518",null,"Invoice","Vaddio","B0004","Distributor - National","002","Unassigned","5000","Undefined","3000","MIDWICH LTD","MIDWICH LIMITED","Europe BV",168.77,168.77,"11/18/2021","Standard Distribution","01","Unassigned","0002784017","Standard Order","TA","AV CONTENT CAPTURE (VADDIO)",2021,"2021-11",0,"Vaddio","Accessories","MISCELLANOUS","AV","001","999-9995-004","","MIDWICH LIMITED","Weert","5050","IP22 4YT","X","B0004","B0004P0440","B0004P0440G0014110","Unassigned","HDMI AUDIO EMBEDDER KIT","Other/Misc","B0004P0440G0014110","Europe Camera Profit Center","5000","0800355091","Unassigned","AV Distribution","08","UK/Ireland","E1DXX4","Europe, the Middle East, and Africa","Europe - BV","5000","Cm Marcus Bond",null,"Undefined",null,"Undefined","United Kingdom","United Kingdom","Undefined","DIRECT","AV CAPTURE & COLLABORATION - CAMERAS","4210","1",{"v":0.0497719722988571,"d":"0.05"},177.61,168.77,1,177.61,"EUR",0.86014,152.77]
[1377666715,"01","112424","112424",null,"Invoice","Vaddio","B0004","Distributor - National","002","Unassigned","5000","Undefined","3000","OMEGA HANDELS GES M.B.H.","OMEGA HANDELS GES M.B.H.","Europe BV",254.53,763.6,"01/05/2021","Standard Distribution","01","Unassigned","0002496193","Standard Order","TA","AV CONTENT CAPTURE (VADDIO)",2021,"2021-01",0,"Vaddio","Accessories","CABLES & CONNECTORS","AV","001","999-1005-152","","OMEGA HANDELS GES M.B.H.","Weert","5050","1230","X","B0004","B0004P0440","B0004P0440G0014105","Unassigned","EXTREME USB 2.0 EXTENDER INTL","Other/Misc","B0004P0440G0014105","Europe Camera Profit Center","5000","0800290261","Unassigned","AV Distribution","08","GAS","E1DXX8","Europe, the Middle East, and Africa","Europe - BV","5000","Cm Thijs Van Der Horst",null,"Undefined",null,"Undefined","Austria","Austria","Undefined","DIRECT","AV CAPTURE & COLLABORATION - CAMERAS","4210","2",{"v":-0.8346212441740084,"d":"-0.83"},416.2167,254.53,3,1248.65,"EUR",0.82325,1027.95]
[1377666716,"01",null,"112709",null,"Invoice","Vaddio","B0004","Distributor - National","002","Unassigned","5000","Undefined","3000","KUHNE + NAGEL AG","MOBILEPRO AG","Europe BV",11.83,11.83,"02/11/2021","Standard Distribution","01","Unassigned","0002544269","Standard Order","TA","AV CONTENT CAPTURE (VADDIO)",2021,"2021-02",0,"Vaddio","Accessories","MISCELLANOUS","AV","001","998-2102-000","","MOBILEPRO AG","Weert","5050","8152","X","B0004","B0004P0440","B0004P0440G0014110","Unassigned","AV REMOTE COMMANDER N/A","Other/Misc","B0004P0440G0014110","Europe Camera Profit Center","5000","0800299515","Unassigned","AV Distribution","08","GAS","E1DXX8","Europe, the Middle East, and Africa","Europe - BV","5000","Cm Thijs Van Der Horst",null,"Undefined",null,"Undefined","Switzerland","Switzerland","Undefined","DIRECT","AV CAPTURE & COLLABORATION - CAMERAS","4210","1",{"v":0.8558898769643075,"d":"0.86"},82.09,11.83,1,82.09,"EUR",0.82325,67.58]
[1377666717,"01",null,"112709",null,"Invoice","Vaddio","B0004","Distributor - National","002","Unassigned","5000","Undefined","3000","KUHNE + NAGEL AG","MOBILEPRO AG","Europe BV",6.39,12.77,"03/15/2021","Standard Distribution","01","Unassigned","0002573733","Standard Order","TA","AV CONTENT CAPTURE (VADDIO)",2021,"2021-03",0,"Vaddio","Accessories","RACK","AV","001","998-6000-004","","MOBILEPRO AG","Weert","5050","8152","X","B0004","B0004P0440","B0004P0440G0014120","Unassigned","SINGLE 1/2 RACK MOUNTING KIT","Other/Misc","B0004P0440G0014120","Europe Camera Profit Center","5000","0800306389","Unassigned","AV Distribution","08","GAS","E1DXX8","Europe, the Middle East, and Africa","Europe - BV","5000","Cm Thijs Van Der Horst",null,"Undefined",null,"Undefined","Switzerland","Switzerland","Undefined","DIRECT","AV CAPTURE & COLLABORATION - CAMERAS","4210","1",{"v":0.7608390298717109,"d":"0.76"},53.395,6.39,2,106.79,"EUR",0.82481,88.08]
[1377666718,"01","139824","139824",null,"Invoice","Vaddio","B0004","Distributor - National","002","Unassigned","5000","Undefined","3000","NOVIA AG","NOVIA AG","Europe BV",11.82,23.63,"03/18/2021","Standard Distribution","01","Unassigned","0002577539","Standard Order","TA","AV CONTENT CAPTURE (VADDIO)",2021,"2021-03",0,"Vaddio","Accessories","RACK","AV","001","998-6000-006","","NOVIA AG","Weert","5050","8153","X","B0004","B0004P0440","B0004P0440G0014120","Unassigned","DUAL 1/2 RACK MOUNTING KIT","Other/Misc","B0004P0440G0014120","Europe Camera Profit Center","5000","0800307474","Unassigned","AV Integrators","01","GAS","E1DXX8","Europe, the Middle East, and Africa","Europe - BV","5000","Cm Thijs Van Der Horst",null,"Undefined",null,"Undefined","Switzerland","Switzerland","Undefined","DIRECT","AV CAPTURE & COLLABORATION - CAMERAS","4210","4",{"v":0.7145962920466211,"d":"0.71"},82.795,11.82,2,165.59,"EUR",0.82481,136.58]
[1377666719,"01","112424","112424",null,"Invoice","Vaddio","B0004","Distributor - National","002","Unassigned","5000","Undefined","3000","OMEGA HANDELS GES M.B.H.","OMEGA HANDELS GES M.B.H.","Europe BV",250.37,1001.49,"05/18/2021","Standard Distribution","01","Unassigned","0002625452","Standard Order","TA","AV CONTENT CAPTURE (VADDIO)",2021,"2021-05",0,"Vaddio","Accessories","CABLES & CONNECTORS","AV","001","999-1005-152","","OMEGA HANDELS GES M.B.H.","Weert","5050","1230","X","B0004","B0004P0440","B0004P0440G0014105","Unassigned","EXTREME USB 2.0 EXTENDER INTL","Other/Misc","B0004P0440G0014105","Europe Camera Profit Center","5000","0800319668","Unassigned","AV Distribution","08","GAS","E1DXX8","Europe, the Middle East, and Africa","Europe - BV","5000","Cm Thijs Van Der Horst",null,"Undefined",null,"Undefined","Austria","Austria","Undefined","DIRECT","AV CAPTURE & COLLABORATION - CAMERAS","4210","2",{"v":-1.446193584631449,"d":"-1.45"},409.4075,250.37,4,1637.63,"EUR",0.82754,1355.2]
[1377666720,"01",null,"112709",null,"Invoice","Vaddio","B0004","Distributor - National","002","Unassigned","5000","Undefined","3000","KUHNE + NAGEL AG","MOBILEPRO AG","Europe BV",12.3,12.3,"11/25/2021","Standard Distribution","01","Unassigned","0002789932","Standard Order","TA","AV CONTENT CAPTURE (VADDIO)",2021,"2021-11",0,"Vaddio","Accessories","MISCELLANOUS","AV","001","998-2102-000","","MOBILEPRO AG","Weert","5050","8152","X","B0004","B0004P0440","B0004P0440G0014110","Unassigned","AV REMOTE COMMANDER N/A","Other/Misc","B0004P0440G0014110","Europe Camera Profit Center","5000","0800356712","Unassigned","AV Distribution","08","GAS","E1DXX8","Europe, the Middle East, and Africa","Europe - BV","5000","Cm Thijs Van Der Horst",null,"Undefined",null,"Undefined","Switzerland","Switzerland","Undefined","DIRECT","AV CAPTURE & COLLABORATION - CAMERAS","4210","1",{"v":0.8497251069028711,"d":"0.85"},81.85,12.3,1,81.85,"EUR",0.86014,70.4]
[1377666722,"01",null,"146023",null,"Invoice","Vaddio","B0004","Distributor - National","002","Unassigned","5000","Undefined","3000","HI-TECH MEDIA BELARUS","HI-TECH MEDIA BELARUS","Europe BV",14.54,58.16,"06/07/2021","Standard Distribution","01","Unassigned","0002642311","Standard Order","TA","AV CONTENT CAPTURE (VADDIO)",2021,"2021-06",0,"Vaddio","Accessories","RACK","AV","001","998-6000-006","","HI-TECH MEDIA BELARUS","Weert","5050","220037","X","B0004","B0004P0440","B0004P0440G0014120","Unassigned","DUAL 1/2 RACK MOUNTING KIT","Other/Misc","B0004P0440G0014120","Europe Camera Profit Center","5000","0800324058","Unassigned","AV Distribution","08","Russia + CIS","E1DX10","Europe, the Middle East, and Africa","Europe - BV","5000","Cm Karolien De Kogel",null,"Undefined",null,"Undefined","Belarus","Belarus","Undefined","DIRECT","AV CAPTURE & COLLABORATION - CAMERAS","4210","2",{"v":0.2860737740133801,"d":"0.29"},81.465,14.54,4,325.86,"EUR",0.81974,267.12]
[1377666745,"01",null,"146023",null,"Invoice","Vaddio","B0004","Distributor - National","002","Unassigned","5000","Undefined","3000","HI-TECH MEDIA BELARUS","HI-TECH MEDIA BELARUS","Europe BV",6.25,37.48,"08/24/2021","Standard Distribution","01","Unassigned","0002686288","Standard Order","TA","AV CONTENT CAPTURE (VADDIO)",2021,"2021-08",0,"Vaddio","Accessories","RACK","AV","001","998-6000-004","","HI-TECH MEDIA BELARUS","Weert","5050","220037","X","B0004","B0004P0440","B0004P0440G0014120","Unassigned","SINGLE 1/2 RACK MOUNTING KIT","Other/Misc","B0004P0440G0014120","Europe Camera Profit Center","5000","0800338098","Unassigned","AV Distribution","08","Russia + CIS","E1DX10","Europe, the Middle East, and Africa","Europe - BV","5000","Cm Karolien De Kogel",null,"Undefined",null,"Undefined","Belarus","Belarus","Undefined","DIRECT","AV CAPTURE & COLLABORATION - CAMERAS","4210","2",{"v":0.3775637299676161,"d":"0.38"},60.215,6.25,6,361.29,"EUR",0.84182,304.14]
[1377666746,"01",null,"107561",null,"Invoice","Vaddio","B0004","Distributor - National","002","Unassigned","5000","Undefined","3000","KUENE & NAGEL - C4 SIDEV","SIDEV SAS","Europe BV",11.83,11.83,"02/12/2021","Standard Distribution","01","Unassigned","0002547224","Standard Order","TA","AV CONTENT CAPTURE (VADDIO)",2021,"2021-02",0,"Vaddio","Accessories","RACK","AV","001","998-6000-006","","SIDEV SAS","Weert","5050","69140","X","B0004","B0004P0440","B0004P0440G0014120","Unassigned","DUAL 1/2 RACK MOUNTING KIT","Other/Misc","B0004P0440G0014120","Europe Camera Profit Center","5000","0800299766","Unassigned","AV Distribution","08","France","E1DX11","Europe, the Middle East, and Africa","Europe - BV","5000","Cm Katia Desmichels",null,"Undefined",null,"Undefined","France","France","Undefined","DIRECT","AV CAPTURE & COLLABORATION - CAMERAS","4210","1",{"v":0.8573839662447258,"d":"0.86"},82.95,11.83,1,82.95,"EUR",0.82325,68.29]
[1377666747,"01",null,"107561",null,"Invoice","Vaddio","B0004","Distributor - National","002","Unassigned","5000","Undefined","3000","KUENE & NAGEL - C4 SIDEV","SIDEV SAS","Europe BV",10.59,10.59,"04/02/2021","Standard Distribution","01","Unassigned","0002590750","Standard Order","TA","AV CONFERENCING (VADDIO)",2021,"2021-04",0,"Vaddio","Accessories","RAW","AV","001","802-3280","","SIDEV SAS","Weert","5050","69140","X","B0004","B0004P0440","B0004P0440G0014125","Unassigned","EasyMIC Adapter HuddleSHOT","Other/Misc","B0004P0440G0014125","Europe Camera Profit Center","5000","0800310819","Unassigned","AV Distribution","08","France","E1DX11","Europe, the Middle East, and Africa","Europe - BV","5000","Cm Katia Desmichels",null,"Undefined",null,"Undefined","France","France","Undefined","DIRECT","AV CAPTURE & COLLABORATION - CAMERAS","4210","1",{"v":0.6227288920555754,"d":"0.62"},28.07,10.59,1,28.07,"EUR",0.85281,23.94]
[1377666748,"01",null,"107561",null,"Invoice","Vaddio","B0004","Distributor - National","002","Unassigned","5000","Undefined","3000","KUENE & NAGEL - C4 SIDEV","SIDEV SAS","Europe BV",6.24,31.18,"07/16/2021","Standard Distribution","01","Unassigned","0002679678","Standard Order","TA","AV CONTENT CAPTURE (VADDIO)",2021,"2021-07",0,"Vaddio","Accessories","RACK","AV","001","998-6000-004","","SIDEV SAS","Weert","5050","69140","X","B0004","B0004P0440","B0004P0440G0014120","Unassigned","SINGLE 1/2 RACK MOUNTING KIT","Other/Misc","B0004P0440G0014120","Europe Camera Profit Center","5000","0800331081","Unassigned","AV Distribution","08","France","E1DX11","Europe, the Middle East, and Africa","Europe - BV","5000","Cm Katia Desmichels",null,"Undefined",null,"Undefined","France","France","Undefined","DIRECT","AV CAPTURE & COLLABORATION - CAMERAS","4210","1",{"v":0.3908728608267563,"d":"0.39"},51.188,6.24,5,255.94,"EUR",0.84161,215.4]
[1377666749,"01",null,"107561",null,"Credit for Returns","Vaddio","B0004","Distributor - National","002","Unassigned","5000","Undefined","3000","KUENE & NAGEL - C4 SIDEV","SIDEV SAS","Europe BV",6.09,-6.09,"12/28/2021","Standard Distribution","01","Unassigned","0060553725","RMA - Return Auth.","ZRE","AV CONTENT CAPTURE (VADDIO)",2021,"2021-12",0,"Vaddio","Accessories","RACK","AV","001","998-6000-004","","SIDEV SAS","Weert","5050","69140","X","B0004","B0004P0440","B0004P0440G0014120","Unassigned","SINGLE 1/2 RACK MOUNTING KIT","Other/Misc","B0004P0440G0014120","Europe Camera Profit Center","5000","0800365404","Unassigned","AV Distribution","08","France","E1DX11","Europe, the Middle East, and Africa","Europe - BV","5000","Cm Katia Desmichels",null,"Undefined",null,"Undefined","France","France","Undefined","DIRECT","AV CAPTURE & COLLABORATION - CAMERAS","4210","1",{"v":0,"d":"0.00"},41.62,6.09,-1,-41.62,"EUR",0.87982,-36.62]
[1377666750,"01","139825","139825",null,"Invoice","Vaddio","B0004","Distributor - National","002","Unassigned","5000","Undefined","3000","PRODYTEL DISTRIBUTION GMBH","PRODYTEL DISTRIBUTION GMBH","Europe BV",6.4,12.79,"02/26/2021","Standard Distribution","01","Unassigned","0002554701","Standard Order","TA","AV CONTENT CAPTURE (VADDIO)",2021,"2021-02",0,"Vaddio","Accessories","RACK","AV","001","998-6000-004","","PRODYTEL DISTRIBUTION GMBH","Weert","5050","90547","X","B0004","B0004P0440","B0004P0440G0014120","Unassigned","SINGLE 1/2 RACK MOUNTING KIT","Other/Misc","B0004P0440G0014120","Europe Camera Profit Center","5000","0800302883","Unassigned","AV Distribution","08","GAS","E1DXX8","Europe, the Middle East, and Africa","Europe - BV","5000","Cm Simone Freund",null,"Undefined",null,"Undefined","Germany","Germany","Undefined","DIRECT","AV CAPTURE & COLLABORATION - CAMERAS","4210","2",{"v":0.7800515907136716,"d":"0.78"},58.15,6.4,2,116.3,"EUR",0.82325,95.74]
[1377666751,"01","116725","116725",null,"Invoice","Vaddio","B0004","Distributor - National","002","Unassigned","5000","Undefined","3000","COMM-TEC GMBH","COMM-TEC GMBH","Europe BV",11.83,23.66,"02/23/2021","Standard Distribution","01","Unassigned","0002556995","Standard Order","TA","AV CONTENT CAPTURE (VADDIO)",2021,"2021-02",0,"Vaddio","Accessories","RACK","AV","001","998-6000-006","","COMM-TEC GMBH","Weert","5050","73066","X","B0004","B0004P0440","B0004P0440G0014120","Unassigned","DUAL 1/2 RACK MOUNTING KIT","Other/Misc","B0004P0440G0014120","Europe Camera Profit Center","5000","0800301880","Unassigned","AV Distribution","08","GAS","E1DXX8","Europe, the Middle East, and Africa","Europe - BV","5000","Cm Simone Freund",null,"Undefined",null,"Undefined","Germany","Germany","Undefined","DIRECT","AV CAPTURE & COLLABORATION - CAMERAS","4210","1",{"v":0.7147679324894515,"d":"0.71"},82.95,11.83,2,165.9,"EUR",0.82325,136.58]
[1377666753,"01","139825","139825",null,"Invoice","Vaddio","B0004","Distributor - National","002","Unassigned","5000","Undefined","3000","PRODYTEL DISTRIBUTION GMBH","PRODYTEL DISTRIBUTION GMBH","Europe BV",151.76,151.76,"03/15/2021","Standard Distribution","01","Unassigned","0002573664","Standard Order","TA","AV CONTENT CAPTURE (VADDIO)",2021,"2021-03",0,"Vaddio","Accessories","CABLES & CONNECTORS","AV","001","998-1005-026","","PRODYTEL DISTRIBUTION GMBH","Weert","5050","90547","E","B0004","B0004P0440","B0004P0440G0014105","Unassigned","UCC CABLE BUNDLE 8 METER","Other/Misc","B0004P0440G0014105","Europe Camera Profit Center","5000","0800306431","Unassigned","AV Distribution","08","GAS","E1DXX8","Europe, the Middle East, and Africa","Europe - BV","5000","Cm Simone Freund",null,"Undefined",null,"Undefined","Germany","Germany","Undefined","DIRECT","AV CAPTURE & COLLABORATION - CAMERAS","4210","2",{"v":0.049241949630372206,"d":"0.05"},159.62,151.76,1,159.62,"EUR",0.82481,131.66]
[1377666754,"01","139825","139825",null,"Invoice","Vaddio","B0004","Distributor - National","002","Unassigned","5000","Undefined","3000","PRODYTEL DISTRIBUTION GMBH","PRODYTEL DISTRIBUTION GMBH","Europe BV",151.76,758.79,"03/18/2021","Standard Distribution","01","Unassigned","0002576432","Standard Order","TA","AV CONTENT CAPTURE (VADDIO)",2021,"2021-03",0,"Vaddio","Accessories","CABLES & CONNECTORS","AV","001","998-1005-026","","PRODYTEL DISTRIBUTION GMBH","Weert","5050","90547","E","B0004","B0004P0440","B0004P0440G0014105","Unassigned","UCC CABLE BUNDLE 8 METER","Other/Misc","B0004P0440G0014105","Europe Camera Profit Center","5000","0800307475","Unassigned","AV Distribution","08","GAS","E1DXX8","Europe, the Middle East, and Africa","Europe - BV","5000","Cm Simone Freund",null,"Undefined",null,"Undefined","Germany","Germany","Undefined","DIRECT","AV CAPTURE & COLLABORATION - CAMERAS","4210","2",{"v":-3.753965867228028,"d":"-3.75"},159.612,151.76,5,798.06,"EUR",0.82481,658.25]
[1377666755,"01",null,"114063",null,"Invoice","Vaddio","B0004","Distributor - National","002","Unassigned","5000","Undefined","3000","J. DAHMEN & CO.","KERN & STELLY MEDIENTECHNIK GMBH","Europe BV",250.37,500.74,"04/30/2021","Standard Distribution","01","Unassigned","0002613798","Standard Order","TA","AV CONTENT CAPTURE (VADDIO)",2021,"2021-04",0,"Vaddio","Accessories","CABLES & CONNECTORS","AV","001","999-1005-152","","KERN & STELLY MEDIENTECHNIK GMBH","Weert","5050","22335","X","B0004","B0004P0440","B0004P0440G0014105","Unassigned","EXTREME USB 2.0 EXTENDER INTL","Other/Misc","B0004P0440G0014105","Europe Camera Profit Center","5000","0800316306","Unassigned","AV Distribution","08","GAS","E1DXX8","Europe, the Middle East, and Africa","Europe - BV","5000","Cm Simone Freund",null,"Undefined",null,"Undefined","Germany","Germany","Undefined","DIRECT","AV CAPTURE & COLLABORATION - CAMERAS","4210","1",{"v":-0.22309204821631412,"d":"-0.22"},409.405,250.37,2,818.81,"EUR",0.85281,698.29]
[1377666778,"01","116725","116725",null,"Invoice","Vaddio","B0004","Distributor - National","002","Unassigned","5000","Undefined","3000","COMM-TEC GMBH","COMM-TEC GMBH","Europe BV",4.8,19.2,"06/15/2021","Standard Distribution","01","Unassigned","0002654838","Standard Order","TA","AV CONTENT CAPTURE (VADDIO)",2021,"2021-06",0,"Vaddio","Accessories","CABLES & CONNECTORS","AV","001","999-1005-010","","COMM-TEC GMBH","Weert","5050","73066","X","B0004","B0004P0440","B0004P0440G0014105","Unassigned","CABLE PTZ CAMERA CONTROL 10'","Other/Misc","B0004P0440G0014105","Europe Camera Profit Center","5000","0800325981","Unassigned","AV Distribution","08","GAS","E1DXX8","Europe, the Middle East, and Africa","Europe - BV","5000","Cm Simone Freund",null,"Undefined",null,"Undefined","Germany","Germany","Undefined","DIRECT","AV CAPTURE & COLLABORATION - CAMERAS","4210","1",{"v":-0.49039394527459734,"d":"-0.49"},12.8825,4.8,4,51.53,"EUR",0.81974,42.24]
[1377666779,"01","139825","139825",null,"Invoice","Vaddio","B0004","Distributor - National","002","Unassigned","5000","Undefined","3000","PRODYTEL DISTRIBUTION GMBH","PRODYTEL DISTRIBUTION GMBH","Europe BV",6.24,6.24,"07/23/2021","Standard Distribution","01","Unassigned","0002686281","Standard Order","TA","AV CONTENT CAPTURE (VADDIO)",2021,"2021-07",0,"Vaddio","Accessories","RACK","AV","001","998-6000-004","","PRODYTEL DISTRIBUTION GMBH","Weert","5050","90547","X","B0004","B0004P0440","B0004P0440G0014120","Unassigned","SINGLE 1/2 RACK MOUNTING KIT","Other/Misc","B0004P0440G0014120","Europe Camera Profit Center","5000","0800332014","Unassigned","AV Distribution","08","GAS","E1DXX8","Europe, the Middle East, and Africa","Europe - BV","5000","Cm Simone Freund",null,"Undefined",null,"Undefined","Germany","Germany","Undefined","DIRECT","AV CAPTURE & COLLABORATION - CAMERAS","4210","2",{"v":0.896397144280259,"d":"0.90"},60.23,6.24,1,60.23,"EUR",0.84161,50.69]
[1377666780,"01","116725","116725",null,"Invoice","Vaddio","B0004","Distributor - National","002","Unassigned","5000","Undefined","3000","COMM-TEC GMBH","COMM-TEC GMBH","Europe BV",7.07,7.07,"10/05/2021","Standard Distribution","01","Unassigned","0002747218","Standard Order","TA","AV CONTENT CAPTURE (VADDIO)",2021,"2021-10",0,"Vaddio","Accessories","MISCELLANOUS","AV","001","998-2100-000","","COMM-TEC GMBH","Weert","5050","73066","X","B0004","B0004P0440","B0004P0440G0014110","Unassigned","VADDIO IR REMOTE COMMANDER","Other/Misc","B0004P0440G0014110","Europe Camera Profit Center","5000","0800345426","Unassigned","AV Distribution","08","GAS","E1DXX8","Europe, the Middle East, and Africa","Europe - BV","5000","Cm Simone Freund",null,"Undefined",null,"Undefined","Germany","Germany","Undefined","DIRECT","AV CAPTURE & COLLABORATION - CAMERAS","4210","1",{"v":0.9133578431372549,"d":"0.91"},81.6,7.07,1,81.6,"EUR",0.86274,70.4]
[1377666781,"01","139825","139825",null,"Invoice","Vaddio","B0004","Distributor - National","002","Unassigned","5000","Undefined","3000","PRODYTEL DISTRIBUTION GMBH","PRODYTEL DISTRIBUTION GMBH","Europe BV",6.1,6.1,"10/11/2021","Standard Distribution","01","Unassigned","0002751339","Standard Order","TA","AV CONTENT CAPTURE (VADDIO)",2021,"2021-10",0,"Vaddio","Accessories","RACK","AV","001","998-6000-004","","PRODYTEL DISTRIBUTION GMBH","Weert","5050","90547","X","B0004","B0004P0440","B0004P0440G0014120","Unassigned","SINGLE 1/2 RACK MOUNTING KIT","Other/Misc","B0004P0440G0014120","Europe Camera Profit Center","5000","0800346672","Unassigned","AV Distribution","08","GAS","E1DXX8","Europe, the Middle East, and Africa","Europe - BV","5000","Cm Simone Freund",null,"Undefined",null,"Undefined","Germany","Germany","Undefined","DIRECT","AV CAPTURE & COLLABORATION - CAMERAS","4210","2",{"v":0.8961702127659574,"d":"0.90"},58.75,6.1,1,58.75,"EUR",0.86274,50.69]
[1377666783,"01","124904","124904",null,"Invoice","Vaddio","B0004","Dealer","001","Unassigned","3200","Undefined","3000","PROSONICS","PROSONICS","Canada ULC",87.51,87.51,"08/12/2021","Standard Distribution","01","Unassigned","0002705534","Standard Order","TA","AV CONTENT CAPTURE (VADDIO)",2021,"2021-08",121,"Vaddio","Accessories","Power","AV","001","802-2620","","PROSONICS","Vaddio","3002","P3A 5R6","F","B0004","B0004P0440","B0004P0440G0014115","Unassigned","POWER SUPPLY, 36V 3A","Other/Misc","B0004P0440G0014115","Canada Camera Profit Center","3200","0097536561","Unassigned","AV Integrators","01","Central","C1XXP3","Canada","Canada - ULC","3200","Allison Cooney",null,"Undefined",null,"Ontario","Canada","Canada","Ontario","DIRECT","AV CAPTURE & COLLABORATION - CAMERAS","4210","4",{"v":0.30591687817258884,"d":"0.31"},126.08,87.51,1,126.08,"CAD",1.24386,156.83]
[1377666784,"01",null,"145767",null,"Cancel. Invoice (S1)","Vaddio","B0004","Distributor - National","002","Unassigned","3200","Undefined","3000","ENTER ALTERNATE ADDRESS (CANADA)","DATAVISUAL - CAD CURRENCY ONLY","Canada ULC",10.81,-10.81,"03/12/2021","Standard Distribution","01","Unassigned","0002572867","Standard Order","TA","AV CONTENT CAPTURE (VADDIO)",2021,"2021-03",-1,"Vaddio","Accessories","RACK","AV","001","998-6000-004","","DATAVISUAL - CAD CURRENCY ONLY","Vaddio","3002","K1J 0B3","E","B0004","B0004P0440","B0004P0440G0014120","Unassigned","SINGLE 1/2 RACK MOUNTING KIT","Other/Misc","B0004P0440G0014120","Canada Camera Profit Center","3200","0096896897","Unassigned","AV Distribution","08","Central","C1XXP3","Canada","Canada - ULC","3200","David Galos",null,"Undefined",null,"Ontario","Canada","Canada","Ontario","DIRECT","AV CAPTURE & COLLABORATION - CAMERAS","4210","1",{"v":0,"d":"0.00"},55.45,10.81,-1,-55.45,"CAD",1.26347,-70.06]
[1377666785,"01",null,"145767",null,"Invoice","Vaddio","B0004","Distributor - National","002","Unassigned","3200","Undefined","3000","ENTER ALTERNATE ADDRESS (CANADA)","DATAVISUAL - CAD CURRENCY ONLY","Canada ULC",10.93,10.93,"04/12/2021","Standard Distribution","01","Unassigned","0002599065","Standard Order","TA","AV CONTENT CAPTURE (VADDIO)",2021,"2021-04",0,"Vaddio","Accessories","RACK","AV","001","998-6000-004","","DATAVISUAL - CAD CURRENCY ONLY","Vaddio","3002","K1J 0B3","E","B0004","B0004P0440","B0004P0440G0014120","Unassigned","SINGLE 1/2 RACK MOUNTING KIT","Other/Misc","B0004P0440G0014120","Canada Camera Profit Center","3200","0097017643","Unassigned","AV Distribution","08","Central","C1XXP3","Canada","Canada - ULC","3200","David Galos",null,"Undefined",null,"New York","United States","Canada","Ontario","DIRECT","AV CAPTURE & COLLABORATION - CAMERAS","4210","1",{"v":0.8035585909417685,"d":"0.80"},55.64,10.93,1,55.64,"CAD",1.25944,70.08]
[1377666786,"01","145767","145767",null,"Invoice","Vaddio","B0004","Distributor - National","002","Unassigned","3200","Undefined","3000","DATAVISUAL - CAD CURRENCY ONLY","DATAVISUAL - CAD CURRENCY ONLY","Canada ULC",34.31,34.31,"05/18/2021","Standard Distribution","01","Unassigned","0002621912","Standard Order","TA","AV CONTENT CAPTURE (VADDIO)",2021,"2021-05",0,"Vaddio","Accessories","Power","AV","001","440-1370-148","","DATAVISUAL - CAD CURRENCY ONLY","Vaddio","3002","K1J 0B3","F","B0004","B0004P0440","B0004P0440G0014115","Unassigned","POWER SUPPLY 48VDC 1.35A ISOLATED","Other/Misc","B0004P0440G0014115","Canada Camera Profit Center","3200","0097175912","Unassigned","AV Distribution","08","Central","C1XXP3","Canada","Canada - ULC","3200","David Galos",null,"Undefined",null,"New York","United States","Canada","Ontario","DIRECT","AV CAPTURE & COLLABORATION - CAMERAS","4210","1",{"v":0.4191637040799051,"d":"0.42"},59.07,34.31,1,59.07,"CAD",1.22723,72.49]
[1377666787,"01","145767","145767",null,"Invoice","Vaddio","B0004","Distributor - National","002","Unassigned","3200","Undefined","3000","DATAVISUAL - CAD CURRENCY ONLY","DATAVISUAL - CAD CURRENCY ONLY","Canada ULC",3.45,3.45,"05/28/2021","Standard Distribution","01","Unassigned","0002641275","Standard Order","TA","AV CONTENT CAPTURE (VADDIO)",2021,"2021-05",6,"Vaddio","Accessories","CABLES & CONNECTORS","AV","001","998-1001-232","","DATAVISUAL - CAD CURRENCY ONLY","Vaddio","3002","K1J 0B3","F","B0004","B0004P0440","B0004P0440G0014105","Unassigned","ADAPTER CONTROL DB-9M TO RJ-45F","Other/Misc","B0004P0440G0014105","Canada Camera Profit Center","3200","0097226838","Unassigned","AV Distribution","08","Central","C1XXP3","Canada","Canada - ULC","3200","David Galos",null,"Undefined",null,"Ontario","Canada","Canada","Ontario","DIRECT","AV CAPTURE & COLLABORATION - CAMERAS","4210","1",{"v":0.793783622235505,"d":"0.79"},16.73,3.45,1,16.73,"CAD",1.22723,20.53]
[1377684201,"01",null,"132107",null,"Invoice","Vaddio","B0004","Dealer","001","Unassigned","3000","Undefined","3000","ENTER ALTERNATE ADDRESS (US)","CCS PRESENTATION SYS.- AZ","Americas LLC",4.76,4.76,"08/16/2021","Standard Distribution","01","Unassigned","0002708101","Standard Order","TA","AV CONTENT CAPTURE (VADDIO)",2021,"2021-08",0,"Vaddio","Accessories","RACK","AV","001","998-6000-004","CCS PRESENTATION-ALL OFFICES","CCS PRESENTATION-ALL OFFICES","Vaddio","3002","85255","E","B0004","B0004P0440","B0004P0440G0014120","Unassigned","SINGLE 1/2 RACK MOUNTING KIT","Other/Misc","B0004P0440G0014120","US Camera Profit Center","3000","0097543685","Unassigned","AV Integrators","01","West","U1DXP4","United States","Americas - LLC","3000","Stephanie Shomper",null,"Undefined",null,"Arizona","United States","United States","Arizona","DIRECT","AV CAPTURE & COLLABORATION - CAMERAS","4210","1",{"v":0.9189925119128659,"d":"0.92"},58.76,4.76,1,58.76,"USD",1,58.76]
[1377684202,"01","132832","132832",null,"Invoice","Vaddio","B0004","Dealer","001","USAV BUYING GROUP","3000","Undefined","3000","IMMEDIA LLC","IMMEDIA LLC","Americas LLC",4.73,4.73,"09/08/2021","Standard Distribution","01","Unassigned","0002724957","Standard Order","TA","AV CONTENT CAPTURE (VADDIO)",2021,"2021-09",0,"Vaddio","Accessories","RACK","AV","001","998-6000-004","","IMMEDIA LLC","Vaddio","3002","85260","E","B0004","B0004P0440","B0004P0440G0014120","Unassigned","SINGLE 1/2 RACK MOUNTING KIT","Other/Misc","B0004P0440G0014120","US Camera Profit Center","3000","0097654734","Unassigned","AV Integrators","01","West","U1DXP4","United States","Americas - LLC","3000","Stephanie Shomper",null,"Undefined",null,"Arizona","United States","United States","Arizona","DIRECT","AV CAPTURE & COLLABORATION - CAMERAS","4210","2",{"v":0.9195030633083731,"d":"0.92"},58.76,4.73,1,58.76,"USD",1,58.76]
[1377684203,"01",null,"132395",null,"Invoice","Vaddio","B0004","Online Reseller","010","Unassigned","3000","Undefined","3000","ONE TIME - BID SHIP TO ONLY","E1 AUDIOVISUAL TECHNOLOGIES","Americas LLC",2.89,11.56,"12/28/2021","Standard Distribution","01","Unassigned","0002814575","Standard Order","TA","AV CONTENT CAPTURE (VADDIO)",2021,"2021-12",0,"Vaddio","Accessories","CABLES & CONNECTORS","AV","001","998-1001-232","","E1 AUDIOVISUAL TECHNOLOGIES","Vaddio","3002","85044","F","B0004","B0004P0440","B0004P0440G0014105","Unassigned","ADAPTER CONTROL DB-9M TO RJ-45F","Other/Misc","B0004P0440G0014105","US Camera Profit Center","3000","0098181923","Unassigned","AV Integrators","01","West","U1DXP4","United States","Americas - LLC","3000","Stephanie Shomper",null,"Undefined",null,"Arizona","United States","United States","Arizona","DIRECT","AV CAPTURE & COLLABORATION - CAMERAS","4210","2",{"v":0.32079905992949465,"d":"0.32"},17.02,2.89,4,68.08,"USD",1,68.08]
[1377684204,"01","132832","132832",null,"Invoice","Vaddio","B0004","Dealer","001","USAV BUYING GROUP","3000","Undefined","3000","IMMEDIA LLC","IMMEDIA LLC","Americas LLC",5.21,5.21,"12/14/2021","Standard Distribution","01","Unassigned","0002805117","Standard Order","TA","AV CONTENT CAPTURE (VADDIO)",2021,"2021-12",27,"Vaddio","Accessories","RACK","AV","001","998-6000-004","","IMMEDIA LLC","Vaddio","3002","85260","E","B0004","B0004P0440","B0004P0440G0014120","Unassigned","SINGLE 1/2 RACK MOUNTING KIT","Other/Misc","B0004P0440G0014120","US Camera Profit Center","3000","0098114195","Unassigned","AV Integrators","01","West","U1DXP4","United States","Americas - LLC","3000","Stephanie Shomper",null,"Undefined",null,"Arizona","United States","United States","Arizona","DIRECT","AV CAPTURE & COLLABORATION - CAMERAS","4210","2",{"v":0.9113342409802587,"d":"0.91"},58.76,5.21,1,58.76,"USD",1,58.76]
[1377684206,"01",null,"103062",null,"Invoice","Vaddio","B0004","Dealer","001","Unassigned","3000","Undefined","3000","ONE TIME - BID SHIP TO ONLY","LEE HARTMAN & SONS INC","Americas LLC",10.18,30.55,"01/22/2021","Standard Distribution","01","Unassigned","0002532383","Standard Order","TA","AV CONTENT CAPTURE (VADDIO)",2021,"2021-01",15,"Vaddio","Accessories","RACK","AV","001","998-6000-006","","LEE HARTMAN & SONS INC","Vaddio","3002","24017","E","B0004","B0004P0440","B0004P0440G0014120","Unassigned","DUAL 1/2 RACK MOUNTING KIT","Other/Misc","B0004P0440G0014120","US Camera Profit Center","3000","0096698494","Unassigned","AV Integrators","01","NorthEast","U1DXP1","United States","Americas - LLC","3000","Geoff Gibbs",null,"Undefined",null,"Unassigned","United States","United States","Unassigned","DIRECT","AV CAPTURE & COLLABORATION - CAMERAS","4210","1",{"v":0.6219995050730016,"d":"0.62"},80.82,10.18,3,242.46,"USD",1,242.46]
[1377684207,"01","132729","132729",null,"Invoice","Vaddio","B0004","Dealer","001","USAV BUYING GROUP","3000","Undefined","3000","VICOM VA INTEGRATED COM","VICOM VA INTEGRATED COM","Americas LLC",10.19,30.56,"01/12/2021","Standard Distribution","01","Unassigned","0002521487","Standard Order","TA","AV CONTENT CAPTURE (VADDIO)",2021,"2021-01",12,"Vaddio","Accessories","RACK","AV","001","998-6000-006","","VICOM VA INTEGRATED COM","Vaddio","3002","23462","E","B0004","B0004P0440","B0004P0440G0014120","Unassigned","DUAL 1/2 RACK MOUNTING KIT","Other/Misc","B0004P0440G0014120","US Camera Profit Center","3000","0096645676","Unassigned","AV Integrators","01","NorthEast","U1DXP1","United States","Americas - LLC","3000","Geoff Gibbs",null,"Undefined",null,"Unassigned","United States","United States","Unassigned","DIRECT","AV CAPTURE & COLLABORATION - CAMERAS","4210","1",{"v":0.6218757733234348,"d":"0.62"},80.82,10.19,3,242.46,"USD",1,242.46]
[1377684208,"01","132945","132945",null,"Invoice","Vaddio","B0004","Dealer","001","Unassigned","3000","Undefined","3000","KALOTHIA INC","KALOTHIA INC","Americas LLC",213.51,213.51,"01/15/2021","Standard Distribution","01","Unassigned","0002526440","Standard Order","TA","AV CONTENT CAPTURE (VADDIO)",2021,"2021-01",18,"Vaddio","Accessories","CABLES & CONNECTORS","AV","001","999-1005-052","","KALOTHIA INC","Vaddio","3002","20166","E","B0004","B0004P0440","B0004P0440G0014105","Unassigned","EXTREME USB 2.0 EXTENDER NA","Other/Misc","B0004P0440G0014105","US Camera Profit Center","3000","0096654634","Unassigned","AV Integrators","01","NorthEast","U1DXP1","United States","Americas - LLC","3000","Geoff Gibbs",null,"Undefined",null,"Unassigned","United States","United States","Unassigned","DIRECT","AV CAPTURE & COLLABORATION - CAMERAS","4210","2",{"v":0.4888926126298655,"d":"0.49"},417.74,213.51,1,417.74,"USD",1,417.74]
[1377684209,"01",null,"103062",null,"Invoice","Vaddio","B0004","Dealer","001","Unassigned","3000","Undefined","3000","ENTER ALTERNATE ADDRESS (US)","LEE HARTMAN & SONS INC","Americas LLC",14.58,14.58,"02/19/2021","Standard Distribution","01","Unassigned","0002555769","Standard Order","TA","AV CONTENT CAPTURE (VADDIO)",2021,"2021-02",20,"Vaddio","Accessories","Power","AV","001","451-2000-024","","LEE HARTMAN & SONS INC","Vaddio","3002","24017","F","B0004","B0004P0440","B0004P0440G0014115","Unassigned","PS 24VDC 2.08A WITH FIG 8 WITH AC CORD","Other/Misc","B0004P0440G0014115","US Camera Profit Center","3000","0096823511","Unassigned","AV Integrators","01","NorthEast","U1DXP1","United States","Americas - LLC","3000","Geoff Gibbs",null,"Undefined",null,"Unassigned","United States","United States","Unassigned","DIRECT","AV CAPTURE & COLLABORATION - CAMERAS","4210","1",{"v":0.7227082540890073,"d":"0.72"},52.58,14.58,1,52.58,"USD",1,52.58]
[1377684210,"01","131675","131675",null,"Invoice","Vaddio","B0004","Dealer","001","Unassigned","3000","Undefined","3000","AVITECTURE INC","AVITECTURE INC","Americas LLC",15.66,15.66,"02/01/2021","Standard Distribution","01","Unassigned","0002540331","Standard Order","TA","AV CONTENT CAPTURE (VADDIO)",2021,"2021-02",0,"Vaddio","Accessories","Power","AV","001","451-2750-018","","AVITECTURE INC","Vaddio","3002","20164","F","B0004","B0004P0440","B0004P0440G0014115","Unassigned","POWER SUPPLY 18VDC 2.75A","Other/Misc","B0004P0440G0014115","US Camera Profit Center","3000","0096724650","Unassigned","AV Integrators","01","NorthEast","U1DXP1","United States","Americas - LLC","3000","Geoff Gibbs",null,"Undefined",null,"Unassigned","United States","United States","Unassigned","DIRECT","AV CAPTURE & COLLABORATION - CAMERAS","4210","2",{"v":0.7021681247622671,"d":"0.70"},52.58,15.66,1,52.58,"USD",1,52.58]
[1377684212,"01","132627","132627",null,"Invoice","Vaddio","B0004","Dealer","001","Unassigned","3000","Undefined","3000","VIDEO DYNAMICS INC.","VIDEO DYNAMICS INC.","Americas LLC",10.15,20.29,"02/16/2021","Standard Distribution","01","Unassigned","0002553007","Standard Order","TA","AV CONTENT CAPTURE (VADDIO)",2021,"2021-02",0,"Vaddio","Accessories","RACK","AV","001","998-6000-006","","VIDEO DYNAMICS INC.","Vaddio","3002","20151","E","B0004","B0004P0440","B0004P0440G0014120","Unassigned","DUAL 1/2 RACK MOUNTING KIT","Other/Misc","B0004P0440G0014120","US Camera Profit Center","3000","0096787182","Unassigned","AV Integrators","01","NorthEast","U1DXP1","United States","Americas - LLC","3000","Geoff Gibbs",null,"Undefined",null,"Unassigned","United States","United States","Unassigned","DIRECT","AV CAPTURE & COLLABORATION - CAMERAS","4210","2",{"v":0.7489482801286811,"d":"0.75"},80.82,10.15,2,161.64,"USD",1,161.64]
[1377684213,"01","132945","132945",null,"Invoice","Vaddio","B0004","Dealer","001","Unassigned","3000","Undefined","3000","KALOTHIA INC","KALOTHIA INC","Americas LLC",213.29,213.29,"02/11/2021","Standard Distribution","01","Unassigned","0002549421","Standard Order","TA","AV CONTENT CAPTURE (VADDIO)",2021,"2021-02",18,"Vaddio","Accessories","CABLES & CONNECTORS","AV","001","999-1005-052","","KALOTHIA INC","Vaddio","3002","20166","E","B0004","B0004P0440","B0004P0440G0014105","Unassigned","EXTREME USB 2.0 EXTENDER NA","Other/Misc","B0004P0440G0014105","US Camera Profit Center","3000","0096780222","Unassigned","AV Integrators","01","NorthEast","U1DXP1","United States","Americas - LLC","3000","Geoff Gibbs",null,"Undefined",null,"Unassigned","United States","United States","Unassigned","DIRECT","AV CAPTURE & COLLABORATION - CAMERAS","4210","2",{"v":0.4894192559965529,"d":"0.49"},417.74,213.29,1,417.74,"USD",1,417.74]
[1377684214,"01","131675","131675",null,"Invoice","Vaddio","B0004","Dealer","001","Unassigned","3000","Undefined","3000","AVITECTURE INC","AVITECTURE INC","Americas LLC",4.6,4.6,"03/29/2021","Standard Distribution","01","Unassigned","0002587607","Standard Order","TA","AV CONTENT CAPTURE (VADDIO)",2021,"2021-03",0,"Vaddio","Accessories","RACK","AV","001","998-6000-004","","AVITECTURE INC","Vaddio","3002","20164","E","B0004","B0004P0440","B0004P0440G0014120","Unassigned","SINGLE 1/2 RACK MOUNTING KIT","Other/Misc","B0004P0440G0014120","US Camera Profit Center","3000","0096957751","Unassigned","AV Integrators","01","NorthEast","U1DXP1","United States","Americas - LLC","3000","Geoff Gibbs",null,"Undefined",null,"Unassigned","United States","United States","Unassigned","DIRECT","AV CAPTURE & COLLABORATION - CAMERAS","4210","2",{"v":0.9185552407932012,"d":"0.92"},56.48,4.6,1,56.48,"USD",1,56.48]
[1377684226,"01","131675","131675",null,"Invoice","Vaddio","B0004","Dealer","001","Unassigned","3000","Undefined","3000","AVITECTURE INC","AVITECTURE INC","Americas LLC",4.6,4.6,"03/29/2021","Standard Distribution","01","Unassigned","0002587607","Standard Order","TA","AV CONTENT CAPTURE (VADDIO)",2021,"2021-03",0,"Vaddio","Accessories","RACK","AV","001","998-6000-004","","AVITECTURE INC","Vaddio","3002","20164","E","B0004","B0004P0440","B0004P0440G0014120","Unassigned","SINGLE 1/2 RACK MOUNTING KIT","Other/Misc","B0004P0440G0014120","US Camera Profit Center","3000","0096957751","Unassigned","AV Integrators","01","NorthEast","U1DXP1","United States","Americas - LLC","3000","Geoff Gibbs",null,"Undefined",null,"Unassigned","United States","United States","Unassigned","DIRECT","AV CAPTURE & COLLABORATION - CAMERAS","4210","2",{"v":0.9185552407932012,"d":"0.92"},56.48,4.6,1,56.48,"USD",1,56.48]
[1377684227,"01","132627","132627",null,"Invoice","Vaddio","B0004","Dealer","001","Unassigned","3000","Undefined","3000","VIDEO DYNAMICS INC.","VIDEO DYNAMICS INC.","Americas LLC",10.22,10.22,"04/05/2021","Standard Distribution","01","Unassigned","0002593488","Standard Order","TA","AV CONTENT CAPTURE (VADDIO)",2021,"2021-04",0,"Vaddio","Accessories","RACK","AV","001","998-6000-006","","VIDEO DYNAMICS INC.","Vaddio","3002","20151","E","B0004","B0004P0440","B0004P0440G0014120","Unassigned","DUAL 1/2 RACK MOUNTING KIT","Other/Misc","B0004P0440G0014120","US Camera Profit Center","3000","0097002025","Unassigned","AV Integrators","01","NorthEast","U1DXP1","United States","Americas - LLC","3000","Geoff Gibbs",null,"Undefined",null,"Unassigned","United States","United States","Unassigned","DIRECT","AV CAPTURE & COLLABORATION - CAMERAS","4210","2",{"v":0.8735461519425884,"d":"0.87"},80.82,10.22,1,80.82,"USD",1,80.82]
[1377684228,"01","133036","133036",null,"Invoice","Vaddio","B0004","Dealer","001","Unassigned","3000","Undefined","3000","METROPOLITAN AUDIO VISUAL CO.","METROPOLITAN AUDIO VISUAL CO.","Americas LLC",3.95,7.89,"04/29/2021","Standard Distribution","01","Unassigned","0002614544","Standard Order","TA","AV CONTENT CAPTURE (VADDIO)",2021,"2021-04",1,"Vaddio","Accessories","CABLES & CONNECTORS","AV","001","999-1005-010","","METROPOLITAN AUDIO VISUAL CO.","Vaddio","3002","20166","F","B0004","B0004P0440","B0004P0440G0014105","Unassigned","CABLE PTZ CAMERA CONTROL 10'","Other/Misc","B0004P0440G0014105","US Camera Profit Center","3000","0097079600","Unassigned","AV Integrators","01","NorthEast","U1DXP1","United States","Americas - LLC","3000","Geoff Gibbs",null,"Undefined",null,"Unassigned","United States","United States","Unassigned","DIRECT","AV CAPTURE & COLLABORATION - CAMERAS","4210","3",{"v":0.3767772511848342,"d":"0.38"},12.66,3.95,2,25.32,"USD",1,25.32]
[1377684229,"01","132923","132923",null,"Invoice","Vaddio","B0004","Dealer","001","USAV BUYING GROUP","3000","Undefined","3000","KARCHER GROUP INC.","KARCHER GROUP INC.","Americas LLC",14.6,14.6,"05/14/2021","Standard Distribution","01","Unassigned","0002628547","Standard Order","TA","AV CONTENT CAPTURE (VADDIO)",2021,"2021-05",18,"Vaddio","Accessories","Power","AV","001","440-1370-148","","KARCHER GROUP INC.","Vaddio","3002","20151","F","B0004","B0004P0440","B0004P0440G0014115","Unassigned","POWER SUPPLY 48VDC 1.35A ISOLATED","Other/Misc","B0004P0440G0014115","US Camera Profit Center","3000","0097160292","Unassigned","AV Integrators","01","NorthEast","U1DXP1","United States","Americas - LLC","3000","Geoff Gibbs",null,"Undefined",null,"Unassigned","United States","United States","Unassigned","DIRECT","AV CAPTURE & COLLABORATION - CAMERAS","4210","2",{"v":0.7501283587198357,"d":"0.75"},58.43,14.6,1,58.43,"USD",1,58.43]
[1377684231,"01",null,"103062",null,"Invoice","Vaddio","B0004","Dealer","001","Unassigned","3000","Undefined","3000","LEE HARTMAN & SONS - BALTIMORE","LEE HARTMAN & SONS INC","Americas LLC",15.84,15.84,"06/18/2021","Standard Distribution","01","Unassigned","0002659753","Standard Order","TA","AV CONTENT CAPTURE (VADDIO)",2021,"2021-06",2,"Vaddio","Accessories","Power","AV","001","451-2750-018","","LEE HARTMAN & SONS INC","Vaddio","3002","24017","F","B0004","B0004P0440","B0004P0440G0014115","Unassigned","POWER SUPPLY 18VDC 2.75A","Other/Misc","B0004P0440G0014115","US Camera Profit Center","3000","0097294265","Unassigned","AV Integrators","01","NorthEast","U1DXP1","United States","Americas - LLC","3000","Geoff Gibbs",null,"Undefined",null,"Unassigned","United States","United States","Unassigned","DIRECT","AV CAPTURE & COLLABORATION - CAMERAS","4210","1",{"v":0.7046979865771812,"d":"0.70"},53.64,15.84,1,53.64,"USD",1,53.64]
[1377684232,"01",null,"103062",null,"Invoice","Vaddio","B0004","Dealer","001","Unassigned","3000","Undefined","3000","LEE HARTMAN & SONS - BALTIMORE","LEE HARTMAN & SONS INC","Americas LLC",37.24,148.95,"06/18/2021","Standard Distribution","01","Unassigned","0002659753","Standard Order","TA","AV CONTENT CAPTURE (VADDIO)",2021,"2021-06",16,"Vaddio","Accessories","Power","AV","001","802-2620","","LEE HARTMAN & SONS INC","Vaddio","3002","24017","F","B0004","B0004P0440","B0004P0440G0014115","Unassigned","POWER SUPPLY, 36V 3A","Other/Misc","B0004P0440G0014115","US Camera Profit Center","3000","0097294265","Unassigned","AV Integrators","01","NorthEast","U1DXP1","United States","Americas - LLC","3000","Geoff Gibbs",null,"Undefined",null,"Unassigned","United States","United States","Unassigned","DIRECT","AV CAPTURE & COLLABORATION - CAMERAS","4210","1",{"v":-0.33887640449438194,"d":"-0.34"},111.25,37.24,4,445,"USD",1,445]
[1377684233,"01",null,"145315",null,"Invoice","Vaddio","B0004","Dealer","001","Unassigned","3000","Undefined","3000","ONE TIME - BID SHIP TO ONLY","COLLABORATIVE AV","Americas LLC",10.2,10.2,"06/29/2021","Standard Distribution","01","Unassigned","0002619443","Standard Order","TA","AV CONTENT CAPTURE (VADDIO)",2021,"2021-06",1,"Vaddio","Accessories","MISCELLANOUS","AV","001","998-2102-000","","COLLABORATIVE AV","Vaddio","3002","23238","E","B0004","B0004P0440","B0004P0440G0014110","Unassigned","AV REMOTE COMMANDER N/A","Other/Misc","B0004P0440G0014110","US Camera Profit Center","3000","0097323612","Unassigned","AV Integrators","01","NorthEast","U1DXP1","United States","Americas - LLC","3000","Geoff Gibbs",null,"Undefined",null,"Unassigned","United States","United States","Unassigned","DIRECT","AV CAPTURE & COLLABORATION - CAMERAS","4210","3",{"v":0.8722604884157796,"d":"0.87"},79.85,10.2,1,79.85,"USD",1,79.85]
[1377684234,"01","132145","132145",null,"Invoice","Vaddio","B0004","Dealer","001","Unassigned","3000","Undefined","3000","CTSI CORBETT TECHNOLOGY SOLUTIONS","CTSI CORBETT TECHNOLOGY SOLUTIONS","Americas LLC",4.6,4.6,"06/24/2021","Standard Distribution","01","Unassigned","0002664996","Standard Order","TA","AV CONTENT CAPTURE (VADDIO)",2021,"2021-06",0,"Vaddio","Accessories","RACK","AV","001","998-6000-004","","CTSI CORBETT TECHNOLOGY SOLUTIONS","Vaddio","3002","20151","E","B0004","B0004P0440","B0004P0440G0014120","Unassigned","SINGLE 1/2 RACK MOUNTING KIT","Other/Misc","B0004P0440G0014120","US Camera Profit Center","3000","0097313236","Unassigned","AV Integrators","01","NorthEast","U1DXP1","United States","Americas - LLC","3000","Geoff Gibbs",null,"Undefined",null,"Unassigned","United States","United States","Unassigned","DIRECT","AV CAPTURE & COLLABORATION - CAMERAS","4210","1",{"v":0.9095022624434389,"d":"0.91"},50.83,4.6,1,50.83,"USD",1,50.83]
[1377684236,"01",null,"139698",null,"Invoice","Vaddio","B0004","Dealer","001","Unassigned","3000","Undefined","3000","ENTER ALTERNATE ADDRESS (US)","IRON BOW TECHNOLOGIES, LLC","Americas LLC",4.6,18.39,"07/15/2021","Standard Distribution","01","Unassigned","0002680988","Standard Order","TA","AV CONTENT CAPTURE (VADDIO)",2021,"2021-07",0,"Vaddio","Accessories","RACK","AV","001","998-6000-004","","IRON BOW TECHNOLOGIES, LLC","Vaddio","3002","20171","E","B0004","B0004P0440","B0004P0440G0014120","Unassigned","SINGLE 1/2 RACK MOUNTING KIT","Other/Misc","B0004P0440G0014120","US Camera Profit Center","3000","0097414629","Unassigned","AV Integrators","01","NorthEast","U1DXP1","United States","Americas - LLC","3000","Geoff Gibbs",null,"Undefined",null,"Georgia","United States","United States","Unassigned","DIRECT","AV CAPTURE & COLLABORATION - CAMERAS","4210","2",{"v":0.6639868445094098,"d":"0.66"},54.73,4.6,4,218.92,"USD",1,218.92]
[1377684281,"01",null,"139698",null,"Invoice","Vaddio","B0004","Dealer","001","Unassigned","3000","Undefined","3000","ENTER ALTERNATE ADDRESS (US)","IRON BOW TECHNOLOGIES, LLC","Americas LLC",4.6,4.6,"07/23/2021","Standard Distribution","01","Unassigned","0002687395","Standard Order","TA","AV CONTENT CAPTURE (VADDIO)",2021,"2021-07",2,"Vaddio","Accessories","RACK","AV","001","998-6000-004","","IRON BOW TECHNOLOGIES, LLC","Vaddio","3002","20171","E","B0004","B0004P0440","B0004P0440G0014120","Unassigned","SINGLE 1/2 RACK MOUNTING KIT","Other/Misc","B0004P0440G0014120","US Camera Profit Center","3000","0097432780","Unassigned","AV Integrators","01","NorthEast","U1DXP1","United States","Americas - LLC","3000","Geoff Gibbs",null,"Undefined",null,"Unassigned","United States","United States","Unassigned","DIRECT","AV CAPTURE & COLLABORATION - CAMERAS","4210","2",{"v":0.921715452688904,"d":"0.92"},58.76,4.6,1,58.76,"USD",1,58.76]
[1377684282,"01",null,"139698",null,"Invoice","Vaddio","B0004","Dealer","001","Unassigned","3000","Undefined","3000","ENTER ALTERNATE ADDRESS (US)","IRON BOW TECHNOLOGIES, LLC","Americas LLC",4.6,4.6,"07/23/2021","Standard Distribution","01","Unassigned","0002687395","Standard Order","TA","AV CONTENT CAPTURE (VADDIO)",2021,"2021-07",2,"Vaddio","Accessories","RACK","AV","001","998-6000-004","","IRON BOW TECHNOLOGIES, LLC","Vaddio","3002","20171","E","B0004","B0004P0440","B0004P0440G0014120","Unassigned","SINGLE 1/2 RACK MOUNTING KIT","Other/Misc","B0004P0440G0014120","US Camera Profit Center","3000","0097432780","Unassigned","AV Integrators","01","NorthEast","U1DXP1","United States","Americas - LLC","3000","Geoff Gibbs",null,"Undefined",null,"Unassigned","United States","United States","Unassigned","DIRECT","AV CAPTURE & COLLABORATION - CAMERAS","4210","2",{"v":0.921715452688904,"d":"0.92"},58.76,4.6,1,58.76,"USD",1,58.76]
[1377684283,"01","132145","132145",null,"Invoice","Vaddio","B0004","Dealer","001","Unassigned","3000","Undefined","3000","CTSI CORBETT TECHNOLOGY SOLUTIONS","CTSI CORBETT TECHNOLOGY SOLUTIONS","Americas LLC",5.84,210.24,"07/12/2021","Standard Distribution","01","Unassigned","0002664996","Standard Order","TA","AV CONTENT CAPTURE (VADDIO)",2021,"2021-07",0,"Vaddio","Accessories","RACK","AV","001","998-6000-005","","CTSI CORBETT TECHNOLOGY SOLUTIONS","Vaddio","3002","20151","E","B0004","B0004P0440","B0004P0440G0014120","Unassigned","UNDER TABLE MOUNTING BRACKET","Other/Misc","B0004P0440G0014120","US Camera Profit Center","3000","0097375320","Unassigned","AV Integrators","01","NorthEast","U1DXP1","United States","Americas - LLC","3000","Geoff Gibbs",null,"Undefined",null,"Unassigned","United States","United States","Unassigned","DIRECT","AV CAPTURE & COLLABORATION - CAMERAS","4210","1",{"v":-6.497860199714694,"d":"-6.50"},28.04,5.84,36,1009.44,"USD",1,1009.44]
[1377684284,"01",null,"131675",null,"Invoice","Vaddio","B0004","Dealer","001","Unassigned","3000","Undefined","3000","AV WASHINGTON MAIN WAREHOUSE","AVITECTURE INC","Americas LLC",10.91,10.91,"08/16/2021","Standard Distribution","01","Unassigned","0002706539","Standard Order","TA","AV CONTENT CAPTURE (VADDIO)",2021,"2021-08",27,"Vaddio","Accessories","RACK","AV","001","998-6000-006","","AVITECTURE INC","Vaddio","3002","20164","E","B0004","B0004P0440","B0004P0440G0014120","Unassigned","DUAL 1/2 RACK MOUNTING KIT","Other/Misc","B0004P0440G0014120","US Camera Profit Center","3000","0097543489","Unassigned","AV Integrators","01","NorthEast","U1DXP1","United States","Americas - LLC","3000","Geoff Gibbs",null,"Undefined",null,"Unassigned","United States","United States","Unassigned","DIRECT","AV CAPTURE & COLLABORATION - CAMERAS","4210","2",{"v":0.8702580568438578,"d":"0.87"},84.09,10.91,1,84.09,"USD",1,84.09]
[1377684285,"01","132729","132729",null,"Invoice","Vaddio","B0004","Dealer","001","USAV BUYING GROUP","3000","Undefined","3000","VICOM VA INTEGRATED COM","VICOM VA INTEGRATED COM","Americas LLC",67.54,67.54,"09/13/2021","Standard Distribution","01","Unassigned","0002728588","Standard Order","TA","AV CONTENT CAPTURE (VADDIO)",2021,"2021-09",2,"Vaddio","Accessories","Power","AV","001","451-0400-055","","VICOM VA INTEGRATED COM","Vaddio","3002","23462","F","B0004","B0004P0440","B0004P0440G0014115","Unassigned","PS POE+ MIDSPAN 10G POWER INJECTOR","Other/Misc","B0004P0440G0014115","US Camera Profit Center","3000","0097663600","Unassigned","AV Integrators","01","NorthEast","U1DXP1","United States","Americas - LLC","3000","Geoff Gibbs",null,"Undefined",null,"Unassigned","United States","United States","Unassigned","DIRECT","AV CAPTURE & COLLABORATION - CAMERAS","4210","1",{"v":0.48720674208488346,"d":"0.49"},131.71,67.54,1,131.71,"USD",1,131.71]
[1377684286,"01",null,"131675",null,"Invoice","Vaddio","B0004","Dealer","001","Unassigned","3000","Undefined","3000","ENTER ALTERNATE ADDRESS (US)","AVITECTURE INC","Americas LLC",14.58,14.58,"09/08/2021","Standard Distribution","01","Unassigned","0002726116","Standard Order","TA","AV CONTENT CAPTURE (VADDIO)",2021,"2021-09",11,"Vaddio","Accessories","Power","AV","001","451-2000-024","","AVITECTURE INC","Vaddio","3002","20164","F","B0004","B0004P0440","B0004P0440G0014115","Unassigned","PS 24VDC 2.08A WITH FIG 8 WITH AC CORD","Other/Misc","B0004P0440G0014115","US Camera Profit Center","3000","0097654387","Unassigned","AV Integrators","01","NorthEast","U1DXP1","United States","Americas - LLC","3000","Geoff Gibbs",null,"Undefined",null,"Unassigned","United States","United States","Unassigned","DIRECT","AV CAPTURE & COLLABORATION - CAMERAS","4210","2",{"v":0.7335039298117346,"d":"0.73"},54.71,14.58,1,54.71,"USD",1,54.71]
[1377684287,"01","132729","132729",null,"Invoice","Vaddio","B0004","Dealer","001","USAV BUYING GROUP","3000","Undefined","3000","VICOM VA INTEGRATED COM","VICOM VA INTEGRATED COM","Americas LLC",67.96,67.96,"10/15/2021","Standard Distribution","01","Unassigned","0002756398","Standard Order","TA","AV CONTENT CAPTURE (VADDIO)",2021,"2021-10",27,"Vaddio","Accessories","Power","AV","001","451-0400-055","","VICOM VA INTEGRATED COM","Vaddio","3002","23462","F","B0004","B0004P0440","B0004P0440G0014115","Unassigned","PS POE+ MIDSPAN 10G POWER INJECTOR","Other/Misc","B0004P0440G0014115","US Camera Profit Center","3000","0097815863","Unassigned","AV Integrators","01","NorthEast","U1DXP1","United States","Americas - LLC","3000","Geoff Gibbs",null,"Undefined",null,"Unassigned","United States","United States","Unassigned","DIRECT","AV CAPTURE & COLLABORATION - CAMERAS","4210","1",{"v":0.48401791815351913,"d":"0.48"},131.71,67.96,1,131.71,"USD",1,131.71]
[1377684289,"01","145315","145315",null,"Invoice","Vaddio","B0004","Dealer","001","Unassigned","3000","Undefined","3000","COLLABORATIVE AV","COLLABORATIVE AV","Americas LLC",10.91,10.91,"10/28/2021","Standard Distribution","01","Unassigned","0002767527","Standard Order","TA","AV CONTENT CAPTURE (VADDIO)",2021,"2021-10",27,"Vaddio","Accessories","RACK","AV","001","998-6000-006","","COLLABORATIVE AV","Vaddio","3002","23238","E","B0004","B0004P0440","B0004P0440G0014120","Unassigned","DUAL 1/2 RACK MOUNTING KIT","Other/Misc","B0004P0440G0014120","US Camera Profit Center","3000","0097879266","Unassigned","AV Integrators","01","NorthEast","U1DXP1","United States","Americas - LLC","3000","Geoff Gibbs",null,"Undefined",null,"Unassigned","United States","United States","Unassigned","DIRECT","AV CAPTURE & COLLABORATION - CAMERAS","4210","3",{"v":0.8702580568438578,"d":"0.87"},84.09,10.91,1,84.09,"USD",1,84.09]
[1377684290,"01",null,"103062",null,"Invoice","Vaddio","B0004","Dealer","001","Unassigned","3000","Undefined","3000","LEE HARTMAN & SONS - BALTIMORE","LEE HARTMAN & SONS INC","Americas LLC",213.52,1067.59,"10/14/2021","Standard Distribution","01","Unassigned","0002712090","Standard Order","TA","AV CONTENT CAPTURE (VADDIO)",2021,"2021-10",8,"Vaddio","Accessories","CABLES & CONNECTORS","AV","001","999-1005-052","","LEE HARTMAN & SONS INC","Vaddio","3002","24017","E","B0004","B0004P0440","B0004P0440G0014105","Unassigned","EXTREME USB 2.0 EXTENDER NA","Other/Misc","B0004P0440G0014105","US Camera Profit Center","3000","0097811988","Unassigned","AV Integrators","01","NorthEast","U1DXP1","United States","Americas - LLC","3000","Geoff Gibbs",null,"Undefined",null,"Unassigned","United States","United States","Unassigned","DIRECT","AV CAPTURE & COLLABORATION - CAMERAS","4210","1",{"v":-1.4563756845060052,"d":"-1.46"},434.62,213.52,5,2173.1,"USD",1,2173.1]
[1377684291,"01","131407","131407",null,"Invoice","Vaddio","B0004","Dealer","001","Unassigned","3000","Undefined","3000","KLC NETWORK SERVICES INC","KLC NETWORK SERVICES INC","Americas LLC",213.51,427.01,"10/29/2021","Standard Distribution","01","Unassigned","0002768741","Standard Order","TA","AV CONTENT CAPTURE (VADDIO)",2021,"2021-10",27,"Vaddio","Accessories","CABLES & CONNECTORS","AV","001","999-1005-052","","KLC NETWORK SERVICES INC","Vaddio","3002","20170","E","B0004","B0004P0440","B0004P0440G0014105","Unassigned","EXTREME USB 2.0 EXTENDER NA","Other/Misc","B0004P0440G0014105","US Camera Profit Center","3000","0097880586","Unassigned","AV Integrators","01","NorthEast","U1DXP1","United States","Americas - LLC","3000","Geoff Gibbs",null,"Undefined",null,"Unassigned","United States","United States","Unassigned","DIRECT","AV CAPTURE & COLLABORATION - CAMERAS","4210","4",{"v":0.0175095485711656,"d":"0.02"},434.62,213.51,2,869.24,"USD",1,869.24]
[1377686814,"01",null,"136736",null,"Credit for Returns","Vaddio","B0004","Distributor - Regional","003","Unassigned","5000","Undefined","3000","MIDWICH LTD","SCANSOURCE UK LIMITED","Europe BV",0,0,"03/25/2021","Standard Distribution","01","Unassigned","0060473644","RMA - Return Auth.","RE","AV CONFERENCING (VADDIO)",2021,"2021-03",0,"Vaddio","CONFERENCE","AUDIO KIT","AV","001","999-88000-001","","SCANSOURCE UK LIMITED","Weert","5050","RG41 5TS","E","B0004","B0004P0435","B0004P0435G0014095","Unassigned","EasyUSB MicPOD I/O w/Two C-MICs INTL","Projection Screens","B0004P0435G0014095","Europe Camera Profit Center","5000","0800308681","Unassigned","AV Integrators","01","UK/Ireland","E1DXX4","Europe, the Middle East, and Africa","Europe - BV","5000","Cm Marcus Bond",null,"Undefined",null,"Undefined","United Kingdom","United Kingdom","Berkshire","DIRECT","AV CAPTURE & COLLABORATION - CAMERAS","4210","2",{"v":0,"d":"0.00"},null,0,0,-1225.64,"EUR",0.82481,-1010.92]
[1377686815,"01",null,"107518",null,"Invoice","Vaddio","B0004","Distributor - National","002","Unassigned","5000","Undefined","3000","MIDWICH LTD","MIDWICH LIMITED","Europe BV",1408.55,1408.55,"03/26/2021","Standard Distribution","01","Unassigned","0002579595","Standard Order","TA","AV CONFERENCING (VADDIO)",2021,"2021-03",0,"Vaddio","CONFERENCE","ROOM SYSTEM","AV","001","999-99950-401B","","MIDWICH LIMITED","Weert","5050","IP22 4YT","E","B0004","B0004P0435","B0004P0435G0014100","Unassigned","CSAV-TableMIC 2 INTL","Projection Screens","B0004P0435G0014100","Europe Camera Profit Center","5000","0800308996","Unassigned","AV Distribution","08","UK/Ireland","E1DXX4","Europe, the Middle East, and Africa","Europe - BV","5000","Cm Marcus Bond",null,"Undefined",null,"Undefined","United Kingdom","United Kingdom","Undefined","DIRECT","AV CAPTURE & COLLABORATION - CAMERAS","4210","1",{"v":0.36794091119178296,"d":"0.37"},2228.51,1408.55,1,2228.51,"EUR",0.82481,1838.1]
[1377686816,"01",null,"153742",null,"Invoice","Vaddio","B0004","Dealer","001","Unassigned","3000","Undefined","3000","CUSTOM PACKING LIST SHIP TO (US)","AUDIO VISUAL CONCEPTS - PUERTO RICO","Americas LLC",597.71,1793.14,"11/18/2021","Standard Distribution","01","Unassigned","0002755836","Standard Order","TA","AV CONTENT CAPTURE (VADDIO)",2021,"2021-11",66,"Vaddio","CAM EXTENSIONS","EXT HUBS","AV","001","999-1005-032","","AUDIO VISUAL CONCEPTS - PUERTO RICO","Vaddio","3002","00970","X","B0004","B0004P0415","B0004P0415G0014045","Unassigned","USB 3.0 EXTENDER SYSTEM N/A","Projection Screens","B0004P0415G0014045","US Camera Profit Center","3010","0097955412","Unassigned","AV Integrators","01","Latin Am","U1IXX3","Mexico and Latin America","Export","3010","Andres Garrido",null,"Undefined",null,"Unassigned","United States","Puerto Rico","Undefined","DIRECT","AV CAPTURE & COLLABORATION - CAMERAS","4210","1",{"v":-0.765787944736039,"d":"-0.77"},1015.49,597.71,3,3046.47,"USD",1,3046.47]
[1377686817,"01",null,"139814",null,"Invoice","Vaddio","B0004","Distributor - National","002","Unassigned","5000","Undefined","3000","CUK AUDIO - TUKANS","TUKANS LTD","Europe BV",831.07,831.07,"04/12/2021","Standard Distribution","01","Unassigned","0002596442","Standard Order","TA","AV CONFERENCING (VADDIO)",2021,"2021-04",0,"Vaddio","CONFERENCE","AUDIO KIT","AV","001","999-88100-001","","TUKANS LTD","Weert","5050","YO19 6ET","E","B0004","B0004P0435","B0004P0435G0014095","Unassigned","EasyUSB MicPOD I/O w/Four C-MICs INTL","Projection Screens","B0004P0435G0014095","Europe Camera Profit Center","5000","0800312353","Unassigned","AV Distribution","08","UK/Ireland","E1DXX4","Europe, the Middle East, and Africa","Europe - BV","5000","Cm Marcus Bond",null,"Undefined",null,"Undefined","United Kingdom","United Kingdom","Undefined","DIRECT","AV CAPTURE & COLLABORATION - CAMERAS","4210","2",{"v":0.6346206265882333,"d":"0.63"},2274.54,831.07,1,2274.54,"EUR",0.85281,1939.75]
[1377686818,"01",null,"107518",null,"Invoice","Vaddio","B0004","Distributor - National","002","Unassigned","5000","Undefined","3000","MIDWICH LTD","MIDWICH LIMITED","Europe BV",867.43,1734.86,"05/06/2021","Standard Distribution","01","Unassigned","0002619289","Standard Order","TA","AV CONFERENCING (VADDIO)",2021,"2021-05",0,"Vaddio","CONFERENCE","ROOM SYSTEM","AV","001","999-50707-001","","MIDWICH LIMITED","Weert","5050","IP22 4YT","X","B0004","B0004P0435","B0004P0435G0014100","Unassigned","HuddleSHOT BLACK INT","Projection Screens","B0004P0435G0014100","Europe Camera Profit Center","5000","0800317537","Unassigned","AV Distribution","08","UK/Ireland","E1DXX4","Europe, the Middle East, and Africa","Europe - BV","5000","Cm Marcus Bond",null,"Undefined",null,"Undefined","United Kingdom","United Kingdom","Undefined","DIRECT","AV CAPTURE & COLLABORATION - CAMERAS","4210","1",{"v":-0.4667895431025735,"d":"-0.47"},1182.76,867.43,2,2365.52,"EUR",0.82754,1957.56]
[1377686819,"01",null,"139814",null,"Invoice","Vaddio","B0004","Distributor - National","002","Unassigned","5000","Undefined","3000","CUK AUDIO - TUKANS","TUKANS LTD","Europe BV",257.92,773.76,"06/17/2021","Standard Distribution","01","Unassigned","0002657004","Standard Order","TA","AV CONFERENCING (VADDIO)",2021,"2021-06",0,"Vaddio","CONFERENCE","AUDIO","AV","001","999-8530-001","","TUKANS LTD","Weert","5050","YO19 6ET","X","B0004","B0004P0435","B0004P0435G0014090","Unassigned","EASYUSB MIXER/AMP SYSTEM INT'L","Projection Screens","B0004P0435G0014090","Europe Camera Profit Center","5000","0800326683","Unassigned","AV Distribution","08","UK/Ireland","E1DXX4","Europe, the Middle East, and Africa","Europe - BV","5000","Cm Marcus Bond",null,"Undefined",null,"Undefined","United Kingdom","United Kingdom","Undefined","DIRECT","AV CAPTURE & COLLABORATION - CAMERAS","4210","2",{"v":0.009244795001152384,"d":"0.01"},780.98,257.92,3,2342.94,"EUR",0.81974,1920.6]
[1377686820,"01",null,"153742",null,"Invoice","Vaddio","B0004","Dealer","001","Unassigned","3000","Undefined","3000","AUDIO VISUAL COCEPTS, INC","AUDIO VISUAL CONCEPTS - PUERTO RICO","Americas LLC",284.75,569.5,"12/21/2021","Standard Distribution","01","Unassigned","0002804956","Standard Order","TA","AV CONTENT CAPTURE (VADDIO)",2021,"2021-12",71,"Vaddio","CAM EXTENSIONS","EXT CABLES","AV","001","440-1005-023","","AUDIO VISUAL CONCEPTS - PUERTO RICO","Vaddio","3002","00970","F","B0004","B0004P0415","B0004P0415G0014040","Unassigned","CABLE ACTIVE 3.0 TYPE-A TO B M/M 20M","Projection Screens","B0004P0415G0014040","US Camera Profit Center","3010","0098131609","Unassigned","AV Integrators","01","Latin Am","U1IXX3","Mexico and Latin America","Export","3010","Andres Garrido",null,"Undefined",null,"Undefined","Puerto Rico","Puerto Rico","Undefined","DIRECT","AV CAPTURE & COLLABORATION - CAMERAS","4210","1",{"v":-0.5054587750138781,"d":"-0.51"},378.29,284.75,2,756.58,"USD",1,756.58]
[1377686821,"01",null,"139814",null,"Invoice","Vaddio","B0004","Distributor - National","002","Unassigned","5000","Undefined","3000","CUK AUDIO - TUKANS","TUKANS LTD","Europe BV",1019.12,3057.36,"07/14/2021","Standard Distribution","01","Unassigned","0002660736","Standard Order","TA","AV CONFERENCING (VADDIO)",2021,"2021-07",0,"Vaddio","CONFERENCE","ROOM SYSTEM","AV","001","999-30230-000W","","TUKANS LTD","Weert","5050","YO19 6ET","X","B0004","B0004P0435","B0004P0435G0014100","Unassigned","EasyIP 20 Camera White","Projection Screens","B0004P0435G0014100","Europe Camera Profit Center","5000","0800330802","Unassigned","AV Distribution","08","UK/Ireland","E1DXX4","Europe, the Middle East, and Africa","Europe - BV","5000","Cm Marcus Bond",null,"Undefined",null,"Undefined","United Kingdom","United Kingdom","Undefined","DIRECT","AV CAPTURE & COLLABORATION - CAMERAS","4210","2",{"v":-0.44635129765768355,"d":"-0.45"},2113.8433,1019.12,3,6341.53,"EUR",0.84161,5337.1]
[1377686822,"01",null,"139814",null,"Invoice","Vaddio","B0004","Distributor - National","002","Unassigned","5000","Undefined","3000","CUK AUDIO - TUKANS","TUKANS LTD","Europe BV",630.99,630.99,"07/19/2021","Standard Distribution","01","Unassigned","0002679887","Standard Order","TA","AV CONFERENCING (VADDIO)",2021,"2021-07",0,"Vaddio","CONFERENCE","ROOM SYSTEM","AV","001","999-60320-000","","TUKANS LTD","Weert","5050","YO19 6ET","X","B0004","B0004P0435","B0004P0435G0014100","Unassigned","EasyIP Mixer System Global","Projection Screens","B0004P0435G0014100","Europe Camera Profit Center","5000","0800331381","Unassigned","AV Distribution","08","UK/Ireland","E1DXX4","Europe, the Middle East, and Africa","Europe - BV","5000","Cm Marcus Bond",null,"Undefined",null,"Undefined","United Kingdom","United Kingdom","Undefined","DIRECT","AV CAPTURE & COLLABORATION - CAMERAS","4210","2",{"v":0.5966826462128476,"d":"0.60"},1564.5,630.99,1,1564.5,"EUR",0.84161,1316.7]
[1377686823,"01",null,"139814",null,"Invoice","Vaddio","B0004","Distributor - National","002","Unassigned","5000","Undefined","3000","CUK AUDIO - TUKANS","TUKANS LTD","Europe BV",1586.39,1586.39,"07/07/2021","Standard Distribution","01","Unassigned","0002673377","Standard Order","TA","AV CONFERENCING (VADDIO)",2021,"2021-07",0,"Vaddio","CONFERENCE","ROOM SYSTEM","AV","001","999-60321-001W","","TUKANS LTD","Weert","5050","YO19 6ET","E","B0004","B0004P0435","B0004P0435G0014100","Unassigned","EasyIP 10 Mixer Base Kit Wht Int","Projection Screens","B0004P0435G0014100","Europe Camera Profit Center","5000","0800330172","Unassigned","AV Distribution","08","UK/Ireland","E1DXX4","Europe, the Middle East, and Africa","Europe - BV","5000","Cm Marcus Bond",null,"Undefined",null,"Undefined","United Kingdom","United Kingdom","Undefined","DIRECT","AV CAPTURE & COLLABORATION - CAMERAS","4210","2",{"v":0.5765312932106839,"d":"0.58"},3746.18,1586.39,1,3746.18,"EUR",0.84161,3152.82]
[1377686824,"01",null,"107547",null,"Invoice","Vaddio","B0004","Distributor - National","002","Unassigned","5000","Undefined","3000","RGB COMMUNICATIONS LTD","RGB COMMUNICATIONS LTD","Europe BV",185.03,185.03,"07/21/2021","Standard Distribution","01","Unassigned","0002684078","Standard Order","TA","AV CONFERENCING (VADDIO)",2021,"2021-07",0,"Vaddio","CONFERENCE","AUDIO","AV","001","999-85100-000","","RGB COMMUNICATIONS LTD","Weert","5050","SN2 7JQ","X","B0004","B0004P0435","B0004P0435G0014090","Unassigned","Ceiling MIC System White","Projection Screens","B0004P0435G0014090","Europe Camera Profit Center","5000","0800331570","Unassigned","AV Distribution","08","UK/Ireland","E1DXX4","Europe, the Middle East, and Africa","Europe - BV","5000","Cm Marcus Bond",null,"Undefined",null,"Wiltshire","United Kingdom","United Kingdom","Undefined","DIRECT","AV CAPTURE & COLLABORATION - CAMERAS","4210","1",{"v":0.593206551610421,"d":"0.59"},454.85,185.03,1,454.85,"EUR",0.84161,382.81]
[1377686825,"01",null,"139814",null,"Invoice","Vaddio","B0004","Distributor - National","002","Unassigned","5000","Undefined","3000","CUK AUDIO - TUKANS","TUKANS LTD","Europe BV",185.03,740.11,"07/02/2021","Standard Distribution","01","Unassigned","0002672060","Standard Order","TA","AV CONFERENCING (VADDIO)",2021,"2021-07",0,"Vaddio","CONFERENCE","AUDIO","AV","001","999-85100-000","","TUKANS LTD","Weert","5050","YO19 6ET","X","B0004","B0004P0435","B0004P0435G0014090","Unassigned","Ceiling MIC System White","Projection Screens","B0004P0435G0014090","Europe Camera Profit Center","5000","0800329666","Unassigned","AV Distribution","08","UK/Ireland","E1DXX4","Europe, the Middle East, and Africa","Europe - BV","5000","Cm Marcus Bond",null,"Undefined",null,"Undefined","United Kingdom","United Kingdom","Undefined","DIRECT","AV CAPTURE & COLLABORATION - CAMERAS","4210","2",{"v":-0.7496690307328606,"d":"-0.75"},423,185.03,4,1692,"EUR",0.84161,1424]
[1377686826,"01",null,"139814",null,"Invoice","Vaddio","B0004","Distributor - National","002","Unassigned","5000","Undefined","3000","CUK AUDIO - TUKANS","TUKANS LTD","Europe BV",829.82,829.82,"07/19/2021","Standard Distribution","01","Unassigned","0002679887","Standard Order","TA","AV CONFERENCING (VADDIO)",2021,"2021-07",0,"Vaddio","CONFERENCE","ROOM SYSTEM","AV","001","999-9995-001W","","TUKANS LTD","Weert","5050","YO19 6ET","X","B0004","B0004P0435","B0004P0435G0014100","Unassigned","CONFERENCESHOT AV CAMERA WHITE INTL","Projection Screens","B0004P0435G0014100","Europe Camera Profit Center","5000","0800331381","Unassigned","AV Distribution","08","UK/Ireland","E1DXX4","Europe, the Middle East, and Africa","Europe - BV","5000","Cm Marcus Bond",null,"Undefined",null,"Undefined","United Kingdom","United Kingdom","Undefined","DIRECT","AV CAPTURE & COLLABORATION - CAMERAS","4210","2",{"v":0.3980879707537863,"d":"0.40"},1378.64,829.82,1,1378.64,"EUR",0.84161,1160.28]
[1377686827,"01",null,"107518",null,"Invoice","Vaddio","B0004","Distributor - National","002","Unassigned","5000","Undefined","3000","MIDWICH LTD","MIDWICH LIMITED","Europe BV",1210.54,1210.54,"07/22/2021","Standard Distribution","01","Unassigned","0002683970","Standard Order","TA","AV CONFERENCING (VADDIO)",2021,"2021-07",0,"Vaddio","CONFERENCE","ROOM SYSTEM","AV","001","999-99950-701W","","MIDWICH LIMITED","Weert","5050","IP22 4YT","E","B0004","B0004P0435","B0004P0435G0014100","Unassigned","CSAV SYS CEILINGMIC 2 (W/O SPKR) WHT INT","Projection Screens","B0004P0435G0014100","Europe Camera Profit Center","5000","0800331743","Unassigned","AV Distribution","08","UK/Ireland","E1DXX4","Europe, the Middle East, and Africa","Europe - BV","5000","Cm Marcus Bond",null,"Undefined",null,"Undefined","United Kingdom","United Kingdom","Undefined","DIRECT","AV CAPTURE & COLLABORATION - CAMERAS","4210","1",{"v":0.4498795728243581,"d":"0.45"},2200.5,1210.54,1,2200.5,"EUR",0.84161,1851.96]
[1377686828,"01",null,"107518",null,"Invoice","Vaddio","B0004","Distributor - National","002","Unassigned","5000","Undefined","3000","MIDWICH LTD","MIDWICH LIMITED","Europe BV",1012.39,1012.39,"07/22/2021","Standard Distribution","01","Unassigned","0002683970","Standard Order","TA","AV CONFERENCING (VADDIO)",2021,"2021-07",0,"Vaddio","CONFERENCE","ROOM SYSTEM","AV","001","999-99950-801W","","MIDWICH LIMITED","Weert","5050","IP22 4YT","E","B0004","B0004P0435","B0004P0435G0014100","Unassigned","CSAV SYS CEILINGMIC 1 (W/O SPKR) WHT INT","Projection Screens","B0004P0435G0014100","Europe Camera Profit Center","5000","0800331743","Unassigned","AV Distribution","08","UK/Ireland","E1DXX4","Europe, the Middle East, and Africa","Europe - BV","5000","Cm Marcus Bond",null,"Undefined",null,"Undefined","United Kingdom","United Kingdom","Undefined","DIRECT","AV CAPTURE & COLLABORATION - CAMERAS","4210","1",{"v":0.4272548808843579,"d":"0.43"},1767.61,1012.39,1,1767.61,"EUR",0.84161,1487.64]
[1377686829,"01",null,"107547",null,"Invoice","Vaddio","B0004","Distributor - National","002","Unassigned","5000","Undefined","3000","RGB COMMUNICATIONS LTD","RGB COMMUNICATIONS LTD","Europe BV",181.58,181.58,"08/11/2021","Standard Distribution","01","Unassigned","0002692439","Standard Order","TA","AV CONFERENCING (VADDIO)",2021,"2021-08",0,"Vaddio","CONFERENCE","AUDIO","AV","001","999-85100-000","","RGB COMMUNICATIONS LTD","Weert","5050","SN2 7JQ","X","B0004","B0004P0435","B0004P0435G0014090","Unassigned","Ceiling MIC System White","Projection Screens","B0004P0435G0014090","Europe Camera Profit Center","5000","0800335628","Unassigned","AV Distribution","08","UK/Ireland","E1DXX4","Europe, the Middle East, and Africa","Europe - BV","5000","Cm Marcus Bond",null,"Undefined",null,"Wiltshire","United Kingdom","United Kingdom","Undefined","DIRECT","AV CAPTURE & COLLABORATION - CAMERAS","4210","1",{"v":0.6006861214346975,"d":"0.60"},454.73,181.58,1,454.73,"EUR",0.84182,382.8]
[1377686830,"01",null,"107547",null,"Invoice","Vaddio","B0004","Distributor - National","002","Unassigned","5000","Undefined","3000","RGB COMMUNICATIONS LTD","RGB COMMUNICATIONS LTD","Europe BV",187.68,187.68,"08/25/2021","Standard Distribution","01","Unassigned","0002711728","Standard Order","TA","AV CONFERENCING (VADDIO)",2021,"2021-08",0,"Vaddio","CONFERENCE","AUDIO","AV","001","999-85100-000","","RGB COMMUNICATIONS LTD","Weert","5050","SN2 7JQ","X","B0004","B0004P0435","B0004P0435G0014090","Unassigned","Ceiling MIC System White","Projection Screens","B0004P0435G0014090","Europe Camera Profit Center","5000","0800338189","Unassigned","AV Distribution","08","UK/Ireland","E1DXX4","Europe, the Middle East, and Africa","Europe - BV","5000","Cm Marcus Bond",null,"Undefined",null,"Wiltshire","United Kingdom","United Kingdom","Undefined","DIRECT","AV CAPTURE & COLLABORATION - CAMERAS","4210","1",{"v":0.5872715677434961,"d":"0.59"},454.73,187.68,1,454.73,"EUR",0.84182,382.8]
[1377686831,"01",null,"131672",null,"EDI Invoice","Vaddio","B0004","Dealer","001","Unassigned","3000","Undefined","3000","ENTER ALTERNATE ADDRESS (US)","AVI-SPL LLC","Americas LLC",76.79,76.79,"01/20/2021","Standard Distribution","01","Unassigned","0040727907","EDI Order","ZEDI","AV CONTENT CAPTURE (VADDIO)",2021,"2021-01",18,"Vaddio","CAM EXTENSIONS","EXT CABLES","AV","001","440-1005-065","AVI-SPL","AVI-SPL","Vaddio","3002","33634","F","B0004","B0004P0415","B0004P0415G0014040","Unassigned","ACTIVE OPTICAL USB 3.0 A/B PLENUM 20M","Projection Screens","B0004P0415G0014040","US Camera Profit Center","3000","0096693319","Unassigned","AV Integrators","01","West","U1DXP4","United States","Americas - LLC","3000","Cynthia Podgurski",null,"Undefined",null,"Unassigned","United States","United States","Unassigned","DIRECT","AV CAPTURE & COLLABORATION - CAMERAS","4210","1",{"v":0.8140677966101695,"d":"0.81"},413,76.79,1,413,"USD",1,413]
[1377686832,"01","139815","139815",null,"Invoice","Vaddio","B0004","Distributor - National","002","Unassigned","5000","Undefined","3000","VIDENDA DISTRIBUTION LTD.","VIDENDA DISTRIBUTION LTD.","Europe BV",643.2,643.2,"09/13/2021","Standard Distribution","01","Unassigned","0002727165","Standard Order","TA","AV CONFERENCING (VADDIO)",2021,"2021-09",0,"Vaddio","CONFERENCE","ROOM SYSTEM","AV","001","999-60320-000","","VIDENDA DISTRIBUTION LTD.","Weert","5050","D24 HT91","X","B0004","B0004P0435","B0004P0435G0014100","Unassigned","EasyIP Mixer System Global","Projection Screens","B0004P0435G0014100","Europe Camera Profit Center","5000","0800341250","Unassigned","AV Distribution","08","UK/Ireland","E1DXX4","Europe, the Middle East, and Africa","Europe - BV","5000","Ciaran Flynn",null,"Undefined",null,"Unassigned","Ireland","Ireland","Unassigned","DIRECT","AV CAPTURE & COLLABORATION - CAMERAS","4210","3",{"v":0.5953928124351289,"d":"0.60"},1589.69,643.2,1,1589.69,"EUR",0.84488,1343.1]
[1377686833,"01",null,"139814",null,"Invoice","Vaddio","B0004","Distributor - National","002","Unassigned","5000","Undefined","3000","CUK AUDIO - TUKANS","TUKANS LTD","Europe BV",187,1496,"09/08/2021","Standard Distribution","01","Unassigned","0002724868","Standard Order","TA","AV CONFERENCING (VADDIO)",2021,"2021-09",0,"Vaddio","CONFERENCE","AUDIO","AV","001","999-85100-000","","TUKANS LTD","Weert","5050","YO19 6ET","X","B0004","B0004P0435","B0004P0435G0014090","Unassigned","Ceiling MIC System White","Projection Screens","B0004P0435G0014090","Europe Camera Profit Center","5000","0800340637","Unassigned","AV Distribution","08","UK/Ireland","E1DXX4","Europe, the Middle East, and Africa","Europe - BV","5000","Cm Marcus Bond",null,"Undefined",null,"Undefined","United Kingdom","United Kingdom","Undefined","DIRECT","AV CAPTURE & COLLABORATION - CAMERAS","4210","2",{"v":-2.550397248157341,"d":"-2.55"},421.3613,187,8,3370.89,"EUR",0.84488,2848]
[1377686834,"01",null,"139814",null,"Invoice","Vaddio","B0004","Distributor - National","002","Unassigned","5000","Undefined","3000","CUK AUDIO - TUKANS","TUKANS LTD","Europe BV",281.3,562.6,"09/02/2021","Standard Distribution","01","Unassigned","0002706075","Standard Order","TA","AV CONFERENCING (VADDIO)",2021,"2021-09",0,"Vaddio","CONFERENCE","AUDIO","AV","001","999-85300-000","","TUKANS LTD","Weert","5050","YO19 6ET","X","B0004","B0004P0435","B0004P0435G0014090","Unassigned","TableMIC D Microphone Black","Projection Screens","B0004P0435G0014090","Europe Camera Profit Center","5000","0800339844","Unassigned","AV Distribution","08","UK/Ireland","E1DXX4","Europe, the Middle East, and Africa","Europe - BV","5000","Cm Marcus Bond",null,"Undefined",null,"Undefined","United Kingdom","United Kingdom","Undefined","DIRECT","AV CAPTURE & COLLABORATION - CAMERAS","4210","2",{"v":0.08255534265563214,"d":"0.08"},613.225,281.3,2,1226.45,"EUR",0.84488,1036.2]
[1377686835,"01","139815","139815",null,"Invoice","Vaddio","B0004","Distributor - National","002","Unassigned","5000","Undefined","3000","VIDENDA DISTRIBUTION LTD.","VIDENDA DISTRIBUTION LTD.","Europe BV",266.51,266.51,"09/13/2021","Standard Distribution","01","Unassigned","0002727165","Standard Order","TA","AV CONFERENCING (VADDIO)",2021,"2021-09",0,"Vaddio","CONFERENCE","AUDIO","AV","001","999-85810-000","","VIDENDA DISTRIBUTION LTD.","Weert","5050","D24 HT91","X","B0004","B0004P0435","B0004P0435G0014090","Unassigned","EasyIP CeilingMIC D White","Projection Screens","B0004P0435G0014090","Europe Camera Profit Center","5000","0800341250","Unassigned","AV Distribution","08","UK/Ireland","E1DXX4","Europe, the Middle East, and Africa","Europe - BV","5000","Ciaran Flynn",null,"Undefined",null,"Unassigned","Ireland","Ireland","Unassigned","DIRECT","AV CAPTURE & COLLABORATION - CAMERAS","4210","3",{"v":0.579325367385917,"d":"0.58"},633.53,266.51,1,633.53,"EUR",0.84488,535.26]
[1377686858,"01","139815","139815",null,"Credit Memo","Vaddio","B0004","Distributor - National","002","Unassigned","5000","Undefined","3000","VIDENDA DISTRIBUTION LTD.","VIDENDA DISTRIBUTION LTD.","Europe BV",0,0,"09/15/2021","Standard Distribution","01","Unassigned","0060531375","Credit Memo Request","G2","AV CONFERENCING (VADDIO)",2021,"2021-09",0,"Vaddio","CONFERENCE","AUDIO","AV","001","999-85810-000","","VIDENDA DISTRIBUTION LTD.","Weert","5050","D24 HT91","X","B0004","B0004P0435","B0004P0435G0014090","Unassigned","EasyIP CeilingMIC D White","Projection Screens","B0004P0435G0014090","Europe Camera Profit Center","5000","0800341846","Unassigned","AV Distribution","08","UK/Ireland","E1DXX4","Europe, the Middle East, and Africa","Europe - BV","5000","Ciaran Flynn",null,"Undefined",null,"Unassigned","Ireland","Ireland","Unassigned","DIRECT","AV CAPTURE & COLLABORATION - CAMERAS","4210","3",{"v":0,"d":"0.00"},null,0,0,-316.76,"EUR",0.84488,-267.62]
[1377686859,"01",null,"139814",null,"Invoice","Vaddio","B0004","Distributor - National","002","Unassigned","5000","Undefined","3000","CUK AUDIO - TUKANS","TUKANS LTD","Europe BV",1648.82,1648.82,"10/06/2021","Standard Distribution","01","Unassigned","0002747064","Standard Order","TA","AV CONFERENCING (VADDIO)",2021,"2021-10",0,"Vaddio","CONFERENCE","ROOM SYSTEM","AV","001","999-60321-001W","","TUKANS LTD","Weert","5050","YO19 6ET","E","B0004","B0004P0435","B0004P0435G0014100","Unassigned","EasyIP 10 Mixer Base Kit Wht Int","Projection Screens","B0004P0435G0014100","Europe Camera Profit Center","5000","0800345971","Unassigned","AV Distribution","08","UK/Ireland","E1DXX4","Europe, the Middle East, and Africa","Europe - BV","5000","Cm Marcus Bond",null,"Undefined",null,"Undefined","United Kingdom","United Kingdom","Undefined","DIRECT","AV CAPTURE & COLLABORATION - CAMERAS","4210","2",{"v":0.5577045336881383,"d":"0.56"},3727.87,1648.82,1,3727.87,"EUR",0.86274,3216.18]
[1377686860,"01",null,"139814",null,"Invoice","Vaddio","B0004","Distributor - National","002","Unassigned","5000","Undefined","3000","CUK AUDIO - TUKANS","TUKANS LTD","Europe BV",255.12,510.24,"10/25/2021","Standard Distribution","01","Unassigned","0002762677","Standard Order","TA","AV CONFERENCING (VADDIO)",2021,"2021-10",0,"Vaddio","CONFERENCE","AUDIO","AV","001","999-8530-001","","TUKANS LTD","Weert","5050","YO19 6ET","X","B0004","B0004P0435","B0004P0435G0014090","Unassigned","EASYUSB MIXER/AMP SYSTEM INT'L","Projection Screens","B0004P0435G0014090","Europe Camera Profit Center","5000","0800349257","Unassigned","AV Distribution","08","UK/Ireland","E1DXX4","Europe, the Middle East, and Africa","Europe - BV","5000","Cm Marcus Bond",null,"Undefined",null,"Undefined","United Kingdom","United Kingdom","Undefined","DIRECT","AV CAPTURE & COLLABORATION - CAMERAS","4210","2",{"v":0.3256056781083546,"d":"0.33"},756.59,255.12,2,1513.18,"EUR",0.86274,1305.48]
[1377686861,"01",null,"139814",null,"Invoice","Vaddio","B0004","Distributor - National","002","Unassigned","5000","Undefined","3000","CUK AUDIO - TUKANS","TUKANS LTD","Europe BV",183.68,734.73,"11/11/2021","Standard Distribution","01","Unassigned","0002779322","Standard Order","TA","AV CONFERENCING (VADDIO)",2021,"2021-11",0,"Vaddio","CONFERENCE","AUDIO","AV","001","999-85100-000","","TUKANS LTD","Weert","5050","YO19 6ET","X","B0004","B0004P0435","B0004P0435G0014090","Unassigned","Ceiling MIC System White","Projection Screens","B0004P0435G0014090","Europe Camera Profit Center","5000","0800353803","Unassigned","AV Distribution","08","UK/Ireland","E1DXX4","Europe, the Middle East, and Africa","Europe - BV","5000","Cm Marcus Bond",null,"Undefined",null,"Undefined","United Kingdom","United Kingdom","Undefined","DIRECT","AV CAPTURE & COLLABORATION - CAMERAS","4210","2",{"v":-0.6509209794570181,"d":"-0.65"},445.0425,183.68,4,1780.17,"EUR",0.86014,1531.2]
[1377686862,"01",null,"107547",null,"Invoice","Vaddio","B0004","Distributor - National","002","Unassigned","5000","Undefined","3000","RGB COMMUNICATIONS LTD","RGB COMMUNICATIONS LTD","Europe BV",160.28,160.28,"11/10/2021","Standard Distribution","01","Unassigned","0002772659","Standard Order","TA","AV CONFERENCING (VADDIO)",2021,"2021-11",0,"Vaddio","CONFERENCE","AUDIO","AV","001","999-8535-001","","RGB COMMUNICATIONS LTD","Weert","5050","SN2 7JQ","X","B0004","B0004P0435","B0004P0435G0014090","Unassigned","EasyUSB MicPOD I/O INT","Projection Screens","B0004P0435G0014090","Europe Camera Profit Center","5000","0800353429","Unassigned","AV Distribution","08","UK/Ireland","E1DXX4","Europe, the Middle East, and Africa","Europe - BV","5000","Cm Marcus Bond",null,"Undefined",null,"Wiltshire","United Kingdom","United Kingdom","Undefined","DIRECT","AV CAPTURE & COLLABORATION - CAMERAS","4210","1",{"v":0.7122854886192289,"d":"0.71"},557.08,160.28,1,557.08,"EUR",0.86014,479.17]
[1377686863,"01",null,"107518",null,"Credit for Returns","Vaddio","B0004","Distributor - National","002","Unassigned","5000","Undefined","3000","MIDWICH LTD","MIDWICH LIMITED","Europe BV",0,0,"11/10/2021","Standard Distribution","01","Unassigned","0060548402","RMA - Return Auth.","RE","AV CONFERENCING (VADDIO)",2021,"2021-11",0,"Vaddio","CONFERENCE","AUDIO","AV","001","999-8565-000","","MIDWICH LIMITED","Weert","5050","IP22 4YT","X","B0004","B0004P0435","B0004P0435G0014090","Unassigned","EASYTALK SOUND BAR","Projection Screens","B0004P0435G0014090","Europe Camera Profit Center","5000","0800354250","Unassigned","AV Distribution","08","UK/Ireland","E1DXX4","Europe, the Middle East, and Africa","Europe - BV","5000","Cm Marcus Bond",null,"Undefined",null,"Undefined","United Kingdom","United Kingdom","Undefined","DIRECT","AV CAPTURE & COLLABORATION - CAMERAS","4210","1",{"v":0,"d":"0.00"},null,0,0,-455.2,"EUR",0.86014,-391.54]
[1377686864,"01",null,"139814",null,"Invoice","Vaddio","B0004","Distributor - National","002","Unassigned","5000","Undefined","3000","CUK AUDIO - TUKANS","TUKANS LTD","Europe BV",1038.32,1038.32,"12/16/2021","Standard Distribution","01","Unassigned","0002804552","Standard Order","TA","AV CONFERENCING (VADDIO)",2021,"2021-12",0,"Vaddio","CONFERENCE","ROOM SYSTEM","AV","001","999-50707-001G","","TUKANS LTD","Weert","5050","YO19 6ET","X","B0004","B0004P0435","B0004P0435G0014100","Unassigned","HuddleSHOT GRAY INT","Projection Screens","B0004P0435G0014100","Europe Camera Profit Center","5000","0800362532","Unassigned","AV Distribution","08","UK/Ireland","E1DXX4","Europe, the Middle East, and Africa","Europe - BV","5000","Cm Marcus Bond",null,"Undefined",null,"Undefined","United Kingdom","United Kingdom","Undefined","DIRECT","AV CAPTURE & COLLABORATION - CAMERAS","4210","2",{"v":0.137607973421927,"d":"0.14"},1204,1038.32,1,1204,"EUR",0.87982,1059.3]
[1377686865,"01",null,"139814",null,"Invoice","Vaddio","B0004","Distributor - National","002","Unassigned","5000","Undefined","3000","CUK AUDIO - TUKANS","TUKANS LTD","Europe BV",250.17,250.17,"12/15/2021","Standard Distribution","01","Unassigned","0002804552","Standard Order","TA","AV CONFERENCING (VADDIO)",2021,"2021-12",0,"Vaddio","CONFERENCE","AUDIO","AV","001","999-8530-001","","TUKANS LTD","Weert","5050","YO19 6ET","X","B0004","B0004P0435","B0004P0435G0014090","Unassigned","EASYUSB MIXER/AMP SYSTEM INT'L","Projection Screens","B0004P0435G0014090","Europe Camera Profit Center","5000","0800361785","Unassigned","AV Distribution","08","UK/Ireland","E1DXX4","Europe, the Middle East, and Africa","Europe - BV","5000","Cm Marcus Bond",null,"Undefined",null,"Undefined","United Kingdom","United Kingdom","Undefined","DIRECT","AV CAPTURE & COLLABORATION - CAMERAS","4210","2",{"v":0.675907813087018,"d":"0.68"},771.91,250.17,1,771.91,"EUR",0.87982,679.14]
[1377686866,"01",null,"107518",null,"Invoice","Vaddio","B0004","Distributor - National","002","Unassigned","5000","Undefined","3000","MIDWICH LTD","MIDWICH LIMITED","Europe BV",1009.68,1009.68,"12/02/2021","Standard Distribution","01","Unassigned","0002795434","Standard Order","TA","AV CONFERENCING (VADDIO)",2021,"2021-12",0,"Vaddio","CONFERENCE","ROOM SYSTEM","AV","001","999-99950-801W","","MIDWICH LIMITED","Weert","5050","IP22 4YT","E","B0004","B0004P0435","B0004P0435G0014100","Unassigned","CSAV SYS CEILINGMIC 1 (W/O SPKR) WHT INT","Projection Screens","B0004P0435G0014100","Europe Camera Profit Center","5000","0800358969","Unassigned","AV Distribution","08","UK/Ireland","E1DXX4","Europe, the Middle East, and Africa","Europe - BV","5000","Cm Marcus Bond",null,"Undefined",null,"Undefined","United Kingdom","United Kingdom","Undefined","DIRECT","AV CAPTURE & COLLABORATION - CAMERAS","4210","1",{"v":0.40285655143862553,"d":"0.40"},1690.85,1009.68,1,1690.85,"EUR",0.87982,1487.64]
[1377686867,"01","142099","142099",null,"Invoice","Vaddio","B0004","Distributor - National","002","Unassigned","5000","Undefined","3000","COMM-TEC AG SCHWEIZ","COMM-TEC AG SCHWEIZ","Europe BV",1125.21,1125.21,"01/05/2021","Standard Distribution","01","Unassigned","0002488200","Standard Order","TA","AV CONFERENCING (VADDIO)",2021,"2021-01",0,"Vaddio","CONFERENCE","ROOM SYSTEM","AV","001","999-99950-701W","","COMM-TEC AG SCHWEIZ","Weert","5050","8152","E","B0004","B0004P0435","B0004P0435G0014100","Unassigned","CSAV SYS CEILINGMIC 2 (W/O SPKR) WHT INT","Projection Screens","B0004P0435G0014100","Europe Camera Profit Center","5000","0800290557","Unassigned","AV Distribution","08","GAS","E1DXX8","Europe, the Middle East, and Africa","Europe - BV","5000","Cm Thijs Van Der Horst",null,"Undefined",null,"Undefined","Switzerland","Switzerland","Undefined","DIRECT","AV CAPTURE & COLLABORATION - CAMERAS","4210","2",{"v":0.5017027514160073,"d":"0.50"},2258.11,1125.21,1,2258.11,"EUR",0.82325,1858.99]
[1377686868,"01","144530","144530",null,"Invoice","Vaddio","B0004","Distributor - National","002","Unassigned","5000","Undefined","3000","TREMTEC AV GMBH","TREMTEC AV GMBH","Europe BV",1346.02,1346.02,"02/23/2021","Standard Distribution","01","Unassigned","0002553644","Standard Order","TA","AV CONFERENCING (VADDIO)",2021,"2021-02",0,"Vaddio","CONFERENCE","ROOM SYSTEM","AV","001","999-99950-601W","","TREMTEC AV GMBH","Weert","5050","5300","E","B0004","B0004P0435","B0004P0435G0014100","Unassigned","CSAV-TableMIC 2 w/o Speaker White INTL","Projection Screens","B0004P0435G0014100","Europe Camera Profit Center","5000","0800301929","Unassigned","AV Distribution","08","GAS","E1DXX8","Europe, the Middle East, and Africa","Europe - BV","5000","Cm Thijs Van Der Horst",null,"Undefined",null,"Undefined","Austria","Austria","Undefined","DIRECT","AV CAPTURE & COLLABORATION - CAMERAS","4210","3",{"v":0.27631387940536034,"d":"0.28"},1859.95,1346.02,1,1859.95,"EUR",0.82325,1531.2]
[1377686902,"01",null,"112709",null,"Invoice","Vaddio","B0004","Distributor - National","002","Unassigned","5000","Undefined","3000","KUHNE + NAGEL AG","MOBILEPRO AG","Europe BV",1918.59,1918.59,"03/04/2021","Standard Distribution","01","Unassigned","0002565298","Standard Order","TA","AV CONFERENCING (VADDIO)",2021,"2021-03",0,"Vaddio","CONFERENCE","ROOM SYSTEM","AV","001","999-30231-001","","MOBILEPRO AG","Weert","5050","8152","E","B0004","B0004P0435","B0004P0435G0014100","Unassigned","EasyIP 20 Mixer Base Kit Black INT","Projection Screens","B0004P0435G0014100","Europe Camera Profit Center","5000","0800304161","Unassigned","AV Distribution","08","GAS","E1DXX8","Europe, the Middle East, and Africa","Europe - BV","5000","Cm Thijs Van Der Horst",null,"Undefined",null,"Undefined","Switzerland","Switzerland","Undefined","DIRECT","AV CAPTURE & COLLABORATION - CAMERAS","4210","1",{"v":0.12011465260261411,"d":"0.12"},2180.5,1918.59,1,2180.5,"EUR",0.82481,1798.5]
[1377686903,"01",null,"112709",null,"Invoice","Vaddio","B0004","Distributor - National","002","Unassigned","5000","Undefined","3000","KUHNE + NAGEL AG","MOBILEPRO AG","Europe BV",1918.56,3837.12,"03/15/2021","Standard Distribution","01","Unassigned","0002571460","Standard Order","TA","AV CONFERENCING (VADDIO)",2021,"2021-03",0,"Vaddio","CONFERENCE","ROOM SYSTEM","AV","001","999-30231-001","","MOBILEPRO AG","Weert","5050","8152","E","B0004","B0004P0435","B0004P0435G0014100","Unassigned","EasyIP 20 Mixer Base Kit Black INT","Projection Screens","B0004P0435G0014100","Europe Camera Profit Center","5000","0800306390","Unassigned","AV Distribution","08","GAS","E1DXX8","Europe, the Middle East, and Africa","Europe - BV","5000","Cm Thijs Van Der Horst",null,"Undefined",null,"Undefined","Switzerland","Switzerland","Undefined","DIRECT","AV CAPTURE & COLLABORATION - CAMERAS","4210","1",{"v":0.1201294197094478,"d":"0.12"},4361.005,1918.56,2,8722.01,"EUR",0.82481,7194]
[1377686904,"01","144530","144530",null,"Invoice","Vaddio","B0004","Distributor - National","002","Unassigned","5000","Undefined","3000","TREMTEC AV GMBH","TREMTEC AV GMBH","Europe BV",870.3,870.3,"03/30/2021","Standard Distribution","01","Unassigned","0002583296","Standard Order","TA","AV CONFERENCING (VADDIO)",2021,"2021-03",0,"Vaddio","CONFERENCE","ROOM SYSTEM","AV","001","999-50707-001","","TREMTEC AV GMBH","Weert","5050","5300","X","B0004","B0004P0435","B0004P0435G0014100","Unassigned","HuddleSHOT BLACK INT","Projection Screens","B0004P0435G0014100","Europe Camera Profit Center","5000","0800309941","Unassigned","AV Distribution","08","GAS","E1DXX8","Europe, the Middle East, and Africa","Europe - BV","5000","Cm Thijs Van Der Horst",null,"Undefined",null,"Undefined","Austria","Austria","Undefined","DIRECT","AV CAPTURE & COLLABORATION - CAMERAS","4210","3",{"v":0.26660318369892233,"d":"0.27"},1186.67,870.3,1,1186.67,"EUR",0.82481,978.78]
[1377686905,"01","144656","144656",null,"Invoice","Vaddio","B0004","Distributor - National","002","Unassigned","5000","Undefined","3000","EXERTIS PRO AV AUSTRIA GMBH","EXERTIS PRO AV AUSTRIA GMBH","Europe BV",254.54,254.54,"03/05/2021","Standard Distribution","01","Unassigned","0002566353","Standard Order","TA","AV CONFERENCING (VADDIO)",2021,"2021-03",76,"Vaddio","CONFERENCE","AUDIO","AV","001","999-8530-001","","EXERTIS PRO AV AUSTRIA GMBH","Weert","5050","5020","X","B0004","B0004P0435","B0004P0435G0014090","Unassigned","EASYUSB MIXER/AMP SYSTEM INT'L","Projection Screens","B0004P0435G0014090","Europe Camera Profit Center","5000","0800304675","Unassigned","AV Distribution","08","GAS","E1DXX8","Europe, the Middle East, and Africa","Europe - BV","5000","Cm Thijs Van Der Horst",null,"Undefined",null,"Undefined","Austria","Austria","Undefined","DIRECT","AV CAPTURE & COLLABORATION - CAMERAS","4210","2",{"v":0.6655058675112029,"d":"0.67"},760.97,254.54,1,760.97,"EUR",0.82481,627.66]
[1377686906,"01",null,"131672",null,"EDI Invoice","Vaddio","B0004","Dealer","001","Unassigned","3000","Undefined","3000","ENTER ALTERNATE ADDRESS (US)","AVI-SPL LLC","Americas LLC",324.29,648.57,"01/11/2021","Standard Distribution","01","Unassigned","0040720709","EDI Order","ZEDI","AV CONTENT CAPTURE (VADDIO)",2021,"2021-01",18,"Vaddio","CAM EXTENSIONS","EXT HUBS","AV","001","999-1005-032","AVI-SPL","AVI-SPL","Vaddio","3002","33634","X","B0004","B0004P0415","B0004P0415G0014045","Unassigned","USB 3.0 EXTENDER SYSTEM N/A","Projection Screens","B0004P0415G0014045","US Camera Profit Center","3000","0096642628","Unassigned","AV Integrators","01","West","U1DXP4","United States","Americas - LLC","3000","Comm So Cal - Shomper/Yates",null,"Undefined",null,"Unassigned","United States","United States","Unassigned","DIRECT","AV CAPTURE & COLLABORATION - CAMERAS","4210","1",{"v":0.4444939316334483,"d":"0.44"},1167.53,324.29,2,2335.06,"USD",1,2335.06]
[1377686907,"01","144530","144530",null,"Invoice","Vaddio","B0004","Distributor - National","002","Unassigned","5000","Undefined","3000","TREMTEC AV GMBH","TREMTEC AV GMBH","Europe BV",175.1,525.29,"04/07/2021","Standard Distribution","01","Unassigned","0002588657","Standard Order","TA","AV CONFERENCING (VADDIO)",2021,"2021-04",0,"Vaddio","CONFERENCE","AUDIO","AV","001","999-85000-000","","TREMTEC AV GMBH","Weert","5050","5300","X","B0004","B0004P0435","B0004P0435G0014090","Unassigned","TableMIC Microphone Black","Projection Screens","B0004P0435G0014090","Europe Camera Profit Center","5000","0800311441","Unassigned","AV Distribution","08","GAS","E1DXX8","Europe, the Middle East, and Africa","Europe - BV","5000","Cm Thijs Van Der Horst",null,"Undefined",null,"Undefined","Austria","Austria","Undefined","DIRECT","AV CAPTURE & COLLABORATION - CAMERAS","4210","3",{"v":-0.2903851822737544,"d":"-0.29"},407.08,175.1,3,1221.24,"EUR",0.85281,1041.49]
[1377686908,"01","144530","144530",null,"Invoice","Vaddio","B0004","Distributor - National","002","Unassigned","5000","Undefined","3000","TREMTEC AV GMBH","TREMTEC AV GMBH","Europe BV",1127.73,1127.73,"05/28/2021","Standard Distribution","01","Unassigned","0002637152","Standard Order","TA","AV CONFERENCING (VADDIO)",2021,"2021-05",0,"Vaddio","CONFERENCE","ROOM SYSTEM","AV","001","999-99950-701W","","TREMTEC AV GMBH","Weert","5050","5300","E","B0004","B0004P0435","B0004P0435G0014100","Unassigned","CSAV SYS CEILINGMIC 2 (W/O SPKR) WHT INT","Projection Screens","B0004P0435G0014100","Europe Camera Profit Center","5000","0800321832","Unassigned","AV Distribution","08","GAS","E1DXX8","Europe, the Middle East, and Africa","Europe - BV","5000","Cm Thijs Van Der Horst",null,"Undefined",null,"Undefined","Austria","Austria","Undefined","DIRECT","AV CAPTURE & COLLABORATION - CAMERAS","4210","3",{"v":0.49227880927083145,"d":"0.49"},2221.16,1127.73,1,2221.16,"EUR",0.82754,1838.1]
[1377686909,"01","144530","144530",null,"Invoice","Vaddio","B0004","Distributor - National","002","Unassigned","5000","Undefined","3000","TREMTEC AV GMBH","TREMTEC AV GMBH","Europe BV",1235.8,6179.01,"06/28/2021","Standard Distribution","01","Unassigned","0002663090","Standard Order","TA","AV CONFERENCING (VADDIO)",2021,"2021-06",0,"Vaddio","CONFERENCE","ROOM SYSTEM","AV","001","999-99950-501B","","TREMTEC AV GMBH","Weert","5050","5300","E","B0004","B0004P0435","B0004P0435G0014100","Unassigned","CSAV-TableMIC 1 w/o Speaker INTL","Projection Screens","B0004P0435G0014100","Europe Camera Profit Center","5000","0800328605","Unassigned","AV Distribution","08","GAS","E1DXX8","Europe, the Middle East, and Africa","Europe - BV","5000","Cm Thijs Van Der Horst",null,"Undefined",null,"Undefined","Austria","Austria","Undefined","DIRECT","AV CAPTURE & COLLABORATION - CAMERAS","4210","3",{"v":-2.795222903724705,"d":"-2.80"},1628.102,1235.8,5,8140.51,"EUR",0.81974,6673.1]
[1377686910,"01",null,"112709",null,"Invoice","Vaddio","B0004","Distributor - National","002","Unassigned","5000","Undefined","3000","KUHNE + NAGEL AG","MOBILEPRO AG","Europe BV",821.1,2463.3,"07/08/2021","Standard Distribution","01","Unassigned","0002674462","Standard Order","TA","AV CONTENT CAPTURE (VADDIO)",2021,"2021-07",0,"Vaddio","CONFERENCE","CAMERA","AV","001","999-9990-001B","","MOBILEPRO AG","Weert","5050","8152","X","B0004","B0004P0435","B0004P0435G0014105","Unassigned","CONFERENCESHOT 10 SYSTEM INT'L","Projection Screens","B0004P0435G0014105","Europe Camera Profit Center","5000","0800330290","Unassigned","AV Distribution","08","GAS","E1DXX8","Europe, the Middle East, and Africa","Europe - BV","5000","Cm Thijs Van Der Horst",null,"Undefined",null,"Undefined","Switzerland","Switzerland","Undefined","DIRECT","AV CAPTURE & COLLABORATION - CAMERAS","4210","1",{"v":-0.8865598027127004,"d":"-0.89"},1305.71,821.1,3,3917.13,"EUR",0.84161,3296.7]
[1377686911,"01",null,"112709",null,"Invoice","Vaddio","B0004","Distributor - National","002","Unassigned","5000","Undefined","3000","KUHNE + NAGEL AG","MOBILEPRO AG","Europe BV",898.19,898.19,"09/20/2021","Standard Distribution","01","Unassigned","0002734243","Standard Order","TA","AV CONFERENCING (VADDIO)",2021,"2021-09",0,"Vaddio","CONFERENCE","ROOM SYSTEM","AV","001","999-50707-001","","MOBILEPRO AG","Weert","5050","8152","X","B0004","B0004P0435","B0004P0435G0014100","Unassigned","HuddleSHOT BLACK INT","Projection Screens","B0004P0435G0014100","Europe Camera Profit Center","5000","0800342593","Unassigned","AV Distribution","08","GAS","E1DXX8","Europe, the Middle East, and Africa","Europe - BV","5000","Cm Thijs Van Der Horst",null,"Undefined",null,"Undefined","Switzerland","Switzerland","Undefined","DIRECT","AV CAPTURE & COLLABORATION - CAMERAS","4210","1",{"v":0.254830547143983,"d":"0.25"},1205.35,898.19,1,1205.35,"EUR",0.84488,1018.38]
[1377686912,"01",null,"112709",null,"Invoice","Vaddio","B0004","Distributor - National","002","Unassigned","5000","Undefined","3000","KUHNE + NAGEL AG","MOBILEPRO AG","Europe BV",1208.48,1208.48,"10/07/2021","Standard Distribution","01","Unassigned","0002749186","Standard Order","TA","AV CONFERENCING (VADDIO)",2021,"2021-10",0,"Vaddio","CONFERENCE","ROOM SYSTEM","AV","001","999-99950-701W","","MOBILEPRO AG","Weert","5050","8152","E","B0004","B0004P0435","B0004P0435G0014100","Unassigned","CSAV SYS CEILINGMIC 2 (W/O SPKR) WHT INT","Projection Screens","B0004P0435G0014100","Europe Camera Profit Center","5000","0800346198","Unassigned","AV Distribution","08","GAS","E1DXX8","Europe, the Middle East, and Africa","Europe - BV","5000","Cm Thijs Van Der Horst",null,"Undefined",null,"Undefined","Switzerland","Switzerland","Undefined","DIRECT","AV CAPTURE & COLLABORATION - CAMERAS","4210","1",{"v":0.4370286172150507,"d":"0.44"},2146.61,1208.48,1,2146.61,"EUR",0.86274,1851.97]
[1377686935,"01","112424","112424",null,"Invoice","Vaddio","B0004","Distributor - National","002","Unassigned","5000","Undefined","3000","OMEGA HANDELS GES M.B.H.","OMEGA HANDELS GES M.B.H.","Europe BV",1352.69,1352.69,"11/19/2021","Standard Distribution","01","Unassigned","0002780356","Standard Order","TA","AV CONFERENCING (VADDIO)",2021,"2021-11",0,"Vaddio","CONFERENCE","ROOM SYSTEM","AV","001","999-30201-001W","","OMEGA HANDELS GES M.B.H.","Weert","5050","1230","E","B0004","B0004P0435","B0004P0435G0014100","Unassigned","EasyIP 10 Base Kit White INT","Projection Screens","B0004P0435G0014100","Europe Camera Profit Center","5000","0800355360","Unassigned","AV Distribution","08","GAS","E1DXX8","Europe, the Middle East, and Africa","Europe - BV","5000","Cm Thijs Van Der Horst",null,"Undefined",null,"Undefined","Austria","Austria","Undefined","DIRECT","AV CAPTURE & COLLABORATION - CAMERAS","4210","2",{"v":0.506056124591481,"d":"0.51"},2738.55,1352.69,1,2738.55,"EUR",0.86014,2355.54]
[1377686936,"01",null,"112709",null,"Invoice","Vaddio","B0004","Distributor - National","002","Unassigned","5000","Undefined","3000","KUHNE + NAGEL AG","MOBILEPRO AG","Europe BV",1154.38,1154.38,"12/09/2021","Standard Distribution","01","Unassigned","0002801864","Standard Order","TA","AV CONFERENCING (VADDIO)",2021,"2021-12",0,"Vaddio","CONFERENCE","ROOM SYSTEM","AV","001","999-50707-001","","MOBILEPRO AG","Weert","5050","8152","X","B0004","B0004P0435","B0004P0435G0014100","Unassigned","HuddleSHOT BLACK INT","Projection Screens","B0004P0435G0014100","Europe Camera Profit Center","5000","0800360940","Unassigned","AV Distribution","08","GAS","E1DXX8","Europe, the Middle East, and Africa","Europe - BV","5000","Cm Thijs Van Der Horst",null,"Undefined",null,"Undefined","Switzerland","Switzerland","Undefined","DIRECT","AV CAPTURE & COLLABORATION - CAMERAS","4210","1",{"v":0.04121262458471753,"d":"0.04"},1204,1154.38,1,1204,"EUR",0.87982,1059.3]
[1377686937,"01","144530","144530",null,"Invoice","Vaddio","B0004","Distributor - National","002","Unassigned","5000","Undefined","3000","TREMTEC AV GMBH","TREMTEC AV GMBH","Europe BV",1154.38,2308.76,"12/21/2021","Standard Distribution","01","Unassigned","0002802911","Standard Order","TA","AV CONFERENCING (VADDIO)",2021,"2021-12",0,"Vaddio","CONFERENCE","ROOM SYSTEM","AV","001","999-50707-001","","TREMTEC AV GMBH","Weert","5050","5300","X","B0004","B0004P0435","B0004P0435G0014100","Unassigned","HuddleSHOT BLACK INT","Projection Screens","B0004P0435G0014100","Europe Camera Profit Center","5000","0800363741","Unassigned","AV Distribution","08","GAS","E1DXX8","Europe, the Middle East, and Africa","Europe - BV","5000","Cm Thijs Van Der Horst",null,"Undefined",null,"Undefined","Austria","Austria","Undefined","DIRECT","AV CAPTURE & COLLABORATION - CAMERAS","4210","3",{"v":-0.917574750830565,"d":"-0.92"},1204,1154.38,2,2408,"EUR",0.87982,2118.61]
[1377686938,"01",null,"131672",null,"EDI Invoice","Vaddio","B0004","Dealer","001","Unassigned","3000","Undefined","3000","ENTER ALTERNATE ADDRESS (US)","AVI-SPL LLC","Americas LLC",551.76,551.76,"01/20/2021","Standard Distribution","01","Unassigned","0040727135","EDI Order","ZEDI","AV CONTENT CAPTURE (VADDIO)",2021,"2021-01",18,"Vaddio","CAM EXTENSIONS","EXT HUBS","AV","001","999-1005-032","AVI-SPL","AVI-SPL","Vaddio","3002","33634","X","B0004","B0004P0415","B0004P0415G0014045","Unassigned","USB 3.0 EXTENDER SYSTEM N/A","Projection Screens","B0004P0415G0014045","US Camera Profit Center","3000","0096693321","Unassigned","AV Integrators","01","MidWest","U1DXP3","United States","Americas - LLC","3000","Kristin Dacey",null,"Undefined",null,"Unassigned","United States","United States","Unassigned","DIRECT","AV CAPTURE & COLLABORATION - CAMERAS","4210","1",{"v":0.5274125718396958,"d":"0.53"},1167.53,551.76,1,1167.53,"USD",1,1167.53]
[1377686939,"01","139973","139973",null,"Invoice","Vaddio","B0004","Distributor - Regional","003","Unassigned","5000","Undefined","3000","HI-TECH MEDIA","HI-TECH MEDIA","Europe BV",255.03,2040.22,"02/26/2021","Standard Distribution","01","Unassigned","0002544279","Standard Order","TA","AV CONFERENCING (VADDIO)",2021,"2021-02",0,"Vaddio","CONFERENCE","AUDIO","AV","001","999-8530-001","","HI-TECH MEDIA","Weert","5050","125242","X","B0004","B0004P0435","B0004P0435G0014090","Unassigned","EASYUSB MIXER/AMP SYSTEM INT'L","Projection Screens","B0004P0435G0014090","Europe Camera Profit Center","5000","0800302885","Unassigned","AV Distribution","08","Russia + CIS","E1DX10","Europe, the Middle East, and Africa","Europe - BV","5000","Cm Karolien De Kogel",null,"Undefined",null,"Undefined","Russian Federation","Russian Federation","Undefined","DIRECT","AV CAPTURE & COLLABORATION - CAMERAS","4210","2",{"v":-1.675983330946194,"d":"-1.68"},762.4188,255.03,8,6099.35,"EUR",0.82325,5021.29]
[1377686940,"01","139973","139973",null,"Invoice","Vaddio","B0004","Distributor - Regional","003","Unassigned","5000","Undefined","3000","HI-TECH MEDIA","HI-TECH MEDIA","Europe BV",282.59,3673.63,"02/26/2021","Standard Distribution","01","Unassigned","0002544279","Standard Order","TA","AV CONFERENCING (VADDIO)",2021,"2021-02",0,"Vaddio","CONFERENCE","AUDIO","AV","001","999-85600-000","","HI-TECH MEDIA","Weert","5050","125242","X","B0004","B0004P0435","B0004P0435G0014090","Unassigned","VADDIO CEILING SPEAKER PAIR","Projection Screens","B0004P0435G0014090","Europe Camera Profit Center","5000","0800302885","Unassigned","AV Distribution","08","Russia + CIS","E1DX10","Europe, the Middle East, and Africa","Europe - BV","5000","Cm Karolien De Kogel",null,"Undefined",null,"Undefined","Russian Federation","Russian Federation","Undefined","DIRECT","AV CAPTURE & COLLABORATION - CAMERAS","4210","2",{"v":-12.802098400764038,"d":"-12.80"},266.1646,282.59,13,3460.14,"EUR",0.82325,2848.56]
[1377686941,"01",null,"131672",null,"EDI Invoice","Vaddio","B0004","Dealer","001","Unassigned","3000","Undefined","3000","ENTER ALTERNATE ADDRESS (US)","AVI-SPL LLC","Americas LLC",595.75,595.75,"01/25/2021","Standard Distribution","01","Unassigned","0040730826","EDI Order","ZEDI","AV CONTENT CAPTURE (VADDIO)",2021,"2021-01",3,"Vaddio","CAM EXTENSIONS","EXT HUBS","AV","001","999-1005-032","AVI-SPL","AVI-SPL","Vaddio","3002","33634","X","B0004","B0004P0415","B0004P0415G0014045","Unassigned","USB 3.0 EXTENDER SYSTEM N/A","Projection Screens","B0004P0415G0014045","US Camera Profit Center","3000","0096707915","Unassigned","AV Integrators","01","NorthEast","U1DXP1","United States","Americas - LLC","3000","Bryan Torino",null,"Undefined",null,"New Jersey","United States","United States","Unassigned","DIRECT","AV CAPTURE & COLLABORATION - CAMERAS","4210","1",{"v":0.48973473915017174,"d":"0.49"},1167.53,595.75,1,1167.53,"USD",1,1167.53]
["Total",{"$nulls":73},21348362.74000004]
[]
["Applied filters:\nYear is 2021 or 2022\nSalesOrgFull is Americas LLC (3000), Americas LLC (3010), Asia Pacific HK (7000), Asia Pacific HK (7010), Canada ULC (3200), or Europe BV (5000)\nBrandShortName is Vaddio\nBilling Type is not Cancel IB, Cancel ICM, Intercompany Billing, Internal Credit Memo, or Undefined\nLevel1 is Vaddio"]